{"text_format":"1","workbook":"xlsx","n_sheets":1,"sheets":["ВИС2017"],"not_rendered":{"charts":0,"images":0,"macros":1,"external_links":2,"defined_names":23,"comments":0,"pivot_tables":0},"unopened":[],"bounds":{"document_bytes":16777216,"sheet_cells":100000,"rows_first":2000,"rows_last":500,"rows_between":2000,"halvings":0,"cell_chars":16384,"cell_head_chars":4096},"cells_cut":0,"cells_raw":0,"read":"whole","date_system":"1900"}

{"sheet":"ВИС2017","index":0,"n_rows":3623,"n_cols":16,"rows_kept":3623,"cut":false,"hidden":false,"merged":[[12,0,12,1]]}
[null,null,null,null,"ПРАЙС-ЛИСТ REHAU ВИС EA 2017"]
["НДС",1.18]
[null,null,null,null,"( с заменами от 24.04.2017 )"]
[]
[null,null,null,null,0,"Основная скидка / Grundrabatt:"]
[]
[null,null,null,null,0,"Скидка за оснащение склада или объектная скидка / Lagererstausstattungsrabatt bzw.Objektrabatt::"]
[]
[null,null,null,null,0,"Скидка за предоплату / Skonto:"]
[]
[null,null,null,null,0,"Надбавка / Logistikkostenaufschlag:"]
[]
["N = Новый артикул\nV = Изменен вариант  \nP = изменение цены\nD = Выводится из программы поставок"]
[null,"Программа","Складская программа","Прежний материал","Актуальный материал","Наименование","Кол-во","Ед. изм.","Единица поставки","Цена брутто \nЕВРО           без НДС","Цена брутто\nЕВРО \nс НДС","Сумма брутто\nЕВРО\nс НДС","Цена нетто\nЕВРО \nбез НДС","Сумма нетто\nЕВРО \nбез НДС","Цена нетто\nЕВРО \nс НДС","Сумма нетто\nЕВРО \nс НДС"]
[]
[null,"RAUTITAN",null,null,null,"1.1.1. Трубы и комплектующие на водоснабжение и отопление"]
[null,"RAUTITAN","x",null,11301211100,"Универсальн.труба RAUTITAN stabil 16,2х2,6 мм, бухта 100 м",null,"м",100,2.4500000000000002,{"$f":"J17*$B$2","v":2.891},{"$f":"K17*G17","v":0},{"$f":"J17*(1-$E$5-$E$7)*(1-$E$9)*(1+$E$11)","v":2.4500000000000002},{"$f":"M17*G17","v":0},{"$f":"ROUND((M17*$B$2),2)","v":2.89},{"$f":"O17*G17","v":0}]
[null,"RAUTITAN","x",null,11301311100,"Универсальн.труба RAUTITAN stabil 20х2,9 мм, бухта 100 м",null,"м",100,3.49,{"$f":"J18*$B$2","v":4.1181999999999999},{"$f":"K18*G18","v":0},{"$f":"J18*(1-$E$5-$E$7)*(1-$E$9)*(1+$E$11)","v":3.49},{"$f":"M18*G18","v":0},{"$f":"ROUND((M18*$B$2),2)","v":4.12},{"$f":"O18*G18","v":0}]
[null,"RAUTITAN","x",null,11301411050,"Универсальн.труба RAUTITAN stabil 25х3,7 мм, бухта 50 м",null,"м",50,6.29,{"$f":"J19*$B$2","v":7.4221999999999992},{"$f":"K19*G19","v":0},{"$f":"J19*(1-$E$5-$E$7)*(1-$E$9)*(1+$E$11)","v":6.29},{"$f":"M19*G19","v":0},{"$f":"ROUND((M19*$B$2),2)","v":7.42},{"$f":"O19*G19","v":0}]
["N","RAUTITAN",null,null,11301511025,"Универсальн.труба RAUTITAN stabil 32х4,7 мм, бухта 25 м",null,"м",25,7.42,{"$f":"J20*$B$2","v":8.7555999999999994},{"$f":"K20*G20","v":0},{"$f":"J20*(1-$E$5-$E$7)*(1-$E$9)*(1+$E$11)","v":7.42},{"$f":"M20*G20","v":0},{"$f":"ROUND((M20*$B$2),2)","v":8.76},{"$f":"O20*G20","v":0}]
[null,"RAUTITAN"]
[null,"RAUTITAN",null,null,11300711005,"Универсальн.труба RAUTITAN stabil 16,2х2,6 мм, прям.отрезки 5м",null,"м",100,2.76,{"$f":"J22*$B$2","v":3.2567999999999997},{"$f":"K22*G22","v":0},{"$f":"J22*(1-$E$5-$E$7)*(1-$E$9)*(1+$E$11)","v":2.76},{"$f":"M22*G22","v":0},{"$f":"ROUND((M22*$B$2),2)","v":3.26},{"$f":"O22*G22","v":0}]
[null,"RAUTITAN",null,null,11300811005,"Универсальн.труба RAUTITAN stabil 20х2,9 мм, прям.отрезки 5м",null,"м",50,3.8,{"$f":"J23*$B$2","v":4.484},{"$f":"K23*G23","v":0},{"$f":"J23*(1-$E$5-$E$7)*(1-$E$9)*(1+$E$11)","v":3.8},{"$f":"M23*G23","v":0},{"$f":"ROUND((M23*$B$2),2)","v":4.4800000000000004},{"$f":"O23*G23","v":0}]
[null,"RAUTITAN",null,null,11300911005,"Универсальн.труба RAUTITAN stabil 25х3,7 мм, прям.отрезки 5м",null,"м",40,6.73,{"$f":"J24*$B$2","v":7.9413999999999998},{"$f":"K24*G24","v":0},{"$f":"J24*(1-$E$5-$E$7)*(1-$E$9)*(1+$E$11)","v":6.73},{"$f":"M24*G24","v":0},{"$f":"ROUND((M24*$B$2),2)","v":7.94},{"$f":"O24*G24","v":0}]
[null,"RAUTITAN","x",null,11301011005,"Универсальн.труба RAUTITAN stabil 32х4,7 мм, прям.отрезки 5м",null,"м",25,7.91,{"$f":"J25*$B$2","v":9.3338000000000001},{"$f":"K25*G25","v":0},{"$f":"J25*(1-$E$5-$E$7)*(1-$E$9)*(1+$E$11)","v":7.91},{"$f":"M25*G25","v":0},{"$f":"ROUND((M25*$B$2),2)","v":9.33},{"$f":"O25*G25","v":0}]
[null,"RAUTITAN","x",null,11301111005,"Универсальн.труба RAUTITAN stabil 40х6,0 мм, прям.отрезки 5м",null,"м",15,19.670000000000002,{"$f":"J26*$B$2","v":23.210599999999999},{"$f":"K26*G26","v":0},{"$f":"J26*(1-$E$5-$E$7)*(1-$E$9)*(1+$E$11)","v":19.670000000000002},{"$f":"M26*G26","v":0},{"$f":"ROUND((M26*$B$2),2)","v":23.21},{"$f":"O26*G26","v":0}]
[null,"RAUTITAN"]
[null,"RAUTITAN","под заказ",null,11308301025,"Унив.труба RAUTITAN stabil 16,2х2,6, прямоуг. изол. 9 мм, бухта 25 м",null,"м",25,5.45,{"$f":"J28*$B$2","v":6.431},{"$f":"K28*G28","v":0},{"$f":"J28*(1-$E$5-$E$7)*(1-$E$9)*(1+$E$11)","v":5.45},{"$f":"M28*G28","v":0},{"$f":"ROUND((M28*$B$2),2)","v":6.43},{"$f":"O28*G28","v":0}]
[null,"RAUTITAN","под заказ",null,11308401025,"Унив.труба RAUTITAN stabil 20х2,9, прямоуг. изол. 9 мм, бухта 25 м",null,"м",25,6.89,{"$f":"J29*$B$2","v":8.1301999999999985},{"$f":"K29*G29","v":0},{"$f":"J29*(1-$E$5-$E$7)*(1-$E$9)*(1+$E$11)","v":6.89},{"$f":"M29*G29","v":0},{"$f":"ROUND((M29*$B$2),2)","v":8.1300000000000008},{"$f":"O29*G29","v":0}]
[null,"RAUTITAN","под заказ",null,11308501025,"Унив.труба RAUTITAN stabil 16,2х2,6, прямоуг., изол.26 мм, бухта 25 м",null,"м",25,8.08,{"$f":"J30*$B$2","v":9.5343999999999998},{"$f":"K30*G30","v":0},{"$f":"J30*(1-$E$5-$E$7)*(1-$E$9)*(1+$E$11)","v":8.08},{"$f":"M30*G30","v":0},{"$f":"ROUND((M30*$B$2),2)","v":9.5299999999999994},{"$f":"O30*G30","v":0}]
[null,"RAUTITAN","под заказ",null,11308601025,"Унив.труба RAUTITAN stabil 20х2,9, прямоуг., изол. 26 мм, бухта 25 м",null,"м",25,9.18,{"$f":"J31*$B$2","v":10.8324},{"$f":"K31*G31","v":0},{"$f":"J31*(1-$E$5-$E$7)*(1-$E$9)*(1+$E$11)","v":9.18},{"$f":"M31*G31","v":0},{"$f":"ROUND((M31*$B$2),2)","v":10.83},{"$f":"O31*G31","v":0}]
[null,"RAUTITAN"]
[null,"RAUTITAN","под заказ",null,11302411050,"Унив.труба RAUTITAN stabil 16,2х2,6, кругл., изол. 4 мм, бухта 50 м",null,"м",50,3.71,{"$f":"J33*$B$2","v":4.3777999999999997},{"$f":"K33*G33","v":0},{"$f":"J33*(1-$E$5-$E$7)*(1-$E$9)*(1+$E$11)","v":3.71},{"$f":"M33*G33","v":0},{"$f":"ROUND((M33*$B$2),2)","v":4.38},{"$f":"O33*G33","v":0}]
[null,"RAUTITAN","под заказ",null,11302711050,"Унив.труба RAUTITAN stabil 20х2,9, кругл., изол. 4 мм, бухта 50 м",null,"м",50,5.03,5.9353999999999996,0,5.03,0,5.94,0]
[null,"RAUTITAN","под заказ",null,11314951025,"Унив.труба RAUTITAN stabil 25x3,7, кругл., изол. 4 мм, бухта 25 м. ",null,"м",25,7.06,8.3308,0,7.06,0,8.33,0]
[null,"RAUTITAN","под заказ",null,11302511050,"Унив.труба RAUTITAN stabil 16,2х2,6, кругл., изол. 9 мм, бухта 50 м",null,"м",50,4.25,5.0149999999999997,0,4.25,0,5.0199999999999996,0]
[null,"RAUTITAN","под заказ",null,11302811050,"Унив.труба RAUTITAN stabil 20х2,9, кругл., изол. 9 мм, бухта 50 м",null,"м",50,5.63,6.6433999999999997,0,5.63,0,6.64,0]
[null,"RAUTITAN","под заказ",null,11314971025,"Унив.труба RAUTITAN stabil 25x3,7, кругл., изол. 9 мм, бухта 25 м. ",null,"м",25,7.4,8.7319999999999993,0,7.4,0,8.73,0]
[null,"RAUTITAN","под заказ",null,11314981025,"Унив.труба RAUTITAN stabil 16x2,6, кругл., изол. 13 мм, бухта 25 м.",null,"м",25,4.95,5.8410000000000002,0,4.95,0,5.84,0]
[null,"RAUTITAN","под заказ",null,11314991025,"Унив.труба RAUTITAN stabil 20x2,9, кругл., изол. 13 мм, бухта 25 м. ",null,"м",25,5.78,6.8204000000000002,0,5.78,0,6.82,0]
[null,"RAUTITAN","под заказ",null,11315051025,"Унив.труба RAUTITAN stabil 25x3,7, кругл., изол. 13 мм, бухта 25 м. ",null,"м",25,7.88,9.2983999999999991,0,7.88,0,9.3000000000000007,0]
[null,"RAUTITAN"]
[null,"RAUTITAN","под заказ",null,11304911050,"Унив.труба RAUTITAN stаbil 16,2х2,6мм в гофротрубе, бухта 50м",null,"м",50,3.17,{"$f":"J43*$B$2","v":3.7405999999999997},{"$f":"K43*G43","v":0},{"$f":"J43*(1-$E$5-$E$7)*(1-$E$9)*(1+$E$11)","v":3.17},{"$f":"M43*G43","v":0},{"$f":"ROUND((M43*$B$2),2)","v":3.74},{"$f":"O43*G43","v":0}]
[null,"RAUTITAN","под заказ",null,11305011050,"Унив.труба RAUTITAN stabil 20х2,9мм в гофротрубе, бухта 50 м",null,"м",50,4.33,{"$f":"J44*$B$2","v":5.1093999999999999},{"$f":"K44*G44","v":0},{"$f":"J44*(1-$E$5-$E$7)*(1-$E$9)*(1+$E$11)","v":4.33},{"$f":"M44*G44","v":0},{"$f":"ROUND((M44*$B$2),2)","v":5.1100000000000003},{"$f":"O44*G44","v":0}]
[null,"RAUTITAN"]
[null,"RAUTITAN","x",null,11303701100,"Унив.труба RAUTITAN flex 16x2,2, бухта 100м",null,"м",100,1.8714999999999999,{"$f":"J46*$B$2","v":2.2083699999999999},{"$f":"K46*G46","v":0},{"$f":"J46*(1-$E$5-$E$7)*(1-$E$9)*(1+$E$11)","v":1.8714999999999999},{"$f":"M46*G46","v":0},{"$f":"ROUND((M46*$B$2),2)","v":2.21},{"$f":"O46*G46","v":0}]
[null,"RAUTITAN","x",null,11303801100,"Унив.труба RAUTITAN flex 20x2,8, бухта 100м",null,"м",100,2.6030000000000002,3.0715400000000002,0,2.6030000000000002,0,3.07,0]
[null,"RAUTITAN","x",null,11303901050,"Унив.труба RAUTITAN flex 25x3,5, бухта 50м",null,"м",50,3.952,4.6633599999999999,0,3.952,0,4.66,0]
[null,"RAUTITAN","x",null,11304001050,"Унив.труба RAUTITAN flex 32x4,4, бухта 50м",null,"м",50,5.7759999999999998,6.8156799999999995,0,5.7759999999999998,0,6.82,0]
[null,"RAUTITAN","x",null,11303701006,"Унив.труба RAUTITAN flex 16x2,2, прям.отрезки 6м",null,"м",60,2.1659999999999999,2.5558799999999997,0,2.1659999999999999,0,2.56,0]
[null,"RAUTITAN","x",null,11303801006,"Унив.труба RAUTITAN flex 20x2,8, прям.отрезки 6м",null,"м",60,2.907,3.4302599999999996,0,2.907,0,3.43,0]
[null,"RAUTITAN","x",null,11303901006,"Унив.труба RAUTITAN flex 25x3,5, прям.отрезки 6м",null,"м",30,4.2370000000000001,4.9996599999999995,0,4.2370000000000001,0,5,0]
[null,"RAUTITAN","x",null,11304001006,"Унив.труба RAUTITAN flex 32x4,4, прям.отрезки 6м",null,"м",30,6.0704999999999991,7.1631899999999984,0,6.0704999999999991,0,7.16,0]
[null,"RAUTITAN","x",null,11304101006,"Унив.труба RAUTITAN flex 40x5,5, прям.отрезки 6м",null,"м",12,9.4049999999999994,11.097899999999999,0,9.4049999999999994,0,11.1,0]
[null,"RAUTITAN",null,null,11304201006,"Унив.труба RAUTITAN flex 50x6,9, прям.отрезки 6м",null,"м",6,12.378499999999999,14.606629999999997,0,12.378499999999999,0,14.61,0]
[null,"RAUTITAN",null,null,11304301006,"Унив.труба RAUTITAN flex 63x8,6, прям.отрезки 6м",null,"м",6,18.2685,21.556829999999998,0,18.2685,0,21.56,0]
[null,"RAUTITAN"]
[null,"RAUTITAN","под заказ",null,11308701050,"Унив.труба RAUTITAN flex 16х2,2, прямоуг., изол.9 мм, бухта 50м",null,"м",50,4.7214999999999998,{"$f":"J58*$B$2","v":5.571369999999999},{"$f":"K58*G58","v":0},{"$f":"J58*(1-$E$5-$E$7)*(1-$E$9)*(1+$E$11)","v":4.7214999999999998},{"$f":"M58*G58","v":0},{"$f":"ROUND((M58*$B$2),2)","v":5.57},{"$f":"O58*G58","v":0}]
[null,"RAUTITAN","под заказ",null,11308801050,"Унив.труба RAUTITAN flex 20х2,8, прямоуг., изол.9 мм, бухта 50м",null,"м",50,5.5670000000000002,{"$f":"J59*$B$2","v":6.5690599999999995},{"$f":"K59*G59","v":0},{"$f":"J59*(1-$E$5-$E$7)*(1-$E$9)*(1+$E$11)","v":5.5670000000000002},{"$f":"M59*G59","v":0},{"$f":"ROUND((M59*$B$2),2)","v":6.57},{"$f":"O59*G59","v":0}]
[null,"RAUTITAN","под заказ",null,11308901025,"Унив.труба RAUTITAN flex 16х2,2, прямоуг., изол.26 мм, бухта 25м",null,"м",25,6.706999999999999,{"$f":"J60*$B$2","v":7.9142599999999987},{"$f":"K60*G60","v":0},{"$f":"J60*(1-$E$5-$E$7)*(1-$E$9)*(1+$E$11)","v":6.706999999999999},{"$f":"M60*G60","v":0},{"$f":"ROUND((M60*$B$2),2)","v":7.91},{"$f":"O60*G60","v":0}]
[null,"RAUTITAN","под заказ",null,11309001025,"Унив.труба RAUTITAN flex 20х2,8, прямоуг., изол.26 мм, бухта 25м",null,"м",25,7.8944999999999999,{"$f":"J61*$B$2","v":9.3155099999999997},{"$f":"K61*G61","v":0},{"$f":"J61*(1-$E$5-$E$7)*(1-$E$9)*(1+$E$11)","v":7.8944999999999999},{"$f":"M61*G61","v":0},{"$f":"ROUND((M61*$B$2),2)","v":9.32},{"$f":"O61*G61","v":0}]
[null,"RAUTITAN"]
[null,"RAUTITAN","под заказ",null,11304601050,"Унив.труба RAUTITAN flex 16х2,2, кругл., изол.4 мм, бухта 50м",null,"м",50,3.0590000000000002,{"$f":"J63*$B$2","v":3.6096200000000001},{"$f":"K63*G63","v":0},{"$f":"J63*(1-$E$5-$E$7)*(1-$E$9)*(1+$E$11)","v":3.0590000000000002},{"$f":"M63*G63","v":0},{"$f":"ROUND((M63*$B$2),2)","v":3.61},{"$f":"O63*G63","v":0}]
[null,"RAUTITAN","под заказ",null,11304701050,"Унив.труба RAUTITAN flex 20х2,8, кругл., изол.4 мм, бухта 50м",null,"м",50,4.0564999999999998,4.7866699999999991,0,4.0564999999999998,0,4.79,0]
[null,"RAUTITAN","под заказ",null,11315071025,"Унив.труба RAUTITAN flex 25x3,5, кругл., изол. 4 мм, бухта 25 м. ",null,"м",25,5.6999999999999993,6.7259999999999991,0,5.6999999999999993,0,6.73,0]
[null,"RAUTITAN","под заказ",null,11304801050,"Унив.труба RAUTITAN flex 16 х2,2, кругл., изол.9 мм, бухта 50м",null,"м",50,3.5719999999999996,4.2149599999999996,0,3.5719999999999996,0,4.21,0]
[null,"RAUTITAN","под заказ",null,11304901050,"Унив.труба RAUTITAN flex 20х2,8, кругл., изол.9 мм, бухта 50м",null,"м",50,4.617,5.4480599999999999,0,4.617,0,5.45,0]
[null,"RAUTITAN","под заказ",null,11315081025,"Унив.труба RAUTITAN flex 25x3,5, кругл., изол. 9 мм, бухта 25 м. ",null,"м",25,6.0229999999999997,7.1071399999999993,0,6.0229999999999997,0,7.11,0]
[null,"RAUTITAN","под заказ",null,11315091025,"Унив.труба RAUTITAN flex 16x2,2, кругл., изол. 13 мм, бухта 25 м. ",null,"м",25,3.8759999999999999,4.5736799999999995,0,3.8759999999999999,0,4.57,0]
[null,"RAUTITAN","под заказ",null,11315151025,"Унив.труба RAUTITAN flex 20x2,8, кругл., изол. 13 мм, бухта 25 м. ",null,"м",25,4.6834999999999996,5.5265299999999993,0,4.6834999999999996,0,5.53,0]
[null,"RAUTITAN","под заказ",null,11315171025,"Унив.труба RAUTITAN flex 25x3,5, кругл., изол. 13 мм, бухта 25 м.",null,"м",25,6.4790000000000001,7.6452200000000001,0,6.4790000000000001,0,7.65,0]
[null,"RAUTITAN"]
[null,"RAUTITAN","под заказ",null,11304401050,"Унив.труба RAUTITAN flex 16х2,2 в гофротрубе, бухта 50м",null,"м",50,2.5649999999999999,{"$f":"J73*$B$2","v":3.0266999999999999},{"$f":"K73*G73","v":0},{"$f":"J73*(1-$E$5-$E$7)*(1-$E$9)*(1+$E$11)","v":2.5649999999999999},{"$f":"M73*G73","v":0},{"$f":"ROUND((M73*$B$2),2)","v":3.03},{"$f":"O73*G73","v":0}]
[null,"RAUTITAN","под заказ",null,11304501050,"Унив.труба RAUTITAN flex 20х2,8 в гофротрубе, бухта 50м",null,"м",50,3.3914999999999997,{"$f":"J74*$B$2","v":4.0019699999999991},{"$f":"K74*G74","v":0},{"$f":"J74*(1-$E$5-$E$7)*(1-$E$9)*(1+$E$11)","v":3.3914999999999997},{"$f":"M74*G74","v":0},{"$f":"ROUND((M74*$B$2),2)","v":4},{"$f":"O74*G74","v":0}]
[null,"RAUTITAN"]
[null,"RAUTITAN","x",null,11370101100,"Труба водопров. RAUTITAN his 16x2,2, бухта 100 м  ",null,"м",100,1.395,{"$f":"J76*$B$2","v":1.6460999999999999},{"$f":"K76*G76","v":0},{"$f":"J76*(1-$E$5-$E$7)*(1-$E$9)*(1+$E$11)","v":1.395},{"$f":"M76*G76","v":0},{"$f":"ROUND((M76*$B$2),2)","v":1.65},{"$f":"O76*G76","v":0}]
[null,"RAUTITAN",null,null,11370101006,"Труба водопров. RAUTITAN his 16x2,2, прямые отрезки 6 м  ",null,"м",60,1.62,1.9116,0,1.62,0,1.91,0]
[null,"RAUTITAN","x",null,11370201100,"Труба водопров. RAUTITAN his 20x2,8, бухта 100 м  ",null,"м",100,1.9440000000000002,2.29392,0,1.9440000000000002,0,2.29,0]
[null,"RAUTITAN",null,null,11370201006,"Труба водопров. RAUTITAN his 20x2,8, прямые отрезки 6 м ",null,"м",60,2.097,2.4744599999999997,0,2.097,0,2.4700000000000002,0]
[null,"RAUTITAN","x",null,11370301050,"Труба водопров. RAUTITAN his 25x3,5, бухта 50 м ",null,"м",50,2.9699999999999998,3.5045999999999995,0,2.9699999999999998,0,3.5,0]
[null,"RAUTITAN",null,null,11370301006,"Труба водопров. RAUTITAN his 25x3,5, прямые отрезки 6 м  ",null,"м",30,3.1949999999999998,3.7700999999999998,0,3.1949999999999998,0,3.77,0]
[null,"RAUTITAN",null,null,11370401050,"Труба водопров. RAUTITAN his 32x4,4, бухта 50 м ",null,"м",50,5.4539999999999997,6.435719999999999,0,5.4539999999999997,0,6.44,0]
[null,"RAUTITAN",null,null,11370401006,"Труба водопров. RAUTITAN his 32x4,4, прямые отрезки 6 м ",null,"м",30,5.7509999999999994,6.786179999999999,0,5.7509999999999994,0,6.79,0]
[null,"RAUTITAN",null,null,11383201006,"Труба водопров. RAUTITAN his 40x5,5, прямые отрезки 6 м ",null,"м",12,8.91,10.5138,0,8.91,0,10.51,0]
[null,"RAUTITAN",null,null,11383301006,"Труба водопров. RAUTITAN his 50x6,9, прямые отрезки 6 м ",null,"м",6,11.727,13.837859999999999,0,11.727,0,13.84,0]
[null,"RAUTITAN",null,null,11383401006,"Труба водопров. RAUTITAN his 63x8,6, прямые отрезки 6 м ",null,"м",6,17.307000000000002,20.422260000000001,0,17.307000000000002,0,20.420000000000002,0]
[null,"RAUTITAN"]
[null,"RAUTITAN","x",null,11360421120,"Отоп. труба RAUTITAN pink 16х2,2 мм, бухта 120 м",null,"м",120,1.3860000000000001,{"$f":"J88*$B$2","v":1.63548},{"$f":"K88*G88","v":0},{"$f":"J88*(1-$E$5-$E$7)*(1-$E$9)*(1+$E$11)","v":1.3860000000000001},{"$f":"M88*G88","v":0},{"$f":"ROUND((M88*$B$2),2)","v":1.64},{"$f":"O88*G88","v":0}]
[null,"RAUTITAN",null,null,11360421006,"Отоп. труба RAUTITAN pink 16х2,2 мм, прямые отрезки 6 м",null,"м",60,1.575,1.8584999999999998,0,1.575,0,1.86,0]
[null,"RAUTITAN","x",null,11360521120,"Отоп. труба RAUTITAN pink 20х2,8 мм, бухта 120 м",null,"м",120,1.917,2.26206,0,1.917,0,2.2599999999999998,0]
[null,"RAUTITAN",null,null,11360521006,"Отоп. труба RAUTITAN pink 20х2,8 мм, прямые отрезки 6 м",null,"м",60,2.0609999999999999,2.4319799999999998,0,2.0609999999999999,0,2.4300000000000002,0]
[null,"RAUTITAN","x",null,11360621050,"Отоп. труба RAUTITAN pink 25х3,5 мм, бухта 50 м",null,"м",50,2.9250000000000003,3.4515000000000002,0,2.9250000000000003,0,3.45,0]
[null,"RAUTITAN",null,null,11360621006,"Отоп. труба RAUTITAN pink 25х3,5 мм, прямые отрезки 6 м",null,"м",30,3.177,3.7488599999999996,0,3.177,0,3.75,0]
[null,"RAUTITAN","x",null,11360721050,"Отоп. труба RAUTITAN pink 32х4,4 мм, бухта 50 м",null,"м",50,4.6800000000000006,5.5224000000000002,0,4.6800000000000006,0,5.52,0]
[null,"RAUTITAN",null,null,11360721006,"Отоп. труба RAUTITAN pink 32х4,4 мм, прямые отрезки 6 м",null,"м",30,5.0670000000000002,5.9790599999999996,0,5.0670000000000002,0,5.98,0]
[null,"RAUTITAN","x",null,11360821006,"Отоп. труба RAUTITAN pink 40х5,5 мм, прямые отрезки 6 м",null,"м",12,7.8660000000000005,9.281880000000001,0,7.8660000000000005,0,9.2799999999999994,0]
[null,"RAUTITAN",null,null,11360921006,"Отоп. труба RAUTITAN pink 50х6,9 мм, прямые отрезки 6 м",null,"м",6,10.305,12.159899999999999,0,10.305,0,12.16,0]
[null,"RAUTITAN",null,null,11361021006,"Отоп. труба RAUTITAN pink 63х8,7 мм, прямые отрезки 6 м",null,"м",6,14.895000000000001,17.5761,0,14.895000000000001,0,17.579999999999998,0]
[null,"RAUTITAN"]
[null,"RAUTITAN","x",null,11331691200,"Отоп. труба RAUTITAN black 16х2,2 мм, бухта 200 м",null,"м",2600,"-","по запросу",{"$f":"K100*G100","v":0},{"$f":"J100*(1-$E$5-$E$7)*(1-$E$9)*(1+$E$11)","v":0},{"$f":"M100*G100","v":0},{"$f":"ROUND((M100*$B$2),2)","v":0},{"$f":"O100*G100","v":0}]
[null,"RAUTITAN","x",null,11331791180,"Отоп. труба RAUTITAN black 20х2,8 мм, бухта 180 м",null,"м",1440,"-","по запросу",{"$f":"K101*G101","v":0},0,{"$f":"M101*G101","v":0},0,{"$f":"O101*G101","v":0}]
[null,"RAUTITAN","x",null,11331891100,"Отоп. труба RAUTITAN black 25х3,5 мм, бухта 100 м",null,"м",800,"-","по запросу",{"$f":"K102*G102","v":0},0,{"$f":"M102*G102","v":0},0,{"$f":"O102*G102","v":0}]
[]
[null,"RAUTITAN",null,null,11371401050,"Гофротруба защитн.для ПЭ-трубы 16/17, бухта 50м",null,"м",50,0.74,{"$f":"J104*$B$2","v":0.87319999999999998},{"$f":"K104*G104","v":0},{"$f":"J104*(1-$E$5-$E$7)*(1-$E$9)*(1+$E$11)","v":0.74},{"$f":"M104*G104","v":0},{"$f":"ROUND((M104*$B$2),2)","v":0.87},{"$f":"O104*G104","v":0}]
[null,"RAUTITAN",null,null,11371501050,"Гофротруба защитн.для ПЭ-трубы 20, бухта 50м",null,"м",50,0.83,{"$f":"J105*$B$2","v":0.97939999999999994},{"$f":"K105*G105","v":0},{"$f":"J105*(1-$E$5-$E$7)*(1-$E$9)*(1+$E$11)","v":0.83},{"$f":"M105*G105","v":0},{"$f":"ROUND((M105*$B$2),2)","v":0.98},{"$f":"O105*G105","v":0}]
[null,"RAUTITAN",null,null,11371601025,"Гофротруба защитн.для ПЭ-трубы 25, бухта 25м",null,"м",25,1.0900000000000001,{"$f":"J106*$B$2","v":1.2862},{"$f":"K106*G106","v":0},{"$f":"J106*(1-$E$5-$E$7)*(1-$E$9)*(1+$E$11)","v":1.0900000000000001},{"$f":"M106*G106","v":0},{"$f":"ROUND((M106*$B$2),2)","v":1.29},{"$f":"O106*G106","v":0}]
[null,"RAUTITAN",null,null,11371701025,"Гофротруба защитн.для ПЭ-трубы 32, бухта 25м",null,"м",25,1.51,{"$f":"J107*$B$2","v":1.7817999999999998},{"$f":"K107*G107","v":0},{"$f":"J107*(1-$E$5-$E$7)*(1-$E$9)*(1+$E$11)","v":1.51},{"$f":"M107*G107","v":0},{"$f":"ROUND((M107*$B$2),2)","v":1.78},{"$f":"O107*G107","v":0}]
[null,"RAUTITAN"]
[null,"RAUTITAN","x",null,11380331001,"Фиксирующий желоб для ПЭ-трубы 16/17",null,"м",30,1.34,{"$f":"J109*$B$2","v":1.5811999999999999},{"$f":"K109*G109","v":0},{"$f":"J109*(1-$E$5-$E$7)*(1-$E$9)*(1+$E$11)","v":1.34},{"$f":"M109*G109","v":0},{"$f":"ROUND((M109*$B$2),2)","v":1.58},{"$f":"O109*G109","v":0}]
[null,"RAUTITAN","x",null,11380431001,"Фиксирующий желоб для ПЭ-трубы 20",null,"м",30,1.46,1.7227999999999999,0,1.46,0,1.72,0]
[null,"RAUTITAN","x",null,11380531001,"Фиксирующий желоб для ПЭ-трубы 25",null,"м",30,1.92,2.2655999999999996,0,1.92,0,2.27,0]
[null,"RAUTITAN","x",null,11380631001,"Фиксирующий желоб для ПЭ-трубы 32",null,"м",30,2.37,2.7966000000000002,0,2.37,0,2.8,0]
[null,"RAUTITAN","x",null,11380731001,"Фиксирующий желоб для ПЭ-трубы 40",null,"м",15,3.61,4.2597999999999994,0,3.61,0,4.26,0]
[null,"RAUTITAN",null,null,11380831001,"Фиксирующий желоб для ПЭ-трубы 50",null,"м",15,4.4800000000000004,5.2864000000000004,0,4.4800000000000004,0,5.29,0]
[null,"RAUTITAN",null,null,11380931001,"Фиксирующий желоб для ПЭ-трубы 63",null,"м",15,5.38,6.3483999999999998,0,5.38,0,6.35,0]
[null,"RAUTITAN"]
[null,"RAUTITAN",null,null,12414431001,"Противопожарная манжета 16/17 для РЕХ",null,"шт",1,48.5,{"$f":"J117*$B$2","v":57.23},{"$f":"K117*G117","v":0},{"$f":"J117*(1-$E$5-$E$7)*(1-$E$9)*(1+$E$11)","v":48.5},{"$f":"M117*G117","v":0},{"$f":"ROUND((M117*$B$2),2)","v":57.23},{"$f":"O117*G117","v":0}]
[null,"RAUTITAN",null,null,12414531001,"Противопожарная манжета 20 для РЕХ",null,"шт",1,51.39,60.6402,0,51.39,0,60.64,0]
[null,"RAUTITAN",null,null,12414631001,"Противопожарная манжета 25 для РЕХ",null,"шт",1,54.29,64.06219999999999,0,54.29,0,64.06,0]
[null,"RAUTITAN",null,null,12414731001,"Противопожарная манжета 32 для РЕХ",null,"шт",1,58.84,69.431200000000004,0,58.84,0,69.430000000000007,0]
[null,"RAUTITAN",null,null,12414831001,"Противопожарная манжета 40 для РЕХ",null,"шт",1,65.13,76.853399999999993,0,65.13,0,76.849999999999994,0]
[null,"RAUTITAN",null,null,12414931001,"Противопожарная манжета 50 для РЕХ",null,"шт",1,66.25,78.174999999999997,0,66.25,0,78.180000000000007,0]
[null,"RAUTITAN",null,null,12415031001,"Противопожарная манжета 63 для РЕХ",null,"шт",1,75.430000000000007,89.007400000000004,0,75.430000000000007,0,89.01,0]
[null,"RAUTITAN"]
[null,"RAUTITAN",null,null,null,"1.1.2. Универсальные фитинги RAUTITAN для водоснабжения и отопления"]
[null,"RAUTITAN",null,null,11397711002,"Монтажная гильза  50 MX",null,"шт",25,6.59,{"$f":"J126*$B$2","v":7.7761999999999993},{"$f":"K126*G126","v":0},{"$f":"J126*(1-$E$5-$E$7)*(1-$E$9)*(1+$E$11)","v":6.59},{"$f":"M126*G126","v":0},{"$f":"ROUND((M126*$B$2),2)","v":7.78},{"$f":"O126*G126","v":0}]
[null,"RAUTITAN",null,null,11397811002,"Монтажная гильза  63 MX",null,"шт",25,9.33,11.009399999999999,0,9.33,0,11.01,0]
[null,"RAUTITAN","x",null,11600011001,"Монтажная гильза  16 PX",null,"шт",100,0.61,0.7198,0,0.61,0,0.72,0]
[null,"RAUTITAN","x",null,11600021001,"Монтажная гильза  20 PX",null,"шт",100,0.78,0.9204,0,0.78,0,0.92,0]
[null,"RAUTITAN","x",null,11600031001,"Монтажная гильза  25 PX",null,"шт",100,1.03,1.2154,0,1.03,0,1.22,0]
[null,"RAUTITAN","x",null,11600041001,"Монтажная гильза  32 PX",null,"шт",50,1.98,2.3363999999999998,0,1.98,0,2.34,0]
[null,"RAUTITAN","x",null,11600051001,"Монтажная гильза  40 PX",null,"шт",25,3.64,4.2952000000000004,0,3.64,0,4.3,0]
[null,"RAUTITAN"]
[null,"RAUTITAN",null,null,11371551001,"Тройник равнопроходный 50-50-50 MX \nПосле реализации складского запаса заменяется на 13660011001",null,"шт",1,38.92,{"$f":"J134*$B$2","v":45.925600000000003},{"$f":"K134*G134","v":0},{"$f":"J134*(1-$E$5-$E$7)*(1-$E$9)*(1+$E$11)","v":38.92},{"$f":"M134*G134","v":0},{"$f":"ROUND((M134*$B$2),2)","v":45.93},{"$f":"O134*G134","v":0}]
[null,"RAUTITAN",null,11371551001,13660011001,"Тройник равнопроходный 50-50-50 RX",null,"шт",1,47.12,{"$f":"J135*$B$2","v":55.601599999999991},0,{"$f":"J135*(1-$E$5-$E$7)*(1-$E$9)*(1+$E$11)","v":47.12},0,{"$f":"ROUND((M135*$B$2),2)","v":55.6},0]
[null,"RAUTITAN",null,11371651001,13660021001,"Тройник равнопроходный 63-63-63 RX",null,"шт",1,62.12,{"$f":"J136*$B$2","v":73.301599999999993},0,{"$f":"J136*(1-$E$5-$E$7)*(1-$E$9)*(1+$E$11)","v":62.12},0,{"$f":"ROUND((M136*$B$2),2)","v":73.3},0]
[null,"RAUTITAN","x",null,11600311001,"Тройник равнопроходный 16-16-16 PX",null,"шт",10,4.82,{"$f":"J137*$B$2","v":5.6875999999999998},0,{"$f":"J137*(1-$E$5-$E$7)*(1-$E$9)*(1+$E$11)","v":4.82},0,{"$f":"ROUND((M137*$B$2),2)","v":5.69},0]
[null,"RAUTITAN","x",null,11600321001,"Тройник равнопроходный 20-20-20 PX",null,"шт",10,6.35,7.4929999999999994,0,6.35,0,7.49,0]
[null,"RAUTITAN","x",null,11600331001,"Тройник равнопроходный 25-25-25 PX",null,"шт",10,7.17,8.4605999999999995,0,7.17,0,8.4600000000000009,0]
[null,"RAUTITAN","x",null,11600341001,"Тройник равнопроходный 32-32-32 PX",null,"шт",3,14.54,17.1572,0,14.54,0,17.16,0]
[null,"RAUTITAN","x",null,11600351001,"Тройник равнопроходный 40-40-40 PX",null,"шт",2,28.5,33.629999999999995,0,28.5,0,33.630000000000003,0]
[null,"RAUTITAN"]
[null,"RAUTITAN",null,null,13662751001,"Тройник с повышенным сопротивлением на проходе 32-16-25 RX",null,"шт",1,22.06,{"$f":"J143*$B$2","v":26.030799999999996},{"$f":"K143*G143","v":0},{"$f":"J143*(1-$E$5-$E$7)*(1-$E$9)*(1+$E$11)","v":22.06},{"$f":"M143*G143","v":0},{"$f":"ROUND((M143*$B$2),2)","v":26.03},{"$f":"O143*G143","v":0}]
[null,"RAUTITAN",null,null,13662761001,"Тройник с повышенным сопротивлением на проходе 40-16-32 RX",null,"шт",1,39.75,{"$f":"J144*$B$2","v":46.904999999999994},{"$f":"K144*G144","v":0},{"$f":"J144*(1-$E$5-$E$7)*(1-$E$9)*(1+$E$11)","v":39.75},{"$f":"M144*G144","v":0},{"$f":"ROUND((M144*$B$2),2)","v":46.91},{"$f":"O144*G144","v":0}]
[null,"RAUTITAN",null,null,13662771001,"Тройник с повышенным сопротивлением на проходе 40-20-32 RX",null,"шт",1,38.950000000000003,{"$f":"J145*$B$2","v":45.960999999999999},{"$f":"K145*G145","v":0},{"$f":"J145*(1-$E$5-$E$7)*(1-$E$9)*(1+$E$11)","v":38.950000000000003},{"$f":"M145*G145","v":0},{"$f":"ROUND((M145*$B$2),2)","v":45.96},{"$f":"O145*G145","v":0}]
[null,"RAUTITAN"]
[null,"RAUTITAN",null,null,11313851001,"Проточный настенный угольник 16/16-Rp 1/2 длинный RX",null,"шт",5,28.44,{"$f":"J147*$B$2","v":33.559199999999997},{"$f":"K147*G147","v":0},{"$f":"J147*(1-$E$5-$E$7)*(1-$E$9)*(1+$E$11)","v":28.44},{"$f":"M147*G147","v":0},{"$f":"ROUND((M147*$B$2),2)","v":33.56},{"$f":"O147*G147","v":0}]
[null,"RAUTITAN",null,null,11313951001,"Проточный настенный угольник 20/20-Rp 1/2 длинный RX",null,"шт",5,29.63,34.9634,0,29.63,0,34.96,0]
[null,"RAUTITAN",null,null,13662841001,"Проточный настенный угольник 16/16-Rp 1/2 короткий RX",null,"шт",5,26.04,30.727199999999996,0,26.04,0,30.73,0]
[null,"RAUTITAN",null,null,13662851001,"Проточный настенный угольник 20/20-Rp 1/2 короткий RX",null,"шт",5,27.52,32.473599999999998,0,27.52,0,32.47,0]
["N","RAUTITAN",null,null,13663001001,"Проточный настенный угольник 16/20-Rp 1/2 короткий RX",null,"шт",5,27.52,32.473599999999998,0,27.52,0,32.47,0]
["N","RAUTITAN",null,null,13663031001,"Проточный настенный угольник 20/16-Rp 1/2 короткий RX",null,"шт",5,27.52,32.473599999999998,0,27.52,0,32.47,0]
[null,"RAUTITAN"]
[null,"RAUTITAN",null,null,13662791001,"Тройник RAUTITAN RX с наружной резьбой 16-16-R 1/2",null,"шт",4,14.59,{"$f":"J154*$B$2","v":17.216200000000001},{"$f":"K154*G154","v":0},{"$f":"J154*(1-$E$5-$E$7)*(1-$E$9)*(1+$E$11)","v":14.59},{"$f":"M154*G154","v":0},{"$f":"ROUND((M154*$B$2),2)","v":17.22},{"$f":"O154*G154","v":0}]
[null,"RAUTITAN",null,null,13662801001,"Тройник RAUTITAN RX с наружной резьбой  20-20-R 1/2",null,"шт",4,17.73,{"$f":"J155*$B$2","v":20.921399999999998},{"$f":"K155*G155","v":0},{"$f":"J155*(1-$E$5-$E$7)*(1-$E$9)*(1+$E$11)","v":17.73},{"$f":"M155*G155","v":0},{"$f":"ROUND((M155*$B$2),2)","v":20.92},{"$f":"O155*G155","v":0}]
[null,"RAUTITAN",null,null,13662811001,"Тройник RAUTITAN RX с наружной резьбой 20-20-R 3/4",null,"шт",4,19.309999999999999,{"$f":"J156*$B$2","v":22.785799999999998},{"$f":"K156*G156","v":0},{"$f":"J156*(1-$E$5-$E$7)*(1-$E$9)*(1+$E$11)","v":19.309999999999999},{"$f":"M156*G156","v":0},{"$f":"ROUND((M156*$B$2),2)","v":22.79},{"$f":"O156*G156","v":0}]
[null,"RAUTITAN"]
[null,"RAUTITAN",null,12303481001,13660031001,"Тройник с уменьшенным боковым проходом 50-20-50 RX",null,"шт",1,41.74,{"$f":"J158*$B$2","v":49.2532},{"$f":"K158*G158","v":0},{"$f":"J158*(1-$E$5-$E$7)*(1-$E$9)*(1+$E$11)","v":41.74},{"$f":"M158*G158","v":0},{"$f":"ROUND((M158*$B$2),2)","v":49.25},{"$f":"O158*G158","v":0}]
[null,"RAUTITAN",null,null,12303581001,"Тройник с уменьшенным боковым проходом 50-25-50 MX",null,"шт",1,38.92,45.925600000000003,0,38.92,0,45.93,0]
[null,"RAUTITAN",null,11397921001,13660051001,"Тройник с уменьшенным боковым проходом 50-32-50 RX",null,"шт",1,43.78,51.660399999999996,0,43.78,0,51.66,0]
["D","RAUTITAN",null,null,11370891001,"Тройник с уменьшенным боковым проходом 50-40-50 MX",null,"шт",1,38.92,{"$f":"J161*$B$2","v":45.925600000000003},0,{"$f":"J161*(1-$E$5-$E$7)*(1-$E$9)*(1+$E$11)","v":38.92},0,{"$f":"ROUND((M161*$B$2),2)","v":45.93},0]
["N","RAUTITAN",null,11370891001,13660061001,"Тройник с уменьшенным боковым проходом 50-40-50 RX",null,"шт",1,43.78,51.660399999999996,0,43.78,0,51.66,0]
[null,"RAUTITAN",null,null,13660081001,"Тройник с уменьшенным боковым проходом 63-25-63 RX",null,"шт",1,52.68,62.162399999999998,0,52.68,0,62.16,0]
[null,"RAUTITAN",null,null,11371751001,"Тройник с уменьшенным боковым проходом 63-32-63 MX",null,"шт",1,48.82,57.607599999999998,0,48.82,0,57.61,0]
[null,"RAUTITAN",null,11370741001,13660101001,"Тройник с уменьшенным боковым проходом 63-40-63 RX",null,"шт",1,53.2,62.776000000000003,0,53.2,0,62.78,0]
[null,"RAUTITAN",null,11370841001,13660111001,"Тройник с уменьшенным боковым проходом 63-50-63 RX",null,"шт",1,94.97,112.0646,0,94.97,0,112.06,0]
[null,"RAUTITAN","x",null,11600611001,"Тройник с уменьшенным боковым проходом 20-16-20 PX",null,"шт",10,6.35,7.4929999999999994,0,6.35,0,7.49,0]
[null,"RAUTITAN","x",null,11600621001,"Тройник с уменьшенным боковым проходом 25-16-25 PX",null,"шт",10,7.17,8.4605999999999995,0,7.17,0,8.4600000000000009,0]
[null,"RAUTITAN","x",null,11600631001,"Тройник с уменьшенным боковым проходом 25-20-25 PX",null,"шт",10,7.17,8.4605999999999995,0,7.17,0,8.4600000000000009,0]
[null,"RAUTITAN","x",null,11600641001,"Тройник с уменьшенным боковым проходом 32-16-32 PX",null,"шт",3,14.54,17.1572,0,14.54,0,17.16,0]
[null,"RAUTITAN","x",null,11600651001,"Тройник с уменьшенным боковым проходом 32-20-32 PX",null,"шт",3,14.54,17.1572,0,14.54,0,17.16,0]
[null,"RAUTITAN","x",null,11600661001,"Тройник с уменьшенным боковым проходом 32-25-32 PX",null,"шт",3,14.54,17.1572,0,14.54,0,17.16,0]
[null,"RAUTITAN","x",null,11600671001,"Тройник с уменьшенным боковым проходом 40-20-40 PX",null,"шт",2,28.5,33.629999999999995,0,28.5,0,33.630000000000003,0]
[null,"RAUTITAN","x",null,11600681001,"Тройник с уменьшенным боковым проходом 40-25-40 PX",null,"шт",2,28.5,33.629999999999995,0,28.5,0,33.630000000000003,0]
[null,"RAUTITAN","x",null,11600691001,"Тройник с уменьшенным боковым проходом 40-32-40 PX",null,"шт",2,28.5,33.629999999999995,0,28.5,0,33.630000000000003,0]
[null,"RAUTITAN"]
[null,"RAUTITAN","x",null,11600711001,"Тройник с уменьшенным торцевым проходом 20-20-16 PX",null,"шт",10,6.35,{"$f":"J177*$B$2","v":7.4929999999999994},{"$f":"K177*G177","v":0},{"$f":"J177*(1-$E$5-$E$7)*(1-$E$9)*(1+$E$11)","v":6.35},{"$f":"M177*G177","v":0},{"$f":"ROUND((M177*$B$2),2)","v":7.49},{"$f":"O177*G177","v":0}]
[null,"RAUTITAN","x",null,11600721001,"Тройник с уменьшенным торцевым проходом 25-25-16 PX",null,"шт",10,7.17,{"$f":"J178*$B$2","v":8.4605999999999995},{"$f":"K178*G178","v":0},{"$f":"J178*(1-$E$5-$E$7)*(1-$E$9)*(1+$E$11)","v":7.17},{"$f":"M178*G178","v":0},{"$f":"ROUND((M178*$B$2),2)","v":8.4600000000000009},{"$f":"O178*G178","v":0}]
[null,"RAUTITAN","x",null,11600731001,"Тройник с уменьшенным торцевым проходом 25-25-20 PX",null,"шт",10,7.17,{"$f":"J179*$B$2","v":8.4605999999999995},{"$f":"K179*G179","v":0},{"$f":"J179*(1-$E$5-$E$7)*(1-$E$9)*(1+$E$11)","v":7.17},{"$f":"M179*G179","v":0},{"$f":"ROUND((M179*$B$2),2)","v":8.4600000000000009},{"$f":"O179*G179","v":0}]
[null,"RAUTITAN","x",null,11600741001,"Тройник с уменьшенным торцевым проходом 32-32-20 PX",null,"шт",3,14.54,{"$f":"J180*$B$2","v":17.1572},{"$f":"K180*G180","v":0},{"$f":"J180*(1-$E$5-$E$7)*(1-$E$9)*(1+$E$11)","v":14.54},{"$f":"M180*G180","v":0},{"$f":"ROUND((M180*$B$2),2)","v":17.16},{"$f":"O180*G180","v":0}]
[null,"RAUTITAN","x",null,11600751001,"Тройник с уменьшенным торцевым проходом 32-32-25 PX",null,"шт",3,14.54,{"$f":"J181*$B$2","v":17.1572},{"$f":"K181*G181","v":0},{"$f":"J181*(1-$E$5-$E$7)*(1-$E$9)*(1+$E$11)","v":14.54},{"$f":"M181*G181","v":0},{"$f":"ROUND((M181*$B$2),2)","v":17.16},{"$f":"O181*G181","v":0}]
[null,"RAUTITAN"]
[null,"RAUTITAN",null,11371951001,13660121001,"Тройник с уменьшенным боковым и торцевым проходами 50-32-40 RX",null,"шт",1,43.78,{"$f":"J183*$B$2","v":51.660399999999996},{"$f":"K183*G183","v":0},{"$f":"J183*(1-$E$5-$E$7)*(1-$E$9)*(1+$E$11)","v":43.78},{"$f":"M183*G183","v":0},{"$f":"ROUND((M183*$B$2),2)","v":51.66},{"$f":"O183*G183","v":0}]
[null,"RAUTITAN","x",null,11600811001,"Тройник с уменьшенным боковым и торцевым проходами 20-16-16 PX",null,"шт",10,4.82,{"$f":"J184*$B$2","v":5.6875999999999998},0,{"$f":"J184*(1-$E$5-$E$7)*(1-$E$9)*(1+$E$11)","v":4.82},0,{"$f":"ROUND((M184*$B$2),2)","v":5.69},0]
[null,"RAUTITAN","x",null,11600821001,"Тройник с уменьшенным боковым и торцевым проходами 25-16-16 PX",null,"шт",10,4.82,5.6875999999999998,0,4.82,0,5.69,0]
[null,"RAUTITAN","x",null,11600831001,"Тройник с уменьшенным боковым и торцевым проходами  25-16-20 PX",null,"шт",10,6.35,7.4929999999999994,0,6.35,0,7.49,0]
[null,"RAUTITAN","x",null,11600841001,"Тройник с уменьшенным боковым и торцевым проходами 25-20-16 PX",null,"шт",10,6.35,7.4929999999999994,0,6.35,0,7.49,0]
[null,"RAUTITAN","x",null,11600851001,"Тройник с уменьшенным боковым и торцевым проходами 25-20-20 PX",null,"шт",10,6.35,7.4929999999999994,0,6.35,0,7.49,0]
[null,"RAUTITAN","x",null,11600861001,"Тройник с уменьшенным боковым и торцевым проходами 32-20-20 PX",null,"шт",3,14.54,17.1572,0,14.54,0,17.16,0]
[null,"RAUTITAN","x",null,11600871001,"Тройник с уменьшенным боковым и торцевым проходами 32-20-25 PX",null,"шт",3,14.54,17.1572,0,14.54,0,17.16,0]
[null,"RAUTITAN","x",null,11600891001,"Тройник с уменьшенным боковым и торцевым проходами 32-25-20 PX",null,"шт",3,14.54,17.1572,0,14.54,0,17.16,0]
[null,"RAUTITAN","x",null,11600911001,"Тройник с уменьшенным боковым и торцевым проходами 32-25-25 PX",null,"шт",3,14.54,17.1572,0,14.54,0,17.16,0]
[null,"RAUTITAN","x",null,11600921001,"Тройник с уменьшенным боковым и торцевым проходами 40-32-32 PX",null,"шт",2,28.5,33.629999999999995,0,28.5,0,33.630000000000003,0]
[null,"RAUTITAN"]
[null,"RAUTITAN","x",null,11601011001,"Тройник с увеличенным боковым проходом 16-20-16 PX",null,"шт",10,4.82,{"$f":"J195*$B$2","v":5.6875999999999998},{"$f":"K195*G195","v":0},{"$f":"J195*(1-$E$5-$E$7)*(1-$E$9)*(1+$E$11)","v":4.82},{"$f":"M195*G195","v":0},{"$f":"ROUND((M195*$B$2),2)","v":5.69},{"$f":"O195*G195","v":0}]
[null,"RAUTITAN","x",null,11601021001,"Тройник с увеличенным боковым проходом 16-25-16 PX",null,"шт",10,6.35,{"$f":"J196*$B$2","v":7.4929999999999994},{"$f":"K196*G196","v":0},{"$f":"J196*(1-$E$5-$E$7)*(1-$E$9)*(1+$E$11)","v":6.35},{"$f":"M196*G196","v":0},{"$f":"ROUND((M196*$B$2),2)","v":7.49},{"$f":"O196*G196","v":0}]
[null,"RAUTITAN","x",null,11601031001,"Тройник с увеличенным боковым проходом 20-25-16 PX",null,"шт",10,6.35,{"$f":"J197*$B$2","v":7.4929999999999994},{"$f":"K197*G197","v":0},{"$f":"J197*(1-$E$5-$E$7)*(1-$E$9)*(1+$E$11)","v":6.35},{"$f":"M197*G197","v":0},{"$f":"ROUND((M197*$B$2),2)","v":7.49},{"$f":"O197*G197","v":0}]
[null,"RAUTITAN","x",null,11601041001,"Тройник с увеличенным боковым проходом 20-25-20 PX",null,"шт",10,6.35,{"$f":"J198*$B$2","v":7.4929999999999994},{"$f":"K198*G198","v":0},{"$f":"J198*(1-$E$5-$E$7)*(1-$E$9)*(1+$E$11)","v":6.35},{"$f":"M198*G198","v":0},{"$f":"ROUND((M198*$B$2),2)","v":7.49},{"$f":"O198*G198","v":0}]
[null,"RAUTITAN","x",null,11601061001,"Тройник с увеличенным боковым проходом 25-32-25 PX",null,"шт",3,14.54,{"$f":"J199*$B$2","v":17.1572},{"$f":"K199*G199","v":0},{"$f":"J199*(1-$E$5-$E$7)*(1-$E$9)*(1+$E$11)","v":14.54},{"$f":"M199*G199","v":0},{"$f":"ROUND((M199*$B$2),2)","v":17.16},{"$f":"O199*G199","v":0}]
[null,"RAUTITAN"]
[null,"RAUTITAN",null,11388411402,13660161001,"Тройник настенный с внутренней резьбой 16-Rp1/2-16 RX",null,"шт",10,9.34,{"$f":"J201*$B$2","v":11.021199999999999},{"$f":"K201*G201","v":0},{"$f":"J201*(1-$E$5-$E$7)*(1-$E$9)*(1+$E$11)","v":9.34},{"$f":"M201*G201","v":0},{"$f":"ROUND((M201*$B$2),2)","v":11.02},{"$f":"O201*G201","v":0}]
[null,"RAUTITAN",null,11313881001,13660171001,"Тройник настенный с внутренней резьбой 20-Rp1/2-16 RX",null,"шт",10,16.87,{"$f":"J202*$B$2","v":19.906600000000001},{"$f":"K202*G202","v":0},{"$f":"J202*(1-$E$5-$E$7)*(1-$E$9)*(1+$E$11)","v":16.87},{"$f":"M202*G202","v":0},{"$f":"ROUND((M202*$B$2),2)","v":19.91},{"$f":"O202*G202","v":0}]
[null,"RAUTITAN",null,null,11388511402,"Тройник настенный с внутренней резьбой 20-Rp1/2-20 MX\nПосле реализации складского запаса заменятеся на 13660181001",null,"шт",10,9.74,{"$f":"J203*$B$2","v":11.4932},{"$f":"K203*G203","v":0},{"$f":"J203*(1-$E$5-$E$7)*(1-$E$9)*(1+$E$11)","v":9.74},{"$f":"M203*G203","v":0},{"$f":"ROUND((M203*$B$2),2)","v":11.49},{"$f":"O203*G203","v":0}]
[null,"RAUTITAN",null,11388511402,13660181001,"Тройник настенный с внутренней резьбой 20-Rp1/2-20 RX",null,"шт",10,9.74,{"$f":"J204*$B$2","v":11.4932},{"$f":"K204*G204","v":0},{"$f":"J204*(1-$E$5-$E$7)*(1-$E$9)*(1+$E$11)","v":9.74},{"$f":"M204*G204","v":0},{"$f":"ROUND((M204*$B$2),2)","v":11.49},{"$f":"O204*G204","v":0}]
[null,"RAUTITAN"]
["N","RAUTITAN",null,null,13662971001,"Тройник с внутр. резьбой на боков. проходе 25-Rp 1/2-25 RX",null,"шт",10,12.04,{"$f":"J206*$B$2","v":14.207199999999998},{"$f":"K206*G206","v":0},{"$f":"J206*(1-$E$5-$E$7)*(1-$E$9)*(1+$E$11)","v":12.04},{"$f":"M206*G206","v":0},{"$f":"ROUND((M206*$B$2),2)","v":14.21},{"$f":"O206*G206","v":0}]
[null,"RAUTITAN",null,12582061002,13660201001,"Тройник с внутр. резьбой на боков. проходе 25-Rp 3/4-25 RX",null,"шт",10,12.04,{"$f":"J207*$B$2","v":14.207199999999998},0,{"$f":"J207*(1-$E$5-$E$7)*(1-$E$9)*(1+$E$11)","v":12.04},0,{"$f":"ROUND((M207*$B$2),2)","v":14.21},0]
[null,"RAUTITAN",null,11390111002,13660241001,"Тройник с внутр. резьбой на боков. проходе 32-Rp 3/4-25 RX ",null,"шт",3,23.73,28.0014,0,23.73,0,28,0]
[null,"RAUTITAN",null,11389911002,13660211001,"Тройник с внутр. резьбой на боков. проходе 32-Rp 3/4-32 RX",null,"шт",3,26.77,{"$f":"J209*$B$2","v":31.5886},0,{"$f":"J209*(1-$E$5-$E$7)*(1-$E$9)*(1+$E$11)","v":26.77},0,{"$f":"ROUND((M209*$B$2),2)","v":31.59},0]
[null,"RAUTITAN",null,11389811002,13660261001,"Тройник с внутр. резьбой на боков. проходе 32-Rp 1-32 RX",null,"шт",3,26.77,{"$f":"J210*$B$2","v":31.5886},0,{"$f":"J210*(1-$E$5-$E$7)*(1-$E$9)*(1+$E$11)","v":26.77},0,{"$f":"ROUND((M210*$B$2),2)","v":31.59},0]
[null,"RAUTITAN",null,11398021001,13660281001,"Тройник с внутр. резьбой на боков. проходе 40-Rp 1-40 RX",null,"шт",1,39.94,47.129199999999997,0,39.94,0,47.13,0]
[null,"RAUTITAN",null,11398121001,13660311001,"Тройник с внутр. резьбой на боков. проходе 50-Rp 1-50 RX",null,"шт",1,54.49,64.298199999999994,0,54.49,0,64.3,0]
[null,"RAUTITAN"]
["D","RAUTITAN",null,null,11371081401,"Кожух шумопоглощающий для тройника 16/17/20\nВыводится после реализации складского запаса",null,"шт",20,1.0900000000000001,{"$f":"J214*$B$2","v":1.2862},{"$f":"K214*G214","v":0},{"$f":"J214*(1-$E$5-$E$7)*(1-$E$9)*(1+$E$11)","v":1.0900000000000001},{"$f":"M214*G214","v":0},{"$f":"ROUND((M214*$B$2),2)","v":1.29},{"$f":"O214*G214","v":0}]
[null,"RAUTITAN"]
[null,"RAUTITAN",null,11397411002,13660341001,"Муфта соединительная равнопроходная  50 RХ",null,"шт",1,32.78,{"$f":"J216*$B$2","v":38.680399999999999},{"$f":"K216*G216","v":0},{"$f":"J216*(1-$E$5-$E$7)*(1-$E$9)*(1+$E$11)","v":32.78},{"$f":"M216*G216","v":0},{"$f":"ROUND((M216*$B$2),2)","v":38.68},{"$f":"O216*G216","v":0}]
[null,"RAUTITAN",null,11397511002,13660361001,"Муфта соединительная равнопроходная  63 RХ ",null,"шт",1,46.02,{"$f":"J217*$B$2","v":54.303600000000003},0,{"$f":"J217*(1-$E$5-$E$7)*(1-$E$9)*(1+$E$11)","v":46.02},0,{"$f":"ROUND((M217*$B$2),2)","v":54.3},0]
[null,"RAUTITAN","x",null,11600111001,"Муфта соединительная равнопроходная  16 РХ",null,"шт",10,3.36,{"$f":"J218*$B$2","v":3.9647999999999994},0,{"$f":"J218*(1-$E$5-$E$7)*(1-$E$9)*(1+$E$11)","v":3.36},0,{"$f":"ROUND((M218*$B$2),2)","v":3.96},0]
[null,"RAUTITAN","x",null,11600121001,"Муфта соединительная равнопроходная  20 РХ",null,"шт",10,4.62,5.4516,0,4.62,0,5.45,0]
[null,"RAUTITAN","x",null,11600131001,"Муфта соединительная равнопроходная  25 РХ",null,"шт",10,6.58,7.7643999999999993,0,6.58,0,7.76,0]
[null,"RAUTITAN","x",null,11600141001,"Муфта соединительная равнопроходная  32 РХ",null,"шт",10,10.039999999999999,11.847199999999999,0,10.039999999999999,0,11.85,0]
[null,"RAUTITAN","x",null,11600151001,"Муфта соединительная равнопроходная  40 РХ",null,"шт",4,17.02,20.083599999999997,0,17.02,0,20.079999999999998,0]
[null,"RAUTITAN"]
[null,"RAUTITAN","x",11380181001,13662601001,"Муфта соединительная переходная 40-25 RX. ",null,"шт",5,26.37,{"$f":"J224*$B$2","v":31.116599999999998},{"$f":"K224*G224","v":0},{"$f":"J224*(1-$E$5-$E$7)*(1-$E$9)*(1+$E$11)","v":26.37},{"$f":"M224*G224","v":0},{"$f":"ROUND((M224*$B$2),2)","v":31.12},{"$f":"O224*G224","v":0}]
[null,"RAUTITAN",null,null,11378631001,"Муфта соединительная переходная 50-32 MX\n",null,"шт",5,28.78,33.9604,0,28.78,0,33.96,0]
[null,"RAUTITAN",null,11378631001,13660391001,"Муфта соединительная переходная 50-32 RX",null,"шт",5,32.26,38.066799999999994,0,32.26,0,38.07,0]
[null,"RAUTITAN",null,11378431001,13660411001,"Муфта соединительная переходная 50-40 RX",null,"шт",1,32.26,38.066799999999994,0,{"$f":"J227*(1-$E$5-$E$7)*(1-$E$9)*(1+$E$11)","v":32.26},0,{"$f":"ROUND((M227*$B$2),2)","v":38.07},0]
[null,"RAUTITAN",null,null,11378531001,"Муфта соединительная переходная 63-50 MX",null,"шт",1,37.72,44.509599999999999,0,37.72,0,44.51,0]
[null,"RAUTITAN","x",null,11600411001,"Муфта соединительная переходная 20-16 PX",null,"шт",10,4.8499999999999996,5.722999999999999,0,4.8499999999999996,0,5.72,0]
[null,"RAUTITAN","x",null,11600421001,"Муфта соединительная переходная 25-16 PX",null,"шт",10,6.91,8.1538000000000004,0,6.91,0,8.15,0]
[null,"RAUTITAN","x",null,11600431001,"Муфта соединительная переходная 25-20 PX",null,"шт",10,6.91,8.1538000000000004,0,6.91,0,8.15,0]
[null,"RAUTITAN","x",null,11600441001,"Муфта соединительная переходная 32-25 PX",null,"шт",10,10.54,12.437199999999999,0,10.54,0,12.44,0]
[null,"RAUTITAN","x",null,11600471001,"Муфта соединительная переходная 40-32 PX",null,"шт",4,17.87,21.086600000000001,0,17.87,0,21.09,0]
[null,"RAUTITAN"]
[null,"RAUTITAN",null,null,11372061001,"Переходник на пайку 16-L15",null,"шт",2,7.54,{"$f":"J235*$B$2","v":8.8971999999999998},{"$f":"K235*G235","v":0},{"$f":"J235*(1-$E$5-$E$7)*(1-$E$9)*(1+$E$11)","v":7.54},{"$f":"M235*G235","v":0},{"$f":"ROUND((M235*$B$2),2)","v":8.9},{"$f":"O235*G235","v":0}]
[null,"RAUTITAN",null,null,12871931001,"Переходник на пайку 20-L15",null,"шт",2,8.09,9.5461999999999989,0,8.09,0,9.5500000000000007,0]
[null,"RAUTITAN",null,null,11372161001,"Переходник на пайку 20-L18",null,"шт",2,8.09,9.5461999999999989,0,8.09,0,9.5500000000000007,0]
[null,"RAUTITAN",null,null,11375061001,"Переходник на пайку 20-L22",null,"шт",2,8.09,9.5461999999999989,0,8.09,0,9.5500000000000007,0]
["D","RAUTITAN",null,null,11373671001,"Переходник на пайку 25-L18\nВыводится после реализации складского запаса",null,"шт",2,8.8699999999999992,10.466599999999998,0,8.8699999999999992,0,10.47,0]
[null,"RAUTITAN",null,null,11372261001,"Переходник на пайку 25-L22",null,"шт",2,9.99,11.7882,0,9.99,0,11.79,0]
[null,"RAUTITAN",null,null,12871961001,"Переходник на пайку 25-L28",null,"шт",2,9.99,11.7882,0,9.99,0,11.79,0]
["D","RAUTITAN",null,null,11373681001,"Переходник на пайку 32-L22\nВыводится после реализации складского запаса",null,"шт",2,13.08,15.4344,0,13.08,0,15.43,0]
[null,"RAUTITAN",null,null,11372361001,"Переходник на пайку 32-L28",null,"шт",2,15.61,18.419799999999999,0,15.61,0,18.420000000000002,0]
[null,"RAUTITAN"]
[null,"RAUTITAN","x",11379551001,13660491001,"Переходник с наружной резьбой 16-R 1/2 RX",null,"шт",10,5.76,{"$f":"J245*$B$2","v":6.7967999999999993},{"$f":"K245*G245","v":0},{"$f":"J245*(1-$E$5-$E$7)*(1-$E$9)*(1+$E$11)","v":5.76},{"$f":"M245*G245","v":0},{"$f":"ROUND((M245*$B$2),2)","v":6.8},{"$f":"O245*G245","v":0}]
[null,"RAUTITAN","x",11379651001,13660501001,"Переходник с наружной резьбой 16-R 3/4 RX",null,"шт",10,5.76,{"$f":"J246*$B$2","v":6.7967999999999993},0,{"$f":"J246*(1-$E$5-$E$7)*(1-$E$9)*(1+$E$11)","v":5.76},0,{"$f":"ROUND((M246*$B$2),2)","v":6.8},0]
[null,"RAUTITAN","x",11398921001,13660511001,"Переходник с наружной резьбой 16-R 1 RX",null,"шт",5,9.61,11.339799999999999,0,9.61,0,11.34,0]
[null,"RAUTITAN","x",11379751001,13660521001,"Переходник с наружной резьбой 20-R 1/2 RX",null,"шт",10,7.44,{"$f":"J248*$B$2","v":8.7791999999999994},0,{"$f":"J248*(1-$E$5-$E$7)*(1-$E$9)*(1+$E$11)","v":7.44},0,{"$f":"ROUND((M248*$B$2),2)","v":8.7799999999999994},0]
[null,"RAUTITAN","x",11379851001,13660531001,"Переходник с наружной резьбой 20-R 3/4 RX",null,"шт",10,7.44,{"$f":"J249*$B$2","v":8.7791999999999994},0,{"$f":"J249*(1-$E$5-$E$7)*(1-$E$9)*(1+$E$11)","v":7.44},0,{"$f":"ROUND((M249*$B$2),2)","v":8.7799999999999994},0]
[null,"RAUTITAN","x",11379951001,13660551001,"Переходник с наружной резьбой  20-R 1 RX",null,"шт",5,10.33,12.189399999999999,0,10.33,0,12.19,0]
[null,"RAUTITAN","x",11391811002,13660561001,"Переходник с наружной резьбой 25-R 1/2 RX",null,"шт",10,7.44,{"$f":"J251*$B$2","v":8.7791999999999994},0,{"$f":"J251*(1-$E$5-$E$7)*(1-$E$9)*(1+$E$11)","v":7.44},0,{"$f":"ROUND((M251*$B$2),2)","v":8.7799999999999994},0]
[null,"RAUTITAN","x",12595051002,13660571001,"Переходник с наружной резьбой 25-R 3/4 RX",null,"шт",10,8.7799999999999994,{"$f":"J252*$B$2","v":10.360399999999998},0,{"$f":"J252*(1-$E$5-$E$7)*(1-$E$9)*(1+$E$11)","v":8.7799999999999994},0,{"$f":"ROUND((M252*$B$2),2)","v":10.36},0]
[null,"RAUTITAN","x",12573361002,13660581001,"Переходник с наружной резьбой 25-R 1 RX",null,"шт",10,7.44,{"$f":"J253*$B$2","v":8.7791999999999994},0,{"$f":"J253*(1-$E$5-$E$7)*(1-$E$9)*(1+$E$11)","v":7.44},0,{"$f":"ROUND((M253*$B$2),2)","v":8.7799999999999994},0]
[null,"RAUTITAN","x",11390811002,13660591001,"Переходник с наружной резьбой 32-R 3/4 RX",null,"шт",10,13.46,15.8828,0,13.46,0,15.88,0]
[null,"RAUTITAN","x",11390511002,13660601001,"Переходник с наружной резьбой 32-R 1 RX",null,"шт",10,13.46,15.8828,0,13.46,0,15.88,0]
[null,"RAUTITAN",null,11393111002,13660611001,"Переходник с наружной резьбой 32-R 1 1/4 RX",null,"шт",5,16.059999999999999,18.950799999999997,0,16.059999999999999,0,18.95,0]
[null,"RAUTITAN","x",11396911002,13660621001,"Переходник с наружной резьбой 40-R 1 1/4 RX",null,"шт",5,17.7,{"$f":"J257*$B$2","v":20.885999999999999},0,{"$f":"J257*(1-$E$5-$E$7)*(1-$E$9)*(1+$E$11)","v":17.7},0,{"$f":"ROUND((M257*$B$2),2)","v":20.89},0]
[null,"RAUTITAN",null,11397011002,13660631001,"Переходник с наружной резьбой 50-R 1 1/4 RX",null,"шт",5,25.86,30.514799999999997,0,25.86,0,30.51,0]
[null,"RAUTITAN",null,11397111002,13660651001,"Переходник с наружной резьбой 50-R 1 1/2 RX",null,"шт",1,25.86,{"$f":"J259*$B$2","v":30.514799999999997},0,{"$f":"J259*(1-$E$5-$E$7)*(1-$E$9)*(1+$E$11)","v":25.86},0,{"$f":"ROUND((M259*$B$2),2)","v":30.51},0]
[null,"RAUTITAN",null,11397211002,13660661001,"Переходник с наружной резьбой 63-R 2 RX",null,"шт",1,39.630000000000003,{"$f":"J260*$B$2","v":46.763399999999997},0,{"$f":"J260*(1-$E$5-$E$7)*(1-$E$9)*(1+$E$11)","v":39.630000000000003},0,{"$f":"ROUND((M260*$B$2),2)","v":46.76},0]
[null,"RAUTITAN"]
[null,"RAUTITAN","x",12595151002,13660671001,"Переходник с внутренней резьбой  16-Rp 1/2 RX",null,"шт",10,5.48,{"$f":"J262*$B$2","v":6.4664000000000001},{"$f":"K262*G262","v":0},{"$f":"J262*(1-$E$5-$E$7)*(1-$E$9)*(1+$E$11)","v":5.48},{"$f":"M262*G262","v":0},{"$f":"ROUND((M262*$B$2),2)","v":6.47},{"$f":"O262*G262","v":0}]
[null,"RAUTITAN","x",12595251002,13660681001,"Переходник с внутренней резьбой  20-Rp 1/2 MX",null,"шт",10,6,{"$f":"J263*$B$2","v":7.08},0,{"$f":"J263*(1-$E$5-$E$7)*(1-$E$9)*(1+$E$11)","v":6},0,{"$f":"ROUND((M263*$B$2),2)","v":7.08},0]
[null,"RAUTITAN","x",11382531001,13660691001,"Переходник с внутренней резьбой  20-Rp 3/4 RX",null,"шт",10,6,{"$f":"J264*$B$2","v":7.08},0,{"$f":"J264*(1-$E$5-$E$7)*(1-$E$9)*(1+$E$11)","v":6},0,{"$f":"ROUND((M264*$B$2),2)","v":7.08},0]
[null,"RAUTITAN","x",139281,13660701001,"Переходник с внутренней резьбой  25-Rp 1/2 RX",null,"шт",10,8,9.44,0,8,0,9.44,0]
[null,"RAUTITAN","x",12595351002,13660711001,"Переходник с внутренней резьбой  25-Rp 3/4 RX",null,"шт",10,8,{"$f":"J266*$B$2","v":9.44},0,{"$f":"J266*(1-$E$5-$E$7)*(1-$E$9)*(1+$E$11)","v":8},0,{"$f":"ROUND((M266*$B$2),2)","v":9.44},0]
[null,"RAUTITAN","x",null,13662891001,"Переходник с внутренней резьбой  25-Rp 1 RX",null,"шт",5,13.9,16.402000000000001,0,13.9,0,16.399999999999999,0]
[null,"RAUTITAN","x",null,11391011002,"Переходник с внутренней резьбой  32-Rp 3/4 MX",null,"шт",10,11.82,13.9476,0,11.82,0,13.95,0]
[null,"RAUTITAN","x",139091,13660731001,"Переходник с внутренней резьбой  32-Rр 1 RX",null,"шт",10,11.82,{"$f":"J269*$B$2","v":13.9476},0,{"$f":"J269*(1-$E$5-$E$7)*(1-$E$9)*(1+$E$11)","v":11.82},0,{"$f":"ROUND((M269*$B$2),2)","v":13.95},0]
[null,"RAUTITAN",null,11390091001,13660741001,"Переходник с внутренней резьбой  40-Rр 1 1/4 RX",null,"шт",5,23.29,{"$f":"J270*$B$2","v":27.482199999999999},0,{"$f":"J270*(1-$E$5-$E$7)*(1-$E$9)*(1+$E$11)","v":23.29},0,{"$f":"ROUND((M270*$B$2),2)","v":27.48},0]
[null,"RAUTITAN"]
[null,"RAUTITAN","x",11395511002,13660751001,"Переходник с накидной гайкой  16-G 1/2 RX",null,"шт",10,5.75,{"$f":"J272*$B$2","v":6.7849999999999993},{"$f":"K272*G272","v":0},{"$f":"J272*(1-$E$5-$E$7)*(1-$E$9)*(1+$E$11)","v":5.75},{"$f":"M272*G272","v":0},{"$f":"ROUND((M272*$B$2),2)","v":6.79},{"$f":"O272*G272","v":0}]
[null,"RAUTITAN","x",11371441001,13660761001,"Переходник с накидной гайкой  16-G 3/4 RX",null,"шт",10,5.75,{"$f":"J273*$B$2","v":6.7849999999999993},0,{"$f":"J273*(1-$E$5-$E$7)*(1-$E$9)*(1+$E$11)","v":5.75},0,{"$f":"ROUND((M273*$B$2),2)","v":6.79},0]
[null,"RAUTITAN","x",11395611002,13660771001,"Переходник с накидной гайкой  20-G 1/2 RX",null,"шт",10,7.71,9.0977999999999994,0,7.71,0,9.1,0]
[null,"RAUTITAN","x",11395711002,13660781001,"Переходник с накидной гайкой  20-G 3/4 RX",null,"шт",10,8.1199999999999992,{"$f":"J275*$B$2","v":9.5815999999999981},0,{"$f":"J275*(1-$E$5-$E$7)*(1-$E$9)*(1+$E$11)","v":8.1199999999999992},0,{"$f":"ROUND((M275*$B$2),2)","v":9.58},0]
[null,"RAUTITAN","x",11399121001,13660791001,"Переходник с накидной гайкой  25-G 3/4 RX",null,"шт",10,13.67,{"$f":"J276*$B$2","v":16.130599999999998},0,{"$f":"J276*(1-$E$5-$E$7)*(1-$E$9)*(1+$E$11)","v":13.67},0,{"$f":"ROUND((M276*$B$2),2)","v":16.13},0]
[null,"RAUTITAN","x",139922,13660801001,"Переходник с накидной гайкой  25-G 1 RX",null,"шт",10,14.66,17.2988,0,14.66,0,17.3,0]
[null,"RAUTITAN","x",11399321001,13660811001,"Переходник с накидной гайкой  32-G 1 RX",null,"шт",10,20.73,{"$f":"J278*$B$2","v":24.461399999999998},0,{"$f":"J278*(1-$E$5-$E$7)*(1-$E$9)*(1+$E$11)","v":20.73},0,{"$f":"ROUND((M278*$B$2),2)","v":24.46},0]
[null,"RAUTITAN","x",12414751001,13660821001,"Переходник с накидной гайкой  32-G 1 1/4 RX",null,"шт",5,22.4,26.431999999999999,0,22.4,0,26.43,0]
[null,"RAUTITAN","x",137154,13660831001,"Переходник с накидной гайкой  32-G 1 1/2 RX",null,"шт",5,26.1,30.798000000000002,0,26.1,0,30.8,0]
[null,"RAUTITAN","x",11372651001,13660841001,"Переходник с накидной гайкой  40-G 1 1/2 RX",null,"шт",1,26.6,{"$f":"J281*$B$2","v":31.388000000000002},0,{"$f":"J281*(1-$E$5-$E$7)*(1-$E$9)*(1+$E$11)","v":26.6},0,{"$f":"ROUND((M281*$B$2),2)","v":31.39},0]
[null,"RAUTITAN",null,137275,13660861001,"Переходник с накидной гайкой  50-G 1 3/4 RX",null,"шт",1,50.17,59.200600000000001,0,50.17,0,59.2,0]
[null,"RAUTITAN",null,137285,13660871001,"Переходник с накидной гайкой  63-G 2 3/8 RX",null,"шт",1,105.82,124.86759999999998,0,105.82,0,124.87,0]
[null,"RAUTITAN"]
["N","RAUTITAN","x",null,11691751001,"Переходник на евроконус 16-G 3/4 ",null,"шт",10,5.75,{"$f":"J285*$B$2","v":6.7849999999999993},{"$f":"K285*G285","v":0},{"$f":"J285*(1-$E$5-$E$7)*(1-$E$9)*(1+$E$11)","v":5.75},{"$f":"M285*G285","v":0},{"$f":"ROUND((M285*$B$2),2)","v":6.79},{"$f":"O285*G285","v":0}]
["N","RAUTITAN","x",null,11691761001,"Переходник на евроконус 20-G 3/4 ",null,"шт",10,7.14,8.4251999999999985,{"$f":"K286*G286","v":0},7.14,{"$f":"M286*G286","v":0},8.43,{"$f":"O286*G286","v":0}]
[null,"RAUTITAN"]
[null,"RAUTITAN",null,null,13662681001,"Угольник-переходник с накидной гайкой 16-G 1/2 RX",null,"шт",10,11.025,{"$f":"J288*$B$2","v":13.009499999999999},{"$f":"K288*G288","v":0},{"$f":"J288*(1-$E$5-$E$7)*(1-$E$9)*(1+$E$11)","v":11.025},{"$f":"M288*G288","v":0},{"$f":"ROUND((M288*$B$2),2)","v":13.01},{"$f":"O288*G288","v":0}]
[null,"RAUTITAN",null,null,13662951001,"Угольник-переходник с накидной гайкой 20-G 1/2 RX",null,"шт",10,11.11,13.109799999999998,{"$f":"K289*G289","v":0},11.11,{"$f":"M289*G289","v":0},13.11,{"$f":"O289*G289","v":0}]
[null,"RAUTITAN"]
[null,"RAUTITAN",null,11398821001,13660441001,"Угольник  90°, 50 RX",null,"шт",1,43.55,{"$f":"J291*$B$2","v":51.388999999999996},{"$f":"K291*G291","v":0},{"$f":"J291*(1-$E$5-$E$7)*(1-$E$9)*(1+$E$11)","v":43.55},{"$f":"M291*G291","v":0},{"$f":"ROUND((M291*$B$2),2)","v":51.39},{"$f":"O291*G291","v":0}]
[null,"RAUTITAN",null,11378731001,13660461001,"Угольник  90°, 63 RX",null,"шт",1,59.46,{"$f":"J292*$B$2","v":70.162800000000004},0,{"$f":"J292*(1-$E$5-$E$7)*(1-$E$9)*(1+$E$11)","v":59.46},0,{"$f":"ROUND((M292*$B$2),2)","v":70.16},0]
[null,"RAUTITAN","x",null,11600211001,"Угольник  90°, 16 PX",null,"шт",10,4.41,{"$f":"J293*$B$2","v":5.2038000000000002},0,{"$f":"J293*(1-$E$5-$E$7)*(1-$E$9)*(1+$E$11)","v":4.41},0,{"$f":"ROUND((M293*$B$2),2)","v":5.2},0]
[null,"RAUTITAN","x",null,11600221001,"Угольник 90°, 20 PX",null,"шт",10,5.75,6.7849999999999993,0,5.75,0,6.79,0]
[null,"RAUTITAN","x",null,11600231001,"Угольник  90°, 25 PX",null,"шт",10,7.72,9.1095999999999986,0,7.72,0,9.11,0]
[null,"RAUTITAN","x",null,11600241001,"Угольник 90°, 32 PX",null,"шт",3,12.37,14.596599999999999,0,12.37,0,14.6,0]
[null,"RAUTITAN","x",null,11600251001,"Угольник  90°, 40 PX",null,"шт",3,21.22,25.039599999999997,0,21.22,0,25.04,0]
[null,"RAUTITAN"]
[null,"RAUTITAN",null,137094,13660471001,"Угольник  45°, 50 RX",null,"шт",1,52.62,{"$f":"J299*$B$2","v":62.091599999999993},{"$f":"K299*G299","v":0},{"$f":"J299*(1-$E$5-$E$7)*(1-$E$9)*(1+$E$11)","v":52.62},{"$f":"M299*G299","v":0},{"$f":"ROUND((M299*$B$2),2)","v":62.09},{"$f":"O299*G299","v":0}]
[null,"RAUTITAN",null,137104,13660481001,"Угольник  45°, 63 RX",null,"шт",1,79.88,94.258399999999995,0,79.88,0,94.26,0]
[null,"RAUTITAN","x",null,11600521001,"Угольник  45°, 20 PX",null,"шт",10,7.89,9.3101999999999983,0,7.89,0,9.31,0]
[null,"RAUTITAN","x",null,11600531001,"Угольник  45°, 25 PX",null,"шт",10,10.119999999999999,11.941599999999999,0,10.119999999999999,0,11.94,0]
[null,"RAUTITAN","x",null,11600541001,"Угольник  45°, 32 PX",null,"шт",3,14.82,17.4876,0,14.82,0,17.489999999999998,0]
[null,"RAUTITAN","x",null,11600551001,"Угольник  45°, 40 PX",null,"шт",2,27.92,32.945599999999999,0,27.92,0,32.950000000000003,0]
[null,"RAUTITAN"]
[null,"RAUTITAN","x",null,11388811002,"Фиксатор поворота с кольцами 90°, 16",null,"шт",10,1.2,{"$f":"J306*$B$2","v":1.4159999999999999},{"$f":"K306*G306","v":0},{"$f":"J306*(1-$E$5-$E$7)*(1-$E$9)*(1+$E$11)","v":1.2},{"$f":"M306*G306","v":0},{"$f":"ROUND((M306*$B$2),2)","v":1.42},{"$f":"O306*G306","v":0}]
[null,"RAUTITAN","x",null,11388911002,"Фиксатор поворота с кольцами 90°, 20",null,"шт",10,1.5,{"$f":"J307*$B$2","v":1.77},{"$f":"K307*G307","v":0},{"$f":"J307*(1-$E$5-$E$7)*(1-$E$9)*(1+$E$11)","v":1.5},{"$f":"M307*G307","v":0},{"$f":"ROUND((M307*$B$2),2)","v":1.77},{"$f":"O307*G307","v":0}]
[null,"RAUTITAN","x",null,11383511002,"Фиксатор поворота с кольцами 90°, 25",null,"шт",10,2.5499999999999998,{"$f":"J308*$B$2","v":3.0089999999999995},{"$f":"K308*G308","v":0},{"$f":"J308*(1-$E$5-$E$7)*(1-$E$9)*(1+$E$11)","v":2.5499999999999998},{"$f":"M308*G308","v":0},{"$f":"ROUND((M308*$B$2),2)","v":3.01},{"$f":"O308*G308","v":0}]
[null,"RAUTITAN","x",null,11386411002,"Фиксатор поворота с кольцами 90°, 32",null,"шт",5,4.0999999999999996,{"$f":"J309*$B$2","v":4.8379999999999992},{"$f":"K309*G309","v":0},{"$f":"J309*(1-$E$5-$E$7)*(1-$E$9)*(1+$E$11)","v":4.0999999999999996},{"$f":"M309*G309","v":0},{"$f":"ROUND((M309*$B$2),2)","v":4.84},{"$f":"O309*G309","v":0}]
[null,"RAUTITAN"]
[null,"RAUTITAN",null,null,11391211002,"Фиксатор поворота с кольцами 45°, 16",null,"шт",10,1.2,{"$f":"J311*$B$2","v":1.4159999999999999},{"$f":"K311*G311","v":0},{"$f":"J311*(1-$E$5-$E$7)*(1-$E$9)*(1+$E$11)","v":1.2},{"$f":"M311*G311","v":0},{"$f":"ROUND((M311*$B$2),2)","v":1.42},{"$f":"O311*G311","v":0}]
[null,"RAUTITAN",null,null,11391311002,"Фиксатор поворота с кольцами 45°, 20",null,"шт",10,1.5,{"$f":"J312*$B$2","v":1.77},{"$f":"K312*G312","v":0},{"$f":"J312*(1-$E$5-$E$7)*(1-$E$9)*(1+$E$11)","v":1.5},{"$f":"M312*G312","v":0},{"$f":"ROUND((M312*$B$2),2)","v":1.77},{"$f":"O312*G312","v":0}]
[null,"RAUTITAN",null,null,11389111002,"Фиксатор поворота с кольцами 45°, 25",null,"шт",10,2.5499999999999998,{"$f":"J313*$B$2","v":3.0089999999999995},{"$f":"K313*G313","v":0},{"$f":"J313*(1-$E$5-$E$7)*(1-$E$9)*(1+$E$11)","v":2.5499999999999998},{"$f":"M313*G313","v":0},{"$f":"ROUND((M313*$B$2),2)","v":3.01},{"$f":"O313*G313","v":0}]
[null,"RAUTITAN",null,null,11389211002,"Фиксатор поворота с кольцами 45°, 32",null,"шт",5,4.0999999999999996,{"$f":"J314*$B$2","v":4.8379999999999992},{"$f":"K314*G314","v":0},{"$f":"J314*(1-$E$5-$E$7)*(1-$E$9)*(1+$E$11)","v":4.0999999999999996},{"$f":"M314*G314","v":0},{"$f":"ROUND((M314*$B$2),2)","v":4.84},{"$f":"O314*G314","v":0}]
[null,"RAUTITAN"]
[null,"RAUTITAN","x",11394911002,13660881001,"Угольник-переходник с наружной резьбой  16-R 1/2 RX",null,"шт",10,5.48,{"$f":"J316*$B$2","v":6.4664000000000001},{"$f":"K316*G316","v":0},{"$f":"J316*(1-$E$5-$E$7)*(1-$E$9)*(1+$E$11)","v":5.48},{"$f":"M316*G316","v":0},{"$f":"ROUND((M316*$B$2),2)","v":6.47},{"$f":"O316*G316","v":0}]
[null,"RAUTITAN","x",11395011002,13660891001,"Угольник-переходник с наружной резьбой  20-R 1/2 RX",null,"шт",10,6.31,{"$f":"J317*$B$2","v":7.4457999999999993},0,{"$f":"J317*(1-$E$5-$E$7)*(1-$E$9)*(1+$E$11)","v":6.31},0,{"$f":"ROUND((M317*$B$2),2)","v":7.45},0]
[null,"RAUTITAN","x",11375451001,13660901001,"Угольник-переходник с наружной резьбой  20-R 3/4 RX",null,"шт",10,6.31,{"$f":"J318*$B$2","v":7.4457999999999993},0,{"$f":"J318*(1-$E$5-$E$7)*(1-$E$9)*(1+$E$11)","v":6.31},0,{"$f":"ROUND((M318*$B$2),2)","v":7.45},0]
[null,"RAUTITAN","x",11395111001,13660911001,"Угольник-переходник с наружной резьбой  25-R 3/4 RX",null,"шт",10,8.7200000000000006,{"$f":"J319*$B$2","v":10.2896},0,{"$f":"J319*(1-$E$5-$E$7)*(1-$E$9)*(1+$E$11)","v":8.7200000000000006},0,{"$f":"ROUND((M319*$B$2),2)","v":10.29},0]
[null,"RAUTITAN",null,11374231001,13660921001,"Угольник-переходник с наружной резьбой  32-R 3/4 RX",null,"шт",3,15.13,{"$f":"J320*$B$2","v":17.853400000000001},0,{"$f":"J320*(1-$E$5-$E$7)*(1-$E$9)*(1+$E$11)","v":15.13},0,{"$f":"ROUND((M320*$B$2),2)","v":17.850000000000001},0]
[null,"RAUTITAN","x",11374331001,13660931001,"Угольник-переходник с наружной резьбой  32-R 1 RX",null,"шт",3,19.309999999999999,{"$f":"J321*$B$2","v":22.785799999999998},0,{"$f":"J321*(1-$E$5-$E$7)*(1-$E$9)*(1+$E$11)","v":19.309999999999999},0,{"$f":"ROUND((M321*$B$2),2)","v":22.79},0]
[null,"RAUTITAN"]
[null,"RAUTITAN","x",11372951001,13660941001,"Угольник-переходник с внутренней резьбой  16-Rp 1/2 RX",null,"шт",10,5.88,{"$f":"J323*$B$2","v":6.9383999999999997},{"$f":"K323*G323","v":0},{"$f":"J323*(1-$E$5-$E$7)*(1-$E$9)*(1+$E$11)","v":5.88},{"$f":"M323*G323","v":0},{"$f":"ROUND((M323*$B$2),2)","v":6.94},{"$f":"O323*G323","v":0}]
["N","RAUTITAN","x",11371241001,13660951001,"Угольник-переходник с внутренней резьбой  16-Rp 3/4 RX\n",null,"шт",10,5.88,6.9383999999999997,0,5.88,0,6.94,0]
["D","RAUTITAN","x",null,11371241001,"Угольник-переходник с внутренней резьбой  16-Rp 3/4 MX",null,"шт",10,5.88,{"$f":"J325*$B$2","v":6.9383999999999997},0,{"$f":"J325*(1-$E$5-$E$7)*(1-$E$9)*(1+$E$11)","v":5.88},0,{"$f":"ROUND((M325*$B$2),2)","v":6.94},0]
[null,"RAUTITAN","x",11373051001,13660961001,"Угольник-переходник с внутренней резьбой  20-Rp 1/2 RX",null,"шт",10,7.37,8.6966000000000001,0,7.37,0,8.6999999999999993,0]
[null,"RAUTITAN","x",11371341001,13660971001,"Угольник-переходник с внутренней резьбой  20-Rp 3/4 RX",null,"шт",10,7.37,8.6966000000000001,0,7.37,0,8.6999999999999993,0]
[null,"RAUTITAN",null,12412551001,13660981001,"Угольник-переходник с внутренней резьбой  25-Rp 1 RX",null,"шт",10,12.5,{"$f":"J328*$B$2","v":14.75},0,{"$f":"J328*(1-$E$5-$E$7)*(1-$E$9)*(1+$E$11)","v":12.5},0,{"$f":"ROUND((M328*$B$2),2)","v":14.75},0]
[null,"RAUTITAN"]
[null,"RAUTITAN","x",11384611405,13660991001,"Угольник настенный с внутр. резьбой 16-Rp 1/2 RX",null,"шт",10,6.34,{"$f":"J330*$B$2","v":7.4811999999999994},{"$f":"K330*G330","v":0},{"$f":"J330*(1-$E$5-$E$7)*(1-$E$9)*(1+$E$11)","v":6.34},{"$f":"M330*G330","v":0},{"$f":"ROUND((M330*$B$2),2)","v":7.48},{"$f":"O330*G330","v":0}]
[null,"RAUTITAN","x",11384711405,13661001001,"Угольник настенный с внутр. резьбой  20-Rp 1/2 RX",null,"шт",10,7.31,8.6257999999999999,{"$f":"K331*G331","v":0},7.31,{"$f":"M331*G331","v":0},8.6300000000000008,{"$f":"O331*G331","v":0}]
[null,"RAUTITAN","x",null,11391911405,"Угольник настенный с внутр. резьбой  20-Rp 3/4 (MX)\nПосле реализации складского запаса заменятеся на 13661011001",null,"шт",10,7.31,8.6257999999999999,{"$f":"K332*G332","v":0},7.31,{"$f":"M332*G332","v":0},8.6300000000000008,{"$f":"O332*G332","v":0}]
[null,"RAUTITAN","x",11391911405,13661011001,"Угольник настенный с внутр. резьбой  20-Rp 3/4 RX",null,"шт",10,7.31,{"$f":"J333*$B$2","v":8.6257999999999999},{"$f":"K333*G333","v":0},{"$f":"J333*(1-$E$5-$E$7)*(1-$E$9)*(1+$E$11)","v":7.31},{"$f":"M333*G333","v":0},{"$f":"ROUND((M333*$B$2),2)","v":8.6300000000000008},{"$f":"O333*G333","v":0}]
[null,"RAUTITAN","x",11385911405,13661021001,"Угольник настенный с внутр. резьбой  25-Rp 3/4 RX",null,"шт",10,11.19,{"$f":"J334*$B$2","v":13.204199999999998},{"$f":"K334*G334","v":0},{"$f":"J334*(1-$E$5-$E$7)*(1-$E$9)*(1+$E$11)","v":11.19},{"$f":"M334*G334","v":0},{"$f":"ROUND((M334*$B$2),2)","v":13.2},{"$f":"O334*G334","v":0}]
[null,"RAUTITAN"]
[null,"RAUTITAN","x",11384411405,13661051001,"Угольник настенный с длинным патрубком, внутр. резьба  16-Rp 1/2 RX",null,"шт",10,6.34,{"$f":"J336*$B$2","v":7.4811999999999994},{"$f":"K336*G336","v":0},{"$f":"J336*(1-$E$5-$E$7)*(1-$E$9)*(1+$E$11)","v":6.34},{"$f":"M336*G336","v":0},{"$f":"ROUND((M336*$B$2),2)","v":7.48},{"$f":"O336*G336","v":0}]
[null,"RAUTITAN","x",11384511405,13661061001,"Угольник настенный с длинным патрубком, внутр. резьба  20-Rp 1/2 RX",null,"шт",10,7.31,{"$f":"J337*$B$2","v":8.6257999999999999},{"$f":"K337*G337","v":0},{"$f":"J337*(1-$E$5-$E$7)*(1-$E$9)*(1+$E$11)","v":7.31},{"$f":"M337*G337","v":0},{"$f":"ROUND((M337*$B$2),2)","v":8.6300000000000008},{"$f":"O337*G337","v":0}]
[null,"RAUTITAN"]
[null,"RAUTITAN","x",11384811405,13661071001,"Угольник настенный с наружной резьбой  16-R 1/2 RX",null,"шт",10,8.41,{"$f":"J339*$B$2","v":9.9238},{"$f":"K339*G339","v":0},{"$f":"J339*(1-$E$5-$E$7)*(1-$E$9)*(1+$E$11)","v":8.41},{"$f":"M339*G339","v":0},{"$f":"ROUND((M339*$B$2),2)","v":9.92},{"$f":"O339*G339","v":0}]
[null,"RAUTITAN","x",138491,13661081001,"Угольник настенный с наружной резьбой  20-R 1/2 RX",null,"шт",10,9.1999999999999993,{"$f":"J340*$B$2","v":10.855999999999998},{"$f":"K340*G340","v":0},{"$f":"J340*(1-$E$5-$E$7)*(1-$E$9)*(1+$E$11)","v":9.1999999999999993},{"$f":"M340*G340","v":0},{"$f":"ROUND((M340*$B$2),2)","v":10.86},{"$f":"O340*G340","v":0}]
[null,"RAUTITAN","x",138501,13661091001,"Угольник настенный с наружной резьбой  20-R 3/4 RX",null,"шт",10,10.33,{"$f":"J341*$B$2","v":12.189399999999999},{"$f":"K341*G341","v":0},{"$f":"J341*(1-$E$5-$E$7)*(1-$E$9)*(1+$E$11)","v":10.33},{"$f":"M341*G341","v":0},{"$f":"ROUND((M341*$B$2),2)","v":12.19},{"$f":"O341*G341","v":0}]
[null,"RAUTITAN"]
[null,"RAUTITAN",null,137256,13661121001,"Угольник настенный с внутр. резьбой 16-Rp 1/2 длинный, 59 мм RX",null,"шт",5,14.69,{"$f":"J343*$B$2","v":17.334199999999999},{"$f":"K343*G343","v":0},{"$f":"J343*(1-$E$5-$E$7)*(1-$E$9)*(1+$E$11)","v":14.69},{"$f":"M343*G343","v":0},{"$f":"ROUND((M343*$B$2),2)","v":17.329999999999998},{"$f":"O343*G343","v":0}]
[null,"RAUTITAN",null,137266,13661131001,"Угольник настенный с внутр. резьбой 20-Rp 1/2 длинный, 59 мм RX",null,"шт",5,17.350000000000001,{"$f":"J344*$B$2","v":20.472999999999999},{"$f":"K344*G344","v":0},{"$f":"J344*(1-$E$5-$E$7)*(1-$E$9)*(1+$E$11)","v":17.350000000000001},{"$f":"M344*G344","v":0},{"$f":"ROUND((M344*$B$2),2)","v":20.47},{"$f":"O344*G344","v":0}]
[null,"RAUTITAN"]
[null,"RAUTITAN","x",11370831401,13661101001,"Угольник настенный с квадратными фланцами 16-Rp1/2 RX",null,"шт",10,9.9,{"$f":"J346*$B$2","v":11.682},{"$f":"K346*G346","v":0},{"$f":"J346*(1-$E$5-$E$7)*(1-$E$9)*(1+$E$11)","v":9.9},{"$f":"M346*G346","v":0},{"$f":"ROUND((M346*$B$2),2)","v":11.68},{"$f":"O346*G346","v":0}]
[null,"RAUTITAN",null,137373,13661111001,"Угольник настенный с квадратными фланцами 20-Rp1/2 RX",null,"шт",10,12.53,{"$f":"J347*$B$2","v":14.785399999999999},{"$f":"K347*G347","v":0},{"$f":"J347*(1-$E$5-$E$7)*(1-$E$9)*(1+$E$11)","v":12.53},{"$f":"M347*G347","v":0},{"$f":"ROUND((M347*$B$2),2)","v":14.79},{"$f":"O347*G347","v":0}]
[null,"RAUTITAN"]
[null,"RAUTITAN",null,139601,13661141001,"Угольник для подсоединения сливного бачка  16-Rp1/2 RX",null,"шт",10,18.3,{"$f":"J349*$B$2","v":21.594000000000001},{"$f":"K349*G349","v":0},{"$f":"J349*(1-$E$5-$E$7)*(1-$E$9)*(1+$E$11)","v":18.3},{"$f":"M349*G349","v":0},{"$f":"ROUND((M349*$B$2),2)","v":21.59},{"$f":"O349*G349","v":0}]
[null,"RAUTITAN"]
[null,"RAUTITAN",null,11392611402,13661151001,"Угольник настенный для гипсокартонных плит  16-Rp1/2x28 RX",null,"шт",10,11.03,{"$f":"J351*$B$2","v":13.015399999999998},{"$f":"K351*G351","v":0},{"$f":"J351*(1-$E$5-$E$7)*(1-$E$9)*(1+$E$11)","v":11.03},{"$f":"M351*G351","v":0},{"$f":"ROUND((M351*$B$2),2)","v":13.02},{"$f":"O351*G351","v":0}]
[null,"RAUTITAN",null,139271,13661161001,"Угольник настенный для гипсокартонных плит  20-Rp1/2x28 RX",null,"шт",10,17.64,{"$f":"J352*$B$2","v":20.815200000000001},{"$f":"K352*G352","v":0},{"$f":"J352*(1-$E$5-$E$7)*(1-$E$9)*(1+$E$11)","v":17.64},{"$f":"M352*G352","v":0},{"$f":"ROUND((M352*$B$2),2)","v":20.82},{"$f":"O352*G352","v":0}]
[null,"RAUTITAN"]
[null,"RAUTITAN",null,139241,13661171001,"Угольник настенный для ДСП  16-Rp1/2x28 RX",null,"шт",10,19.45,{"$f":"J354*$B$2","v":22.950999999999997},{"$f":"K354*G354","v":0},{"$f":"J354*(1-$E$5-$E$7)*(1-$E$9)*(1+$E$11)","v":19.45},{"$f":"M354*G354","v":0},{"$f":"ROUND((M354*$B$2),2)","v":22.95},{"$f":"O354*G354","v":0}]
[null,"RAUTITAN",null,139251,13661181001,"Угольник настенный для ДСП  20-Rp1/2x28 RX",null,"шт",10,19.36,{"$f":"J355*$B$2","v":22.844799999999999},{"$f":"K355*G355","v":0},{"$f":"J355*(1-$E$5-$E$7)*(1-$E$9)*(1+$E$11)","v":19.36},{"$f":"M355*G355","v":0},{"$f":"ROUND((M355*$B$2),2)","v":22.84},{"$f":"O355*G355","v":0}]
[null,"RAUTITAN"]
[null,"RAUTITAN",null,139521,13661201001,"Угольник настенный для ДСП  16-Rp1/2x55 RX",null,"шт",10,23.55,{"$f":"J357*$B$2","v":27.788999999999998},{"$f":"K357*G357","v":0},{"$f":"J357*(1-$E$5-$E$7)*(1-$E$9)*(1+$E$11)","v":23.55},{"$f":"M357*G357","v":0},{"$f":"ROUND((M357*$B$2),2)","v":27.79},{"$f":"O357*G357","v":0}]
[null,"RAUTITAN"]
[null,"RAUTITAN",null,139611,13661211001,"Угольник настенный для подсоед.  к монтажн.Узлам 16-Rp1/2x55 RX",null,"шт",10,26.26,{"$f":"J359*$B$2","v":30.986799999999999},{"$f":"K359*G359","v":0},{"$f":"J359*(1-$E$5-$E$7)*(1-$E$9)*(1+$E$11)","v":26.26},{"$f":"M359*G359","v":0},{"$f":"ROUND((M359*$B$2),2)","v":30.99},{"$f":"O359*G359","v":0}]
[null,"RAUTITAN"]
[null,"RAUTITAN",null,137323,13661231001,"Подводка прямая через стену 16-Rp1/2 x 28 RX",null,"шт",10,22.37,{"$f":"J361*$B$2","v":26.396599999999999},{"$f":"K361*G361","v":0},{"$f":"J361*(1-$E$5-$E$7)*(1-$E$9)*(1+$E$11)","v":22.37},{"$f":"M361*G361","v":0},{"$f":"ROUND((M361*$B$2),2)","v":26.4},{"$f":"O361*G361","v":0}]
[null,"RAUTITAN"]
[null,"RAUTITAN","x",null,12296961001,"Защитная лента RAUTITAN ",null,"шт",1,11.98,{"$f":"J363*$B$2","v":14.1364},{"$f":"K363*G363","v":0},{"$f":"J363*(1-$E$5-$E$7)*(1-$E$9)*(1+$E$11)","v":11.98},{"$f":"M363*G363","v":0},{"$f":"ROUND((M363*$B$2),2)","v":14.14},{"$f":"O363*G363","v":0}]
[null,"RAUTITAN"]
[null,"RAUTITAN",null,null,12069271001,"Тепло-шумоизоляционный кожух для настенных угольников Rp 1/2 ",null,"шт",20,3.83,{"$f":"J365*$B$2","v":4.5194000000000001},{"$f":"K365*G365","v":0},{"$f":"J365*(1-$E$5-$E$7)*(1-$E$9)*(1+$E$11)","v":3.83},{"$f":"M365*G365","v":0},{"$f":"ROUND((M365*$B$2),2)","v":4.5199999999999996},{"$f":"O365*G365","v":0}]
[null,"RAUTITAN",null,null,12069281001,"Тепло-шумоизоляционный кожух для настенных угольников, проходных Rp 1/2",null,"шт",20,5.52,{"$f":"J366*$B$2","v":6.5135999999999994},{"$f":"K366*G366","v":0},{"$f":"J366*(1-$E$5-$E$7)*(1-$E$9)*(1+$E$11)","v":5.52},{"$f":"M366*G366","v":0},{"$f":"ROUND((M366*$B$2),2)","v":6.51},{"$f":"O366*G366","v":0}]
[null,"RAUTITAN","x",null,12414651405,"Кронштейн, тип O 75 / 150 короткий",null,"шт",5,4.46,{"$f":"J367*$B$2","v":5.2627999999999995},{"$f":"K367*G367","v":0},{"$f":"J367*(1-$E$5-$E$7)*(1-$E$9)*(1+$E$11)","v":4.46},{"$f":"M367*G367","v":0},{"$f":"ROUND((M367*$B$2),2)","v":5.26},{"$f":"O367*G367","v":0}]
[null,"RAUTITAN"]
[null,"RAUTITAN",null,null,11371051405,"Кронштейн, тип O 100",null,"шт",5,4.46,{"$f":"J369*$B$2","v":5.2627999999999995},{"$f":"K369*G369","v":0},{"$f":"J369*(1-$E$5-$E$7)*(1-$E$9)*(1+$E$11)","v":4.46},{"$f":"M369*G369","v":0},{"$f":"ROUND((M369*$B$2),2)","v":5.26},{"$f":"O369*G369","v":0}]
[null,"RAUTITAN"]
[null,"RAUTITAN","x",null,11371151405,"Кронштейн, тип O 75 / 150",null,"шт",5,4.46,{"$f":"J371*$B$2","v":5.2627999999999995},{"$f":"K371*G371","v":0},{"$f":"J371*(1-$E$5-$E$7)*(1-$E$9)*(1+$E$11)","v":4.46},{"$f":"M371*G371","v":0},{"$f":"ROUND((M371*$B$2),2)","v":5.26},{"$f":"O371*G371","v":0}]
[null,"RAUTITAN"]
[null,"RAUTITAN",null,null,11373351001,"Кронштейн, тип D в сборе",null,"шт",5,6.82,{"$f":"J373*$B$2","v":8.0475999999999992},{"$f":"K373*G373","v":0},{"$f":"J373*(1-$E$5-$E$7)*(1-$E$9)*(1+$E$11)","v":6.82},{"$f":"M373*G373","v":0},{"$f":"ROUND((M373*$B$2),2)","v":8.0500000000000007},{"$f":"O373*G373","v":0}]
[null,"RAUTITAN"]
[null,"RAUTITAN",null,null,11373451001,"Крепёжный элемент для сифона или отвода (НТ)",null,"шт",5,5.83,{"$f":"J375*$B$2","v":6.8793999999999995},{"$f":"K375*G375","v":0},{"$f":"J375*(1-$E$5-$E$7)*(1-$E$9)*(1+$E$11)","v":5.83},{"$f":"M375*G375","v":0},{"$f":"ROUND((M375*$B$2),2)","v":6.88},{"$f":"O375*G375","v":0}]
[null,"RAUTITAN"]
[null,"RAUTITAN","x",null,11370751405,"Кронштейн, тип Z 30",null,"шт",5,2.11,{"$f":"J377*$B$2","v":2.4897999999999998},{"$f":"K377*G377","v":0},{"$f":"J377*(1-$E$5-$E$7)*(1-$E$9)*(1+$E$11)","v":2.11},{"$f":"M377*G377","v":0},{"$f":"ROUND((M377*$B$2),2)","v":2.4900000000000002},{"$f":"O377*G377","v":0}]
[null,"RAUTITAN",null,null,11370851405,"Кронштейн, тип Z 42",null,"шт",5,2.11,{"$f":"J378*$B$2","v":2.4897999999999998},{"$f":"K378*G378","v":0},{"$f":"J378*(1-$E$5-$E$7)*(1-$E$9)*(1+$E$11)","v":2.11},{"$f":"M378*G378","v":0},{"$f":"ROUND((M378*$B$2),2)","v":2.4900000000000002},{"$f":"O378*G378","v":0}]
[null,"RAUTITAN"]
[null,"RAUTITAN",null,null,11370951001,"Кронштейн, тип Е",null,"шт",5,1.9,{"$f":"J380*$B$2","v":2.242},{"$f":"K380*G380","v":0},{"$f":"J380*(1-$E$5-$E$7)*(1-$E$9)*(1+$E$11)","v":1.9},{"$f":"M380*G380","v":0},{"$f":"ROUND((M380*$B$2),2)","v":2.2400000000000002},{"$f":"O380*G380","v":0}]
[null,"RAUTITAN"]
[null,"RAUTITAN","x",null,11370651001,"Кронштейн  75 / 150",null,"шт",5,3.49,{"$f":"J382*$B$2","v":4.1181999999999999},{"$f":"K382*G382","v":0},{"$f":"J382*(1-$E$5-$E$7)*(1-$E$9)*(1+$E$11)","v":3.49},{"$f":"M382*G382","v":0},{"$f":"ROUND((M382*$B$2),2)","v":4.12},{"$f":"O382*G382","v":0}]
[null,"RAUTITAN"]
[null,"RAUTITAN",null,null,11371251001,"Кронштейн UA для скрытого монтажа",null,"шт",5,2.11,{"$f":"J384*$B$2","v":2.4897999999999998},{"$f":"K384*G384","v":0},{"$f":"J384*(1-$E$5-$E$7)*(1-$E$9)*(1+$E$11)","v":2.11},{"$f":"M384*G384","v":0},{"$f":"ROUND((M384*$B$2),2)","v":2.4900000000000002},{"$f":"O384*G384","v":0}]
[null,"RAUTITAN"]
["N","RAUTITAN",null,11370551001,11056231008,"Монтажная шина, 2 м\n",null,"шт",5,14.55,{"$f":"J386*$B$2","v":17.169},{"$f":"K386*G386","v":0},{"$f":"J386*(1-$E$5-$E$7)*(1-$E$9)*(1+$E$11)","v":14.55},{"$f":"M386*G386","v":0},{"$f":"ROUND((M386*$B$2),2)","v":17.170000000000002},{"$f":"O386*G386","v":0}]
["D","RAUTITAN",null,null,11370551001,"Монтажная шина, 2 м\n",null,"шт",5,14.55,{"$f":"J387*$B$2","v":17.169},{"$f":"K387*G387","v":0},{"$f":"J387*(1-$E$5-$E$7)*(1-$E$9)*(1+$E$11)","v":14.55},{"$f":"M387*G387","v":0},{"$f":"ROUND((M387*$B$2),2)","v":17.170000000000002},{"$f":"O387*G387","v":0}]
[null,"RAUTITAN"]
[null,"RAUTITAN",null,null,11376851001,"Инструмент для гибки монтажной шины",null,"шт",1,113.44,{"$f":"J389*$B$2","v":133.85919999999999},{"$f":"K389*G389","v":0},{"$f":"J389*(1-$E$5-$E$7)*(1-$E$9)*(1+$E$11)","v":113.44},{"$f":"M389*G389","v":0},{"$f":"ROUND((M389*$B$2),2)","v":133.86000000000001},{"$f":"O389*G389","v":0}]
[null,"RAUTITAN"]
[null,"RAUTITAN",null,12414851406,13661411001,"Монтажный блок для скрытого монтажа O 75/150 короткого RX",null,"шт",5,17.13,{"$f":"J391*$B$2","v":20.213399999999996},{"$f":"K391*G391","v":0},{"$f":"J391*(1-$E$5-$E$7)*(1-$E$9)*(1+$E$11)","v":17.13},{"$f":"M391*G391","v":0},{"$f":"ROUND((M391*$B$2),2)","v":20.21},{"$f":"O391*G391","v":0}]
[null,"RAUTITAN"]
[null,"RAUTITAN",null,241495,13661421001,"Монтажный блок для открытого монтажа O 75/150 короткого RX",null,"шт",5,27.93,{"$f":"J393*$B$2","v":32.9574},{"$f":"K393*G393","v":0},{"$f":"J393*(1-$E$5-$E$7)*(1-$E$9)*(1+$E$11)","v":27.93},{"$f":"M393*G393","v":0},{"$f":"ROUND((M393*$B$2),2)","v":32.96},{"$f":"O393*G393","v":0}]
[null,"RAUTITAN"]
[null,"RAUTITAN",null,137375,13661261001,"Настенный угольник фланцевый  16-Rp 1/2 RX",null,"шт",10,9.5,{"$f":"J395*$B$2","v":11.209999999999999},{"$f":"K395*G395","v":0},{"$f":"J395*(1-$E$5-$E$7)*(1-$E$9)*(1+$E$11)","v":9.5},{"$f":"M395*G395","v":0},{"$f":"ROUND((M395*$B$2),2)","v":11.21},{"$f":"O395*G395","v":0}]
[null,"RAUTITAN",null,137385,13661271001,"Настенный угольник фланцевый  20-Rp 1/2 RX",null,"шт",10,12.5,{"$f":"J396*$B$2","v":14.75},{"$f":"K396*G396","v":0},{"$f":"J396*(1-$E$5-$E$7)*(1-$E$9)*(1+$E$11)","v":12.5},{"$f":"M396*G396","v":0},{"$f":"ROUND((M396*$B$2),2)","v":14.75},{"$f":"O396*G396","v":0}]
[null,"RAUTITAN"]
[null,"RAUTITAN",null,null,11370351001,"Розетка настенная для фланцевых угольников",null,"шт",2,3.9,{"$f":"J398*$B$2","v":4.6019999999999994},{"$f":"K398*G398","v":0},{"$f":"J398*(1-$E$5-$E$7)*(1-$E$9)*(1+$E$11)","v":3.9},{"$f":"M398*G398","v":0},{"$f":"ROUND((M398*$B$2),2)","v":4.5999999999999996},{"$f":"O398*G398","v":0}]
[null,"RAUTITAN"]
[null,"RAUTITAN",null,null,11376951405,"Кронштейн для настенной розетки 137035-001",null,"шт",5,6.19,{"$f":"J400*$B$2","v":7.3041999999999998},{"$f":"K400*G400","v":0},{"$f":"J400*(1-$E$5-$E$7)*(1-$E$9)*(1+$E$11)","v":6.19},{"$f":"M400*G400","v":0},{"$f":"ROUND((M400*$B$2),2)","v":7.3},{"$f":"O400*G400","v":0}]
[null,"RAUTITAN"]
["N","RAUTITAN","x",null,11316441001,"Распределительный коллектор G1  2 отвода G 3/4",null,"шт",1,30.71,{"$f":"J402*$B$2","v":36.2378},{"$f":"K402*G402","v":0},{"$f":"J402*(1-$E$5-$E$7)*(1-$E$9)*(1+$E$11)","v":30.71},{"$f":"M402*G402","v":0},{"$f":"ROUND((M402*$B$2),2)","v":36.24},{"$f":"O402*G402","v":0}]
["N","RAUTITAN","x",null,11316451001,"Распределительный коллектор G1  3 отвода G 3/4",null,"шт",1,45.64,{"$f":"J403*$B$2","v":53.855199999999996},{"$f":"K403*G403","v":0},{"$f":"J403*(1-$E$5-$E$7)*(1-$E$9)*(1+$E$11)","v":45.64},{"$f":"M403*G403","v":0},{"$f":"ROUND((M403*$B$2),2)","v":53.86},{"$f":"O403*G403","v":0}]
["N","RAUTITAN","x",null,11316471001,"Распределительный коллектор G1  4 отвода G 3/4",null,"шт",1,60.08,{"$f":"J404*$B$2","v":70.89439999999999},{"$f":"K404*G404","v":0},{"$f":"J404*(1-$E$5-$E$7)*(1-$E$9)*(1+$E$11)","v":60.08},{"$f":"M404*G404","v":0},{"$f":"ROUND((M404*$B$2),2)","v":70.89},{"$f":"O404*G404","v":0}]
["N","RAUTITAN","x",null,11316551001,"Заглушка G1",null,"шт",10,5.33,{"$f":"J405*$B$2","v":6.2893999999999997},{"$f":"K405*G405","v":0},{"$f":"J405*(1-$E$5-$E$7)*(1-$E$9)*(1+$E$11)","v":5.33},{"$f":"M405*G405","v":0},{"$f":"ROUND((M405*$B$2),2)","v":6.29},{"$f":"O405*G405","v":0}]
[null,"RAUTITAN"]
[null,"RAUTITAN","x",11373031002,13661281001,"Гребенка распределительная на две трубы  R/Rp 3/4-16 RX",null,"шт",1,21.01,{"$f":"J407*$B$2","v":24.791800000000002},{"$f":"K407*G407","v":0},{"$f":"J407*(1-$E$5-$E$7)*(1-$E$9)*(1+$E$11)","v":21.01},{"$f":"M407*G407","v":0},{"$f":"ROUND((M407*$B$2),2)","v":24.79},{"$f":"O407*G407","v":0}]
[null,"RAUTITAN","x",11372151002,13661301001,"Гребенка распределительная на две трубы  R/Rp 3/4-20 RX",null,"шт",1,24.33,{"$f":"J408*$B$2","v":28.709399999999995},{"$f":"K408*G408","v":0},{"$f":"J408*(1-$E$5-$E$7)*(1-$E$9)*(1+$E$11)","v":24.33},{"$f":"M408*G408","v":0},{"$f":"ROUND((M408*$B$2),2)","v":28.71},{"$f":"O408*G408","v":0}]
[null,"RAUTITAN"]
[null,"RAUTITAN","x",11373131002,13661311001,"Гребенка распределительная на три трубы  R/Rp 3/4-16 RX",null,"шт",1,23.92,{"$f":"J410*$B$2","v":28.2256},{"$f":"K410*G410","v":0},{"$f":"J410*(1-$E$5-$E$7)*(1-$E$9)*(1+$E$11)","v":23.92},{"$f":"M410*G410","v":0},{"$f":"ROUND((M410*$B$2),2)","v":28.23},{"$f":"O410*G410","v":0}]
[null,"RAUTITAN","x",11372251002,13661321001,"Гребенка распределительная на три трубы  R/Rp 3/4-20 RX",null,"шт",1,26.81,{"$f":"J411*$B$2","v":31.635799999999996},{"$f":"K411*G411","v":0},{"$f":"J411*(1-$E$5-$E$7)*(1-$E$9)*(1+$E$11)","v":26.81},{"$f":"M411*G411","v":0},{"$f":"ROUND((M411*$B$2),2)","v":31.64},{"$f":"O411*G411","v":0}]
[null,"RAUTITAN"]
[null,"RAUTITAN",null,null,12641211001,"Кронштейн для крепл. гребенки",null,"шт",1,18.73,{"$f":"J413*$B$2","v":22.101399999999998},{"$f":"K413*G413","v":0},{"$f":"J413*(1-$E$5-$E$7)*(1-$E$9)*(1+$E$11)","v":18.73},{"$f":"M413*G413","v":0},{"$f":"ROUND((M413*$B$2),2)","v":22.1},{"$f":"O413*G413","v":0}]
[null,"RAUTITAN"]
[null,"RAUTITAN","x",11377931001,13661391001,"Заглушка  для полимерн. трубы 16 RX",null,"шт",10,3.47,{"$f":"J415*$B$2","v":4.0945999999999998},{"$f":"K415*G415","v":0},{"$f":"J415*(1-$E$5-$E$7)*(1-$E$9)*(1+$E$11)","v":3.47},{"$f":"M415*G415","v":0},{"$f":"ROUND((M415*$B$2),2)","v":4.09},{"$f":"O415*G415","v":0}]
[null,"RAUTITAN","x",11374361001,13661401001,"Заглушка  для полимерн. трубы 20 RX",null,"шт",5,4.08,{"$f":"J416*$B$2","v":4.8144},{"$f":"K416*G416","v":0},{"$f":"J416*(1-$E$5-$E$7)*(1-$E$9)*(1+$E$11)","v":4.08},{"$f":"M416*G416","v":0},{"$f":"ROUND((M416*$B$2),2)","v":4.8099999999999996},{"$f":"O416*G416","v":0}]
[null,"RAUTITAN"]
[null,"RAUTITAN","x",137931,13661431001,"Заглушка  для гребенок  Rp 1/2 RX",null,"шт",5,3.63,{"$f":"J418*$B$2","v":4.2833999999999994},{"$f":"K418*G418","v":0},{"$f":"J418*(1-$E$5-$E$7)*(1-$E$9)*(1+$E$11)","v":3.63},{"$f":"M418*G418","v":0},{"$f":"ROUND((M418*$B$2),2)","v":4.28},{"$f":"O418*G418","v":0}]
[null,"RAUTITAN","x",137803,13661441001,"Заглушка  для гребенок  Rp 3/4 RX",null,"шт",5,3.91,{"$f":"J419*$B$2","v":4.6138000000000003},{"$f":"K419*G419","v":0},{"$f":"J419*(1-$E$5-$E$7)*(1-$E$9)*(1+$E$11)","v":3.91},{"$f":"M419*G419","v":0},{"$f":"ROUND((M419*$B$2),2)","v":4.6100000000000003},{"$f":"O419*G419","v":0}]
[null,"RAUTITAN"]
[null,"RAUTITAN",null,null,11386021001,"Тройник настенный из нерж. стали с внут. резьбой 16-Rp1/2-16",null,"шт",2,28.66,{"$f":"J421*$B$2","v":33.818799999999996},{"$f":"K421*G421","v":0},{"$f":"J421*(1-$E$5-$E$7)*(1-$E$9)*(1+$E$11)","v":28.66},{"$f":"M421*G421","v":0},{"$f":"ROUND((M421*$B$2),2)","v":33.82},{"$f":"O421*G421","v":0}]
[null,"RAUTITAN",null,null,11386121001,"Тройник настенный из нерж. стали с внут. резьбой 20-Rp1/2-20",null,"шт",2,30.85,36.402999999999999,{"$f":"K422*G422","v":0},30.85,{"$f":"M422*G422","v":0},36.4,{"$f":"O422*G422","v":0}]
[null,"RAUTITAN"]
[null,"RAUTITAN",null,null,11377221001,"Переходник из нерж. стали с наружной резьбой  16 - R 1/2",null,"шт",5,15.61,{"$f":"J424*$B$2","v":18.419799999999999},{"$f":"K424*G424","v":0},{"$f":"J424*(1-$E$5-$E$7)*(1-$E$9)*(1+$E$11)","v":15.61},{"$f":"M424*G424","v":0},{"$f":"ROUND((M424*$B$2),2)","v":18.420000000000002},{"$f":"O424*G424","v":0}]
[null,"RAUTITAN",null,null,11377821001,"Переходник из нерж. стали с наружной резьбой  20 - R 1/2",null,"шт",5,19.95,23.540999999999997,0,19.95,0,23.54,0]
[null,"RAUTITAN",null,null,11377321001,"Переходник из нерж. стали с наружной резьбой  20 - R 3/4",null,"шт",5,19.95,23.540999999999997,0,19.95,0,23.54,0]
[null,"RAUTITAN",null,null,11377421001,"Переходник из нерж. стали с наружной резьбой  25 - R 3/4",null,"шт",5,24,28.32,0,24,0,28.32,0]
[null,"RAUTITAN",null,null,11377621001,"Переходник из нерж. стали с наружной резьбой  25 - R 1",null,"шт",5,29.77,35.128599999999999,0,29.77,0,35.130000000000003,0]
[null,"RAUTITAN",null,null,11377521001,"Переходник из нерж. стали с наружной резьбой  32 - R 1",null,"шт",2,36.57,43.1526,0,36.57,0,43.15,0]
[null,"RAUTITAN",null,null,11389721001,"Переходник из нерж. стали с наружной резьбой  40 - R 1 1/4",null,"шт",2,49,{"$f":"J430*$B$2","v":57.82},0,{"$f":"J430*(1-$E$5-$E$7)*(1-$E$9)*(1+$E$11)","v":49},0,{"$f":"ROUND((M430*$B$2),2)","v":57.82},0]
[null,"RAUTITAN"]
[null,"RAUTITAN",null,null,11378121001,"Переходник из нерж. стали с внутренней резьбой 16-Rp 1/2",null,"шт",5,14.2,{"$f":"J432*$B$2","v":16.755999999999997},{"$f":"K432*G432","v":0},{"$f":"J432*(1-$E$5-$E$7)*(1-$E$9)*(1+$E$11)","v":14.2},{"$f":"M432*G432","v":0},{"$f":"ROUND((M432*$B$2),2)","v":16.760000000000002},{"$f":"O432*G432","v":0}]
[null,"RAUTITAN",null,null,11384721001,"Переходник из нерж. стали с внутренней резьбой 20-Rp 1/2",null,"шт",2,22.35,{"$f":"J433*$B$2","v":26.373000000000001},{"$f":"K433*G433","v":0},{"$f":"J433*(1-$E$5-$E$7)*(1-$E$9)*(1+$E$11)","v":22.35},{"$f":"M433*G433","v":0},{"$f":"ROUND((M433*$B$2),2)","v":26.37},{"$f":"O433*G433","v":0}]
[null,"RAUTITAN",null,null,11401721001,"Переходник из нерж. стали с внутренней резьбой 20-Rp 3/4",null,"шт",2,24.1,{"$f":"J434*$B$2","v":28.437999999999999},{"$f":"K434*G434","v":0},{"$f":"J434*(1-$E$5-$E$7)*(1-$E$9)*(1+$E$11)","v":24.1},{"$f":"M434*G434","v":0},{"$f":"ROUND((M434*$B$2),2)","v":28.44},{"$f":"O434*G434","v":0}]
[null,"RAUTITAN",null,null,11385121001,"Переходник из нерж. стали с внутренней резьбой 25-Rp 3/4",null,"шт",2,26.35,{"$f":"J435*$B$2","v":31.093},{"$f":"K435*G435","v":0},{"$f":"J435*(1-$E$5-$E$7)*(1-$E$9)*(1+$E$11)","v":26.35},{"$f":"M435*G435","v":0},{"$f":"ROUND((M435*$B$2),2)","v":31.09},{"$f":"O435*G435","v":0}]
[null,"RAUTITAN",null,null,11401821001,"Переходник из нерж. стали с внутренней резьбой 32-Rp 1",null,"шт",2,45.86,{"$f":"J436*$B$2","v":54.114799999999995},{"$f":"K436*G436","v":0},{"$f":"J436*(1-$E$5-$E$7)*(1-$E$9)*(1+$E$11)","v":45.86},{"$f":"M436*G436","v":0},{"$f":"ROUND((M436*$B$2),2)","v":54.11},{"$f":"O436*G436","v":0}]
[null,"RAUTITAN"]
[null,"RAUTITAN",null,null,11376721001,"Переходник на запрессовку  16 - P 15 SX",null,"шт",5,18.57,{"$f":"J438*$B$2","v":21.912599999999998},{"$f":"K438*G438","v":0},{"$f":"J438*(1-$E$5-$E$7)*(1-$E$9)*(1+$E$11)","v":18.57},{"$f":"M438*G438","v":0},{"$f":"ROUND((M438*$B$2),2)","v":21.91},{"$f":"O438*G438","v":0}]
[null,"RAUTITAN",null,null,11376821001,"Переходник на запрессовку  20 - P 18 SX",null,"шт",2,24.03,28.355399999999999,0,24.03,0,28.36,0]
[null,"RAUTITAN",null,null,11377121001,"Переходник на запрессовку  20 - P 22 SX",null,"шт",2,24.03,28.355399999999999,0,24.03,0,28.36,0]
[null,"RAUTITAN",null,null,11376921001,"Переходник на запрессовку  25 - P 22 SX",null,"шт",2,27.25,32.155000000000001,0,27.25,0,32.159999999999997,0]
[null,"RAUTITAN",null,null,11377021001,"Переходник на запрессовку  32 - P 28 SX",null,"шт",2,43.44,51.259199999999993,0,43.44,0,51.26,0]
[null,"RAUTITAN",null,null,11401421001,"Переходник на запрессовку  40 - P 35 SX",null,"шт",2,45.23,53.371399999999994,0,45.23,0,53.37,0]
[null,"RAUTITAN"]
[null,"RAUTITAN",null,null,11386221001,"Настенный угольник из нерж. стали с внут. резьбой 16-Rp 1/2 короткий",null,"шт",5,11.51,{"$f":"J445*$B$2","v":13.581799999999999},{"$f":"K445*G445","v":0},{"$f":"J445*(1-$E$5-$E$7)*(1-$E$9)*(1+$E$11)","v":11.51},{"$f":"M445*G445","v":0},{"$f":"ROUND((M445*$B$2),2)","v":13.58},{"$f":"O445*G445","v":0}]
[null,"RAUTITAN",null,null,11386421001,"Настенный угольник из нерж. стали с внут. резьбой 20-Rp 1/2 короткий",null,"шт",5,12.96,{"$f":"J446*$B$2","v":15.2928},{"$f":"K446*G446","v":0},{"$f":"J446*(1-$E$5-$E$7)*(1-$E$9)*(1+$E$11)","v":12.96},{"$f":"M446*G446","v":0},{"$f":"ROUND((M446*$B$2),2)","v":15.29},{"$f":"O446*G446","v":0}]
[]
[null,"RAUTITAN",null,null,11389321001,"Проточный настенный угольник из нерж. стали 16/16-Rp 1/2",null,"шт",2,55.459999999999994,{"$f":"J448*$B$2","v":65.442799999999991},{"$f":"K448*G448","v":0},{"$f":"J448*(1-$E$5-$E$7)*(1-$E$9)*(1+$E$11)","v":55.459999999999994},{"$f":"M448*G448","v":0},{"$f":"ROUND((M448*$B$2),2)","v":65.44},{"$f":"O448*G448","v":0}]
[null,"RAUTITAN",null,null,11389421001,"Проточный настенный угольник из нерж. стали 20/20-Rp 1/2",null,"шт",2,64.899999999999991,{"$f":"J449*$B$2","v":76.581999999999979},{"$f":"K449*G449","v":0},{"$f":"J449*(1-$E$5-$E$7)*(1-$E$9)*(1+$E$11)","v":64.899999999999991},{"$f":"M449*G449","v":0},{"$f":"ROUND((M449*$B$2),2)","v":76.58},{"$f":"O449*G449","v":0}]
[null,"RAUTITAN"]
[null,"RAUTITAN",null,null,null,"1.2. Система радиаторной разводки RAUTITAN"]
[null,"RAUTITAN","x",null,12662421001,"Трубка из. нерж. стали  для подкл. радиатора, Г-образная 16/250 ",null,"шт",10,10.77,{"$f":"J452*$B$2","v":12.708599999999999},{"$f":"K452*G452","v":0},{"$f":"J452*(1-$E$5-$E$7)*(1-$E$9)*(1+$E$11)","v":10.77},{"$f":"M452*G452","v":0},{"$f":"ROUND((M452*$B$2),2)","v":12.71},{"$f":"O452*G452","v":0}]
[null,"RAUTITAN","x",null,12409311001,"Трубка из. нерж. стали  для подкл. радиатора, Г-образная 16/500 ",null,"шт",10,14.67,17.310599999999997,0,14.67,0,17.309999999999999,0]
[null,"RAUTITAN","x",null,12662521001,"Трубка из. нерж. стали  для подкл. радиатора, Г-образная 16/1000 ",null,"шт",10,23.42,27.6356,0,23.42,0,27.64,0]
[null,"RAUTITAN","x",null,12662621001,"Трубка из. нерж. стали  для подкл. радиатора, Г-образная 20/250 ",null,"шт",10,11.66,13.758799999999999,0,11.66,0,13.76,0]
[null,"RAUTITAN","x",null,12409411001,"Трубка из. нерж. стали  для подкл. радиатора, Г-образная 20/500 ",null,"шт",10,15.72,18.549599999999998,0,15.72,0,18.55,0]
[null,"RAUTITAN","x",null,12662721001,"Трубка из. нерж. стали  для подкл. радиатора, Г-образная 20/1000 ",null,"шт",10,25.81,30.455799999999996,0,25.81,0,30.46,0]
[null,"RAUTITAN"]
[null,"RAUTITAN","x",null,12663721001,"Комплект трубок из. нерж. стали  для подкл. радиатора, Г-образ 16/250  ",null,"шт",5,25.18,{"$f":"J459*$B$2","v":29.712399999999999},{"$f":"K459*G459","v":0},{"$f":"J459*(1-$E$5-$E$7)*(1-$E$9)*(1+$E$11)","v":25.18},{"$f":"M459*G459","v":0},{"$f":"ROUND((M459*$B$2),2)","v":29.71},{"$f":"O459*G459","v":0}]
[null,"RAUTITAN",null,null,12663921001,"Комплект трубок из. нерж. стали  для подкл. радиатора, Г-образ 20/250  ",null,"шт",5,25.96,{"$f":"J460*$B$2","v":30.6328},{"$f":"K460*G460","v":0},{"$f":"J460*(1-$E$5-$E$7)*(1-$E$9)*(1+$E$11)","v":25.96},{"$f":"M460*G460","v":0},{"$f":"ROUND((M460*$B$2),2)","v":30.63},{"$f":"O460*G460","v":0}]
[null,"RAUTITAN"]
[null,"RAUTITAN",null,null,12664121001,"Комплект трубок 16/250 включая фиксирующий уголок, медь",null,"шт",5,19.59,{"$f":"J462*$B$2","v":23.116199999999999},{"$f":"K462*G462","v":0},{"$f":"J462*(1-$E$5-$E$7)*(1-$E$9)*(1+$E$11)","v":19.59},{"$f":"M462*G462","v":0},{"$f":"ROUND((M462*$B$2),2)","v":23.12},{"$f":"O462*G462","v":0}]
[null,"RAUTITAN"]
[null,"RAUTITAN","x",null,12662821001,"Трубка из. нерж. стали  для подкл. радиатора, Т-образная 16/250 ",null,"шт",10,18.64,{"$f":"J464*$B$2","v":21.995200000000001},{"$f":"K464*G464","v":0},{"$f":"J464*(1-$E$5-$E$7)*(1-$E$9)*(1+$E$11)","v":18.64},{"$f":"M464*G464","v":0},{"$f":"ROUND((M464*$B$2),2)","v":22},{"$f":"O464*G464","v":0}]
[null,"RAUTITAN","x",null,12408511001,"Трубка из. нерж. стали  для подкл. радиатора, Т-образная 16/500 ",null,"шт",10,26.2,30.915999999999997,0,26.2,0,30.92,0]
[null,"RAUTITAN","x",null,12662921001,"Трубка из. нерж. стали  для подкл. радиатора, Т-образная 16/1000 ",null,"шт",10,34.549999999999997,40.768999999999991,0,34.549999999999997,0,40.770000000000003,0]
[null,"RAUTITAN","x",null,12663021001,"Трубка из. нерж. стали  для подкл. радиатора, Т-образная 20/250 ",null,"шт",10,19.13,22.573399999999996,0,19.13,0,22.57,0]
[null,"RAUTITAN","x",null,12408611001,"Трубка из. нерж. стали  для подкл. радиатора, Т-образная 20/500 ",null,"шт",10,26.9,31.741999999999997,0,26.9,0,31.74,0]
[null,"RAUTITAN","x",null,12663121001,"Трубка из. нерж. стали  для подкл. радиатора, Т-образная 20/1000 ",null,"шт",10,35.590000000000003,41.996200000000002,0,35.590000000000003,0,42,0]
[null,"RAUTITAN","x",null,11040391001,"Трубка из. нерж. стали  для подкл. радиатора, Т-образная 25/250 ",null,"шт",10,22.135593220000001,26.119999999600001,0,22.135593220000001,0,26.12,0]
[null,"RAUTITAN"]
[null,"RAUTITAN",null,null,11101981001,"Блок для присоединения к отопительному прибору с универсальной трубой Stabil 16",null,"шт",10,21.85,{"$f":"J472*$B$2","v":25.783000000000001},{"$f":"K472*G472","v":0},{"$f":"J472*(1-$E$5-$E$7)*(1-$E$9)*(1+$E$11)","v":21.85},{"$f":"M472*G472","v":0},{"$f":"ROUND((M472*$B$2),2)","v":25.78},{"$f":"O472*G472","v":0}]
[null,"RAUTITAN"]
[null,"RAUTITAN","x",null,12404571002,"Фиксирующая скоба для присоединительных трубок",null,"шт",10,2.5099999999999998,{"$f":"J474*$B$2","v":2.9617999999999998},{"$f":"K474*G474","v":0},{"$f":"J474*(1-$E$5-$E$7)*(1-$E$9)*(1+$E$11)","v":2.5099999999999998},{"$f":"M474*G474","v":0},{"$f":"ROUND((M474*$B$2),2)","v":2.96},{"$f":"O474*G474","v":0}]
[null,"RAUTITAN"]
["D","RAUTITAN",null,null,12640611001,"Монтажный блок\nВыводится после реализации складского запаса",null,"шт",10,2.06,{"$f":"J476*$B$2","v":2.4308000000000001},{"$f":"K476*G476","v":0},{"$f":"J476*(1-$E$5-$E$7)*(1-$E$9)*(1+$E$11)","v":2.06},{"$f":"M476*G476","v":0},{"$f":"ROUND((M476*$B$2),2)","v":2.4300000000000002},{"$f":"O476*G476","v":0}]
[null,"RAUTITAN"]
["D","RAUTITAN",null,null,12640711001,"Прокладка\nВыводится после реализации складского запаса",null,"шт",10,0.46,{"$f":"J478*$B$2","v":0.54279999999999995},{"$f":"K478*G478","v":0},{"$f":"J478*(1-$E$5-$E$7)*(1-$E$9)*(1+$E$11)","v":0.46},{"$f":"M478*G478","v":0},{"$f":"ROUND((M478*$B$2),2)","v":0.54},{"$f":"O478*G478","v":0}]
[null,"RAUTITAN"]
[null,"RAUTITAN",null,null,12407111001,"К-т двух резьбозажим. нипелей с нар.резьбой 1/2х3/4  (латунь)",null,"шт",1,3.54,{"$f":"J480*$B$2","v":4.1772},{"$f":"K480*G480","v":0},{"$f":"J480*(1-$E$5-$E$7)*(1-$E$9)*(1+$E$11)","v":3.54},{"$f":"M480*G480","v":0},{"$f":"ROUND((M480*$B$2),2)","v":4.18},{"$f":"O480*G480","v":0}]
[null,"RAUTITAN"]
[null,"RAUTITAN","x",12406011001,12406011003,"Резьбозажимное соединение для металлической трубки G 3/4 -15",null,"шт",10,3.55,{"$f":"J482*$B$2","v":4.1889999999999992},{"$f":"K482*G482","v":0},{"$f":"J482*(1-$E$5-$E$7)*(1-$E$9)*(1+$E$11)","v":3.55},{"$f":"M482*G482","v":0},{"$f":"ROUND((M482*$B$2),2)","v":4.1900000000000004},{"$f":"O482*G482","v":0}]
[null,"RAUTITAN"]
[null,"RAUTITAN","x",null,12407271001,"Пара шаровых кранов с соед. нип. G 1/2xG 3/4, прямой (никелирован.)  ",null,"шт",1,20.100000000000001,{"$f":"J484*$B$2","v":23.718},{"$f":"K484*G484","v":0},{"$f":"J484*(1-$E$5-$E$7)*(1-$E$9)*(1+$E$11)","v":20.100000000000001},{"$f":"M484*G484","v":0},{"$f":"ROUND((M484*$B$2),2)","v":23.72},{"$f":"O484*G484","v":0}]
[null,"RAUTITAN","x",null,12407371001,"Пара шаровых кранов с соед. нип. G 1/2xG 3/4, угловой (никелирован.)  ",null,"шт",1,20.100000000000001,{"$f":"J485*$B$2","v":23.718},{"$f":"K485*G485","v":0},{"$f":"J485*(1-$E$5-$E$7)*(1-$E$9)*(1+$E$11)","v":20.100000000000001},{"$f":"M485*G485","v":0},{"$f":"ROUND((M485*$B$2),2)","v":23.72},{"$f":"O485*G485","v":0}]
[null,"RAUTITAN"]
[null,"RAUTITAN",null,null,12663221401,"Крестовина латунная 16-16-16 (\"переход трубы над трубой\")\nПосле реализации складского запаса заменятеся на 11777011001",null,"шт",1,36.9,{"$f":"J487*$B$2","v":43.541999999999994},{"$f":"K487*G487","v":0},{"$f":"J487*(1-$E$5-$E$7)*(1-$E$9)*(1+$E$11)","v":36.9},{"$f":"M487*G487","v":0},{"$f":"ROUND((M487*$B$2),2)","v":43.54},{"$f":"O487*G487","v":0}]
[null,"RAUTITAN",null,null,12663321401,"Крестовина  латунная 20-16-20 (\"переход трубы над трубой\")\nПосле реализации складского запаса заменятеся на 11777021001",null,"шт",1,36.9,43.541999999999994,0,36.9,0,43.54,0]
[null,"RAUTITAN",null,null,12663421401,"Крестовина  латунная 20-16-16 (\"переход трубы над трубой\")\nПосле реализации складского запаса заменятеся на 11777031001",null,"шт",1,36.9,43.541999999999994,0,36.9,0,43.54,0]
[null,"RAUTITAN",null,12663221401,11777011001,"Крестовина латунная 16-16-16 (\"переход трубы над трубой\")",null,"шт",1,36.9,43.541999999999994,0,36.9,0,43.54,0]
[null,"RAUTITAN",null,12663321401,11777021001,"Крестовина  латунная 20-16-20 (\"переход трубы над трубой\")",null,"шт",1,36.9,43.541999999999994,0,36.9,0,43.54,0]
[null,"RAUTITAN",null,12663421401,11777031001,"Крестовина  латунная 20-16-16 (\"переход трубы над трубой\")",null,"шт",1,36.9,43.541999999999994,0,36.9,0,43.54,0]
[null,"RAUTITAN"]
[null,"RAUTITAN",null,null,12409211401,"Настенные угольники 16х2,2 на кронштейне",null,"шт",5,22.99,{"$f":"J494*$B$2","v":27.128199999999996},{"$f":"K494*G494","v":0},{"$f":"J494*(1-$E$5-$E$7)*(1-$E$9)*(1+$E$11)","v":22.99},{"$f":"M494*G494","v":0},{"$f":"ROUND((M494*$B$2),2)","v":27.13},{"$f":"O494*G494","v":0}]
[null,"RAUTITAN"]
[null,"RAUTITAN",null,null,12613131001,"Трубка Д15x1.0 для подкл. радиатора с наружн. резьбой R 1/2x15",null,"шт",10,8.8000000000000007,{"$f":"J496*$B$2","v":10.384},{"$f":"K496*G496","v":0},{"$f":"J496*(1-$E$5-$E$7)*(1-$E$9)*(1+$E$11)","v":8.8000000000000007},{"$f":"M496*G496","v":0},{"$f":"ROUND((M496*$B$2),2)","v":10.38},{"$f":"O496*G496","v":0}]
[null,"RAUTITAN"]
[null,"RAUTITAN",null,232021,11102021001,"Распределительный коллектор HLV на 2 группы нерж. сталь",null,"шт",1,62.83,{"$f":"J498*$B$2","v":74.139399999999995},{"$f":"K498*G498","v":0},{"$f":"J498*(1-$E$5-$E$7)*(1-$E$9)*(1+$E$11)","v":62.83},{"$f":"M498*G498","v":0},{"$f":"ROUND((M498*$B$2),2)","v":74.14},{"$f":"O498*G498","v":0}]
[null,"RAUTITAN","x",232031,11102041001,"Распределительный коллектор HLV на 3 групп нерж. сталь",null,"шт",1,81.48,96.1464,0,81.48,0,96.15,0]
[null,"RAUTITAN","x",232041,11102061001,"Распределительный коллектор HLV на 4 группы нерж. сталь",null,"шт",1,93.22,109.99959999999999,0,93.22,0,110,0]
[null,"RAUTITAN","x",232051,11102071001,"Распределительный коллектор HLV на 5 групп нерж. сталь",null,"шт",1,105,123.89999999999999,0,105,0,123.9,0]
[null,"RAUTITAN","x",232061,11102081001,"Распределительный коллектор HLV на 6 групп нерж. сталь",null,"шт",1,118.56,139.9008,0,118.56,0,139.9,0]
[null,"RAUTITAN","x",232071,11102091001,"Распределительный коллектор HLV на 7 групп нерж. сталь",null,"шт",1,129.49,152.79820000000001,0,129.49,0,152.80000000000001,0]
[null,"RAUTITAN",null,232081,11102121001,"Распределительный коллектор HLV на 8 групп нерж. сталь",null,"шт",1,141.97999999999999,167.53639999999999,0,141.97999999999999,0,167.54,0]
[null,"RAUTITAN",null,232091,11102141001,"Распределительный коллектор HLV на 9 групп нерж. сталь",null,"шт",1,153.33000000000001,180.92940000000002,0,153.33000000000001,0,180.93,0]
[null,"RAUTITAN",null,232101,11102161001,"Распределительный коллектор HLV на 10 групп нерж. сталь",null,"шт",1,165.31,195.0658,0,165.31,0,195.07,0]
[null,"RAUTITAN",null,232111,11102171001,"Распределительный коллектор HLV на 11 групп нерж. сталь",null,"шт",1,178.24,210.32319999999999,0,178.24,0,210.32,0]
[null,"RAUTITAN",null,232121,11102181001,"Распределительный коллектор HLV на 12 групп нерж. сталь",null,"шт",1,190.49,224.7782,0,190.49,0,224.78,0]
[null,"RAUTITAN"]
[null,"RAUTITAN","x",null,12663521003,"Резьбозажимное соединение  flex/pink 16х2,2xG3/4  ",null,"шт",10,4.7,{"$f":"J510*$B$2","v":5.5460000000000003},{"$f":"K510*G510","v":0},{"$f":"J510*(1-$E$5-$E$7)*(1-$E$9)*(1+$E$11)","v":4.7},{"$f":"M510*G510","v":0},{"$f":"ROUND((M510*$B$2),2)","v":5.55},{"$f":"O510*G510","v":0}]
[null,"RAUTITAN","x",null,12663621003,"Резьбозажимное соединение  flex/pink 20х2,8xG3/4  ",null,"шт",10,4.74,{"$f":"J511*$B$2","v":5.5932000000000004},{"$f":"K511*G511","v":0},{"$f":"J511*(1-$E$5-$E$7)*(1-$E$9)*(1+$E$11)","v":4.74},{"$f":"M511*G511","v":0},{"$f":"ROUND((M511*$B$2),2)","v":5.59},{"$f":"O511*G511","v":0}]
[null,"RAUTITAN"]
[null,"RAUTITAN","x",null,12664521003,"Резьбозажимное соединение stabil 16,2x2,6xG3/4  ",null,"шт",10,4.5,{"$f":"J513*$B$2","v":5.31},{"$f":"K513*G513","v":0},{"$f":"J513*(1-$E$5-$E$7)*(1-$E$9)*(1+$E$11)","v":4.5},{"$f":"M513*G513","v":0},{"$f":"ROUND((M513*$B$2),2)","v":5.31},{"$f":"O513*G513","v":0}]
[null,"RAUTITAN","x",null,12664621003,"Резьбозажимное соединение stabil 20x2,9xG3/4  ",null,"шт",10,4.5449999999999999,{"$f":"J514*$B$2","v":5.3630999999999993},{"$f":"K514*G514","v":0},{"$f":"J514*(1-$E$5-$E$7)*(1-$E$9)*(1+$E$11)","v":4.5449999999999999},{"$f":"M514*G514","v":0},{"$f":"ROUND((M514*$B$2),2)","v":5.36},{"$f":"O514*G514","v":0}]
[null,"RAUTITAN"]
[null,"RAUTITAN","x",269262,12081221001,"Комплект двух прямых никелирован. шаровых кранов G1\" для коллекторов ",null,"шт",1,34.119999999999997,{"$f":"J516*$B$2","v":40.261599999999994},{"$f":"K516*G516","v":0},{"$f":"J516*(1-$E$5-$E$7)*(1-$E$9)*(1+$E$11)","v":34.119999999999997},{"$f":"M516*G516","v":0},{"$f":"ROUND((M516*$B$2),2)","v":40.26},{"$f":"O516*G516","v":0}]
[null,"RAUTITAN","x",null,13152241001,"Комплект двух угловых никелирован. шаровых кранов G1\" для коллекторов ",null,"шт",1,50.85,{"$f":"J517*$B$2","v":60.003},{"$f":"K517*G517","v":0},{"$f":"J517*(1-$E$5-$E$7)*(1-$E$9)*(1+$E$11)","v":50.85},{"$f":"M517*G517","v":0},{"$f":"ROUND((M517*$B$2),2)","v":60},{"$f":"O517*G517","v":0}]
[null,"RAUTITAN"]
[null,"RAUTITAN",null,null,12197581001,"Комплект для установки теплосчетчика, горизонтальный",null,"шт",1,79.05,{"$f":"J519*$B$2","v":93.278999999999996},{"$f":"K519*G519","v":0},{"$f":"J519*(1-$E$5-$E$7)*(1-$E$9)*(1+$E$11)","v":79.05},{"$f":"M519*G519","v":0},{"$f":"ROUND((M519*$B$2),2)","v":93.28},{"$f":"O519*G519","v":0}]
[null,"RAUTITAN",null,null,12197571001,"Комплект для установки теплосчетчика, вертикальный",null,"шт",1,107.84,{"$f":"J520*$B$2","v":127.2512},{"$f":"K520*G520","v":0},{"$f":"J520*(1-$E$5-$E$7)*(1-$E$9)*(1+$E$11)","v":107.84},{"$f":"M520*G520","v":0},{"$f":"ROUND((M520*$B$2),2)","v":127.25},{"$f":"O520*G520","v":0}]
[null,"RAUTITAN"]
[null,"RAUTITAN",null,null,13454001001,"Шкаф коллекторный, встраиваемый, тип  UP 110/450 белый",null,"шт",1,117.22,{"$f":"J522*$B$2","v":138.31959999999998},{"$f":"K522*G522","v":0},{"$f":"J522*(1-$E$5-$E$7)*(1-$E$9)*(1+$E$11)","v":117.22},{"$f":"M522*G522","v":0},{"$f":"ROUND((M522*$B$2),2)","v":138.32},{"$f":"O522*G522","v":0}]
[null,"RAUTITAN",null,null,13454101001,"Шкаф коллекторный, встраиваемый, тип  UP 110/550, белый",null,"шт",1,129.53,152.84539999999998,0,129.53,0,152.85,0]
[null,"RAUTITAN",null,null,13454201001,"Шкаф коллекторный, встраиваемый, тип  UP 110/750, белый",null,"шт",1,153.69,181.35419999999999,0,153.69,0,181.35,0]
[null,"RAUTITAN",null,null,13454301001,"Шкаф коллекторный, встраиваемый, тип  UP 110/950, белый",null,"шт",1,175.61,207.21979999999999,0,175.61,0,207.22,0]
[null,"RAUTITAN",null,null,13454401001,"Шкаф коллекторный, встраиваемый, тип  UP 110/1150, белый",null,"шт",1,206.26,243.38679999999997,0,206.26,0,243.39,0]
[null,"RAUTITAN",null,null,13454501001,"Шкаф коллекторный, встраиваемый, тип  UP 110/1300, белый",null,"шт",1,227.06,267.93079999999998,0,227.06,0,267.93,0]
[null,"RAUTITAN"]
[null,"RAUTITAN",null,null,13474001001,"Шкаф коллекторный, приставной, тип  AP 130/500 белый ",null,"шт",1,104.83,{"$f":"J529*$B$2","v":123.6994},{"$f":"K529*G529","v":0},{"$f":"J529*(1-$E$5-$E$7)*(1-$E$9)*(1+$E$11)","v":104.83},{"$f":"M529*G529","v":0},{"$f":"ROUND((M529*$B$2),2)","v":123.7},{"$f":"O529*G529","v":0}]
[null,"RAUTITAN",null,null,13474101001,"Шкаф коллекторный, приставной, тип  AP 130/605, белый ",null,"шт",1,116.73,137.7414,0,116.73,0,137.74,0]
[null,"RAUTITAN",null,null,13474201001,"Шкаф коллекторный, приставной, тип  AP 130/805, белый ",null,"шт",1,143.53,169.36539999999999,0,143.53,0,169.37,0]
[null,"RAUTITAN",null,null,13474301001,"Шкаф коллекторный, приставной, тип  AP 130/1005, белый ",null,"шт",1,160.44,189.3192,0,160.44,0,189.32,0]
[null,"RAUTITAN",null,null,13474401001,"Шкаф коллекторный, приставной, тип  AP 130/1205, белый ",null,"шт",1,169.61,200.13980000000001,0,169.61,0,200.14,0]
[null,"RAUTITAN",null,null,13474501001,"Шкаф коллекторный, приставной, тип  AP 130/1353, белый",null,"шт",1,195.3,230.45400000000001,0,195.3,0,230.45,0]
[null,"RAUTITAN"]
[null,"RAUTITAN",null,null,13464101001,"Шкаф коллекторный, встраиваемый, тип  UP 75/550 , белый",null,"шт",1,131.54,{"$f":"J536*$B$2","v":155.21719999999999},{"$f":"K536*G536","v":0},{"$f":"J536*(1-$E$5-$E$7)*(1-$E$9)*(1+$E$11)","v":131.54},{"$f":"M536*G536","v":0},{"$f":"ROUND((M536*$B$2),2)","v":155.22},{"$f":"O536*G536","v":0}]
[null,"RAUTITAN",null,null,13464201001,"Шкаф коллекторный, встраиваемый, тип  UP 75/750, белый",null,"шт",1,157.94,{"$f":"J537*$B$2","v":186.36919999999998},{"$f":"K537*G537","v":0},{"$f":"J537*(1-$E$5-$E$7)*(1-$E$9)*(1+$E$11)","v":157.94},{"$f":"M537*G537","v":0},{"$f":"ROUND((M537*$B$2),2)","v":186.37},{"$f":"O537*G537","v":0}]
[null,"RAUTITAN",null,null,13464301001,"Шкаф коллекторный, встраиваемый, тип  UP  75/950, белый",null,"шт",1,178.52,{"$f":"J538*$B$2","v":210.65360000000001},{"$f":"K538*G538","v":0},{"$f":"J538*(1-$E$5-$E$7)*(1-$E$9)*(1+$E$11)","v":178.52},{"$f":"M538*G538","v":0},{"$f":"ROUND((M538*$B$2),2)","v":210.65},{"$f":"O538*G538","v":0}]
[null,"RAUTITAN",null,null,13464401001,"Шкаф коллекторный, встраиваемый, тип  UP  75/1150, белый",null,"шт",1,207.82,{"$f":"J539*$B$2","v":245.22759999999997},{"$f":"K539*G539","v":0},{"$f":"J539*(1-$E$5-$E$7)*(1-$E$9)*(1+$E$11)","v":207.82},{"$f":"M539*G539","v":0},{"$f":"ROUND((M539*$B$2),2)","v":245.23},{"$f":"O539*G539","v":0}]
[null,"RAUTITAN"]
[null,"RAUTITAN",null,null,12573781002,"Крюк с дюбелем для 1 трубы",null,"шт",100,0.35,{"$f":"J541*$B$2","v":0.41299999999999998},{"$f":"K541*G541","v":0},{"$f":"J541*(1-$E$5-$E$7)*(1-$E$9)*(1+$E$11)","v":0.35},{"$f":"M541*G541","v":0},{"$f":"ROUND((M541*$B$2),2)","v":0.41},{"$f":"O541*G541","v":0}]
[null,"RAUTITAN","x",null,12573881002,"Двойной крюк с дюбелем для 2-х труб",null,"шт",100,0.56999999999999995,{"$f":"J542*$B$2","v":0.67259999999999986},{"$f":"K542*G542","v":0},{"$f":"J542*(1-$E$5-$E$7)*(1-$E$9)*(1+$E$11)","v":0.56999999999999995},{"$f":"M542*G542","v":0},{"$f":"ROUND((M542*$B$2),2)","v":0.67},{"$f":"O542*G542","v":0}]
[null,"RAUTITAN","x",null,12657091001,"Двойной крюк с дюбелем для 2-х труб в изоляции",null,"шт",50,0.56999999999999995,{"$f":"J543*$B$2","v":0.67259999999999986},{"$f":"K543*G543","v":0},{"$f":"J543*(1-$E$5-$E$7)*(1-$E$9)*(1+$E$11)","v":0.56999999999999995},{"$f":"M543*G543","v":0},{"$f":"ROUND((M543*$B$2),2)","v":0.67},{"$f":"O543*G543","v":0}]
[null,"RAUTITAN"]
[null,"RAUTITAN",null,null,12899071001,"Замыкающий участок с воздухоотводчиком (монтажный шаблон)",null,"шт",1,16.21,{"$f":"J545*$B$2","v":19.127800000000001},{"$f":"K545*G545","v":0},{"$f":"J545*(1-$E$5-$E$7)*(1-$E$9)*(1+$E$11)","v":16.21},{"$f":"M545*G545","v":0},{"$f":"ROUND((M545*$B$2),2)","v":19.13},{"$f":"O545*G545","v":0}]
[null,"RAUTITAN"]
[null,"RAUTITAN",null,null,12658791001,"Комплект пластм. отводов для подкл. отоп. прибора с пом. труб Flex/Pink",null,"шт",1,7.44,{"$f":"J547*$B$2","v":8.7791999999999994},{"$f":"K547*G547","v":0},{"$f":"J547*(1-$E$5-$E$7)*(1-$E$9)*(1+$E$11)","v":7.44},{"$f":"M547*G547","v":0},{"$f":"ROUND((M547*$B$2),2)","v":8.7799999999999994},{"$f":"O547*G547","v":0}]
[null,"RAUTITAN"]
[null,"RAUTITAN",null,null,12686741001,"Декоративная накладка для 2 мет. трубок Дн 15мм",null,"шт",50,1.83,{"$f":"J549*$B$2","v":2.1593999999999998},{"$f":"K549*G549","v":0},{"$f":"J549*(1-$E$5-$E$7)*(1-$E$9)*(1+$E$11)","v":1.83},{"$f":"M549*G549","v":0},{"$f":"ROUND((M549*$B$2),2)","v":2.16},{"$f":"O549*G549","v":0}]
[null,"RAUTITAN",null,null,12407771001,"Декоративная накладка для 2 труб Stabil/Flex, Дн 16/20мм",null,"шт",50,1.83,{"$f":"J550*$B$2","v":2.1593999999999998},{"$f":"K550*G550","v":0},{"$f":"J550*(1-$E$5-$E$7)*(1-$E$9)*(1+$E$11)","v":1.83},{"$f":"M550*G550","v":0},{"$f":"ROUND((M550*$B$2),2)","v":2.16},{"$f":"O550*G550","v":0}]
[null,"RAUTITAN"]
[null,"RAUTITAN","x",null,12584081002,"Фиксатор  поворота трубы 16/17/90°, без колец (оцинк. сталь)",null,"шт",10,1.2,{"$f":"J552*$B$2","v":1.4159999999999999},{"$f":"K552*G552","v":0},{"$f":"J552*(1-$E$5-$E$7)*(1-$E$9)*(1+$E$11)","v":1.2},{"$f":"M552*G552","v":0},{"$f":"ROUND((M552*$B$2),2)","v":1.42},{"$f":"O552*G552","v":0}]
[null,"RAUTITAN","x",null,12587981002,"Фиксатор  поворота трубы 20/90°, без колец (оцинк. сталь)",null,"шт",10,1.5,{"$f":"J553*$B$2","v":1.77},{"$f":"K553*G553","v":0},{"$f":"J553*(1-$E$5-$E$7)*(1-$E$9)*(1+$E$11)","v":1.5},{"$f":"M553*G553","v":0},{"$f":"ROUND((M553*$B$2),2)","v":1.77},{"$f":"O553*G553","v":0}]
[null,"RAUTITAN","x",null,12572491002,"Фиксатор  поворота трубы 25/90°, без колец (оцинк. сталь)",null,"шт",10,2.5499999999999998,{"$f":"J554*$B$2","v":3.0089999999999995},{"$f":"K554*G554","v":0},{"$f":"J554*(1-$E$5-$E$7)*(1-$E$9)*(1+$E$11)","v":2.5499999999999998},{"$f":"M554*G554","v":0},{"$f":"ROUND((M554*$B$2),2)","v":3.01},{"$f":"O554*G554","v":0}]
[null,"RAUTITAN","x",null,12611531001,"Фиксатор  поворота трубы 32/90°, без колец (оцинк. сталь)",null,"шт",5,4.0999999999999996,{"$f":"J555*$B$2","v":4.8379999999999992},{"$f":"K555*G555","v":0},{"$f":"J555*(1-$E$5-$E$7)*(1-$E$9)*(1+$E$11)","v":4.0999999999999996},{"$f":"M555*G555","v":0},{"$f":"ROUND((M555*$B$2),2)","v":4.84},{"$f":"O555*G555","v":0}]
[null,"RAUTITAN"]
[null,"RAUTITAN",null,null,12657291001,"Фиксатор  поворота трубы 16/17/45°, без колец (оцинк. сталь)",null,"шт",10,1.2,{"$f":"J557*$B$2","v":1.4159999999999999},{"$f":"K557*G557","v":0},{"$f":"J557*(1-$E$5-$E$7)*(1-$E$9)*(1+$E$11)","v":1.2},{"$f":"M557*G557","v":0},{"$f":"ROUND((M557*$B$2),2)","v":1.42},{"$f":"O557*G557","v":0}]
[null,"RAUTITAN",null,null,12686241001,"Фиксатор  поворота трубы 20/45°, без колец (оцинк. сталь)",null,"шт",10,1.5,{"$f":"J558*$B$2","v":1.77},{"$f":"K558*G558","v":0},{"$f":"J558*(1-$E$5-$E$7)*(1-$E$9)*(1+$E$11)","v":1.5},{"$f":"M558*G558","v":0},{"$f":"ROUND((M558*$B$2),2)","v":1.77},{"$f":"O558*G558","v":0}]
[null,"RAUTITAN",null,null,12686341001,"Фиксатор  поворота трубы 25/45°, без колец (оцинк. сталь)",null,"шт",10,2.5499999999999998,{"$f":"J559*$B$2","v":3.0089999999999995},{"$f":"K559*G559","v":0},{"$f":"J559*(1-$E$5-$E$7)*(1-$E$9)*(1+$E$11)","v":2.5499999999999998},{"$f":"M559*G559","v":0},{"$f":"ROUND((M559*$B$2),2)","v":3.01},{"$f":"O559*G559","v":0}]
[null,"RAUTITAN",null,null,12686441001,"Фиксатор  поворота трубы 32/45°, без колец (оцинк. сталь)",null,"шт",5,4.0999999999999996,{"$f":"J560*$B$2","v":4.8379999999999992},{"$f":"K560*G560","v":0},{"$f":"J560*(1-$E$5-$E$7)*(1-$E$9)*(1+$E$11)","v":4.0999999999999996},{"$f":"M560*G560","v":0},{"$f":"ROUND((M560*$B$2),2)","v":4.84},{"$f":"O560*G560","v":0}]
[null,"RAUTITAN"]
[null,"RAUTITAN",null,null,null,"1.3 Плинтусные каналы "]
[null,"RAUTITAN"]
[null,"RAUTITAN",null,null,12405771002,"SL-Крестовина Rp1/2\" - Rp3/8\"(Ду10) - Rp1/2\" с внутр. резьбами",null,"шт",1,56.51,{"$f":"J564*$B$2","v":66.681799999999996},{"$f":"K564*G564","v":0},{"$f":"J564*(1-$E$5-$E$7)*(1-$E$9)*(1+$E$11)","v":56.51},{"$f":"M564*G564","v":0},{"$f":"ROUND((M564*$B$2),2)","v":66.680000000000007},{"$f":"O564*G564","v":0}]
[null,"RAUTITAN"]
[null,"RAUTITAN",null,null,11372381003,"SL-комплект двух C-обр. трубок с гильзами 16-12x1.0-16 для подкл. радиаторов ",null,"шт",1,40.340000000000003,{"$f":"J566*$B$2","v":47.601199999999999},{"$f":"K566*G566","v":0},{"$f":"J566*(1-$E$5-$E$7)*(1-$E$9)*(1+$E$11)","v":40.340000000000003},{"$f":"M566*G566","v":0},{"$f":"ROUND((M566*$B$2),2)","v":47.6},{"$f":"O566*G566","v":0}]
[null,"RAUTITAN",null,null,11372391003,"SL-комплект двух C-обр. трубок с гильзами 20-12x1.0-20 для подкл. Радиаторов",null,"шт",1,47.27,{"$f":"J567*$B$2","v":55.778599999999997},{"$f":"K567*G567","v":0},{"$f":"J567*(1-$E$5-$E$7)*(1-$E$9)*(1+$E$11)","v":47.27},{"$f":"M567*G567","v":0},{"$f":"ROUND((M567*$B$2),2)","v":55.78},{"$f":"O567*G567","v":0}]
[null,"RAUTITAN"]
[null,"RAUTITAN",null,null,11372471003,"SL-компл. двух Правых концевых C-обр. трубок с гильзами 16-12x1.0 для подкл. радиаторов",null,"шт",1,37.67,{"$f":"J569*$B$2","v":44.450600000000001},{"$f":"K569*G569","v":0},{"$f":"J569*(1-$E$5-$E$7)*(1-$E$9)*(1+$E$11)","v":37.67},{"$f":"M569*G569","v":0},{"$f":"ROUND((M569*$B$2),2)","v":44.45},{"$f":"O569*G569","v":0}]
[null,"RAUTITAN",null,null,11372481003,"SL-компл. двух Левых концевых C-обр. трубок с гильзами 16-12x1.0 для подкл. радиаторов",null,"шт",1,37.67,{"$f":"J570*$B$2","v":44.450600000000001},{"$f":"K570*G570","v":0},{"$f":"J570*(1-$E$5-$E$7)*(1-$E$9)*(1+$E$11)","v":37.67},{"$f":"M570*G570","v":0},{"$f":"ROUND((M570*$B$2),2)","v":44.45},{"$f":"O570*G570","v":0}]
[null,"RAUTITAN"]
[null,"RAUTITAN",null,null,11372171004,"SL-тройник равнопроходный  16-16-16 с гильзами ",null,"шт",1,9.58,{"$f":"J572*$B$2","v":11.304399999999999},{"$f":"K572*G572","v":0},{"$f":"J572*(1-$E$5-$E$7)*(1-$E$9)*(1+$E$11)","v":9.58},{"$f":"M572*G572","v":0},{"$f":"ROUND((M572*$B$2),2)","v":11.3},{"$f":"O572*G572","v":0}]
[null,"RAUTITAN",null,null,11372181004,"SL-тройник равнопроходный  20-20-20 с гильзами ",null,"шт",1,11.29,{"$f":"J573*$B$2","v":13.322199999999999},{"$f":"K573*G573","v":0},{"$f":"J573*(1-$E$5-$E$7)*(1-$E$9)*(1+$E$11)","v":11.29},{"$f":"M573*G573","v":0},{"$f":"ROUND((M573*$B$2),2)","v":13.32},{"$f":"O573*G573","v":0}]
[null,"RAUTITAN"]
[null,"RAUTITAN",null,null,11371871004,"SL-муфта с гильзами равнопроходная 16 ",null,"шт",1,5.99,{"$f":"J575*$B$2","v":7.0682},{"$f":"K575*G575","v":0},{"$f":"J575*(1-$E$5-$E$7)*(1-$E$9)*(1+$E$11)","v":5.99},{"$f":"M575*G575","v":0},{"$f":"ROUND((M575*$B$2),2)","v":7.07},{"$f":"O575*G575","v":0}]
[null,"RAUTITAN",null,null,11371881004,"SL-муфта с гильзами равнопроходная 20 ",null,"шт",1,8.09,{"$f":"J576*$B$2","v":9.5461999999999989},{"$f":"K576*G576","v":0},{"$f":"J576*(1-$E$5-$E$7)*(1-$E$9)*(1+$E$11)","v":8.09},{"$f":"M576*G576","v":0},{"$f":"ROUND((M576*$B$2),2)","v":9.5500000000000007},{"$f":"O576*G576","v":0}]
[null,"RAUTITAN"]
[null,"RAUTITAN",null,null,11371891004,"SL-муфта с гильзами переходная 20-16 ",null,"шт",1,7.86,{"$f":"J578*$B$2","v":9.274799999999999},{"$f":"K578*G578","v":0},{"$f":"J578*(1-$E$5-$E$7)*(1-$E$9)*(1+$E$11)","v":7.86},{"$f":"M578*G578","v":0},{"$f":"ROUND((M578*$B$2),2)","v":9.27},{"$f":"O578*G578","v":0}]
[null,"RAUTITAN"]
[null,"RAUTITAN",null,null,11371971004,"SL-угольник с гильзами 16/90° ",null,"шт",1,7.7,{"$f":"J580*$B$2","v":9.0860000000000003},{"$f":"K580*G580","v":0},{"$f":"J580*(1-$E$5-$E$7)*(1-$E$9)*(1+$E$11)","v":7.7},{"$f":"M580*G580","v":0},{"$f":"ROUND((M580*$B$2),2)","v":9.09},{"$f":"O580*G580","v":0}]
[null,"RAUTITAN",null,null,11371981004,"SL-угольник с гильзами 20/90° ",null,"шт",1,8.77,{"$f":"J581*$B$2","v":10.348599999999999},{"$f":"K581*G581","v":0},{"$f":"J581*(1-$E$5-$E$7)*(1-$E$9)*(1+$E$11)","v":8.77},{"$f":"M581*G581","v":0},{"$f":"ROUND((M581*$B$2),2)","v":10.35},{"$f":"O581*G581","v":0}]
[null,"RAUTITAN"]
[null,"RAUTITAN",null,null,11371991004,"SL-переходник с наруж. резьбой и гильзой 16-R1/2\" ",null,"шт",1,6.67,{"$f":"J583*$B$2","v":7.8705999999999996},{"$f":"K583*G583","v":0},{"$f":"J583*(1-$E$5-$E$7)*(1-$E$9)*(1+$E$11)","v":6.67},{"$f":"M583*G583","v":0},{"$f":"ROUND((M583*$B$2),2)","v":7.87},{"$f":"O583*G583","v":0}]
[null,"RAUTITAN",null,null,11372071004,"SL-переходник с наруж. резьбой и гильзой 20-R1/2\" ",null,"шт",1,7.77,{"$f":"J584*$B$2","v":9.1685999999999996},{"$f":"K584*G584","v":0},{"$f":"J584*(1-$E$5-$E$7)*(1-$E$9)*(1+$E$11)","v":7.77},{"$f":"M584*G584","v":0},{"$f":"ROUND((M584*$B$2),2)","v":9.17},{"$f":"O584*G584","v":0}]
[null,"RAUTITAN"]
[null,"RAUTITAN",null,null,11372081004,"SL-Заглушка с гильзой 16 ",null,"шт",1,1.22,{"$f":"J586*$B$2","v":1.4396},{"$f":"K586*G586","v":0},{"$f":"J586*(1-$E$5-$E$7)*(1-$E$9)*(1+$E$11)","v":1.22},{"$f":"M586*G586","v":0},{"$f":"ROUND((M586*$B$2),2)","v":1.44},{"$f":"O586*G586","v":0}]
[null,"RAUTITAN",null,null,11372091004,"SL-Заглушка с гильзой 20 ",null,"шт",1,1.62,{"$f":"J587*$B$2","v":1.9116},{"$f":"K587*G587","v":0},{"$f":"J587*(1-$E$5-$E$7)*(1-$E$9)*(1+$E$11)","v":1.62},{"$f":"M587*G587","v":0},{"$f":"ROUND((M587*$B$2),2)","v":1.91},{"$f":"O587*G587","v":0}]
[null,"RAUTITAN"]
[null,"RAUTITAN",null,null,11372491003,"SL-Надвижная гильза 16 ",null,"шт",1,5.59,{"$f":"J589*$B$2","v":6.5961999999999996},{"$f":"K589*G589","v":0},{"$f":"J589*(1-$E$5-$E$7)*(1-$E$9)*(1+$E$11)","v":5.59},{"$f":"M589*G589","v":0},{"$f":"ROUND((M589*$B$2),2)","v":6.6},{"$f":"O589*G589","v":0}]
[null,"RAUTITAN",null,null,11372591003,"SL-Надвижная гильза 20 ",null,"шт",1,5.59,{"$f":"J590*$B$2","v":6.5961999999999996},{"$f":"K590*G590","v":0},{"$f":"J590*(1-$E$5-$E$7)*(1-$E$9)*(1+$E$11)","v":5.59},{"$f":"M590*G590","v":0},{"$f":"ROUND((M590*$B$2),2)","v":6.6},{"$f":"O590*G590","v":0}]
[null,"RAUTITAN"]
[null,"RAUTITAN",null,null,12406071001,"SL-Комплект телескопических угловых резьбозажим. соединений 12х1.0-R1/2\"",null,"шт",1,31.02,{"$f":"J592*$B$2","v":36.6036},{"$f":"K592*G592","v":0},{"$f":"J592*(1-$E$5-$E$7)*(1-$E$9)*(1+$E$11)","v":31.02},{"$f":"M592*G592","v":0},{"$f":"ROUND((M592*$B$2),2)","v":36.6},{"$f":"O592*G592","v":0}]
[null,"RAUTITAN"]
["D","RAUTITAN",null,null,12405971001,"Г-образная трубка 12х1,0 для подключ. к ОП, длина 90х125 мм\nВыводится после реализации складского запаса",null,"шт",10,4.3890000000000002,{"$f":"J594*$B$2","v":5.1790200000000004},{"$f":"K594*G594","v":0},{"$f":"J594*(1-$E$5-$E$7)*(1-$E$9)*(1+$E$11)","v":4.3890000000000002},{"$f":"M594*G594","v":0},{"$f":"ROUND((M594*$B$2),2)","v":5.18},{"$f":"O594*G594","v":0}]
[null,"RAUTITAN"]
[null,"RAUTITAN",null,null,17260611100,"Опорная клипса для трубы  stabil 16 и 20",null,"шт",10,1.82,{"$f":"J596*$B$2","v":2.1476000000000002},{"$f":"K596*G596","v":0},{"$f":"J596*(1-$E$5-$E$7)*(1-$E$9)*(1+$E$11)","v":1.82},{"$f":"M596*G596","v":0},{"$f":"ROUND((M596*$B$2),2)","v":2.15},{"$f":"O596*G596","v":0}]
[null,"RAUTITAN"]
[null,"RAUTITAN",null,null,17269941100,"Основание канала 40/70 RAUSOLO",null,"м",2,3.44,{"$f":"J598*$B$2","v":4.0591999999999997},{"$f":"K598*G598","v":0},{"$f":"J598*(1-$E$5-$E$7)*(1-$E$9)*(1+$E$11)","v":3.44},{"$f":"M598*G598","v":0},{"$f":"ROUND((M598*$B$2),2)","v":4.0599999999999996},{"$f":"O598*G598","v":0}]
[null,"RAUTITAN"]
[null,"RAUTITAN",null,null,17336331100,"Крышка канала 40/70, белый",null,"м",4,7.44,{"$f":"J600*$B$2","v":8.7791999999999994},{"$f":"K600*G600","v":0},{"$f":"J600*(1-$E$5-$E$7)*(1-$E$9)*(1+$E$11)","v":7.44},{"$f":"M600*G600","v":0},{"$f":"ROUND((M600*$B$2),2)","v":8.7799999999999994},{"$f":"O600*G600","v":0}]
[null,"RAUTITAN",null,null,17336431100,"Крышка канала 40/70, светлый бук",null,"м",4,8.02,{"$f":"J601*$B$2","v":9.4635999999999996},{"$f":"K601*G601","v":0},{"$f":"J601*(1-$E$5-$E$7)*(1-$E$9)*(1+$E$11)","v":8.02},{"$f":"M601*G601","v":0},{"$f":"ROUND((M601*$B$2),2)","v":9.4600000000000009},{"$f":"O601*G601","v":0}]
[null,"RAUTITAN",null,null,17336531100,"Крышка канала 40/70, клен",null,"м",4,8.02,{"$f":"J602*$B$2","v":9.4635999999999996},{"$f":"K602*G602","v":0},{"$f":"J602*(1-$E$5-$E$7)*(1-$E$9)*(1+$E$11)","v":8.02},{"$f":"M602*G602","v":0},{"$f":"ROUND((M602*$B$2),2)","v":9.4600000000000009},{"$f":"O602*G602","v":0}]
[null,"RAUTITAN"]
[null,"RAUTITAN",null,null,12494601150,"Заглушка левая 40/70, ПВХ, белый",null,"шт",10,2.29,{"$f":"J604*$B$2","v":2.7021999999999999},{"$f":"K604*G604","v":0},{"$f":"J604*(1-$E$5-$E$7)*(1-$E$9)*(1+$E$11)","v":2.29},{"$f":"M604*G604","v":0},{"$f":"ROUND((M604*$B$2),2)","v":2.7},{"$f":"O604*G604","v":0}]
[null,"RAUTITAN",null,null,12494701150,"Заглушка левая 40/70, ПВХ, светлый бук",null,"шт",10,2.52,{"$f":"J605*$B$2","v":2.9735999999999998},{"$f":"K605*G605","v":0},{"$f":"J605*(1-$E$5-$E$7)*(1-$E$9)*(1+$E$11)","v":2.52},{"$f":"M605*G605","v":0},{"$f":"ROUND((M605*$B$2),2)","v":2.97},{"$f":"O605*G605","v":0}]
[null,"RAUTITAN",null,null,12494801150,"Заглушка левая 40/70, ПВХ, клен",null,"шт",10,2.52,{"$f":"J606*$B$2","v":2.9735999999999998},{"$f":"K606*G606","v":0},{"$f":"J606*(1-$E$5-$E$7)*(1-$E$9)*(1+$E$11)","v":2.52},{"$f":"M606*G606","v":0},{"$f":"ROUND((M606*$B$2),2)","v":2.97},{"$f":"O606*G606","v":0}]
[null,"RAUTITAN"]
[null,"RAUTITAN",null,null,12494901150,"Заглушка правая 40/70, ПВХ, белый",null,"шт",10,2.29,{"$f":"J608*$B$2","v":2.7021999999999999},{"$f":"K608*G608","v":0},{"$f":"J608*(1-$E$5-$E$7)*(1-$E$9)*(1+$E$11)","v":2.29},{"$f":"M608*G608","v":0},{"$f":"ROUND((M608*$B$2),2)","v":2.7},{"$f":"O608*G608","v":0}]
[null,"RAUTITAN",null,null,12495001150,"Заглушка правая 40/70, ПВХ, светлый бук",null,"шт",10,2.52,{"$f":"J609*$B$2","v":2.9735999999999998},{"$f":"K609*G609","v":0},{"$f":"J609*(1-$E$5-$E$7)*(1-$E$9)*(1+$E$11)","v":2.52},{"$f":"M609*G609","v":0},{"$f":"ROUND((M609*$B$2),2)","v":2.97},{"$f":"O609*G609","v":0}]
[null,"RAUTITAN",null,null,12495101150,"Заглушка правая 40/70, ПВХ, клен",null,"шт",10,2.52,{"$f":"J610*$B$2","v":2.9735999999999998},{"$f":"K610*G610","v":0},{"$f":"J610*(1-$E$5-$E$7)*(1-$E$9)*(1+$E$11)","v":2.52},{"$f":"M610*G610","v":0},{"$f":"ROUND((M610*$B$2),2)","v":2.97},{"$f":"O610*G610","v":0}]
[null,"RAUTITAN"]
[null,"RAUTITAN",null,null,12495201150,"Внутренний угол 40/70, ПВХ, белый",null,"шт",10,2.95,{"$f":"J612*$B$2","v":3.4809999999999999},{"$f":"K612*G612","v":0},{"$f":"J612*(1-$E$5-$E$7)*(1-$E$9)*(1+$E$11)","v":2.95},{"$f":"M612*G612","v":0},{"$f":"ROUND((M612*$B$2),2)","v":3.48},{"$f":"O612*G612","v":0}]
[null,"RAUTITAN",null,null,12495301150,"Внутренний угол 40/70, ПВХ, светлый бук",null,"шт",10,3.17,{"$f":"J613*$B$2","v":3.7405999999999997},{"$f":"K613*G613","v":0},{"$f":"J613*(1-$E$5-$E$7)*(1-$E$9)*(1+$E$11)","v":3.17},{"$f":"M613*G613","v":0},{"$f":"ROUND((M613*$B$2),2)","v":3.74},{"$f":"O613*G613","v":0}]
[null,"RAUTITAN",null,null,12495401150,"Внутренний угол 40/70, ПВХ, клен",null,"шт",10,3.17,{"$f":"J614*$B$2","v":3.7405999999999997},{"$f":"K614*G614","v":0},{"$f":"J614*(1-$E$5-$E$7)*(1-$E$9)*(1+$E$11)","v":3.17},{"$f":"M614*G614","v":0},{"$f":"ROUND((M614*$B$2),2)","v":3.74},{"$f":"O614*G614","v":0}]
[null,"RAUTITAN"]
[null,"RAUTITAN",null,null,12495501150,"Внешний угол 40/70, ПВХ, белый",null,"шт",10,2.95,{"$f":"J616*$B$2","v":3.4809999999999999},{"$f":"K616*G616","v":0},{"$f":"J616*(1-$E$5-$E$7)*(1-$E$9)*(1+$E$11)","v":2.95},{"$f":"M616*G616","v":0},{"$f":"ROUND((M616*$B$2),2)","v":3.48},{"$f":"O616*G616","v":0}]
[null,"RAUTITAN",null,null,12495601150,"Внешний угол 40/70, ПВХ, светлый бук",null,"шт",10,3.17,{"$f":"J617*$B$2","v":3.7405999999999997},{"$f":"K617*G617","v":0},{"$f":"J617*(1-$E$5-$E$7)*(1-$E$9)*(1+$E$11)","v":3.17},{"$f":"M617*G617","v":0},{"$f":"ROUND((M617*$B$2),2)","v":3.74},{"$f":"O617*G617","v":0}]
[null,"RAUTITAN",null,null,12495701150,"Внешний угол 40/70, ПВХ, клен",null,"шт",10,3.17,{"$f":"J618*$B$2","v":3.7405999999999997},{"$f":"K618*G618","v":0},{"$f":"J618*(1-$E$5-$E$7)*(1-$E$9)*(1+$E$11)","v":3.17},{"$f":"M618*G618","v":0},{"$f":"ROUND((M618*$B$2),2)","v":3.74},{"$f":"O618*G618","v":0}]
[null,"RAUTITAN"]
[null,"RAUTITAN",null,null,12495801150,"Соединительная накладка 40/70, ПВХ, белый",null,"шт",10,1.94,{"$f":"J620*$B$2","v":2.2891999999999997},{"$f":"K620*G620","v":0},{"$f":"J620*(1-$E$5-$E$7)*(1-$E$9)*(1+$E$11)","v":1.94},{"$f":"M620*G620","v":0},{"$f":"ROUND((M620*$B$2),2)","v":2.29},{"$f":"O620*G620","v":0}]
[null,"RAUTITAN",null,null,12495901150,"Соединительная накладка 40/70, ПВХ, светлый бук",null,"шт",10,2.08,{"$f":"J621*$B$2","v":2.4544000000000001},{"$f":"K621*G621","v":0},{"$f":"J621*(1-$E$5-$E$7)*(1-$E$9)*(1+$E$11)","v":2.08},{"$f":"M621*G621","v":0},{"$f":"ROUND((M621*$B$2),2)","v":2.4500000000000002},{"$f":"O621*G621","v":0}]
[null,"RAUTITAN",null,null,12496001150,"Соединительная накладка 40/70, ПВХ, клен",null,"шт",10,2.08,{"$f":"J622*$B$2","v":2.4544000000000001},{"$f":"K622*G622","v":0},{"$f":"J622*(1-$E$5-$E$7)*(1-$E$9)*(1+$E$11)","v":2.08},{"$f":"M622*G622","v":0},{"$f":"ROUND((M622*$B$2),2)","v":2.4500000000000002},{"$f":"O622*G622","v":0}]
[null,"RAUTITAN"]
[null,"RAUTITAN",null,null,12406971001,"Ножницы для вырезания прямоугольных отверстий 26 мм",null,"шт",1,69.260000000000005,{"$f":"J624*$B$2","v":81.726799999999997},{"$f":"K624*G624","v":0},{"$f":"J624*(1-$E$5-$E$7)*(1-$E$9)*(1+$E$11)","v":69.260000000000005},{"$f":"M624*G624","v":0},{"$f":"ROUND((M624*$B$2),2)","v":81.73},{"$f":"O624*G624","v":0}]
[null,"RAUTITAN",null,null,12408471001,"Ножницы для вырезания полукруглых отверстий 16 мм",null,"шт",1,69.260000000000005,{"$f":"J625*$B$2","v":81.726799999999997},{"$f":"K625*G625","v":0},{"$f":"J625*(1-$E$5-$E$7)*(1-$E$9)*(1+$E$11)","v":69.260000000000005},{"$f":"M625*G625","v":0},{"$f":"ROUND((M625*$B$2),2)","v":81.73},{"$f":"O625*G625","v":0}]
[null,"RAUTITAN"]
[null,"RAUTITAN",null,null,17264441100,"Основание канала 40/105 RAUDUO",null,"м",24,9.41,{"$f":"J627*$B$2","v":11.1038},{"$f":"K627*G627","v":0},{"$f":"J627*(1-$E$5-$E$7)*(1-$E$9)*(1+$E$11)","v":9.41},{"$f":"M627*G627","v":0},{"$f":"ROUND((M627*$B$2),2)","v":11.1},{"$f":"O627*G627","v":0}]
[null,"RAUTITAN"]
[null,"RAUTITAN",null,null,17275941100,"Крышка канала 40/105, белый",null,"м",24,5.67,{"$f":"J629*$B$2","v":6.6905999999999999},{"$f":"K629*G629","v":0},{"$f":"J629*(1-$E$5-$E$7)*(1-$E$9)*(1+$E$11)","v":5.67},{"$f":"M629*G629","v":0},{"$f":"ROUND((M629*$B$2),2)","v":6.69},{"$f":"O629*G629","v":0}]
[null,"RAUTITAN"]
[null,"RAUTITAN",null,null,17338901100,"Крышка канала с уплотнением 40/105, белый",null,"м",24,5.67,{"$f":"J631*$B$2","v":6.6905999999999999},{"$f":"K631*G631","v":0},{"$f":"J631*(1-$E$5-$E$7)*(1-$E$9)*(1+$E$11)","v":5.67},{"$f":"M631*G631","v":0},{"$f":"ROUND((M631*$B$2),2)","v":6.69},{"$f":"O631*G631","v":0}]
[null,"RAUTITAN"]
[null,"RAUTITAN",null,null,17276241150,"Заглушка левая 40/105, белый",null,"шт",10,2.83,{"$f":"J633*$B$2","v":3.3393999999999999},{"$f":"K633*G633","v":0},{"$f":"J633*(1-$E$5-$E$7)*(1-$E$9)*(1+$E$11)","v":2.83},{"$f":"M633*G633","v":0},{"$f":"ROUND((M633*$B$2),2)","v":3.34},{"$f":"O633*G633","v":0}]
[null,"RAUTITAN"]
[null,"RAUTITAN",null,null,17276141150,"Заглушка правая 40/105, белый",null,"шт",10,2.83,{"$f":"J635*$B$2","v":3.3393999999999999},{"$f":"K635*G635","v":0},{"$f":"J635*(1-$E$5-$E$7)*(1-$E$9)*(1+$E$11)","v":2.83},{"$f":"M635*G635","v":0},{"$f":"ROUND((M635*$B$2),2)","v":3.34},{"$f":"O635*G635","v":0}]
[null,"RAUTITAN"]
[null,"RAUTITAN",null,null,17276441150,"Внутренний угол 40/105, белый",null,"шт",10,4.53,{"$f":"J637*$B$2","v":5.3453999999999997},{"$f":"K637*G637","v":0},{"$f":"J637*(1-$E$5-$E$7)*(1-$E$9)*(1+$E$11)","v":4.53},{"$f":"M637*G637","v":0},{"$f":"ROUND((M637*$B$2),2)","v":5.35},{"$f":"O637*G637","v":0}]
[null,"RAUTITAN"]
[null,"RAUTITAN",null,null,17276541150,"Внешний угол 40/105, белый",null,"шт",10,4.53,{"$f":"J639*$B$2","v":5.3453999999999997},{"$f":"K639*G639","v":0},{"$f":"J639*(1-$E$5-$E$7)*(1-$E$9)*(1+$E$11)","v":4.53},{"$f":"M639*G639","v":0},{"$f":"ROUND((M639*$B$2),2)","v":5.35},{"$f":"O639*G639","v":0}]
[null,"RAUTITAN"]
[null,"RAUTITAN",null,null,17276341150,"Соединит секция 40/105, белый",null,"шт",10,2.29,{"$f":"J641*$B$2","v":2.7021999999999999},{"$f":"K641*G641","v":0},{"$f":"J641*(1-$E$5-$E$7)*(1-$E$9)*(1+$E$11)","v":2.29},{"$f":"M641*G641","v":0},{"$f":"ROUND((M641*$B$2),2)","v":2.7},{"$f":"O641*G641","v":0}]
[null,"RAUTITAN"]
[null,"RAUTHERM S",null,null,null,"2.1 Системы обогрева/охлаждения поверхностей"]
[null,"RAUTHERM S",null,null,null,"2.1.1 Tрубы и гофротрубы"]
[null,"RAUTHERM S",null,null,null,"RAUTHERM S"]
["P","RAUTHERM S","x",null,11311281240,"Отопит.труба RAUTHERM S 10,1х1,1 мм, бухта 240 м ",null,"м",240,1.0233999999999999,{"$f":"J646*$B$2","v":1.2076119999999997},{"$f":"K646*G646","v":0},{"$f":"J646*(1-$E$5-$E$7)*(1-$E$9)*(1+$E$11)","v":1.0233999999999999},{"$f":"M646*G646","v":0},{"$f":"ROUND((M646*$B$2),2)","v":1.21},{"$f":"O646*G646","v":0}]
["P","RAUTHERM S","x",null,11365721120,"Отопит.труба RAUTHERM S 14х1,5 мм, бухта 120 м. ",null,"м",120,1.1696,1.3801279999999998,0,1.1696,0,1.38,0]
["D","RAUTHERM S","x",null,11365721240,"Отопит.труба RAUTHERM S 14х1,5 мм, бухта 240 м. ",null,"м",240,1.1696,1.3801279999999998,0,1.1696,0,1.38,0]
["P","RAUTHERM S","x",null,11365721600,"Отопит.труба RAUTHERM S 14х1,5 мм, бухта 600 м. ",null,"м",600,1.075,1.2685,0,1.075,0,1.27,0]
["N","RAUTHERM S","x",null,11602501240,"Отопит.труба RAUTHERM SPEED K 14х1,5 мм. с липучкой, бухта 240 м. ",null,"м",240,1.58,{"$f":"J650*$B$2","v":1.8644000000000001},0,{"$f":"J650*(1-$E$5-$E$7)*(1-$E$9)*(1+$E$11)","v":1.58},0,{"$f":"ROUND((M650*$B$2),2)","v":1.86},0]
["N","RAUTHERM S","x",null,11602501600,"Отопит.труба RAUTHERM SPEED K 14х1,5 мм. с липучкой, бухта 600 м. ",null,"м",600,1.44,1.6991999999999998,0,1.44,0,1.7,0]
["P","RAUTHERM S","x",null,11361401120,"Отопит.труба RAUTHERM S 17х2,0 мм, бухта 120 м ",null,"м",120,1.3,1.534,0,1.3,0,1.53,0]
["P","RAUTHERM S",null,null,11361401240,"Отопит.труба RAUTHERM S 17х2,0 мм, бухта 240 м ",null,"м",240,1.3,1.534,0,1.3,0,1.53,0]
["P","RAUTHERM S",null,null,11361401500,"Отопит.труба RAUTHERM S 17х2,0 мм, бухта 500 м ",null,"м",500,1.1953999999999998,1.4105719999999997,0,1.1953999999999998,0,1.41,0]
[null,"RAUTHERM S","x",null,11361601120,"Отопит.труба RAUTHERM S 20х2,0 мм, бухта 120 м ",null,"м",120,1.7973999999999999,2.1209319999999998,0,1.7973999999999999,0,2.12,0]
[null,"RAUTHERM S",null,null,11361601240,"Отопит.труба RAUTHERM S 20х2,0 мм, бухта 240 м ",null,"м",240,1.7973999999999999,2.1209319999999998,0,1.7973999999999999,0,2.12,0]
[null,"RAUTHERM S",null,null,11361601500,"Отопит.труба RAUTHERM S 20х2,0 мм, бухта 500 м ",null,"м",500,1.6597999999999999,1.9585639999999997,0,1.6597999999999999,0,1.96,0]
[null,"RAUTHERM S",null,null,11367701120,"Отопит.труба RAUTHERM S 25х2,3 мм, бухта 120 м ",null,"м",120,2.7433999999999998,3.2372119999999995,0,2.7433999999999998,0,3.24,0]
[null,"RAUTHERM S",null,null,11367701300,"Отопит.труба RAUTHERM S 25х2,3 мм, бухта 300 м ",null,"м",300,2.7433999999999998,3.2372119999999995,0,2.7433999999999998,0,3.24,0]
[null,"RAUTHERM S",null,null,11369001050,"Отопит.труба RAUTHERM S 32х2,9 мм, бухта 50 м ",null,"м",50,3.8785999999999996,5.3217999999999996,0,3.8785999999999996,0,4.58,0]
[null,"RAUTHERM S",null,null,11369001100,"Отопит.труба RAUTHERM S 32х2,9 мм, бухта 100 м ",null,"м",100,3.7238000000000002,5.1093999999999999,0,3.7238000000000002,0,4.3899999999999997,0]
[null,"RAUTHERM S"]
[null,"RAUTHERM S",null,null,null,"Гофротруба"]
[null,"RAUTHERM S",null,null,11371961050,"Гофротруба защитн. для трубы  12/14 мм ",null,"м",50,0.62,{"$f":"J664*$B$2","v":0.73159999999999992},{"$f":"K664*G664","v":0},{"$f":"J664*(1-$E$5-$E$7)*(1-$E$9)*(1+$E$11)","v":0.62},{"$f":"M664*G664","v":0},{"$f":"ROUND((M664*$B$2),2)","v":0.73},{"$f":"O664*G664","v":0}]
[null,"RAUTHERM S",null,null,11371401050,"Гофротруба защитн. для трубы  16/17 мм ",null,"м",50,0.74,{"$f":"J665*$B$2","v":0.87319999999999998},{"$f":"K665*G665","v":0},{"$f":"J665*(1-$E$5-$E$7)*(1-$E$9)*(1+$E$11)","v":0.74},{"$f":"M665*G665","v":0},{"$f":"ROUND((M665*$B$2),2)","v":0.87},{"$f":"O665*G665","v":0}]
[null,"RAUTHERM S",null,null,11371501050,"Гофротруба защитн. для трубы  20 мм ",null,"м",50,0.83,{"$f":"J666*$B$2","v":0.97939999999999994},{"$f":"K666*G666","v":0},{"$f":"J666*(1-$E$5-$E$7)*(1-$E$9)*(1+$E$11)","v":0.83},{"$f":"M666*G666","v":0},{"$f":"ROUND((M666*$B$2),2)","v":0.98},{"$f":"O666*G666","v":0}]
[null,"RAUTHERM S",null,null,11371601025,"Гофротруба защитн. для трубы  25 мм ",null,"м",25,1.0900000000000001,{"$f":"J667*$B$2","v":1.2862},{"$f":"K667*G667","v":0},{"$f":"J667*(1-$E$5-$E$7)*(1-$E$9)*(1+$E$11)","v":1.0900000000000001},{"$f":"M667*G667","v":0},{"$f":"ROUND((M667*$B$2),2)","v":1.29},{"$f":"O667*G667","v":0}]
[null,"RAUTHERM S",null,null,11371701025,"Гофротруба защитн. для трубы  32 мм ",null,"м",25,1.51,{"$f":"J668*$B$2","v":1.7817999999999998},{"$f":"K668*G668","v":0},{"$f":"J668*(1-$E$5-$E$7)*(1-$E$9)*(1+$E$11)","v":1.51},{"$f":"M668*G668","v":0},{"$f":"ROUND((M668*$B$2),2)","v":1.78},{"$f":"O668*G668","v":0}]
[null,"RAUTHERM S"]
[null,"RAUTHERM S",null,null,null,"2.1.2 Haдвижные гильзы и фитинги"]
[null,"RAUTHERM S",null,null,null,"Надвижные гильзы"]
[null,"RAUTHERM S","x",null,12005361001,"Надвижная гильза 10 x1,1",null,"шт",10,0.67,{"$f":"J672*$B$2","v":0.79059999999999997},{"$f":"K672*G672","v":0},{"$f":"J672*(1-$E$5-$E$7)*(1-$E$9)*(1+$E$11)","v":0.67},{"$f":"M672*G672","v":0},{"$f":"ROUND((M672*$B$2),2)","v":0.79},{"$f":"O672*G672","v":0}]
[null,"RAUTHERM S","x",null,12460341001,"Надвижная гильза 14 x1,5",null,"шт",50,0.88,1.0384,0,0.88,0,1.04,0]
[null,"RAUTHERM S","x",null,12502971002,"Надвижная гильза 17x2,0",null,"шт",50,0.88,1.0384,0,0.88,0,1.04,0]
[null,"RAUTHERM S","x",null,12503071002,"Надвижная гильза 20x2,0 ",null,"шт",50,0.94,1.1092,0,0.94,0,1.1100000000000001,0]
[null,"RAUTHERM S",null,null,12591971002,"Надвижная гильза 25x2,3 ",null,"шт",50,1.46,1.7227999999999999,0,1.46,0,1.72,0]
[null,"RAUTHERM S",null,null,11395821001,"Надвижная гильза 32x2,9 ",null,"шт",50,3.95,4.6609999999999996,0,3.95,0,4.66,0]
[null,"RAUTHERM S"]
[null,"RAUTHERM S",null,null,null,"Фитинги"]
[null,"RAUTHERM S","x",null,12005261001,"Муфта  соед. равнопроходн. 10x1,1",null,"шт",10,4.53,{"$f":"J680*$B$2","v":5.3453999999999997},{"$f":"K680*G680","v":0},{"$f":"J680*(1-$E$5-$E$7)*(1-$E$9)*(1+$E$11)","v":4.53},{"$f":"M680*G680","v":0},{"$f":"ROUND((M680*$B$2),2)","v":5.35},{"$f":"O680*G680","v":0}]
[null,"RAUTHERM S","x",null,12460241001,"Муфта  соед. равнопроходн. 14x1,5",null,"шт",10,4.84,5.7111999999999998,0,4.84,0,5.71,0]
[null,"RAUTHERM S","x",null,12502771002,"Муфта  соед. равнопроходн. 17x2,0",null,"шт",10,4.9000000000000004,5.782,0,4.9000000000000004,0,5.78,0]
[null,"RAUTHERM S","x",null,12503171002,"Муфта  соед. равнопроходн. 20x2,0",null,"шт",10,5.82,6.8676000000000004,0,5.82,0,6.87,0]
[null,"RAUTHERM S",null,null,12591871002,"Муфта  соед. равнопроходн. 25x2,3",null,"шт",5,7.29,8.6021999999999998,0,7.29,0,8.6,0]
[null,"RAUTHERM S",null,null,12611231001,"Муфта  соед. равнопроходн. 32x2,9",null,"шт",10,15.09,17.8062,0,15.09,0,17.809999999999999,0]
[null,"RAUTHERM S"]
[null,"RAUTHERM S","x",null,12005331001,"Муфта соединительная переходная 17-10",null,"шт",10,7.24,{"$f":"J687*$B$2","v":8.5432000000000006},{"$f":"K687*G687","v":0},{"$f":"J687*(1-$E$5-$E$7)*(1-$E$9)*(1+$E$11)","v":7.24},{"$f":"M687*G687","v":0},{"$f":"ROUND((M687*$B$2),2)","v":8.5399999999999991},{"$f":"O687*G687","v":0}]
[null,"RAUTHERM S",null,null,12005341001,"Муфта соединительная переходная  20-10",null,"шт",10,7.24,8.5432000000000006,0,7.24,0,8.5399999999999991,0]
[null,"RAUTHERM S","x",null,12490971001,"Муфта соединительная переходная  17-14",null,"шт",10,5.62,6.6315999999999997,0,5.62,0,6.63,0]
[null,"RAUTHERM S",null,null,12594691002,"Муфта соединительная переходная  20-17",null,"шт",10,5.62,6.6315999999999997,0,5.62,0,6.63,0]
[null,"RAUTHERM S",null,null,12005541001,"Муфта соединительная переходная 25-10",null,"шт",10,8.48,10.006399999999999,0,8.48,0,10.01,0]
[null,"RAUTHERM S",null,null,12594591002,"Муфта соединительная переходная 25-20",null,"шт",10,11.4,13.452,0,11.4,0,13.45,0]
[null,"RAUTHERM S",null,null,12005561001,"Муфта соединительная переходная  32-10",null,"шт",10,12.38,14.6084,0,12.38,0,14.61,0]
[null,"RAUTHERM S",null,null,12611131001,"Муфта соединительная переходная  32-25",null,"шт",10,19.940000000000001,23.529199999999999,0,19.940000000000001,0,23.53,0]
[null,"RAUTHERM S"]
[null,"RAUTHERM S",null,null,12005661001,"Переходник с наруж. резьбой 10-R 1/2",null,"шт",10,5.31,{"$f":"J696*$B$2","v":6.2657999999999996},{"$f":"K696*G696","v":0},{"$f":"J696*(1-$E$5-$E$7)*(1-$E$9)*(1+$E$11)","v":5.31},{"$f":"M696*G696","v":0},{"$f":"ROUND((M696*$B$2),2)","v":6.27},{"$f":"O696*G696","v":0}]
[null,"RAUTHERM S","x",null,12350801001,"Переходник с наруж. резьбой 14-R 1/2",null,"шт",10,6.25,7.375,0,6.25,0,7.38,0]
[null,"RAUTHERM S",null,null,12588171002,"Переходник с наруж. резьбой 17-R 1/2",null,"шт",10,6.29,7.4221999999999992,0,6.29,0,7.42,0]
[null,"RAUTHERM S",null,null,12685601001,"Переходник с наруж. резьбой 17-R3/8",null,"шт",10,6.29,7.4221999999999992,0,6.29,0,7.42,0]
[null,"RAUTHERM S","x",null,12685701001,"Переходник с наруж. резьбой 20-R1/2",null,"шт",10,6.98,8.2363999999999997,0,6.98,0,8.24,0]
[null,"RAUTHERM S",null,null,12588271002,"Переходник с наруж. резьбой 20-R3/4",null,"шт",10,6.98,8.2363999999999997,0,6.98,0,8.24,0]
[null,"RAUTHERM S",null,null,12685801001,"Переходник с наруж. резьбой 25-R3/4",null,"шт",5,11.08,13.074399999999999,0,11.08,0,13.07,0]
[null,"RAUTHERM S",null,null,12534391002,"Переходник с наруж. резьбой 25-R1",null,"шт",5,11.08,13.074399999999999,0,11.08,0,13.07,0]
[null,"RAUTHERM S",null,null,12611431001,"Переходник с наруж. резьбой 32-R1",null,"шт",10,11.09,13.0862,0,11.09,0,13.09,0]
[null,"RAUTHERM S"]
[null,"RAUTHERM S","x",null,12350901001,"Угольник 90° - 14",null,"шт",5,7.03,{"$f":"J706*$B$2","v":8.295399999999999},{"$f":"K706*G706","v":0},{"$f":"J706*(1-$E$5-$E$7)*(1-$E$9)*(1+$E$11)","v":7.03},{"$f":"M706*G706","v":0},{"$f":"ROUND((M706*$B$2),2)","v":8.3000000000000007},{"$f":"O706*G706","v":0}]
[null,"RAUTHERM S",null,null,12588971002,"Угольник 90° - 17",null,"шт",5,7.08,{"$f":"J707*$B$2","v":8.3544},{"$f":"K707*G707","v":0},{"$f":"J707*(1-$E$5-$E$7)*(1-$E$9)*(1+$E$11)","v":7.08},{"$f":"M707*G707","v":0},{"$f":"ROUND((M707*$B$2),2)","v":8.35},{"$f":"O707*G707","v":0}]
["P","RAUTHERM S",null,null,12589071002,"Угольник 90° - 20",null,"шт",5,7.19,{"$f":"J708*$B$2","v":8.4841999999999995},{"$f":"K708*G708","v":0},{"$f":"J708*(1-$E$5-$E$7)*(1-$E$9)*(1+$E$11)","v":7.19},{"$f":"M708*G708","v":0},{"$f":"ROUND((M708*$B$2),2)","v":8.48},{"$f":"O708*G708","v":0}]
[null,"RAUTHERM S",null,null,12594491002,"Угольник 90° - 25",null,"шт",5,9.16,{"$f":"J709*$B$2","v":10.8088},{"$f":"K709*G709","v":0},{"$f":"J709*(1-$E$5-$E$7)*(1-$E$9)*(1+$E$11)","v":9.16},{"$f":"M709*G709","v":0},{"$f":"ROUND((M709*$B$2),2)","v":10.81},{"$f":"O709*G709","v":0}]
[null,"RAUTHERM S",null,null,12611031001,"Угольник 90° - 32",null,"шт",3,18.43,{"$f":"J710*$B$2","v":21.747399999999999},{"$f":"K710*G710","v":0},{"$f":"J710*(1-$E$5-$E$7)*(1-$E$9)*(1+$E$11)","v":18.43},{"$f":"M710*G710","v":0},{"$f":"ROUND((M710*$B$2),2)","v":21.75},{"$f":"O710*G710","v":0}]
[null,"RAUTHERM S"]
[null,"RAUTHERM S",null,null,null,"Тройники равнопроходные"]
[null,"RAUTHERM S",null,null,12502871002,"Тройник 17-17-17",null,"шт",5,7.26,{"$f":"J713*$B$2","v":8.5667999999999989},{"$f":"K713*G713","v":0},{"$f":"J713*(1-$E$5-$E$7)*(1-$E$9)*(1+$E$11)","v":7.26},{"$f":"M713*G713","v":0},{"$f":"ROUND((M713*$B$2),2)","v":8.57},{"$f":"O713*G713","v":0}]
[null,"RAUTHERM S",null,null,12588771002,"Тройник 20-20-20",null,"шт",5,11.49,{"$f":"J714*$B$2","v":13.558199999999999},{"$f":"K714*G714","v":0},{"$f":"J714*(1-$E$5-$E$7)*(1-$E$9)*(1+$E$11)","v":11.49},{"$f":"M714*G714","v":0},{"$f":"ROUND((M714*$B$2),2)","v":13.56},{"$f":"O714*G714","v":0}]
[null,"RAUTHERM S",null,null,12535291002,"Тройник 25-25-25",null,"шт",5,13.11,{"$f":"J715*$B$2","v":15.469799999999999},{"$f":"K715*G715","v":0},{"$f":"J715*(1-$E$5-$E$7)*(1-$E$9)*(1+$E$11)","v":13.11},{"$f":"M715*G715","v":0},{"$f":"ROUND((M715*$B$2),2)","v":15.47},{"$f":"O715*G715","v":0}]
[null,"RAUTHERM S",null,null,12610531001,"Тройник 32-32-32",null,"шт",3,26.14,{"$f":"J716*$B$2","v":30.845199999999998},{"$f":"K716*G716","v":0},{"$f":"J716*(1-$E$5-$E$7)*(1-$E$9)*(1+$E$11)","v":26.14},{"$f":"M716*G716","v":0},{"$f":"ROUND((M716*$B$2),2)","v":30.85},{"$f":"O716*G716","v":0}]
[null,"RAUTHERM S",null,null,null,"Тройники с уменьшенным боковым проходом"]
[null,"RAUTHERM S",null,null,12005431001,"Тройник 17-10-17",null,"шт",10,6.39,{"$f":"J718*$B$2","v":7.5401999999999996},{"$f":"K718*G718","v":0},{"$f":"J718*(1-$E$5-$E$7)*(1-$E$9)*(1+$E$11)","v":6.39},{"$f":"M718*G718","v":0},{"$f":"ROUND((M718*$B$2),2)","v":7.54},{"$f":"O718*G718","v":0}]
[null,"RAUTHERM S",null,null,12005441001,"Тройник 20-10-20",null,"шт",5,6.39,7.5401999999999996,0,6.39,0,7.54,0]
[null,"RAUTHERM S",null,null,12005631001,"Тройник 25-10-25",null,"шт",5,9.52,11.233599999999999,0,9.52,0,11.23,0]
[null,"RAUTHERM S",null,null,12005641001,"Тройник 32-10-32",null,"шт",5,15.8,18.643999999999998,0,15.8,0,18.64,0]
[null,"RAUTHERM S","x",null,12491071001,"Тройник 17-14-17",null,"шт",5,7.95,9.3810000000000002,0,7.95,0,9.3800000000000008,0]
[null,"RAUTHERM S",null,null,12588671002,"Тройник 20-17-20",null,"шт",5,11.31,13.345800000000001,0,11.31,0,13.35,0]
[null,"RAUTHERM S",null,null,12535691002,"Тройник 25-17-25",null,"шт",5,14.9,17.582000000000001,0,14.9,0,17.579999999999998,0]
[null,"RAUTHERM S",null,null,12535391002,"Тройник 25-20-25",null,"шт",5,13.11,15.469799999999999,0,13.11,0,15.47,0]
[null,"RAUTHERM S",null,null,12611631001,"Тройник 32-20-32",null,"шт",3,27.57,32.532599999999995,0,27.57,0,32.53,0]
[null,"RAUTHERM S",null,null,null,"Тройники с уменьшенным торцевым проходом"]
[null,"RAUTHERM S",null,null,12685501001,"Тройник 25-25-20",null,"шт",5,14.83,{"$f":"J728*$B$2","v":17.499399999999998},{"$f":"K728*G728","v":0},{"$f":"J728*(1-$E$5-$E$7)*(1-$E$9)*(1+$E$11)","v":14.83},{"$f":"M728*G728","v":0},{"$f":"ROUND((M728*$B$2),2)","v":17.5},{"$f":"O728*G728","v":0}]
[null,"RAUTHERM S",null,null,null,"Тройники с уменьшенным боковым и торцевым проходом"]
[null,"RAUTHERM S",null,null,12588571002,"Тройник 20-17-17",null,"шт",5,11.25,{"$f":"J730*$B$2","v":13.274999999999999},{"$f":"K730*G730","v":0},{"$f":"J730*(1-$E$5-$E$7)*(1-$E$9)*(1+$E$11)","v":11.25},{"$f":"M730*G730","v":0},{"$f":"ROUND((M730*$B$2),2)","v":13.28},{"$f":"O730*G730","v":0}]
[null,"RAUTHERM S",null,null,12535591002,"Тройник 25-20-20",null,"шт",5,12.61,{"$f":"J731*$B$2","v":14.879799999999998},{"$f":"K731*G731","v":0},{"$f":"J731*(1-$E$5-$E$7)*(1-$E$9)*(1+$E$11)","v":12.61},{"$f":"M731*G731","v":0},{"$f":"ROUND((M731*$B$2),2)","v":14.88},{"$f":"O731*G731","v":0}]
[null,"RAUTHERM S",null,null,null,"Тройники с увеличенным боковым проходом"]
[null,"RAUTHERM S",null,null,12685201001,"Тройник 20-25-20",null,"шт",5,12.61,{"$f":"J733*$B$2","v":14.879799999999998},{"$f":"K733*G733","v":0},{"$f":"J733*(1-$E$5-$E$7)*(1-$E$9)*(1+$E$11)","v":12.61},{"$f":"M733*G733","v":0},{"$f":"ROUND((M733*$B$2),2)","v":14.88},{"$f":"O733*G733","v":0}]
[null,"RAUTHERM S"]
[null,"RAUTHERM S",null,null,null,"2.1.3 Способы крепления труб к полу"]
[null,"RAUTHERM S",null,null,null,"Монтажный мат Varionova"]
[null,"RAUTHERM S","x",null,12278291001,"Мат ППС 30-2 EPS  и панель с фиксаторами Varionova,  040 DES",null,"м2",11.2,17.829999999999998,{"$f":"J737*$B$2","v":21.039399999999997},{"$f":"K737*G737","v":0},{"$f":"J737*(1-$E$5-$E$7)*(1-$E$9)*(1+$E$11)","v":17.829999999999998},{"$f":"M737*G737","v":0},{"$f":"ROUND((M737*$B$2),2)","v":21.04},{"$f":"O737*G737","v":0}]
[null,"RAUTHERM S"]
[null,"RAUTHERM S","x",null,12278391001,"Панель (пленка) с фиксаторами Varionova",null,"м2",17.920000000000002,10.199999999999999,{"$f":"J739*$B$2","v":12.035999999999998},{"$f":"K739*G739","v":0},{"$f":"J739*(1-$E$5-$E$7)*(1-$E$9)*(1+$E$11)","v":10.199999999999999},{"$f":"M739*G739","v":0},{"$f":"ROUND((M739*$B$2),2)","v":12.04},{"$f":"O739*G739","v":0}]
[null,"RAUTHERM S"]
[null,"RAUTHERM S",null,null,12278491001,"Соединительная лента для мат с фиксаторами Varionova",null,"шт",20,2.29,{"$f":"J741*$B$2","v":2.7021999999999999},{"$f":"K741*G741","v":0},{"$f":"J741*(1-$E$5-$E$7)*(1-$E$9)*(1+$E$11)","v":2.29},{"$f":"M741*G741","v":0},{"$f":"ROUND((M741*$B$2),2)","v":2.7},{"$f":"O741*G741","v":0}]
[null,"RAUTHERM S"]
[null,"RAUTHERM S",null,null,12278591001,"Примыкающая лента для мат с фиксаторами Varionova",null,"шт",20,2.5099999999999998,{"$f":"J743*$B$2","v":2.9617999999999998},{"$f":"K743*G743","v":0},{"$f":"J743*(1-$E$5-$E$7)*(1-$E$9)*(1+$E$11)","v":2.5099999999999998},{"$f":"M743*G743","v":0},{"$f":"ROUND((M743*$B$2),2)","v":2.96},{"$f":"O743*G743","v":0}]
[null,"RAUTHERM S"]
[null,"RAUTHERM S",null,null,12392031001,"Перемычка с гарпунами  мат с фиксаторами Varionova",null,"шт",100,0.19,{"$f":"J745*$B$2","v":0.22419999999999998},{"$f":"K745*G745","v":0},{"$f":"J745*(1-$E$5-$E$7)*(1-$E$9)*(1+$E$11)","v":0.19},{"$f":"M745*G745","v":0},{"$f":"ROUND((M745*$B$2),2)","v":0.22},{"$f":"O745*G745","v":0}]
[null,"RAUTHERM S"]
[null,"RAUTHERM S",null,null,12278691001,"Крепежный элемент для мат с фиксаторами Varionova",null,"шт",20,0.26,{"$f":"J747*$B$2","v":0.30680000000000002},{"$f":"K747*G747","v":0},{"$f":"J747*(1-$E$5-$E$7)*(1-$E$9)*(1+$E$11)","v":0.26},{"$f":"M747*G747","v":0},{"$f":"ROUND((M747*$B$2),2)","v":0.31},{"$f":"O747*G747","v":0}]
[null,"RAUTHERM S"]
[null,"RAUTHERM S",null,null,null,"Монтажный мат с липучкой RAUTHERM SPEED plus"]
["N","RAUTHERM S",null,null,13161101002,"RAUTHERM SPEED plus мат с липучкой, рулон 15м*1м",null,"м2",15,8.42,{"$f":"J750*$B$2","v":9.9355999999999991},{"$f":"K750*G750","v":0},{"$f":"J750*(1-$E$5-$E$7)*(1-$E$9)*(1+$E$11)","v":8.42},{"$f":"M750*G750","v":0},{"$f":"ROUND((M750*$B$2),2)","v":9.94},{"$f":"O750*G750","v":0}]
[null,"RAUTHERM S"]
[null,"RAUTHERM S",null,null,null,"Мат для крепления гарпун-скобами"]
[null,"RAUTHERM S",null,null,12404911002,"Мат ППС 20-2 для крепления гарпун-скоб, рулон с пленкой",null,"м2",12,8.74,{"$f":"J753*$B$2","v":10.3132},{"$f":"K753*G753","v":0},{"$f":"J753*(1-$E$5-$E$7)*(1-$E$9)*(1+$E$11)","v":8.74},{"$f":"M753*G753","v":0},{"$f":"ROUND((M753*$B$2),2)","v":10.31},{"$f":"O753*G753","v":0}]
["N","RAUTHERM S",null,null,12053131002,"Мат ППС 30-2 для крепления гарпун-скоб , рулон с пленкой",null,"м2",12,10.4,12.272,0,10.4,0,12.27,0]
["D","RAUTHERM S",null,null,12623631001,"Мат ППС 30-2 для крепления гарпун-скоб , рулон с пленкой",null,"м2",12,10.4,12.272,0,10.4,0,12.27,0]
[null,"RAUTHERM S",null,null,12620931001,"Мат ППС 30-2 для крепления гарпун-скоб, складной рулон",null,"м2",12,10.4,12.272,0,10.4,0,12.27,0]
[null,"RAUTHERM S",null,null,12623931001,"Мат ППС 50-2 для крепления гарпун-скоб, складной рулон",null,"м2",8,14.99,17.688199999999998,0,14.99,0,17.690000000000001,0]
[null,"RAUTHERM S",null,null,12003831001,"Мат ППС 70-2 для крепления гарпун-скоб, складной рулон",null,"м2",6,31.42,37.075600000000001,0,31.42,0,37.08,0]
[null,"RAUTHERM S"]
[null,"RAUTHERM S",null,null,12278351001,"Пистолет Multi для крепления гарпун-скоб",null,"шт",1,359.05,{"$f":"J760*$B$2","v":423.67899999999997},{"$f":"K760*G760","v":0},{"$f":"J760*(1-$E$5-$E$7)*(1-$E$9)*(1+$E$11)","v":359.05},{"$f":"M760*G760","v":0},{"$f":"ROUND((M760*$B$2),2)","v":423.68},{"$f":"O760*G760","v":0}]
[null,"RAUTHERM S"]
[null,"RAUTHERM S","x",null,12402211002,"Гарпун-скобы для крепления труб 14-17",null,"шт",300,0.12,{"$f":"J762*$B$2","v":0.14159999999999998},{"$f":"K762*G762","v":0},{"$f":"J762*(1-$E$5-$E$7)*(1-$E$9)*(1+$E$11)","v":0.12},{"$f":"M762*G762","v":0},{"$f":"ROUND((M762*$B$2),2)","v":0.14000000000000001},{"$f":"O762*G762","v":0}]
[null,"RAUTHERM S"]
[null,"RAUTHERM S",null,null,12623731002,"Гарпун-скобы для крепления труб 20",null,"шт",300,0.13,{"$f":"J764*$B$2","v":0.15340000000000001},{"$f":"K764*G764","v":0},{"$f":"J764*(1-$E$5-$E$7)*(1-$E$9)*(1+$E$11)","v":0.13},{"$f":"M764*G764","v":0},{"$f":"ROUND((M764*$B$2),2)","v":0.15},{"$f":"O764*G764","v":0}]
[null,"RAUTHERM S"]
[null,"RAUTHERM S",null,null,null,"Монтаж на шинах RAUFIX"]
[null,"RAUTHERM S","x",null,12439841001,"Фиксирующая шина RAUFIX 14 мм, с зубцами",null,"м",10,2.5099999999999998,{"$f":"J767*$B$2","v":2.9617999999999998},{"$f":"K767*G767","v":0},{"$f":"J767*(1-$E$5-$E$7)*(1-$E$9)*(1+$E$11)","v":2.5099999999999998},{"$f":"M767*G767","v":0},{"$f":"ROUND((M767*$B$2),2)","v":2.96},{"$f":"O767*G767","v":0}]
[null,"RAUTHERM S",null,null,12442481002,"Фиксирующая шина RAUFIX 16 / 17 /20 мм, с зубцами",null,"м",10,3.02,{"$f":"J768*$B$2","v":3.5635999999999997},{"$f":"K768*G768","v":0},{"$f":"J768*(1-$E$5-$E$7)*(1-$E$9)*(1+$E$11)","v":3.02},{"$f":"M768*G768","v":0},{"$f":"ROUND((M768*$B$2),2)","v":3.56},{"$f":"O768*G768","v":0}]
[null,"RAUTHERM S"]
[null,"RAUTHERM S","x",null,12460141001,"Фиксирующая шина RAUFIX 14 мм, без зубцов",null,"м",10,2.5099999999999998,{"$f":"J770*$B$2","v":2.9617999999999998},{"$f":"K770*G770","v":0},{"$f":"J770*(1-$E$5-$E$7)*(1-$E$9)*(1+$E$11)","v":2.5099999999999998},{"$f":"M770*G770","v":0},{"$f":"ROUND((M770*$B$2),2)","v":2.96},{"$f":"O770*G770","v":0}]
[null,"RAUTHERM S","x",null,12402411001,"Фиксирующая шина RAUFIX 16 / 17 /20 H833, без зубцов",null,"м",10,2.7,{"$f":"J771*$B$2","v":3.1859999999999999},{"$f":"K771*G771","v":0},{"$f":"J771*(1-$E$5-$E$7)*(1-$E$9)*(1+$E$11)","v":2.7},{"$f":"M771*G771","v":0},{"$f":"ROUND((M771*$B$2),2)","v":3.19},{"$f":"O771*G771","v":0}]
[null,"RAUTHERM S"]
[null,"RAUTHERM S","x",null,12592681001,"Гарпун-скоба для фиксирующих шин",null,"шт",500,0.1,{"$f":"J773*$B$2","v":0.11799999999999999},{"$f":"K773*G773","v":0},{"$f":"J773*(1-$E$5-$E$7)*(1-$E$9)*(1+$E$11)","v":0.1},{"$f":"M773*G773","v":0},{"$f":"ROUND((M773*$B$2),2)","v":0.12},{"$f":"O773*G773","v":0}]
[null,"RAUTHERM S"]
[null,"RAUTHERM S",null,null,12560541003,"Защитная полиэтиленовая пленка \"REHAU\"",null,"м2",120,0.88,{"$f":"J775*$B$2","v":1.0384},{"$f":"K775*G775","v":0},{"$f":"J775*(1-$E$5-$E$7)*(1-$E$9)*(1+$E$11)","v":0.88},{"$f":"M775*G775","v":0},{"$f":"ROUND((M775*$B$2),2)","v":1.04},{"$f":"O775*G775","v":0}]
[null,"RAUTHERM S"]
[null,"RAUTHERM S",null,null,null,"Монтаж на шинах 10"]
[null,"RAUTHERM S","x",null,12288801001,"Фиксирующая шина 10",null,"шт",50,2.39,{"$f":"J778*$B$2","v":2.8201999999999998},{"$f":"K778*G778","v":0},{"$f":"J778*(1-$E$5-$E$7)*(1-$E$9)*(1+$E$11)","v":2.39},{"$f":"M778*G778","v":0},{"$f":"ROUND((M778*$B$2),2)","v":2.82},{"$f":"O778*G778","v":0}]
[null,"RAUTHERM S"]
[null,"RAUTHERM S","x",null,12288901001,"Двойной держатель для труб 10",null,"шт",50,0.67,{"$f":"J780*$B$2","v":0.79059999999999997},{"$f":"K780*G780","v":0},{"$f":"J780*(1-$E$5-$E$7)*(1-$E$9)*(1+$E$11)","v":0.67},{"$f":"M780*G780","v":0},{"$f":"ROUND((M780*$B$2),2)","v":0.79},{"$f":"O780*G780","v":0}]
[null,"RAUTHERM S"]
[null,"RAUTHERM S",null,null,12289501002,"Отвод направляющий 90°, 10, с крепежной петлей",null,"шт",25,1.3,{"$f":"J782*$B$2","v":1.534},{"$f":"K782*G782","v":0},{"$f":"J782*(1-$E$5-$E$7)*(1-$E$9)*(1+$E$11)","v":1.3},{"$f":"M782*G782","v":0},{"$f":"ROUND((M782*$B$2),2)","v":1.53},{"$f":"O782*G782","v":0}]
[null,"RAUTHERM S"]
[null,"RAUTHERM S",null,null,null,"Монтаж на арматурной сетке"]
[null,"RAUTHERM S",null,null,12563241005,"Арматурная сетка RM 100, размер ячеек 100 мм x 100 мм",null,"шт",10,13.64,{"$f":"J785*$B$2","v":16.095199999999998},{"$f":"K785*G785","v":0},{"$f":"J785*(1-$E$5-$E$7)*(1-$E$9)*(1+$E$11)","v":13.64},{"$f":"M785*G785","v":0},{"$f":"ROUND((M785*$B$2),2)","v":16.100000000000001},{"$f":"O785*G785","v":0}]
[null,"RAUTHERM S"]
[null,"RAUTHERM S","x",null,12125511001,"Поворотная клипса для арматурной сетки Quattro",null,"шт",400,0.26,{"$f":"J787*$B$2","v":0.30680000000000002},{"$f":"K787*G787","v":0},{"$f":"J787*(1-$E$5-$E$7)*(1-$E$9)*(1+$E$11)","v":0.26},{"$f":"M787*G787","v":0},{"$f":"ROUND((M787*$B$2),2)","v":0.31},{"$f":"O787*G787","v":0}]
[null,"RAUTHERM S"]
[null,"RAUTHERM S","x",null,12125521001,"Шток для крепления клипс Quattro",null,"шт",1,51.4,{"$f":"J789*$B$2","v":60.651999999999994},{"$f":"K789*G789","v":0},{"$f":"J789*(1-$E$5-$E$7)*(1-$E$9)*(1+$E$11)","v":51.4},{"$f":"M789*G789","v":0},{"$f":"ROUND((M789*$B$2),2)","v":60.65},{"$f":"O789*G789","v":0}]
[null,"RAUTHERM S"]
[null,"RAUTHERM S",null,null,12563441007,"Проволочная обвязка для арматур. сетки (цена за 100 шт.)",null,"шт",100,2.12,{"$f":"J791*$B$2","v":2.5015999999999998},{"$f":"K791*G791","v":0},{"$f":"J791*(1-$E$5-$E$7)*(1-$E$9)*(1+$E$11)","v":2.12},{"$f":"M791*G791","v":0},{"$f":"ROUND((M791*$B$2),2)","v":2.5},{"$f":"O791*G791","v":0}]
[null,"RAUTHERM S"]
[null,"RAUTHERM S",null,null,12573041003,"Приспособление для закрутки проволочной обвязки",null,"шт",1,28.42,{"$f":"J793*$B$2","v":33.535600000000002},{"$f":"K793*G793","v":0},{"$f":"J793*(1-$E$5-$E$7)*(1-$E$9)*(1+$E$11)","v":28.42},{"$f":"M793*G793","v":0},{"$f":"ROUND((M793*$B$2),2)","v":33.54},{"$f":"O793*G793","v":0}]
[null,"RAUTHERM S"]
[null,"RAUTHERM S","x",null,17244481100,"Ремешок для обвязки (цена за 100 шт.)",null,"шт",100,5.15,{"$f":"J795*$B$2","v":6.077},{"$f":"K795*G795","v":0},{"$f":"J795*(1-$E$5-$E$7)*(1-$E$9)*(1+$E$11)","v":5.15},{"$f":"M795*G795","v":0},{"$f":"ROUND((M795*$B$2),2)","v":6.08},{"$f":"O795*G795","v":0}]
[null,"RAUTHERM S"]
[null,"RAUTHERM S",null,null,12560541003,"Защитная полиэтиленовая пленка \"REHAU\"",null,"м2",120,0.88,{"$f":"J797*$B$2","v":1.0384},{"$f":"K797*G797","v":0},{"$f":"J797*(1-$E$5-$E$7)*(1-$E$9)*(1+$E$11)","v":0.88},{"$f":"M797*G797","v":0},{"$f":"ROUND((M797*$B$2),2)","v":1.04},{"$f":"O797*G797","v":0}]
[null,"RAUTHERM S"]
["N","RAUTHERM S",null,null,12093361001,"Дюбель для фиксирования изоляции",null,"шт",10,0.31,{"$f":"J799*$B$2","v":0.36579999999999996},{"$f":"K799*G799","v":0},{"$f":"J799*(1-$E$5-$E$7)*(1-$E$9)*(1+$E$11)","v":0.31},{"$f":"M799*G799","v":0},{"$f":"ROUND((M799*$B$2),2)","v":0.37},{"$f":"O799*G799","v":0}]
[null,"RAUTHERM S"]
[null,"RAUTHERM S",null,null,null,"Сухой способ монтажа"]
["N","RAUTHERM S",null,null,12002991001,"Теплоизоляционный мат TS14  1000 x 500 mm",null,"шт",10,11.43,{"$f":"J802*$B$2","v":13.487399999999999},{"$f":"K802*G802","v":0},{"$f":"J802*(1-$E$5-$E$7)*(1-$E$9)*(1+$E$11)","v":11.43},{"$f":"M802*G802","v":0},{"$f":"ROUND((M802*$B$2),2)","v":13.49},{"$f":"O802*G802","v":0}]
[null,"RAUTHERM S"]
["N","RAUTHERM S",null,null,12003031001,"Теплопроводная пластина TS-14  998 x 123 mm",null,"шт",48,4.1500000000000004,{"$f":"J804*$B$2","v":4.8970000000000002},{"$f":"K804*G804","v":0},{"$f":"J804*(1-$E$5-$E$7)*(1-$E$9)*(1+$E$11)","v":4.1500000000000004},{"$f":"M804*G804","v":0},{"$f":"ROUND((M804*$B$2),2)","v":4.9000000000000004},{"$f":"O804*G804","v":0}]
[null,"RAUTHERM S"]
["N","RAUTHERM S",null,null,12003041001,"Поворотная пластина TS-14  245 x 110 mm",null,"шт",25,4.7,{"$f":"J806*$B$2","v":5.5460000000000003},{"$f":"K806*G806","v":0},{"$f":"J806*(1-$E$5-$E$7)*(1-$E$9)*(1+$E$11)","v":4.7},{"$f":"M806*G806","v":0},{"$f":"ROUND((M806*$B$2),2)","v":5.55},{"$f":"O806*G806","v":0}]
[null,"RAUTHERM S"]
[null,"RAUTHERM S",null,null,null,"Теплоизоляция"]
[null,"RAUTHERM S",null,null,12390531001,"Тепло- и звукоизоляция ППС 30-2 mm, EPS 040 DES sg. 5kN/m²",null,"м2",300,9.89,{"$f":"J809*$B$2","v":11.670199999999999},{"$f":"K809*G809","v":0},{"$f":"J809*(1-$E$5-$E$7)*(1-$E$9)*(1+$E$11)","v":9.89},{"$f":"M809*G809","v":0},{"$f":"ROUND((M809*$B$2),2)","v":11.67},{"$f":"O809*G809","v":0}]
[null,"RAUTHERM S",null,null,12393031001,"Тепло- и звукоизоляция ППС 50-2 mm, EPS 040 DES sg. 5kN/m²",null,"м2",360,14.87,{"$f":"J810*$B$2","v":17.546599999999998},{"$f":"K810*G810","v":0},{"$f":"J810*(1-$E$5-$E$7)*(1-$E$9)*(1+$E$11)","v":14.87},{"$f":"M810*G810","v":0},{"$f":"ROUND((M810*$B$2),2)","v":17.55},{"$f":"O810*G810","v":0}]
[null,"RAUTHERM S",null,null,12390931001,"Тепло- и звукоизоляция ППС 70-2 mm, EPS 035 DES sg. 10kN/m²",null,"м2",240,21.1,{"$f":"J811*$B$2","v":24.898},{"$f":"K811*G811","v":0},{"$f":"J811*(1-$E$5-$E$7)*(1-$E$9)*(1+$E$11)","v":21.1},{"$f":"M811*G811","v":0},{"$f":"ROUND((M811*$B$2),2)","v":24.9},{"$f":"O811*G811","v":0}]
[null,"RAUTHERM S"]
[null,"RAUTHERM S",null,null,12391131001,"Доп. изоляция ППС 10 mm, EPS 040 DEO, 20 kN/m²",null,"м2",960,2.38,{"$f":"J813*$B$2","v":2.8083999999999998},{"$f":"K813*G813","v":0},{"$f":"J813*(1-$E$5-$E$7)*(1-$E$9)*(1+$E$11)","v":2.38},{"$f":"M813*G813","v":0},{"$f":"ROUND((M813*$B$2),2)","v":2.81},{"$f":"O813*G813","v":0}]
[null,"RAUTHERM S",null,null,12391331001,"Доп. изоляция ППС 30 mm, EPS 040 DEO, 20 kN/m²",null,"м2",320,7.38,{"$f":"J814*$B$2","v":8.7083999999999993},{"$f":"K814*G814","v":0},{"$f":"J814*(1-$E$5-$E$7)*(1-$E$9)*(1+$E$11)","v":7.38},{"$f":"M814*G814","v":0},{"$f":"ROUND((M814*$B$2),2)","v":8.7100000000000009},{"$f":"O814*G814","v":0}]
[null,"RAUTHERM S",null,null,12391531001,"Доп. изоляция ППС 50 mm, EPS 040 DEO, 20 kN/m²",null,"м2",360,12,{"$f":"J815*$B$2","v":14.16},{"$f":"K815*G815","v":0},{"$f":"J815*(1-$E$5-$E$7)*(1-$E$9)*(1+$E$11)","v":12},{"$f":"M815*G815","v":0},{"$f":"ROUND((M815*$B$2),2)","v":14.16},{"$f":"O815*G815","v":0}]
[null,"RAUTHERM S"]
[null,"RAUTHERM S",null,null,12391231001,"Доп. изоляция ППС 10 mm, EPS 035 DEO, 28 kN/m²",null,"м2",960,3.14,{"$f":"J817*$B$2","v":3.7052},{"$f":"K817*G817","v":0},{"$f":"J817*(1-$E$5-$E$7)*(1-$E$9)*(1+$E$11)","v":3.14},{"$f":"M817*G817","v":0},{"$f":"ROUND((M817*$B$2),2)","v":3.71},{"$f":"O817*G817","v":0}]
[null,"RAUTHERM S",null,null,12391431001,"Доп. изоляция ППС 40 mm, EPS 035 DEO, 28 kN/m²",null,"м2",480,12.53,{"$f":"J818*$B$2","v":14.785399999999999},{"$f":"K818*G818","v":0},{"$f":"J818*(1-$E$5-$E$7)*(1-$E$9)*(1+$E$11)","v":12.53},{"$f":"M818*G818","v":0},{"$f":"ROUND((M818*$B$2),2)","v":14.79},{"$f":"O818*G818","v":0}]
[null,"RAUTHERM S",null,null,12391631001,"Доп. изоляция ППС 50 mm, EPS 035 DEO, 28 kN/m²",null,"м2",180,14.92,{"$f":"J819*$B$2","v":17.605599999999999},{"$f":"K819*G819","v":0},{"$f":"J819*(1-$E$5-$E$7)*(1-$E$9)*(1+$E$11)","v":14.92},{"$f":"M819*G819","v":0},{"$f":"ROUND((M819*$B$2),2)","v":17.61},{"$f":"O819*G819","v":0}]
[null,"RAUTHERM S"]
[null,"RAUTHERM S",null,null,12863281001,"Доп. изоляция ППС 10 mm, EPS 035 DEO, 36 kN/m²",null,"м2",960,3.84,{"$f":"J821*$B$2","v":4.5311999999999992},{"$f":"K821*G821","v":0},{"$f":"J821*(1-$E$5-$E$7)*(1-$E$9)*(1+$E$11)","v":3.84},{"$f":"M821*G821","v":0},{"$f":"ROUND((M821*$B$2),2)","v":4.53},{"$f":"O821*G821","v":0}]
[null,"RAUTHERM S",null,null,12393131001,"Доп. изоляция ППС 20 mm, EPS 035 DEO, 36 kN/m²",null,"м2",480,7.36,{"$f":"J822*$B$2","v":8.6847999999999992},{"$f":"K822*G822","v":0},{"$f":"J822*(1-$E$5-$E$7)*(1-$E$9)*(1+$E$11)","v":7.36},{"$f":"M822*G822","v":0},{"$f":"ROUND((M822*$B$2),2)","v":8.68},{"$f":"O822*G822","v":0}]
[null,"RAUTHERM S",null,null,12393231001,"Доп. изоляция ППС 30 mm, EPS 035 DEO, 36 kN/m²",null,"м2",320,6.34,{"$f":"J823*$B$2","v":7.4811999999999994},{"$f":"K823*G823","v":0},{"$f":"J823*(1-$E$5-$E$7)*(1-$E$9)*(1+$E$11)","v":6.34},{"$f":"M823*G823","v":0},{"$f":"ROUND((M823*$B$2),2)","v":7.48},{"$f":"O823*G823","v":0}]
[null,"RAUTHERM S",null,null,12391831001,"Доп. изоляция ППС 50 mm, EPS 035 DEO, 36 kN/m²",null,"м2",360,19.04,{"$f":"J824*$B$2","v":22.467199999999998},{"$f":"K824*G824","v":0},{"$f":"J824*(1-$E$5-$E$7)*(1-$E$9)*(1+$E$11)","v":19.04},{"$f":"M824*G824","v":0},{"$f":"ROUND((M824*$B$2),2)","v":22.47},{"$f":"O824*G824","v":0}]
[null,"RAUTHERM S"]
[null,"RAUTHERM S",null,null,12278281001,"Доп. изоляция ППУ 40 mm, PUR 025 DEO dh, 100 kN/m²",null,"м2",10,25.82,{"$f":"J826*$B$2","v":30.467599999999997},{"$f":"K826*G826","v":0},{"$f":"J826*(1-$E$5-$E$7)*(1-$E$9)*(1+$E$11)","v":25.82},{"$f":"M826*G826","v":0},{"$f":"ROUND((M826*$B$2),2)","v":30.47},{"$f":"O826*G826","v":0}]
[null,"RAUTHERM S",null,null,12278381001,"Доп. изоляция ППУ 50 mm, PUR 025 DEO dh, 100 kN/m²",null,"м2",8,30.94,{"$f":"J827*$B$2","v":36.5092},{"$f":"K827*G827","v":0},{"$f":"J827*(1-$E$5-$E$7)*(1-$E$9)*(1+$E$11)","v":30.94},{"$f":"M827*G827","v":0},{"$f":"ROUND((M827*$B$2),2)","v":36.51},{"$f":"O827*G827","v":0}]
[null,"RAUTHERM S"]
[null,"RAUTHERM S",null,null,null,"Компоненты Системы"]
["D","RAUTHERM S",null,null,12644111002,"Профилированная отстенная изоляция",null,"м",100,1.58,{"$f":"J830*$B$2","v":1.8644000000000001},{"$f":"K830*G830","v":0},{"$f":"J830*(1-$E$5-$E$7)*(1-$E$9)*(1+$E$11)","v":1.58},{"$f":"M830*G830","v":0},{"$f":"ROUND((M830*$B$2),2)","v":1.86},{"$f":"O830*G830","v":0}]
["N","RAUTHERM S","x",null,12179041001,"Профилированная отстенная изоляция 8/150 мм",null,"м",100,1.1200000000000001,{"$f":"J831*$B$2","v":1.3216000000000001},{"$f":"K831*G831","v":0},{"$f":"J831*(1-$E$5-$E$7)*(1-$E$9)*(1+$E$11)","v":1.1200000000000001},{"$f":"M831*G831","v":0},{"$f":"ROUND((M831*$B$2),2)","v":1.32},{"$f":"O831*G831","v":0}]
[null,"RAUTHERM S",null,null,12888011001,"Отстенная изоляция, высота 80 мм",null,"м",100,0.94,{"$f":"J832*$B$2","v":1.1092},{"$f":"K832*G832","v":0},{"$f":"J832*(1-$E$5-$E$7)*(1-$E$9)*(1+$E$11)","v":0.94},{"$f":"M832*G832","v":0},{"$f":"ROUND((M832*$B$2),2)","v":1.1100000000000001},{"$f":"O832*G832","v":0}]
[null,"RAUTHERM S"]
[null,"RAUTHERM S",null,null,12392431001,"Профиль для деформационного шва ",null,"м",24,9.3000000000000007,{"$f":"J834*$B$2","v":10.974},{"$f":"K834*G834","v":0},{"$f":"J834*(1-$E$5-$E$7)*(1-$E$9)*(1+$E$11)","v":9.3000000000000007},{"$f":"M834*G834","v":0},{"$f":"ROUND((M834*$B$2),2)","v":10.97},{"$f":"O834*G834","v":0}]
[null,"RAUTHERM S"]
[null,"RAUTHERM S","x",null,12278331001,"Фиксатор отвода пластмас. на 90° для трубы 14",null,"шт",25,1.04,{"$f":"J836*$B$2","v":1.2272000000000001},{"$f":"K836*G836","v":0},{"$f":"J836*(1-$E$5-$E$7)*(1-$E$9)*(1+$E$11)","v":1.04},{"$f":"M836*G836","v":0},{"$f":"ROUND((M836*$B$2),2)","v":1.23},{"$f":"O836*G836","v":0}]
[null,"RAUTHERM S","x",null,12393331001,"Фиксатор отвода пластмас. на 90° для трубы 16/17",null,"шт",25,1.2,{"$f":"J837*$B$2","v":1.4159999999999999},{"$f":"K837*G837","v":0},{"$f":"J837*(1-$E$5-$E$7)*(1-$E$9)*(1+$E$11)","v":1.2},{"$f":"M837*G837","v":0},{"$f":"ROUND((M837*$B$2),2)","v":1.42},{"$f":"O837*G837","v":0}]
[null,"RAUTHERM S",null,null,12393431001,"Фиксатор отвода пластмас. на 90° для трубы 20",null,"шт",25,1.51,{"$f":"J838*$B$2","v":1.7817999999999998},{"$f":"K838*G838","v":0},{"$f":"J838*(1-$E$5-$E$7)*(1-$E$9)*(1+$E$11)","v":1.51},{"$f":"M838*G838","v":0},{"$f":"ROUND((M838*$B$2),2)","v":1.78},{"$f":"O838*G838","v":0}]
[null,"RAUTHERM S",null,null,12391931001,"Фиксатор отвода пластмас. на 90° для трубы 25",null,"шт",25,2.5499999999999998,{"$f":"J839*$B$2","v":3.0089999999999995},{"$f":"K839*G839","v":0},{"$f":"J839*(1-$E$5-$E$7)*(1-$E$9)*(1+$E$11)","v":2.5499999999999998},{"$f":"M839*G839","v":0},{"$f":"ROUND((M839*$B$2),2)","v":3.01},{"$f":"O839*G839","v":0}]
[null,"RAUTHERM S"]
[null,"RAUTHERM S","x",null,12563741003,"Присадка для добавления в стяжку P ",null,"кг",10,4.18,{"$f":"J841*$B$2","v":4.9323999999999995},{"$f":"K841*G841","v":0},{"$f":"J841*(1-$E$5-$E$7)*(1-$E$9)*(1+$E$11)","v":4.18},{"$f":"M841*G841","v":0},{"$f":"ROUND((M841*$B$2),2)","v":4.93},{"$f":"O841*G841","v":0}]
[null,"RAUTHERM S"]
[null,"RAUTHERM S",null,null,12616651001,"Присадка для добавления в стяжку \"Mini\"",null,"кг",25,6.98,{"$f":"J843*$B$2","v":8.2363999999999997},{"$f":"K843*G843","v":0},{"$f":"J843*(1-$E$5-$E$7)*(1-$E$9)*(1+$E$11)","v":6.98},{"$f":"M843*G843","v":0},{"$f":"ROUND((M843*$B$2),2)","v":8.24},{"$f":"O843*G843","v":0}]
[null,"RAUTHERM S"]
[null,"RAUTHERM S",null,null,12654711001,"Полимерные волокна для присадки \"Mini\"",null,"кг",1,16.760000000000002,{"$f":"J845*$B$2","v":19.776800000000001},{"$f":"K845*G845","v":0},{"$f":"J845*(1-$E$5-$E$7)*(1-$E$9)*(1+$E$11)","v":16.760000000000002},{"$f":"M845*G845","v":0},{"$f":"ROUND((M845*$B$2),2)","v":19.78},{"$f":"O845*G845","v":0}]
[null,"RAUTHERM S"]
[null,"RAUTHERM S"]
[null,"RAUTHERM S",null,null,12619491001,"Скотч-лента клейкая, 66м",null,"шт",1,6.77,{"$f":"J848*$B$2","v":7.988599999999999},{"$f":"K848*G848","v":0},{"$f":"J848*(1-$E$5-$E$7)*(1-$E$9)*(1+$E$11)","v":6.77},{"$f":"M848*G848","v":0},{"$f":"ROUND((M848*$B$2),2)","v":7.99},{"$f":"O848*G848","v":0}]
[null,"RAUTHERM S"]
[null,"RAUTHERM S",null,null,12619591001,"Машинка для нанесения скотч-ленты",null,"шт",1,40.79,{"$f":"J850*$B$2","v":48.132199999999997},{"$f":"K850*G850","v":0},{"$f":"J850*(1-$E$5-$E$7)*(1-$E$9)*(1+$E$11)","v":40.79},{"$f":"M850*G850","v":0},{"$f":"ROUND((M850*$B$2),2)","v":48.13},{"$f":"O850*G850","v":0}]
[null,"RAUTHERM S"]
[null,"RAUTHERM S",null,null,null,"2.1.4 Способы крепления труб к стен"]
[null,"RAUTHERM S","x",null,12288801001,"Фиксирующая шина 10",null,"шт",50,2.39,{"$f":"J853*$B$2","v":2.8201999999999998},{"$f":"K853*G853","v":0},{"$f":"J853*(1-$E$5-$E$7)*(1-$E$9)*(1+$E$11)","v":2.39},{"$f":"M853*G853","v":0},{"$f":"ROUND((M853*$B$2),2)","v":2.82},{"$f":"O853*G853","v":0}]
[null,"RAUTHERM S"]
[null,"RAUTHERM S","x",null,12288901001,"Двойной держатель для труб 10",null,"шт",50,0.67,{"$f":"J855*$B$2","v":0.79059999999999997},{"$f":"K855*G855","v":0},{"$f":"J855*(1-$E$5-$E$7)*(1-$E$9)*(1+$E$11)","v":0.67},{"$f":"M855*G855","v":0},{"$f":"ROUND((M855*$B$2),2)","v":0.79},{"$f":"O855*G855","v":0}]
[null,"RAUTHERM S"]
[null,"RAUTHERM S",null,null,12289501002,"Отвод направляющий 90°, 10, с крепежной петлей",null,"шт",25,1.3,{"$f":"J857*$B$2","v":1.534},{"$f":"K857*G857","v":0},{"$f":"J857*(1-$E$5-$E$7)*(1-$E$9)*(1+$E$11)","v":1.3},{"$f":"M857*G857","v":0},{"$f":"ROUND((M857*$B$2),2)","v":1.53},{"$f":"O857*G857","v":0}]
[null,"RAUTHERM S"]
[null,"RAUTHERM S",null,null,null,"2.1.5 Коллекторы"]
[null,"RAUTHERM S",null,null,null,"Коллекторы и принадлежности"]
["N","RAUTHERM S",null,null,12180211001,"Распределительный коллектор HKV на 2 контура нерж .сталь  ",null,"шт",1,137.6,{"$f":"J861*$B$2","v":162.36799999999999},{"$f":"K861*G861","v":0},{"$f":"J861*(1-$E$5-$E$7)*(1-$E$9)*(1+$E$11)","v":137.6},{"$f":"M861*G861","v":0},{"$f":"ROUND((M861*$B$2),2)","v":162.37},{"$f":"O861*G861","v":0}]
["N","RAUTHERM S",null,null,12180311001,"Распределительный коллектор HKV на 3 контура нерж .сталь  ",null,"шт",1,163.62,193.07159999999999,0,163.62,0,193.07,0]
["N","RAUTHERM S",null,null,12180411001,"Распределительный коллектор HKV на 4 контура нерж .сталь  ",null,"шт",1,189.63,223.76339999999999,0,189.63,0,223.76,0]
["N","RAUTHERM S",null,null,12180511001,"Распределительный коллектор HKV на 5 контуров нерж .сталь  ",null,"шт",1,221.89,261.83019999999999,0,221.89,0,261.83,0]
["N","RAUTHERM S",null,null,12180611001,"Распределительный коллектор HKV на 6 контуров нерж .сталь  ",null,"шт",1,247.91,292.53379999999999,0,247.91,0,292.52999999999997,0]
["N","RAUTHERM S",null,null,12180711001,"Распределительный коллектор HKV на 7 контуров нерж .сталь  ",null,"шт",1,288.5,340.43,0,288.5,0,340.43,0]
["N","RAUTHERM S",null,null,12180811001,"Распределительный коллектор HKV на 8 контуров нерж .сталь  ",null,"шт",1,314.51,371.12179999999995,0,314.51,0,371.12,0]
["N","RAUTHERM S",null,null,12180911001,"Распределительный коллектор HKV на 9 контуров нерж .сталь  ",null,"шт",1,339.5,400.60999999999996,0,339.5,0,400.61,0]
["N","RAUTHERM S",null,null,12181011001,"Распределительный коллектор HKV на 10 контуров нерж .сталь  ",null,"шт",1,379.04,447.2672,0,379.04,0,447.27,0]
["N","RAUTHERM S",null,null,12181111001,"Распределительный коллектор HKV на 11 контуров нерж .сталь  ",null,"шт",1,405.07,477.98259999999999,0,405.07,0,477.98,0]
["N","RAUTHERM S",null,null,12181211001,"Распределительный коллектор HKV на 12 контуров нерж .сталь  ",null,"шт",1,432.11,509.88979999999998,0,432.11,0,509.89,0]
[null,"RAUTHERM S"]
["N","RAUTHERM S","x",null,12080211002,"Распределительный коллектор HKV-D на 2 контура нерж .сталь  ",null,"шт",1,156.34,{"$f":"J873*$B$2","v":184.4812},{"$f":"K873*G873","v":0},{"$f":"J873*(1-$E$5-$E$7)*(1-$E$9)*(1+$E$11)","v":156.34},{"$f":"M873*G873","v":0},{"$f":"ROUND((M873*$B$2),2)","v":184.48},{"$f":"O873*G873","v":0}]
["N","RAUTHERM S","x",null,12080311002,"Распределительный коллектор HKV-D на 3 контуранерж .сталь  ",null,"шт",1,183.38,216.38839999999999,0,183.38,0,216.39,0]
["N","RAUTHERM S","x",null,12080411002,"Распределительный коллектор HKV-D на 4 контура нерж .сталь  ",null,"шт",1,214.61,253.2398,0,214.61,0,253.24,0]
["N","RAUTHERM S","x",null,12080511002,"Распределительный коллектор HKV-D на 5 контуров нерж .сталь  ",null,"шт",1,247.91,292.53379999999999,0,247.91,0,292.52999999999997,0]
["N","RAUTHERM S","x",null,12080611002,"Распределительный коллектор HKV-D на 6 контуров нерж .сталь  ",null,"шт",1,281.20999999999998,331.82779999999997,0,281.20999999999998,0,331.83,0]
["N","RAUTHERM S","x",null,12080711002,"Распределительный коллектор HKV-D на 7 контуров нерж .сталь  ",null,"шт",1,320.76,378.49679999999995,0,320.76,0,378.5,0]
["N","RAUTHERM S","x",null,12080811002,"Распределительный коллектор HKV-D на 8 контуров нерж .сталь  ",null,"шт",1,359.27,423.93859999999995,0,359.27,0,423.94,0]
["N","RAUTHERM S","x",null,12080911002,"Распределительный коллектор HKV-D на 9 контуров нерж .сталь  ",null,"шт",1,392.57,463.23259999999999,0,392.57,0,463.23,0]
["N","RAUTHERM S","x",null,12081011002,"Распределительный коллектор HKV-D на 10 контуров нерж .сталь  ",null,"шт",1,425.89,502.55019999999996,0,425.89,0,502.55,0]
["N","RAUTHERM S","x",null,12081111002,"Распределительный коллектор HKV-D на 11 контуров нерж .сталь  ",null,"шт",1,464.39,547.98019999999997,0,464.39,0,547.98,0]
["N","RAUTHERM S","x",null,12081211002,"Распределительный коллектор HKV-D на 12 контуров нерж .сталь  ",null,"шт",1,490.4,578.67199999999991,0,490.4,0,578.66999999999996,0]
[null,"RAUTHERM S"]
["N","RAUTHERM S","x",null,12075581001,"Расходомер к коллекторам HKV-D",null,"шт",1,19.5,{"$f":"J885*$B$2","v":23.009999999999998},{"$f":"K885*G885","v":0},{"$f":"J885*(1-$E$5-$E$7)*(1-$E$9)*(1+$E$11)","v":19.5},{"$f":"M885*G885","v":0},{"$f":"ROUND((M885*$B$2),2)","v":23.01},{"$f":"O885*G885","v":0}]
[null,"RAUTHERM S"]
["N","RAUTHERM S","x",null,12081221001,"Комплект двух прямых никелирован. шаровых кранов 1\" для коллекторов HKV/HLV",null,"шт",1,34.119999999999997,{"$f":"J887*$B$2","v":40.261599999999994},{"$f":"K887*G887","v":0},{"$f":"J887*(1-$E$5-$E$7)*(1-$E$9)*(1+$E$11)","v":34.119999999999997},{"$f":"M887*G887","v":0},{"$f":"ROUND((M887*$B$2),2)","v":40.26},{"$f":"O887*G887","v":0}]
["N","RAUTHERM S","x",null,13152241001,"Комплект двух угловых никелирован. шаровых кранов 1\" для коллекторов HKV/HLV",null,"шт",1,50.85,{"$f":"J888*$B$2","v":60.003},{"$f":"K888*G888","v":0},{"$f":"J888*(1-$E$5-$E$7)*(1-$E$9)*(1+$E$11)","v":50.85},{"$f":"M888*G888","v":0},{"$f":"ROUND((M888*$B$2),2)","v":60},{"$f":"O888*G888","v":0}]
[null,"RAUTHERM S"]
[null,"RAUTHERM S","x",null,12005461001,"Резьбозажимное соединение для подключ. трубы 10,1х1,1 мм",null,"шт",10,6.25,{"$f":"J890*$B$2","v":7.375},{"$f":"K890*G890","v":0},{"$f":"J890*(1-$E$5-$E$7)*(1-$E$9)*(1+$E$11)","v":6.25},{"$f":"M890*G890","v":0},{"$f":"ROUND((M890*$B$2),2)","v":7.38},{"$f":"O890*G890","v":0}]
[null,"RAUTHERM S","x",null,12460441001,"Резьбозажимное соединение для подключ. трубы 14х1,5 мм",null,"шт",10,4.9400000000000004,{"$f":"J891*$B$2","v":5.8292000000000002},{"$f":"K891*G891","v":0},{"$f":"J891*(1-$E$5-$E$7)*(1-$E$9)*(1+$E$11)","v":4.9400000000000004},{"$f":"M891*G891","v":0},{"$f":"ROUND((M891*$B$2),2)","v":5.83},{"$f":"O891*G891","v":0}]
[null,"RAUTHERM S","x",null,12506071002,"Резьбозажимное соединение для подключ. трубы 17х2 мм",null,"шт",10,4.9400000000000004,{"$f":"J892*$B$2","v":5.8292000000000002},{"$f":"K892*G892","v":0},{"$f":"J892*(1-$E$5-$E$7)*(1-$E$9)*(1+$E$11)","v":4.9400000000000004},{"$f":"M892*G892","v":0},{"$f":"ROUND((M892*$B$2),2)","v":5.83},{"$f":"O892*G892","v":0}]
[null,"RAUTHERM S",null,null,12506171002,"Резьбозажимное соединение для подключ. трубы 20х2 мм",null,"шт",10,4.9400000000000004,{"$f":"J893*$B$2","v":5.8292000000000002},{"$f":"K893*G893","v":0},{"$f":"J893*(1-$E$5-$E$7)*(1-$E$9)*(1+$E$11)","v":4.9400000000000004},{"$f":"M893*G893","v":0},{"$f":"ROUND((M893*$B$2),2)","v":5.83},{"$f":"O893*G893","v":0}]
[null,"RAUTHERM S"]
[null,"RAUTHERM S",null,null,12005531001,"Переходник с накидной гайкой 10x1,1-G3/4\" (евроконус)",null,"шт",10,7.81,{"$f":"J895*$B$2","v":9.2157999999999998},{"$f":"K895*G895","v":0},{"$f":"J895*(1-$E$5-$E$7)*(1-$E$9)*(1+$E$11)","v":7.81},{"$f":"M895*G895","v":0},{"$f":"ROUND((M895*$B$2),2)","v":9.2200000000000006},{"$f":"O895*G895","v":0}]
[null,"RAUTHERM S"]
["N","RAUTHERM S",null,null,12197581001,"Комплект для установки теплосчетчика, горизонтальный",null,"шт",1,79.05,{"$f":"J897*$B$2","v":93.278999999999996},{"$f":"K897*G897","v":0},{"$f":"J897*(1-$E$5-$E$7)*(1-$E$9)*(1+$E$11)","v":79.05},{"$f":"M897*G897","v":0},{"$f":"ROUND((M897*$B$2),2)","v":93.28},{"$f":"O897*G897","v":0}]
["N","RAUTHERM S",null,null,12197571001,"Комплект для установки теплосчетчика, вертикальный",null,"шт",1,107.84,{"$f":"J898*$B$2","v":127.2512},{"$f":"K898*G898","v":0},{"$f":"J898*(1-$E$5-$E$7)*(1-$E$9)*(1+$E$11)","v":107.84},{"$f":"M898*G898","v":0},{"$f":"ROUND((M898*$B$2),2)","v":127.25},{"$f":"O898*G898","v":0}]
["D","RAUTHERM S",null,null,12692421001,"Комплект для установки тепломера на коллекторе \nВыводится из программы поставок после реализации складского запаса",null,"шт",1,121.15,{"$f":"J899*$B$2","v":142.95699999999999},{"$f":"K899*G899","v":0},{"$f":"J899*(1-$E$5-$E$7)*(1-$E$9)*(1+$E$11)","v":121.15},{"$f":"M899*G899","v":0},{"$f":"ROUND((M899*$B$2),2)","v":142.96},{"$f":"O899*G899","v":0}]
[null,"RAUTHERM S"]
["D","RAUTHERM S",null,null,12692521001,"Соединительный резьбовой уголок 1\" \nВыводится из программы поставок после реализации складского запаса",null,"шт",1,9.3699999999999992,{"$f":"J901*$B$2","v":11.056599999999998},{"$f":"K901*G901","v":0},{"$f":"J901*(1-$E$5-$E$7)*(1-$E$9)*(1+$E$11)","v":9.3699999999999992},{"$f":"M901*G901","v":0},{"$f":"ROUND((M901*$B$2),2)","v":11.06},{"$f":"O901*G901","v":0}]
[null,"RAUTHERM S"]
[null,"RAUTHERM S",null,null,null,"Распределительные шкафы"]
[null,"RAUTHERM S",null,null,13454001001,"Шкаф коллекторный, встраиваемый, тип  UP 110/450 белый",null,"шт",1,117.22,{"$f":"J904*$B$2","v":138.31959999999998},{"$f":"K904*G904","v":0},{"$f":"J904*(1-$E$5-$E$7)*(1-$E$9)*(1+$E$11)","v":117.22},{"$f":"M904*G904","v":0},{"$f":"ROUND((M904*$B$2),2)","v":138.32},{"$f":"O904*G904","v":0}]
[null,"RAUTHERM S",null,null,13454101001,"Шкаф коллекторный, встраиваемый, тип  UP 110/550, белый",null,"шт",1,129.53,152.84539999999998,0,129.53,0,152.85,0]
[null,"RAUTHERM S",null,null,13454201001,"Шкаф коллекторный, встраиваемый, тип  UP 110/750, белый",null,"шт",1,153.69,181.35419999999999,0,153.69,0,181.35,0]
[null,"RAUTHERM S",null,null,13454301001,"Шкаф коллекторный, встраиваемый, тип  UP 110/950, белый",null,"шт",1,175.61,207.21979999999999,0,175.61,0,207.22,0]
[null,"RAUTHERM S",null,null,13454401001,"Шкаф коллекторный, встраиваемый, тип  UP 110/1150, белый",null,"шт",1,206.26,243.38679999999997,0,206.26,0,243.39,0]
[null,"RAUTHERM S",null,null,13454501001,"Шкаф коллекторный, встраиваемый, тип  UP 110/1300, белый",null,"шт",1,227.06,267.93079999999998,0,227.06,0,267.93,0]
[null,"RAUTHERM S"]
[null,"RAUTHERM S",null,null,13474001001,"Шкаф коллекторный, приставной, тип  AP 130/500 белый ",null,"шт",1,104.83,{"$f":"J911*$B$2","v":123.6994},{"$f":"K911*G911","v":0},{"$f":"J911*(1-$E$5-$E$7)*(1-$E$9)*(1+$E$11)","v":104.83},{"$f":"M911*G911","v":0},{"$f":"ROUND((M911*$B$2),2)","v":123.7},{"$f":"O911*G911","v":0}]
[null,"RAUTHERM S",null,null,13474101001,"Шкаф коллекторный, приставной, тип  AP 130/605, белый ",null,"шт",1,116.73,137.7414,0,116.73,0,137.74,0]
[null,"RAUTHERM S",null,null,13474201001,"Шкаф коллекторный, приставной, тип  AP 130/805, белый ",null,"шт",1,143.53,169.36539999999999,0,143.53,0,169.37,0]
[null,"RAUTHERM S",null,null,13474301001,"Шкаф коллекторный, приставной, тип  AP 130/1005, белый ",null,"шт",1,160.44,189.3192,0,160.44,0,189.32,0]
[null,"RAUTHERM S",null,null,13474401001,"Шкаф коллекторный, приставной, тип  AP 130/1205, белый ",null,"шт",1,169.61,200.13980000000001,0,169.61,0,200.14,0]
[null,"RAUTHERM S",null,null,13474501001,"Шкаф коллекторный, приставной, тип  AP 130/1353, белый",null,"шт",1,195.3,230.45400000000001,0,195.3,0,230.45,0]
[null,"RAUTHERM S"]
[null,"RAUTHERM S",null,null,13464101001,"Шкаф коллекторный, встраиваемый, тип  UP 75/550 , белый",null,"шт",1,131.54,{"$f":"J918*$B$2","v":155.21719999999999},{"$f":"K918*G918","v":0},{"$f":"J918*(1-$E$5-$E$7)*(1-$E$9)*(1+$E$11)","v":131.54},{"$f":"M918*G918","v":0},{"$f":"ROUND((M918*$B$2),2)","v":155.22},{"$f":"O918*G918","v":0}]
[null,"RAUTHERM S",null,null,13464201001,"Шкаф коллекторный, встраиваемый, тип  UP 75/750, белый",null,"шт",1,157.94,{"$f":"J919*$B$2","v":186.36919999999998},{"$f":"K919*G919","v":0},{"$f":"J919*(1-$E$5-$E$7)*(1-$E$9)*(1+$E$11)","v":157.94},{"$f":"M919*G919","v":0},{"$f":"ROUND((M919*$B$2),2)","v":186.37},{"$f":"O919*G919","v":0}]
[null,"RAUTHERM S",null,null,13464301001,"Шкаф коллекторный, встраиваемый, тип  UP  75/950, белый",null,"шт",1,178.52,{"$f":"J920*$B$2","v":210.65360000000001},{"$f":"K920*G920","v":0},{"$f":"J920*(1-$E$5-$E$7)*(1-$E$9)*(1+$E$11)","v":178.52},{"$f":"M920*G920","v":0},{"$f":"ROUND((M920*$B$2),2)","v":210.65},{"$f":"O920*G920","v":0}]
[null,"RAUTHERM S",null,null,13464401001,"Шкаф коллекторный, встраиваемый, тип  UP  75/1150, белый",null,"шт",1,207.82,{"$f":"J921*$B$2","v":245.22759999999997},{"$f":"K921*G921","v":0},{"$f":"J921*(1-$E$5-$E$7)*(1-$E$9)*(1+$E$11)","v":207.82},{"$f":"M921*G921","v":0},{"$f":"ROUND((M921*$B$2),2)","v":245.23},{"$f":"O921*G921","v":0}]
[null,"RAUTHERM S"]
[null,"RAUTHERM S",null,null,null,"2.1.6 Системы автоматического регулирования"]
[null,"RAUTHERM S",null,null,null,"Система Nea"]
[null,"RAUTHERM S","x",null,13360241001,"Терморегулятор Nea H 24 В",null,"шт",1,44.49,{"$f":"J925*$B$2","v":52.498199999999997},{"$f":"K925*G925","v":0},{"$f":"J925*(1-$E$5-$E$7)*(1-$E$9)*(1+$E$11)","v":44.49},{"$f":"M925*G925","v":0},{"$f":"ROUND((M925*$B$2),2)","v":52.5},{"$f":"O925*G925","v":0}]
[null,"RAUTHERM S","x",null,13362301001,"Терморегулятор Nea H 230 В ",null,"шт",1,44.49,52.498199999999997,0,44.49,0,52.5,0]
[null,"RAUTHERM S","x",null,13370241001,"Терморегулятор Nea HT 24 В ",null,"шт",1,49.94,58.929199999999994,0,49.94,0,58.93,0]
[null,"RAUTHERM S","x",null,13372301001,"Терморегулятор Nea HT 230 В ",null,"шт",1,49.94,58.929199999999994,0,49.94,0,58.93,0]
[null,"RAUTHERM S","x",null,13380241001,"Терморегулятор Nea HCT 24 В ",null,"шт",1,69.16,81.608799999999988,0,69.16,0,81.61,0]
[null,"RAUTHERM S","x",null,13382301001,"Терморегулятор Nea HCT 230 В ",null,"шт",1,69.16,81.608799999999988,0,69.16,0,81.61,0]
[null,"RAUTHERM S","x",null,12390231002,"Терморегулятор Е на 230 В (подкл. 12 сервоприводов)",null,"шт",1,27.07,31.942599999999999,0,27.07,0,31.94,0]
[null,"RAUTHERM S"]
[null,"RAUTHERM S","x",null,12144511001,"Выносной датчик Nea 24 В",null,"шт",1,12.89,{"$f":"J933*$B$2","v":15.2102},{"$f":"K933*G933","v":0},{"$f":"J933*(1-$E$5-$E$7)*(1-$E$9)*(1+$E$11)","v":12.89},{"$f":"M933*G933","v":0},{"$f":"ROUND((M933*$B$2),2)","v":15.21},{"$f":"O933*G933","v":0}]
[null,"RAUTHERM S","x",null,12179051001,"Выносной датчик Nea 230 В",null,"шт",1,22.04,{"$f":"J934*$B$2","v":26.007199999999997},{"$f":"K934*G934","v":0},{"$f":"J934*(1-$E$5-$E$7)*(1-$E$9)*(1+$E$11)","v":22.04},{"$f":"M934*G934","v":0},{"$f":"ROUND((M934*$B$2),2)","v":26.01},{"$f":"O934*G934","v":0}]
["N","RAUTHERM S","x",12270751100,13168311100,"Комплект подключения для терморегулятора\n(гофротрубка для проводки, подрозетник, алюминиевый наконечник ) ",null,"шт",1,14.97,{"$f":"J935*$B$2","v":17.6646},{"$f":"K935*G935","v":0},{"$f":"J935*(1-$E$5-$E$7)*(1-$E$9)*(1+$E$11)","v":14.97},{"$f":"M935*G935","v":0},{"$f":"ROUND((M935*$B$2),2)","v":17.66},{"$f":"O935*G935","v":0}]
["D","RAUTHERM S",null,null,12270751100,"Комплект подключения для терморегулятора\n(защитная трубка c металлическим наконечником и фиксирующим уголком для датчика температуры, гофротрубка для проводки и подрозетник) (не подходит для системы NEA smart R)",null,"шт",1,17.37,{"$f":"J936*$B$2","v":20.496600000000001},{"$f":"K936*G936","v":0},{"$f":"J936*(1-$E$5-$E$7)*(1-$E$9)*(1+$E$11)","v":17.37},{"$f":"M936*G936","v":0},{"$f":"ROUND((M936*$B$2),2)","v":20.5},{"$f":"O936*G936","v":0}]
[null,"RAUTHERM S"]
[null,"RAUTHERM S","x",13390241002,13490241001,"Клеммная колодка Nea H, 24 В, 6 каналов",null,"шт",1,75.959999999999994,{"$f":"J938*$B$2","v":89.632799999999989},{"$f":"K938*G938","v":0},{"$f":"J938*(1-$E$5-$E$7)*(1-$E$9)*(1+$E$11)","v":75.959999999999994},{"$f":"M938*G938","v":0},{"$f":"ROUND((M938*$B$2),2)","v":89.63},{"$f":"O938*G938","v":0}]
[null,"RAUTHERM S","x",13402301001,13422301001,"Клеммная колодка Nea HС, 230 В, 6 каналов, с насосным модулем ",null,"шт",1,104.67,{"$f":"J939*$B$2","v":123.5106},{"$f":"K939*G939","v":0},{"$f":"J939*(1-$E$5-$E$7)*(1-$E$9)*(1+$E$11)","v":104.67},{"$f":"M939*G939","v":0},{"$f":"ROUND((M939*$B$2),2)","v":123.51},{"$f":"O939*G939","v":0}]
[null,"RAUTHERM S","x",13400241001,13420241001,"Клеммная колодка Nea HС, 24 В, 6 каналов, с насосным модулем ",null,"шт",1,104.67,{"$f":"J940*$B$2","v":123.5106},{"$f":"K940*G940","v":0},{"$f":"J940*(1-$E$5-$E$7)*(1-$E$9)*(1+$E$11)","v":104.67},{"$f":"M940*G940","v":0},{"$f":"ROUND((M940*$B$2),2)","v":123.51},{"$f":"O940*G940","v":0}]
[null,"RAUTHERM S"]
[null,"RAUTHERM S","x",12690241003,13152981001,"Тороидальный трансформатор, 24 В",null,"шт",1,57.5,{"$f":"J942*$B$2","v":67.849999999999994},{"$f":"K942*G942","v":0},{"$f":"J942*(1-$E$5-$E$7)*(1-$E$9)*(1+$E$11)","v":57.5},{"$f":"M942*G942","v":0},{"$f":"ROUND((M942*$B$2),2)","v":67.849999999999994},{"$f":"O942*G942","v":0}]
[null,"RAUTHERM S"]
["D","RAUTHERM S",null,null,13390241001,"Клеммная колодка Nea H 24 В с насосным модулем \n(трансформатор 24 В арт. 269024-003 необходимо заказывать отдельно)",null,"шт",1,93.24,{"$f":"J944*$B$2","v":110.02319999999999},{"$f":"K944*G944","v":0},{"$f":"J944*(1-$E$5-$E$7)*(1-$E$9)*(1+$E$11)","v":93.24},{"$f":"M944*G944","v":0},{"$f":"ROUND((M944*$B$2),2)","v":110.02},{"$f":"O944*G944","v":0}]
["D","RAUTHERM S",null,null,13392301001,"Клеммная колодка Nea H 230 В с насосным модулем",null,"шт",1,93.24,110.02319999999999,0,93.24,0,110.02,0]
["D","RAUTHERM S",null,null,13390241002,"Клеммная колодка Nea H 24 В\n(трансформатор 24 В арт. 269024-003 необходимо заказывать отдельно)",null,"шт",1,75.959999999999994,89.632799999999989,0,75.959999999999994,0,89.63,0]
["D","RAUTHERM S",null,null,13392301002,"Клеммная колодка Nea H 230 В ",null,"шт",1,75.959999999999994,89.632799999999989,0,75.959999999999994,0,89.63,0]
["D","RAUTHERM S",null,null,13400241001,"Клеммная колодка Nea HC 24 В с насосным модулем \n(трансформатор 24 В арт. 269024-003 необходимо заказывать отдельно)",null,"шт",1,104.67,123.5106,0,104.67,0,123.51,0]
["D","RAUTHERM S",null,null,13402301001,"Клеммная колодка Nea HC 230 В с насосным модулем ",null,"шт",1,104.67,123.5106,0,104.67,0,123.51,0]
[null,"RAUTHERM S"]
["D","RAUTHERM S",null,null,12690241003,"Трансформатор 24 В",null,"шт",1,57.5,{"$f":"J951*$B$2","v":67.849999999999994},{"$f":"K951*G951","v":0},{"$f":"J951*(1-$E$5-$E$7)*(1-$E$9)*(1+$E$11)","v":57.5},{"$f":"M951*G951","v":0},{"$f":"ROUND((M951*$B$2),2)","v":67.849999999999994},{"$f":"O951*G951","v":0}]
[null,"RAUTHERM S"]
["N","RAUTHERM S","x",12179151001,13202751001,"Сервопривод UNI на 230 В",null,"шт",1,31.21,{"$f":"J953*$B$2","v":36.827799999999996},{"$f":"K953*G953","v":0},{"$f":"J953*(1-$E$5-$E$7)*(1-$E$9)*(1+$E$11)","v":31.21},{"$f":"M953*G953","v":0},{"$f":"ROUND((M953*$B$2),2)","v":36.83},{"$f":"O953*G953","v":0}]
["N","RAUTHERM S","x",12179161001,13202761001,"Сервопривод UNI на 24 В",null,"шт",1,31.21,{"$f":"J954*$B$2","v":36.827799999999996},{"$f":"K954*G954","v":0},{"$f":"J954*(1-$E$5-$E$7)*(1-$E$9)*(1+$E$11)","v":31.21},{"$f":"M954*G954","v":0},{"$f":"ROUND((M954*$B$2),2)","v":36.83},{"$f":"O954*G954","v":0}]
["D","RAUTHERM S",null,null,12179151001,"Сервопривод UNI на 230 В",null,"шт",1,31.21,{"$f":"J955*$B$2","v":36.827799999999996},{"$f":"K955*G955","v":0},{"$f":"J955*(1-$E$5-$E$7)*(1-$E$9)*(1+$E$11)","v":31.21},{"$f":"M955*G955","v":0},{"$f":"ROUND((M955*$B$2),2)","v":36.83},{"$f":"O955*G955","v":0}]
["D","RAUTHERM S",null,null,12179161001,"Сервопривод UNI на 24 В",null,"шт",1,31.21,{"$f":"J956*$B$2","v":36.827799999999996},{"$f":"K956*G956","v":0},{"$f":"J956*(1-$E$5-$E$7)*(1-$E$9)*(1+$E$11)","v":31.21},{"$f":"M956*G956","v":0},{"$f":"ROUND((M956*$B$2),2)","v":36.83},{"$f":"O956*G956","v":0}]
[null,"RAUTHERM S"]
[null,"RAUTHERM S",null,null,12144811001,"Таймер-модуль Nea ",null,"шт",1,208.05,{"$f":"J958*$B$2","v":245.499},{"$f":"K958*G958","v":0},{"$f":"J958*(1-$E$5-$E$7)*(1-$E$9)*(1+$E$11)","v":208.05},{"$f":"M958*G958","v":0},{"$f":"ROUND((M958*$B$2),2)","v":245.5},{"$f":"O958*G958","v":0}]
[null,"RAUTHERM S",null,null,12492871001,"Датчик точки росы TPW",null,"шт",1,192.53,{"$f":"J959*$B$2","v":227.18539999999999},{"$f":"K959*G959","v":0},{"$f":"J959*(1-$E$5-$E$7)*(1-$E$9)*(1+$E$11)","v":192.53},{"$f":"M959*G959","v":0},{"$f":"ROUND((M959*$B$2),2)","v":227.19},{"$f":"O959*G959","v":0}]
[null,"RAUTHERM S"]
[null,"RAUTHERM S",null,null,null,"Беспроводная система Nea Smart R"]
["N","RAUTHERM S","x",null,13152671001,"Терморегулятор Nea Smart R без дисплея ",null,"шт",1,63.71,{"$f":"J962*$B$2","v":75.177799999999991},{"$f":"K962*G962","v":0},{"$f":"J962*(1-$E$5-$E$7)*(1-$E$9)*(1+$E$11)","v":63.71},{"$f":"M962*G962","v":0},{"$f":"ROUND((M962*$B$2),2)","v":75.180000000000007},{"$f":"O962*G962","v":0}]
["N","RAUTHERM S","x",null,13152681001,"Терморегулятор Nea Smart R D с дисплеем",null,"шт",1,88.71,104.67779999999999,0,88.71,0,104.68,0]
["N","RAUTHERM S","x",null,13152711001,"Клеммная колодка Nea Smart R с Ethernet-портом, 230 В",null,"шт",1,356.86,421.09480000000002,0,356.86,0,421.09,0]
["N","RAUTHERM S","x",12179151001,13202751001,"Сервопривод UNI на 230 В",null,"шт",1,31.21,{"$f":"J965*$B$2","v":36.827799999999996},0,{"$f":"J965*(1-$E$5-$E$7)*(1-$E$9)*(1+$E$11)","v":31.21},0,{"$f":"ROUND((M965*$B$2),2)","v":36.83},0]
["D","RAUTHERM S","x",null,12179151001,"Сервопривод UNI на 230 В",null,"шт",1,31.21,36.827799999999996,0,31.21,0,36.83,0]
["N","RAUTHERM S","x",null,13152751001,"Внешний датчик Nea Smart",null,"шт",1,19.36,22.844799999999999,0,19.36,0,22.84,0]
["N","RAUTHERM S",null,null,13152741001,"Ретранслятор Nea Smart R",null,"шт",1,184.31,217.48579999999998,0,184.31,0,217.49,0]
["N","RAUTHERM S",null,null,13152731001,"Антенна Nea Smart R",null,"шт",1,180.47,212.9546,0,180.47,0,212.95,0]
[null,"RAUTHERM S",null,null,12492871001,"Датчик точки росы TPW",null,"шт",1,192.53,227.18539999999999,0,192.53,0,227.19,0]
[null,"RAUTHERM S"]
[null,"RAUTHERM S",null,null,null,"RAUMATIC  М"]
["D","RAUTHERM S",null,null,12491371001,"Клеммная колодка для RAUMATIC M на 230 В",null,"шт",1,80.400000000000006,{"$f":"J973*$B$2","v":94.872},{"$f":"K973*G973","v":0},{"$f":"J973*(1-$E$5-$E$7)*(1-$E$9)*(1+$E$11)","v":80.400000000000006},{"$f":"M973*G973","v":0},{"$f":"ROUND((M973*$B$2),2)","v":94.87},{"$f":"O973*G973","v":0}]
["D","RAUTHERM S",null,null,12491471001,"Клеммная колодка для RAUMATIC M на 24 В с трансформатором",null,"шт",1,112.56,132.82079999999999,0,112.56,0,132.82,0]
["D","RAUTHERM S",null,null,12445301001,"Дополнительный модуль 2-х терморегуляторов на 230 В",null,"шт",1,40.75,48.085000000000001,0,40.75,0,48.09,0]
["D","RAUTHERM S",null,null,12445501001,"Дополнительный модуль 2-х  терморегуляторов на 24 В",null,"шт",1,40.75,48.085000000000001,0,40.75,0,48.09,0]
["D","RAUTHERM S",null,null,12445401001,"Дополнительный модуль 4-х сервоприводов на 230 В",null,"шт",1,49.33,58.209399999999995,0,49.33,0,58.21,0]
["D","RAUTHERM S",null,null,12445601001,"Дополнительный модуль 4-х сервоприводов на 24 В",null,"шт",1,49.33,58.209399999999995,0,49.33,0,58.21,0]
[null,"RAUTHERM S"]
["D","RAUTHERM S",null,null,12491571001,"Насосный модуль клеммной колодки на 230 В",null,"шт",1,73.989999999999995,{"$f":"J980*$B$2","v":87.308199999999985},{"$f":"K980*G980","v":0},{"$f":"J980*(1-$E$5-$E$7)*(1-$E$9)*(1+$E$11)","v":73.989999999999995},{"$f":"M980*G980","v":0},{"$f":"ROUND((M980*$B$2),2)","v":87.31},{"$f":"O980*G980","v":0}]
["D","RAUTHERM S",null,null,12491671001,"Насосный модуль клеммной колодки на 24 В",null,"шт",1,73.989999999999995,{"$f":"J981*$B$2","v":87.308199999999985},{"$f":"K981*G981","v":0},{"$f":"J981*(1-$E$5-$E$7)*(1-$E$9)*(1+$E$11)","v":73.989999999999995},{"$f":"M981*G981","v":0},{"$f":"ROUND((M981*$B$2),2)","v":87.31},{"$f":"O981*G981","v":0}]
[null,"RAUTHERM S"]
["D","RAUTHERM S",null,null,12443801001,"Термический сервопривод GLT на 24 В с интелект. режимом работы",null,"шт",1,75.040000000000006,{"$f":"J983*$B$2","v":88.547200000000004},{"$f":"K983*G983","v":0},{"$f":"J983*(1-$E$5-$E$7)*(1-$E$9)*(1+$E$11)","v":75.040000000000006},{"$f":"M983*G983","v":0},{"$f":"ROUND((M983*$B$2),2)","v":88.55},{"$f":"O983*G983","v":0}]
["N","RAUTHERM S",null,null,13150931001,"Термический сервопривод GLT UNI на 24 В с интелект. режимом работы",null,"шт",1,75.040000000000006,{"$f":"J984*$B$2","v":88.547200000000004},{"$f":"K984*G984","v":0},{"$f":"J984*(1-$E$5-$E$7)*(1-$E$9)*(1+$E$11)","v":75.040000000000006},{"$f":"M984*G984","v":0},{"$f":"ROUND((M984*$B$2),2)","v":88.55},{"$f":"O984*G984","v":0}]
[null,"RAUTHERM S"]
[null,"RAUTHERM S",null,null,null,"RAUMATIC  R"]
["D","RAUTHERM S",null,null,12446901002,"Терморегулятор с дистанционным радиоуправлением (868МГц, до 30м)",null,"шт",1,91.12,{"$f":"J987*$B$2","v":107.52160000000001},{"$f":"K987*G987","v":0},{"$f":"J987*(1-$E$5-$E$7)*(1-$E$9)*(1+$E$11)","v":91.12},{"$f":"M987*G987","v":0},{"$f":"ROUND((M987*$B$2),2)","v":107.52},{"$f":"O987*G987","v":0}]
["D","RAUTHERM S",null,null,12447001002,"Клеммная колодка радиоуправления для 6 терморегуляторов ( 24 В )",null,"шт",1,321.58,{"$f":"J988*$B$2","v":379.46439999999996},{"$f":"K988*G988","v":0},{"$f":"J988*(1-$E$5-$E$7)*(1-$E$9)*(1+$E$11)","v":321.58},{"$f":"M988*G988","v":0},{"$f":"ROUND((M988*$B$2),2)","v":379.46},{"$f":"O988*G988","v":0}]
[null,"RAUTHERM S","x",null,12179161001,"Сервопривод UNI на 24 В",null,"шт",1,31.21,{"$f":"J989*$B$2","v":36.827799999999996},{"$f":"K989*G989","v":0},{"$f":"J989*(1-$E$5-$E$7)*(1-$E$9)*(1+$E$11)","v":31.21},{"$f":"M989*G989","v":0},{"$f":"ROUND((M989*$B$2),2)","v":36.83},{"$f":"O989*G989","v":0}]
[null,"RAUTHERM S"]
[null,"RAUTHERM S",null,null,null,"Станции температурного регулирования"]
["D","RAUTHERM S",null,null,12096781001,"К-т температ. регулирования FWRS 1`` с постоянными параметрами",null,"шт",1,503.33,{"$f":"J992*$B$2","v":593.92939999999999},{"$f":"K992*G992","v":0},{"$f":"J992*(1-$E$5-$E$7)*(1-$E$9)*(1+$E$11)","v":503.33},{"$f":"M992*G992","v":0},{"$f":"ROUND((M992*$B$2),2)","v":593.92999999999995},{"$f":"O992*G992","v":0}]
[null,"RAUTHERM S"]
["N","RAUTHERM S","x",12096781001,13185451001,"К-т температ. регулирования flex 1`` с постоянными параметрами",null,"шт",1,503.33,{"$f":"J994*$B$2","v":593.92939999999999},{"$f":"K994*G994","v":0},{"$f":"J994*(1-$E$5-$E$7)*(1-$E$9)*(1+$E$11)","v":503.33},{"$f":"M994*G994","v":0},{"$f":"ROUND((M994*$B$2),2)","v":593.92999999999995},{"$f":"O994*G994","v":0}]
[null,"RAUTHERM S"]
[null,"RAUTHERM S",null,null,12096741001,"Терморегулирующая станция TRS-V с автомат. управлением",null,"шт",1,1483.02,{"$f":"J996*$B$2","v":1749.9635999999998},{"$f":"K996*G996","v":0},{"$f":"J996*(1-$E$5-$E$7)*(1-$E$9)*(1+$E$11)","v":1483.02},{"$f":"M996*G996","v":0},{"$f":"ROUND((M996*$B$2),2)","v":1749.96},{"$f":"O996*G996","v":0}]
[null,"RAUTHERM S"]
[null,"RAUTHERM S",null,null,12096751001,"Терморегулирующая станция TRS-20 с автомат. управлением",null,"шт",1,1522.56,{"$f":"J998*$B$2","v":1796.6207999999999},{"$f":"K998*G998","v":0},{"$f":"J998*(1-$E$5-$E$7)*(1-$E$9)*(1+$E$11)","v":1522.56},{"$f":"M998*G998","v":0},{"$f":"ROUND((M998*$B$2),2)","v":1796.62},{"$f":"O998*G998","v":0}]
[null,"RAUTHERM S"]
[null,"RAUTHERM S",null,null,12096761001,"Смесительный насосный узел PMG-25 с руч. управлением",null,"шт",1,805.52,{"$f":"J1000*$B$2","v":950.51359999999988},{"$f":"K1000*G1000","v":0},{"$f":"J1000*(1-$E$5-$E$7)*(1-$E$9)*(1+$E$11)","v":805.52},{"$f":"M1000*G1000","v":0},{"$f":"ROUND((M1000*$B$2),2)","v":950.51},{"$f":"O1000*G1000","v":0}]
[null,"RAUTHERM S"]
[null,"RAUTHERM S",null,null,12096771001,"Смесительный насосный узел PMG-32 с руч. управлением",null,"шт",1,910.62,{"$f":"J1002*$B$2","v":1074.5316},{"$f":"K1002*G1002","v":0},{"$f":"J1002*(1-$E$5-$E$7)*(1-$E$9)*(1+$E$11)","v":910.62},{"$f":"M1002*G1002","v":0},{"$f":"ROUND((M1002*$B$2),2)","v":1074.53},{"$f":"O1002*G1002","v":0}]
[null,"RAUTHERM S"]
[null,"RAUTHERM S",null,null,12348201001,"К-т устройств для автомат. управления смесит. узлом PMG ",null,"шт",1,697.28,{"$f":"J1004*$B$2","v":822.79039999999998},{"$f":"K1004*G1004","v":0},{"$f":"J1004*(1-$E$5-$E$7)*(1-$E$9)*(1+$E$11)","v":697.28},{"$f":"M1004*G1004","v":0},{"$f":"ROUND((M1004*$B$2),2)","v":822.79},{"$f":"O1004*G1004","v":0}]
[null,"RAUTHERM S"]
[null,"RAUTHERM S",null,null,null,"Система регулирования HC BUS"]
["N","RAUTHERM S",null,null,12084611001,"Управляющий модуль HC BUS Manager",null,"шт",1,801.18,{"$f":"J1007*$B$2","v":945.39239999999984},{"$f":"K1007*G1007","v":0},{"$f":"J1007*(1-$E$5-$E$7)*(1-$E$9)*(1+$E$11)","v":801.18},{"$f":"M1007*G1007","v":0},{"$f":"ROUND((M1007*$B$2),2)","v":945.39},{"$f":"O1007*G1007","v":0}]
["N","RAUTHERM S",null,null,12084621001,"Комнатный терминал HC BUS Room Unit",null,"шт",1,234.15,276.29699999999997,0,234.15,0,276.3,0]
["N","RAUTHERM S",null,null,12298671001,"Расширительный модуль HC BUS",null,"шт",1,280.19,330.62419999999997,0,280.19,0,330.62,0]
["N","RAUTHERM S",null,null,13038891001,"Web-карта HC BUS",null,"шт",1,867.17,1023.2606,0,867.17,0,1023.26,0]
[null,"RAUTHERM S",null,null,12279971001,"Дисплей D-HC",null,"шт",1,459.97,542.76459999999997,0,459.97,0,542.76,0]
[null,"RAUTHERM S",null,null,12280871001,"Датчик влажности HT-HC",null,"шт",1,294.23,347.19139999999999,0,294.23,0,347.19,0]
[null,"RAUTHERM S",null,null,12280971001,"Датчик температуры помещения RT-HC",null,"шт",1,87.78,103.5804,0,87.78,0,103.58,0]
[null,"RAUTHERM S",null,null,12280471001,"Датчик температуры наружнего воздуха AT-HC",null,"шт",1,105.69,124.71419999999999,0,105.69,0,124.71,0]
[null,"RAUTHERM S",null,null,12280171001,"Набор датчиков S-HC",null,"шт",1,463.89,547.39019999999994,0,463.89,0,547.39,0]
["N","RAUTHERM S",null,null,12085341001,"Датчик температуры воды в под./обр. магистрали FRTC-HC, накладной",null,"шт",1,42.49,50.138199999999998,0,42.49,0,50.14,0]
[null,"RAUTHERM S",null,null,12280571001,"Датчики температуры воды в под. Магистрали FRT-HC",null,"шт",1,20,23.599999999999998,0,20,0,23.6,0]
[null,"RAUTHERM S",null,null,12280671001,"Датчик температуры пола FT-HC",null,"шт",1,23.2,27.375999999999998,0,23.2,0,27.38,0]
[null,"RAUTHERM S",null,null,12280771001,"Погружная гильза IS-HC",null,"шт",1,38.24,45.123199999999997,0,38.24,0,45.12,0]
["D","RAUTHERM S",null,null,12279771001,"Модуль  MM-HC",null,"шт",1,1434.51,1692.7217999999998,0,1434.51,0,1692.72,0]
["D","RAUTHERM S",null,null,12298671001,"Главная распределительная колодка MEM-HC",null,"шт",1,304.12,358.86160000000001,0,304.12,0,358.86,0]
["D","RAUTHERM S",null,null,12279871001,"Управляемый модуль SL-HC",null,"шт",1,992.95,1171.681,0,992.95,0,1171.68,0]
["D","RAUTHERM S",null,null,12280271001,"Базовый модуль BM-HC",null,"шт",1,978.89,1155.0901999999999,0,978.89,0,1155.0899999999999,0]
["D","RAUTHERM S",null,null,12280371001,"Дополнительный базовый модуль BEM-HC",null,"шт",1,325.83,384.47939999999994,0,325.83,0,384.48,0]
["D","RAUTHERM S",null,null,12690241003,"Трансформатор 24 В",null,"шт",1,57.5,67.849999999999994,0,57.5,0,67.849999999999994,0]
[null,"RAUTHERM S","x",12690241003,13152981001,"Тороидальный трансформатор, 24 В",null,"шт",1,57.5,67.849999999999994,0,57.5,0,67.849999999999994,0]
[null,"RAUTHERM S","x",null,12179161001,"Сервопривод UNI на 24 В",null,"шт",1,31.21,36.827799999999996,0,31.21,0,36.83,0]
[null,"RAUTHERM S"]
[null,"RAUTHERM S",null,null,12492871001,"Контроллер точки росы TPW",null,"шт",1,192.53,{"$f":"J1029*$B$2","v":227.18539999999999},{"$f":"K1029*G1029","v":0},{"$f":"J1029*(1-$E$5-$E$7)*(1-$E$9)*(1+$E$11)","v":192.53},{"$f":"M1029*G1029","v":0},{"$f":"ROUND((M1029*$B$2),2)","v":227.19},{"$f":"O1029*G1029","v":0}]
[null,"RAUTHERM S"]
[null,"RAUTHERM S",null,null,12442101001,"Проходной вентиль DV 20 с приводом (24В) ",null,"шт",1,114.47,{"$f":"J1031*$B$2","v":135.0746},{"$f":"K1031*G1031","v":0},{"$f":"J1031*(1-$E$5-$E$7)*(1-$E$9)*(1+$E$11)","v":114.47},{"$f":"M1031*G1031","v":0},{"$f":"ROUND((M1031*$B$2),2)","v":135.07},{"$f":"O1031*G1031","v":0}]
[null,"RAUTHERM S",null,null,12442201001,"Проходной вентиль DV 25 с приводом (24В) ",null,"шт",1,137.38,{"$f":"J1032*$B$2","v":162.10839999999999},{"$f":"K1032*G1032","v":0},{"$f":"J1032*(1-$E$5-$E$7)*(1-$E$9)*(1+$E$11)","v":137.38},{"$f":"M1032*G1032","v":0},{"$f":"ROUND((M1032*$B$2),2)","v":162.11000000000001},{"$f":"O1032*G1032","v":0}]
[null,"RAUTHERM S",null,null,12442301001,"Проходной вентиль DV 32 с приводом (24В) ",null,"шт",1,239.36,{"$f":"J1033*$B$2","v":282.44479999999999},{"$f":"K1033*G1033","v":0},{"$f":"J1033*(1-$E$5-$E$7)*(1-$E$9)*(1+$E$11)","v":239.36},{"$f":"M1033*G1033","v":0},{"$f":"ROUND((M1033*$B$2),2)","v":282.44},{"$f":"O1033*G1033","v":0}]
[null,"RAUTHERM S"]
[null,"RAUTHERM S",null,null,12442401001,"Трехходовой вентиль MV 15 с приводом (24В) ",null,"шт",1,305.97000000000003,{"$f":"J1035*$B$2","v":361.0446},{"$f":"K1035*G1035","v":0},{"$f":"J1035*(1-$E$5-$E$7)*(1-$E$9)*(1+$E$11)","v":305.97000000000003},{"$f":"M1035*G1035","v":0},{"$f":"ROUND((M1035*$B$2),2)","v":361.04},{"$f":"O1035*G1035","v":0}]
[null,"RAUTHERM S",null,null,12442501001,"Трехходовой вентиль MV 20 с приводом (24В) ",null,"шт",1,333.03,{"$f":"J1036*$B$2","v":392.97539999999992},{"$f":"K1036*G1036","v":0},{"$f":"J1036*(1-$E$5-$E$7)*(1-$E$9)*(1+$E$11)","v":333.03},{"$f":"M1036*G1036","v":0},{"$f":"ROUND((M1036*$B$2),2)","v":392.98},{"$f":"O1036*G1036","v":0}]
[null,"RAUTHERM S",null,null,12442601001,"Трехходовой вентиль MV 25 с приводом (24В) ",null,"шт",1,431.9,{"$f":"J1037*$B$2","v":509.64199999999994},{"$f":"K1037*G1037","v":0},{"$f":"J1037*(1-$E$5-$E$7)*(1-$E$9)*(1+$E$11)","v":431.9},{"$f":"M1037*G1037","v":0},{"$f":"ROUND((M1037*$B$2),2)","v":509.64},{"$f":"O1037*G1037","v":0}]
[null,"RAUTHERM S"]
[null,"RAUTHERM S",null,null,null,"2.1.7 Единая система обогрева и охлаждения"]
[null,"RAUTHERM S",null,null,null,"\"Мокрый\" способ монтажа"]
["P","RAUTHERM S","x",null,11311281240,"Отопит.труба RAUTHERM S 10,1х1,1 мм, бухта 240 м ",null,"м",240,1.02,{"$f":"J1041*$B$2","v":1.2036},{"$f":"K1041*G1041","v":0},{"$f":"J1041*(1-$E$5-$E$7)*(1-$E$9)*(1+$E$11)","v":1.02},{"$f":"M1041*G1041","v":0},{"$f":"ROUND((M1041*$B$2),2)","v":1.2},{"$f":"O1041*G1041","v":0}]
["P","RAUTHERM S","x",null,11361401120,"Отопит.труба RAUTHERM S 17х2,0 мм, бухта 120 м ",null,"м",120,1.3,1.534,0,1.3,0,1.53,0]
["P","RAUTHERM S",null,null,11361401240,"Отопит.труба RAUTHERM S 17х2,0 мм, бухта 240 м ",null,"м",240,1.3,1.534,0,1.3,0,1.53,0]
[null,"RAUTHERM S","x",null,11361601120,"Отопит.труба RAUTHERM S 20х2,0 мм, бухта 120 м ",null,"м",120,2.09,2.4661999999999997,0,2.09,0,2.4700000000000002,0]
[null,"RAUTHERM S",null,null,11361601240,"Отопит.труба RAUTHERM S 20х2,0 мм, бухта 240 м ",null,"м",240,2.09,2.4661999999999997,0,2.09,0,2.4700000000000002,0]
[null,"RAUTHERM S","x",null,12005361001,"Надвижная гильза 10 x1,1",null,"шт",10,0.67,0.79059999999999997,0,0.67,0,0.79,0]
[null,"RAUTHERM S","x",null,12502971002,"Надвижная гильза 17x2,0",null,"шт",50,0.88,1.0384,0,0.88,0,1.04,0]
[null,"RAUTHERM S","x",null,12503071002,"Надвижная гильза 20x2,0 ",null,"шт",50,0.94,1.1092,0,0.94,0,1.1100000000000001,0]
[null,"RAUTHERM S","x",null,12005261001,"Муфта  соед. равнопроходн. 10x1,1",null,"шт",10,4.53,5.3453999999999997,0,4.53,0,5.35,0]
[null,"RAUTHERM S","x",null,12005331001,"Муфта соединительная переходная 17-10",null,"шт",10,7.24,8.5432000000000006,0,7.24,0,8.5399999999999991,0]
[null,"RAUTHERM S",null,null,12005341001,"Муфта соединительная переходная  20-10",null,"шт",10,7.24,8.5432000000000006,0,7.24,0,8.5399999999999991,0]
[null,"RAUTHERM S",null,null,12005431001,"Тройник 17x2,0 - 10,1x1,1 - 17x 2,0",null,"шт",5,6.39,7.5401999999999996,0,6.39,0,7.54,0]
[null,"RAUTHERM S",null,null,12005441001,"Тройник 20x2,0 - 10,1x1,1 - 20x2,0",null,"шт",5,6.39,7.5401999999999996,0,6.39,0,7.54,0]
[null,"RAUTHERM S",null,null,12005531001,"Переходник с накидной гайкой 10x1,5",null,"шт",10,7.81,9.2157999999999998,0,7.81,0,9.2200000000000006,0]
[null,"RAUTHERM S","x",null,12005461001,"Резьбозажимное соединение для подключ. трубы 10,1х1,1 мм",null,"шт",10,6.25,7.375,0,6.25,0,7.38,0]
[null,"RAUTHERM S"]
[null,"RAUTHERM S",null,null,null,"Настенные и потолочные панели для \"сухого\" способа монтажа"]
[null,"RAUTHERM S",null,null,12028601001,"Настенная панель 1000*625",null,"шт",1,60.97,{"$f":"J1058*$B$2","v":71.944599999999994},{"$f":"K1058*G1058","v":0},{"$f":"J1058*(1-$E$5-$E$7)*(1-$E$9)*(1+$E$11)","v":60.97},{"$f":"M1058*G1058","v":0},{"$f":"ROUND((M1058*$B$2),2)","v":71.94},{"$f":"O1058*G1058","v":0}]
[null,"RAUTHERM S",null,null,12028501001,"Настенная панель 2000*625",null,"шт",1,107.36,126.6848,0,107.36,0,126.68,0]
[null,"RAUTHERM S",null,null,12027701001,"Потолочная панель 2000*1250",null,"шт",1,235.55,277.94900000000001,0,235.55,0,277.95,0]
[null,"RAUTHERM S",null,null,12027801001,"Потолочная панель 1500*1250",null,"шт",1,191.74,226.25319999999999,0,191.74,0,226.25,0]
[null,"RAUTHERM S",null,null,12027901001,"Потолочная панель 1000*1250",null,"шт",1,131.47,155.13459999999998,0,131.47,0,155.13,0]
[null,"RAUTHERM S",null,null,12028001001,"Потолочная панель 500*1250",null,"шт",1,82.17,96.960599999999999,0,82.17,0,96.96,0]
[null,"RAUTHERM S"]
[null,"RAUTHERM S",null,null,null,"Система регулирования единой системы обогрева/охлаждения поверхностей HC"]
[null,"RAUTHERM S",null,null,12084611001,"Управляющий модуль HC BUS Manager",null,"шт",1,801.18,{"$f":"J1066*$B$2","v":945.39239999999984},{"$f":"K1066*G1066","v":0},{"$f":"J1066*(1-$E$5-$E$7)*(1-$E$9)*(1+$E$11)","v":801.18},{"$f":"M1066*G1066","v":0},{"$f":"ROUND((M1066*$B$2),2)","v":945.39},{"$f":"O1066*G1066","v":0}]
[null,"RAUTHERM S",null,null,12084621001,"Комнатный терминал HC BUS Room Unit",null,"шт",1,234.15,276.29699999999997,0,234.15,0,276.3,0]
[null,"RAUTHERM S",null,null,12298671001,"Расширительный модуль HC BUS",null,"шт",1,280.19,330.62419999999997,0,280.19,0,330.62,0]
[null,"RAUTHERM S",null,null,13038891001,"Web-карта HC BUS",null,"шт",1,867.17,1023.2606,0,867.17,0,1023.26,0]
[null,"RAUTHERM S",null,null,12279971001,"Дисплей D-HC",null,"шт",1,459.97,542.76459999999997,0,459.97,0,542.76,0]
[null,"RAUTHERM S",null,null,12280871001,"Датчик влажности HT-HC",null,"шт",1,294.23,347.19139999999999,0,294.23,0,347.19,0]
[null,"RAUTHERM S",null,null,12280971001,"Датчик температуры помещения RT-HC",null,"шт",1,87.78,103.5804,0,87.78,0,103.58,0]
[null,"RAUTHERM S",null,null,12280471001,"Датчик температуры наружнего воздуха AT-HC",null,"шт",1,105.69,124.71419999999999,0,105.69,0,124.71,0]
[null,"RAUTHERM S",null,null,12280171001,"Набор датчиков S-HC",null,"шт",1,463.89,547.39019999999994,0,463.89,0,547.39,0]
[null,"RAUTHERM S",null,null,12085341001,"Датчик температуры воды в под./обр. магистрали FRTC-HC, накладной",null,"шт",1,42.49,50.138199999999998,0,42.49,0,50.14,0]
[null,"RAUTHERM S",null,null,12280571001,"Датчики температуры воды в под. Магистрали FRT-HC",null,"шт",1,20,23.599999999999998,0,20,0,23.6,0]
[null,"RAUTHERM S",null,null,12280671001,"Датчик температуры пола FT-HC",null,"шт",1,23.2,27.375999999999998,0,23.2,0,27.38,0]
[null,"RAUTHERM S",null,null,12280771001,"Погружная гильза IS-HC",null,"шт",1,38.24,45.123199999999997,0,38.24,0,45.12,0]
["D","RAUTHERM S",null,null,12279771001,"Модуль  MM-HC",null,"шт",1,1434.51,1692.7217999999998,0,1434.51,0,1692.72,0]
["D","RAUTHERM S",null,null,12298671001,"Главная распределительная колодка MEM-HC",null,"шт",1,304.12,358.86160000000001,0,304.12,0,358.86,0]
["D","RAUTHERM S",null,null,12279871001,"Управляемый модуль SL-HC",null,"шт",1,992.95,1171.681,0,992.95,0,1171.68,0]
["D","RAUTHERM S",null,null,12280271001,"Базовый модуль BM-HC",null,"шт",1,978.89,1155.0901999999999,0,978.89,0,1155.0899999999999,0]
["D","RAUTHERM S",null,null,12280371001,"Дополнительный базовый модуль BEM-HC",null,"шт",1,325.83,384.47939999999994,0,325.83,0,384.48,0]
["P","RAUTHERM S","x",null,12690241003,"Трансформатор 24 В",null,"шт",1,57.5,67.849999999999994,0,57.5,0,67.849999999999994,0]
[null,"RAUTHERM S","x",null,12179161001,"Сервопривод UNI на 24 В",null,"шт",1,31.21,36.827799999999996,0,31.21,0,36.83,0]
[null,"RAUTHERM S"]
[null,"RAUTHERM S",null,null,12492871001,"Контроллер точки росы TPW",null,"шт",1,192.53,{"$f":"J1087*$B$2","v":227.18539999999999},{"$f":"K1087*G1087","v":0},{"$f":"J1087*(1-$E$5-$E$7)*(1-$E$9)*(1+$E$11)","v":192.53},{"$f":"M1087*G1087","v":0},{"$f":"ROUND((M1087*$B$2),2)","v":227.19},{"$f":"O1087*G1087","v":0}]
[null,"RAUTHERM S"]
[null,"RAUTHERM S",null,null,12442101001,"Проходной вентиль DV 20 с приводом (24В) ",null,"шт",1,114.47,{"$f":"J1089*$B$2","v":135.0746},{"$f":"K1089*G1089","v":0},{"$f":"J1089*(1-$E$5-$E$7)*(1-$E$9)*(1+$E$11)","v":114.47},{"$f":"M1089*G1089","v":0},{"$f":"ROUND((M1089*$B$2),2)","v":135.07},{"$f":"O1089*G1089","v":0}]
[null,"RAUTHERM S",null,null,12442201001,"Проходной вентиль DV 25 с приводом (24В) ",null,"шт",1,137.38,{"$f":"J1090*$B$2","v":162.10839999999999},{"$f":"K1090*G1090","v":0},{"$f":"J1090*(1-$E$5-$E$7)*(1-$E$9)*(1+$E$11)","v":137.38},{"$f":"M1090*G1090","v":0},{"$f":"ROUND((M1090*$B$2),2)","v":162.11000000000001},{"$f":"O1090*G1090","v":0}]
[null,"RAUTHERM S",null,null,12442301001,"Проходной вентиль DV 32 с приводом (24В) ",null,"шт",1,239.36,{"$f":"J1091*$B$2","v":282.44479999999999},{"$f":"K1091*G1091","v":0},{"$f":"J1091*(1-$E$5-$E$7)*(1-$E$9)*(1+$E$11)","v":239.36},{"$f":"M1091*G1091","v":0},{"$f":"ROUND((M1091*$B$2),2)","v":282.44},{"$f":"O1091*G1091","v":0}]
[null,"RAUTHERM S"]
[null,"RAUTHERM S",null,null,12442401001,"Трехходовой вентиль MV 15 с приводом (24В) ",null,"шт",1,305.97000000000003,{"$f":"J1093*$B$2","v":361.0446},{"$f":"K1093*G1093","v":0},{"$f":"J1093*(1-$E$5-$E$7)*(1-$E$9)*(1+$E$11)","v":305.97000000000003},{"$f":"M1093*G1093","v":0},{"$f":"ROUND((M1093*$B$2),2)","v":361.04},{"$f":"O1093*G1093","v":0}]
[null,"RAUTHERM S",null,null,12442501001,"Трехходовой вентиль MV 20 с приводом (24В) ",null,"шт",1,333.03,{"$f":"J1094*$B$2","v":392.97539999999992},{"$f":"K1094*G1094","v":0},{"$f":"J1094*(1-$E$5-$E$7)*(1-$E$9)*(1+$E$11)","v":333.03},{"$f":"M1094*G1094","v":0},{"$f":"ROUND((M1094*$B$2),2)","v":392.98},{"$f":"O1094*G1094","v":0}]
[null,"RAUTHERM S",null,null,12442601001,"Трехходовой вентиль MV 25 с приводом (24В) ",null,"шт",1,431.9,{"$f":"J1095*$B$2","v":509.64199999999994},{"$f":"K1095*G1095","v":0},{"$f":"J1095*(1-$E$5-$E$7)*(1-$E$9)*(1+$E$11)","v":431.9},{"$f":"M1095*G1095","v":0},{"$f":"ROUND((M1095*$B$2),2)","v":509.64},{"$f":"O1095*G1095","v":0}]
[null,"RAUTHERM S"]
[null,"RAUTHERM S",null,null,null,"Инструмент"]
[null,"RAUTHERM S",null,null,12283961001,"Механический инструмент RAUTOOL K 10",null,"шт",1,143.30000000000001,{"$f":"J1098*$B$2","v":169.09399999999999},{"$f":"K1098*G1098","v":0},{"$f":"J1098*(1-$E$5-$E$7)*(1-$E$9)*(1+$E$11)","v":143.30000000000001},{"$f":"M1098*G1098","v":0},{"$f":"ROUND((M1098*$B$2),2)","v":169.09},{"$f":"O1098*G1098","v":0}]
[null,"RAUTHERM S"]
[null,"RAUTHERM S",null,null,null,"2.1.8 Инструменты и принадлежности"]
[null,"RAUTHERM S",null,null,12861511002,"Барабан с горизонт. раскручиванием труб для \"холодной\" укладки ",null,"шт",1,608.80999999999995,{"$f":"J1101*$B$2","v":718.39579999999989},{"$f":"K1101*G1101","v":0},{"$f":"J1101*(1-$E$5-$E$7)*(1-$E$9)*(1+$E$11)","v":608.80999999999995},{"$f":"M1101*G1101","v":0},{"$f":"ROUND((M1101*$B$2),2)","v":718.4},{"$f":"O1101*G1101","v":0}]
[null,"RAUTHERM S",null,null,12601081001,"Барабан с вертикал. раскручиванием труб для \"теплой\" укладки",null,"шт",1,712.88,{"$f":"J1102*$B$2","v":841.19839999999999},{"$f":"K1102*G1102","v":0},{"$f":"J1102*(1-$E$5-$E$7)*(1-$E$9)*(1+$E$11)","v":712.88},{"$f":"M1102*G1102","v":0},{"$f":"ROUND((M1102*$B$2),2)","v":841.2},{"$f":"O1102*G1102","v":0}]
["N","RAUTHERM S",null,null,11040271001,"Дверной распор для укладки труб",null,"шт",1,340.2,{"$f":"J1103*$B$2","v":401.43599999999998},{"$f":"K1103*G1103","v":0},{"$f":"J1103*(1-$E$5-$E$7)*(1-$E$9)*(1+$E$11)","v":340.2},{"$f":"M1103*G1103","v":0},{"$f":"ROUND((M1103*$B$2),2)","v":401.44},{"$f":"O1103*G1103","v":0}]
[null,"RAUTHERM S"]
[null,"RAUTHERM S",null,null,null,"2.2 Системы для обогрева/охлаждения поверхностей для случаев особого применения "]
[null,"RAUTHERM S",null,null,null,"2.2.1  Система подогрева и охлаждения ядра бетонных перекрытий"]
[null,"RAUTHERM S",null,null,null,"Комроненты системы"]
["P","RAUTHERM S","x",null,11361401120,"Отопит.труба RAUTHERM-S 17х2 мм, бухта 120 м",null,"м",120,1.3,{"$f":"J1108*$B$2","v":1.534},{"$f":"K1108*G1108","v":0},{"$f":"J1108*(1-$E$5-$E$7)*(1-$E$9)*(1+$E$11)","v":1.3},{"$f":"M1108*G1108","v":0},{"$f":"ROUND((M1108*$B$2),2)","v":1.53},{"$f":"O1108*G1108","v":0}]
["P","RAUTHERM S",null,null,11361401240,"Отопит.труба RAUTHERM-S 17х2 мм, бухта 240 м",null,"м",240,1.3,{"$f":"J1109*$B$2","v":1.534},{"$f":"K1109*G1109","v":0},{"$f":"J1109*(1-$E$5-$E$7)*(1-$E$9)*(1+$E$11)","v":1.3},{"$f":"M1109*G1109","v":0},{"$f":"ROUND((M1109*$B$2),2)","v":1.53},{"$f":"O1109*G1109","v":0}]
["P","RAUTHERM S",null,null,11361401500,"Отопит.труба RAUTHERM-S 17х2 мм, бухта 500 м",null,"м",500,1.2,{"$f":"J1110*$B$2","v":1.4159999999999999},{"$f":"K1110*G1110","v":0},{"$f":"J1110*(1-$E$5-$E$7)*(1-$E$9)*(1+$E$11)","v":1.2},{"$f":"M1110*G1110","v":0},{"$f":"ROUND((M1110*$B$2),2)","v":1.42},{"$f":"O1110*G1110","v":0}]
[null,"RAUTHERM S",null,null,11361601120,"Отопит.труба RAUTHERM-S 20х2 мм, бухта 120 м",null,"м",120,1.8,{"$f":"J1111*$B$2","v":2.1240000000000001},{"$f":"K1111*G1111","v":0},{"$f":"J1111*(1-$E$5-$E$7)*(1-$E$9)*(1+$E$11)","v":1.8},{"$f":"M1111*G1111","v":0},{"$f":"ROUND((M1111*$B$2),2)","v":2.12},{"$f":"O1111*G1111","v":0}]
[null,"RAUTHERM S",null,null,11361601240,"Отопит.труба RAUTHERM-S 20х2 мм, бухта 240 м",null,"м",240,1.8,{"$f":"J1112*$B$2","v":2.1240000000000001},{"$f":"K1112*G1112","v":0},{"$f":"J1112*(1-$E$5-$E$7)*(1-$E$9)*(1+$E$11)","v":1.8},{"$f":"M1112*G1112","v":0},{"$f":"ROUND((M1112*$B$2),2)","v":2.12},{"$f":"O1112*G1112","v":0}]
[null,"RAUTHERM S"]
[null,"RAUTHERM S",null,null,12465991001,"Опалубочный футляр",null,"шт",30,5.73,{"$f":"J1114*$B$2","v":6.7614000000000001},{"$f":"K1114*G1114","v":0},{"$f":"J1114*(1-$E$5-$E$7)*(1-$E$9)*(1+$E$11)","v":5.73},{"$f":"M1114*G1114","v":0},{"$f":"ROUND((M1114*$B$2),2)","v":6.76},{"$f":"O1114*G1114","v":0}]
[null,"RAUTHERM S"]
[null,"RAUTHERM S",null,null,12468991001,"Проволочн. обвязка для соед. сетки (цена за 100 шт.)",null,"шт",100,2.95,{"$f":"J1116*$B$2","v":3.4809999999999999},{"$f":"K1116*G1116","v":0},{"$f":"J1116*(1-$E$5-$E$7)*(1-$E$9)*(1+$E$11)","v":2.95},{"$f":"M1116*G1116","v":0},{"$f":"ROUND((M1116*$B$2),2)","v":3.48},{"$f":"O1116*G1116","v":0}]
[null,"RAUTHERM S"]
[null,"RAUTHERM S",null,null,12573041003,"Приспособл. для закрутки проволочн. обвязки",null,"шт",1,28.42,{"$f":"J1118*$B$2","v":33.535600000000002},{"$f":"K1118*G1118","v":0},{"$f":"J1118*(1-$E$5-$E$7)*(1-$E$9)*(1+$E$11)","v":28.42},{"$f":"M1118*G1118","v":0},{"$f":"ROUND((M1118*$B$2),2)","v":33.54},{"$f":"O1118*G1118","v":0}]
[null,"RAUTHERM S"]
[null,"RAUTHERM S","x",null,17244481100,"Ремешок для обвязки (цена за 100 шт.)",null,"шт",100,5.15,{"$f":"J1120*$B$2","v":6.077},{"$f":"K1120*G1120","v":0},{"$f":"J1120*(1-$E$5-$E$7)*(1-$E$9)*(1+$E$11)","v":5.15},{"$f":"M1120*G1120","v":0},{"$f":"ROUND((M1120*$B$2),2)","v":6.08},{"$f":"O1120*G1120","v":0}]
[null,"RAUTHERM S"]
[null,"RAUTHERM S",null,null,11371401050,"Гофротруба защитная для трубы  16x2,2/17х2,0 мм ",null,"м",50,0.74,{"$f":"J1122*$B$2","v":0.87319999999999998},{"$f":"K1122*G1122","v":0},{"$f":"J1122*(1-$E$5-$E$7)*(1-$E$9)*(1+$E$11)","v":0.74},{"$f":"M1122*G1122","v":0},{"$f":"ROUND((M1122*$B$2),2)","v":0.87},{"$f":"O1122*G1122","v":0}]
[null,"RAUTHERM S",null,null,11371501050,"Гофротруба защитная для трубы  20х2,0 мм ",null,"м",50,0.83,{"$f":"J1123*$B$2","v":0.97939999999999994},{"$f":"K1123*G1123","v":0},{"$f":"J1123*(1-$E$5-$E$7)*(1-$E$9)*(1+$E$11)","v":0.83},{"$f":"M1123*G1123","v":0},{"$f":"ROUND((M1123*$B$2),2)","v":0.98},{"$f":"O1123*G1123","v":0}]
[null,"RAUTHERM S"]
[null,"RAUTHERM S",null,null,12496471001,"Быстрый разъем с запорным устройством для сжатого воздуха 17x2,0",null,"шт",10,10.4,{"$f":"J1125*$B$2","v":12.272},{"$f":"K1125*G1125","v":0},{"$f":"J1125*(1-$E$5-$E$7)*(1-$E$9)*(1+$E$11)","v":10.4},{"$f":"M1125*G1125","v":0},{"$f":"ROUND((M1125*$B$2),2)","v":12.27},{"$f":"O1125*G1125","v":0}]
[null,"RAUTHERM S",null,null,12496571001,"Быстрый разъем с запорным устройством для сжатого воздуха 20x2,0",null,"шт",10,10.4,{"$f":"J1126*$B$2","v":12.272},{"$f":"K1126*G1126","v":0},{"$f":"J1126*(1-$E$5-$E$7)*(1-$E$9)*(1+$E$11)","v":10.4},{"$f":"M1126*G1126","v":0},{"$f":"ROUND((M1126*$B$2),2)","v":12.27},{"$f":"O1126*G1126","v":0}]
[null,"RAUTHERM S"]
[null,"RAUTHERM S",null,null,12316811001,"Заглушка для пластмасс. трубы 17x2,0",null,"шт",10,6.56,{"$f":"J1128*$B$2","v":7.7407999999999992},{"$f":"K1128*G1128","v":0},{"$f":"J1128*(1-$E$5-$E$7)*(1-$E$9)*(1+$E$11)","v":6.56},{"$f":"M1128*G1128","v":0},{"$f":"ROUND((M1128*$B$2),2)","v":7.74},{"$f":"O1128*G1128","v":0}]
[null,"RAUTHERM S",null,null,12316911001,"Заглушка для пластмасс. трубы 20x2,0",null,"шт",10,6.56,{"$f":"J1129*$B$2","v":7.7407999999999992},{"$f":"K1129*G1129","v":0},{"$f":"J1129*(1-$E$5-$E$7)*(1-$E$9)*(1+$E$11)","v":6.56},{"$f":"M1129*G1129","v":0},{"$f":"ROUND((M1129*$B$2),2)","v":7.74},{"$f":"O1129*G1129","v":0}]
[null,"RAUTHERM S"]
[null,"RAUTHERM S",null,null,12468891001,"Нипельный разъем для сжатого воздуха 17",null,"шт",1,5.31,{"$f":"J1131*$B$2","v":6.2657999999999996},{"$f":"K1131*G1131","v":0},{"$f":"J1131*(1-$E$5-$E$7)*(1-$E$9)*(1+$E$11)","v":5.31},{"$f":"M1131*G1131","v":0},{"$f":"ROUND((M1131*$B$2),2)","v":6.27},{"$f":"O1131*G1131","v":0}]
[null,"RAUTHERM S"]
[null,"RAUTHERM S","x",null,12502971002,"Надвижная гильза 17x2,0",null,"шт",50,0.88,{"$f":"J1133*$B$2","v":1.0384},{"$f":"K1133*G1133","v":0},{"$f":"J1133*(1-$E$5-$E$7)*(1-$E$9)*(1+$E$11)","v":0.88},{"$f":"M1133*G1133","v":0},{"$f":"ROUND((M1133*$B$2),2)","v":1.04},{"$f":"O1133*G1133","v":0}]
[null,"RAUTHERM S",null,null,12503071002,"Надвижная гильза 20x2,0",null,"шт",50,0.94,{"$f":"J1134*$B$2","v":1.1092},{"$f":"K1134*G1134","v":0},{"$f":"J1134*(1-$E$5-$E$7)*(1-$E$9)*(1+$E$11)","v":0.94},{"$f":"M1134*G1134","v":0},{"$f":"ROUND((M1134*$B$2),2)","v":1.1100000000000001},{"$f":"O1134*G1134","v":0}]
[null,"RAUTHERM S"]
[null,"RAUTHERM S","x",null,12502771002,"Муфта  соед. равнопроходн. 17x2,0",null,"шт",10,4.9000000000000004,{"$f":"J1136*$B$2","v":5.782},{"$f":"K1136*G1136","v":0},{"$f":"J1136*(1-$E$5-$E$7)*(1-$E$9)*(1+$E$11)","v":4.9000000000000004},{"$f":"M1136*G1136","v":0},{"$f":"ROUND((M1136*$B$2),2)","v":5.78},{"$f":"O1136*G1136","v":0}]
[null,"RAUTHERM S",null,null,12503171002,"Муфта  соед. равнопроходн. 20x2,0",null,"шт",10,5.82,{"$f":"J1137*$B$2","v":6.8676000000000004},{"$f":"K1137*G1137","v":0},{"$f":"J1137*(1-$E$5-$E$7)*(1-$E$9)*(1+$E$11)","v":5.82},{"$f":"M1137*G1137","v":0},{"$f":"ROUND((M1137*$B$2),2)","v":6.87},{"$f":"O1137*G1137","v":0}]
[null,"RAUTHERM S"]
[null,"RAUTHERM S",null,null,12468691001,"Защитная лента BKT  длина 30м ширина 0,5м",null,"шт",1,11.45,{"$f":"J1139*$B$2","v":13.510999999999999},{"$f":"K1139*G1139","v":0},{"$f":"J1139*(1-$E$5-$E$7)*(1-$E$9)*(1+$E$11)","v":11.45},{"$f":"M1139*G1139","v":0},{"$f":"ROUND((M1139*$B$2),2)","v":13.51},{"$f":"O1139*G1139","v":0}]
[null,"RAUTHERM S"]
[null,"RAUTHERM S",null,null,null,"2.2.2  Напольное отопление для промышленных зданий"]
[null,"RAUTHERM S",null,null,null," Напольное отопление для промышленных зданий в армированном бетоне"]
[null,"RAUTHERM S"]
[null,"RAUTHERM S",null,null,null," Напольное отопление для промышленных зданий в сталефибробетоне"]
[null,"RAUTHERM S"]
[null,"RAUTHERM S",null,null,null,"Общие Компоненты системы"]
[null,"RAUTHERM S",null,null,11361601120,"Отопит.труба RAUTHERM-S 20х2,0 мм, бухта 120 м ",null,"м",120,1.8,{"$f":"J1147*$B$2","v":2.1240000000000001},{"$f":"K1147*G1147","v":0},{"$f":"J1147*(1-$E$5-$E$7)*(1-$E$9)*(1+$E$11)","v":1.8},{"$f":"M1147*G1147","v":0},{"$f":"ROUND((M1147*$B$2),2)","v":2.12},{"$f":"O1147*G1147","v":0}]
[null,"RAUTHERM S",null,null,11361601240,"Отопит.труба RAUTHERM-S 20х2,0 мм, бухта 240 м ",null,"м",240,1.8,{"$f":"J1148*$B$2","v":2.1240000000000001},{"$f":"K1148*G1148","v":0},{"$f":"J1148*(1-$E$5-$E$7)*(1-$E$9)*(1+$E$11)","v":1.8},{"$f":"M1148*G1148","v":0},{"$f":"ROUND((M1148*$B$2),2)","v":2.12},{"$f":"O1148*G1148","v":0}]
[null,"RAUTHERM S",null,null,11367701120,"Отопит.труба RAUTHERM-S 25х2,3 мм, бухта 120 м ",null,"м",120,2.74,{"$f":"J1149*$B$2","v":3.2332000000000001},{"$f":"K1149*G1149","v":0},{"$f":"J1149*(1-$E$5-$E$7)*(1-$E$9)*(1+$E$11)","v":2.74},{"$f":"M1149*G1149","v":0},{"$f":"ROUND((M1149*$B$2),2)","v":3.23},{"$f":"O1149*G1149","v":0}]
[null,"RAUTHERM S"]
[null,"RAUTHERM S",null,null,12393431001,"Направляющая для трубы 90° 20",null,"шт",25,1.51,{"$f":"J1151*$B$2","v":1.7817999999999998},{"$f":"K1151*G1151","v":0},{"$f":"J1151*(1-$E$5-$E$7)*(1-$E$9)*(1+$E$11)","v":1.51},{"$f":"M1151*G1151","v":0},{"$f":"ROUND((M1151*$B$2),2)","v":1.78},{"$f":"O1151*G1151","v":0}]
[null,"RAUTHERM S",null,null,12391931001,"Направляющая для трубы 90° 25",null,"шт",25,2.5499999999999998,{"$f":"J1152*$B$2","v":3.0089999999999995},{"$f":"K1152*G1152","v":0},{"$f":"J1152*(1-$E$5-$E$7)*(1-$E$9)*(1+$E$11)","v":2.5499999999999998},{"$f":"M1152*G1152","v":0},{"$f":"ROUND((M1152*$B$2),2)","v":3.01},{"$f":"O1152*G1152","v":0}]
[null,"RAUTHERM S",null,null,11371501050,"Гофротруба защитн. для трубы  20х2,0 мм ",null,"м",50,0.83,{"$f":"J1153*$B$2","v":0.97939999999999994},{"$f":"K1153*G1153","v":0},{"$f":"J1153*(1-$E$5-$E$7)*(1-$E$9)*(1+$E$11)","v":0.83},{"$f":"M1153*G1153","v":0},{"$f":"ROUND((M1153*$B$2),2)","v":0.98},{"$f":"O1153*G1153","v":0}]
[null,"RAUTHERM S",null,null,11371601025,"Гофротруба защитн. для трубы  25х2,3 мм ",null,"м",25,1.0900000000000001,{"$f":"J1154*$B$2","v":1.2862},{"$f":"K1154*G1154","v":0},{"$f":"J1154*(1-$E$5-$E$7)*(1-$E$9)*(1+$E$11)","v":1.0900000000000001},{"$f":"M1154*G1154","v":0},{"$f":"ROUND((M1154*$B$2),2)","v":1.29},{"$f":"O1154*G1154","v":0}]
[null,"RAUTHERM S",null,null,12442481002,"Шина RAUFIX 16 / 17 /20 мм",null,"м",10,3.02,{"$f":"J1155*$B$2","v":3.5635999999999997},{"$f":"K1155*G1155","v":0},{"$f":"J1155*(1-$E$5-$E$7)*(1-$E$9)*(1+$E$11)","v":3.02},{"$f":"M1155*G1155","v":0},{"$f":"ROUND((M1155*$B$2),2)","v":3.56},{"$f":"O1155*G1155","v":0}]
[null,"RAUTHERM S"]
[null,"RAUTHERM S",null,null,12662101001,"Фиксирующая шина Railfix для трубы 25 х 2,3",null,"м",512,6.13,{"$f":"J1157*$B$2","v":7.2333999999999996},{"$f":"K1157*G1157","v":0},{"$f":"J1157*(1-$E$5-$E$7)*(1-$E$9)*(1+$E$11)","v":6.13},{"$f":"M1157*G1157","v":0},{"$f":"ROUND((M1157*$B$2),2)","v":7.23},{"$f":"O1157*G1157","v":0}]
[null,"RAUTHERM S",null,null,12503071002,"Надвижная гильза 20 ",null,"шт",50,0.94,{"$f":"J1158*$B$2","v":1.1092},{"$f":"K1158*G1158","v":0},{"$f":"J1158*(1-$E$5-$E$7)*(1-$E$9)*(1+$E$11)","v":0.94},{"$f":"M1158*G1158","v":0},{"$f":"ROUND((M1158*$B$2),2)","v":1.1100000000000001},{"$f":"O1158*G1158","v":0}]
[null,"RAUTHERM S",null,null,12591971002,"Надвижная гильза 25 ",null,"шт",50,1.46,{"$f":"J1159*$B$2","v":1.7227999999999999},{"$f":"K1159*G1159","v":0},{"$f":"J1159*(1-$E$5-$E$7)*(1-$E$9)*(1+$E$11)","v":1.46},{"$f":"M1159*G1159","v":0},{"$f":"ROUND((M1159*$B$2),2)","v":1.72},{"$f":"O1159*G1159","v":0}]
[null,"RAUTHERM S",null,null,12503171002,"Муфта  соед. равнопроходн. 20x2,0",null,"шт",10,5.82,{"$f":"J1160*$B$2","v":6.8676000000000004},{"$f":"K1160*G1160","v":0},{"$f":"J1160*(1-$E$5-$E$7)*(1-$E$9)*(1+$E$11)","v":5.82},{"$f":"M1160*G1160","v":0},{"$f":"ROUND((M1160*$B$2),2)","v":6.87},{"$f":"O1160*G1160","v":0}]
[null,"RAUTHERM S",null,null,12591871002,"Муфта  соед. равнопроходн. 25x2,3",null,"шт",5,7.29,{"$f":"J1161*$B$2","v":8.6021999999999998},{"$f":"K1161*G1161","v":0},{"$f":"J1161*(1-$E$5-$E$7)*(1-$E$9)*(1+$E$11)","v":7.29},{"$f":"M1161*G1161","v":0},{"$f":"ROUND((M1161*$B$2),2)","v":8.6},{"$f":"O1161*G1161","v":0}]
[null,"RAUTHERM S"]
[null,"RAUTHERM S",null,null,null,"2.2.3  Амортизирующие полы в спортзалах"]
[null,"RAUTHERM S",null,null,null," Амортизирующие полы с промышленным распределительным коллектором"]
[null,"RAUTHERM S"]
[null,"RAUTHERM S",null,null,null," Амортизирующие полы с напольным распределительным коллектором для спортзалов"]
[null,"RAUTHERM S"]
[null,"RAUTHERM S",null,null,null,"Общие Компоненты системы"]
[null,"RAUTHERM S",null,null,11361601120,"Отопит.труба RAUTHERM-S 20х2,0 мм, бухта 120 м ",null,"м",120,1.8,{"$f":"J1169*$B$2","v":2.1240000000000001},{"$f":"K1169*G1169","v":0},{"$f":"J1169*(1-$E$5-$E$7)*(1-$E$9)*(1+$E$11)","v":1.8},{"$f":"M1169*G1169","v":0},{"$f":"ROUND((M1169*$B$2),2)","v":2.12},{"$f":"O1169*G1169","v":0}]
[null,"RAUTHERM S",null,null,11361601240,"Отопит.труба RAUTHERM-S 20х2,0 мм, бухта 240 м ",null,"м",240,1.8,{"$f":"J1170*$B$2","v":2.1240000000000001},{"$f":"K1170*G1170","v":0},{"$f":"J1170*(1-$E$5-$E$7)*(1-$E$9)*(1+$E$11)","v":1.8},{"$f":"M1170*G1170","v":0},{"$f":"ROUND((M1170*$B$2),2)","v":2.12},{"$f":"O1170*G1170","v":0}]
[null,"RAUTHERM S",null,null,11367701120,"Отопит.труба RAUTHERM-S 25х2,3 мм, бухта 120 м ",null,"м",120,2.74,{"$f":"J1171*$B$2","v":3.2332000000000001},{"$f":"K1171*G1171","v":0},{"$f":"J1171*(1-$E$5-$E$7)*(1-$E$9)*(1+$E$11)","v":2.74},{"$f":"M1171*G1171","v":0},{"$f":"ROUND((M1171*$B$2),2)","v":3.23},{"$f":"O1171*G1171","v":0}]
[null,"RAUTHERM S",null,null,11367701300,"Отопит.труба RAUTHERM-S 25х2,3 мм, бухта 300 м ",null,"м",300,2.74,{"$f":"J1172*$B$2","v":3.2332000000000001},{"$f":"K1172*G1172","v":0},{"$f":"J1172*(1-$E$5-$E$7)*(1-$E$9)*(1+$E$11)","v":2.74},{"$f":"M1172*G1172","v":0},{"$f":"ROUND((M1172*$B$2),2)","v":3.23},{"$f":"O1172*G1172","v":0}]
[null,"RAUTHERM S"]
[null,"RAUTHERM S",null,null,11371501050,"Гофротруба защитн. для трубы  20х2,0 мм ",null,"м",50,0.83,{"$f":"J1174*$B$2","v":0.97939999999999994},{"$f":"K1174*G1174","v":0},{"$f":"J1174*(1-$E$5-$E$7)*(1-$E$9)*(1+$E$11)","v":0.83},{"$f":"M1174*G1174","v":0},{"$f":"ROUND((M1174*$B$2),2)","v":0.98},{"$f":"O1174*G1174","v":0}]
[null,"RAUTHERM S",null,null,11371601025,"Гофротруба защитн. для трубы  25х2,3 мм ",null,"м",25,1.0900000000000001,{"$f":"J1175*$B$2","v":1.2862},{"$f":"K1175*G1175","v":0},{"$f":"J1175*(1-$E$5-$E$7)*(1-$E$9)*(1+$E$11)","v":1.0900000000000001},{"$f":"M1175*G1175","v":0},{"$f":"ROUND((M1175*$B$2),2)","v":1.29},{"$f":"O1175*G1175","v":0}]
[null,"RAUTHERM S",null,null,12442481002,"Шина Raufix 16 / 17 /20 мм",null,"м",10,3.02,{"$f":"J1176*$B$2","v":3.5635999999999997},{"$f":"K1176*G1176","v":0},{"$f":"J1176*(1-$E$5-$E$7)*(1-$E$9)*(1+$E$11)","v":3.02},{"$f":"M1176*G1176","v":0},{"$f":"ROUND((M1176*$B$2),2)","v":3.56},{"$f":"O1176*G1176","v":0}]
[null,"RAUTHERM S"]
[null,"RAUTHERM S",null,null,12662101001,"Фиксирующая шина Railfix для трубы 25 х 2,3",null,"м",512,6.13,{"$f":"J1178*$B$2","v":7.2333999999999996},{"$f":"K1178*G1178","v":0},{"$f":"J1178*(1-$E$5-$E$7)*(1-$E$9)*(1+$E$11)","v":6.13},{"$f":"M1178*G1178","v":0},{"$f":"ROUND((M1178*$B$2),2)","v":7.23},{"$f":"O1178*G1178","v":0}]
[null,"RAUTHERM S",null,null,12503171002,"Муфта  соед. равнопроходн. 20x2,0",null,"шт",10,5.82,{"$f":"J1179*$B$2","v":6.8676000000000004},{"$f":"K1179*G1179","v":0},{"$f":"J1179*(1-$E$5-$E$7)*(1-$E$9)*(1+$E$11)","v":5.82},{"$f":"M1179*G1179","v":0},{"$f":"ROUND((M1179*$B$2),2)","v":6.87},{"$f":"O1179*G1179","v":0}]
[null,"RAUTHERM S",null,null,12591871002,"Муфта  соед. равнопроходн. 25x2,3",null,"шт",5,7.29,{"$f":"J1180*$B$2","v":8.6021999999999998},{"$f":"K1180*G1180","v":0},{"$f":"J1180*(1-$E$5-$E$7)*(1-$E$9)*(1+$E$11)","v":7.29},{"$f":"M1180*G1180","v":0},{"$f":"ROUND((M1180*$B$2),2)","v":8.6},{"$f":"O1180*G1180","v":0}]
[null,"RAUTHERM S",null,null,12503071002,"Надвижная гильза 20 ",null,"шт",50,0.94,{"$f":"J1181*$B$2","v":1.1092},{"$f":"K1181*G1181","v":0},{"$f":"J1181*(1-$E$5-$E$7)*(1-$E$9)*(1+$E$11)","v":0.94},{"$f":"M1181*G1181","v":0},{"$f":"ROUND((M1181*$B$2),2)","v":1.1100000000000001},{"$f":"O1181*G1181","v":0}]
[null,"RAUTHERM S",null,null,12591971002,"Надвижная гильза 25 ",null,"шт",50,1.46,{"$f":"J1182*$B$2","v":1.7227999999999999},{"$f":"K1182*G1182","v":0},{"$f":"J1182*(1-$E$5-$E$7)*(1-$E$9)*(1+$E$11)","v":1.46},{"$f":"M1182*G1182","v":0},{"$f":"ROUND((M1182*$B$2),2)","v":1.72},{"$f":"O1182*G1182","v":0}]
[null,"RAUTHERM S"]
[null,"RAUTHERM S",null,null,12640111001,"Утеплитель фольгированн. с отверстиями под виброопоры",null,"м2",6,38.299999999999997,{"$f":"J1184*$B$2","v":45.193999999999996},{"$f":"K1184*G1184","v":0},{"$f":"J1184*(1-$E$5-$E$7)*(1-$E$9)*(1+$E$11)","v":38.299999999999997},{"$f":"M1184*G1184","v":0},{"$f":"ROUND((M1184*$B$2),2)","v":45.19},{"$f":"O1184*G1184","v":0}]
[null,"RAUTHERM S","x",null,12592681001,"Гарпун-скоба для фиксирующих шин",null,"шт",500,0.1,{"$f":"J1185*$B$2","v":0.11799999999999999},{"$f":"K1185*G1185","v":0},{"$f":"J1185*(1-$E$5-$E$7)*(1-$E$9)*(1+$E$11)","v":0.1},{"$f":"M1185*G1185","v":0},{"$f":"ROUND((M1185*$B$2),2)","v":0.12},{"$f":"O1185*G1185","v":0}]
[null,"RAUTHERM S"]
[null,"RAUTHERM S",null,null,null,"2.2.4  Обогрев открытых площадок"]
[null,"RAUTHERM S",null,null,null," Обогрев открытых площадок в бетонных панелях"]
[null,"RAUTHERM S"]
[null,"RAUTHERM S",null,null,null," Обогрев открытых площадок под тротуарную плитку"]
[null,"RAUTHERM S"]
[null,"RAUTHERM S",null,null,null," Обогрев открытых площадок под натуральным и искусственными газонами"]
[null,"RAUTHERM S"]
[null,"RAUTHERM S",null,null,null,"Общие Комроненты системы"]
[null,"RAUTHERM S",null,null,11361601120,"Отопит.труба RAUTHERM-S 20х2,0 мм, бухта 120 м ",null,"м",120,1.8,{"$f":"J1195*$B$2","v":2.1240000000000001},{"$f":"K1195*G1195","v":0},{"$f":"J1195*(1-$E$5-$E$7)*(1-$E$9)*(1+$E$11)","v":1.8},{"$f":"M1195*G1195","v":0},{"$f":"ROUND((M1195*$B$2),2)","v":2.12},{"$f":"O1195*G1195","v":0}]
[null,"RAUTHERM S",null,null,11361601240,"Отопит.труба RAUTHERM-S 20х2,0 мм, бухта 240 м ",null,"м",240,1.8,{"$f":"J1196*$B$2","v":2.1240000000000001},{"$f":"K1196*G1196","v":0},{"$f":"J1196*(1-$E$5-$E$7)*(1-$E$9)*(1+$E$11)","v":1.8},{"$f":"M1196*G1196","v":0},{"$f":"ROUND((M1196*$B$2),2)","v":2.12},{"$f":"O1196*G1196","v":0}]
[null,"RAUTHERM S",null,null,11367701120,"Отопит.труба RAUTHERM-S 25х2,3 мм, бухта 120 м ",null,"м",120,2.74,{"$f":"J1197*$B$2","v":3.2332000000000001},{"$f":"K1197*G1197","v":0},{"$f":"J1197*(1-$E$5-$E$7)*(1-$E$9)*(1+$E$11)","v":2.74},{"$f":"M1197*G1197","v":0},{"$f":"ROUND((M1197*$B$2),2)","v":3.23},{"$f":"O1197*G1197","v":0}]
[null,"RAUTHERM S",null,null,11367701300,"Отопит.труба RAUTHERM-S 25х2,3 мм, бухта 300 м ",null,"м",300,2.74,{"$f":"J1198*$B$2","v":3.2332000000000001},{"$f":"K1198*G1198","v":0},{"$f":"J1198*(1-$E$5-$E$7)*(1-$E$9)*(1+$E$11)","v":2.74},{"$f":"M1198*G1198","v":0},{"$f":"ROUND((M1198*$B$2),2)","v":3.23},{"$f":"O1198*G1198","v":0}]
[null,"RAUTHERM S"]
[null,"RAUTHERM S","x",null,17244481100,"Ремешок для обвязки (цена за 100 шт.)",null,"шт",100,5.15,{"$f":"J1200*$B$2","v":6.077},{"$f":"K1200*G1200","v":0},{"$f":"J1200*(1-$E$5-$E$7)*(1-$E$9)*(1+$E$11)","v":5.15},{"$f":"M1200*G1200","v":0},{"$f":"ROUND((M1200*$B$2),2)","v":6.08},{"$f":"O1200*G1200","v":0}]
[null,"RAUTHERM S",null,null,12393431001,"Направляющая для трубы 90° 20",null,"шт",25,1.51,{"$f":"J1201*$B$2","v":1.7817999999999998},{"$f":"K1201*G1201","v":0},{"$f":"J1201*(1-$E$5-$E$7)*(1-$E$9)*(1+$E$11)","v":1.51},{"$f":"M1201*G1201","v":0},{"$f":"ROUND((M1201*$B$2),2)","v":1.78},{"$f":"O1201*G1201","v":0}]
[null,"RAUTHERM S",null,null,12391931001,"Направляющая для трубы 90° 25",null,"шт",25,2.5499999999999998,{"$f":"J1202*$B$2","v":3.0089999999999995},{"$f":"K1202*G1202","v":0},{"$f":"J1202*(1-$E$5-$E$7)*(1-$E$9)*(1+$E$11)","v":2.5499999999999998},{"$f":"M1202*G1202","v":0},{"$f":"ROUND((M1202*$B$2),2)","v":3.01},{"$f":"O1202*G1202","v":0}]
[null,"RAUTHERM S",null,null,11371501050,"Гофротруба защитн. для трубы  20х2,0 мм ",null,"м",50,0.83,{"$f":"J1203*$B$2","v":0.97939999999999994},{"$f":"K1203*G1203","v":0},{"$f":"J1203*(1-$E$5-$E$7)*(1-$E$9)*(1+$E$11)","v":0.83},{"$f":"M1203*G1203","v":0},{"$f":"ROUND((M1203*$B$2),2)","v":0.98},{"$f":"O1203*G1203","v":0}]
[null,"RAUTHERM S",null,null,11371601025,"Гофротруба защитн. для трубы  25х2,3 мм ",null,"м",25,1.0900000000000001,{"$f":"J1204*$B$2","v":1.2862},{"$f":"K1204*G1204","v":0},{"$f":"J1204*(1-$E$5-$E$7)*(1-$E$9)*(1+$E$11)","v":1.0900000000000001},{"$f":"M1204*G1204","v":0},{"$f":"ROUND((M1204*$B$2),2)","v":1.29},{"$f":"O1204*G1204","v":0}]
[null,"RAUTHERM S"]
[null,"RAUTHERM S",null,null,12442481002,"Шина Raufix 16 / 17 /20 мм",null,"м",10,3.02,{"$f":"J1206*$B$2","v":3.5635999999999997},{"$f":"K1206*G1206","v":0},{"$f":"J1206*(1-$E$5-$E$7)*(1-$E$9)*(1+$E$11)","v":3.02},{"$f":"M1206*G1206","v":0},{"$f":"ROUND((M1206*$B$2),2)","v":3.56},{"$f":"O1206*G1206","v":0}]
[null,"RAUTHERM S",null,null,12662101001,"Фиксирующая шина Railfix для трубы 25 х 2,3",null,"м",512,6.13,7.2333999999999996,0,6.13,0,7.23,0]
[null,"RAUTHERM S",null,null,12503171002,"Муфта  соед. равнопроходн. 20x2,0",null,"шт",10,5.82,6.8676000000000004,0,5.82,0,6.87,0]
[null,"RAUTHERM S",null,null,12591871002,"Муфта  соед. равнопроходн. 25x2,3",null,"шт",5,7.29,8.6021999999999998,0,7.29,0,8.6,0]
[null,"RAUTHERM S",null,null,12503071002,"Надвижная гильза 20 ",null,"шт",50,0.94,1.1092,0,0.94,0,1.1100000000000001,0]
[null,"RAUTHERM S",null,null,12591971002,"Надвижная гильза 25 ",null,"шт",50,1.46,1.7227999999999999,0,1.46,0,1.72,0]
[null,"RAUTHERM S"]
[null,"RAUTHERM S",null,null,12535291002,"Тройник 25-25-25",null,"шт",5,13.11,{"$f":"J1213*$B$2","v":15.469799999999999},{"$f":"K1213*G1213","v":0},{"$f":"J1213*(1-$E$5-$E$7)*(1-$E$9)*(1+$E$11)","v":13.11},{"$f":"M1213*G1213","v":0},{"$f":"ROUND((M1213*$B$2),2)","v":15.47},{"$f":"O1213*G1213","v":0}]
[null,"RAUTHERM S",null,null,12535391002,"Тройник 25-20-25",null,"шт",5,13.11,15.469799999999999,0,13.11,0,15.47,0]
[null,"RAUTHERM S",null,null,12685201001,"Тройник 20-25-20",null,"шт",5,12.61,14.879799999999998,0,12.61,0,14.88,0]
[null,"RAUTHERM S",null,null,12685501001,"Тройник 25-25-20",null,"шт",5,14.83,17.499399999999998,0,14.83,0,17.5,0]
[null,"RAUTHERM S",null,null,12588671002,"Тройник 20-17-20",null,"шт",5,11.31,13.345800000000001,0,11.31,0,13.35,0]
[null,"RAUTHERM S",null,null,12588571002,"Тройник 20-17-17",null,"шт",5,11.25,13.274999999999999,0,11.25,0,13.28,0]
[null,"RAUTHERM S",null,null,12535691002,"Тройник 25-17-25",null,"шт",5,14.9,17.582000000000001,0,14.9,0,17.579999999999998,0]
[null,"RAUTHERM S",null,null,12535591002,"Тройник 25-20-20",null,"шт",5,12.61,14.879799999999998,0,12.61,0,14.88,0]
[null,"RAUTHERM S",null,null,12611631001,"Тройник 32-20-32",null,"шт",3,27.57,32.532599999999995,0,27.57,0,32.53,0]
[null,"RAUTHERM S",null,null,12685801001,"Переходник с наруж. резьбой 25-R3/4",null,"шт",5,11.08,13.074399999999999,0,11.08,0,13.07,0]
[null,"RAUTHERM S",null,null,12594491002,"Угольник 90° - 25",null,"шт",5,9.16,10.8088,0,9.16,0,10.81,0]
[null,"RAUTHERM S"]
[null,"RAUTHERM S",null,null,null,"2.2.5 Промышленный коллектор "]
[null,"RAUTHERM S",null,null,null,"Промышленный коллектор  1 1/4\""]
[null,"RAUTHERM S",null,null,null,"с шаровыми кранами на подающей линии"]
[null,"RAUTHERM S",null,null,12466091001,"Распределительный коллектор IVK на 2 контура",null,"шт",1,196.7,{"$f":"J1228*$B$2","v":232.10599999999997},{"$f":"K1228*G1228","v":0},{"$f":"J1228*(1-$E$5-$E$7)*(1-$E$9)*(1+$E$11)","v":196.7},{"$f":"M1228*G1228","v":0},{"$f":"ROUND((M1228*$B$2),2)","v":232.11},{"$f":"O1228*G1228","v":0}]
[null,"RAUTHERM S",null,null,12466191001,"Распределительный коллектор IVK на 3 контура",null,"шт",1,220.62,260.33159999999998,0,220.62,0,260.33,0]
[null,"RAUTHERM S",null,null,12466291001,"Распределительный коллектор IVK на 4 контура",null,"шт",1,258.10000000000002,304.55799999999999,0,258.10000000000002,0,304.56,0]
[null,"RAUTHERM S",null,null,12466391001,"Распределительный коллектор IVK на 5 контуров",null,"шт",1,312.20999999999998,368.40779999999995,0,312.20999999999998,0,368.41,0]
[null,"RAUTHERM S",null,null,12466491001,"Распределительный коллектор IVK на 6 контуров",null,"шт",1,349.68,412.62239999999997,0,349.68,0,412.62,0]
[null,"RAUTHERM S",null,null,12466591001,"Распределительный коллектор IVK на 7 контуров",null,"шт",1,398.6,470.34800000000001,0,398.6,0,470.35,0]
[null,"RAUTHERM S",null,null,12466691001,"Распределительный коллектор IVK на 8 контуров",null,"шт",1,447.51,528.06179999999995,0,447.51,0,528.05999999999995,0]
[null,"RAUTHERM S",null,null,12466791001,"Распределительный коллектор IVK на 9 контуров",null,"шт",1,496.42,585.77559999999994,0,496.42,0,585.78,0]
[null,"RAUTHERM S",null,null,12466891001,"Распределительный коллектор IVK на 10 контуров",null,"шт",1,564.05999999999995,665.59079999999994,0,564.05999999999995,0,665.59,0]
[null,"RAUTHERM S",null,null,12466991001,"Распределительный коллектор IVK на 11 контуров",null,"шт",1,624.42999999999995,736.8273999999999,0,624.42999999999995,0,736.83,0]
[null,"RAUTHERM S",null,null,12467091001,"Распределительный коллектор IVK на 12 контуров",null,"шт",1,661.89,781.03019999999992,0,661.89,0,781.03,0]
[null,"RAUTHERM S"]
[null,"RAUTHERM S",null,null,null,"Промышленный коллектор  1 1/4\""]
[null,"RAUTHERM S",null,null,null,"с термостатическими вентилями на подающей линии"]
[null,"RAUTHERM S",null,null,12467191001,"Распределительный коллектор IVT на 2 контура",null,"шт",1,"-","по запросу",{"$f":"K1242*G1242","v":0},{"$f":"J1242*(1-$E$5-$E$7)*(1-$E$9)*(1+$E$11)","v":0},{"$f":"M1242*G1242","v":0},{"$f":"ROUND((M1242*$B$2),2)","v":0},{"$f":"O1242*G1242","v":0}]
[null,"RAUTHERM S",null,null,12467291001,"Распределительный коллектор IVT на 3 контура",null,"шт",1,"-","по запросу",0,0,0,0,0]
[null,"RAUTHERM S",null,null,12467391001,"Распределительный коллектор IVT на 4 контура",null,"шт",1,"-","по запросу",0,0,0,0,0]
[null,"RAUTHERM S",null,null,12467491001,"Распределительный коллектор IVT на 5 контуров",null,"шт",1,"-","по запросу",0,0,0,0,0]
[null,"RAUTHERM S",null,null,12467591001,"Распределительный коллектор IVT на 6 контуров",null,"шт",1,"-","по запросу",0,0,0,0,0]
[null,"RAUTHERM S",null,null,12467691001,"Распределительный коллектор IVT на 7 контуров",null,"шт",1,"-","по запросу",0,0,0,0,0]
[null,"RAUTHERM S",null,null,12467791001,"Распределительный коллектор IVT на 8 контуров",null,"шт",1,"-","по запросу",0,0,0,0,0]
[null,"RAUTHERM S",null,null,12467891001,"Распределительный коллектор IVT на 9 контуров",null,"шт",1,"-","по запросу",0,0,0,0,0]
[null,"RAUTHERM S",null,null,12467991001,"Распределительный коллектор IVT на 10 контуров",null,"шт",1,"-","по запросу",0,0,0,0,0]
[null,"RAUTHERM S",null,null,12468091001,"Распределительный коллектор IVT на 11 контуров",null,"шт",1,"-","по запросу",0,0,0,0,0]
[null,"RAUTHERM S",null,null,12468191001,"Распределительный коллектор IVT на 12 контуров",null,"шт",1,"-","по запросу",0,0,0,0,0]
[null,"RAUTHERM S"]
[null,"RAUTHERM S",null,null,null,"Промышленный коллектор  1 1/2\""]
[null,"RAUTHERM S",null,null,null,"евроконус для подключения труб 17х2,0 и 20х2,0"]
[null,"RAUTHERM S",null,null,12487601001,"Распределительный коллектор IVKE на 2 контура",null,"шт",1,288.27999999999997,{"$f":"J1256*$B$2","v":340.17039999999997},{"$f":"K1256*G1256","v":0},{"$f":"J1256*(1-$E$5-$E$7)*(1-$E$9)*(1+$E$11)","v":288.27999999999997},{"$f":"M1256*G1256","v":0},{"$f":"ROUND((M1256*$B$2),2)","v":340.17},{"$f":"O1256*G1256","v":0}]
[null,"RAUTHERM S",null,null,12487701001,"Распределительный коллектор IVKE на 3 контура",null,"шт",1,373.62,440.8716,0,373.62,0,440.87,0]
[null,"RAUTHERM S",null,null,12487801001,"Распределительный коллектор IVKE на 4 контура",null,"шт",1,447.51,528.06179999999995,0,447.51,0,528.05999999999995,0]
[null,"RAUTHERM S",null,null,12487901001,"Распределительный коллектор IVKE на 5 контуров",null,"шт",1,508.91,600.51379999999995,0,508.91,0,600.51,0]
[null,"RAUTHERM S",null,null,12488001001,"Распределительный коллектор IVKE на 6 контуров",null,"шт",1,594.24,701.20319999999992,0,594.24,0,701.2,0]
[null,"RAUTHERM S",null,null,12488101001,"Распределительный коллектор IVKE на 7 контуров",null,"шт",1,655.64,773.65519999999992,0,655.64,0,773.66,0]
[null,"RAUTHERM S",null,null,12488201001,"Распределительный коллектор IVKE на 8 контуров",null,"шт",1,704.57,831.39260000000002,0,704.57,0,831.39,0]
[null,"RAUTHERM S",null,null,12488301001,"Распределительный коллектор IVKE на 9 контуров",null,"шт",1,765.97,903.84460000000001,0,765.97,0,903.84,0]
[null,"RAUTHERM S",null,null,12488401001,"Распределительный коллектор IVKE на 10 контуров",null,"шт",1,827.37,976.2965999999999,0,827.37,0,976.3,0]
[null,"RAUTHERM S",null,null,12488501001,"Распределительный коллектор IVKE на 11 контуров",null,"шт",1,936.64,1105.2351999999998,0,936.64,0,1105.24,0]
[null,"RAUTHERM S",null,null,12488601001,"Распределительный коллектор IVKE на 12 контуров",null,"шт",1,999.08,1178.9143999999999,0,999.08,0,1178.9100000000001,0]
[null,"RAUTHERM S"]
[null,"RAUTHERM S",null,null,null,"Промышленный коллектор  1 1/2\""]
[null,"RAUTHERM S",null,null,null,"резьбозажимные соединения для труб 25х2,3"]
[null,"RAUTHERM S",null,null,12488701001,"Распределительный коллектор IVKK на 2 контура",null,"шт",1,330.95,{"$f":"J1270*$B$2","v":390.52099999999996},{"$f":"K1270*G1270","v":0},{"$f":"J1270*(1-$E$5-$E$7)*(1-$E$9)*(1+$E$11)","v":330.95},{"$f":"M1270*G1270","v":0},{"$f":"ROUND((M1270*$B$2),2)","v":390.52},{"$f":"O1270*G1270","v":0}]
[null,"RAUTHERM S",null,null,12488801001,"Распределительный коллектор IVKK на 3 контура",null,"шт",1,441.27,520.69859999999994,0,441.27,0,520.70000000000005,0]
[null,"RAUTHERM S",null,null,12488901001,"Распределительный коллектор IVKK на 4 контура",null,"шт",1,515.16,607.88879999999995,0,515.16,0,607.89,0]
[null,"RAUTHERM S",null,null,12489001001,"Распределительный коллектор IVKK на 5 контуров",null,"шт",1,612.98,723.31639999999993,0,612.98,0,723.32,0]
[null,"RAUTHERM S",null,null,12489101001,"Распределительный коллектор IVKK на 6 контуров",null,"шт",1,686.87,810.50659999999993,0,686.87,0,810.51,0]
[null,"RAUTHERM S",null,null,12489201001,"Распределительный коллектор IVKK на 7 контуров",null,"шт",1,759.72,896.46960000000001,0,759.72,0,896.47,0]
[null,"RAUTHERM S",null,null,12489301001,"Распределительный коллектор IVKK на 8 контуров",null,"шт",1,832.57,982.43259999999998,0,832.57,0,982.43,0]
[null,"RAUTHERM S",null,null,12489401001,"Распределительный коллектор IVKK на 9 контуров",null,"шт",1,895.01,1056.1117999999999,0,895.01,0,1056.1099999999999,0]
[null,"RAUTHERM S",null,null,12489501001,"Распределительный коллектор IVKK на 10 контуров",null,"шт",1,992.84,1171.5511999999999,0,992.84,0,1171.55,0]
[null,"RAUTHERM S",null,null,12489601001,"Распределительный коллектор IVKK на 11 контуров",null,"шт",1,1103.1500000000001,1301.7170000000001,0,1103.1500000000001,0,1301.72,0]
[null,"RAUTHERM S",null,null,12489701001,"Распределительный коллектор IVKK на 12 контуров",null,"шт",1,1165.5999999999999,1375.4079999999999,0,1165.5999999999999,0,1375.41,0]
[null,"RAUTHERM S"]
[null,"RAUTHERM S",null,null,12506071002,"Резьбозажимное соединение для подключ. трубы 17х2 мм",null,"шт",10,4.9400000000000004,{"$f":"J1282*$B$2","v":5.8292000000000002},{"$f":"K1282*G1282","v":0},{"$f":"J1282*(1-$E$5-$E$7)*(1-$E$9)*(1+$E$11)","v":4.9400000000000004},{"$f":"M1282*G1282","v":0},{"$f":"ROUND((M1282*$B$2),2)","v":5.83},{"$f":"O1282*G1282","v":0}]
[null,"RAUTHERM S",null,null,12506171002,"Резьбозажимное соединение для подключ. трубы 20х2 мм",null,"шт",10,4.9400000000000004,{"$f":"J1283*$B$2","v":5.8292000000000002},{"$f":"K1283*G1283","v":0},{"$f":"J1283*(1-$E$5-$E$7)*(1-$E$9)*(1+$E$11)","v":4.9400000000000004},{"$f":"M1283*G1283","v":0},{"$f":"ROUND((M1283*$B$2),2)","v":5.83},{"$f":"O1283*G1283","v":0}]
[null,"RAUTHERM S"]
[null,"RAUTHERM S","x",null,12179151001,"Сервопривод UNI на 230 В",null,"шт",1,31.21,{"$f":"J1285*$B$2","v":36.827799999999996},{"$f":"K1285*G1285","v":0},{"$f":"J1285*(1-$E$5-$E$7)*(1-$E$9)*(1+$E$11)","v":31.21},{"$f":"M1285*G1285","v":0},{"$f":"ROUND((M1285*$B$2),2)","v":36.83},{"$f":"O1285*G1285","v":0}]
[null,"RAUTHERM S","x",null,12179161001,"Сервопривод UNI на 24 В",null,"шт",1,31.21,{"$f":"J1286*$B$2","v":36.827799999999996},{"$f":"K1286*G1286","v":0},{"$f":"J1286*(1-$E$5-$E$7)*(1-$E$9)*(1+$E$11)","v":31.21},{"$f":"M1286*G1286","v":0},{"$f":"ROUND((M1286*$B$2),2)","v":36.83},{"$f":"O1286*G1286","v":0}]
[null,"RAUTHERM S"]
["N","RAUTHERM S",null,null,13470021001,"Регулирующий IVT-вентиль для пром. коллектора, 1/2\"",null,"шт",1,71.61,{"$f":"J1288*$B$2","v":84.499799999999993},{"$f":"K1288*G1288","v":0},{"$f":"J1288*(1-$E$5-$E$7)*(1-$E$9)*(1+$E$11)","v":71.61},{"$f":"M1288*G1288","v":0},{"$f":"ROUND((M1288*$B$2),2)","v":84.5},{"$f":"O1288*G1288","v":0}]
[null,"RAUTHERM S"]
[null,"RAUTHERM S",null,null,null,"Набор шаровых кранов для подключения к пром. коллектору"]
[null,"RAUTHERM S",null,null,12478201001,"Комплект двух шаровых кранов 1 1/4\" для пром. коллектора",null,"шт",1,61.4,{"$f":"J1291*$B$2","v":72.451999999999998},{"$f":"K1291*G1291","v":0},{"$f":"J1291*(1-$E$5-$E$7)*(1-$E$9)*(1+$E$11)","v":61.4},{"$f":"M1291*G1291","v":0},{"$f":"ROUND((M1291*$B$2),2)","v":72.45},{"$f":"O1291*G1291","v":0}]
[null,"RAUTHERM S",null,null,12478301001,"Комплект двух шаровых кранов 1 1/2\" для пром. коллектора",null,"шт",1,86.39,{"$f":"J1292*$B$2","v":101.94019999999999},{"$f":"K1292*G1292","v":0},{"$f":"J1292*(1-$E$5-$E$7)*(1-$E$9)*(1+$E$11)","v":86.39},{"$f":"M1292*G1292","v":0},{"$f":"ROUND((M1292*$B$2),2)","v":101.94},{"$f":"O1292*G1292","v":0}]
[null,"RAUTHERM S"]
[null,"RAUPEX"]
[null,"RAUPEX",null,null,null,"3.1 RAUPEX-труба, SDR 11"]
[null,"RAUPEX",null,null,null,"RAUPEX-A-труба, SDR 11, серая, тонкостенная"]
[null,"RAUPEX",null,null,11319201005,"Труба  для промышленности RAUPEX A 20x1,9 прям.отрезки 5м",null,"м",5,2.12,{"$f":"J1297*$B$2","v":2.5015999999999998},{"$f":"K1297*G1297","v":0},{"$f":"J1297*(1-$E$5-$E$7)*(1-$E$9)*(1+$E$11)","v":2.12},{"$f":"M1297*G1297","v":0},{"$f":"ROUND((M1297*$B$2),2)","v":2.5},{"$f":"O1297*G1297","v":0}]
[null,"RAUPEX",null,null,11319201100,"Труба для промышленности RAUPEX A 20x1,9 бухта 100м",null,"м",100,2.12,2.5015999999999998,0,2.12,0,2.5,0]
[null,"RAUPEX",null,null,11319301005,"Труба для промышленности RAUPEX A 25x2,3 прям.отрезки 5м",null,"м",5,3.11,3.6697999999999995,0,3.11,0,3.67,0]
[null,"RAUPEX",null,null,11319301100,"Труба  для промышленности RAUPEX A 25x2,3 бухта 100м",null,"м",100,3.11,3.6697999999999995,0,3.11,0,3.67,0]
[null,"RAUPEX",null,null,11319401005,"Труба  для промышленности RAUPEX A 32x2,9 прям.отрезки 5м",null,"м",5,4.26,5.0267999999999997,0,4.26,0,5.03,0]
[null,"RAUPEX",null,null,11319401100,"Труба  для промышленности RAUPEX A 32x2,9 бухта 100м",null,"м",100,4.26,5.0267999999999997,0,4.26,0,5.03,0]
[null,"RAUPEX",null,null,11319501005,"Труба для промышленности RAUPEX A 40x3,7 прям.отрезки 5м",null,"м",5,7.11,8.3897999999999993,0,7.11,0,8.39,0]
[null,"RAUPEX",null,null,11319601005,"Труба для промышленности RAUPEX A 50x4,6 прям.отрезки 5м",null,"м",5,10.44,12.319199999999999,0,10.44,0,12.32,0]
[null,"RAUPEX",null,null,11319701005,"Труба для промышленности RAUPEX A 63x5,7 прям.отрезки 5м",null,"м",5,15.13,17.853400000000001,0,15.13,0,17.850000000000001,0]
[null,"RAUPEX",null,null,11319701100,"Труба для промышленности RAUPEX A 63x5,7 бухта 100м",null,"м",100,15.13,17.853400000000001,0,15.13,0,17.850000000000001,0]
[null,"RAUPEX",null,null,11363121005,"Труба для промышленности RAUPEX A 75x6,8 прям.отрезки 5м",null,"м",5,21.25,25.074999999999999,0,21.25,0,25.08,0]
[null,"RAUPEX",null,null,11363221005,"Труба для промышленности RAUPEX A 90x8,2 прям.отрезки 5м",null,"м",5,27.65,32.626999999999995,0,27.65,0,32.630000000000003,0]
[null,"RAUPEX",null,null,11363321005,"Труба для промышленности RAUPEX A 110x10,0 прям.отрезки 5м",null,"м",5,39.840000000000003,47.011200000000002,0,39.840000000000003,0,47.01,0]
[null,"RAUPEX",null,null,11045411005,"Труба для промышленности RAUPEX A 125x11,4 прям.отрезки 5м",null,"м",5,52.78,62.2804,0,52.78,0,62.28,0]
[null,"RAUPEX",null,null,11364921005,"Труба для промышленности RAUPEX A 160x14,6 прям.отрезки 5м",null,"м",5,79.77,94.128599999999992,0,79.77,0,94.13,0]
[null,"RAUPEX"]
[null,"RAUPEX",null,null,null,"RAUPEX-R-труба, SDR 11, зелёная, тонкостенная"]
[null,"RAUPEX",null,null,11350541005,"Труба для промышленности RAUPEX K 20x1,9 прям.отрезки 5м",null,"м",5,2.12,{"$f":"J1314*$B$2","v":2.5015999999999998},{"$f":"K1314*G1314","v":0},{"$f":"J1314*(1-$E$5-$E$7)*(1-$E$9)*(1+$E$11)","v":2.12},{"$f":"M1314*G1314","v":0},{"$f":"ROUND((M1314*$B$2),2)","v":2.5},{"$f":"O1314*G1314","v":0}]
["D","RAUPEX",null,null,11350541100,"Труба для промышленности RAUPEX K 20x1,9 бухта 100м",null,"м",100,"-",0,0,0,0,0,0]
[null,"RAUPEX",null,null,11350641005,"Труба для промышленности RAUPEX K 25x2,3 прям.отрезки 5м",null,"м",5,3.11,3.6697999999999995,0,3.11,0,3.67,0]
[null,"RAUPEX",null,null,11350641100,"Труба для промышленности RAUPEX K 25x2,3 бухта 100м",null,"м",100,3.11,3.6697999999999995,0,3.11,0,3.67,0]
[null,"RAUPEX",null,null,11350741005,"Труба для промышленности RAUPEX K 32x2,9 прям.отрезки 5м",null,"м",5,4.26,5.0267999999999997,0,4.26,0,5.03,0]
[null,"RAUPEX",null,null,11350841005,"Труба для промышленности RAUPEX K 40x3,7 прям.отрезки 5м",null,"м",5,7.11,8.3897999999999993,0,7.11,0,8.39,0]
[null,"RAUPEX",null,null,11350941005,"Труба для промышленности RAUPEX K 50x4,6 прям.отрезки 5м",null,"м",5,10.44,12.319199999999999,0,10.44,0,12.32,0]
[null,"RAUPEX",null,null,11351041005,"Труба для промышленности RAUPEX K 63x5,7 прям.отрезки 5м",null,"м",5,15.13,17.853400000000001,0,15.13,0,17.850000000000001,0]
[null,"RAUPEX",null,null,11351141005,"Труба для промышленности RAUPEX K 75x6,8 прям.отрезки 5м",null,"м",5,21.25,25.074999999999999,0,21.25,0,25.08,0]
[null,"RAUPEX",null,null,11351241005,"Труба для промышленности RAUPEX K 90x8,2 прям.отрезки 5м",null,"м",5,27.65,32.626999999999995,0,27.65,0,32.630000000000003,0]
[null,"RAUPEX",null,null,11351341005,"Труба для промышленности RAUPEX K 110x10,0 прям.отрезки 5м",null,"м",5,39.840000000000003,47.011200000000002,0,39.840000000000003,0,47.01,0]
[null,"RAUPEX",null,null,11045511005,"Труба для промышленности RAUPEX K 125x11,4 прям.отрезки 5м",null,"м",5,52.78,62.2804,0,52.78,0,62.28,0]
[null,"RAUPEX",null,null,11351441005,"Труба для промышленности RAUPEX K 160x14,6 прям.отрезки 5м",null,"м",5,79.77,94.128599999999992,0,79.77,0,94.13,0]
[null,"RAUPEX"]
[null,"RAUPEX",null,null,null,"RAUPEX-О-труба, SDR 11, голубая, тонкостенная"]
[null,"RAUPEX",null,null,11351541005,"Труба для промышленности RAUPEX O 20x1,9 прям.отрезки 5м",null,"м",5,2.12,{"$f":"J1329*$B$2","v":2.5015999999999998},{"$f":"K1329*G1329","v":0},{"$f":"J1329*(1-$E$5-$E$7)*(1-$E$9)*(1+$E$11)","v":2.12},{"$f":"M1329*G1329","v":0},{"$f":"ROUND((M1329*$B$2),2)","v":2.5},{"$f":"O1329*G1329","v":0}]
[null,"RAUPEX",null,null,11351541100,"Труба для промышленности RAUPEX O 20x1,9 бухта 100м",null,"м",100,2.12,2.5015999999999998,0,2.12,0,2.5,0]
[null,"RAUPEX",null,null,11351641005,"Труба для промышленности RAUPEX O 25x2,3 прям.отрезки 5м",null,"м",5,3.11,3.6697999999999995,0,3.11,0,3.67,0]
[null,"RAUPEX",null,null,11351641100,"Труба для промышленности RAUPEX O 25x2,3 бухта 100м",null,"м",100,3.11,3.6697999999999995,0,3.11,0,3.67,0]
[null,"RAUPEX",null,null,11351741005,"Труба для промышленности RAUPEX O 32x2,9 прям.отрезки 5м",null,"м",5,4.26,5.0267999999999997,0,4.26,0,5.03,0]
[null,"RAUPEX",null,null,11351841005,"Труба для промышленности RAUPEX O 40x3,7 прям.отрезки 5м",null,"м",5,7.11,8.3897999999999993,0,7.11,0,8.39,0]
[null,"RAUPEX",null,null,11351941005,"Труба для промышленности RAUPEX O 50x4,6 прям.отрезки 5м",null,"м",5,10.44,12.319199999999999,0,10.44,0,12.32,0]
[null,"RAUPEX",null,null,11352041005,"Труба для промышленности RAUPEX O 63x5,7 прям.отрезки 5м",null,"м",5,15.13,17.853400000000001,0,15.13,0,17.850000000000001,0]
[null,"RAUPEX",null,null,11352141005,"Труба для промышленности RAUPEX O 75x6,8 прям.отрезки 5м",null,"м",5,21.25,25.074999999999999,0,21.25,0,25.08,0]
[null,"RAUPEX",null,null,11352241005,"Труба для промышленности RAUPEX O 90x8,2 прям.отрезки 5м",null,"м",5,27.65,32.626999999999995,0,27.65,0,32.630000000000003,0]
[null,"RAUPEX",null,null,11352341005,"Труба для промышленности RAUPEX O 110x10,0 прям.отрезки 5м",null,"м",5,39.840000000000003,47.011200000000002,0,39.840000000000003,0,47.01,0]
[null,"RAUPEX",null,null,11045611005,"Труба для промышленности RAUPEX O 125x11,4 прям.отрезки 5м",null,"м",5,52.78,62.2804,0,52.78,0,62.28,0]
[null,"RAUPEX",null,null,11352441005,"Труба для промышленности RAUPEX O 160x14,6 прям.отрезки 5м",null,"м",5,79.77,94.128599999999992,0,79.77,0,94.13,0]
[null,"RAUPEX"]
[null,"RAUPEX",null,null,null,"RAUPEX-UV-труба, SDR 11, чёрная, тонкостенная"]
[null,"RAUPEX",null,null,11043411005,"Труба для промышленности RAUPEX UV 20x1,9 прям.отрезки 5м",null,"м",5,2.12,{"$f":"J1344*$B$2","v":2.5015999999999998},{"$f":"K1344*G1344","v":0},{"$f":"J1344*(1-$E$5-$E$7)*(1-$E$9)*(1+$E$11)","v":2.12},{"$f":"M1344*G1344","v":0},{"$f":"ROUND((M1344*$B$2),2)","v":2.5},{"$f":"O1344*G1344","v":0}]
[null,"RAUPEX",null,null,11043411100,"Труба для промышленности RAUPEX UV 20x1,9 бухта 100м",null,"м",100,2.12,2.5015999999999998,0,2.12,0,2.5,0]
[null,"RAUPEX",null,null,11043511005,"Труба для промышленности RAUPEX UV 25x2,3 прям.отрезки 5м",null,"м",5,3.11,3.6697999999999995,0,3.11,0,3.67,0]
[null,"RAUPEX",null,null,11043511100,"Труба для промышленности RAUPEX UV 25x2,3 бухта 100м",null,"м",100,3.11,3.6697999999999995,0,3.11,0,3.67,0]
[null,"RAUPEX",null,null,11043611005,"Труба для промышленности RAUPEX UV 32x2,9 прям.отрезки 5м",null,"м",5,4.26,5.0267999999999997,0,4.26,0,5.03,0]
[null,"RAUPEX",null,null,11043711005,"Труба для промышленности RAUPEX UV 40x3,7 прям.отрезки 5м",null,"м",5,7.11,8.3897999999999993,0,7.11,0,8.39,0]
[null,"RAUPEX",null,null,11043811005,"Труба для промышленности RAUPEX UV 50x4,6 прям.отрезки 5м",null,"м",5,10.44,12.319199999999999,0,10.44,0,12.32,0]
[null,"RAUPEX",null,null,11043911005,"Труба для промышленности RAUPEX UV 63x5,7 прям.отрезки 5м",null,"м",5,15.13,17.853400000000001,0,15.13,0,17.850000000000001,0]
[null,"RAUPEX",null,null,11044011005,"Труба для промышленности RAUPEX UV 75x6,8 прям.отрезки 5м",null,"м",5,21.25,25.074999999999999,0,21.25,0,25.08,0]
[null,"RAUPEX",null,null,11044111005,"Труба для промышленности RAUPEX UV 90x8,2 прям.отрезки 5м",null,"м",5,27.65,32.626999999999995,0,27.65,0,32.630000000000003,0]
[null,"RAUPEX",null,null,11044211005,"Труба для промышленности RAUPEX UV 110x10,0 прям.отрезки 5м",null,"м",5,39.840000000000003,47.011200000000002,0,39.840000000000003,0,47.01,0]
[null,"RAUPEX",null,null,11045711005,"Труба для промышленности RAUPEX UV 125x11,4 прям.отрезки 5м",null,"м",5,52.78,62.2804,0,52.78,0,62.28,0]
[null,"RAUPEX",null,null,11044311005,"Труба для промышленности RAUPEX UV 160x14,6 прям.отрезки 5м",null,"м",5,79.77,94.128599999999992,0,79.77,0,94.13,0]
[null,"RAUPEX"]
[null,"RAUPEX",null,null,null,"RAUTHERM-FW-Rohr, SDR 11, красная, тонкостенная"]
[null,"RAUPEX",null,null,11366921005,"Труба для промышленности RAUTHERM FW 25x2,3 прям.отрезки 5м",null,"м",5,3.76,{"$f":"J1359*$B$2","v":4.4367999999999999},{"$f":"K1359*G1359","v":0},{"$f":"J1359*(1-$E$5-$E$7)*(1-$E$9)*(1+$E$11)","v":3.76},{"$f":"M1359*G1359","v":0},{"$f":"ROUND((M1359*$B$2),2)","v":4.4400000000000004},{"$f":"O1359*G1359","v":0}]
[null,"RAUPEX",null,null,11367021005,"Труба для промышленности RAUTHERM FW 32x2,9 прям.отрезки 5м",null,"м",5,5.42,6.3956,0,5.42,0,6.4,0]
[null,"RAUPEX",null,null,11365021005,"Труба для промышленности RAUTHERM FW 40x3,7 прям.отрезки 5м",null,"м",5,7.81,9.2157999999999998,0,7.81,0,9.2200000000000006,0]
[null,"RAUPEX",null,null,11365121005,"Труба для промышленности RAUTHERM FW 50x4,6 прям.отрезки 5м",null,"м",5,11.41,13.463799999999999,0,11.41,0,13.46,0]
[null,"RAUPEX",null,null,11365221005,"Труба для промышленности RAUTHERM FW 63x5,7 прям.отрезки 5м",null,"м",5,16.28,19.2104,0,16.28,0,19.21,0]
[null,"RAUPEX",null,null,11365321005,"Труба для промышленности RAUTHERM FW 75x6,8 прям.отрезки 5м",null,"м",5,24.53,28.945399999999999,0,24.53,0,28.95,0]
[null,"RAUPEX",null,null,11365421005,"Труба для промышленности RAUTHERM FW 90x8,2 прям.отрезки 5м",null,"м",5,32.229999999999997,38.031399999999991,0,32.229999999999997,0,38.03,0]
[null,"RAUPEX",null,null,11365521005,"Труба для промышленности RAUTHERM FW 110x10,0 прям.отрезки 5м",null,"м",5,46.23,54.551399999999994,0,46.23,0,54.55,0]
[null,"RAUPEX",null,null,11364041005,"Труба для промышленности RAUTHERM FW 125x11,4 прям.отрезки 5м",null,"м",5,{"$f":"57.79/1.18","v":48.974576271186443},57.79,0,48.974576271186443,0,57.79,0]
[null,"RAUPEX",null,null,11366521005,"Труба для промышленности RAUTHERM FW 160x14,6 прям.отрезки 5м",null,"м",5,{"$f":"93.21/1.18","v":78.991525423728817},93.21,0,78.991525423728817,0,93.21,0]
[null,"RAUPEX"]
[null,"RAUPEX",null,null,12434831002,"Фиксирующий желоб 20, отрезки 4,895 м",null,"шт",10,7.38,{"$f":"J1370*$B$2","v":8.7083999999999993},{"$f":"K1370*G1370","v":0},{"$f":"J1370*(1-$E$5-$E$7)*(1-$E$9)*(1+$E$11)","v":7.38},{"$f":"M1370*G1370","v":0},{"$f":"ROUND((M1370*$B$2),2)","v":8.7100000000000009},{"$f":"O1370*G1370","v":0}]
[null,"RAUPEX",null,null,12434931002,"Фиксирующий желоб 25, отрезки 4,895 м",null,"шт",10,9.7200000000000006,11.4696,0,9.7200000000000006,0,11.47,0]
[null,"RAUPEX",null,null,12435031002,"Фиксирующий желоб 32, отрезки 4,885 м",null,"шт",10,12.07,14.242599999999999,0,12.07,0,14.24,0]
[null,"RAUPEX",null,null,12435131002,"Фиксирующий желоб 40, отрезки 4,875 м",null,"шт",5,18.14,21.405200000000001,0,18.14,0,21.41,0]
[null,"RAUPEX",null,null,12435231002,"Фиксирующий желоб 50, отрезки 4,865 м",null,"шт",5,22.57,26.6326,0,22.57,0,26.63,0]
[null,"RAUPEX",null,null,12435331002,"Фиксирующий желоб 63, отрезки 4,850 м",null,"шт",5,26.83,31.659399999999998,0,26.83,0,31.66,0]
[null,"RAUPEX",null,null,12228551001,"Фиксирующий желоб 75, отрезки 4,825 м",null,"шт",1,46.83,55.259399999999992,0,46.83,0,55.26,0]
[null,"RAUPEX",null,null,12228561001,"Фиксирующий желоб 90, отрезки 4,800 м",null,"шт",1,60.37,71.236599999999996,0,60.37,0,71.239999999999995,0]
[null,"RAUPEX",null,null,12228571001,"Фиксирующий желоб 110, отрезки 4,775 м",null,"шт",1,67.650000000000006,79.826999999999998,0,67.650000000000006,0,79.83,0]
[null,"RAUPEX",null,null,12316661001,"Фиксирующий желоб 125, отрезки 4,775 м",null,"шт",1,96.77,114.18859999999999,0,96.77,0,114.19,0]
[null,"RAUPEX",null,null,12346001001,"Фиксирующий желоб 160, отрезки 4,750 м",null,"шт",1,110.59,130.49619999999999,0,110.59,0,130.5,0]
[null,"RAUPEX"]
[null,"RAUPEX",null,null,null,"3.2 Техника соединения монтажная гильза, SDR 11"]
[null,"RAUPEX",null,null,11395621001,"Монтажная гильза SDR 11, 20х1,9",null,"шт",100,0.88,{"$f":"J1383*$B$2","v":1.0384},{"$f":"K1383*G1383","v":0},{"$f":"J1383*(1-$E$5-$E$7)*(1-$E$9)*(1+$E$11)","v":0.88},{"$f":"M1383*G1383","v":0},{"$f":"ROUND((M1383*$B$2),2)","v":1.04},{"$f":"O1383*G1383","v":0}]
[null,"RAUPEX",null,null,11395721001,"Монтажная гильза SDR 11, 25х2,3",null,"шт",50,1.2,1.4159999999999999,0,1.2,0,1.42,0]
[null,"RAUPEX",null,null,11394921001,"Монтажная гильза SDR 11, 32х2,9",null,"шт",50,2.52,2.9735999999999998,0,2.52,0,2.97,0]
[null,"RAUPEX",null,null,11386831001,"Монтажная гильза SDR 11, 40х3,7",null,"шт",25,4.91,5.7938000000000001,0,4.91,0,5.79,0]
[null,"RAUPEX",null,null,11386931001,"Монтажная гильза SDR 11, 50х4,6",null,"шт",25,6.93,8.1773999999999987,0,6.93,0,8.18,0]
[null,"RAUPEX",null,null,11387031001,"Монтажная гильза SDR 11, 63х5,8",null,"шт",25,10.39,12.260199999999999,0,10.39,0,12.26,0]
[null,"RAUPEX",null,12676711001,12676711002,"Монтажная гильза SDR 11, 75х6,8",null,"шт",1,34.47,40.674599999999998,0,34.47,0,40.67,0]
[null,"RAUPEX",null,12676811001,12676811002,"Монтажная гильза SDR 11, 90х8,2",null,"шт",1,41.41,48.863799999999991,0,41.41,0,48.86,0]
[null,"RAUPEX",null,12676911001,12676911002,"Монтажная гильза SDR 11, 110х10,0",null,"шт",1,55.24,65.183199999999999,0,55.24,0,65.180000000000007,0]
[null,"RAUPEX",null,12352291001,12352291002,"Монтажная гильза SDR 11, 125х11,4",null,"шт",1,82.88,97.798399999999987,0,82.88,0,97.8,0]
["D","RAUPEX",null,12062561001,12062561002,"Монтажная гильза SDR 11, 140х12,7",null,"шт",1,{"$f":"120.02/1.18","v":101.71186440677967},{"$f":"J1393*$B$2","v":120.02},0,{"$f":"J1393*(1-$E$5-$E$7)*(1-$E$9)*(1+$E$11)","v":101.71186440677967},0,{"$f":"ROUND((M1393*$B$2),2)","v":120.02},0]
[null,"RAUPEX",null,12343241001,12343241002,"Монтажная гильза SDR 11, 160х14,6",null,"шт",1,124.35,146.73299999999998,0,124.35,0,146.72999999999999,0]
[null,"RAUPEX"]
[null,"RAUPEX",null,null,11690081001,"Муфта соединительная равнопроходная SDR 11, 20х1,9 LX",null,"шт",10,3.72,{"$f":"J1396*$B$2","v":4.3895999999999997},{"$f":"K1396*G1396","v":0},{"$f":"J1396*(1-$E$5-$E$7)*(1-$E$9)*(1+$E$11)","v":3.72},{"$f":"M1396*G1396","v":0},{"$f":"ROUND((M1396*$B$2),2)","v":4.3899999999999997},{"$f":"O1396*G1396","v":0}]
[null,"RAUPEX",null,null,11690101001,"Муфта соединительная равнопроходная SDR 11, 25х2,3 LX",null,"шт",10,5.9,6.9619999999999997,0,5.9,0,6.96,0]
[null,"RAUPEX",null,null,11690131001,"Муфта соединительная равнопроходная SDR 11, 32х2,9 LX",null,"шт",3,11.74,13.853199999999999,0,11.74,0,13.85,0]
[null,"RAUPEX",null,null,11690151001,"Муфта соединительная равнопроходная SDR 11, 40х3,7 LX",null,"шт",5,19.899999999999999,23.481999999999996,0,19.899999999999999,0,23.48,0]
[null,"RAUPEX",null,null,11691441001,"Муфта соединительная равнопроходная SDR 11, 50х4,6 LX",null,"шт",1,28.96,34.172800000000002,0,28.96,0,34.17,0]
[null,"RAUPEX",null,null,11691421001,"Муфта соединительная равнопроходная SDR 11, 63х5,8 LX",null,"шт",1,42.15,49.736999999999995,0,42.15,0,49.74,0]
[null,"RAUPEX",null,null,12676111001,"Муфта соединительная равнопроходная SDR 11, 75х6,8",null,"шт",1,125.78,148.4204,0,125.78,0,148.41999999999999,0]
[null,"RAUPEX",null,null,12676211001,"Муфта соединительная равнопроходная SDR 11, 90х8,2",null,"шт",1,163.51,192.94179999999997,0,163.51,0,192.94,0]
[null,"RAUPEX",null,null,12676311001,"Муфта соединительная равнопроходная SDR 11, 110х10,0",null,"шт",1,183.69,216.7542,0,183.69,0,216.75,0]
[null,"RAUPEX",null,null,12352191001,"Муфта соединительная равнопроходная SDR 11, 125х11,4",null,"шт",1,331.99,391.7482,0,331.99,0,391.75,0]
[null,"RAUPEX",null,null,12062571001,"Муфта соединительная равнопроходная SDR 11, 140х12,7",null,"шт",1,385.15,{"$f":"J1406*$B$2","v":454.47699999999998},0,{"$f":"J1406*(1-$E$5-$E$7)*(1-$E$9)*(1+$E$11)","v":385.15},0,{"$f":"ROUND((M1406*$B$2),2)","v":454.48},0]
[null,"RAUPEX",null,null,12343341001,"Муфта соединительная равнопроходная SDR 11, 160х14,6",null,"шт",1,421.59,497.47619999999995,0,421.59,0,497.48,0]
[null,"RAUPEX"]
[null,"RAUPEX",null,null,11690121001,"Муфта соединительная переходная SDR 11, 25х2,3 - 20х1,9 LX",null,"шт",10,6.48,{"$f":"J1409*$B$2","v":7.6463999999999999},{"$f":"K1409*G1409","v":0},{"$f":"J1409*(1-$E$5-$E$7)*(1-$E$9)*(1+$E$11)","v":6.48},{"$f":"M1409*G1409","v":0},{"$f":"ROUND((M1409*$B$2),2)","v":7.65},{"$f":"O1409*G1409","v":0}]
[null,"RAUPEX",null,null,11690141001,"Муфта соединительная переходная SDR 11, 32х2,9 - 25х2,3 LX",null,"шт",3,10.38,12.2484,0,10.38,0,12.25,0]
[null,"RAUPEX",null,null,11690161001,"Муфта соединительная переходная SDR 11, 40х3,7 - 20х1,9 LX",null,"шт",5,27.51,32.461799999999997,0,27.51,0,32.46,0]
[null,"RAUPEX",null,null,11690171001,"Муфта соединительная переходная SDR 11, 40х3,7 - 32х2,9 LX",null,"шт",5,19.260000000000002,22.726800000000001,0,19.260000000000002,0,22.73,0]
[null,"RAUPEX",null,null,11691701001,"Муфта соединительная переходная SDR 11, 50х4,6 - 32х2,9 LX",null,"шт",1,28.51,33.641800000000003,0,28.51,0,33.64,0]
[null,"RAUPEX",null,null,11691471001,"Муфта соединительная переходная SDR 11, 50х4,6 - 40х3,7 LX",null,"шт",1,28.96,34.172800000000002,0,28.96,0,34.17,0]
[null,"RAUPEX",null,null,11691481001,"Муфта соединительная переходная SDR 11, 63х5,7 - 50х4,6 LX",null,"шт",1,38.24,45.123199999999997,0,38.24,0,45.12,0]
[null,"RAUPEX",null,null,12676411001,"Муфта соединительная переходная SDR 11, 75х6,8 - 63х5,7",null,"шт",1,129.91999999999999,153.30559999999997,0,129.91999999999999,0,153.31,0]
[null,"RAUPEX",null,null,12676511001,"Муфта соединительная переходная SDR 11, 90х8,2 - 75х6,8",null,"шт",1,160.63999999999999,189.55519999999999,0,160.63999999999999,0,189.56,0]
[null,"RAUPEX",null,null,12676611001,"Муфта соединительная переходная SDR 11, 110х10 - 90х8,2",null,"шт",1,194.51,229.52179999999998,0,194.51,0,229.52,0]
[null,"RAUPEX"]
[null,"RAUPEX",null,null,11690971001,"Переходник с наружной резьбой SDR 11, 20х1,9 -R 1/2/L15  LX",null,"шт",10,6.51,{"$f":"J1420*$B$2","v":7.6817999999999991},{"$f":"K1420*G1420","v":0},{"$f":"J1420*(1-$E$5-$E$7)*(1-$E$9)*(1+$E$11)","v":6.51},{"$f":"M1420*G1420","v":0},{"$f":"ROUND((M1420*$B$2),2)","v":7.68},{"$f":"O1420*G1420","v":0}]
[null,"RAUPEX",null,null,11690981001,"Переходник с наружной резьбой SDR 11, 20х1,9 -R 3/4/L18 LX",null,"шт",10,6.51,7.6817999999999991,0,6.51,0,7.68,0]
[null,"RAUPEX",null,null,11691051001,"Переходник с наружной резьбой SDR 11, 25х2,3 -R 3/4 LX",null,"шт",10,9.83,11.599399999999999,0,9.83,0,11.6,0]
[null,"RAUPEX",null,null,11691041001,"Переходник с наружной резьбой SDR 11, 25х2,3- R 1/L22  LX",null,"шт",10,9.83,11.599399999999999,0,9.83,0,11.6,0]
[null,"RAUPEX",null,null,11691091001,"Переходник с наружной резьбой SDR 11, 32х2,9- R 1/L22  LX",null,"шт",3,11.74,13.853199999999999,0,11.74,0,13.85,0]
[null,"RAUPEX",null,null,11691111001,"Переходник с наружной резьбой SDR 11, 40х3,7- R 1 1/4  LX",null,"шт",1,23.66,27.918799999999997,0,23.66,0,27.92,0]
[null,"RAUPEX",null,null,11691491001,"Переходник с наружной резьбой SDR 11, 50х4,6- R 1 1/4 LX",null,"шт",1,25.23,29.7714,0,25.23,0,29.77,0]
[null,"RAUPEX",null,null,11691431001,"Переходник с наружной резьбой SDR 11, 50х4,6- R 1 1/2  LX",null,"шт",1,25.23,29.7714,0,25.23,0,29.77,0]
[null,"RAUPEX",null,null,11691411001,"Переходник с наружной резьбой SDR 11, 63х5,7- R 2  LX",null,"шт",1,43.77,51.648600000000002,0,43.77,0,51.65,0]
[null,"RAUPEX",null,null,12675811001,"Переходник с наружной резьбой SDR 11, 75х6,8- R 2 1/2",null,"шт",1,126.16,148.86879999999999,0,126.16,0,148.87,0]
[null,"RAUPEX",null,null,12675911001,"Переходник с наружной резьбой SDR 11, 90х8,2- R 3 ",null,"шт",1,164.21,193.76779999999999,0,164.21,0,193.77,0]
[null,"RAUPEX",null,null,12676011001,"Переходник с наружной резьбой SDR 11, 110х10,0- R 4 ",null,"шт",1,185.94,219.4092,0,185.94,0,219.41,0]
[null,"RAUPEX",null,null,12352391001,"Переходник с наружной резьбой SDR 11, 125х11,4- R 5",null,"шт",1,334.88,395.15839999999997,0,334.88,0,395.16,0]
[null,"RAUPEX"]
[null,"RAUPEX",null,null,13045731001,"Распределитель на два отвода 90° с внутренней резьбой",null,"шт",1,226.44,{"$f":"J1434*$B$2","v":267.19919999999996},{"$f":"K1434*G1434","v":0},{"$f":"J1434*(1-$E$5-$E$7)*(1-$E$9)*(1+$E$11)","v":226.44},{"$f":"M1434*G1434","v":0},{"$f":"ROUND((M1434*$B$2),2)","v":267.2},{"$f":"O1434*G1434","v":0}]
[null,"RAUPEX"]
[null,"RAUPEX",null,null,11691681001,"Переходник с конусом 60° SDR 11 32- G ½ ",null,"шт",10,7.88,{"$f":"J1436*$B$2","v":9.2983999999999991},{"$f":"K1436*G1436","v":0},{"$f":"J1436*(1-$E$5-$E$7)*(1-$E$9)*(1+$E$11)","v":7.88},{"$f":"M1436*G1436","v":0},{"$f":"ROUND((M1436*$B$2),2)","v":9.3000000000000007},{"$f":"O1436*G1436","v":0}]
[null,"RAUPEX"]
[null,"RAUPEX",null,null,11690991001,"Переходник с внутренней резьбой SDR 11, 20х1,9- Rp 1/2  LX",null,"шт",10,6.34,{"$f":"J1438*$B$2","v":7.4811999999999994},{"$f":"K1438*G1438","v":0},{"$f":"J1438*(1-$E$5-$E$7)*(1-$E$9)*(1+$E$11)","v":6.34},{"$f":"M1438*G1438","v":0},{"$f":"ROUND((M1438*$B$2),2)","v":7.48},{"$f":"O1438*G1438","v":0}]
[null,"RAUPEX",null,null,11691001001,"Переходник с внутренней резьбой SDR 11, 20х1,9- Rp 3/4 LX",null,"шт",10,6.34,{"$f":"J1439*$B$2","v":7.4811999999999994},{"$f":"K1439*G1439","v":0},{"$f":"J1439*(1-$E$5-$E$7)*(1-$E$9)*(1+$E$11)","v":6.34},{"$f":"M1439*G1439","v":0},{"$f":"ROUND((M1439*$B$2),2)","v":7.48},{"$f":"O1439*G1439","v":0}]
[null,"RAUPEX",null,null,11691071001,"Переходник с внутренней резьбой SDR 11, 25х2,3- Rp 3/4 LX",null,"шт",10,8.02,{"$f":"J1440*$B$2","v":9.4635999999999996},{"$f":"K1440*G1440","v":0},{"$f":"J1440*(1-$E$5-$E$7)*(1-$E$9)*(1+$E$11)","v":8.02},{"$f":"M1440*G1440","v":0},{"$f":"ROUND((M1440*$B$2),2)","v":9.4600000000000009},{"$f":"O1440*G1440","v":0}]
[null,"RAUPEX",null,null,11691061001,"Переходник с внутренней резьбой SDR 11, 25х2,3- Rp 1 LX",null,"шт",10,11.47,{"$f":"J1441*$B$2","v":13.534599999999999},{"$f":"K1441*G1441","v":0},{"$f":"J1441*(1-$E$5-$E$7)*(1-$E$9)*(1+$E$11)","v":11.47},{"$f":"M1441*G1441","v":0},{"$f":"ROUND((M1441*$B$2),2)","v":13.53},{"$f":"O1441*G1441","v":0}]
[null,"RAUPEX",null,null,11691101001,"Переходник с внутренней резьбой SDR 11, 32x2,9- Rp1 LX",null,"шт",3,12.46,{"$f":"J1442*$B$2","v":14.7028},{"$f":"K1442*G1442","v":0},{"$f":"J1442*(1-$E$5-$E$7)*(1-$E$9)*(1+$E$11)","v":12.46},{"$f":"M1442*G1442","v":0},{"$f":"ROUND((M1442*$B$2),2)","v":14.7},{"$f":"O1442*G1442","v":0}]
[null,"RAUPEX"]
[null,"RAUPEX",null,null,12671611001,"Переход на сварное соединение SDR 11, 25х2,3-26,9х2,3",null,"шт",10,10.55,{"$f":"J1444*$B$2","v":12.449},{"$f":"K1444*G1444","v":0},{"$f":"J1444*(1-$E$5-$E$7)*(1-$E$9)*(1+$E$11)","v":10.55},{"$f":"M1444*G1444","v":0},{"$f":"ROUND((M1444*$B$2),2)","v":12.45},{"$f":"O1444*G1444","v":0}]
[null,"RAUPEX",null,null,12671811001,"Переход на сварное соединение SDR 11, 32х2,3-26,9х2,3",null,"шт",3,15.85,18.702999999999999,0,15.85,0,18.7,0]
[null,"RAUPEX",null,null,12672011001,"Переход на сварное соединение SDR 11, 40х3,7-42,4х2,6",null,"шт",3,19.78,23.340399999999999,0,19.78,0,23.34,0]
[null,"RAUPEX",null,null,12672211001,"Переход на сварное соединение SDR 11, 50х4,6-48,3х2,6",null,"шт",1,23.76,28.036799999999999,0,23.76,0,28.04,0]
[null,"RAUPEX",null,null,12672411001,"Переход на сварное соединение SDR 11, 63х5,7-60,3х2,9",null,"шт",1,42.23,49.831399999999995,0,42.23,0,49.83,0]
[null,"RAUPEX",null,null,12672611001,"Переход на сварное соединение SDR 11, 75х6,8-76,1х2,9",null,"шт",1,58.08,68.534399999999991,0,58.08,0,68.53,0]
[null,"RAUPEX",null,null,12672811001,"Переход на сварное соединение SDR 11, 98х8,2-88,9х3,2",null,"шт",1,73.87,87.166600000000003,0,73.87,0,87.17,0]
[null,"RAUPEX",null,null,12673011001,"Переход на сварное соединение SDR 11, 110х10,0-114,3х3,6",null,"шт",1,89.72,105.86959999999999,0,89.72,0,105.87,0]
[null,"RAUPEX",null,null,12352091001,"Переход на сварное соединение SDR 11, 125х11,4-139,7х3,6",null,"шт",1,261.27999999999997,308.31039999999996,0,261.27999999999997,0,308.31,0]
[null,"RAUPEX",null,null,12062531001,"Переход на сварное соединение SDR 11, 140x12,7-139,7x3,6",null,"шт",1,{"$f":"356.94/1.18","v":302.49152542372883},356.94,0,302.49152542372883,0,356.94,0]
[null,"RAUPEX",null,null,12316261001,"Переход на сварное соединение SDR 11, 160х14,6-168,3х4,1",null,"шт",1,333.83,393.91939999999994,0,333.83,0,393.92,0]
[null,"RAUPEX"]
[null,"RAUPEX",null,null,11690451001,"Тройник равнопроходный SDR 11, 20х1,9  LX",null,"шт",10,7.44,{"$f":"J1456*$B$2","v":8.7791999999999994},{"$f":"K1456*G1456","v":0},{"$f":"J1456*(1-$E$5-$E$7)*(1-$E$9)*(1+$E$11)","v":7.44},{"$f":"M1456*G1456","v":0},{"$f":"ROUND((M1456*$B$2),2)","v":8.7799999999999994},{"$f":"O1456*G1456","v":0}]
[null,"RAUPEX",null,null,11690561001,"Тройник равнопроходный SDR 11, 25х2,3 LX",null,"шт",10,8.4,9.911999999999999,0,8.4,0,9.91,0]
[null,"RAUPEX",null,null,11690631001,"Тройник равнопроходный SDR 11, 32х2,9 LX",null,"шт",3,17.809999999999999,21.015799999999999,0,17.809999999999999,0,21.02,0]
[null,"RAUPEX",null,null,11690721001,"Тройник равнопроходный SDR 11, 40х3,7 LX",null,"шт",1,34.97,41.264599999999994,0,34.97,0,41.26,0]
[null,"RAUPEX",null,null,11691561001,"Тройник равнопроходный SDR 11, 50х4,6 LX",null,"шт",1,46.83,55.259399999999992,0,46.83,0,55.26,0]
[null,"RAUPEX",null,null,11691671001,"Тройник равнопроходный SDR 11, 63х5,7 LX",null,"шт",1,52.56,62.020800000000001,0,52.56,0,62.02,0]
[null,"RAUPEX",null,null,12219461001,"Тройник равнопроходный SDR 11, 75х6,8",null,"шт",1,227.95,268.98099999999999,0,227.95,0,268.98,0]
[null,"RAUPEX",null,null,12219481001,"Тройник равнопроходный SDR 11, 90х8,2",null,"шт",1,267.73,315.92140000000001,0,267.73,0,315.92,0]
[null,"RAUPEX",null,null,12219531001,"Тройник равнопроходный SDR 11, 110х10,0",null,"шт",1,364.98,430.6764,0,364.98,0,430.68,0]
[null,"RAUPEX"]
[null,"RAUPEX",null,null,11690491001,"Тройник SDR 11, 25-20-20 LX",null,"шт",10,8.3000000000000007,{"$f":"J1466*$B$2","v":9.7940000000000005},{"$f":"K1466*G1466","v":0},{"$f":"J1466*(1-$E$5-$E$7)*(1-$E$9)*(1+$E$11)","v":8.3000000000000007},{"$f":"M1466*G1466","v":0},{"$f":"ROUND((M1466*$B$2),2)","v":9.7899999999999991},{"$f":"O1466*G1466","v":0}]
[null,"RAUPEX",null,null,11690601001,"Тройник SDR 11, 32-25-25 LX",null,"шт",3,17.809999999999999,21.015799999999999,0,17.809999999999999,0,21.02,0]
[null,"RAUPEX",null,null,11690701001,"Тройник SDR 11, 40-32-32 LX",null,"шт",1,45,53.099999999999994,0,45,0,53.1,0]
[null,"RAUPEX",null,null,11691511001,"Тройник SDR 11, 50-25-40 LX",null,"шт",1,46.12,54.421599999999991,0,46.12,0,54.42,0]
[null,"RAUPEX",null,null,11691531001,"Тройник SDR 11, 50-32-40 LX",null,"шт",1,47,55.459999999999994,0,47,0,55.46,0]
[null,"RAUPEX",null,null,11691601001,"Тройник SDR 11, 63-32-50 LX",null,"шт",1,68.84,81.231200000000001,0,68.84,0,81.23,0]
[null,"RAUPEX",null,null,11691621001,"Тройник SDR 11, 63-40-40 LX",null,"шт",1,71.569999999999993,84.45259999999999,0,71.569999999999993,0,84.45,0]
[null,"RAUPEX",null,null,11691631001,"Тройник SDR 11, 63-40-50 LX",null,"шт",1,78.680000000000007,92.842399999999998,0,78.680000000000007,0,92.84,0]
[null,"RAUPEX",null,null,11691651001,"Тройник SDR 11, 63-50-50 LX",null,"шт",1,85.79,101.23220000000001,0,85.79,0,101.23,0]
[null,"RAUPEX",null,null,12219351001,"Тройник SDR 11, 75-32-63",null,"шт",1,203.26,239.84679999999997,0,203.26,0,239.85,0]
[null,"RAUPEX",null,null,12219381001,"Тройник SDR 11, 75-50-63",null,"шт",1,203.26,239.84679999999997,0,203.26,0,239.85,0]
[null,"RAUPEX",null,null,12219431001,"Тройник SDR 11, 75-63-63",null,"шт",1,203.26,239.84679999999997,0,203.26,0,239.85,0]
[null,"RAUPEX"]
[null,"RAUPEX",null,null,11690531001,"Тройник с уменьшенным бок. проходом SDR 11, 25-20-25  LX",null,"шт",10,8.3000000000000007,{"$f":"J1479*$B$2","v":9.7940000000000005},{"$f":"K1479*G1479","v":0},{"$f":"J1479*(1-$E$5-$E$7)*(1-$E$9)*(1+$E$11)","v":8.3000000000000007},{"$f":"M1479*G1479","v":0},{"$f":"ROUND((M1479*$B$2),2)","v":9.7899999999999991},{"$f":"O1479*G1479","v":0}]
[null,"RAUPEX",null,null,11690591001,"Тройник с уменьшенным бок. проходом SDR 11, 32-20-32 LX",null,"шт",5,17.809999999999999,21.015799999999999,0,17.809999999999999,0,21.02,0]
[null,"RAUPEX",null,null,11690611001,"Тройник с уменьшенным бок. проходом SDR 11, 32-25-32 LX",null,"шт",3,17.809999999999999,21.015799999999999,0,17.809999999999999,0,21.02,0]
[null,"RAUPEX",null,null,11690681001,"Тройник с уменьшенным бок. проходом SDR 11, 40-20-40 LX",null,"шт",1,33.33,39.329399999999993,0,33.33,0,39.33,0]
[null,"RAUPEX",null,null,11690691001,"Тройник с уменьшенным бок. проходом SDR 11, 40-25-40 LX",null,"шт",1,33.33,39.329399999999993,0,33.33,0,39.33,0]
[null,"RAUPEX",null,null,11690711001,"Тройник с уменьшенным бок. проходом SDR 11, 40-32-40 LX",null,"шт",1,33.33,39.329399999999993,0,33.33,0,39.33,0]
[null,"RAUPEX",null,null,11690771001,"Тройник с уменьшенным бок. проходом SDR 11, 50-20-50 LX",null,"шт",1,41.11,48.509799999999998,0,41.11,0,48.51,0]
[null,"RAUPEX",null,null,11691521001,"Тройник с уменьшенным бок. проходом SDR 11, 50-25-50 LX",null,"шт",1,41.11,48.509799999999998,0,41.11,0,48.51,0]
[null,"RAUPEX",null,null,11691541001,"Тройник с уменьшенным бок. проходом SDR 11, 50-32-50 LX",null,"шт",1,41.11,48.509799999999998,0,41.11,0,48.51,0]
[null,"RAUPEX",null,null,11691551001,"Тройник с уменьшенным бок. проходом SDR 11, 50-40-50 LX",null,"шт",1,46.83,55.259399999999992,0,46.83,0,55.26,0]
[null,"RAUPEX",null,null,12444321001,"Тройник с уменьшенным бок. проходом SDR 11, 63-20-63 LX",null,"шт",1,53.94,63.649199999999993,0,53.94,0,63.65,0]
[null,"RAUPEX",null,null,11691591001,"Тройник с уменьшенным бок. проходом SDR 11, 63-25-63 LX",null,"шт",1,55.15,65.076999999999998,0,55.15,0,65.08,0]
[null,"RAUPEX",null,null,11691611001,"Тройник с уменьшенным бок. проходом SDR 11, 63-32-63 LX",null,"шт",1,61.4,72.451999999999998,0,61.4,0,72.45,0]
[null,"RAUPEX",null,null,11691641001,"Тройник с уменьшенным бок. проходом SDR 11, 63-40-63 LX",null,"шт",1,61.4,72.451999999999998,0,61.4,0,72.45,0]
[null,"RAUPEX",null,null,11691661001,"Тройник с уменьшенным бок. проходом SDR 11, 63-50-63 LX",null,"шт",1,61.4,72.451999999999998,0,61.4,0,72.45,0]
[null,"RAUPEX",null,null,12219341001,"Тройник с уменьшенным бок. проходом SDR 11, 75-25-75",null,"шт",1,172.82,203.92759999999998,0,172.82,0,203.93,0]
[null,"RAUPEX",null,null,12677911001,"Тройник с уменьшенным бок. проходом SDR 11, 75-32-75",null,"шт",1,172.82,203.92759999999998,0,172.82,0,203.93,0]
[null,"RAUPEX",null,null,12219361001,"Тройник с уменьшенным бок. проходом SDR 11, 75-40-75",null,"шт",1,172.82,203.92759999999998,0,172.82,0,203.93,0]
[null,"RAUPEX",null,null,12313261001,"Тройник с уменьшенным бок. проходом SDR 11, 75-50-75",null,"шт",1,172.82,203.92759999999998,0,172.82,0,203.93,0]
[null,"RAUPEX",null,null,12219441001,"Тройник с уменьшенным бок. проходом SDR 11, 75-63-75",null,"шт",1,207.35,244.67299999999997,0,207.35,0,244.67,0]
[null,"RAUPEX",null,null,12313361001,"Тройник с уменьшенным бок. проходом SDR 11, 90-32-90",null,"шт",1,186.61,220.19980000000001,0,186.61,0,220.2,0]
[null,"RAUPEX",null,null,12219451001,"Тройник с уменьшенным бок. проходом SDR 11, 90-40-90",null,"шт",1,186.61,220.19980000000001,0,186.61,0,220.2,0]
[null,"RAUPEX",null,null,12313461001,"Тройник с уменьшенным бок. проходом SDR 11, 90-63-90",null,"шт",1,204.89,241.77019999999996,0,204.89,0,241.77,0]
[null,"RAUPEX",null,null,12313561001,"Тройник с уменьшенным бок. проходом SDR 11, 110-32-110",null,"шт",1,228.12,269.1816,0,228.12,0,269.18,0]
[null,"RAUPEX",null,null,12219501001,"Тройник с уменьшенным бок. проходом SDR 11, 110-50-110",null,"шт",1,266.08999999999997,313.98619999999994,0,266.08999999999997,0,313.99,0]
[null,"RAUPEX",null,null,12313661001,"Тройник с уменьшенным бок. проходом SDR 11, 110-63-110",null,"шт",1,276.45999999999998,326.22279999999995,0,276.45999999999998,0,326.22000000000003,0]
[null,"RAUPEX"]
[null,"RAUPEX",null,null,11690471001,"Тройник SDR 11, 20-25-20 LX",null,"шт",10,8.3000000000000007,{"$f":"J1506*$B$2","v":9.7940000000000005},{"$f":"K1506*G1506","v":0},{"$f":"J1506*(1-$E$5-$E$7)*(1-$E$9)*(1+$E$11)","v":8.3000000000000007},{"$f":"M1506*G1506","v":0},{"$f":"ROUND((M1506*$B$2),2)","v":9.7899999999999991},{"$f":"O1506*G1506","v":0}]
[null,"RAUPEX",null,null,12677811001,"Тройник SDR 11, 63-75-63",null,"шт",1,274.29000000000002,{"$f":"J1507*$B$2","v":323.66219999999998},{"$f":"K1507*G1507","v":0},{"$f":"J1507*(1-$E$5-$E$7)*(1-$E$9)*(1+$E$11)","v":274.29000000000002},{"$f":"M1507*G1507","v":0},{"$f":"ROUND((M1507*$B$2),2)","v":323.66000000000003},{"$f":"O1507*G1507","v":0}]
[null,"RAUPEX"]
[null,"RAUPEX",null,null,11690551001,"Тройник SDR 11, 25-25-20 LX",null,"шт",10,8.3000000000000007,{"$f":"J1509*$B$2","v":9.7940000000000005},{"$f":"K1509*G1509","v":0},{"$f":"J1509*(1-$E$5-$E$7)*(1-$E$9)*(1+$E$11)","v":8.3000000000000007},{"$f":"M1509*G1509","v":0},{"$f":"ROUND((M1509*$B$2),2)","v":9.7899999999999991},{"$f":"O1509*G1509","v":0}]
[null,"RAUPEX",null,null,11690621001,"Тройник SDR 11, 32-32-25 LX",null,"шт",3,17.809999999999999,{"$f":"J1510*$B$2","v":21.015799999999999},{"$f":"K1510*G1510","v":0},{"$f":"J1510*(1-$E$5-$E$7)*(1-$E$9)*(1+$E$11)","v":17.809999999999999},{"$f":"M1510*G1510","v":0},{"$f":"ROUND((M1510*$B$2),2)","v":21.02},{"$f":"O1510*G1510","v":0}]
[null,"RAUPEX"]
[null,"RAUPEX",null,null,11691691001,"Тройник с конусом 60° SDR 7,4 32 - G ½ - 32 ",null,"шт",30,39.89,{"$f":"J1512*$B$2","v":47.0702},{"$f":"K1512*G1512","v":0},{"$f":"J1512*(1-$E$5-$E$7)*(1-$E$9)*(1+$E$11)","v":39.89},{"$f":"M1512*G1512","v":0},{"$f":"ROUND((M1512*$B$2),2)","v":47.07},{"$f":"O1512*G1512","v":0}]
[null,"RAUPEX"]
[null,"RAUPEX",null,null,11690481001,"Тройник с внутренней резьбой SDR 11, 20-Rp 1/2-20 LX",null,"шт",10,10.27,{"$f":"J1514*$B$2","v":12.118599999999999},{"$f":"K1514*G1514","v":0},{"$f":"J1514*(1-$E$5-$E$7)*(1-$E$9)*(1+$E$11)","v":10.27},{"$f":"M1514*G1514","v":0},{"$f":"ROUND((M1514*$B$2),2)","v":12.12},{"$f":"O1514*G1514","v":0}]
[null,"RAUPEX",null,null,11690571001,"Тройник с внутренней резьбой SDR 11, 25-Rp 1/2-25 LX",null,"шт",10,10.55,12.449,0,10.55,0,12.45,0]
[null,"RAUPEX",null,null,11690581001,"Тройник с внутренней резьбой SDR 11, 25-Rp 3/4-25 LX",null,"шт",10,10.55,12.449,0,10.55,0,12.45,0]
[null,"RAUPEX",null,null,11690641001,"Тройник с внутренней резьбой SDR 11, 32-Rp 1/2-32 LX",null,"шт",3,20.71,24.437799999999999,0,20.71,0,24.44,0]
[null,"RAUPEX",null,null,11690671001,"Тройник с внутренней резьбой SDR 11, 32-Rp 3/4-32 LX",null,"шт",1,20.71,24.437799999999999,0,20.71,0,24.44,0]
[null,"RAUPEX",null,null,11690651001,"Тройник с внутренней резьбой SDR 11, 32-Rp 1-32 LX",null,"шт",1,20.71,24.437799999999999,0,20.71,0,24.44,0]
[null,"RAUPEX",null,null,11690731001,"Тройник с внутренней резьбой SDR 11, 40-Rp 1/2-40 LX",null,"шт",1,35.950000000000003,42.420999999999999,0,35.950000000000003,0,42.42,0]
[null,"RAUPEX",null,null,11690761001,"Тройник с внутренней резьбой SDR 11, 40-Rp 3/4-40  LX",null,"шт",1,37.86,44.674799999999998,0,37.86,0,44.67,0]
[null,"RAUPEX",null,null,11690751001,"Тройник с внутренней резьбой SDR 11, 40-Rp 1-40  LX",null,"шт",1,35.950000000000003,42.420999999999999,0,35.950000000000003,0,42.42,0]
[null,"RAUPEX",null,null,11690791001,"Тройник с внутренней резьбой SDR 11, 50-Rp 1/2-50  LX",null,"шт",1,40.82,48.1676,0,40.82,0,48.17,0]
[null,"RAUPEX",null,null,11690801001,"Тройник с внутренней резьбой SDR 11, 50-Rp 3/4-50 LX",null,"шт",1,40.82,48.1676,0,40.82,0,48.17,0]
[null,"RAUPEX",null,null,11691581001,"Тройник с внутренней резьбой SDR 11, 50-Rp 1-50 LX",null,"шт",1,40.82,48.1676,0,40.82,0,48.17,0]
[null,"RAUPEX",null,null,11690781001,"Тройник с внутренней резьбой SDR 11, 50-Rp 1 1/4-50 LX",null,"шт",1,40.82,48.1676,0,40.82,0,48.17,0]
[null,"RAUPEX",null,null,11690821001,"Тройник с внутренней резьбой SDR 11, 63-Rp 1/2-63 LX",null,"шт",1,57.24,67.543199999999999,0,57.24,0,67.540000000000006,0]
[null,"RAUPEX",null,null,11690831001,"Тройник с внутренней резьбой SDR 11, 63-Rp 3/4-63 LX",null,"шт",1,57.24,67.543199999999999,0,57.24,0,67.540000000000006,0]
[null,"RAUPEX"]
[null,"RAUPEX",null,null,11690741001,"Тройник разнопроходной с внутренней резьбой SDR 11, 40-Rp1-32 LX",null,"шт",1,35.950000000000003,{"$f":"J1530*$B$2","v":42.420999999999999},{"$f":"K1530*G1530","v":0},{"$f":"J1530*(1-$E$5-$E$7)*(1-$E$9)*(1+$E$11)","v":35.950000000000003},{"$f":"M1530*G1530","v":0},{"$f":"ROUND((M1530*$B$2),2)","v":42.42},{"$f":"O1530*G1530","v":0}]
[null,"RAUPEX",null,null,11691571001,"Тройник разнопроходной с внутренней резьбой SDR 11, 50-Rp1 1/4-40 LX",null,"шт",1,40.86,{"$f":"J1531*$B$2","v":48.214799999999997},{"$f":"K1531*G1531","v":0},{"$f":"J1531*(1-$E$5-$E$7)*(1-$E$9)*(1+$E$11)","v":40.86},{"$f":"M1531*G1531","v":0},{"$f":"ROUND((M1531*$B$2),2)","v":48.21},{"$f":"O1531*G1531","v":0}]
[null,"RAUPEX"]
[null,"RAUPEX",null,null,12098891001,"Тройник с отводом 90° SDR 11 32-32-32",null,"шт",4,58.27,{"$f":"J1533*$B$2","v":68.758600000000001},{"$f":"K1533*G1533","v":0},{"$f":"J1533*(1-$E$5-$E$7)*(1-$E$9)*(1+$E$11)","v":58.27},{"$f":"M1533*G1533","v":0},{"$f":"ROUND((M1533*$B$2),2)","v":68.760000000000005},{"$f":"O1533*G1533","v":0}]
[null,"RAUPEX"]
[null,"RAUPEX",null,null,12247451001,"Тройник с двойным отводом 63 - Rp 1/2 - Rp 1/2 - 63 ",null,"шт",1,95.4,{"$f":"J1535*$B$2","v":112.572},{"$f":"K1535*G1535","v":0},{"$f":"J1535*(1-$E$5-$E$7)*(1-$E$9)*(1+$E$11)","v":95.4},{"$f":"M1535*G1535","v":0},{"$f":"ROUND((M1535*$B$2),2)","v":112.57},{"$f":"O1535*G1535","v":0}]
[null,"RAUPEX"]
[null,"RAUPEX",null,null,11691251001,"Угольник 45°, SDR 11, 25х2,3 LX",null,"шт",10,11.86,{"$f":"J1537*$B$2","v":13.994799999999998},{"$f":"K1537*G1537","v":0},{"$f":"J1537*(1-$E$5-$E$7)*(1-$E$9)*(1+$E$11)","v":11.86},{"$f":"M1537*G1537","v":0},{"$f":"ROUND((M1537*$B$2),2)","v":13.99},{"$f":"O1537*G1537","v":0}]
[null,"RAUPEX",null,null,11691271001,"Угольник 45°, SDR 11, 32х2,9 LX",null,"шт",3,17.29,20.402199999999997,0,17.29,0,20.399999999999999,0]
[null,"RAUPEX",null,null,11691291001,"Угольник 45°, SDR 11, 40х3,7 LX",null,"шт",1,32.56,38.4208,0,32.56,0,38.42,0]
[null,"RAUPEX",null,null,11691311001,"Угольник 45°, SDR 11, 50х4,6 LX",null,"шт",1,51.52,60.793599999999998,0,51.52,0,60.79,0]
[null,"RAUPEX",null,null,11691501001,"Угольник 45°, SDR 11, 63х5,8 LX",null,"шт",1,61.41,72.463799999999992,0,61.41,0,72.459999999999994,0]
[null,"RAUPEX",null,null,12378361001,"Угольник 45°, SDR 11, 75х6,8",null,"шт",1,150.68,177.80240000000001,0,150.68,0,177.8,0]
[null,"RAUPEX"]
[null,"RAUPEX",null,null,11691241001,"Угольник 90°, SDR 11, 20х1,9 LX",null,"шт",10,7.33,{"$f":"J1544*$B$2","v":8.6494},{"$f":"K1544*G1544","v":0},{"$f":"J1544*(1-$E$5-$E$7)*(1-$E$9)*(1+$E$11)","v":7.33},{"$f":"M1544*G1544","v":0},{"$f":"ROUND((M1544*$B$2),2)","v":8.65},{"$f":"O1544*G1544","v":0}]
[null,"RAUPEX",null,null,11691261001,"Угольник 90°, SDR 11, 25х2,3 LX",null,"шт",10,9.07,10.7026,0,9.07,0,10.7,0]
[null,"RAUPEX",null,null,11691281001,"Угольник 90°, SDR 11, 32х2,9 LX",null,"шт",3,14.53,17.145399999999999,0,14.53,0,17.149999999999999,0]
[null,"RAUPEX",null,null,11691301001,"Угольник 90°, SDR 11, 40х3,7 LX",null,"шт",1,27,31.86,0,27,0,31.86,0]
[null,"RAUPEX",null,null,11691451001,"Угольник 90°, SDR 11, 50х4,6 LX",null,"шт",1,45.91,54.173799999999993,0,45.91,0,54.17,0]
[null,"RAUPEX",null,null,11691461001,"Угольник 90°, SDR 11, 63х5,7 LX",null,"шт",1,56.82,67.047600000000003,0,56.82,0,67.05,0]
[null,"RAUPEX",null,null,12677511001,"Угольник 90°, SDR 11, 75х6,8",null,"шт",1,177.96,209.99279999999999,0,177.96,0,209.99,0]
[null,"RAUPEX",null,null,12677611001,"Угольник 90°, SDR 11, 90х8,2",null,"шт",1,213.6,252.04799999999997,0,213.6,0,252.05,0]
[null,"RAUPEX",null,null,12677711001,"Угольник 90°, SDR 11, 110x10,0",null,"шт",1,276.06,325.75079999999997,0,276.06,0,325.75,0]
[null,"RAUPEX"]
[null,"RAUPEX",null,null,11691381001,"Угольник-переходник с наружной резьбой SDR 11 20-R 1/2 ",null,"шт",10,7.7,{"$f":"J1554*$B$2","v":9.0860000000000003},{"$f":"K1554*G1554","v":0},{"$f":"J1554*(1-$E$5-$E$7)*(1-$E$9)*(1+$E$11)","v":7.7},{"$f":"M1554*G1554","v":0},{"$f":"ROUND((M1554*$B$2),2)","v":9.09},{"$f":"O1554*G1554","v":0}]
[null,"RAUPEX",null,null,11691391001,"Угольник-переходник с наружной резьбой SDR 11 20-R 3/4 ",null,"шт",10,7.7,{"$f":"J1555*$B$2","v":9.0860000000000003},{"$f":"K1555*G1555","v":0},{"$f":"J1555*(1-$E$5-$E$7)*(1-$E$9)*(1+$E$11)","v":7.7},{"$f":"M1555*G1555","v":0},{"$f":"ROUND((M1555*$B$2),2)","v":9.09},{"$f":"O1555*G1555","v":0}]
[null,"RAUPEX",null,null,11691401001,"Угольник-переходник с наружной резьбой SDR 11 25-R 3/4 ",null,"шт",10,12.07,{"$f":"J1556*$B$2","v":14.242599999999999},{"$f":"K1556*G1556","v":0},{"$f":"J1556*(1-$E$5-$E$7)*(1-$E$9)*(1+$E$11)","v":12.07},{"$f":"M1556*G1556","v":0},{"$f":"ROUND((M1556*$B$2),2)","v":14.24},{"$f":"O1556*G1556","v":0}]
[null,"RAUPEX",null,null,11690261001,"Угольник-переходник с наружной резьбой SDR 11 32-R 1",null,"шт",3,12.93,{"$f":"J1557*$B$2","v":15.257399999999999},{"$f":"K1557*G1557","v":0},{"$f":"J1557*(1-$E$5-$E$7)*(1-$E$9)*(1+$E$11)","v":12.93},{"$f":"M1557*G1557","v":0},{"$f":"ROUND((M1557*$B$2),2)","v":15.26},{"$f":"O1557*G1557","v":0}]
[null,"RAUPEX"]
[null,"RAUPEX",null,null,11691161001,"Настенный угольник с внутр.резьбой, SDR 11, 20x1,9-Rp 1/2 LX",null,"шт",10,7.7,{"$f":"J1559*$B$2","v":9.0860000000000003},{"$f":"K1559*G1559","v":0},{"$f":"J1559*(1-$E$5-$E$7)*(1-$E$9)*(1+$E$11)","v":7.7},{"$f":"M1559*G1559","v":0},{"$f":"ROUND((M1559*$B$2),2)","v":9.09},{"$f":"O1559*G1559","v":0}]
[null,"RAUPEX",null,null,11691181001,"Настенный угольник с внутр.резьбой, SDR 11, 20x1,9-Rp 3/4 LX",null,"шт",10,7.7,{"$f":"J1560*$B$2","v":9.0860000000000003},{"$f":"K1560*G1560","v":0},{"$f":"J1560*(1-$E$5-$E$7)*(1-$E$9)*(1+$E$11)","v":7.7},{"$f":"M1560*G1560","v":0},{"$f":"ROUND((M1560*$B$2),2)","v":9.09},{"$f":"O1560*G1560","v":0}]
[null,"RAUPEX",null,null,11691191001,"Настенный угольник с внутр.резьбой, SDR 11, 25x2,3-Rp 3/4 LX",null,"шт",10,12.02,{"$f":"J1561*$B$2","v":14.183599999999998},{"$f":"K1561*G1561","v":0},{"$f":"J1561*(1-$E$5-$E$7)*(1-$E$9)*(1+$E$11)","v":12.02},{"$f":"M1561*G1561","v":0},{"$f":"ROUND((M1561*$B$2),2)","v":14.18},{"$f":"O1561*G1561","v":0}]
[null,"RAUPEX"]
[null,"RAUPEX",null,null,null,"3.3 Шаровые краны со штуцерами под надвижную гильзу, SDR 11"]
[null,"RAUPEX",null,null,12331431001,"Шаровой кран со штуцерами под надвижную гильзу 20x1,9 - 20x1,9",null,"шт",1,21.6,{"$f":"J1564*$B$2","v":25.488},{"$f":"K1564*G1564","v":0},{"$f":"J1564*(1-$E$5-$E$7)*(1-$E$9)*(1+$E$11)","v":21.6},{"$f":"M1564*G1564","v":0},{"$f":"ROUND((M1564*$B$2),2)","v":25.49},{"$f":"O1564*G1564","v":0}]
[null,"RAUPEX",null,null,12331631001,"Шаровой кран со штуцерами под надвижную гильзу 25x2,3 - 25x2,3",null,"шт",1,29.31,34.585799999999999,0,29.31,0,34.590000000000003,0]
[null,"RAUPEX",null,null,12331831001,"Шаровой кран со штуцерами под надвижную гильзу 32x2,9 - 32x2,9",null,"шт",1,35.78,42.220399999999998,0,35.78,0,42.22,0]
[null,"RAUPEX",null,null,12332131001,"Шаровой кран со штуцерами под надвижную гильзу 40x3,7 - 40x3,7",null,"шт",1,54.59,64.416200000000003,0,54.59,0,64.42,0]
[null,"RAUPEX",null,null,12332331001,"Шаровой кран со штуцерами под надвижную гильзу 50x4,6 - 50x4,6",null,"шт",1,83.28,98.270399999999995,0,83.28,0,98.27,0]
[null,"RAUPEX",null,null,12332531001,"Шаровой кран со штуцерами под надвижную гильзу 63x5,8 - 63x5,8",null,"шт",1,93.57,110.41259999999998,0,93.57,0,110.41,0]
[null,"RAUPEX"]
[null,"RAUPEX",null,null,12331531001,"Шаровой кран со штуцером под гильзу и нар. резьбой, 220х1,9-R 3/4",null,"шт",1,24.39,{"$f":"J1571*$B$2","v":28.780200000000001},{"$f":"K1571*G1571","v":0},{"$f":"J1571*(1-$E$5-$E$7)*(1-$E$9)*(1+$E$11)","v":24.39},{"$f":"M1571*G1571","v":0},{"$f":"ROUND((M1571*$B$2),2)","v":28.78},{"$f":"O1571*G1571","v":0}]
[null,"RAUPEX",null,null,12331731001,"Шаровой кран со штуцером под гильзу и нар. резьбой, 25x2,3-R 1",null,"шт",1,28.35,{"$f":"J1572*$B$2","v":33.453000000000003},{"$f":"K1572*G1572","v":0},{"$f":"J1572*(1-$E$5-$E$7)*(1-$E$9)*(1+$E$11)","v":28.35},{"$f":"M1572*G1572","v":0},{"$f":"ROUND((M1572*$B$2),2)","v":33.450000000000003},{"$f":"O1572*G1572","v":0}]
[null,"RAUPEX",null,null,12331931001,"Шаровой кран со штуцером под гильзу и нар. резьбой, 32x2,9-R 1",null,"шт",1,33.78,{"$f":"J1573*$B$2","v":39.860399999999998},{"$f":"K1573*G1573","v":0},{"$f":"J1573*(1-$E$5-$E$7)*(1-$E$9)*(1+$E$11)","v":33.78},{"$f":"M1573*G1573","v":0},{"$f":"ROUND((M1573*$B$2),2)","v":39.86},{"$f":"O1573*G1573","v":0}]
[null,"RAUPEX"]
[null,"RAUPEX",null,null,null,"3.4 Техника соединения электросварная муфта FUSAPEX"]
[null,"RAUPEX",null,null,12033911001,"FUSAPEX Электросварная муфта 50",null,"шт",1,39.119999999999997,{"$f":"J1576*$B$2","v":46.161599999999993},{"$f":"K1576*G1576","v":0},{"$f":"J1576*(1-$E$5-$E$7)*(1-$E$9)*(1+$E$11)","v":39.119999999999997},{"$f":"M1576*G1576","v":0},{"$f":"ROUND((M1576*$B$2),2)","v":46.16},{"$f":"O1576*G1576","v":0}]
[null,"RAUPEX",null,null,12033931001,"FUSAPEX Электросварная муфта 63",null,"шт",1,42.25,49.854999999999997,0,42.25,0,49.86,0]
[null,"RAUPEX",null,null,12219541001,"FUSAPEX Электросварная муфта 75",null,"шт",1,49.03,57.855399999999996,0,49.03,0,57.86,0]
[null,"RAUPEX",null,null,12219551001,"FUSAPEX Электросварная муфта 90",null,"шт",1,63.49,74.918199999999999,0,63.49,0,74.92,0]
[null,"RAUPEX",null,null,12219561001,"FUSAPEX Электросварная муфта 110",null,"шт",1,76.849999999999994,90.682999999999993,0,76.849999999999994,0,90.68,0]
[null,"RAUPEX",null,null,12219581001,"FUSAPEX Электросварная муфта 125",null,"шт",1,102.45,120.89099999999999,0,102.45,0,120.89,0]
[null,"RAUPEX",null,null,12219601001,"FUSAPEX Электросварная муфта 160",null,"шт",1,134.72,158.96959999999999,0,134.72,0,158.97,0]
[null,"RAUPEX"]
[null,"RAUPEX",null,null,12143981001,"FUSAPEX Электросварной переходник SDR 11 63-50",null,"шт",1,117.64,{"$f":"J1584*$B$2","v":138.8152},{"$f":"K1584*G1584","v":0},{"$f":"J1584*(1-$E$5-$E$7)*(1-$E$9)*(1+$E$11)","v":117.64},{"$f":"M1584*G1584","v":0},{"$f":"ROUND((M1584*$B$2),2)","v":138.82},{"$f":"O1584*G1584","v":0}]
[null,"RAUPEX",null,null,12143991001,"FUSAPEX Электросварной переходник SDR 11 75-50",null,"шт",1,117.64,138.8152,0,117.64,0,138.82,0]
[null,"RAUPEX",null,null,12144011001,"FUSAPEX Электросварной переходник SDR 11 75-63",null,"шт",1,117.64,138.8152,0,117.64,0,138.82,0]
[null,"RAUPEX",null,null,12144021001,"FUSAPEX Электросварной переходник SDR 11 90-50",null,"шт",1,124.18,146.5324,0,124.18,0,146.53,0]
[null,"RAUPEX",null,null,12144031001,"FUSAPEX Электросварной переходник SDR 11 90-63",null,"шт",1,124.18,146.5324,0,124.18,0,146.53,0]
[null,"RAUPEX",null,null,12036041001,"FUSAPEX Электросварной переходник SDR 11 90-75",null,"шт",1,124.18,146.5324,0,124.18,0,146.53,0]
[null,"RAUPEX",null,null,12144051001,"FUSAPEX Электросварной переходник SDR 11 110-50",null,"шт",1,127.37,150.29659999999998,0,127.37,0,150.30000000000001,0]
[null,"RAUPEX",null,null,12144061001,"FUSAPEX Электросварной переходник SDR 11 110-63",null,"шт",1,127.37,150.29659999999998,0,127.37,0,150.30000000000001,0]
[null,"RAUPEX",null,null,12036051001,"FUSAPEX Электросварной переходник SDR 11 110-75",null,"шт",1,127.37,150.29659999999998,0,127.37,0,150.30000000000001,0]
[null,"RAUPEX",null,null,12036071001,"FUSAPEX Электросварной переходник SDR 11 110-90",null,"шт",1,127.37,150.29659999999998,0,127.37,0,150.30000000000001,0]
[null,"RAUPEX",null,null,12144071001,"FUSAPEX Электросварной переходник SDR 11 125-50",null,"шт",1,131.19,154.80419999999998,0,131.19,0,154.80000000000001,0]
[null,"RAUPEX",null,null,12144081001,"FUSAPEX Электросварной переходник SDR 11 125-63",null,"шт",1,131.19,154.80419999999998,0,131.19,0,154.80000000000001,0]
[null,"RAUPEX",null,null,12036081001,"FUSAPEX Электросварной переходник SDR 11 125-75",null,"шт",1,131.19,154.80419999999998,0,131.19,0,154.80000000000001,0]
[null,"RAUPEX",null,null,12036111001,"FUSAPEX Электросварной переходник SDR 11 125-90",null,"шт",1,131.19,154.80419999999998,0,131.19,0,154.80000000000001,0]
[null,"RAUPEX",null,null,12036141001,"FUSAPEX Электросварной переходник SDR 11 125-110",null,"шт",1,131.19,154.80419999999998,0,131.19,0,154.80000000000001,0]
[null,"RAUPEX",null,null,12036151001,"FUSAPEX Электросварной переходник SDR 11 160-75",null,"шт",1,140.54,165.8372,0,140.54,0,165.84,0]
[null,"RAUPEX",null,null,12036161001,"FUSAPEX Электросварной переходник SDR 11 160-90",null,"шт",1,140.54,165.8372,0,140.54,0,165.84,0]
[null,"RAUPEX",null,null,12036171001,"FUSAPEX Электросварной переходник SDR 11 160-110",null,"шт",1,140.54,165.8372,0,140.54,0,165.84,0]
[null,"RAUPEX",null,null,12036181001,"FUSAPEX Электросварной переходник SDR 11 160-125",null,"шт",1,140.54,165.8372,0,140.54,0,165.84,0]
[null,"RAUPEX"]
[null,"RAUPEX",null,null,12085231001,"FUSAPEX Эл.-сварная муфта с наружн.резьбой из латуни 50 - R 1 1/2\"",null,"шт",1,157.72999999999999,{"$f":"J1604*$B$2","v":186.12139999999997},{"$f":"K1604*G1604","v":0},{"$f":"J1604*(1-$E$5-$E$7)*(1-$E$9)*(1+$E$11)","v":157.72999999999999},{"$f":"M1604*G1604","v":0},{"$f":"ROUND((M1604*$B$2),2)","v":186.12},{"$f":"O1604*G1604","v":0}]
[null,"RAUPEX",null,null,12085241001,"FUSAPEX Эл.-сварная муфта с наружн.резьбой из латуни 63 - R 2\"",null,"шт",1,175,{"$f":"J1605*$B$2","v":206.5},{"$f":"K1605*G1605","v":0},{"$f":"J1605*(1-$E$5-$E$7)*(1-$E$9)*(1+$E$11)","v":175},{"$f":"M1605*G1605","v":0},{"$f":"ROUND((M1605*$B$2),2)","v":206.5},{"$f":"O1605*G1605","v":0}]
[null,"RAUPEX",null,null,12887151001,"FUSAPEX Эл.-сварная муфта с наружн.резьбой из латуни 75 - R 2 1/2\"",null,"шт",1,177.96,{"$f":"J1606*$B$2","v":209.99279999999999},{"$f":"K1606*G1606","v":0},{"$f":"J1606*(1-$E$5-$E$7)*(1-$E$9)*(1+$E$11)","v":177.96},{"$f":"M1606*G1606","v":0},{"$f":"ROUND((M1606*$B$2),2)","v":209.99},{"$f":"O1606*G1606","v":0}]
[null,"RAUPEX"]
[null,"RAUPEX",null,null,11055791001,"FUSAPEX  Фланцевый переходник SDR 11 50/40",null,"шт",1,163.35,{"$f":"J1608*$B$2","v":192.75299999999999},{"$f":"K1608*G1608","v":0},{"$f":"J1608*(1-$E$5-$E$7)*(1-$E$9)*(1+$E$11)","v":163.35},{"$f":"M1608*G1608","v":0},{"$f":"ROUND((M1608*$B$2),2)","v":192.75},{"$f":"O1608*G1608","v":0}]
[null,"RAUPEX",null,null,11022841001,"FUSAPEX  Фланцевый переходник SDR 11 63/50",null,"шт",1,168.84,199.2312,0,168.84,0,199.23,0]
[null,"RAUPEX",null,null,12031281001,"FUSAPEX  Фланцевый переходник SDR 11 75/65",null,"шт",1,170.67,201.39059999999998,0,170.67,0,201.39,0]
[null,"RAUPEX",null,null,12299981001,"FUSAPEX  Фланцевый переходник SDR 11 90/80",null,"шт",1,178.62,210.77160000000001,0,178.62,0,210.77,0]
[null,"RAUPEX",null,null,12299991001,"FUSAPEX  Фланцевый переходник SDR 11 110/100",null,"шт",1,186.26,219.78679999999997,0,186.26,0,219.79,0]
[null,"RAUPEX",null,null,12887131001,"FUSAPEX  Фланцевый переходник SDR 11 125/100",null,"шт",1,192.63,227.30339999999998,0,192.63,0,227.3,0]
[null,"RAUPEX"]
[null,"RAUPEX",null,null,12052581001,"Профиль-уплотнение из EPDM 50/40",null,"шт",1,13.83,{"$f":"J1615*$B$2","v":16.319399999999998},{"$f":"K1615*G1615","v":0},{"$f":"J1615*(1-$E$5-$E$7)*(1-$E$9)*(1+$E$11)","v":13.83},{"$f":"M1615*G1615","v":0},{"$f":"ROUND((M1615*$B$2),2)","v":16.32},{"$f":"O1615*G1615","v":0}]
[null,"RAUPEX",null,null,12052631001,"Профиль-уплотнение из EPDM 63/50",null,"шт",1,14.49,{"$f":"J1616*$B$2","v":17.098199999999999},{"$f":"K1616*G1616","v":0},{"$f":"J1616*(1-$E$5-$E$7)*(1-$E$9)*(1+$E$11)","v":14.49},{"$f":"M1616*G1616","v":0},{"$f":"ROUND((M1616*$B$2),2)","v":17.100000000000001},{"$f":"O1616*G1616","v":0}]
[null,"RAUPEX",null,null,12052651001,"Профиль-уплотнение из EPDM 75/65",null,"шт",1,15.22,{"$f":"J1617*$B$2","v":17.959599999999998},{"$f":"K1617*G1617","v":0},{"$f":"J1617*(1-$E$5-$E$7)*(1-$E$9)*(1+$E$11)","v":15.22},{"$f":"M1617*G1617","v":0},{"$f":"ROUND((M1617*$B$2),2)","v":17.96},{"$f":"O1617*G1617","v":0}]
[null,"RAUPEX",null,null,12052661001,"Профиль-уплотнение из EPDM 90/80",null,"шт",1,17.350000000000001,{"$f":"J1618*$B$2","v":20.472999999999999},{"$f":"K1618*G1618","v":0},{"$f":"J1618*(1-$E$5-$E$7)*(1-$E$9)*(1+$E$11)","v":17.350000000000001},{"$f":"M1618*G1618","v":0},{"$f":"ROUND((M1618*$B$2),2)","v":20.47},{"$f":"O1618*G1618","v":0}]
[null,"RAUPEX",null,null,12052671001,"Профиль-уплотнение из EPDM 110/100 и 125/100",null,"шт",1,17.98,{"$f":"J1619*$B$2","v":21.2164},{"$f":"K1619*G1619","v":0},{"$f":"J1619*(1-$E$5-$E$7)*(1-$E$9)*(1+$E$11)","v":17.98},{"$f":"M1619*G1619","v":0},{"$f":"ROUND((M1619*$B$2),2)","v":21.22},{"$f":"O1619*G1619","v":0}]
[null,"RAUPEX"]
[null,"RAUPEX",null,null,12895091001,"FUSAPEX Электросварной угольник 90 град. 75",null,"шт",1,82.22,{"$f":"J1621*$B$2","v":97.019599999999997},{"$f":"K1621*G1621","v":0},{"$f":"J1621*(1-$E$5-$E$7)*(1-$E$9)*(1+$E$11)","v":82.22},{"$f":"M1621*G1621","v":0},{"$f":"ROUND((M1621*$B$2),2)","v":97.02},{"$f":"O1621*G1621","v":0}]
[null,"RAUPEX",null,null,12895111001,"FUSAPEX Электросварной угольник 90 град. 90",null,"шт",1,103.02,{"$f":"J1622*$B$2","v":121.56359999999999},{"$f":"K1622*G1622","v":0},{"$f":"J1622*(1-$E$5-$E$7)*(1-$E$9)*(1+$E$11)","v":103.02},{"$f":"M1622*G1622","v":0},{"$f":"ROUND((M1622*$B$2),2)","v":121.56},{"$f":"O1622*G1622","v":0}]
[null,"RAUPEX",null,null,12895141001,"FUSAPEX Электросварной угольник 90 град. 110",null,"шт",1,123.84,{"$f":"J1623*$B$2","v":146.13120000000001},{"$f":"K1623*G1623","v":0},{"$f":"J1623*(1-$E$5-$E$7)*(1-$E$9)*(1+$E$11)","v":123.84},{"$f":"M1623*G1623","v":0},{"$f":"ROUND((M1623*$B$2),2)","v":146.13},{"$f":"O1623*G1623","v":0}]
[null,"RAUPEX",null,null,12895161001,"FUSAPEX Электросварной угольник 90 град. 125",null,"шт",1,222.39,{"$f":"J1624*$B$2","v":262.42019999999997},{"$f":"K1624*G1624","v":0},{"$f":"J1624*(1-$E$5-$E$7)*(1-$E$9)*(1+$E$11)","v":222.39},{"$f":"M1624*G1624","v":0},{"$f":"ROUND((M1624*$B$2),2)","v":262.42},{"$f":"O1624*G1624","v":0}]
[null,"RAUPEX"]
[null,"RAUPEX",null,null,12064291001,"FUSAPEX Электросварной тройник для труб SDR 11 50-50-50",null,"шт",1,135.34,{"$f":"J1626*$B$2","v":159.7012},{"$f":"K1626*G1626","v":0},{"$f":"J1626*(1-$E$5-$E$7)*(1-$E$9)*(1+$E$11)","v":135.34},{"$f":"M1626*G1626","v":0},{"$f":"ROUND((M1626*$B$2),2)","v":159.69999999999999},{"$f":"O1626*G1626","v":0}]
[null,"RAUPEX",null,null,12064331001,"FUSAPEX Электросварной тройник для труб SDR 11 63-63-63",null,"шт",1,143.4,169.21199999999999,0,143.4,0,169.21,0]
[null,"RAUPEX",null,null,12064351001,"FUSAPEX Электросварной тройник для труб SDR 11 75-75-75",null,"шт",1,215.43,254.20740000000001,0,215.43,0,254.21,0]
[null,"RAUPEX",null,null,12064371001,"FUSAPEX Электросварной тройник для труб SDR 11 90-90-90",null,"шт",1,228.84,270.03120000000001,0,228.84,0,270.02999999999997,0]
[null,"RAUPEX",null,null,12064381001,"FUSAPEX Электросварной тройник для труб SDR 11 110-110-110",null,"шт",1,232.09,273.86619999999999,0,232.09,0,273.87,0]
[null,"RAUPEX",null,null,12064391001,"FUSAPEX Электросварной тройник для труб SDR 11 125-125-125",null,"шт",1,411.99,486.14819999999997,0,411.99,0,486.15,0]
[null,"RAUPEX"]
["D","RAUPEX",null,null,12016951001,"FUSAPEX Электросварной тройник для труб SDR 11 поколение I 90-90-90 ",null,"шт",1,"-",{"$f":"J1633*$B$2","v":0},{"$f":"K1633*G1633","v":0},{"$f":"J1633*(1-$E$5-$E$7)*(1-$E$9)*(1+$E$11)","v":0},{"$f":"M1633*G1633","v":0},{"$f":"ROUND((M1633*$B$2),2)","v":0},{"$f":"O1633*G1633","v":0}]
[null,"RAUPEX"]
[null,"RAUPEX",null,null,null,"3.5 Техника соединения электросварная муфта PE 100"]
[null,"RAUPEX",null,null,12450021001,"Электросварная муфта равнопроходная PE, 20",null,"шт",1,7.29,{"$f":"J1636*$B$2","v":8.6021999999999998},{"$f":"K1636*G1636","v":0},{"$f":"J1636*(1-$E$5-$E$7)*(1-$E$9)*(1+$E$11)","v":7.29},{"$f":"M1636*G1636","v":0},{"$f":"ROUND((M1636*$B$2),2)","v":8.6},{"$f":"O1636*G1636","v":0}]
[null,"RAUPEX",null,null,12450121001,"Электросварная муфта равнопроходная PE, 25",null,"шт",1,8.5399999999999991,10.077199999999998,0,8.5399999999999991,0,10.08,0]
[null,"RAUPEX",null,null,12450221001,"Электросварная муфта равнопроходная PE, 32",null,"шт",1,9.3699999999999992,11.056599999999998,0,9.3699999999999992,0,11.06,0]
[null,"RAUPEX",null,null,12450321001,"Электросварная муфта равнопроходная PE, 40",null,"шт",1,9.68,11.4224,0,9.68,0,11.42,0]
[null,"RAUPEX",null,null,12450421001,"Электросварная муфта равнопроходная PE, 50",null,"шт",1,14.99,17.688199999999998,0,14.99,0,17.690000000000001,0]
[null,"RAUPEX",null,null,12450521001,"Электросварная муфта равнопроходная PE, 63",null,"шт",1,15.82,18.6676,0,15.82,0,18.670000000000002,0]
[null,"RAUPEX",null,null,12450621001,"Электросварная муфта равнопроходная PE, 75",null,"шт",1,22.05,26.018999999999998,0,22.05,0,26.02,0]
[null,"RAUPEX",null,null,12450721001,"Электросварная муфта равнопроходная PE, 90",null,"шт",1,29.66,34.998799999999996,0,29.66,0,35,0]
[null,"RAUPEX",null,null,12450821001,"Электросварная муфта равнопроходная PE, 110",null,"шт",1,36.119999999999997,42.621599999999994,0,36.119999999999997,0,42.62,0]
[null,"RAUPEX",null,null,12330621001,"Электросварная муфта равнопроходная PE, 125",null,"шт",1,49.33,58.209399999999995,0,49.33,0,58.21,0]
[null,"RAUPEX",null,null,12451121001,"Электросварная муфта равнопроходная PE, 160",null,"шт",1,65.67,77.490600000000001,0,65.67,0,77.489999999999995,0]
[null,"RAUPEX"]
[null,"RAUPEX",null,null,12452421001,"Электросварная муфта переходная PE, 25-20",null,"шт",1,13.7,{"$f":"J1648*$B$2","v":16.165999999999997},{"$f":"K1648*G1648","v":0},{"$f":"J1648*(1-$E$5-$E$7)*(1-$E$9)*(1+$E$11)","v":13.7},{"$f":"M1648*G1648","v":0},{"$f":"ROUND((M1648*$B$2),2)","v":16.170000000000002},{"$f":"O1648*G1648","v":0}]
[null,"RAUPEX",null,null,12452521001,"Электросварная муфта переходная PE, 32-20",null,"шт",1,15.68,18.502399999999998,0,15.68,0,18.5,0]
[null,"RAUPEX",null,null,12452621001,"Электросварная муфта переходная PE, 32-25",null,"шт",1,16.89,19.930199999999999,0,16.89,0,19.93,0]
[null,"RAUPEX",null,null,12891491001,"Электросварная муфта переходная PE, 40-25",null,"шт",1,20.69,24.414200000000001,0,20.69,0,24.41,0]
[null,"RAUPEX",null,null,12452721001,"Электросварная муфта переходная PE, 40-32",null,"шт",1,20.69,24.414200000000001,0,20.69,0,24.41,0]
[null,"RAUPEX",null,null,12891511001,"Электросварная муфта переходная PE, 50-25",null,"шт",1,23.91,28.213799999999999,0,23.91,0,28.21,0]
[null,"RAUPEX",null,null,12452821001,"Электросварная муфта переходная PE, 50-32",null,"шт",1,23.91,28.213799999999999,0,23.91,0,28.21,0]
[null,"RAUPEX",null,null,12452921001,"Электросварная муфта переходная PE, 50-40",null,"шт",1,25.83,30.479399999999995,0,25.83,0,30.48,0]
[null,"RAUPEX",null,null,12453021001,"Электросварная муфта переходная PE, 63-32",null,"шт",1,31.51,37.181800000000003,0,31.51,0,37.18,0]
[null,"RAUPEX",null,null,12453121001,"Электросварная муфта переходная PE, 63-40",null,"шт",1,31.51,37.181800000000003,0,31.51,0,37.18,0]
[null,"RAUPEX",null,null,12453221001,"Электросварная муфта переходная PE, 63-50",null,"шт",1,31.51,37.181800000000003,0,31.51,0,37.18,0]
[null,"RAUPEX",null,null,12496271001,"Электросварная муфта переходная PE, 75-63",null,"шт",1,37.909999999999997,44.733799999999995,0,37.909999999999997,0,44.73,0]
[null,"RAUPEX",null,null,12480041001,"Электросварная муфта переходная PE, 90-50",null,"шт",1,47.31,55.825800000000001,0,47.31,0,55.83,0]
[null,"RAUPEX",null,null,12453321001,"Электросварная муфта переходная PE, 90-63",null,"шт",1,47.31,55.825800000000001,0,47.31,0,55.83,0]
[null,"RAUPEX",null,null,12252431001,"Электросварная муфта переходная PE, 90-75",null,"шт",1,47.31,55.825800000000001,0,47.31,0,55.83,0]
[null,"RAUPEX",null,null,12451021001,"Электросварная муфта переходная PE, 110-63",null,"шт",1,75.38,88.948399999999992,0,75.38,0,88.95,0]
[null,"RAUPEX",null,null,12453421001,"Электросварная муфта переходная PE, 110-90",null,"шт",1,76.650000000000006,90.447000000000003,0,76.650000000000006,0,90.45,0]
[null,"RAUPEX",null,null,12330821001,"Электросварная муфта переходная PE, 125-90",null,"шт",1,94.25,111.21499999999999,0,94.25,0,111.22,0]
[null,"RAUPEX",null,null,12336221001,"Электросварная муфта переходная PE, 125-110",null,"шт",1,94.25,111.21499999999999,0,94.25,0,111.22,0]
[null,"RAUPEX",null,null,12389401001,"Электросварная муфта переходная PE, 160-90",null,"шт",1,147,173.45999999999998,0,147,0,173.46,0]
[null,"RAUPEX",null,null,12389481001,"Электросварная муфта переходная PE, 160-110",null,"шт",1,148.31,175.00579999999999,0,148.31,0,175.01,0]
[null,"RAUPEX",null,null,12389501001,"Электросварная муфта переходная PE, 160-125",null,"шт",1,148.31,175.00579999999999,0,148.31,0,175.01,0]
[null,"RAUPEX"]
[null,"RAUPEX",null,null,12428471001,"Переходник под эл.-сварное соединение, безмуфтовый, PE, 40-32",null,"шт",1,8.2799999999999994,{"$f":"J1671*$B$2","v":9.7703999999999986},{"$f":"K1671*G1671","v":0},{"$f":"J1671*(1-$E$5-$E$7)*(1-$E$9)*(1+$E$11)","v":8.2799999999999994},{"$f":"M1671*G1671","v":0},{"$f":"ROUND((M1671*$B$2),2)","v":9.77},{"$f":"O1671*G1671","v":0}]
[null,"RAUPEX",null,null,12428671001,"Переходник под эл.-сварное соединение, безмуфтовый, PE, 50-32",null,"шт",1,9.86,11.634799999999998,0,9.86,0,11.63,0]
[null,"RAUPEX",null,null,12428771001,"Переходник под эл.-сварное соединение, безмуфтовый, PE, 50-40",null,"шт",1,9.86,11.634799999999998,0,9.86,0,11.63,0]
[null,"RAUPEX",null,null,12428871001,"Переходник под эл.-сварное соединение, безмуфтовый, PE, 63-32",null,"шт",1,13.46,15.8828,0,13.46,0,15.88,0]
[null,"RAUPEX",null,null,12428971001,"Переходник под эл.-сварное соединение, безмуфтовый, PE, 63-40",null,"шт",1,13.46,15.8828,0,13.46,0,15.88,0]
[null,"RAUPEX",null,null,12429071001,"Переходник под эл.-сварное соединение, безмуфтовый, PE, 63-50",null,"шт",1,13.46,15.8828,0,13.46,0,15.88,0]
[null,"RAUPEX",null,null,12429171001,"Переходник под эл.-сварное соединение, безмуфтовый, PE, 75-50",null,"шт",1,20.81,24.555799999999998,0,20.81,0,24.56,0]
[null,"RAUPEX",null,null,12429271001,"Переходник под эл.-сварное соединение, безмуфтовый, PE, 75-63",null,"шт",1,20.81,24.555799999999998,0,20.81,0,24.56,0]
[null,"RAUPEX",null,null,12342441001,"Переходник под эл.-сварное соединение, безмуфтовый, PE, 90-50",null,"шт",1,28.53,33.665399999999998,0,28.53,0,33.67,0]
[null,"RAUPEX",null,null,12429371001,"Переходник под эл.-сварное соединение, безмуфтовый, PE, 90-63",null,"шт",1,28.53,33.665399999999998,0,28.53,0,33.67,0]
[null,"RAUPEX",null,null,12429471001,"Переходник под эл.-сварное соединение, безмуфтовый, PE, 90-75",null,"шт",1,28.53,33.665399999999998,0,28.53,0,33.67,0]
[null,"RAUPEX",null,null,12429571001,"Переходник под эл.-сварное соединение, безмуфтовый, PE, 110-63",null,"шт",1,38.049999999999997,44.898999999999994,0,38.049999999999997,0,44.9,0]
[null,"RAUPEX",null,null,12342541001,"Переходник под эл.-сварное соединение, безмуфтовый, PE, 110-75",null,"шт",1,38.049999999999997,44.898999999999994,0,38.049999999999997,0,44.9,0]
[null,"RAUPEX",null,null,12429671001,"Переходник под эл.-сварное соединение, безмуфтовый, PE, 110-90",null,"шт",1,38.049999999999997,44.898999999999994,0,38.049999999999997,0,44.9,0]
[null,"RAUPEX",null,null,12330921001,"Переходник под эл.-сварное соединение, безмуфтовый, PE, 125-63",null,"шт",1,45.87,54.126599999999996,0,45.87,0,54.13,0]
[null,"RAUPEX",null,null,12331021001,"Переходник под эл.-сварное соединение, безмуфтовый, PE, 125-90",null,"шт",1,45.87,54.126599999999996,0,45.87,0,54.13,0]
[null,"RAUPEX",null,null,12331121001,"Переходник под эл.-сварное соединение, безмуфтовый, PE, 125-110",null,"шт",1,45.87,54.126599999999996,0,45.87,0,54.13,0]
[null,"RAUPEX",null,null,12429771001,"Переходник под эл.-сварное соединение, безмуфтовый, PE, 160-90",null,"шт",1,88.25,104.13499999999999,0,88.25,0,104.14,0]
[null,"RAUPEX",null,null,12429871001,"Переходник под эл.-сварное соединение, безмуфтовый, PE, 160-110",null,"шт",1,88.25,104.13499999999999,0,88.25,0,104.14,0]
[null,"RAUPEX",null,null,12336321001,"Переходник под эл.-сварное соединение, безмуфтовый, PE, 160-125",null,"шт",1,88.25,104.13499999999999,0,88.25,0,104.14,0]
[null,"RAUPEX"]
[null,"RAUPEX",null,null,12461841001,"Эл.-сварная муфта с наруж. резьбой из латуни, 20-1/2\"",null,"шт",1,41.67,{"$f":"J1692*$B$2","v":49.1706},{"$f":"K1692*G1692","v":0},{"$f":"J1692*(1-$E$5-$E$7)*(1-$E$9)*(1+$E$11)","v":41.67},{"$f":"M1692*G1692","v":0},{"$f":"ROUND((M1692*$B$2),2)","v":49.17},{"$f":"O1692*G1692","v":0}]
[null,"RAUPEX",null,null,12457621001,"Эл.-сварная муфта с наруж. резьбой из латуни, 25-3/4\"",null,"шт",1,48.05,56.698999999999991,0,48.05,0,56.7,0]
[null,"RAUPEX",null,null,12354251001,"Эл.-сварная муфта с наруж. резьбой из латуни, 32-1/2\"",null,"шт",null,44.92,53.005600000000001,0,44.92,0,53.01,0]
[null,"RAUPEX",null,null,12354351001,"Эл.-сварная муфта с наруж. резьбой из латуни, 32-3/4\"",null,"шт",null,44.92,53.005600000000001,0,44.92,0,53.01,0]
[null,"RAUPEX",null,null,12457721001,"Эл.-сварная муфта с наруж. резьбой из латуни, 32-1\"",null,"шт",1,45.12,53.241599999999991,0,45.12,0,53.24,0]
[null,"RAUPEX",null,null,12457821001,"Эл.-сварная муфта с наруж. резьбой из латуни, 32-1 1/4\"",null,"шт",1,51.2,60.415999999999997,0,51.2,0,60.42,0]
[null,"RAUPEX",null,null,12457921001,"Эл.-сварная муфта с наруж. резьбой из латуни, 32-1 1/2\"",null,"шт",1,55.18,65.112399999999994,0,55.18,0,65.11,0]
[null,"RAUPEX",null,null,12458021001,"Эл.-сварная муфта с наруж. резьбой из латуни, 40-1\"",null,"шт",1,57.02,67.283600000000007,0,57.02,0,67.28,0]
[null,"RAUPEX",null,null,12458121001,"Эл.-сварная муфта с наруж. резьбой из латуни, 40-1 1/4\"",null,"шт",1,54.87,64.746599999999987,0,54.87,0,64.75,0]
[null,"RAUPEX",null,null,12458221001,"Эл.-сварная муфта с наруж. резьбой из латуни, 40-1 1/2\"",null,"шт",1,63.2,74.575999999999993,0,63.2,0,74.58,0]
[null,"RAUPEX",null,null,12458321001,"Эл.-сварная муфта с наруж. резьбой из латуни, 40-2\"",null,"шт",1,85.3,100.654,0,85.3,0,100.65,0]
[null,"RAUPEX",null,null,12458421001,"Эл.-сварная муфта с наруж. резьбой из латуни, 50-1\"",null,"шт",1,68.75,81.125,0,68.75,0,81.13,0]
[null,"RAUPEX",null,null,12458521001,"Эл.-сварная муфта с наруж. резьбой из латуни, 50-1 1/4\"",null,"шт",1,63.57,75.012599999999992,0,63.57,0,75.010000000000005,0]
[null,"RAUPEX",null,null,12458621001,"Эл.-сварная муфта с наруж. резьбой из латуни, 50-1 1/2\"",null,"шт",1,61.04,72.027199999999993,0,61.04,0,72.03,0]
[null,"RAUPEX",null,null,12458721001,"Эл.-сварная муфта с наруж. резьбой из латуни, 50-2\"",null,"шт",1,69.36,81.844799999999992,0,69.36,0,81.84,0]
[null,"RAUPEX",null,null,12458821001,"Эл.-сварная муфта с наруж. резьбой из латуни, 63-1 1/4\"",null,"шт",1,86.39,101.94019999999999,0,86.39,0,101.94,0]
[null,"RAUPEX",null,null,12458921001,"Эл.-сварная муфта с наруж. резьбой из латуни, 63-1 1/2\"",null,"шт",1,82.82,97.727599999999981,0,82.82,0,97.73,0]
[null,"RAUPEX",null,null,12459021001,"Эл.-сварная муфта с наруж. резьбой из латуни, 63-2\"",null,"шт",1,86.39,101.94019999999999,0,86.39,0,101.94,0]
[null,"RAUPEX",null,null,12468021001,"Эл.-сварная муфта с наруж. резьбой из латуни, 75-2\"",null,"шт",1,145.38,171.54839999999999,0,145.38,0,171.55,0]
[null,"RAUPEX",null,null,12454521001,"Эл.-сварная муфта с наруж. резьбой из латуни, 75-2 1/2\"",null,"шт",1,141.88,167.41839999999999,0,141.88,0,167.42,0]
[null,"RAUPEX"]
[null,"RAUPEX",null,null,12450371001,"Эл.-сварная муфта с наруж. резьбой из PE 100, 25-3/4\"",null,"шт",1,22.64,{"$f":"J1713*$B$2","v":26.715199999999999},{"$f":"K1713*G1713","v":0},{"$f":"J1713*(1-$E$5-$E$7)*(1-$E$9)*(1+$E$11)","v":22.64},{"$f":"M1713*G1713","v":0},{"$f":"ROUND((M1713*$B$2),2)","v":26.72},{"$f":"O1713*G1713","v":0}]
[null,"RAUPEX",null,null,12450471001,"Эл.-сварная муфта с наруж. резьбой из PE 100, 32-1\"",null,"шт",1,25.66,30.278799999999997,0,25.66,0,30.28,0]
[null,"RAUPEX",null,null,12450571001,"Эл.-сварная муфта с наруж. резьбой из PE 100, 40-1\"",null,"шт",1,32.51,38.361799999999995,0,32.51,0,38.36,0]
[null,"RAUPEX",null,null,12450671001,"Эл.-сварная муфта с наруж. резьбой из PE 100, 40-1 1/4\"",null,"шт",1,31.41,37.063800000000001,0,31.41,0,37.06,0]
[null,"RAUPEX",null,null,12450771001,"Эл.-сварная муфта с наруж. резьбой из PE 100, 40-1 1/2\"",null,"шт",1,36.18,42.692399999999999,0,36.18,0,42.69,0]
[null,"RAUPEX",null,null,12450871001,"Эл.-сварная муфта с наруж. резьбой из PE 100, 50-1 1/2\"",null,"шт",1,47.46,56.002800000000001,0,47.46,0,56,0]
[null,"RAUPEX",null,null,12450971001,"Эл.-сварная муфта с наруж. резьбой из PE 100, 63-1 1/2\"",null,"шт",1,60.64,71.555199999999999,0,60.64,0,71.56,0]
[null,"RAUPEX",null,null,12451071001,"Эл.-сварная муфта с наруж. резьбой из PE 100, 63-2\"",null,"шт",1,59.29,69.962199999999996,0,59.29,0,69.959999999999994,0]
[null,"RAUPEX"]
[null,"RAUPEX",null,null,12461941001,"Эл.-сварная муфта с внутр. резьбой из латуни,  20-1/2\"",null,"шт",1,47.74,{"$f":"J1722*$B$2","v":56.333199999999998},{"$f":"K1722*G1722","v":0},{"$f":"J1722*(1-$E$5-$E$7)*(1-$E$9)*(1+$E$11)","v":47.74},{"$f":"M1722*G1722","v":0},{"$f":"ROUND((M1722*$B$2),2)","v":56.33},{"$f":"O1722*G1722","v":0}]
[null,"RAUPEX",null,null,12459121001,"Эл.-сварная муфта с внутр. резьбой из латуни,  25-3/4\"",null,"шт",1,51,60.18,0,51,0,60.18,0]
[null,"RAUPEX",null,null,12459221001,"Эл.-сварная муфта с внутр. резьбой из латуни,  32-1\"",null,"шт",1,50,59,0,50,0,59,0]
[null,"RAUPEX",null,null,12459321001,"Эл.-сварная муфта с внутр. резьбой из латуни,  40-1\"",null,"шт",1,63.08,74.434399999999997,0,63.08,0,74.430000000000007,0]
[null,"RAUPEX",null,null,12459421001,"Эл.-сварная муфта с внутр. резьбой из латуни,  40-1 1/4\"",null,"шт",1,61.93,73.077399999999997,0,61.93,0,73.08,0]
[null,"RAUPEX",null,null,12459521001,"Эл.-сварная муфта с внутр. резьбой из латуни,  40-1 1/2\"",null,"шт",1,70.680000000000007,83.4024,0,70.680000000000007,0,83.4,0]
[null,"RAUPEX",null,null,12459621001,"Эл.-сварная муфта с внутр. резьбой из латуни,  50-1 1/2\"",null,"шт",1,64.69,76.334199999999996,0,64.69,0,76.33,0]
[null,"RAUPEX",null,null,12459721001,"Эл.-сварная муфта с внутр. резьбой из латуни,  50-2\"",null,"шт",1,73.34,86.541200000000003,0,73.34,0,86.54,0]
[null,"RAUPEX",null,null,12459821001,"Эл.-сварная муфта с внутр. резьбой из латуни,  63-1 1/2\"",null,"шт",1,87.68,103.4624,0,87.68,0,103.46,0]
[null,"RAUPEX",null,null,12459921001,"Эл.-сварная муфта с внутр. резьбой из латуни,  63-2\"",null,"шт",1,91.67,108.17059999999999,0,91.67,0,108.17,0]
[null,"RAUPEX"]
[null,"RAUPEX",null,null,12451221001,"Электросварная концевая муфта (заглушка) PE, 20",null,"шт",1,14.64,{"$f":"J1733*$B$2","v":17.275199999999998},{"$f":"K1733*G1733","v":0},{"$f":"J1733*(1-$E$5-$E$7)*(1-$E$9)*(1+$E$11)","v":14.64},{"$f":"M1733*G1733","v":0},{"$f":"ROUND((M1733*$B$2),2)","v":17.28},{"$f":"O1733*G1733","v":0}]
[null,"RAUPEX",null,null,12451321001,"Электросварная концевая муфта (заглушка) PE, 25",null,"шт",1,15.68,18.502399999999998,0,15.68,0,18.5,0]
[null,"RAUPEX",null,null,12451421001,"Электросварная концевая муфта (заглушка) PE, 32",null,"шт",1,18.190000000000001,21.464200000000002,0,18.190000000000001,0,21.46,0]
[null,"RAUPEX",null,null,12451521001,"Электросварная концевая муфта (заглушка) PE, 40",null,"шт",1,20.09,23.706199999999999,0,20.09,0,23.71,0]
[null,"RAUPEX",null,null,12451621001,"Электросварная концевая муфта (заглушка) PE, 50",null,"шт",1,29.9,35.281999999999996,0,29.9,0,35.28,0]
[null,"RAUPEX",null,null,12451721001,"Электросварная концевая муфта (заглушка) PE, 63",null,"шт",1,33.18,39.1524,0,33.18,0,39.15,0]
[null,"RAUPEX",null,null,12451821001,"Электросварная концевая муфта (заглушка) PE, 75",null,"шт",1,52.01,61.371799999999993,0,52.01,0,61.37,0]
[null,"RAUPEX",null,null,12451921001,"Электросварная концевая муфта (заглушка) PE, 90 ",null,"шт",1,68.78,81.160399999999996,0,68.78,0,81.16,0]
[null,"RAUPEX",null,null,12452021001,"Электросварная концевая муфта (заглушка) PE, 110",null,"шт",1,88.67,104.6306,0,88.67,0,104.63,0]
[null,"RAUPEX",null,null,12330721001,"Электросварная концевая муфта (заглушка) PE, 125",null,"шт",1,108.37,127.8766,0,108.37,0,127.88,0]
[null,"RAUPEX",null,null,12452321001,"Электросварная концевая муфта (заглушка) PE, 160",null,"шт",1,152.21,179.6078,0,152.21,0,179.61,0]
[null,"RAUPEX"]
[null,"RAUPEX",null,null,12252381001,"Электросварной тройник 90° PE, 20-20-20",null,"шт",1,21.86,{"$f":"J1745*$B$2","v":25.794799999999999},{"$f":"K1745*G1745","v":0},{"$f":"J1745*(1-$E$5-$E$7)*(1-$E$9)*(1+$E$11)","v":21.86},{"$f":"M1745*G1745","v":0},{"$f":"ROUND((M1745*$B$2),2)","v":25.79},{"$f":"O1745*G1745","v":0}]
[null,"RAUPEX",null,null,12248291001,"Электросварной тройник 90° PE, 25-25-25",null,"шт",1,21.86,25.794799999999999,0,21.86,0,25.79,0]
[null,"RAUPEX",null,null,12453721001,"Электросварной тройник 90° PE, 32-32-32",null,"шт",1,22.94,27.069199999999999,0,22.94,0,27.07,0]
[null,"RAUPEX",null,null,12453821001,"Электросварной тройник 90° PE, 40-40-40",null,"шт",1,25.83,30.479399999999995,0,25.83,0,30.48,0]
[null,"RAUPEX",null,null,12453921001,"Электросварной тройник 90° PE, 50-50-50",null,"шт",1,33.93,40.037399999999998,0,33.93,0,40.04,0]
[null,"RAUPEX",null,null,12454021001,"Электросварной тройник 90° PE, 63-63-63",null,"шт",1,37.29,44.002199999999995,0,37.29,0,44,0]
[null,"RAUPEX",null,null,12454121001,"Электросварной тройник 90° PE, 75-75-75",null,"шт",1,53.42,63.035599999999995,0,53.42,0,63.04,0]
[null,"RAUPEX",null,null,12454221001,"Электросварной тройник 90° PE, 90-90-90",null,"шт",1,63.84,75.331199999999995,0,63.84,0,75.33,0]
[null,"RAUPEX",null,null,12454321001,"Электросварной тройник 90° PE, 110-110-110",null,"шт",1,100.62,118.7316,0,100.62,0,118.73,0]
[null,"RAUPEX",null,null,12331221001,"Электросварной тройник 90° PE, 125-125-125",null,"шт",1,129.72999999999999,153.08139999999997,0,129.72999999999999,0,153.08000000000001,0]
[null,"RAUPEX",null,null,12454421001,"Электросварной тройник 90° PE, 160-160-160",null,"шт",1,236.29,278.82219999999995,0,236.29,0,278.82,0]
[null,"RAUPEX"]
["D","RAUPEX",null,null,12453521001,"Электросварной тройник 90° PE, 20-32-20",null,"шт",50,25.75,{"$f":"J1757*$B$2","v":30.384999999999998},{"$f":"K1757*G1757","v":0},{"$f":"J1757*(1-$E$5-$E$7)*(1-$E$9)*(1+$E$11)","v":25.75},{"$f":"M1757*G1757","v":0},{"$f":"ROUND((M1757*$B$2),2)","v":30.39},{"$f":"O1757*G1757","v":0}]
[null,"RAUPEX",null,null,12453621001,"Электросварной тройник 90° PE, 25-32-25",null,"шт",50,26.16,{"$f":"J1758*$B$2","v":30.8688},{"$f":"K1758*G1758","v":0},{"$f":"J1758*(1-$E$5-$E$7)*(1-$E$9)*(1+$E$11)","v":26.16},{"$f":"M1758*G1758","v":0},{"$f":"ROUND((M1758*$B$2),2)","v":30.87},{"$f":"O1758*G1758","v":0}]
[null,"RAUPEX"]
[null,"RAUPEX",null,null,12252391001,"Электросварной тройник 90° PE, 25-20-25",null,"шт",1,25.5,{"$f":"J1760*$B$2","v":30.09},{"$f":"K1760*G1760","v":0},{"$f":"J1760*(1-$E$5-$E$7)*(1-$E$9)*(1+$E$11)","v":25.5},{"$f":"M1760*G1760","v":0},{"$f":"ROUND((M1760*$B$2),2)","v":30.09},{"$f":"O1760*G1760","v":0}]
[null,"RAUPEX",null,null,12454621001,"Электросварной тройник 90° PE, 32-20-32",null,"шт",1,27.13,32.013399999999997,0,27.13,0,32.01,0]
[null,"RAUPEX",null,null,12891361001,"Электросварной тройник 90° PE, 32-25-32",null,"шт",1,27.13,32.013399999999997,0,27.13,0,32.01,0]
[null,"RAUPEX",null,null,12454721001,"Электросварной тройник 90° PE, 40-20-40",null,"шт",1,31.35,36.993000000000002,0,31.35,0,36.99,0]
[null,"RAUPEX",null,null,12891371001,"Электросварной тройник 90° PE, 40-25-40",null,"шт",1,31.35,36.993000000000002,0,31.35,0,36.99,0]
[null,"RAUPEX",null,null,12891381001,"Электросварной тройник 90° PE, 40-32-40",null,"шт",1,31.35,36.993000000000002,0,31.35,0,36.99,0]
[null,"RAUPEX",null,null,12454821001,"Электросварной тройник 90° PE, 50-20-50",null,"шт",1,40.83,48.179399999999994,0,40.83,0,48.18,0]
[null,"RAUPEX",null,null,12891391001,"Электросварной тройник 90° PE, 50-25-50",null,"шт",1,40.83,48.179399999999994,0,40.83,0,48.18,0]
[null,"RAUPEX",null,null,12454921001,"Электросварной тройник 90° PE, 50-32-50",null,"шт",1,40.83,48.179399999999994,0,40.83,0,48.18,0]
[null,"RAUPEX",null,null,12891411001,"Электросварной тройник 90° PE, 50-40-50",null,"шт",1,40.83,48.179399999999994,0,40.83,0,48.18,0]
[null,"RAUPEX",null,null,12455021001,"Электросварной тройник 90° PE, 63-20-63",null,"шт",1,46.58,54.964399999999998,0,46.58,0,54.96,0]
[null,"RAUPEX",null,null,12455121001,"Электросварной тройник 90° PE, 63-32-63",null,"шт",1,46.58,54.964399999999998,0,46.58,0,54.96,0]
[null,"RAUPEX",null,null,12452121001,"Электросварной тройник 90° PE, 63-40-63",null,"шт",1,46.58,54.964399999999998,0,46.58,0,54.96,0]
[null,"RAUPEX",null,null,12452221001,"Электросварной тройник 90° PE, 63-50-63",null,"шт",1,46.58,54.964399999999998,0,46.58,0,54.96,0]
[null,"RAUPEX",null,null,12034091001,"Электросварной тройник 90° PE, 75-63-75",null,"шт",1,{"$f":"88.07/1.18","v":74.635593220338976},{"$f":"J1774*$B$2","v":88.07},0,{"$f":"J1774*(1-$E$5-$E$7)*(1-$E$9)*(1+$E$11)","v":74.635593220338976},0,{"$f":"ROUND((M1774*$B$2),2)","v":88.07},0]
[null,"RAUPEX",null,null,12455221001,"Электросварной тройник 90° PE, 90-63-90",null,"шт",1,74.89,88.370199999999997,0,74.89,0,88.37,0]
[null,"RAUPEX",null,null,12455321001,"Электросварной тройник 90° PE, 110-63-110",null,"шт",1,117.88,139.0984,0,117.88,0,139.1,0]
[null,"RAUPEX",null,null,12455421001,"Электросварной тройник 90° PE, 110-90-110",null,"шт",1,117.88,139.0984,0,117.88,0,139.1,0]
[null,"RAUPEX",null,null,12332021001,"Электросварной тройник 90° PE, 125-90-125",null,"шт",1,154.87,182.7466,0,154.87,0,182.75,0]
[null,"RAUPEX",null,null,12332121001,"Электросварной тройник 90° PE, 125-110-125",null,"шт",1,154.87,182.7466,0,154.87,0,182.75,0]
[null,"RAUPEX",null,null,12456221001,"Электросварной тройник 90° PE, 160-90-160",null,"шт",1,277.07,326.94259999999997,0,277.07,0,326.94,0]
[null,"RAUPEX",null,null,12457321001,"Электросварной тройник 90° PE, 160-110-160",null,"шт",1,277.07,326.94259999999997,0,277.07,0,326.94,0]
[null,"RAUPEX",null,null,12336421001,"Электросварной тройник 90° PE, 160-125-160",null,"шт",1,277.07,326.94259999999997,0,277.07,0,326.94,0]
[null,"RAUPEX"]
[null,"RAUPEX",null,null,12331321001,"Эл.-сварной тройник PE с фланцем на бок. отводе, 90-Ду80-90",null,"шт",1,266.16000000000003,{"$f":"J1784*$B$2","v":314.06880000000001},{"$f":"K1784*G1784","v":0},{"$f":"J1784*(1-$E$5-$E$7)*(1-$E$9)*(1+$E$11)","v":266.16000000000003},{"$f":"M1784*G1784","v":0},{"$f":"ROUND((M1784*$B$2),2)","v":314.07},{"$f":"O1784*G1784","v":0}]
[null,"RAUPEX",null,null,12331421001,"Эл.-сварной тройник PE с фланцем на бок. отводе, 110-Ду80-110",null,"шт",1,394.6,465.62799999999999,0,394.6,0,465.63,0]
[null,"RAUPEX",null,null,12331521001,"Эл.-сварной тройник PE с фланцем на бок. отводе, 110-Ду100-110",null,"шт",1,399.49,471.39819999999997,0,399.49,0,471.4,0]
[null,"RAUPEX",null,null,12331621001,"Эл.-сварной тройник PE с фланцем на бок. отводе, 125-Ду80-125",null,"шт",1,475.4,560.97199999999998,0,475.4,0,560.97,0]
[null,"RAUPEX",null,null,12331721001,"Эл.-сварной тройник PE с фланцем на бок. отводе, 125-Ду100-125",null,"шт",1,480.48,566.96640000000002,0,480.48,0,566.97,0]
[null,"RAUPEX",null,null,12331821001,"Эл.-сварной тройник PE с фланцем на бок. отводе, 160-Ду80-160",null,"шт",1,551.09,650.28620000000001,0,551.09,0,650.29,0]
[null,"RAUPEX",null,null,12331921001,"Эл.-сварной тройник PE с фланцем на бок. отводе, 160-Ду100-160",null,"шт",1,569.03,671.45539999999994,0,569.03,0,671.46,0]
[null,"RAUPEX"]
[null,"RAUPEX",null,null,12254031001,"Электросварной угольник 0 до 24°, PE, 110",null,"шт",1,354.51,{"$f":"J1792*$B$2","v":418.32179999999994},{"$f":"K1792*G1792","v":0},{"$f":"J1792*(1-$E$5-$E$7)*(1-$E$9)*(1+$E$11)","v":354.51},{"$f":"M1792*G1792","v":0},{"$f":"ROUND((M1792*$B$2),2)","v":418.32},{"$f":"O1792*G1792","v":0}]
[null,"RAUPEX",null,null,12254041001,"Электросварной угольник 0 до 24°, PE, 125",null,"шт",1,438.05,{"$f":"J1793*$B$2","v":516.899},{"$f":"K1793*G1793","v":0},{"$f":"J1793*(1-$E$5-$E$7)*(1-$E$9)*(1+$E$11)","v":438.05},{"$f":"M1793*G1793","v":0},{"$f":"ROUND((M1793*$B$2),2)","v":516.9},{"$f":"O1793*G1793","v":0}]
[null,"RAUPEX",null,null,12254051001,"Электросварной угольник 0 до 24°, PE, 160",null,"шт",1,631.65,{"$f":"J1794*$B$2","v":745.34699999999998},{"$f":"K1794*G1794","v":0},{"$f":"J1794*(1-$E$5-$E$7)*(1-$E$9)*(1+$E$11)","v":631.65},{"$f":"M1794*G1794","v":0},{"$f":"ROUND((M1794*$B$2),2)","v":745.35},{"$f":"O1794*G1794","v":0}]
[null,"RAUPEX"]
[null,"RAUPEX",null,null,12758681001,"Электросварной угольник 22,5°, PE, 90",null,"шт",1,69.95,{"$f":"J1796*$B$2","v":82.540999999999997},{"$f":"K1796*G1796","v":0},{"$f":"J1796*(1-$E$5-$E$7)*(1-$E$9)*(1+$E$11)","v":69.95},{"$f":"M1796*G1796","v":0},{"$f":"ROUND((M1796*$B$2),2)","v":82.54},{"$f":"O1796*G1796","v":0}]
[null,"RAUPEX",null,null,12758781001,"Электросварной угольник 22,5°, PE, 110",null,"шт",1,102.51,{"$f":"J1797*$B$2","v":120.9618},{"$f":"K1797*G1797","v":0},{"$f":"J1797*(1-$E$5-$E$7)*(1-$E$9)*(1+$E$11)","v":102.51},{"$f":"M1797*G1797","v":0},{"$f":"ROUND((M1797*$B$2),2)","v":120.96},{"$f":"O1797*G1797","v":0}]
[null,"RAUPEX",null,null,12332221001,"Электросварной угольник 22,5°, PE, 125",null,"шт",1,139.4,{"$f":"J1798*$B$2","v":164.49199999999999},{"$f":"K1798*G1798","v":0},{"$f":"J1798*(1-$E$5-$E$7)*(1-$E$9)*(1+$E$11)","v":139.4},{"$f":"M1798*G1798","v":0},{"$f":"ROUND((M1798*$B$2),2)","v":164.49},{"$f":"O1798*G1798","v":0}]
[null,"RAUPEX",null,null,12332321001,"Электросварной угольник 22,5°, PE, 160",null,"шт",1,268.58,{"$f":"J1799*$B$2","v":316.92439999999999},{"$f":"K1799*G1799","v":0},{"$f":"J1799*(1-$E$5-$E$7)*(1-$E$9)*(1+$E$11)","v":268.58},{"$f":"M1799*G1799","v":0},{"$f":"ROUND((M1799*$B$2),2)","v":316.92},{"$f":"O1799*G1799","v":0}]
[null,"RAUPEX"]
[null,"RAUPEX",null,null,12455521001,"Электросварной угольник 45°, PE, 32",null,"шт",1,22.44,{"$f":"J1801*$B$2","v":26.479199999999999},{"$f":"K1801*G1801","v":0},{"$f":"J1801*(1-$E$5-$E$7)*(1-$E$9)*(1+$E$11)","v":22.44},{"$f":"M1801*G1801","v":0},{"$f":"ROUND((M1801*$B$2),2)","v":26.48},{"$f":"O1801*G1801","v":0}]
[null,"RAUPEX",null,null,12455621001,"Электросварной угольник 45°, PE, 40",null,"шт",1,26.55,31.329000000000001,0,26.55,0,31.33,0]
[null,"RAUPEX",null,null,12455721001,"Электросварной угольник 45°, PE, 50",null,"шт",1,33.56,39.6008,0,33.56,0,39.6,0]
[null,"RAUPEX",null,null,12455821001,"Электросварной угольник 45°, PE, 63",null,"шт",1,38.36,45.264799999999994,0,38.36,0,45.26,0]
[null,"RAUPEX",null,null,12455921001,"Электросварной угольник 45°, PE, 75",null,"шт",1,55.57,65.572599999999994,0,55.57,0,65.569999999999993,0]
[null,"RAUPEX",null,null,12456021001,"Электросварной угольник 45°, PE, 90",null,"шт",1,68.010000000000005,80.251800000000003,0,68.010000000000005,0,80.25,0]
[null,"RAUPEX",null,null,12456121001,"Электросварной угольник 45°, PE, 110",null,"шт",1,98.13,115.79339999999999,0,98.13,0,115.79,0]
[null,"RAUPEX",null,null,12332421001,"Электросварной угольник 45°, PE, 125",null,"шт",1,135.49,159.87819999999999,0,135.49,0,159.88,0]
[null,"RAUPEX",null,null,12456321001,"Электросварной угольник 45°, PE, 160",null,"шт",1,267.49,315.63819999999998,0,267.49,0,315.64,0]
[null,"RAUPEX"]
[null,"RAUPEX",null,null,12456421001,"Электросварной угольник 90°, PE, 20",null,"шт",1,20.81,{"$f":"J1811*$B$2","v":24.555799999999998},{"$f":"K1811*G1811","v":0},{"$f":"J1811*(1-$E$5-$E$7)*(1-$E$9)*(1+$E$11)","v":20.81},{"$f":"M1811*G1811","v":0},{"$f":"ROUND((M1811*$B$2),2)","v":24.56},{"$f":"O1811*G1811","v":0}]
[null,"RAUPEX",null,null,12456521001,"Электросварной угольник 90°, PE, 25",null,"шт",1,20.81,24.555799999999998,0,20.81,0,24.56,0]
[null,"RAUPEX",null,null,12456621001,"Электросварной угольник 90°, PE, 32",null,"шт",1,22.44,26.479199999999999,0,22.44,0,26.48,0]
[null,"RAUPEX",null,null,12456721001,"Электросварной угольник 90°, PE, 40",null,"шт",1,26.55,31.329000000000001,0,26.55,0,31.33,0]
[null,"RAUPEX",null,null,12456821001,"Электросварной угольник 90°, PE, 50",null,"шт",1,33.56,39.6008,0,33.56,0,39.6,0]
[null,"RAUPEX",null,null,12456921001,"Электросварной угольник 90°, PE, 63",null,"шт",1,38.36,45.264799999999994,0,38.36,0,45.26,0]
[null,"RAUPEX",null,null,12457021001,"Электросварной угольник 90°, PE, 75",null,"шт",1,54.35,64.132999999999996,0,54.35,0,64.13,0]
[null,"RAUPEX",null,null,12457121001,"Электросварной угольник 90°, PE, 90",null,"шт",1,68.010000000000005,80.251800000000003,0,68.010000000000005,0,80.25,0]
[null,"RAUPEX",null,null,12457221001,"Электросварной угольник 90°, PE, 110",null,"шт",1,98.13,115.79339999999999,0,98.13,0,115.79,0]
[null,"RAUPEX",null,null,12332521001,"Электросварной угольник 90°, PE, 125",null,"шт",1,267.49,315.63819999999998,0,267.49,0,315.64,0]
[null,"RAUPEX",null,null,12457421001,"Электросварной угольник 90°, PE, 160",null,"шт",1,267.49,315.63819999999998,0,267.49,0,315.64,0]
[null,"RAUPEX"]
[null,"RAUPEX",null,null,12460021001,"Эл.-св. угольник 45° с наруж. резьбой из латуни,  32-1\"",null,"шт",1,54.03,{"$f":"J1823*$B$2","v":63.755399999999995},{"$f":"K1823*G1823","v":0},{"$f":"J1823*(1-$E$5-$E$7)*(1-$E$9)*(1+$E$11)","v":54.03},{"$f":"M1823*G1823","v":0},{"$f":"ROUND((M1823*$B$2),2)","v":63.76},{"$f":"O1823*G1823","v":0}]
[null,"RAUPEX",null,null,12460121001,"Эл.-св. угольник 45° с наруж. резьбой из латуни,  32-1 1/4\"",null,"шт",1,60.69,71.614199999999997,0,60.69,0,71.61,0]
[null,"RAUPEX",null,null,12460221001,"Эл.-св. угольник 45° с наруж. резьбой из латуни,  32-1 1/2\"",null,"шт",1,64.62,76.251599999999996,0,64.62,0,76.25,0]
[null,"RAUPEX",null,null,12460321001,"Эл.-св. угольник 45° с наруж. резьбой из латуни,  40-1\"",null,"шт",1,67.94,80.169199999999989,0,67.94,0,80.17,0]
[null,"RAUPEX",null,null,12460421001,"Эл.-св. угольник 45° с наруж. резьбой из латуни,  40-1 1/4\"",null,"шт",1,65.05,76.758999999999986,0,65.05,0,76.760000000000005,0]
[null,"RAUPEX",null,null,12460521001,"Эл.-св. угольник 45° с наруж. резьбой из латуни,  40-1 1/2\"",null,"шт",1,71.260000000000005,84.086799999999997,0,71.260000000000005,0,84.09,0]
[null,"RAUPEX",null,null,12460721001,"Эл.-св. угольник 45° с наруж. резьбой из латуни,  50-1\"",null,"шт",1,76.34,90.081199999999995,0,76.34,0,90.08,0]
[null,"RAUPEX",null,null,12460821001,"Эл.-св. угольник 45° с наруж. резьбой из латуни,  50-1 1/4\"",null,"шт",1,71.47,84.334599999999995,0,71.47,0,84.33,0]
[null,"RAUPEX",null,null,12460921001,"Эл.-св. угольник 45° с наруж. резьбой из латуни,  50-1 1/2\"",null,"шт",1,71.319999999999993,84.157599999999988,0,71.319999999999993,0,84.16,0]
[null,"RAUPEX",null,null,12461121001,"Эл.-св. угольник 45° с наруж. резьбой из латуни,  63-1 1/4\"",null,"шт",1,97.05,114.51899999999999,0,97.05,0,114.52,0]
[null,"RAUPEX",null,null,12461221001,"Эл.-св. угольник 45° с наруж. резьбой из латуни,  63-1 1/2\"",null,"шт",1,94.35,111.33299999999998,0,94.35,0,111.33,0]
[null,"RAUPEX",null,null,12461321001,"Эл.-св. угольник 45° с наруж. резьбой из латуни,  63-2\"",null,"шт",1,93.18,109.9524,0,93.18,0,109.95,0]
[null,"RAUPEX",null,null,12466921001,"Эл.-св. угольник 45° с наруж. резьбой из латуни,  75-2\"",null,"шт",1,182.29,215.10219999999998,0,182.29,0,215.1,0]
[null,"RAUPEX",null,null,12468121001,"Эл.-св. угольник 45° с наруж. резьбой из латуни,  75-2 1/2\"",null,"шт",1,179.23,211.49139999999997,0,179.23,0,211.49,0]
[null,"RAUPEX"]
[null,"RAUPEX",null,null,12451171001,"Эл.-св. угольник 45° с наруж. резьбой из PE 100, 32-1\"",null,"шт",1,30.9,{"$f":"J1838*$B$2","v":36.461999999999996},{"$f":"K1838*G1838","v":0},{"$f":"J1838*(1-$E$5-$E$7)*(1-$E$9)*(1+$E$11)","v":30.9},{"$f":"M1838*G1838","v":0},{"$f":"ROUND((M1838*$B$2),2)","v":36.46},{"$f":"O1838*G1838","v":0}]
[null,"RAUPEX",null,null,12451271001,"Эл.-св. угольник 45° с наруж. резьбой из PE 100, 40-1\"",null,"шт",1,39,46.019999999999996,0,39,0,46.02,0]
[null,"RAUPEX",null,null,12451371001,"Эл.-св. угольник 45° с наруж. резьбой из PE 100, 40-1 1/4\"",null,"шт",1,37.29,44.002199999999995,0,37.29,0,44,0]
[null,"RAUPEX",null,null,12451471001,"Эл.-св. угольник 45° с наруж. резьбой из PE 100, 40-1 1/2\"",null,"шт",1,40.56,47.860799999999998,0,40.56,0,47.86,0]
[null,"RAUPEX",null,null,12451571001,"Эл.-св. угольник 45° с наруж. резьбой из PE 100, 50-1 1/2\"",null,"шт",1,40.56,47.860799999999998,0,40.56,0,47.86,0]
[null,"RAUPEX",null,null,12451671001,"Эл.-св. угольник 45° с наруж. резьбой из PE 100, 63-1 1/2\"",null,"шт",1,54.82,64.687600000000003,0,54.82,0,64.69,0]
[null,"RAUPEX",null,null,12451771001,"Эл.-св. угольник 45° с наруж. резьбой из PE 100, 63-2\"",null,"шт",1,53.31,62.905799999999999,0,53.31,0,62.91,0]
[null,"RAUPEX"]
[null,"RAUPEX",null,null,12461421001,"Эл.-св. угольник 45° с внутр. резьбой из латуни, 32-1\"",null,"шт",1,56.69,{"$f":"J1846*$B$2","v":66.894199999999998},{"$f":"K1846*G1846","v":0},{"$f":"J1846*(1-$E$5-$E$7)*(1-$E$9)*(1+$E$11)","v":56.69},{"$f":"M1846*G1846","v":0},{"$f":"ROUND((M1846*$B$2),2)","v":66.89},{"$f":"O1846*G1846","v":0}]
[null,"RAUPEX",null,null,12461521001,"Эл.-св. угольник 45° с внутр. резьбой из латуни, 40-1\"",null,"шт",1,71.25,84.074999999999989,0,71.25,0,84.08,0]
[null,"RAUPEX",null,null,12461621001,"Эл.-св. угольник 45° с внутр. резьбой из латуни, 40-1 1/4\"",null,"шт",1,68.06,80.3108,0,68.06,0,80.31,0]
[null,"RAUPEX",null,null,12461721001,"Эл.-св. угольник 45° с внутр. резьбой из латуни, 40-1 1/2\"",null,"шт",1,73.709999999999994,86.977799999999988,0,73.709999999999994,0,86.98,0]
[null,"RAUPEX",null,null,12461821001,"Эл.-св. угольник 45° с внутр. резьбой из латуни, 50-1 1/2\"",null,"шт",1,78.17,92.240600000000001,0,78.17,0,92.24,0]
[null,"RAUPEX",null,null,12461921001,"Эл.-св. угольник 45° с внутр. резьбой из латуни, 50-2\"",null,"шт",1,86.93,102.5774,0,86.93,0,102.58,0]
[null,"RAUPEX",null,null,12462121001,"Эл.-св. угольник 45° с внутр. резьбой из латуни, 63-2\"",null,"шт",1,97.62,115.19159999999999,0,97.62,0,115.19,0]
[null,"RAUPEX"]
[null,"RAUPEX",null,null,12391101001,"Эл.-св. угольник 90° с наруж. резьбой из латуни, 25-1/2\"",null,"шт",1,51.74,{"$f":"J1854*$B$2","v":61.053199999999997},{"$f":"K1854*G1854","v":0},{"$f":"J1854*(1-$E$5-$E$7)*(1-$E$9)*(1+$E$11)","v":51.74},{"$f":"M1854*G1854","v":0},{"$f":"ROUND((M1854*$B$2),2)","v":61.05},{"$f":"O1854*G1854","v":0}]
[null,"RAUPEX",null,null,12462221001,"Эл.-св. угольник 90° с наруж. резьбой из латуни, 25-3/4\"",null,"шт",1,51.74,61.053199999999997,0,51.74,0,61.05,0]
[null,"RAUPEX",null,null,12462321001,"Эл.-св. угольник 90° с наруж. резьбой из латуни, 32-1\"",null,"шт",1,54.03,63.755399999999995,0,54.03,0,63.76,0]
[null,"RAUPEX",null,null,12462421001,"Эл.-св. угольник 90° с наруж. резьбой из латуни, 32-1 1/4\"",null,"шт",1,60.69,71.614199999999997,0,60.69,0,71.61,0]
[null,"RAUPEX",null,null,12462521001,"Эл.-св. угольник 90° с наруж. резьбой из латуни, 32-1 1/2\"",null,"шт",1,64.62,76.251599999999996,0,64.62,0,76.25,0]
[null,"RAUPEX",null,null,12462621001,"Эл.-св. угольник 90° с наруж. резьбой из латуни, 40-1\"",null,"шт",1,67.94,80.169199999999989,0,67.94,0,80.17,0]
[null,"RAUPEX",null,null,12462721001,"Эл.-св. угольник 90° с наруж. резьбой из латуни, 40-1 1/4\"",null,"шт",1,65.05,76.758999999999986,0,65.05,0,76.760000000000005,0]
[null,"RAUPEX",null,null,12462821001,"Эл.-св. угольник 90° с наруж. резьбой из латуни, 40-1 1/2\"",null,"шт",1,71.260000000000005,84.086799999999997,0,71.260000000000005,0,84.09,0]
[null,"RAUPEX",null,null,12463021001,"Эл.-св. угольник 90° с наруж. резьбой из латуни, 50-1\"",null,"шт",1,76.34,90.081199999999995,0,76.34,0,90.08,0]
[null,"RAUPEX",null,null,12463121001,"Эл.-св. угольник 90° с наруж. резьбой из латуни, 50-1 1/4\"",null,"шт",1,71.47,84.334599999999995,0,71.47,0,84.33,0]
["D","RAUPEX",null,null,12463221001,"Эл.-св. угольник 90° с наруж. резьбой из латуни, 50-1 1/2\"",null,"шт",1,71.319999999999993,84.157599999999988,0,71.319999999999993,0,84.16,0]
[null,"RAUPEX",null,null,12463421001,"Эл.-св. угольник 90° с наруж. резьбой из латуни, 63-1 1/4\"",null,"шт",1,97.05,114.51899999999999,0,97.05,0,114.52,0]
[null,"RAUPEX",null,null,12463521001,"Эл.-св. угольник 90° с наруж. резьбой из латуни, 63-1 1/2\"",null,"шт",1,94.35,111.33299999999998,0,94.35,0,111.33,0]
[null,"RAUPEX",null,null,12463621001,"Эл.-св. угольник 90° с наруж. резьбой из латуни, 63-2\"",null,"шт",1,93.18,109.9524,0,93.18,0,109.95,0]
[null,"RAUPEX",null,null,12439231001,"Эл.-св. угольник 90° с наруж. резьбой из латуни, 75-2\"",null,"шт",1,182.29,215.10219999999998,0,182.29,0,215.1,0]
[null,"RAUPEX",null,null,12439331001,"Эл.-св. угольник 90° с наруж. резьбой из латуни, 75-2 1/2\"",null,"шт",1,179.23,211.49139999999997,0,179.23,0,211.49,0]
[null,"RAUPEX"]
[null,"RAUPEX",null,null,12315761001,"Эл.-св. угольник 90° с наруж. резьбой из PE 100, 25-3/4\"",null,"шт",1,29.9,{"$f":"J1871*$B$2","v":35.281999999999996},{"$f":"K1871*G1871","v":0},{"$f":"J1871*(1-$E$5-$E$7)*(1-$E$9)*(1+$E$11)","v":29.9},{"$f":"M1871*G1871","v":0},{"$f":"ROUND((M1871*$B$2),2)","v":35.28},{"$f":"O1871*G1871","v":0}]
[null,"RAUPEX",null,null,12451871001,"Эл.-св. угольник 90° с наруж. резьбой из PE 100, 32-1\"",null,"шт",1,30.9,36.461999999999996,0,30.9,0,36.46,0]
[null,"RAUPEX",null,null,12451971001,"Эл.-св. угольник 90° с наруж. резьбой из PE 100, 40-1\"",null,"шт",1,39,46.019999999999996,0,39,0,46.02,0]
[null,"RAUPEX",null,null,12452071001,"Эл.-св. угольник 90° с наруж. резьбой из PE 100, 40-1 1/4\"",null,"шт",1,37.29,44.002199999999995,0,37.29,0,44,0]
[null,"RAUPEX",null,null,12452171001,"Эл.-св. угольник 90° с наруж. резьбой из PE 100, 40-1 1/2\"",null,"шт",1,40.56,47.860799999999998,0,40.56,0,47.86,0]
[null,"RAUPEX",null,null,12452271001,"Эл.-св. угольник 90° с наруж. резьбой из PE 100, 50-1 1/2\"",null,"шт",1,40.56,47.860799999999998,0,40.56,0,47.86,0]
[null,"RAUPEX",null,null,12452371001,"Эл.-св. угольник 90° с наруж. резьбой из PE 100, 63-1 1/2\"",null,"шт",1,54.77,64.628600000000006,0,54.77,0,64.63,0]
[null,"RAUPEX",null,null,12452471001,"Эл.-св. угольник 90° с наруж. резьбой из PE 100, 63-2\"",null,"шт",1,53.31,62.905799999999999,0,53.31,0,62.91,0]
[null,"RAUPEX"]
[null,"RAUPEX",null,null,12391201001,"Эл.-св. угольник 90° с внутр. резьбой из латуни, 20-1/2\"",null,"шт",1,53.13,{"$f":"J1880*$B$2","v":62.693399999999997},{"$f":"K1880*G1880","v":0},{"$f":"J1880*(1-$E$5-$E$7)*(1-$E$9)*(1+$E$11)","v":53.13},{"$f":"M1880*G1880","v":0},{"$f":"ROUND((M1880*$B$2),2)","v":62.69},{"$f":"O1880*G1880","v":0}]
[null,"RAUPEX",null,null,12463721001,"Эл.-св. угольник 90° с внутр. резьбой из латуни, 25-3/4\"",null,"шт",1,53.13,62.693399999999997,0,53.13,0,62.69,0]
[null,"RAUPEX",null,null,12463821001,"Эл.-св. угольник 90° с внутр. резьбой из латуни, 32-1\"",null,"шт",1,56.25,66.375,0,56.25,0,66.38,0]
[null,"RAUPEX",null,null,12463921001,"Эл.-св. угольник 90° с внутр. резьбой из латуни, 40-1\"",null,"шт",1,57.3,67.61399999999999,0,57.3,0,67.61,0]
[null,"RAUPEX",null,null,12464021001,"Эл.-св. угольник 90° с внутр. резьбой из латуни, 40-1 1/4\"",null,"шт",1,67.34,79.461200000000005,0,67.34,0,79.459999999999994,0]
[null,"RAUPEX",null,null,12464121001,"Эл.-св. угольник 90° с внутр. резьбой из латуни, 40-1 1/2\"",null,"шт",1,73.709999999999994,86.977799999999988,0,73.709999999999994,0,86.98,0]
[null,"RAUPEX",null,null,12464221001,"Эл.-св. угольник 90° с внутр. резьбой из латуни, 50-1 1/2\"",null,"шт",1,78.17,92.240600000000001,0,78.17,0,92.24,0]
[null,"RAUPEX",null,null,12464321001,"Эл.-св. угольник 90° с внутр. резьбой из латуни, 50-2\"",null,"шт",1,86.93,102.5774,0,86.93,0,102.58,0]
[null,"RAUPEX",null,null,12464521001,"Эл.-св. угольник 90° с внутр. резьбой из латуни, 63-2\"",null,"шт",1,97.62,115.19159999999999,0,97.62,0,115.19,0]
[null,"RAUPEX"]
[null,"RAUPEX",null,null,12333021001,"Эл.-св. тройник под верт. врезку в магистраль, 63-32",null,"шт",1,78.05,{"$f":"J1890*$B$2","v":92.09899999999999},{"$f":"K1890*G1890","v":0},{"$f":"J1890*(1-$E$5-$E$7)*(1-$E$9)*(1+$E$11)","v":78.05},{"$f":"M1890*G1890","v":0},{"$f":"ROUND((M1890*$B$2),2)","v":92.1},{"$f":"O1890*G1890","v":0}]
[null,"RAUPEX",null,null,12333121001,"Эл.-св. тройник под верт. врезку в магистраль, 63-40",null,"шт",1,78.05,92.09899999999999,0,78.05,0,92.1,0]
[null,"RAUPEX",null,null,12333221001,"Эл.-св. тройник под верт. врезку в магистраль, 63-50",null,"шт",1,78.05,92.09899999999999,0,78.05,0,92.1,0]
[null,"RAUPEX",null,null,12333321001,"Эл.-св. тройник под верт. врезку в магистраль, 63-63",null,"шт",1,78.05,92.09899999999999,0,78.05,0,92.1,0]
[null,"RAUPEX",null,null,12333421001,"Эл.-св. тройник под верт. врезку в магистраль, 75-32",null,"шт",1,79.819999999999993,94.187599999999989,0,79.819999999999993,0,94.19,0]
[null,"RAUPEX",null,null,12333521001,"Эл.-св. тройник под верт. врезку в магистраль, 75-40",null,"шт",1,79.819999999999993,94.187599999999989,0,79.819999999999993,0,94.19,0]
[null,"RAUPEX",null,null,12333621001,"Эл.-св. тройник под верт. врезку в магистраль, 75-50",null,"шт",1,79.819999999999993,94.187599999999989,0,79.819999999999993,0,94.19,0]
[null,"RAUPEX",null,null,12333721001,"Эл.-св. тройник под верт. врезку в магистраль, 75-63",null,"шт",1,79.819999999999993,94.187599999999989,0,79.819999999999993,0,94.19,0]
[null,"RAUPEX",null,null,12333821001,"Эл.-св. тройник под верт. врезку в магистраль, 90-32",null,"шт",1,84.48,99.686400000000006,0,84.48,0,99.69,0]
[null,"RAUPEX",null,null,12333921001,"Эл.-св. тройник под верт. врезку в магистраль, 90-40",null,"шт",1,84.48,99.686400000000006,0,84.48,0,99.69,0]
[null,"RAUPEX",null,null,12334021001,"Эл.-св. тройник под верт. врезку в магистраль, 90-50",null,"шт",1,84.48,99.686400000000006,0,84.48,0,99.69,0]
[null,"RAUPEX",null,null,12334121001,"Эл.-св. тройник под верт. врезку в магистраль, 90-63",null,"шт",1,84.48,99.686400000000006,0,84.48,0,99.69,0]
[null,"RAUPEX",null,null,12334221001,"Эл.-св. тройник под верт. врезку в магистраль, 110-32",null,"шт",1,88.71,104.67779999999999,0,88.71,0,104.68,0]
[null,"RAUPEX",null,null,12334321001,"Эл.-св. тройник под верт. врезку в магистраль, 110-40",null,"шт",1,88.71,104.67779999999999,0,88.71,0,104.68,0]
[null,"RAUPEX",null,null,12334421001,"Эл.-св. тройник под верт. врезку в магистраль, 110-50",null,"шт",1,88.71,104.67779999999999,0,88.71,0,104.68,0]
[null,"RAUPEX",null,null,12334521001,"Эл.-св. тройник под верт. врезку в магистраль, 110-63",null,"шт",1,88.71,104.67779999999999,0,88.71,0,104.68,0]
[null,"RAUPEX",null,null,12334621001,"Эл.-св. тройник под верт. врезку в магистраль, 110-90",null,"шт",1,106.07,125.16259999999998,0,106.07,0,125.16,0]
[null,"RAUPEX",null,null,12334721001,"Эл.-св. тройник под верт. врезку в магистраль, 125-32",null,"шт",1,92.36,108.98479999999999,0,92.36,0,108.98,0]
[null,"RAUPEX",null,null,12334821001,"Эл.-св. тройник под верт. врезку в магистраль, 125-40",null,"шт",1,92.36,108.98479999999999,0,92.36,0,108.98,0]
[null,"RAUPEX",null,null,12334921001,"Эл.-св. тройник под верт. врезку в магистраль, 125-50",null,"шт",1,92.36,108.98479999999999,0,92.36,0,108.98,0]
[null,"RAUPEX",null,null,12335021001,"Эл.-св. тройник под верт. врезку в магистраль, 125-63",null,"шт",1,92.36,108.98479999999999,0,92.36,0,108.98,0]
[null,"RAUPEX",null,null,12335121001,"Эл.-св. тройник под верт. врезку в магистраль, 125-90",null,"шт",1,133.13,157.09339999999997,0,133.13,0,157.09,0]
[null,"RAUPEX",null,null,12335221001,"Эл.-св. тройник под верт. врезку в магистраль, 160-32",null,"шт",1,132.25,156.05499999999998,0,132.25,0,156.06,0]
[null,"RAUPEX",null,null,12335321001,"Эл.-св. тройник под верт. врезку в магистраль, 160-40",null,"шт",1,132.25,156.05499999999998,0,132.25,0,156.06,0]
[null,"RAUPEX",null,null,12335421001,"Эл.-св. тройник под верт. врезку в магистраль, 160-50",null,"шт",1,132.25,156.05499999999998,0,132.25,0,156.06,0]
[null,"RAUPEX",null,null,12335521001,"Эл.-св. тройник под верт. врезку в магистраль, 160-63",null,"шт",1,132.25,156.05499999999998,0,132.25,0,156.06,0]
[null,"RAUPEX",null,null,12335621001,"Эл.-св. тройник под верт. врезку в магистраль, 160-90",null,"шт",1,151.65,178.947,0,151.65,0,178.95,0]
[null,"RAUPEX"]
[null,"RAUPEX",null,null,12453871001,"Эл.-св. тройник под гор. врезку в магистраль под давлением, 40-20",null,"шт",1,55.06,{"$f":"J1918*$B$2","v":64.970799999999997},{"$f":"K1918*G1918","v":0},{"$f":"J1918*(1-$E$5-$E$7)*(1-$E$9)*(1+$E$11)","v":55.06},{"$f":"M1918*G1918","v":0},{"$f":"ROUND((M1918*$B$2),2)","v":64.97},{"$f":"O1918*G1918","v":0}]
[null,"RAUPEX",null,null,12464621001,"Эл.-св. тройник под гор. врезку в магистраль под давлением, 40-32",null,"шт",1,55.06,64.970799999999997,0,55.06,0,64.97,0]
[null,"RAUPEX",null,null,12453971001,"Эл.-св. тройник под гор. врезку в магистраль под давлением, 50-20",null,"шт",1,68.510000000000005,80.841800000000006,0,68.510000000000005,0,80.84,0]
[null,"RAUPEX",null,null,12891541001,"Эл.-св. тройник под гор. врезку в магистраль под давлением, 50-25",null,"шт",1,68.510000000000005,80.841800000000006,0,68.510000000000005,0,80.84,0]
[null,"RAUPEX",null,null,12464721001,"Эл.-св. тройник под гор. врезку в магистраль под давлением, 50-32",null,"шт",1,68.510000000000005,80.841800000000006,0,68.510000000000005,0,80.84,0]
[null,"RAUPEX",null,null,12454071001,"Эл.-св. тройник под гор. врезку в магистраль под давлением, 63-20",null,"шт",1,75.58,89.184399999999997,0,75.58,0,89.18,0]
[null,"RAUPEX",null,null,12891551001,"Эл.-св. тройник под гор. врезку в магистраль под давлением, 63-25",null,"шт",1,75.58,89.184399999999997,0,75.58,0,89.18,0]
[null,"RAUPEX",null,null,12464821001,"Эл.-св. тройник под гор. врезку в магистраль под давлением, 63-32",null,"шт",1,75.58,89.184399999999997,0,75.58,0,89.18,0]
[null,"RAUPEX",null,null,12464921001,"Эл.-св. тройник под гор. врезку в магистраль под давлением, 63-40",null,"шт",1,75.58,89.184399999999997,0,75.58,0,89.18,0]
[null,"RAUPEX",null,null,12465021001,"Эл.-св. тройник под гор. врезку в магистраль под давлением, 63-50",null,"шт",1,76.3,90.033999999999992,0,76.3,0,90.03,0]
[null,"RAUPEX",null,null,12465121001,"Эл.-св. тройник под гор. врезку в магистраль под давлением, 63-63",null,"шт",1,76.3,90.033999999999992,0,76.3,0,90.03,0]
[null,"RAUPEX",null,null,12465221001,"Эл.-св. тройник под гор. врезку в магистраль под давлением, 75-32",null,"шт",1,82.05,96.818999999999988,0,82.05,0,96.82,0]
[null,"RAUPEX",null,null,12465321001,"Эл.-св. тройник под гор. врезку в магистраль под давлением, 75-40",null,"шт",1,82.05,96.818999999999988,0,82.05,0,96.82,0]
[null,"RAUPEX",null,null,12465421001,"Эл.-св. тройник под гор. врезку в магистраль под давлением, 75-50",null,"шт",1,83.37,98.376599999999996,0,83.37,0,98.38,0]
[null,"RAUPEX",null,null,12465521001,"Эл.-св. тройник под гор. врезку в магистраль под давлением, 75-63",null,"шт",1,83.37,98.376599999999996,0,83.37,0,98.38,0]
[null,"RAUPEX",null,null,12891561001,"Эл.-св. тройник под гор. врезку в магистраль под давлением, 90-25",null,"шт",1,83.33,98.329399999999993,0,83.33,0,98.33,0]
[null,"RAUPEX",null,null,12465621001,"Эл.-св. тройник под гор. врезку в магистраль под давлением, 90-32",null,"шт",1,83.33,98.329399999999993,0,83.33,0,98.33,0]
[null,"RAUPEX",null,null,12465721001,"Эл.-св. тройник под гор. врезку в магистраль под давлением, 90-40",null,"шт",1,83.33,98.329399999999993,0,83.33,0,98.33,0]
[null,"RAUPEX",null,null,12465821001,"Эл.-св. тройник под гор. врезку в магистраль под давлением, 90-50",null,"шт",1,91,107.38,0,91,0,107.38,0]
[null,"RAUPEX",null,null,12465921001,"Эл.-св. тройник под гор. врезку в магистраль под давлением, 90-63",null,"шт",1,91,107.38,0,91,0,107.38,0]
[null,"RAUPEX",null,null,12466021001,"Эл.-св. тройник под гор. врезку в магистраль под давлением, 110-32",null,"шт",1,95.25,112.395,0,95.25,0,112.4,0]
[null,"RAUPEX",null,null,12466121001,"Эл.-св. тройник под гор. врезку в магистраль под давлением, 110-40",null,"шт",1,95.25,112.395,0,95.25,0,112.4,0]
[null,"RAUPEX",null,null,12466221001,"Эл.-св. тройник под гор. врезку в магистраль под давлением, 110-50",null,"шт",1,100.15,118.17700000000001,0,100.15,0,118.18,0]
[null,"RAUPEX",null,null,12466321001,"Эл.-св. тройник под гор. врезку в магистраль под давлением, 110-63",null,"шт",1,100.15,118.17700000000001,0,100.15,0,118.18,0]
[null,"RAUPEX",null,null,12332621001,"Эл.-св. тройник под гор. врезку в магистраль под давлением, 125-32",null,"шт",1,109.56,129.2808,0,109.56,0,129.28,0]
[null,"RAUPEX",null,null,12332721001,"Эл.-св. тройник под гор. врезку в магистраль под давлением, 125-40",null,"шт",1,109.56,129.2808,0,109.56,0,129.28,0]
[null,"RAUPEX",null,null,12332821001,"Эл.-св. тройник под гор. врезку в магистраль под давлением, 125-50",null,"шт",1,116.95,138.001,0,116.95,0,138,0]
[null,"RAUPEX",null,null,12332921001,"Эл.-св. тройник под гор. врезку в магистраль под давлением, 125-63",null,"шт",1,116.95,138.001,0,116.95,0,138,0]
[null,"RAUPEX",null,null,12466421001,"Эл.-св. тройник под гор. врезку в магистраль под давлением, 160-32",null,"шт",1,155.13,183.05339999999998,0,155.13,0,183.05,0]
[null,"RAUPEX",null,null,12466521001,"Эл.-св. тройник под гор. врезку в магистраль под давлением, 160-40",null,"шт",1,155.13,183.05339999999998,0,155.13,0,183.05,0]
[null,"RAUPEX",null,null,12466621001,"Эл.-св. тройник под гор. врезку в магистраль под давлением, 160-50",null,"шт",1,157.37,185.69659999999999,0,157.37,0,185.7,0]
[null,"RAUPEX",null,null,12466721001,"Эл.-св. тройник под гор. врезку в магистраль под давлением, 160-63",null,"шт",1,157.37,185.69659999999999,0,157.37,0,185.7,0]
[null,"RAUPEX"]
[null,"RAUPEX",null,null,12471321001,"Эл.-св. концевик PE под фланец, 32 ",null,"шт",1,7.61,{"$f":"J1951*$B$2","v":8.9797999999999991},{"$f":"K1951*G1951","v":0},{"$f":"J1951*(1-$E$5-$E$7)*(1-$E$9)*(1+$E$11)","v":7.61},{"$f":"M1951*G1951","v":0},{"$f":"ROUND((M1951*$B$2),2)","v":8.98},{"$f":"O1951*G1951","v":0}]
[null,"RAUPEX",null,null,12471421001,"Эл.-св. концевик PE под фланец, 40 ",null,"шт",1,9.09,10.726199999999999,0,9.09,0,10.73,0]
[null,"RAUPEX",null,null,12471521001,"Эл.-св. концевик PE под фланец, 50 ",null,"шт",1,11.59,13.6762,0,11.59,0,13.68,0]
[null,"RAUPEX",null,null,12471621001,"Эл.-св. концевик PE под фланец, 63 ",null,"шт",1,13.46,15.8828,0,13.46,0,15.88,0]
[null,"RAUPEX",null,null,12471721001,"Эл.-св. концевик PE под фланец, 75 ",null,"шт",1,17.14,20.225200000000001,0,17.14,0,20.23,0]
[null,"RAUPEX",null,null,12471821001,"Эл.-св. концевик PE под фланец, 90 ",null,"шт",1,22.53,26.5854,0,22.53,0,26.59,0]
[null,"RAUPEX",null,null,12471921001,"Эл.-св. концевик PE под фланец, 110 ",null,"шт",1,27.98,33.016399999999997,0,27.98,0,33.020000000000003,0]
[null,"RAUPEX",null,null,12335921001,"Эл.-св. концевик PE под фланец, 125",null,"шт",1,34.79,41.052199999999999,0,34.79,0,41.05,0]
[null,"RAUPEX",null,null,12472021001,"Эл.-св. концевик PE под фланец, 160 ",null,"шт",1,49.46,58.3628,0,49.46,0,58.36,0]
[null,"RAUPEX"]
[null,"RAUPEX",null,null,12467221001,"Фланец PP со стальным вкладышем, 32",null,"шт",1,14.93,{"$f":"J1961*$B$2","v":17.6174},{"$f":"K1961*G1961","v":0},{"$f":"J1961*(1-$E$5-$E$7)*(1-$E$9)*(1+$E$11)","v":14.93},{"$f":"M1961*G1961","v":0},{"$f":"ROUND((M1961*$B$2),2)","v":17.62},{"$f":"O1961*G1961","v":0}]
[null,"RAUPEX",null,null,12467321001,"Фланец PP со стальным вкладышем, 40",null,"шт",1,17.66,20.838799999999999,0,17.66,0,20.84,0]
[null,"RAUPEX",null,null,12467421001,"Фланец PP со стальным вкладышем, 50",null,"шт",1,21.37,25.2166,0,21.37,0,25.22,0]
[null,"RAUPEX",null,null,12467521001,"Фланец PP со стальным вкладышем, 63",null,"шт",1,26.72,31.529599999999999,0,26.72,0,31.53,0]
[null,"RAUPEX",null,null,12467621001,"Фланец PP со стальным вкладышем, 75",null,"шт",1,30.11,35.529799999999994,0,30.11,0,35.53,0]
[null,"RAUPEX",null,null,12467821001,"Фланец PP со стальным вкладышем, 90",null,"шт",1,36.19,42.704199999999993,0,36.19,0,42.7,0]
[null,"RAUPEX",null,null,12467921001,"Фланец PP со стальным вкладышем, 110",null,"шт",1,49.55,58.468999999999994,0,49.55,0,58.47,0]
[null,"RAUPEX",null,null,12335821001,"Фланец PP со стальным вкладышем, 125",null,"шт",1,49.55,58.468999999999994,0,49.55,0,58.47,0]
[null,"RAUPEX",null,null,12468221001,"Фланец PP со стальным вкладышем, 160",null,"шт",1,76.44,90.19919999999999,0,76.44,0,90.2,0]
[null,"RAUPEX"]
[null,"RAUPEX",null,null,12889751001,"Профиль-уплотнение из EPDM 32/25",null,"шт",1,12.09,{"$f":"J1971*$B$2","v":14.2662},{"$f":"K1971*G1971","v":0},{"$f":"J1971*(1-$E$5-$E$7)*(1-$E$9)*(1+$E$11)","v":12.09},{"$f":"M1971*G1971","v":0},{"$f":"ROUND((M1971*$B$2),2)","v":14.27},{"$f":"O1971*G1971","v":0}]
[null,"RAUPEX",null,null,12889791001,"Профиль-уплотнение из EPDM 40/32",null,"шт",1,12.66,14.938799999999999,0,12.66,0,14.94,0]
[null,"RAUPEX",null,null,12889811001,"Профиль-уплотнение из EPDM 50/40",null,"шт",1,13.56,16.000799999999998,0,13.56,0,16,0]
[null,"RAUPEX",null,null,12889831001,"Профиль-уплотнение из EPDM 63/50",null,"шт",1,14.19,16.744199999999999,0,14.19,0,16.739999999999998,0]
[null,"RAUPEX",null,null,12889841001,"Профиль-уплотнение из EPDM 75/65",null,"шт",1,14.65,17.286999999999999,0,14.65,0,17.29,0]
[null,"RAUPEX",null,null,12889851001,"Профиль-уплотнение из EPDM 90/80",null,"шт",1,15.17,17.900600000000001,0,15.17,0,17.899999999999999,0]
[null,"RAUPEX",null,null,12889871001,"Профиль-уплотнение из EPDM 110/100",null,"шт",1,17.25,20.355,0,17.25,0,20.36,0]
[null,"RAUPEX",null,null,12889881001,"Профиль-уплотнение из EPDM 125/100",null,"шт",1,17.25,20.355,0,17.25,0,20.36,0]
[null,"RAUPEX",null,null,12889891001,"Профиль-уплотнение из EPDM 160/150",null,"шт",1,24.26,28.626799999999999,0,24.26,0,28.63,0]
[null,"RAUPEX"]
[null,"RAUPEX",null,null,12891161001,"Профиль-уплотнение из NPR 32/25",null,"шт",1,11.16,{"$f":"J1981*$B$2","v":13.168799999999999},{"$f":"K1981*G1981","v":0},{"$f":"J1981*(1-$E$5-$E$7)*(1-$E$9)*(1+$E$11)","v":11.16},{"$f":"M1981*G1981","v":0},{"$f":"ROUND((M1981*$B$2),2)","v":13.17},{"$f":"O1981*G1981","v":0}]
[null,"RAUPEX",null,null,12891171001,"Профиль-уплотнение из NPR 40/32",null,"шт",1,11.79,13.912199999999999,0,11.79,0,13.91,0]
[null,"RAUPEX",null,null,12891181001,"Профиль-уплотнение из NPR 50/40",null,"шт",1,12.3,14.513999999999999,0,12.3,0,14.51,0]
[null,"RAUPEX",null,null,12891211001,"Профиль-уплотнение из NPR 63/50",null,"шт",1,13.25,15.635,0,13.25,0,15.64,0]
[null,"RAUPEX",null,null,12891231001,"Профиль-уплотнение из NPR 75/65",null,"шт",1,13.56,16.000799999999998,0,13.56,0,16,0]
[null,"RAUPEX",null,null,12891241001,"Профиль-уплотнение из NPR 90/80",null,"шт",1,14.19,16.744199999999999,0,14.19,0,16.739999999999998,0]
[null,"RAUPEX",null,null,12891251001,"Профиль-уплотнение из NPR 110/100",null,"шт",1,15.95,18.820999999999998,0,15.95,0,18.82,0]
[null,"RAUPEX",null,null,12891261001,"Профиль-уплотнение из NPR 125/100",null,"шт",1,15.95,18.820999999999998,0,15.95,0,18.82,0]
[null,"RAUPEX",null,null,12891271001,"Профиль-уплотнение из NPR 160/150",null,"шт",1,22.64,26.715199999999999,0,22.64,0,26.72,0]
[null,"RAUPEX"]
[null,"RAUPEX",null,null,null,"3.6  Трубы RAUPEX, SDR 7,4"]
[null,"RAUPEX",null,null,null,"2 Серия, SDR 7,4 (толстостенная)"]
[null,"RAUPEX",null,null,null,"RAUPEX-A-труба, SDR 7,4, серая, толстостенная"]
[null,"RAUPEX",null,null,11363921005,"Труба для промышленности RAUPEX A 20x2,8 прям.отрезки 5м",null,"м",5,3.55,{"$f":"J1994*$B$2","v":4.1889999999999992},{"$f":"K1994*G1994","v":0},{"$f":"J1994*(1-$E$5-$E$7)*(1-$E$9)*(1+$E$11)","v":3.55},{"$f":"M1994*G1994","v":0},{"$f":"ROUND((M1994*$B$2),2)","v":4.1900000000000004},{"$f":"O1994*G1994","v":0}]
[null,"RAUPEX",null,null,11363621005,"Труба для промышленности RAUPEX A 25x3,5 прям.отрезки 5м",null,"м",5,3.6,4.2480000000000002,0,3.6,0,4.25,0]
[null,"RAUPEX",null,null,11363621100,"Труба для промышленности RAUPEX A 25x3,5 бухта 100м",null,"м",100,3.6,4.2480000000000002,0,3.6,0,4.25,0]
[null,"RAUPEX",null,null,11363421005,"Труба для промышленности RAUPEX A 32x4,4 прям.отрезки 5м",null,"м",5,5.04,5.9471999999999996,0,5.04,0,5.95,0]
[null,"RAUPEX",null,null,11363821005,"Труба для промышленности RAUPEX A 40x5,5 прям.отрезки 5м",null,"м",5,8.44,9.9591999999999992,0,8.44,0,9.9600000000000009,0]
[null,"RAUPEX",null,null,11363721005,"Труба для промышленности RAUPEX A 50x6,9 прям.отрезки 5м",null,"м",5,10.93,12.897399999999999,0,10.93,0,12.9,0]
[null,"RAUPEX",null,null,11363521005,"Труба для промышленности RAUPEX A 63x8,7 прям.отрезки 5м",null,"м",5,15.62,18.4316,0,15.62,0,18.43,0]
[null,"RAUPEX"]
[null,"RAUPEX",null,null,null,"RAUPEX-R-труба, SDR 7,4, зелёная, толстостенная"]
[null,"RAUPEX",null,null,11040611005,"Труба для промышленности RAUPEX K 20x2,8 прям.отрезки 5м",null,"м",5,2.5099999999999998,{"$f":"J2003*$B$2","v":2.9617999999999998},{"$f":"K2003*G2003","v":0},{"$f":"J2003*(1-$E$5-$E$7)*(1-$E$9)*(1+$E$11)","v":2.5099999999999998},{"$f":"M2003*G2003","v":0},{"$f":"ROUND((M2003*$B$2),2)","v":2.96},{"$f":"O2003*G2003","v":0}]
[null,"RAUPEX",null,null,11040711005,"Труба для промышленности RAUPEX K 25x3,5 прям.отрезки 5м",null,"м",5,3.6,4.2480000000000002,0,3.6,0,4.25,0]
[null,"RAUPEX",null,null,11040811005,"Труба для промышленности RAUPEX K 32x4,4 прям.отрезки 5м",null,"м",5,5.04,5.9471999999999996,0,5.04,0,5.95,0]
[null,"RAUPEX",null,null,11040911005,"Труба для промышленности RAUPEX K 40x5,5 прям.отрезки 5м",null,"м",5,8.44,9.9591999999999992,0,8.44,0,9.9600000000000009,0]
[null,"RAUPEX",null,null,11041011005,"Труба для промышленности RAUPEX K 50x6,9 прям.отрезки 5м",null,"м",5,10.93,12.897399999999999,0,10.93,0,12.9,0]
[null,"RAUPEX",null,null,11041111005,"Труба для промышленности RAUPEX K 63x8,7 прям.отрезки 5м",null,"м",5,15.62,18.4316,0,15.62,0,18.43,0]
[null,"RAUPEX"]
[null,"RAUPEX",null,null,12434831002,"Фиксирующий жёлоб 20, отрезки 4,895м",null,"шт",10,7.38,{"$f":"J2010*$B$2","v":8.7083999999999993},{"$f":"K2010*G2010","v":0},{"$f":"J2010*(1-$E$5-$E$7)*(1-$E$9)*(1+$E$11)","v":7.38},{"$f":"M2010*G2010","v":0},{"$f":"ROUND((M2010*$B$2),2)","v":8.7100000000000009},{"$f":"O2010*G2010","v":0}]
[null,"RAUPEX",null,null,12434931002,"Фиксирующий жёлоб 25, отрезки 4,895м",null,"шт",10,9.7200000000000006,11.4696,0,9.7200000000000006,0,11.47,0]
[null,"RAUPEX",null,null,12435031002,"Фиксирующий жёлоб 32, отрезки 4,885м",null,"шт",10,12.07,14.242599999999999,0,12.07,0,14.24,0]
[null,"RAUPEX",null,null,12435131002,"Фиксирующий жёлоб 40, отрезки 4,875м",null,"шт",5,18.14,21.405200000000001,0,18.14,0,21.41,0]
[null,"RAUPEX",null,null,12435231002,"Фиксирующий жёлоб 50, отрезки 4,865м",null,"шт",5,22.57,26.6326,0,22.57,0,26.63,0]
[null,"RAUPEX",null,null,12435331002,"Фиксирующий жёлоб 63, отрезки 4,850м",null,"шт",5,26.83,31.659399999999998,0,26.83,0,31.66,0]
[null,"RAUPEX",null,null,12228551001,"Фиксирующий желоб 75, отрезки 4,825 м",null,"шт",1,46.83,55.259399999999992,0,46.83,0,55.26,0]
[null,"RAUPEX",null,null,12228561001,"Фиксирующий желоб 90, отрезки 4,800 м",null,"шт",1,60.37,71.236599999999996,0,60.37,0,71.239999999999995,0]
[null,"RAUPEX",null,null,12228571001,"Фиксирующий желоб 110, отрезки 4,775 м",null,"шт",1,67.650000000000006,79.826999999999998,0,67.650000000000006,0,79.83,0]
[null,"RAUPEX",null,null,12316661001,"Фиксирующий желоб 125, отрезки 4,775 м",null,"шт",1,96.77,114.18859999999999,0,96.77,0,114.19,0]
[null,"RAUPEX",null,null,12346001001,"Фиксирующий желоб 160, отрезки 4,750 м",null,"шт",1,110.59,130.49619999999999,0,110.59,0,130.5,0]
[null,"RAUPEX"]
[null,"RAUPEX",null,null,null,"3.7 Техника соединения монтажная гильза, SDR 7,4"]
[null,"RAUPEX",null,null,12596151002,"Монтажная гильза 20х2,8",null,"шт",100,0.87,{"$f":"J2023*$B$2","v":1.0266},{"$f":"K2023*G2023","v":0},{"$f":"J2023*(1-$E$5-$E$7)*(1-$E$9)*(1+$E$11)","v":0.87},{"$f":"M2023*G2023","v":0},{"$f":"ROUND((M2023*$B$2),2)","v":1.03},{"$f":"O2023*G2023","v":0}]
[null,"RAUPEX",null,null,12596251402,"Монтажная гильза 25х3,5",null,"шт",100,1.1499999999999999,1.3569999999999998,0,1.1499999999999999,0,1.36,0]
[null,"RAUPEX",null,null,11371661001,"Монтажная гильза 32х4,4",null,"шт",25,2.2000000000000002,2.5960000000000001,0,2.2000000000000002,0,2.6,0]
[null,"RAUPEX",null,null,11372961001,"Монтажная гильза 40х5,5",null,"шт",25,4.04,4.7671999999999999,0,4.04,0,4.7699999999999996,0]
[null,"RAUPEX",null,null,11397711002,"Монтажная гильза 50х6,9",null,"шт",25,6.59,7.7761999999999993,0,6.59,0,7.78,0]
[null,"RAUPEX",null,null,11397811002,"Монтажная гильза 63х8,7",null,"шт",25,9.33,11.009399999999999,0,9.33,0,11.01,0]
[null,"RAUPEX"]
[null,"RAUPEX",null,11680091001,13129701001,"Муфта соединительная равнопроходная  20х2,8",null,"шт",10,5.13,{"$f":"J2030*$B$2","v":6.0533999999999999},{"$f":"K2030*G2030","v":0},{"$f":"J2030*(1-$E$5-$E$7)*(1-$E$9)*(1+$E$11)","v":5.13},{"$f":"M2030*G2030","v":0},{"$f":"ROUND((M2030*$B$2),2)","v":6.05},{"$f":"O2030*G2030","v":0}]
[null,"RAUPEX",null,11680121001,13129711001,"Муфта соединительная равнопроходная  25х3,5",null,"шт",10,7.31,8.6257999999999999,0,7.31,0,8.6300000000000008,0]
[null,"RAUPEX",null,11680141001,13129731001,"Муфта соединительная равнопроходная  32х4,4",null,"шт",10,11.16,13.168799999999999,0,11.16,0,13.17,0]
[null,"RAUPEX",null,11680171001,13129721001,"Муфта соединительная равнопроходная  40х5,5",null,"шт",1,18.91,22.313800000000001,0,18.91,0,22.31,0]
[null,"RAUPEX",null,null,11680201001,"Муфта соединительная равнопроходная  50х6,9",null,"шт",1,27.41,32.343800000000002,0,27.41,0,32.340000000000003,0]
[null,"RAUPEX",null,null,11680221001,"Муфта соединительная равнопроходная  63х8,7",null,"шт",1,35.92,42.385599999999997,0,35.92,0,42.39,0]
[null,"RAUPEX"]
[null,"RAUPEX",null,11680111001,13129771001,"Муфта соединительная переходная 25х3,5 - 20х2,8",null,"шт",10,7.31,{"$f":"J2037*$B$2","v":8.6257999999999999},{"$f":"K2037*G2037","v":0},{"$f":"J2037*(1-$E$5-$E$7)*(1-$E$9)*(1+$E$11)","v":7.31},{"$f":"M2037*G2037","v":0},{"$f":"ROUND((M2037*$B$2),2)","v":8.6300000000000008},{"$f":"O2037*G2037","v":0}]
[null,"RAUPEX",null,11680131001,13129781001,"Муфта соединительная переходная 32х4,4 - 25х3,5",null,"шт",10,11.16,13.168799999999999,0,11.16,0,13.17,0]
[null,"RAUPEX",null,11680151001,13129811001,"Муфта соединительная переходная 40х5,5 - 25х4,4",null,"шт",5,18.91,22.313800000000001,0,18.91,0,22.31,0]
[null,"RAUPEX",null,11680161001,13129801001,"Муфта соединительная переходная 40х5,5 - 32х4,4",null,"шт",5,18.91,22.313800000000001,0,18.91,0,22.31,0]
[null,"RAUPEX",null,null,11680181001,"Муфта соединительная переходная 50х6,9 - 32х4,4",null,"шт",1,28.78,33.9604,0,28.78,0,33.96,0]
[null,"RAUPEX",null,null,11680191001,"Муфта соединительная переходная 50х6,9 - 40х5,5",null,"шт",1,28.78,33.9604,0,28.78,0,33.96,0]
[null,"RAUPEX",null,null,11680211001,"Муфта соединительная переходная 63х8,7 - 50х6,9",null,"шт",1,37.72,44.509599999999999,0,37.72,0,44.51,0]
[null,"RAUPEX"]
[null,"RAUPEX",null,null,11680901001,"Переходник с наружной резьбой 20x2,8- R 1/2 L15",null,"шт",10,6.3,{"$f":"J2045*$B$2","v":7.4339999999999993},{"$f":"K2045*G2045","v":0},{"$f":"J2045*(1-$E$5-$E$7)*(1-$E$9)*(1+$E$11)","v":6.3},{"$f":"M2045*G2045","v":0},{"$f":"ROUND((M2045*$B$2),2)","v":7.43},{"$f":"O2045*G2045","v":0}]
[null,"RAUPEX",null,11680921001,13129951001,"Переходник с наружной резьбой 20x2,8- R 3/4 L15",null,"шт",10,6.3,7.4339999999999993,0,6.3,0,7.43,0]
[null,"RAUPEX",null,null,11680911001,"Переходник с наружной резьбой 20x2,8- R1 L18",null,"шт",5,8.58,10.1244,0,8.58,0,10.119999999999999,0]
[null,"RAUPEX",null,11680971001,13129961001,"Переходник с наружной резьбой 25x3,5- R 1/2 ",null,"шт",10,7.44,8.7791999999999994,0,7.44,0,8.7799999999999994,0]
["V","RAUPEX",null,11680991001,13129971001,"Переходник с наружной резьбой 25x3,5- R 3/4 L18 (LX+G)",null,"шт",10,7.44,8.7791999999999994,0,7.44,0,8.7799999999999994,0]
[null,"RAUPEX",null,11680981001,13129981001,"Переходник с наружной резьбой 25x3,5- R1/ L22",null,"шт",10,7.44,8.7791999999999994,0,7.44,0,8.7799999999999994,0]
[null,"RAUPEX",null,11681061001,13129991001,"Переходник с наружной резьбой 32x4,4- R 3/4 ",null,"шт",10,11.16,13.168799999999999,0,11.16,0,13.17,0]
["V","RAUPEX",null,11681051001,13130581001,"Переходник с наружной резьбой 32x4,4- R1/L22 (LX+G)",null,"шт",10,11.16,13.168799999999999,0,11.16,0,13.17,0]
["V","RAUPEX",null,11681091001,13130601001,"Переходник с наружной резьбой 40x5,5- R1 1/4 (LX+G)",null,"шт",5,15,17.7,0,15,0,17.7,0]
[null,"RAUPEX",null,null,11681111001,"Переходник с наружной резьбой 50х6,9- R1 1/2 ",null,"шт",1,24.04,28.367199999999997,0,24.04,0,28.37,0]
[null,"RAUPEX",null,null,11681131001,"Переходник с наружной резьбой 63x8,7- R2 ",null,"шт",1,35.700000000000003,42.125999999999998,0,35.700000000000003,0,42.13,0]
[null,"RAUPEX"]
[null,"RAUPEX",null,null,12446661001,"Переходник 32x4,4- G 1/2",null,"шт",10,13.07,{"$f":"J2057*$B$2","v":15.422599999999999},{"$f":"K2057*G2057","v":0},{"$f":"J2057*(1-$E$5-$E$7)*(1-$E$9)*(1+$E$11)","v":13.07},{"$f":"M2057*G2057","v":0},{"$f":"ROUND((M2057*$B$2),2)","v":15.42},{"$f":"O2057*G2057","v":0}]
[null,"RAUPEX",null,null,12446761001,"Переходник 32x4,4- G 3/4",null,"шт",10,13.22,{"$f":"J2058*$B$2","v":15.599600000000001},{"$f":"K2058*G2058","v":0},{"$f":"J2058*(1-$E$5-$E$7)*(1-$E$9)*(1+$E$11)","v":13.22},{"$f":"M2058*G2058","v":0},{"$f":"ROUND((M2058*$B$2),2)","v":15.6},{"$f":"O2058*G2058","v":0}]
[null,"RAUPEX",null,null,12473661001,"Переходник 32x4,4- G1",null,"шт",10,15.57,{"$f":"J2059*$B$2","v":18.372599999999998},{"$f":"K2059*G2059","v":0},{"$f":"J2059*(1-$E$5-$E$7)*(1-$E$9)*(1+$E$11)","v":15.57},{"$f":"M2059*G2059","v":0},{"$f":"ROUND((M2059*$B$2),2)","v":18.37},{"$f":"O2059*G2059","v":0}]
[null,"RAUPEX"]
[null,"RAUPEX",null,11680931001,13130641001,"Переходник с внутренней резьбой 20х2,8- Rp 1/2",null,"шт",10,6,{"$f":"J2061*$B$2","v":7.08},{"$f":"K2061*G2061","v":0},{"$f":"J2061*(1-$E$5-$E$7)*(1-$E$9)*(1+$E$11)","v":6},{"$f":"M2061*G2061","v":0},{"$f":"ROUND((M2061*$B$2),2)","v":7.08},{"$f":"O2061*G2061","v":0}]
[null,"RAUPEX",null,11680941001,13130651001,"Переходник с внутренней резьбой 20х2,8- Rp 3/4",null,"шт",10,6,7.08,0,6,0,7.08,0]
[null,"RAUPEX",null,11681011001,13130661001,"Переходник с внутренней резьбой 25х3,5- Rp 3/4",null,"шт",10,7.44,8.7791999999999994,0,7.44,0,8.7799999999999994,0]
[null,"RAUPEX",null,11681081001,13130671001,"Переходник с внутренней резьбой 32x4,4- Rp 3/4",null,"шт",10,11.82,13.9476,0,11.82,0,13.95,0]
[null,"RAUPEX",null,11681071001,13130681001,"Переходник с внутренней резьбой 32x4,4- Rp 1",null,"шт",10,11.82,13.9476,0,11.82,0,13.95,0]
[null,"RAUPEX",null,11681101001,13130691001,"Переходник с внутренней резьбой 40-Rр 1 1/4",null,"шт",5,23.29,27.482199999999999,0,23.29,0,27.48,0]
[null,"RAUPEX"]
["D","RAUPEX",null,null,11680881001,"Переходник с накидной гайкой 20x2,8-G 1/2",null,"шт",10,7.18,{"$f":"J2068*$B$2","v":8.4723999999999986},{"$f":"K2068*G2068","v":0},{"$f":"J2068*(1-$E$5-$E$7)*(1-$E$9)*(1+$E$11)","v":7.18},{"$f":"M2068*G2068","v":0},{"$f":"ROUND((M2068*$B$2),2)","v":8.4700000000000006},{"$f":"O2068*G2068","v":0}]
[null,"RAUPEX",null,null,11680891001,"Переходник с накидной гайкой 20x2,8-G 3/4",null,"шт",10,7.18,{"$f":"J2069*$B$2","v":8.4723999999999986},{"$f":"K2069*G2069","v":0},{"$f":"J2069*(1-$E$5-$E$7)*(1-$E$9)*(1+$E$11)","v":7.18},{"$f":"M2069*G2069","v":0},{"$f":"ROUND((M2069*$B$2),2)","v":8.4700000000000006},{"$f":"O2069*G2069","v":0}]
[null,"RAUPEX",null,null,11680961001,"Переходник с накидной гайкой 25x3,5-G 3/4",null,"шт",10,13.67,{"$f":"J2070*$B$2","v":16.130599999999998},{"$f":"K2070*G2070","v":0},{"$f":"J2070*(1-$E$5-$E$7)*(1-$E$9)*(1+$E$11)","v":13.67},{"$f":"M2070*G2070","v":0},{"$f":"ROUND((M2070*$B$2),2)","v":16.13},{"$f":"O2070*G2070","v":0}]
[null,"RAUPEX",null,null,11680951001,"Переходник с накидной гайкой 25x3,5-G 1",null,"шт",10,13.67,{"$f":"J2071*$B$2","v":16.130599999999998},{"$f":"K2071*G2071","v":0},{"$f":"J2071*(1-$E$5-$E$7)*(1-$E$9)*(1+$E$11)","v":13.67},{"$f":"M2071*G2071","v":0},{"$f":"ROUND((M2071*$B$2),2)","v":16.13},{"$f":"O2071*G2071","v":0}]
[null,"RAUPEX",null,null,11681031001,"Переходник с накидной гайкой 32x4,4-G 1",null,"шт",10,20.73,{"$f":"J2072*$B$2","v":24.461399999999998},{"$f":"K2072*G2072","v":0},{"$f":"J2072*(1-$E$5-$E$7)*(1-$E$9)*(1+$E$11)","v":20.73},{"$f":"M2072*G2072","v":0},{"$f":"ROUND((M2072*$B$2),2)","v":24.46},{"$f":"O2072*G2072","v":0}]
[null,"RAUPEX"]
[null,"RAUPEX",null,null,12893491001,"Переход на сварное соеднинение 25 x 3,5 - 26,9 x 2,3",null,"шт",10,{"$f":"9.39/1.18","v":7.9576271186440684},{"$f":"J2074*$B$2","v":9.39},{"$f":"K2074*G2074","v":0},{"$f":"J2074*(1-$E$5-$E$7)*(1-$E$9)*(1+$E$11)","v":7.9576271186440684},{"$f":"M2074*G2074","v":0},{"$f":"ROUND((M2074*$B$2),2)","v":9.39},{"$f":"O2074*G2074","v":0}]
[null,"RAUPEX",null,null,12677011001,"Переход на сварное соеднинение 32 x 4,4 - 33,7 x 2,6",null,"шт",3,{"$f":"13.29/1.18","v":11.26271186440678},13.290000000000001,{"$f":"K2075*G2075","v":0},{"$f":"J2075*(1-$E$5-$E$7)*(1-$E$9)*(1+$E$11)","v":11.26271186440678},{"$f":"M2075*G2075","v":0},{"$f":"ROUND((M2075*$B$2),2)","v":13.29},{"$f":"O2075*G2075","v":0}]
[null,"RAUPEX",null,null,12677111001,"Переход на сварное соеднинение 40 x 5,5 - 42,4 x 2,6",null,"шт",3,{"$f":"29.83/1.18","v":25.279661016949152},29.83,{"$f":"K2076*G2076","v":0},{"$f":"J2076*(1-$E$5-$E$7)*(1-$E$9)*(1+$E$11)","v":25.279661016949152},{"$f":"M2076*G2076","v":0},{"$f":"ROUND((M2076*$B$2),2)","v":29.83},{"$f":"O2076*G2076","v":0}]
[null,"RAUPEX",null,null,13158271001,"Переход на сварное соеднинение 50 x 6,9 - 48,3 x 2,6",null,"шт",1,{"$f":"37.79/1.18","v":32.025423728813557},37.789999999999992,{"$f":"K2077*G2077","v":0},{"$f":"J2077*(1-$E$5-$E$7)*(1-$E$9)*(1+$E$11)","v":32.025423728813557},{"$f":"M2077*G2077","v":0},{"$f":"ROUND((M2077*$B$2),2)","v":37.79},{"$f":"O2077*G2077","v":0}]
[null,"RAUPEX",null,null,13158281001,"Переход на сварное соеднинение 63 x 8,6 - 60,3 x 2,9",null,"шт",1,{"$f":"40.28/1.18","v":34.135593220338983},40.279999999999994,{"$f":"K2078*G2078","v":0},{"$f":"J2078*(1-$E$5-$E$7)*(1-$E$9)*(1+$E$11)","v":34.135593220338983},{"$f":"M2078*G2078","v":0},{"$f":"ROUND((M2078*$B$2),2)","v":40.28},{"$f":"O2078*G2078","v":0}]
[null,"RAUPEX"]
[null,"RAUPEX",null,11680371001,13129491001,"Тройник равнопроходный 20х2,8",null,"шт",10,7.06,{"$f":"J2080*$B$2","v":8.3308},{"$f":"K2080*G2080","v":0},{"$f":"J2080*(1-$E$5-$E$7)*(1-$E$9)*(1+$E$11)","v":7.06},{"$f":"M2080*G2080","v":0},{"$f":"ROUND((M2080*$B$2),2)","v":8.33},{"$f":"O2080*G2080","v":0}]
[null,"RAUPEX",null,11680481001,13129511001,"Тройник равнопроходный 25х3,5",null,"шт",10,7.97,9.4045999999999985,0,7.97,0,9.4,0]
[null,"RAUPEX",null,11680601001,13129521001,"Тройник равнопроходный 32х4,4",null,"шт",3,16.16,19.0688,0,16.16,0,19.07,0]
[null,"RAUPEX",null,11680681001,13129531001,"Тройник равнопроходный 40х5,5",null,"шт",1,31.67,37.370600000000003,0,31.67,0,37.369999999999997,0]
[null,"RAUPEX",null,null,11680751001,"Тройник равнопроходный 50х6,9",null,"шт",1,38.92,45.925600000000003,0,38.92,0,45.93,0]
[null,"RAUPEX",null,null,11680811001,"Тройник равнопроходный 63х8,7",null,"шт",1,48.82,57.607599999999998,0,48.82,0,57.61,0]
[null,"RAUPEX"]
[null,"RAUPEX",null,11680451001,13129581001,"Тройник с уменьшенным боковым проходом 25-20-25",null,"шт",10,7.97,{"$f":"J2087*$B$2","v":9.4045999999999985},{"$f":"K2087*G2087","v":0},{"$f":"J2087*(1-$E$5-$E$7)*(1-$E$9)*(1+$E$11)","v":7.97},{"$f":"M2087*G2087","v":0},{"$f":"ROUND((M2087*$B$2),2)","v":9.4},{"$f":"O2087*G2087","v":0}]
[null,"RAUPEX",null,null,11680541001,"Тройник с уменьшенным боковым проходом 32-20-32",null,"шт",3,16.16,19.0688,0,16.16,0,19.07,0]
[null,"RAUPEX",null,11680571001,13129601001,"Тройник с уменьшенным боковым проходом 32-25-32",null,"шт",3,16.16,19.0688,0,16.16,0,19.07,0]
[null,"RAUPEX",null,null,11680641001,"Тройник с уменьшенным боковым проходом 40-20-40",null,"шт",1,31.67,37.370600000000003,0,31.67,0,37.369999999999997,0]
[null,"RAUPEX",null,null,11680651001,"Тройник с уменьшенным боковым проходом 40-25-40",null,"шт",1,31.67,37.370600000000003,0,31.67,0,37.369999999999997,0]
[null,"RAUPEX",null,null,11680671001,"Тройник с уменьшенным боковым проходом 40-32-40",null,"шт",1,31.67,37.370600000000003,0,31.67,0,37.369999999999997,0]
[null,"RAUPEX",null,null,11680711001,"Тройник с уменьшенным боковым проходом 50-25-50",null,"шт",1,38.92,45.925600000000003,0,38.92,0,45.93,0]
[null,"RAUPEX",null,null,11680731001,"Тройник с уменьшенным боковым проходом 50-32-50",null,"шт",1,38.92,45.925600000000003,0,38.92,0,45.93,0]
[null,"RAUPEX",null,null,11680741001,"Тройник с уменьшенным боковым проходом 50-40-50",null,"шт",1,38.92,45.925600000000003,0,38.92,0,45.93,0]
[null,"RAUPEX",null,null,11680781001,"Тройник с уменьшенным боковым проходом 63-32-63",null,"шт",1,48.82,57.607599999999998,0,48.82,0,57.61,0]
[null,"RAUPEX",null,null,11680801001,"Тройник с уменьшенным боковым проходом 63-50-63",null,"шт",1,48.82,57.607599999999998,0,48.82,0,57.61,0]
[null,"RAUPEX"]
[null,"RAUPEX",null,11680471001,13129641001,"Тройник 25-25-20",null,"шт",10,7.97,{"$f":"J2099*$B$2","v":9.4045999999999985},{"$f":"K2099*G2099","v":0},{"$f":"J2099*(1-$E$5-$E$7)*(1-$E$9)*(1+$E$11)","v":7.97},{"$f":"M2099*G2099","v":0},{"$f":"ROUND((M2099*$B$2),2)","v":9.4},{"$f":"O2099*G2099","v":0}]
[null,"RAUPEX",null,null,11680591001,"Тройник 32-32-25",null,"шт",3,16.16,{"$f":"J2100*$B$2","v":19.0688},{"$f":"K2100*G2100","v":0},{"$f":"J2100*(1-$E$5-$E$7)*(1-$E$9)*(1+$E$11)","v":16.16},{"$f":"M2100*G2100","v":0},{"$f":"ROUND((M2100*$B$2),2)","v":19.07},{"$f":"O2100*G2100","v":0}]
[null,"RAUPEX"]
[null,"RAUPEX",null,11680441001,13129651001,"Тройник 25-20-20",null,"шт",10,7.06,{"$f":"J2102*$B$2","v":8.3308},{"$f":"K2102*G2102","v":0},{"$f":"J2102*(1-$E$5-$E$7)*(1-$E$9)*(1+$E$11)","v":7.06},{"$f":"M2102*G2102","v":0},{"$f":"ROUND((M2102*$B$2),2)","v":8.33},{"$f":"O2102*G2102","v":0}]
[null,"RAUPEX",null,null,11680531001,"Тройник 32-20-25",null,"шт",3,16.16,{"$f":"J2103*$B$2","v":19.0688},{"$f":"K2103*G2103","v":0},{"$f":"J2103*(1-$E$5-$E$7)*(1-$E$9)*(1+$E$11)","v":16.16},{"$f":"M2103*G2103","v":0},{"$f":"ROUND((M2103*$B$2),2)","v":19.07},{"$f":"O2103*G2103","v":0}]
[null,"RAUPEX",null,11680561001,13129661001,"Тройник 32-25-25",null,"шт",3,16.16,{"$f":"J2104*$B$2","v":19.0688},{"$f":"K2104*G2104","v":0},{"$f":"J2104*(1-$E$5-$E$7)*(1-$E$9)*(1+$E$11)","v":16.16},{"$f":"M2104*G2104","v":0},{"$f":"ROUND((M2104*$B$2),2)","v":19.07},{"$f":"O2104*G2104","v":0}]
[null,"RAUPEX",null,null,11680661001,"Тройник 40-32-32",null,"шт",1,31.67,{"$f":"J2105*$B$2","v":37.370600000000003},{"$f":"K2105*G2105","v":0},{"$f":"J2105*(1-$E$5-$E$7)*(1-$E$9)*(1+$E$11)","v":31.67},{"$f":"M2105*G2105","v":0},{"$f":"ROUND((M2105*$B$2),2)","v":37.369999999999997},{"$f":"O2105*G2105","v":0}]
[null,"RAUPEX",null,null,11680721001,"Тройник 50-32-40",null,"шт",1,38.92,{"$f":"J2106*$B$2","v":45.925600000000003},{"$f":"K2106*G2106","v":0},{"$f":"J2106*(1-$E$5-$E$7)*(1-$E$9)*(1+$E$11)","v":38.92},{"$f":"M2106*G2106","v":0},{"$f":"ROUND((M2106*$B$2),2)","v":45.93},{"$f":"O2106*G2106","v":0}]
[null,"RAUPEX"]
[null,"RAUPEX",null,null,11680391001,"Тройник 20-25-20",null,"шт",10,7.06,{"$f":"J2108*$B$2","v":8.3308},{"$f":"K2108*G2108","v":0},{"$f":"J2108*(1-$E$5-$E$7)*(1-$E$9)*(1+$E$11)","v":7.06},{"$f":"M2108*G2108","v":0},{"$f":"ROUND((M2108*$B$2),2)","v":8.33},{"$f":"O2108*G2108","v":0}]
[null,"RAUPEX"]
[null,"RAUPEX",null,null,12093471001,"Тройник с гор. бок. отводом под 90°, 32-32-32",null,"шт",32,36.880000000000003,{"$f":"J2110*$B$2","v":43.5184},{"$f":"K2110*G2110","v":0},{"$f":"J2110*(1-$E$5-$E$7)*(1-$E$9)*(1+$E$11)","v":36.880000000000003},{"$f":"M2110*G2110","v":0},{"$f":"ROUND((M2110*$B$2),2)","v":43.52},{"$f":"O2110*G2110","v":0}]
[null,"RAUPEX"]
[null,"RAUPEX",null,null,12093481001,"Тройник с гор. бок. отводом под 45°, 32-32-32",null,"шт",4,36.880000000000003,{"$f":"J2112*$B$2","v":43.5184},{"$f":"K2112*G2112","v":0},{"$f":"J2112*(1-$E$5-$E$7)*(1-$E$9)*(1+$E$11)","v":36.880000000000003},{"$f":"M2112*G2112","v":0},{"$f":"ROUND((M2112*$B$2),2)","v":43.52},{"$f":"O2112*G2112","v":0}]
[null,"RAUPEX"]
[null,"RAUPEX",null,null,12093491001,"Тройник с гор. бок. отводом под 315°, 32-32-32",null,"шт",4,36.880000000000003,{"$f":"J2114*$B$2","v":43.5184},{"$f":"K2114*G2114","v":0},{"$f":"J2114*(1-$E$5-$E$7)*(1-$E$9)*(1+$E$11)","v":36.880000000000003},{"$f":"M2114*G2114","v":0},{"$f":"ROUND((M2114*$B$2),2)","v":43.52},{"$f":"O2114*G2114","v":0}]
[null,"RAUPEX"]
[null,"RAUPEX",null,11680501001,13129671001,"Тройник с внутренней резьбой 25x3,5 -Rp 3/4-25",null,"шт",10,10.029999999999999,{"$f":"J2116*$B$2","v":11.835399999999998},{"$f":"K2116*G2116","v":0},{"$f":"J2116*(1-$E$5-$E$7)*(1-$E$9)*(1+$E$11)","v":10.029999999999999},{"$f":"M2116*G2116","v":0},{"$f":"ROUND((M2116*$B$2),2)","v":11.84},{"$f":"O2116*G2116","v":0}]
[null,"RAUPEX",null,null,11680631001,"Тройник с внутренней резьбой 32х4,4 -Rp 3/4-32",null,"шт",3,19.72,{"$f":"J2117*$B$2","v":23.269599999999997},{"$f":"K2117*G2117","v":0},{"$f":"J2117*(1-$E$5-$E$7)*(1-$E$9)*(1+$E$11)","v":19.72},{"$f":"M2117*G2117","v":0},{"$f":"ROUND((M2117*$B$2),2)","v":23.27},{"$f":"O2117*G2117","v":0}]
[null,"RAUPEX",null,11680611001,13129681001,"Тройник с внутренней резьбой 32х4,4 -Rp1-32",null,"шт",3,19.72,{"$f":"J2118*$B$2","v":23.269599999999997},{"$f":"K2118*G2118","v":0},{"$f":"J2118*(1-$E$5-$E$7)*(1-$E$9)*(1+$E$11)","v":19.72},{"$f":"M2118*G2118","v":0},{"$f":"ROUND((M2118*$B$2),2)","v":23.27},{"$f":"O2118*G2118","v":0}]
[null,"RAUPEX"]
[null,"RAUPEX",null,null,11680621001,"Тройник с внутренней резьбой 32х4,4 -Rp 3/4-25",null,"шт",3,19.72,{"$f":"J2120*$B$2","v":23.269599999999997},{"$f":"K2120*G2120","v":0},{"$f":"J2120*(1-$E$5-$E$7)*(1-$E$9)*(1+$E$11)","v":19.72},{"$f":"M2120*G2120","v":0},{"$f":"ROUND((M2120*$B$2),2)","v":23.27},{"$f":"O2120*G2120","v":0}]
[null,"RAUPEX"]
[null,"RAUPEX",null,null,12446061001,"Тройник с резьб. подключ. под евро-конус на бок. отводе, 32-G 1/2-32",null,"шт",3,28.3,{"$f":"J2122*$B$2","v":33.393999999999998},{"$f":"K2122*G2122","v":0},{"$f":"J2122*(1-$E$5-$E$7)*(1-$E$9)*(1+$E$11)","v":28.3},{"$f":"M2122*G2122","v":0},{"$f":"ROUND((M2122*$B$2),2)","v":33.39},{"$f":"O2122*G2122","v":0}]
[null,"RAUPEX",null,null,12446161001,"Тройник с резьб. подключ. под евро-конус на бок. отводе, 32-G 3/4-32",null,"шт",3,28.3,{"$f":"J2123*$B$2","v":33.393999999999998},{"$f":"K2123*G2123","v":0},{"$f":"J2123*(1-$E$5-$E$7)*(1-$E$9)*(1+$E$11)","v":28.3},{"$f":"M2123*G2123","v":0},{"$f":"ROUND((M2123*$B$2),2)","v":33.39},{"$f":"O2123*G2123","v":0}]
[null,"RAUPEX"]
[null,"RAUPEX",null,null,11681481001,"Угольник 45°, 32x4,4",null,"шт",3,16.47,{"$f":"J2125*$B$2","v":19.434599999999996},{"$f":"K2125*G2125","v":0},{"$f":"J2125*(1-$E$5-$E$7)*(1-$E$9)*(1+$E$11)","v":16.47},{"$f":"M2125*G2125","v":0},{"$f":"ROUND((M2125*$B$2),2)","v":19.43},{"$f":"O2125*G2125","v":0}]
[null,"RAUPEX",null,null,11681521001,"Угольник 45°, 50x6,9",null,"шт",1,49.04,{"$f":"J2126*$B$2","v":57.867199999999997},{"$f":"K2126*G2126","v":0},{"$f":"J2126*(1-$E$5-$E$7)*(1-$E$9)*(1+$E$11)","v":49.04},{"$f":"M2126*G2126","v":0},{"$f":"ROUND((M2126*$B$2),2)","v":57.87},{"$f":"O2126*G2126","v":0}]
[null,"RAUPEX",null,null,11681541001,"Угольник 45°, 63x8,7",null,"шт",1,58.47,{"$f":"J2127*$B$2","v":68.994599999999991},{"$f":"K2127*G2127","v":0},{"$f":"J2127*(1-$E$5-$E$7)*(1-$E$9)*(1+$E$11)","v":58.47},{"$f":"M2127*G2127","v":0},{"$f":"ROUND((M2127*$B$2),2)","v":68.989999999999995},{"$f":"O2127*G2127","v":0}]
[null,"RAUPEX"]
[null,"RAUPEX",null,11681451001,13129861001,"Угольник 90°, 20х2,8",null,"шт",10,6.39,{"$f":"J2129*$B$2","v":7.5401999999999996},{"$f":"K2129*G2129","v":0},{"$f":"J2129*(1-$E$5-$E$7)*(1-$E$9)*(1+$E$11)","v":6.39},{"$f":"M2129*G2129","v":0},{"$f":"ROUND((M2129*$B$2),2)","v":7.54},{"$f":"O2129*G2129","v":0}]
[null,"RAUPEX",null,11681471001,13129871001,"Угольник 90°, 25x3,5",null,"шт",10,8.57,10.1126,0,8.57,0,10.11,0]
[null,"RAUPEX",null,11681491001,13129881001,"Угольник 90°, 32x4,4",null,"шт",3,13.74,16.213200000000001,0,13.74,0,16.21,0]
[null,"RAUPEX",null,11681511001,13129891001,"Угольник 90°, 40x5,5",null,"шт",1,23.58,27.824399999999997,0,23.58,0,27.82,0]
[null,"RAUPEX",null,null,11681531001,"Угольник 90°, 50x6,9",null,"шт",1,43.55,51.388999999999996,0,43.55,0,51.39,0]
[null,"RAUPEX",null,null,11681551001,"Угольник 90°, 63x8,7",null,"шт",1,52.46,61.902799999999999,0,52.46,0,61.9,0]
[null,"RAUPEX"]
[null,"RAUPEX",null,null,11681621001,"Уголок-переходник с наружной резьбой 20x2,8-R 1/2",null,"шт",10,6.31,{"$f":"J2136*$B$2","v":7.4457999999999993},{"$f":"K2136*G2136","v":0},{"$f":"J2136*(1-$E$5-$E$7)*(1-$E$9)*(1+$E$11)","v":6.31},{"$f":"M2136*G2136","v":0},{"$f":"ROUND((M2136*$B$2),2)","v":7.45},{"$f":"O2136*G2136","v":0}]
[null,"RAUPEX",null,null,11681631001,"Уголок-переходник с наружной резьбой 20x2,8-R 3/4",null,"шт",10,6.31,{"$f":"J2137*$B$2","v":7.4457999999999993},{"$f":"K2137*G2137","v":0},{"$f":"J2137*(1-$E$5-$E$7)*(1-$E$9)*(1+$E$11)","v":6.31},{"$f":"M2137*G2137","v":0},{"$f":"ROUND((M2137*$B$2),2)","v":7.45},{"$f":"O2137*G2137","v":0}]
[null,"RAUPEX",null,11681641001,13130701001,"Уголок-переходник с наружной резьбой 25x3,5-R 3/4",null,"шт",10,8.7200000000000006,{"$f":"J2138*$B$2","v":10.2896},{"$f":"K2138*G2138","v":0},{"$f":"J2138*(1-$E$5-$E$7)*(1-$E$9)*(1+$E$11)","v":8.7200000000000006},{"$f":"M2138*G2138","v":0},{"$f":"ROUND((M2138*$B$2),2)","v":10.29},{"$f":"O2138*G2138","v":0}]
[null,"RAUPEX",null,11681651001,13130711001,"Уголок-переходник с наружной резьбой 32x4,4-R 1",null,"шт",3,13.94,{"$f":"J2139*$B$2","v":16.449199999999998},{"$f":"K2139*G2139","v":0},{"$f":"J2139*(1-$E$5-$E$7)*(1-$E$9)*(1+$E$11)","v":13.94},{"$f":"M2139*G2139","v":0},{"$f":"ROUND((M2139*$B$2),2)","v":16.45},{"$f":"O2139*G2139","v":0}]
[null,"RAUPEX"]
[null,"RAUPEX",null,null,11681581001,"Переходник с внутренней резьбой 20х2,8- Rp 1/2",null,"шт",10,7.37,{"$f":"J2141*$B$2","v":8.6966000000000001},{"$f":"K2141*G2141","v":0},{"$f":"J2141*(1-$E$5-$E$7)*(1-$E$9)*(1+$E$11)","v":7.37},{"$f":"M2141*G2141","v":0},{"$f":"ROUND((M2141*$B$2),2)","v":8.6999999999999993},{"$f":"O2141*G2141","v":0}]
[null,"RAUPEX",null,null,11681591001,"Переходник с внутренней резьбой 20х2,8- Rp 3/4",null,"шт",10,7.37,{"$f":"J2142*$B$2","v":8.6966000000000001},{"$f":"K2142*G2142","v":0},{"$f":"J2142*(1-$E$5-$E$7)*(1-$E$9)*(1+$E$11)","v":7.37},{"$f":"M2142*G2142","v":0},{"$f":"ROUND((M2142*$B$2),2)","v":8.6999999999999993},{"$f":"O2142*G2142","v":0}]
[null,"RAUPEX",null,null,11681601001,"Переходник с внутренней резьбой 25х3,5- Rp1",null,"шт",10,12.5,{"$f":"J2143*$B$2","v":14.75},{"$f":"K2143*G2143","v":0},{"$f":"J2143*(1-$E$5-$E$7)*(1-$E$9)*(1+$E$11)","v":12.5},{"$f":"M2143*G2143","v":0},{"$f":"ROUND((M2143*$B$2),2)","v":14.75},{"$f":"O2143*G2143","v":0}]
[null,"RAUPEX"]
[null,"RAUPEX"]
[null,"RAUPEX",null,null,11681311001,"Угольник настенный с коротким нарезным патрубком 20x2,8-Rp 1/2",null,"шт",10,7.31,{"$f":"J2146*$B$2","v":8.6257999999999999},{"$f":"K2146*G2146","v":0},{"$f":"J2146*(1-$E$5-$E$7)*(1-$E$9)*(1+$E$11)","v":7.31},{"$f":"M2146*G2146","v":0},{"$f":"ROUND((M2146*$B$2),2)","v":8.6300000000000008},{"$f":"O2146*G2146","v":0}]
[null,"RAUPEX",null,11681341001,13130741001,"Угольник настенный с коротким нарезным патрубком 20x2,8-Rp 3/4",null,"шт",10,7.31,{"$f":"J2147*$B$2","v":8.6257999999999999},{"$f":"K2147*G2147","v":0},{"$f":"J2147*(1-$E$5-$E$7)*(1-$E$9)*(1+$E$11)","v":7.31},{"$f":"M2147*G2147","v":0},{"$f":"ROUND((M2147*$B$2),2)","v":8.6300000000000008},{"$f":"O2147*G2147","v":0}]
[null,"RAUPEX",null,11681351001,13130751001,"Угольник настенный с коротким нарезным патрубком 25x3,5-Rp 3/4",null,"шт",10,11.19,{"$f":"J2148*$B$2","v":13.204199999999998},{"$f":"K2148*G2148","v":0},{"$f":"J2148*(1-$E$5-$E$7)*(1-$E$9)*(1+$E$11)","v":11.19},{"$f":"M2148*G2148","v":0},{"$f":"ROUND((M2148*$B$2),2)","v":13.2},{"$f":"O2148*G2148","v":0}]
[null,"RAUPEX"]
[null,"RAUPEX",null,null,11388911002,"Отвод направляющий 90°, 20, с кольцами",null,"шт",10,1.5,{"$f":"J2150*$B$2","v":1.77},{"$f":"K2150*G2150","v":0},{"$f":"J2150*(1-$E$5-$E$7)*(1-$E$9)*(1+$E$11)","v":1.5},{"$f":"M2150*G2150","v":0},{"$f":"ROUND((M2150*$B$2),2)","v":1.77},{"$f":"O2150*G2150","v":0}]
[null,"RAUPEX",null,null,11383511002,"Отвод направляющий 90°, 25, с кольцами",null,"шт",10,2.5499999999999998,{"$f":"J2151*$B$2","v":3.0089999999999995},{"$f":"K2151*G2151","v":0},{"$f":"J2151*(1-$E$5-$E$7)*(1-$E$9)*(1+$E$11)","v":2.5499999999999998},{"$f":"M2151*G2151","v":0},{"$f":"ROUND((M2151*$B$2),2)","v":3.01},{"$f":"O2151*G2151","v":0}]
[null,"RAUPEX",null,null,11386411002,"Отвод направляющий 90°, 32, с кольцами",null,"шт",5,4.0999999999999996,{"$f":"J2152*$B$2","v":4.8379999999999992},{"$f":"K2152*G2152","v":0},{"$f":"J2152*(1-$E$5-$E$7)*(1-$E$9)*(1+$E$11)","v":4.0999999999999996},{"$f":"M2152*G2152","v":0},{"$f":"ROUND((M2152*$B$2),2)","v":4.84},{"$f":"O2152*G2152","v":0}]
[null,"RAUPEX"]
[null,"RAUPEX",null,null,11391311002,"Отвод направляющий 45°, 20, с кольцами",null,"шт",10,1.5,{"$f":"J2154*$B$2","v":1.77},{"$f":"K2154*G2154","v":0},{"$f":"J2154*(1-$E$5-$E$7)*(1-$E$9)*(1+$E$11)","v":1.5},{"$f":"M2154*G2154","v":0},{"$f":"ROUND((M2154*$B$2),2)","v":1.77},{"$f":"O2154*G2154","v":0}]
[null,"RAUPEX",null,null,11389111002,"Отвод направляющий 45°, 25, с кольцами",null,"шт",10,2.5499999999999998,{"$f":"J2155*$B$2","v":3.0089999999999995},{"$f":"K2155*G2155","v":0},{"$f":"J2155*(1-$E$5-$E$7)*(1-$E$9)*(1+$E$11)","v":2.5499999999999998},{"$f":"M2155*G2155","v":0},{"$f":"ROUND((M2155*$B$2),2)","v":3.01},{"$f":"O2155*G2155","v":0}]
[null,"RAUPEX",null,null,11389211002,"Отвод направляющий 45°, 32, с кольцами",null,"шт",5,4.0999999999999996,{"$f":"J2156*$B$2","v":4.8379999999999992},{"$f":"K2156*G2156","v":0},{"$f":"J2156*(1-$E$5-$E$7)*(1-$E$9)*(1+$E$11)","v":4.0999999999999996},{"$f":"M2156*G2156","v":0},{"$f":"ROUND((M2156*$B$2),2)","v":4.84},{"$f":"O2156*G2156","v":0}]
[null,"RAUPEX"]
[null,"RAUPEX",null,null,13660341001,"Муфта соединительная равнопроходная  50-50 RX",null,"шт",1,32.78,{"$f":"J2158*$B$2","v":38.680399999999999},{"$f":"K2158*G2158","v":0},{"$f":"J2158*(1-$E$5-$E$7)*(1-$E$9)*(1+$E$11)","v":32.78},{"$f":"M2158*G2158","v":0},{"$f":"ROUND((M2158*$B$2),2)","v":38.68},{"$f":"O2158*G2158","v":0}]
[null,"RAUPEX",null,null,13660361001,"Муфта соединительная равнопроходная  63-63 RX",null,"шт",1,46.02,{"$f":"J2159*$B$2","v":54.303600000000003},{"$f":"K2159*G2159","v":0},{"$f":"J2159*(1-$E$5-$E$7)*(1-$E$9)*(1+$E$11)","v":46.02},{"$f":"M2159*G2159","v":0},{"$f":"ROUND((M2159*$B$2),2)","v":54.3},{"$f":"O2159*G2159","v":0}]
[null,"RAUPEX"]
[null,"RAUPEX","x",null,13662601001,"Муфта соединительная переходная 40-25 RX",null,"шт",5,26.37,{"$f":"J2161*$B$2","v":31.116599999999998},{"$f":"K2161*G2161","v":0},{"$f":"J2161*(1-$E$5-$E$7)*(1-$E$9)*(1+$E$11)","v":26.37},{"$f":"M2161*G2161","v":0},{"$f":"ROUND((M2161*$B$2),2)","v":31.12},{"$f":"O2161*G2161","v":0}]
[null,"RAUPEX",null,null,13660391001,"Муфта соединительная переходная 50-32 RX",null,"шт",5,32.26,{"$f":"J2162*$B$2","v":38.066799999999994},{"$f":"K2162*G2162","v":0},{"$f":"J2162*(1-$E$5-$E$7)*(1-$E$9)*(1+$E$11)","v":32.26},{"$f":"M2162*G2162","v":0},{"$f":"ROUND((M2162*$B$2),2)","v":38.07},{"$f":"O2162*G2162","v":0}]
[null,"RAUPEX",null,null,13660411001,"Муфта соединительная переходная 50-40 RX",null,"шт",1,32.26,{"$f":"J2163*$B$2","v":38.066799999999994},{"$f":"K2163*G2163","v":0},{"$f":"J2163*(1-$E$5-$E$7)*(1-$E$9)*(1+$E$11)","v":32.26},{"$f":"M2163*G2163","v":0},{"$f":"ROUND((M2163*$B$2),2)","v":38.07},{"$f":"O2163*G2163","v":0}]
[null,"RAUPEX",null,null,13660431001,"Муфта соединительная переходная 63-50 RX",null,"шт",1,42.16,{"$f":"J2164*$B$2","v":49.748799999999996},{"$f":"K2164*G2164","v":0},{"$f":"J2164*(1-$E$5-$E$7)*(1-$E$9)*(1+$E$11)","v":42.16},{"$f":"M2164*G2164","v":0},{"$f":"ROUND((M2164*$B$2),2)","v":49.75},{"$f":"O2164*G2164","v":0}]
[null,"RAUPEX"]
[null,"RAUPEX",null,null,13660521001,"Переходник с наружной резьбой  20-R 1/2 RX",null,"шт",10,7.44,{"$f":"J2166*$B$2","v":8.7791999999999994},{"$f":"K2166*G2166","v":0},{"$f":"J2166*(1-$E$5-$E$7)*(1-$E$9)*(1+$E$11)","v":7.44},{"$f":"M2166*G2166","v":0},{"$f":"ROUND((M2166*$B$2),2)","v":8.7799999999999994},{"$f":"O2166*G2166","v":0}]
[null,"RAUPEX",null,null,13660531001,"Переходник с наружной резьбой  20-R 3/4 RX",null,"шт",10,7.44,8.7791999999999994,0,7.44,0,8.7799999999999994,0]
[null,"RAUPEX","x",null,13660551001,"Переходник с наружной резьбой  20-R 1 RX",null,"шт",5,10.33,12.189399999999999,0,10.33,0,12.19,0]
[null,"RAUPEX",null,null,13660561001,"Переходник с наружной резьбой  25-R 1/2 RX",null,"шт",10,7.44,8.7791999999999994,0,7.44,0,8.7799999999999994,0]
[null,"RAUPEX",null,null,13660571001,"Переходник с наружной резьбой  25-R 3/4 RX",null,"шт",10,8.7799999999999994,10.360399999999998,0,8.7799999999999994,0,10.36,0]
[null,"RAUPEX",null,null,13660581001,"Переходник с наружной резьбой  25-R 1 RX",null,"шт",10,7.44,8.7791999999999994,0,7.44,0,8.7799999999999994,0]
[null,"RAUPEX",null,null,13660591001,"Переходник с наружной резьбой  32-R 3/4 RX",null,"шт",10,13.46,15.8828,0,13.46,0,15.88,0]
[null,"RAUPEX",null,null,13660601001,"Переходник с наружной резьбой  32-R 1 RX",null,"шт",10,13.46,15.8828,0,13.46,0,15.88,0]
[null,"RAUPEX",null,null,13660611001,"Переходник с наружной резьбой  32-R 1 1/4 RX",null,"шт",5,16.059999999999999,18.950799999999997,0,16.059999999999999,0,18.95,0]
[null,"RAUPEX",null,null,13660621001,"Переходник с наружной резьбой  40-R 1 1/4 RX",null,"шт",5,17.7,20.885999999999999,0,17.7,0,20.89,0]
[null,"RAUPEX",null,null,13660631001,"Переходник с наружной резьбой  50-R 1 1/4 RX",null,"шт",5,25.86,30.514799999999997,0,25.86,0,30.51,0]
[null,"RAUPEX",null,null,13660651001,"Переходник с наружной резьбой  50-R 1 1/2 RX",null,"шт",1,25.86,30.514799999999997,0,25.86,0,30.51,0]
[null,"RAUPEX",null,null,13660661001,"Переходник с наружной резьбой  63-R 2 RX",null,"шт",1,39.630000000000003,46.763399999999997,0,39.630000000000003,0,46.76,0]
[null,"RAUPEX"]
[null,"RAUPEX",null,null,13660681001,"Переходник с внутренней резьбой  20-Rp 1/2 RX",null,"шт",10,6,{"$f":"J2180*$B$2","v":7.08},{"$f":"K2180*G2180","v":0},{"$f":"J2180*(1-$E$5-$E$7)*(1-$E$9)*(1+$E$11)","v":6},{"$f":"M2180*G2180","v":0},{"$f":"ROUND((M2180*$B$2),2)","v":7.08},{"$f":"O2180*G2180","v":0}]
[null,"RAUPEX",null,null,13660691001,"Переходник с внутренней резьбой  20-Rp 3/4 RX",null,"шт",10,6,7.08,0,6,0,7.08,0]
[null,"RAUPEX","x",null,13660701001,"Переходник с внутренней резьбой  25-Rp 1/2 RX",null,"шт",10,8,9.44,0,8,0,9.44,0]
[null,"RAUPEX",null,null,13660711001,"Переходник с внутренней резьбой  25-Rp 3/4 RX",null,"шт",10,8,9.44,0,8,0,9.44,0]
[null,"RAUPEX","x",null,13662891001,"Переходник с внутренней резьбой  25-Rp 1 RX",null,"шт",5,13.9,{"$f":"J2184*$B$2","v":16.402000000000001},0,{"$f":"J2184*(1-$E$5-$E$7)*(1-$E$9)*(1+$E$11)","v":13.9},0,{"$f":"ROUND((M2184*$B$2),2)","v":16.399999999999999},0]
[null,"RAUPEX",null,null,13660721001,"Переходник с внутренней резьбой  32-Rp 3/4 RX",null,"шт",10,11.82,13.9476,0,11.82,0,13.95,0]
[null,"RAUPEX",null,null,13660731001,"Переходник с внутренней резьбой  32-Rp 1 RX",null,"шт",10,11.82,13.9476,0,11.82,0,13.95,0]
[null,"RAUPEX",null,null,13660741001,"Переходник с внутренней резьбой  40-Rp 1 1/4 RX",null,"шт",5,23.29,27.482199999999999,0,23.29,0,27.48,0]
[null,"RAUPEX"]
[null,"RAUPEX",null,null,13660471001,"Угольник  45°, 50 RX",null,"шт",1,52.62,{"$f":"J2189*$B$2","v":62.091599999999993},{"$f":"K2189*G2189","v":0},{"$f":"J2189*(1-$E$5-$E$7)*(1-$E$9)*(1+$E$11)","v":52.62},{"$f":"M2189*G2189","v":0},{"$f":"ROUND((M2189*$B$2),2)","v":62.09},{"$f":"O2189*G2189","v":0}]
[null,"RAUPEX",null,null,13660481001,"Угольник  45°, 63 RX",null,"шт",1,79.88,{"$f":"J2190*$B$2","v":94.258399999999995},{"$f":"K2190*G2190","v":0},{"$f":"J2190*(1-$E$5-$E$7)*(1-$E$9)*(1+$E$11)","v":79.88},{"$f":"M2190*G2190","v":0},{"$f":"ROUND((M2190*$B$2),2)","v":94.26},{"$f":"O2190*G2190","v":0}]
[null,"RAUPEX"]
[null,"RAUPEX",null,null,13660011001,"Тройник равнопроходный 50-50-50 RX",null,"шт",1,38.92,{"$f":"J2192*$B$2","v":45.925600000000003},{"$f":"K2192*G2192","v":0},{"$f":"J2192*(1-$E$5-$E$7)*(1-$E$9)*(1+$E$11)","v":38.92},{"$f":"M2192*G2192","v":0},{"$f":"ROUND((M2192*$B$2),2)","v":45.93},{"$f":"O2192*G2192","v":0}]
[null,"RAUPEX",null,null,13660021001,"Тройник равнопроходный 63-63-63 RX",null,"шт",1,62.12,{"$f":"J2193*$B$2","v":73.301599999999993},{"$f":"K2193*G2193","v":0},{"$f":"J2193*(1-$E$5-$E$7)*(1-$E$9)*(1+$E$11)","v":62.12},{"$f":"M2193*G2193","v":0},{"$f":"ROUND((M2193*$B$2),2)","v":73.3},{"$f":"O2193*G2193","v":0}]
[null,"RAUPEX"]
[null,"RAUPEX",null,null,13660031001,"Тройник с уменьшенным боковым проходом 50-20-50 RX",null,"шт",1,41.74,{"$f":"J2195*$B$2","v":49.2532},{"$f":"K2195*G2195","v":0},{"$f":"J2195*(1-$E$5-$E$7)*(1-$E$9)*(1+$E$11)","v":41.74},{"$f":"M2195*G2195","v":0},{"$f":"ROUND((M2195*$B$2),2)","v":49.25},{"$f":"O2195*G2195","v":0}]
[null,"RAUPEX",null,null,13660041001,"Тройник с уменьшенным боковым проходом 50-25-50 RX",null,"шт",1,43.78,51.660399999999996,0,43.78,0,51.66,0]
[null,"RAUPEX",null,null,13660051001,"Тройник с уменьшенным боковым проходом 50-32-50 RX",null,"шт",1,43.78,51.660399999999996,0,43.78,0,51.66,0]
[null,"RAUPEX",null,null,13660061001,"Тройник с уменьшенным боковым проходом 50-40-50 RX",null,"шт",1,43.78,51.660399999999996,0,43.78,0,51.66,0]
[null,"RAUPEX",null,null,13660081001,"Тройник с уменьшенным боковым проходом 63-25-63 RX",null,"шт",1,52.68,62.162399999999998,0,52.68,0,62.16,0]
[null,"RAUPEX",null,null,13660091001,"Тройник с уменьшенным боковым проходом 63-32-63 RX",null,"шт",1,52.68,62.162399999999998,0,52.68,0,62.16,0]
[null,"RAUPEX",null,null,13660101001,"Тройник с уменьшенным боковым проходом 63-40-63 RX",null,"шт",1,53.2,62.776000000000003,0,53.2,0,62.78,0]
[null,"RAUPEX",null,null,13660111001,"Тройник с уменьшенным боковым проходом 63-50-63 RX",null,"шт",1,94.97,112.0646,0,94.97,0,112.06,0]
[null,"RAUPEX"]
[null,"RAUPEX",null,null,13660121001,"Тройник с уменьшенным боковым и торцевым проходами 50-32-40 RX",null,"шт",1,43.78,{"$f":"J2204*$B$2","v":51.660399999999996},{"$f":"K2204*G2204","v":0},{"$f":"J2204*(1-$E$5-$E$7)*(1-$E$9)*(1+$E$11)","v":43.78},{"$f":"M2204*G2204","v":0},{"$f":"ROUND((M2204*$B$2),2)","v":51.66},{"$f":"O2204*G2204","v":0}]
[null,"RAUPEX"]
[null,"RAUPEX",null,null,13660201001,"Тройник с внутр. резьбой на боков. проходе 25-Rp 3/4-25 RX",null,"шт",10,12.04,{"$f":"J2206*$B$2","v":14.207199999999998},{"$f":"K2206*G2206","v":0},{"$f":"J2206*(1-$E$5-$E$7)*(1-$E$9)*(1+$E$11)","v":12.04},{"$f":"M2206*G2206","v":0},{"$f":"ROUND((M2206*$B$2),2)","v":14.21},{"$f":"O2206*G2206","v":0}]
[null,"RAUPEX",null,null,13660241001,"Тройник с внутр. резьбой на боков. проходе 32-Rp 3/4-25 RX",null,"шт",3,23.73,28.0014,0,23.73,0,28,0]
[null,"RAUPEX",null,null,13660211001,"Тройник с внутр. резьбой на боков. проходе 32-Rp 3/4-32 RX",null,"шт",3,26.77,31.5886,0,26.77,0,31.59,0]
[null,"RAUPEX",null,null,13660261001,"Тройник с внутр. резьбой на боков. проходе 32-Rp 1-32 RX",null,"шт",3,26.77,31.5886,0,26.77,0,31.59,0]
[null,"RAUPEX",null,null,13660281001,"Тройник с внутр. резьбой на боков. проходе 40-Rp 1-40 RX",null,"шт",1,39.94,47.129199999999997,0,39.94,0,47.13,0]
[null,"RAUPEX",null,null,13660311001,"Тройник с внутр. резьбой на боков. проходе 50-Rp 1-50 RX",null,"шт",1,54.49,64.298199999999994,0,54.49,0,64.3,0]
[null,"RAUPEX"]
[null,"RAUPEX",null,null,13660891001,"Угольник-переходник с наружной резьбой 20-R1/2 RX",null,"шт",10,6.31,{"$f":"J2213*$B$2","v":7.4457999999999993},{"$f":"K2213*G2213","v":0},{"$f":"J2213*(1-$E$5-$E$7)*(1-$E$9)*(1+$E$11)","v":6.31},{"$f":"M2213*G2213","v":0},{"$f":"ROUND((M2213*$B$2),2)","v":7.45},{"$f":"O2213*G2213","v":0}]
[null,"RAUPEX",null,null,13660901001,"Угольник-переходник с наружной резьбой  20-R 3/4 RX",null,"шт",10,6.31,{"$f":"J2214*$B$2","v":7.4457999999999993},{"$f":"K2214*G2214","v":0},{"$f":"J2214*(1-$E$5-$E$7)*(1-$E$9)*(1+$E$11)","v":6.31},{"$f":"M2214*G2214","v":0},{"$f":"ROUND((M2214*$B$2),2)","v":7.45},{"$f":"O2214*G2214","v":0}]
[null,"RAUPEX",null,null,13660911001,"Угольник-переходник с наружной резьбой 25-R3/4 RX",null,"шт",10,8.7200000000000006,{"$f":"J2215*$B$2","v":10.2896},{"$f":"K2215*G2215","v":0},{"$f":"J2215*(1-$E$5-$E$7)*(1-$E$9)*(1+$E$11)","v":8.7200000000000006},{"$f":"M2215*G2215","v":0},{"$f":"ROUND((M2215*$B$2),2)","v":10.29},{"$f":"O2215*G2215","v":0}]
[null,"RAUPEX",null,null,13660921001,"Угольник-переходник с наружной резьбой 32-R3/4 RX",null,"шт",3,15.13,{"$f":"J2216*$B$2","v":17.853400000000001},{"$f":"K2216*G2216","v":0},{"$f":"J2216*(1-$E$5-$E$7)*(1-$E$9)*(1+$E$11)","v":15.13},{"$f":"M2216*G2216","v":0},17.850000000000001,{"$f":"O2216*G2216","v":0}]
[null,"RAUPEX",null,null,13660931001,"Угольник-переходник с наружной резьбойй 32-R1 RX",null,"шт",3,{"$f":"22.78/1.18","v":19.305084745762713},{"$f":"J2217*$B$2","v":22.78},{"$f":"K2217*G2217","v":0},{"$f":"J2217*(1-$E$5-$E$7)*(1-$E$9)*(1+$E$11)","v":19.305084745762713},{"$f":"M2217*G2217","v":0},{"$f":"ROUND((M2217*$B$2),2)","v":22.78},{"$f":"O2217*G2217","v":0}]
[null,"RAUPEX"]
[null,"RAUPEX",null,null,13661081001,"Угольник настенный с наружной резьбой 20x2,8-R 1/2 RX",null,"шт",10,9.1999999999999993,{"$f":"J2219*$B$2","v":10.855999999999998},{"$f":"K2219*G2219","v":0},{"$f":"J2219*(1-$E$5-$E$7)*(1-$E$9)*(1+$E$11)","v":9.1999999999999993},{"$f":"M2219*G2219","v":0},{"$f":"ROUND((M2219*$B$2),2)","v":10.86},{"$f":"O2219*G2219","v":0}]
[null,"RAUPEX",null,null,13661091001,"Угольник настенный с наружной резьбой  20-R 3/4 RX",null,"шт",10,10.33,{"$f":"J2220*$B$2","v":12.189399999999999},{"$f":"K2220*G2220","v":0},{"$f":"J2220*(1-$E$5-$E$7)*(1-$E$9)*(1+$E$11)","v":10.33},{"$f":"M2220*G2220","v":0},{"$f":"ROUND((M2220*$B$2),2)","v":12.19},{"$f":"O2220*G2220","v":0}]
[null,"RAUPEX"]
[null,"RAUPEX"]
[null,"RAUPEX",null,null,null,"3.8 Техника крепления для труб RAUPEX"]
[null,"RAUPEX",null,null,12436331001,"Клипса для крепления трубы 20",null,"шт",10,0.83,{"$f":"J2224*$B$2","v":0.97939999999999994},{"$f":"K2224*G2224","v":0},{"$f":"J2224*(1-$E$5-$E$7)*(1-$E$9)*(1+$E$11)","v":0.83},{"$f":"M2224*G2224","v":0},{"$f":"ROUND((M2224*$B$2),2)","v":0.98},{"$f":"O2224*G2224","v":0}]
[null,"RAUPEX",null,null,12436431001,"Клипса для крепления трубы 25",null,"шт",10,1.04,{"$f":"J2225*$B$2","v":1.2272000000000001},{"$f":"K2225*G2225","v":0},{"$f":"J2225*(1-$E$5-$E$7)*(1-$E$9)*(1+$E$11)","v":1.04},{"$f":"M2225*G2225","v":0},{"$f":"ROUND((M2225*$B$2),2)","v":1.23},{"$f":"O2225*G2225","v":0}]
[null,"RAUPEX",null,null,12436531001,"Клипса для крепления трубы 32",null,"шт",10,1.25,{"$f":"J2226*$B$2","v":1.4749999999999999},{"$f":"K2226*G2226","v":0},{"$f":"J2226*(1-$E$5-$E$7)*(1-$E$9)*(1+$E$11)","v":1.25},{"$f":"M2226*G2226","v":0},{"$f":"ROUND((M2226*$B$2),2)","v":1.48},{"$f":"O2226*G2226","v":0}]
[null,"RAUPEX"]
[null,"RAUPEX",null,null,12436631001,"Клипса с защелкой для крепления трубы 40",null,"шт",10,1.78,{"$f":"J2228*$B$2","v":2.1004},{"$f":"K2228*G2228","v":0},{"$f":"J2228*(1-$E$5-$E$7)*(1-$E$9)*(1+$E$11)","v":1.78},{"$f":"M2228*G2228","v":0},{"$f":"ROUND((M2228*$B$2),2)","v":2.1},{"$f":"O2228*G2228","v":0}]
[null,"RAUPEX",null,null,12436731001,"Клипса с защелкой для крепления трубы 50",null,"шт",10,2.08,2.4544000000000001,0,2.08,0,2.4500000000000002,0]
[null,"RAUPEX",null,null,12436831001,"Клипса с защелкой для крепления трубы 63",null,"шт",10,2.4500000000000002,2.891,0,2.4500000000000002,0,2.89,0]
[null,"RAUPEX",null,null,12436931001,"Клипса с защелкой для крепления трубы 75",null,"шт",10,3.95,4.6609999999999996,0,3.95,0,4.66,0]
[null,"RAUPEX",null,null,12437031001,"Клипса с защелкой для крепления трубы 90",null,"шт",10,5.25,6.1949999999999994,0,5.25,0,6.2,0]
[null,"RAUPEX",null,null,12437131001,"Клипса с защелкой для крепления трубы 110",null,"шт",10,6.15,7.2569999999999997,0,6.15,0,7.26,0]
[null,"RAUPEX",null,null,12493501001,"Клипса с защелкой для крепления трубы 125",null,"шт",10,8.85,10.443,0,8.85,0,10.44,0]
[null,"RAUPEX",null,null,12437231001,"Клипса с защелкой для крепления трубы 160",null,"шт",10,9.68,11.4224,0,9.68,0,11.42,0]
[null,"RAUPEX"]
[null,"RAUPEX",null,null,12437931001,"Распорка для соединения с клеммами для крепления труб",null,"шт",10,0.63,{"$f":"J2237*$B$2","v":0.74339999999999995},{"$f":"K2237*G2237","v":0},{"$f":"J2237*(1-$E$5-$E$7)*(1-$E$9)*(1+$E$11)","v":0.63},{"$f":"M2237*G2237","v":0},{"$f":"ROUND((M2237*$B$2),2)","v":0.74},{"$f":"O2237*G2237","v":0}]
[null,"RAUPEX"]
[null,"RAUPEX",null,null,null,"3.9 Техника быстрого крепления и комплектующие пневмотических систем"]
[null,"RAUPEX",null,null,12496671001,"Быстрый разъем NP 7.2 пластмассовый с внутр. резьбой G1/2\"",null,"шт",10,17.48,{"$f":"J2240*$B$2","v":20.6264},{"$f":"K2240*G2240","v":0},{"$f":"J2240*(1-$E$5-$E$7)*(1-$E$9)*(1+$E$11)","v":17.48},{"$f":"M2240*G2240","v":0},{"$f":"ROUND((M2240*$B$2),2)","v":20.63},{"$f":"O2240*G2240","v":0}]
[null,"RAUPEX",null,null,12496771001,"Быстрый разъем NP 7.2 пластмассовый с наруж. резьбой G1/2\"",null,"шт",10,17.48,{"$f":"J2241*$B$2","v":20.6264},{"$f":"K2241*G2241","v":0},{"$f":"J2241*(1-$E$5-$E$7)*(1-$E$9)*(1+$E$11)","v":17.48},{"$f":"M2241*G2241","v":0},{"$f":"ROUND((M2241*$B$2),2)","v":20.63},{"$f":"O2241*G2241","v":0}]
[null,"RAUPEX",null,null,12496871001,"Быстрый разъем NP 7.2 пластмассовый для шланга Dу 9мм",null,"шт",10,17.48,{"$f":"J2242*$B$2","v":20.6264},{"$f":"K2242*G2242","v":0},{"$f":"J2242*(1-$E$5-$E$7)*(1-$E$9)*(1+$E$11)","v":17.48},{"$f":"M2242*G2242","v":0},{"$f":"ROUND((M2242*$B$2),2)","v":20.63},{"$f":"O2242*G2242","v":0}]
[null,"RAUPEX",null,null,12496971001,"Быстрый разъем NP 7.2 пластмассовый для шланга Dу 13мм",null,"шт",10,17.48,{"$f":"J2243*$B$2","v":20.6264},{"$f":"K2243*G2243","v":0},{"$f":"J2243*(1-$E$5-$E$7)*(1-$E$9)*(1+$E$11)","v":17.48},{"$f":"M2243*G2243","v":0},{"$f":"ROUND((M2243*$B$2),2)","v":20.63},{"$f":"O2243*G2243","v":0}]
[null,"RAUPEX"]
[null,"RAUPEX",null,null,12497071001,"Распред. коллектор с 2 быстр. разъемами NP 7.2 и наруж. резьбой G1/2\"",null,"шт",1,41.84,{"$f":"J2245*$B$2","v":49.371200000000002},{"$f":"K2245*G2245","v":0},{"$f":"J2245*(1-$E$5-$E$7)*(1-$E$9)*(1+$E$11)","v":41.84},{"$f":"M2245*G2245","v":0},{"$f":"ROUND((M2245*$B$2),2)","v":49.37},{"$f":"O2245*G2245","v":0}]
[null,"RAUPEX"]
[null,"RAUPEX",null,null,12493801001,"Розетка с 3 отводами вн. рез. G1/2\" для сжат. воздуха и штуцером 32x2,9 под надвижную гильзу ",null,"шт",1,42.04,{"$f":"J2247*$B$2","v":49.607199999999999},{"$f":"K2247*G2247","v":0},{"$f":"J2247*(1-$E$5-$E$7)*(1-$E$9)*(1+$E$11)","v":42.04},{"$f":"M2247*G2247","v":0},{"$f":"ROUND((M2247*$B$2),2)","v":49.61},{"$f":"O2247*G2247","v":0}]
[null,"RAUPEX"]
[null,"RAUPEX",null,null,12493901001,"Розетка с 3 отводами вн. рез. G1/2\" для сжат. воздуха и вн. рез. G1\"",null,"шт",1,42.04,{"$f":"J2249*$B$2","v":49.607199999999999},{"$f":"K2249*G2249","v":0},{"$f":"J2249*(1-$E$5-$E$7)*(1-$E$9)*(1+$E$11)","v":42.04},{"$f":"M2249*G2249","v":0},{"$f":"ROUND((M2249*$B$2),2)","v":49.61},{"$f":"O2249*G2249","v":0}]
[null,"RAUPEX"]
[null,"RAUPEX",null,null,12494001001,"Кронштейн стальной для тройной розетки сжатого воздуха",null,"шт",1,7.61,{"$f":"J2251*$B$2","v":8.9797999999999991},{"$f":"K2251*G2251","v":0},{"$f":"J2251*(1-$E$5-$E$7)*(1-$E$9)*(1+$E$11)","v":7.61},{"$f":"M2251*G2251","v":0},{"$f":"ROUND((M2251*$B$2),2)","v":8.98},{"$f":"O2251*G2251","v":0}]
[null,"RAUPEX"]
[null,"RAUPEX",null,null,12494101001,"Заглушка с нар. рез. G1/2\" для розетки сжатого воздуха",null,"шт",1,4.3600000000000003,{"$f":"J2253*$B$2","v":5.1448},{"$f":"K2253*G2253","v":0},{"$f":"J2253*(1-$E$5-$E$7)*(1-$E$9)*(1+$E$11)","v":4.3600000000000003},{"$f":"M2253*G2253","v":0},{"$f":"ROUND((M2253*$B$2),2)","v":5.14},{"$f":"O2253*G2253","v":0}]
[null,"RAUPEX"]
[null,"RAUPEX",null,null,12497171001,"Штуцер стальной NP 7.2  для подключения шланга Dу 9мм",null,"шт",10,2.34,{"$f":"J2255*$B$2","v":2.7611999999999997},{"$f":"K2255*G2255","v":0},{"$f":"J2255*(1-$E$5-$E$7)*(1-$E$9)*(1+$E$11)","v":2.34},{"$f":"M2255*G2255","v":0},{"$f":"ROUND((M2255*$B$2),2)","v":2.76},{"$f":"O2255*G2255","v":0}]
[null,"RAUPEX",null,null,12497271001,"Штуцер стальной NP 7.2  для подключения шланга Dу 13мм",null,"шт",10,3.17,{"$f":"J2256*$B$2","v":3.7405999999999997},{"$f":"K2256*G2256","v":0},{"$f":"J2256*(1-$E$5-$E$7)*(1-$E$9)*(1+$E$11)","v":3.17},{"$f":"M2256*G2256","v":0},{"$f":"ROUND((M2256*$B$2),2)","v":3.74},{"$f":"O2256*G2256","v":0}]
[null,"RAUPEX",null,null,12497371001,"Штуцер стальной NP 7.2 с нар. рез. G1/4\"",null,"шт",10,2.12,{"$f":"J2257*$B$2","v":2.5015999999999998},{"$f":"K2257*G2257","v":0},{"$f":"J2257*(1-$E$5-$E$7)*(1-$E$9)*(1+$E$11)","v":2.12},{"$f":"M2257*G2257","v":0},{"$f":"ROUND((M2257*$B$2),2)","v":2.5},{"$f":"O2257*G2257","v":0}]
[null,"RAUPEX",null,null,12497471001,"Штуцер стальной NP 7.2 с нар. рез. G3/8\"",null,"шт",10,2.82,{"$f":"J2258*$B$2","v":3.3275999999999994},{"$f":"K2258*G2258","v":0},{"$f":"J2258*(1-$E$5-$E$7)*(1-$E$9)*(1+$E$11)","v":2.82},{"$f":"M2258*G2258","v":0},{"$f":"ROUND((M2258*$B$2),2)","v":3.33},{"$f":"O2258*G2258","v":0}]
[null,"RAUPEX",null,null,12497571001,"Штуцер стальной NP 7.2 с нар. рез. G 1/2\"",null,"шт",10,4.58,{"$f":"J2259*$B$2","v":5.4043999999999999},{"$f":"K2259*G2259","v":0},{"$f":"J2259*(1-$E$5-$E$7)*(1-$E$9)*(1+$E$11)","v":4.58},{"$f":"M2259*G2259","v":0},{"$f":"ROUND((M2259*$B$2),2)","v":5.4},{"$f":"O2259*G2259","v":0}]
[null,"RAUPEX"]
[null,"RAUPEX",null,null,12492701001,"Пружинное кольцо для закрепления шланга Dу 9мм на штуцере",null,"шт",100,0.26,{"$f":"J2261*$B$2","v":0.30680000000000002},{"$f":"K2261*G2261","v":0},{"$f":"J2261*(1-$E$5-$E$7)*(1-$E$9)*(1+$E$11)","v":0.26},{"$f":"M2261*G2261","v":0},{"$f":"ROUND((M2261*$B$2),2)","v":0.31},{"$f":"O2261*G2261","v":0}]
[null,"RAUPEX",null,null,12492801001,"Пружинное кольцо для закрепления шланга Dу 13мм на штуцере",null,"шт",100,0.36,{"$f":"J2262*$B$2","v":0.42479999999999996},{"$f":"K2262*G2262","v":0},{"$f":"J2262*(1-$E$5-$E$7)*(1-$E$9)*(1+$E$11)","v":0.36},{"$f":"M2262*G2262","v":0},{"$f":"ROUND((M2262*$B$2),2)","v":0.42},{"$f":"O2262*G2262","v":0}]
[null,"RAUPEX"]
[null,"RAUPEX",null,null,12492601001,"Пневмопистолет с метал. форсункой с вн. рез. G1/4\"",null,"шт",1,16.34,{"$f":"J2264*$B$2","v":19.281199999999998},{"$f":"K2264*G2264","v":0},{"$f":"J2264*(1-$E$5-$E$7)*(1-$E$9)*(1+$E$11)","v":16.34},{"$f":"M2264*G2264","v":0},{"$f":"ROUND((M2264*$B$2),2)","v":19.28},{"$f":"O2264*G2264","v":0}]
[null,"RAUPEX"]
[null,"RAUPEX",null,null,10285611002,"Шланг ПВХ с арм. нитью RAUFILAM E, Dвн. 9x3мм, в рулоне 50 м",null,"м",150,"-","По запросу",{"$f":"K2266*G2266","v":0},{"$f":"J2266*(1-$E$5-$E$7)*(1-$E$9)*(1+$E$11)","v":0},{"$f":"M2266*G2266","v":0},{"$f":"ROUND((M2266*$B$2),2)","v":0},{"$f":"O2266*G2266","v":0}]
[null,"RAUPEX",null,null,10286011002,"Шланг ПВХ с арм. нитью RAUFILAM E, Dвн. 13.2x3.3мм, в рулоне 50 м",null,"м",100,"-","По запросу",{"$f":"K2267*G2267","v":0},{"$f":"J2267*(1-$E$5-$E$7)*(1-$E$9)*(1+$E$11)","v":0},{"$f":"M2267*G2267","v":0},{"$f":"ROUND((M2267*$B$2),2)","v":0},{"$f":"O2267*G2267","v":0}]
[null,"RAUPEX"]
[null,"RAUPEX",null,null,12496571001,"Быстрый разъем NP 7.2  со штуцером под надвиж. гильзу 20x1,9мм, SDR 11",null,"шт",10,10.4,{"$f":"J2269*$B$2","v":12.272},{"$f":"K2269*G2269","v":0},{"$f":"J2269*(1-$E$5-$E$7)*(1-$E$9)*(1+$E$11)","v":10.4},{"$f":"M2269*G2269","v":0},{"$f":"ROUND((M2269*$B$2),2)","v":12.27},{"$f":"O2269*G2269","v":0}]
[null,"RAUPEX"]
[null,"RAUPEX",null,null,12414531001,"Противопожарная манжета для труб 20",null,"шт",1,51.39,{"$f":"J2271*$B$2","v":60.6402},{"$f":"K2271*G2271","v":0},{"$f":"J2271*(1-$E$5-$E$7)*(1-$E$9)*(1+$E$11)","v":51.39},{"$f":"M2271*G2271","v":0},{"$f":"ROUND((M2271*$B$2),2)","v":60.64},{"$f":"O2271*G2271","v":0}]
[null,"RAUPEX",null,null,12414631001,"Противопожарная манжета для труб 25",null,"шт",1,54.29,64.06219999999999,0,54.29,0,64.06,0]
[null,"RAUPEX",null,null,12414731001,"Противопожарная манжета для труб 32",null,"шт",1,58.84,69.431200000000004,0,58.84,0,69.430000000000007,0]
[null,"RAUPEX",null,null,12414831001,"Противопожарная манжета для труб 40",null,"шт",1,65.13,76.853399999999993,0,65.13,0,76.849999999999994,0]
[null,"RAUPEX",null,null,12414931001,"Противопожарная манжета для труб 50",null,"шт",1,66.25,78.174999999999997,0,66.25,0,78.180000000000007,0]
[null,"RAUPEX",null,null,12415031001,"Противопожарная манжета для труб 63",null,"шт",1,75.430000000000007,89.007400000000004,0,75.430000000000007,0,89.01,0]
[null,"RAUPEX"]
[null,"RAUTHERMEX"]
[null,"RAUTHERMEX",null,null,null,"4.1 Трубы SDR 11 "]
[null,"RAUTHERMEX",null,null,null,"Серия 1 (тонкостенная)"]
[null,"RAUTHERMEX",null,null,null,"UNO (светлосерая одинарная)"]
[null,"RAUTHERMEX",null,null,13521611001,"Tруба RAUTHERMEX UNO серия 1  25/91 макс. длина в бухте  560 м.",null,"м",null,30.29,{"$f":"J2282*$B$2","v":35.742199999999997},{"$f":"K2282*G2282","v":0},{"$f":"J2282*(1-$E$5-$E$7)*(1-$E$9)*(1+$E$11)","v":30.29},{"$f":"M2282*G2282","v":0},{"$f":"ROUND((M2282*$B$2),2)","v":35.74},{"$f":"O2282*G2282","v":0}]
[null,"RAUTHERMEX",null,null,13521711001,"Tруба RAUTHERMEX UNO серия 1  32/91 макс. длина в бухте  560 м.",null,"м",null,35.44,41.819199999999995,0,35.44,0,41.82,0]
[null,"RAUTHERMEX",null,null,13521811001,"Tруба RAUTHERMEX UNO серия 1  40/91 макс. длина в бухте  560 м.",null,"м",null,37.369999999999997,44.096599999999995,0,37.369999999999997,0,44.1,0]
[null,"RAUTHERMEX",null,null,13521911001,"Tруба RAUTHERMEX UNO серия 1  50/111 макс. длина в бухте 380 м.",null,"м",null,54.12,63.861599999999996,0,54.12,0,63.86,0]
[null,"RAUTHERMEX",null,null,13522011001,"Tруба RAUTHERMEX UNO серия 1  63/126 макс. длина в бухте 280 м.",null,"м",null,76.03,89.715400000000002,0,76.03,0,89.72,0]
[null,"RAUTHERMEX",null,null,13522111001,"Tруба RAUTHERMEX UNO серия 1  75/162 макс. длина в бухте 144 м.",null,"м",null,94.06,110.99079999999999,0,94.06,0,110.99,0]
[null,"RAUTHERMEX",null,null,13522211001,"Tруба RAUTHERMEX UNO серия 1  90/162 макс. длина в бухте 144 м.",null,"м",null,105.65,124.667,0,105.65,0,124.67,0]
[null,"RAUTHERMEX",null,null,13522311001,"Tруба RAUTHERMEX UNO серия 1  110/162 макс. длина в бухте 144 м.",null,"м",null,123.7,145.96600000000001,0,123.7,0,145.97,0]
[null,"RAUTHERMEX",null,null,13522411002,"Tруба RAUTHERMEX UNO серия 1  125/182 макс. длина в бухте 86 м.",null,"м",null,179.11,211.34980000000002,0,179.11,0,211.35,0]
[null,"RAUTHERMEX",null,null,13038671001,"Tруба RAUTHERMEX UNO серия 1  140/202 макс. длина в бухте 75 м.",null,"м",null,250.41,295.48379999999997,0,250.41,0,295.48,0]
[null,"RAUTHERMEX",null,null,13522511001,"Tруба RAUTHERMEX UNO серия 1  160/250 отркезки 12 м.",null,"м",null,277.02,{"$f":"J2292*$B$2","v":326.88359999999994},0,277.02,0,326.88,0]
[null,"RAUTHERMEX"]
[null,"RAUTHERMEX",null,null,null,"DUO (светлосерая двойная) "]
[null,"RAUTHERMEX",null,null,13566421001,"Tруба RAUTHERMEX DUO 20+20/111 макс. длина в бухте 400 м.",null,"м",null,"-","по запросу",{"$f":"K2295*G2295","v":0},{"$f":"J2295*(1-$E$5-$E$7)*(1-$E$9)*(1+$E$11)","v":0},{"$f":"M2295*G2295","v":0},{"$f":"ROUND((M2295*$B$2),2)","v":0},{"$f":"O2295*G2295","v":0}]
[null,"RAUTHERMEX",null,null,13522611001,"Tруба RAUTHERMEX DUO 25+25/111 макс. длина в бухте 380 м.",null,"м",null,48.96,{"$f":"J2296*$B$2","v":57.772799999999997},0,{"$f":"J2296*(1-$E$5-$E$7)*(1-$E$9)*(1+$E$11)","v":48.96},0,{"$f":"ROUND((M2296*$B$2),2)","v":57.77},0]
[null,"RAUTHERMEX",null,null,13522711001,"Tруба RAUTHERMEX DUO 32+32/111 макс. длина в бухте 380 м.",null,"м",null,55.4,65.372,0,55.4,0,65.37,0]
[null,"RAUTHERMEX",null,null,13522811001,"Tруба RAUTHERMEX DUO 40+40/126 макс. длина в бухте 280 м.",null,"м",null,68.290000000000006,80.5822,0,68.290000000000006,0,80.58,0]
[null,"RAUTHERMEX",null,null,13522911001,"Tруба RAUTHERMEX DUO 50+50/162 макс. длина в бухте 144 м.",null,"м",null,91.49,107.95819999999999,0,91.49,0,107.96,0]
[null,"RAUTHERMEX",null,null,13523011001,"Tруба RAUTHERMEX DUO 63+63/182 макс. длина в бухте 86 м.",null,"м",null,126.28,149.0104,0,126.28,0,149.01,0]
[null,"RAUTHERMEX",null,null,13566711001,"Tруба RAUTHERMEX DUO 75+75/202 макс. длина в бухте 75 м.",null,"м",null,"-","по запросу",0,0,0,0,0]
[null,"RAUTHERMEX"]
[null,"RAUTHERMEX",null,null,null,"UNO PLUS(светлосерая одинарная)"]
[null,"RAUTHERMEX","под заказ",null,13528851001,"Tруба RAUTHERMEX UNO Plus 32/111 макс. длина в бухте 380 м.",null,"м",null,"-","по запросу",{"$f":"K2304*G2304","v":0},{"$f":"J2304*(1-$E$5-$E$7)*(1-$E$9)*(1+$E$11)","v":0},{"$f":"M2304*G2304","v":0},{"$f":"ROUND((M2304*$B$2),2)","v":0},{"$f":"O2304*G2304","v":0}]
[null,"RAUTHERMEX","под заказ",null,13528951001,"Tруба RAUTHERMEX UNO Plus 40/126 макс. длина в бухте 280 м.",null,"м",null,"-","по запросу",0,0,0,0,0]
[null,"RAUTHERMEX","под заказ",null,13529051001,"Tруба RAUTHERMEX UNO Plus 50/126 макс. длина в бухте 280 м.",null,"м",null,"-","по запросу",0,0,0,0,0]
[null,"RAUTHERMEX","под заказ",null,13529151001,"Tруба RAUTHERMEX UNO Plus 63/142 макс. длина в бухте 140 м.",null,"м",null,"-","по запросу",0,0,0,0,0]
[null,"RAUTHERMEX","под заказ",null,13529251001,"Tруба RAUTHERMEX UNO Plus 90/182 макс. длина в бухте 86 м.",null,"м",null,"-","по запросу",0,0,0,0,0]
[null,"RAUTHERMEX","под заказ",null,13529351001,"Tруба RAUTHERMEX UNO Plus 110/182 макс. длина в бухте 86 м.",null,"м",null,"-","по запросу",0,0,0,0,0]
[null,"RAUTHERMEX","под заказ",null,13566651001,"Tруба RAUTHERMEX UNO PlusPlus 110/202 макс. длина в бухте 75 м.",null,"м",null,"-","по запросу",0,{"$f":"J2310*(1-$E$5-$E$7)*(1-$E$9)*(1+$E$11)","v":0},0,{"$f":"ROUND((M2310*$B$2),2)","v":0},0]
[null,"RAUTHERMEX","под заказ",null,13566371001,"Tруба RAUTHERMEX UNO Plus 125/202 макс. длина в бухте 75 м.",null,"м",null,"-","по запросу",0,{"$f":"J2311*(1-$E$5-$E$7)*(1-$E$9)*(1+$E$11)","v":0},0,{"$f":"ROUND((M2311*$B$2),2)","v":0},0]
[null,"RAUTHERMEX"]
[null,"RAUTHERMEX",null,null,null,"DUO PLUS (светлосерая двойная) "]
[null,"RAUTHERMEX","под заказ",null,13529451001,"Tруба RAUTHERMEX DUO Plus 32+32/126 макс. длина в бухте 280 м.",null,"м",null,"-","по запросу",{"$f":"K2314*G2314","v":0},{"$f":"J2314*(1-$E$5-$E$7)*(1-$E$9)*(1+$E$11)","v":0},{"$f":"M2314*G2314","v":0},{"$f":"ROUND((M2314*$B$2),2)","v":0},{"$f":"O2314*G2314","v":0}]
[null,"RAUTHERMEX","под заказ",null,13529551001,"Tруба RAUTHERMEX DUO Plus 40+40/142 макс. длина в бухте 140 м.",null,"м",null,"-","по запросу",{"$f":"K2315*G2315","v":0},{"$f":"J2315*(1-$E$5-$E$7)*(1-$E$9)*(1+$E$11)","v":0},{"$f":"M2315*G2315","v":0},{"$f":"ROUND((M2315*$B$2),2)","v":0},{"$f":"O2315*G2315","v":0}]
[null,"RAUTHERMEX","под заказ",null,13529651001,"Tруба RAUTHERMEX DUO Plus 50+50/182 макс. длина в бухте 86 м.",null,"м",null,"-","по запросу",{"$f":"K2316*G2316","v":0},{"$f":"J2316*(1-$E$5-$E$7)*(1-$E$9)*(1+$E$11)","v":0},{"$f":"M2316*G2316","v":0},{"$f":"ROUND((M2316*$B$2),2)","v":0},{"$f":"O2316*G2316","v":0}]
[null,"RAUTHERMEX","под заказ",null,13566121001,"Tруба RAUTHERMEX DUO Plus 63+63/202 макс. длина в бухте 75 м.",null,"м",null,"-","по запросу",{"$f":"K2317*G2317","v":0},{"$f":"J2317*(1-$E$5-$E$7)*(1-$E$9)*(1+$E$11)","v":0},{"$f":"M2317*G2317","v":0},{"$f":"ROUND((M2317*$B$2),2)","v":0},{"$f":"O2317*G2317","v":0}]
[null,"RAUTHERMEX"]
[null,"RAUTHERMEX",null,null,null,"Вводы в здание UNO SDR 11"]
[null,"RAUTHERMEX",null,null,12400041001,"Ввод в здание угловой RAUTHERMEX UNO серия 1  SDR 11 25/91",null,"шт",null,229.35,{"$f":"J2320*$B$2","v":270.63299999999998},{"$f":"K2320*G2320","v":0},{"$f":"J2320*(1-$E$5-$E$7)*(1-$E$9)*(1+$E$11)","v":229.35},{"$f":"M2320*G2320","v":0},{"$f":"ROUND((M2320*$B$2),2)","v":270.63},{"$f":"O2320*G2320","v":0}]
[null,"RAUTHERMEX",null,null,12400641001,"Ввод в здание угловой RAUTHERMEX UNO серия 1  SDR 11 32/91",null,"шт",null,233.24,275.22320000000002,0,233.24,0,275.22000000000003,0]
[null,"RAUTHERMEX",null,null,12400741001,"Ввод в здание угловой RAUTHERMEX UNO серия 1  SDR 11 40/91",null,"шт",null,243.53,287.36539999999997,0,243.53,0,287.37,0]
[null,"RAUTHERMEX",null,null,12400841001,"Ввод в здание угловой RAUTHERMEX UNO серия 1  SDR 11 50/11",null,"шт",null,269.29000000000002,317.76220000000001,0,269.29000000000002,0,317.76,0]
[null,"RAUTHERMEX",null,null,12400941001,"Ввод в здание угловой RAUTHERMEX UNO серия 1  SDR 11 63/126",null,"шт",null,319.55,377.06900000000002,0,319.55,0,377.07,0]
[null,"RAUTHERMEX",null,null,12400541001,"Ввод в здание угловой RAUTHERMEX UNO серия 1  SDR 11 75/162",null,"шт",null,381.39,450.04019999999997,0,381.39,0,450.04,0]
[null,"RAUTHERMEX",null,null,12401141001,"Ввод в здание угловой RAUTHERMEX UNO серия 1  SDR 11 90/162",null,"шт",null,475.47,561.05460000000005,0,475.47,0,561.04999999999995,0]
[null,"RAUTHERMEX",null,null,12401241001,"Ввод в здание угловой RAUTHERMEX UNO серия 1  SDR 11 110/162",null,"шт",null,564.36,665.94479999999999,0,564.36,0,665.94,0]
[null,"RAUTHERMEX",null,null,12228271001,"Ввод в здание угловой RAUTHERMEX UNO серия 1  SDR 11 125/182",null,"шт",null,740.88,874.23839999999996,0,740.88,0,874.24,0]
[null,"RAUTHERMEX"]
[null,"RAUTHERMEX",null,null,null,"Вводы в здание DUO SDR 11"]
[null,"RAUTHERMEX",null,null,12401941001,"Ввод в здание угловой RAUTHERMEX DUO серия 1  SDR 11 25+25/111",null,"шт",null,320.83999999999997,{"$f":"J2331*$B$2","v":378.59119999999996},{"$f":"K2331*G2331","v":0},{"$f":"J2331*(1-$E$5-$E$7)*(1-$E$9)*(1+$E$11)","v":320.83999999999997},{"$f":"M2331*G2331","v":0},{"$f":"ROUND((M2331*$B$2),2)","v":378.59},{"$f":"O2331*G2331","v":0}]
[null,"RAUTHERMEX",null,null,12402241001,"Ввод в здание угловой RAUTHERMEX DUO серия 1  SDR 11 32+32/111",null,"шт",null,373.66,440.91880000000003,0,373.66,0,440.92,0]
[null,"RAUTHERMEX",null,null,12402341001,"Ввод в здание угловой RAUTHERMEX DUO серия 1  SDR 11 40+40/126",null,"шт",null,412.31,486.5258,0,412.31,0,486.53,0]
[null,"RAUTHERMEX",null,null,12402441001,"Ввод в здание угловой RAUTHERMEX DUO серия 1  SDR 11 50+50/162",null,"шт",null,483.19,570.16419999999994,0,483.19,0,570.16,0]
[null,"RAUTHERMEX",null,null,12437881001,"Ввод в здание угловой RAUTHERMEX DUO серия 1  SDR 11 63+63/182",null,"шт",null,657.14,775.4251999999999,0,657.14,0,775.43,0]
[null,"RAUTHERMEX",null,null,13153751001,"Ввод в здание угловой RAUTHERMEX DUO серия 1  SDR 11 75+75/202",null,"шт",null,964.54,1138.1571999999999,0,964.54,0,1138.1600000000001,0]
[null,"RAUTHERMEX"]
[null,"RAUTHERMEX",null,null,null,"Разветвитель SDR 11"]
[null,"RAUTHERMEX",null,null,12403141001,"Разветвитель 25/91- 25+25/111",null,"шт",1,450.97,{"$f":"J2339*$B$2","v":532.14459999999997},{"$f":"K2339*G2339","v":0},{"$f":"J2339*(1-$E$5-$E$7)*(1-$E$9)*(1+$E$11)","v":450.97},{"$f":"M2339*G2339","v":0},{"$f":"ROUND((M2339*$B$2),2)","v":532.14},{"$f":"O2339*G2339","v":0}]
[null,"RAUTHERMEX",null,null,12403541001,"Разветвитель 32/76 - 32+32/111",null,"шт",1,470.31,554.96579999999994,0,470.31,0,554.97,0]
[null,"RAUTHERMEX",null,null,12403641001,"Разветвитель 40/91 - 40+40/126",null,"шт",1,505.09,596.00619999999992,0,505.09,0,596.01,0]
[null,"RAUTHERMEX",null,null,12403741001,"Разветвитель 50/111 - 50+50/162",null,"шт",1,565.65,667.46699999999998,0,565.65,0,667.47,0]
[null,"RAUTHERMEX",null,null,12394231001,"Разветвитель 63/162 - 63+63/182",null,"шт",1,681.62,804.3116,0,681.62,0,804.31,0]
[null,"RAUTHERMEX",null,null,13149441001,"Разветвитель 75/162 - 75+75/202",null,"шт",1,964.58,1138.2044000000001,0,964.58,0,1138.2,0]
[null,"RAUTHERMEX"]
[null,"RAUTHERMEX",null,null,null,"Шахта для систем теплоснабжения"]
[null,"RAUTHERMEX",null,null,12085581001,"Шахта для систем теплоснабжения 800 мм",null,"шт",1,584.75,{"$f":"J2347*$B$2","v":690.005},{"$f":"K2347*G2347","v":0},{"$f":"J2347*(1-$E$5-$E$7)*(1-$E$9)*(1+$E$11)","v":584.75},{"$f":"M2347*G2347","v":0},{"$f":"ROUND((M2347*$B$2),2)","v":690.01},{"$f":"O2347*G2347","v":0}]
[null,"RAUTHERMEX",null,null,12979911033,"Термоусадочный шланг для соединения шахты",null,"шт",1,50.85,{"$f":"J2348*$B$2","v":60.003},{"$f":"K2348*G2348","v":0},{"$f":"J2348*(1-$E$5-$E$7)*(1-$E$9)*(1+$E$11)","v":50.85},{"$f":"M2348*G2348","v":0},{"$f":"ROUND((M2348*$B$2),2)","v":60},{"$f":"O2348*G2348","v":0}]
[null,"RAUTHERMEX"]
[null,"RAUTHERMEX",null,null,null,"Вводы в здание, стальные"]
[null,"RAUTHERMEX",null,null,12091381001,"Ввод в здание стальной 140 / 225",null,"шт",1,3192.95,{"$f":"J2351*$B$2","v":3767.6809999999996},{"$f":"K2351*G2351","v":0},{"$f":"J2351*(1-$E$5-$E$7)*(1-$E$9)*(1+$E$11)","v":3192.95},{"$f":"M2351*G2351","v":0},{"$f":"ROUND((M2351*$B$2),2)","v":3767.68},{"$f":"O2351*G2351","v":0}]
[null,"RAUTHERMEX",null,null,12012271001,"Ввод в здание стальной 160 / 250",null,"шт",1,3391.51,{"$f":"J2352*$B$2","v":4001.9818},{"$f":"K2352*G2352","v":0},{"$f":"J2352*(1-$E$5-$E$7)*(1-$E$9)*(1+$E$11)","v":3391.51},{"$f":"M2352*G2352","v":0},{"$f":"ROUND((M2352*$B$2),2)","v":4001.98},{"$f":"O2352*G2352","v":0}]
[null,"RAUTHERMEX"]
[null,"RAUTHERMEX"]
[null,"RAUTHERMEX",null,null,null,"4.2 Техника соединения  на надвижной гильзе SDR 11"]
[null,"RAUTHERMEX",null,null,11395621001,"Монтажная гильза 20х1,9",null,"шт",100,0.88,{"$f":"J2356*$B$2","v":1.0384},{"$f":"K2356*G2356","v":0},{"$f":"J2356*(1-$E$5-$E$7)*(1-$E$9)*(1+$E$11)","v":0.88},{"$f":"M2356*G2356","v":0},{"$f":"ROUND((M2356*$B$2),2)","v":1.04},{"$f":"O2356*G2356","v":0}]
[null,"RAUTHERMEX",null,null,11395721001,"Монтажная гильза 25х2,3",null,"шт",50,1.2,{"$f":"J2357*$B$2","v":1.4159999999999999},0,{"$f":"J2357*(1-$E$5-$E$7)*(1-$E$9)*(1+$E$11)","v":1.2},0,{"$f":"ROUND((M2357*$B$2),2)","v":1.42},0]
[null,"RAUTHERMEX",null,null,11394921001,"Монтажная гильза 32х2,9",null,"шт",50,2.52,2.9735999999999998,0,2.52,0,2.97,0]
[null,"RAUTHERMEX",null,null,11386831001,"Монтажная гильза 40х3,7",null,"шт",25,4.91,5.7938000000000001,0,4.91,0,5.79,0]
[null,"RAUTHERMEX",null,null,11386931001,"Монтажная гильза 50х4,6",null,"шт",25,6.93,8.1773999999999987,0,6.93,0,8.18,0]
[null,"RAUTHERMEX",null,null,11387031001,"Монтажная гильза 63х5,8",null,"шт",25,10.39,12.260199999999999,0,10.39,0,12.26,0]
["V","RAUTHERMEX",null,12676711001,12676711002,"Монтажная гильза 75х6,8",null,"шт",1,34.47,40.674599999999998,0,34.47,0,40.67,0]
["V","RAUTHERMEX",null,12676811001,12676811002,"Монтажная гильза 90х8,2",null,"шт",1,41.41,48.863799999999991,0,41.41,0,48.86,0]
["V","RAUTHERMEX",null,12676911001,12676911002,"Монтажная гильза 110х10,0",null,"шт",1,55.24,65.183199999999999,0,55.24,0,65.180000000000007,0]
["V","RAUTHERMEX",null,12352291001,12352291002,"Монтажная гильза 125х11,4",null,"шт",1,82.88,97.798399999999987,0,82.88,0,97.8,0]
["D","RAUTHERMEX",null,12062561001,12062561002,"Монтажная гильза 140х12,7",null,"шт",1,{"$f":"120.2/1.18","v":101.86440677966102},120.2,0,101.86440677966102,0,120.2,0]
["V","RAUTHERMEX",null,12343241001,12343241002,"Монтажная гильза 160х14,6",null,"шт",1,124.35,{"$f":"J2367*$B$2","v":146.73299999999998},0,124.35,0,146.72999999999999,0]
[null,"RAUTHERMEX"]
[null,"RAUTHERMEX",null,null,11690081001,"Муфта соединительная равнопроходная  20x1,9 LX",null,"шт",10,3.72,{"$f":"J2369*$B$2","v":4.3895999999999997},{"$f":"K2369*G2369","v":0},{"$f":"J2369*(1-$E$5-$E$7)*(1-$E$9)*(1+$E$11)","v":3.72},{"$f":"M2369*G2369","v":0},{"$f":"ROUND((M2369*$B$2),2)","v":4.3899999999999997},{"$f":"O2369*G2369","v":0}]
[null,"RAUTHERMEX",null,null,11690101001,"Муфта соединительная равнопроходная  25х2,3 LX",null,"шт",10,5.9,{"$f":"J2370*$B$2","v":6.9619999999999997},0,{"$f":"J2370*(1-$E$5-$E$7)*(1-$E$9)*(1+$E$11)","v":5.9},0,{"$f":"ROUND((M2370*$B$2),2)","v":6.96},0]
[null,"RAUTHERMEX",null,null,11690131001,"Муфта соединительная равнопроходная 32х2,9 LX",null,"шт",3,11.74,13.853199999999999,0,11.74,0,13.85,0]
[null,"RAUTHERMEX",null,null,11690151001,"Муфта соединительная равнопроходная  40х3,7 LX",null,"шт",5,19.899999999999999,23.481999999999996,0,19.899999999999999,0,23.48,0]
[null,"RAUTHERMEX",null,null,11691441001,"Муфта соединительная равнопроходная  50х4,6 LX",null,"шт",1,28.96,34.172800000000002,0,28.96,0,34.17,0]
[null,"RAUTHERMEX",null,null,11691421001,"Муфта соединительная равнопроходная  63х5,7 LX",null,"шт",1,42.15,49.736999999999995,0,42.15,0,49.74,0]
[null,"RAUTHERMEX",null,null,12676111001,"Муфта соединительная равнопроходная  75х6,8",null,"шт",1,125.78,148.4204,0,125.78,0,148.41999999999999,0]
[null,"RAUTHERMEX",null,null,12676211001,"Муфта соединительная равнопроходная  90х8,2",null,"шт",1,163.51,192.94179999999997,0,163.51,0,192.94,0]
[null,"RAUTHERMEX",null,null,12676311001,"Муфта соединительная равнопроходная  110х10",null,"шт",1,183.69,216.7542,0,183.69,0,216.75,0]
[null,"RAUTHERMEX",null,null,12352191001,"Муфта соединительная равнопроходная  125х11,4",null,"шт",1,331.99,391.7482,0,331.99,0,391.75,0]
[null,"RAUTHERMEX",null,null,12062571001,"Муфта соединительная равнопроходная  140х12,7",null,"шт",1,385.15,454.47699999999998,0,385.15,0,454.48,0]
[null,"RAUTHERMEX",null,null,12343341001,"Муфта соединительная равнопроходная  160х14,6",null,"шт",1,421.59,{"$f":"J2380*$B$2","v":497.47619999999995},0,421.59,0,497.48,0]
[null,"RAUTHERMEX"]
[null,"RAUTHERMEX",null,null,11690121001,"Муфта соединительная переходная 25х2,3 - 20х1,9 LX",null,"шт",10,6.48,{"$f":"J2382*$B$2","v":7.6463999999999999},{"$f":"K2382*G2382","v":0},{"$f":"J2382*(1-$E$5-$E$7)*(1-$E$9)*(1+$E$11)","v":6.48},{"$f":"M2382*G2382","v":0},{"$f":"ROUND((M2382*$B$2),2)","v":7.65},{"$f":"O2382*G2382","v":0}]
[null,"RAUTHERMEX",null,null,11690141001,"Муфта соединительная переходная 32х2,9 - 25х2,3 LX",null,"шт",3,10.38,{"$f":"J2383*$B$2","v":12.2484},0,{"$f":"J2383*(1-$E$5-$E$7)*(1-$E$9)*(1+$E$11)","v":10.38},0,{"$f":"ROUND((M2383*$B$2),2)","v":12.25},0]
[null,"RAUTHERMEX",null,null,11690161001,"Муфта соединительная переходная 40х3,7 - 20х1,9 LX",null,"шт",5,27.51,32.461799999999997,0,27.51,0,32.46,0]
[null,"RAUTHERMEX",null,null,11690171001,"Муфта соединительная переходная 40х3,7 - 32х2,9 LX",null,"шт",5,19.260000000000002,22.726800000000001,0,19.260000000000002,0,22.73,0]
[null,"RAUTHERMEX",null,null,11691701001,"Муфта соединительная переходная 50х4,6 - 32х2,9 LX",null,"шт",1,28.51,33.641800000000003,0,28.51,0,33.64,0]
[null,"RAUTHERMEX",null,null,11691471001,"Муфта соединительная переходная 50х4,6 - 40х3,7 LX",null,"шт",1,28.96,34.172800000000002,0,28.96,0,34.17,0]
[null,"RAUTHERMEX",null,null,11691481001,"Муфта соединительная переходная 63х5,7 - 50х4,6 LX",null,"шт",1,38.24,45.123199999999997,0,38.24,0,45.12,0]
[null,"RAUTHERMEX",null,null,12676411001,"Муфта соединительная переходная 75х6,8 - 63х5,7",null,"шт",1,129.91999999999999,153.30559999999997,0,129.91999999999999,0,153.31,0]
[null,"RAUTHERMEX",null,null,12676511001,"Муфта соединительная переходная 90х8,2 - 75х6,8",null,"шт",1,160.63999999999999,189.55519999999999,0,160.63999999999999,0,189.56,0]
[null,"RAUTHERMEX",null,null,12676611001,"Муфта соединительная переходная 110х10 - 90х8,2",null,"шт",1,194.51,229.52179999999998,0,194.51,0,229.52,0]
[null,"RAUTHERMEX"]
[null,"RAUTHERMEX",null,null,11690451001,"Тройник равнопроходный 20х1,9  LX",null,"шт",10,7.44,{"$f":"J2393*$B$2","v":8.7791999999999994},{"$f":"K2393*G2393","v":0},{"$f":"J2393*(1-$E$5-$E$7)*(1-$E$9)*(1+$E$11)","v":7.44},{"$f":"M2393*G2393","v":0},{"$f":"ROUND((M2393*$B$2),2)","v":8.7799999999999994},{"$f":"O2393*G2393","v":0}]
[null,"RAUTHERMEX",null,null,11690561001,"Тройник равнопроходный 25х2,3 LX",null,"шт",10,8.4,{"$f":"J2394*$B$2","v":9.911999999999999},0,{"$f":"J2394*(1-$E$5-$E$7)*(1-$E$9)*(1+$E$11)","v":8.4},0,{"$f":"ROUND((M2394*$B$2),2)","v":9.91},0]
[null,"RAUTHERMEX",null,null,11690631001,"Тройник равнопроходный 32х2,9 LX",null,"шт",3,17.809999999999999,21.015799999999999,0,17.809999999999999,0,21.02,0]
[null,"RAUTHERMEX",null,null,11690721001,"Тройник равнопроходный 40х3,7 LX",null,"шт",1,34.97,41.264599999999994,0,34.97,0,41.26,0]
[null,"RAUTHERMEX",null,null,11691561001,"Тройник равнопроходный 50х4,6 LX",null,"шт",1,46.83,55.259399999999992,0,46.83,0,55.26,0]
[null,"RAUTHERMEX",null,null,11691671001,"Тройник равнопроходный 63х5,7 LX",null,"шт",1,52.56,62.020800000000001,0,52.56,0,62.02,0]
[null,"RAUTHERMEX",null,null,12219461001,"Тройник равнопроходный 75x6,8",null,"шт",1,227.95,268.98099999999999,0,227.95,0,268.98,0]
[null,"RAUTHERMEX",null,null,12219481001,"Тройник равнопроходный 90x8,2",null,"шт",1,267.73,315.92140000000001,0,267.73,0,315.92,0]
[null,"RAUTHERMEX",null,null,12219531001,"Тройник равнопроходный 110x10",null,"шт",1,364.98,430.6764,0,364.98,0,430.68,0]
[null,"RAUTHERMEX"]
[null,"RAUTHERMEX",null,null,11690491001,"Тройник 25-20-20 LX",null,"шт",10,8.3000000000000007,{"$f":"J2403*$B$2","v":9.7940000000000005},{"$f":"K2403*G2403","v":0},{"$f":"J2403*(1-$E$5-$E$7)*(1-$E$9)*(1+$E$11)","v":8.3000000000000007},{"$f":"M2403*G2403","v":0},{"$f":"ROUND((M2403*$B$2),2)","v":9.7899999999999991},{"$f":"O2403*G2403","v":0}]
[null,"RAUTHERMEX",null,null,11690601001,"Тройник 32-25-25 LX",null,"шт",3,17.809999999999999,{"$f":"J2404*$B$2","v":21.015799999999999},0,{"$f":"J2404*(1-$E$5-$E$7)*(1-$E$9)*(1+$E$11)","v":17.809999999999999},0,{"$f":"ROUND((M2404*$B$2),2)","v":21.02},0]
[null,"RAUTHERMEX",null,null,11690701001,"Тройник 40-32-32 LX",null,"шт",1,45,53.099999999999994,0,45,0,53.1,0]
[null,"RAUTHERMEX",null,null,11691531001,"Тройник 50-32-40 LX",null,"шт",1,47,55.459999999999994,0,47,0,55.46,0]
[null,"RAUTHERMEX",null,null,11691511001,"Тройник 50-25-40 LX",null,"шт",1,46.12,54.421599999999991,0,46.12,0,54.42,0]
[null,"RAUTHERMEX",null,null,11691601001,"Тройник 63-32-50 LX",null,"шт",1,68.84,81.231200000000001,0,68.84,0,81.23,0]
[null,"RAUTHERMEX",null,null,11691621001,"Тройник 63-40-40 LX",null,"шт",1,71.569999999999993,84.45259999999999,0,71.569999999999993,0,84.45,0]
[null,"RAUTHERMEX",null,null,11691631001,"Тройник 63-40-50 LX",null,"шт",1,78.680000000000007,92.842399999999998,0,78.680000000000007,0,92.84,0]
[null,"RAUTHERMEX",null,null,11691651001,"Тройник 63-50-50 LX",null,"шт",1,85.79,101.23220000000001,0,85.79,0,101.23,0]
[null,"RAUTHERMEX",null,null,12219351001,"Тройник 75-32-63",null,"шт",1,203.26,239.84679999999997,0,203.26,0,239.85,0]
[null,"RAUTHERMEX",null,null,12219381001,"Тройник 75-50-63",null,"шт",1,203.26,239.84679999999997,0,203.26,0,239.85,0]
[null,"RAUTHERMEX",null,null,12219431001,"Тройник 75-63-63",null,"шт",1,203.26,239.84679999999997,0,203.26,0,239.85,0]
[null,"RAUTHERMEX"]
[null,"RAUTHERMEX",null,null,11690531001,"Тройник с уменьшенным боковым проходом 25-20-25  LX",null,"шт",10,8.3000000000000007,{"$f":"J2416*$B$2","v":9.7940000000000005},{"$f":"K2416*G2416","v":0},{"$f":"J2416*(1-$E$5-$E$7)*(1-$E$9)*(1+$E$11)","v":8.3000000000000007},{"$f":"M2416*G2416","v":0},{"$f":"ROUND((M2416*$B$2),2)","v":9.7899999999999991},{"$f":"O2416*G2416","v":0}]
[null,"RAUTHERMEX",null,null,11690591001,"Тройник с уменьшенным боковым проходом 32-20-32 LX",null,"шт",5,17.809999999999999,21.015799999999999,0,17.809999999999999,0,21.02,0]
[null,"RAUTHERMEX",null,null,11690611001,"Тройник с уменьшенным боковым проходом 32-25-32 LX",null,"шт",3,17.809999999999999,{"$f":"J2418*$B$2","v":21.015799999999999},0,{"$f":"J2418*(1-$E$5-$E$7)*(1-$E$9)*(1+$E$11)","v":17.809999999999999},0,{"$f":"ROUND((M2418*$B$2),2)","v":21.02},0]
[null,"RAUTHERMEX",null,null,11690681001,"Тройник с уменьшенным боковым проходом 40-20-40 LX",null,"шт",1,33.33,39.329399999999993,0,33.33,0,39.33,0]
[null,"RAUTHERMEX",null,null,11690691001,"Тройник с уменьшенным боковым проходом 40-25-40 LX",null,"шт",1,33.33,39.329399999999993,0,33.33,0,39.33,0]
[null,"RAUTHERMEX",null,null,11690711001,"Тройник с уменьшенным боковым проходом 40-32-40 LX",null,"шт",1,33.33,39.329399999999993,0,33.33,0,39.33,0]
[null,"RAUTHERMEX",null,null,11690771001,"Тройник с уменьшенным боковым проходом 50-20-50 LX",null,"шт",1,41.11,48.509799999999998,0,41.11,0,48.51,0]
[null,"RAUTHERMEX",null,null,11691521001,"Тройник с уменьшенным боковым проходом 50-25-50 LX",null,"шт",1,41.11,48.509799999999998,0,41.11,0,48.51,0]
[null,"RAUTHERMEX",null,null,11691541001,"Тройник с уменьшенным боковым проходом 50-32-50 LX",null,"шт",1,41.11,48.509799999999998,0,41.11,0,48.51,0]
[null,"RAUTHERMEX",null,null,11691551001,"Тройник с уменьшенным боковым проходом 50-40-50 LX",null,"шт",1,46.83,55.259399999999992,0,46.83,0,55.26,0]
[null,"RAUTHERMEX",null,null,12444321001,"Тройник с уменьшенным боковым проходом 63-20-63 LX",null,"шт",1,53.94,63.649199999999993,0,53.94,0,63.65,0]
[null,"RAUTHERMEX",null,null,11691591001,"Тройник с уменьшенным боковым проходом 63-25-63 LX",null,"шт",1,55.15,65.076999999999998,0,55.15,0,65.08,0]
[null,"RAUTHERMEX",null,null,11691611001,"Тройник с уменьшенным боковым проходом 63-32-63 LX",null,"шт",1,61.4,72.451999999999998,0,61.4,0,72.45,0]
[null,"RAUTHERMEX",null,null,11691641001,"Тройник с уменьшенным боковым проходом 63-40-63 LX",null,"шт",1,61.4,72.451999999999998,0,61.4,0,72.45,0]
[null,"RAUTHERMEX",null,null,11691661001,"Тройник с уменьшенным боковым проходом 63-50-63 LX",null,"шт",1,61.4,72.451999999999998,0,61.4,0,72.45,0]
[null,"RAUTHERMEX",null,null,12219341001,"Тройник с уменьшенным боковым проходом 75-25-75",null,"шт",1,172.82,203.92759999999998,0,172.82,0,203.93,0]
[null,"RAUTHERMEX",null,null,12677911001,"Тройник с уменьшенным боковым проходом 75-32-75",null,"шт",1,172.82,203.92759999999998,0,172.82,0,203.93,0]
[null,"RAUTHERMEX",null,null,12219361001,"Тройник с уменьшенным боковым проходом 75-40-75",null,"шт",1,172.82,203.92759999999998,0,172.82,0,203.93,0]
[null,"RAUTHERMEX",null,null,12313261001,"Тройник с уменьшенным боковым проходом 75-50-75",null,"шт",1,172.82,203.92759999999998,0,172.82,0,203.93,0]
[null,"RAUTHERMEX",null,null,12219441001,"Тройник с уменьшенным боковым проходом 75-63-75",null,"шт",1,207.35,244.67299999999997,0,207.35,0,244.67,0]
[null,"RAUTHERMEX",null,null,12313361001,"Тройник с уменьшенным боковым проходом 90-32-90",null,"шт",1,186.61,220.19980000000001,0,186.61,0,220.2,0]
[null,"RAUTHERMEX",null,null,12219451001,"Тройник с уменьшенным боковым проходом 90-40-90",null,"шт",1,186.61,220.19980000000001,0,186.61,0,220.2,0]
[null,"RAUTHERMEX",null,null,12313461001,"Тройник с уменьшенным боковым проходом 90-63-90",null,"шт",1,204.89,241.77019999999996,0,204.89,0,241.77,0]
[null,"RAUTHERMEX",null,null,12313561001,"Тройник с уменьшенным боковым проходом 110-32-110",null,"шт",1,228.12,269.1816,0,228.12,0,269.18,0]
[null,"RAUTHERMEX",null,null,12219501001,"Тройник с уменьшенным боковым проходом 110-50-110",null,"шт",1,266.08999999999997,313.98619999999994,0,266.08999999999997,0,313.99,0]
[null,"RAUTHERMEX",null,null,12313661001,"Тройник с уменьшенным боковым проходом 110-63-110",null,"шт",1,276.45999999999998,326.22279999999995,0,276.45999999999998,0,326.22000000000003,0]
[null,"RAUTHERMEX"]
[null,"RAUTHERMEX",null,null,11690471001,"Тройник SDR 11, 20-25-20 LX",null,"шт",10,8.3000000000000007,{"$f":"J2443*$B$2","v":9.7940000000000005},{"$f":"K2443*G2443","v":0},{"$f":"J2443*(1-$E$5-$E$7)*(1-$E$9)*(1+$E$11)","v":8.3000000000000007},{"$f":"M2443*G2443","v":0},{"$f":"ROUND((M2443*$B$2),2)","v":9.7899999999999991},{"$f":"O2443*G2443","v":0}]
[null,"RAUTHERMEX",null,null,12677811001,"Тройник SDR 11, 63-75-63",null,"шт",1,274.29000000000002,{"$f":"J2444*$B$2","v":323.66219999999998},{"$f":"K2444*G2444","v":0},{"$f":"J2444*(1-$E$5-$E$7)*(1-$E$9)*(1+$E$11)","v":274.29000000000002},{"$f":"M2444*G2444","v":0},{"$f":"ROUND((M2444*$B$2),2)","v":323.66000000000003},{"$f":"O2444*G2444","v":0}]
[null,"RAUTHERMEX"]
[null,"RAUTHERMEX",null,null,11690551001,"Тройник SDR 11, 25-25-20 LX",null,"шт",10,8.3000000000000007,{"$f":"J2446*$B$2","v":9.7940000000000005},{"$f":"K2446*G2446","v":0},{"$f":"J2446*(1-$E$5-$E$7)*(1-$E$9)*(1+$E$11)","v":8.3000000000000007},{"$f":"M2446*G2446","v":0},{"$f":"ROUND((M2446*$B$2),2)","v":9.7899999999999991},{"$f":"O2446*G2446","v":0}]
[null,"RAUTHERMEX",null,null,11690621001,"Тройник SDR 11, 32-32-25 LX",null,"шт",3,17.809999999999999,{"$f":"J2447*$B$2","v":21.015799999999999},{"$f":"K2447*G2447","v":0},{"$f":"J2447*(1-$E$5-$E$7)*(1-$E$9)*(1+$E$11)","v":17.809999999999999},{"$f":"M2447*G2447","v":0},{"$f":"ROUND((M2447*$B$2),2)","v":21.02},{"$f":"O2447*G2447","v":0}]
[null,"RAUTHERMEX"]
[null,"RAUTHERMEX",null,null,12226841001,"Тройник в комплекте с монтажными гильзами 40-25-32",null,"шт",null,121.76,{"$f":"J2449*$B$2","v":143.67679999999999},{"$f":"K2449*G2449","v":0},{"$f":"J2449*(1-$E$5-$E$7)*(1-$E$9)*(1+$E$11)","v":121.76},{"$f":"M2449*G2449","v":0},{"$f":"ROUND((M2449*$B$2),2)","v":143.68},{"$f":"O2449*G2449","v":0}]
[null,"RAUTHERMEX",null,null,12227041001,"Тройник в комплекте с монтажными гильзами 50-40-40",null,"шт",null,168.79,199.17219999999998,0,168.79,0,199.17,0]
[null,"RAUTHERMEX",null,null,12227141001,"Тройник в комплекте с монтажными гильзами 63-25-50",null,"шт",null,208.74,246.31319999999999,0,208.74,0,246.31,0]
[null,"RAUTHERMEX",null,null,12411941001,"Тройник в комплекте с монтажными гильзами 75-25-63",null,"шт",null,247.39,291.92019999999997,0,247.39,0,291.92,0]
[null,"RAUTHERMEX",null,null,12412141001,"Тройник в комплекте с монтажными гильзами 75-40-63",null,"шт",null,261.56,308.64080000000001,0,261.56,0,308.64,0]
[null,"RAUTHERMEX",null,null,12413041001,"Тройник в комплекте с монтажными гильзами 90-25-75",null,"шт",null,311.82,367.94759999999997,0,311.82,0,367.95,0]
[null,"RAUTHERMEX",null,null,12413141001,"Тройник в комплекте с монтажными гильзами 90-32-75",null,"шт",null,320.83999999999997,378.59119999999996,0,320.83999999999997,0,378.59,0]
[null,"RAUTHERMEX",null,null,12413241001,"Тройник в комплекте с монтажными гильзами 90-40-75",null,"шт",null,325.99,384.66820000000001,0,325.99,0,384.67,0]
[null,"RAUTHERMEX",null,null,12413341001,"Тройник в комплекте с монтажными гильзами 90-50-75",null,"шт",null,346.61,408.99979999999999,0,346.61,0,409,0]
[null,"RAUTHERMEX",null,null,12413441001,"Тройник в комплекте с монтажными гильзами 90-63-75",null,"шт",null,363.36,428.76479999999998,0,363.36,0,428.76,0]
[null,"RAUTHERMEX",null,null,12413541001,"Тройник в комплекте с монтажными гильзами 90-75-75",null,"шт",null,385.27,454.61859999999996,0,385.27,0,454.62,0]
[null,"RAUTHERMEX",null,null,12414341001,"Тройник в комплекте с монтажными гильзами 110-25-90",null,"шт",null,400.73,472.8614,0,400.73,0,472.86,0]
[null,"RAUTHERMEX",null,null,12414441001,"Тройник в комплекте с монтажными гильзами 110-32-90",null,"шт",null,409.74,483.4932,0,409.74,0,483.49,0]
[null,"RAUTHERMEX",null,null,12414541001,"Тройник в комплекте с монтажными гильзами 110-40-90",null,"шт",null,416.19,491.10419999999999,0,416.19,0,491.1,0]
[null,"RAUTHERMEX",null,null,12414641001,"Тройник в комплекте с монтажными гильзами 110-50-90",null,"шт",null,435.51,513.90179999999998,0,435.51,0,513.9,0]
[null,"RAUTHERMEX",null,null,12414741001,"Тройник в комплекте с монтажными гильзами 110-63-90",null,"шт",null,453.56,535.20079999999996,0,453.56,0,535.20000000000005,0]
[null,"RAUTHERMEX",null,null,12414841001,"Тройник в комплекте с монтажными гильзами 110-75-90",null,"шт",null,471.59,556.47619999999995,0,471.59,0,556.48,0]
[null,"RAUTHERMEX",null,null,12414941001,"Тройник в комплекте с монтажными гильзами 110-90-90",null,"шт",null,487.05,574.71899999999994,0,487.05,0,574.72,0]
[null,"RAUTHERMEX",null,null,13103181001,"Тройник в комплекте с монтажными гильзами 125-25-110",null,"шт",null,"-","по запросу",0,0,0,0,0]
[null,"RAUTHERMEX",null,null,13103171001,"Тройник в комплекте с монтажными гильзами 125-32-110",null,"шт",null,"-","по запросу",0,0,0,0,0]
[null,"RAUTHERMEX",null,null,13103161001,"Тройник в комплекте с монтажными гильзами 125-40-110",null,"шт",null,"-","по запросу",0,0,0,0,0]
[null,"RAUTHERMEX",null,null,13103081001,"Тройник в комплекте с монтажными гильзами 125-50-110",null,"шт",null,"-","по запросу",0,0,0,0,0]
[null,"RAUTHERMEX",null,null,13103071001,"Тройник в комплекте с монтажными гильзами 125-63-110",null,"шт",null,"-","по запросу",0,0,0,0,0]
[null,"RAUTHERMEX",null,null,13103061001,"Тройник в комплекте с монтажными гильзами 125-75-110",null,"шт",null,"-","по запросу",0,0,0,0,0]
[null,"RAUTHERMEX",null,null,13018891001,"Тройник в комплекте с монтажными гильзами 125-90-110",null,"шт",null,"-","по запросу",0,0,0,0,0]
[null,"RAUTHERMEX",null,null,13018881001,"Тройник в комплекте с монтажными гильзами 125-110-110",null,"шт",null,"-","по запросу",0,0,0,0,0]
[null,"RAUTHERMEX",null,null,13018971001,"Тройник в комплекте с монтажными гильзами 125-125-110",null,"шт",null,"-","по запросу",0,0,0,0,0]
[null,"RAUTHERMEX"]
[null,"RAUTHERMEX",null,null,12413641001,"Тройник в комплекте с монтажными гильзами 90-25-90",null,"шт",null,344.03,{"$f":"J2477*$B$2","v":405.95539999999994},{"$f":"K2477*G2477","v":0},{"$f":"J2477*(1-$E$5-$E$7)*(1-$E$9)*(1+$E$11)","v":344.03},{"$f":"M2477*G2477","v":0},{"$f":"ROUND((M2477*$B$2),2)","v":405.96},{"$f":"O2477*G2477","v":0}]
[null,"RAUTHERMEX",null,null,12413941001,"Тройник в комплекте с монтажными гильзами 90-50-90",null,"шт",null,383.98,453.09640000000002,0,383.98,0,453.1,0]
[null,"RAUTHERMEX",null,null,12414141001,"Тройник в комплекте с монтажными гильзами 90-75-90",null,"шт",null,416.19,491.10419999999999,0,416.19,0,491.1,0]
[null,"RAUTHERMEX",null,null,12415041001,"Тройник в комплекте с монтажными гильзами 110-25-110",null,"шт",null,444.52,524.53359999999998,0,444.52,0,524.53,0]
[null,"RAUTHERMEX",null,null,12415241001,"Тройник в комплекте с монтажными гильзами 110-40-110",null,"шт",null,458.7,541.26599999999996,0,458.7,0,541.27,0]
[null,"RAUTHERMEX",null,null,12415541001,"Тройник в комплекте с монтажными гильзами 110-75-110",null,"шт",null,515.41,608.18379999999991,0,515.41,0,608.17999999999995,0]
[null,"RAUTHERMEX",null,null,12415641001,"Тройник в комплекте с монтажными гильзами 110-90-110",null,"шт",null,552.77,652.26859999999999,0,552.77,0,652.27,0]
[null,"RAUTHERMEX",null,null,13019061001,"Тройник в комплекте с монтажными гильзами 125-25-125",null,"шт",null,"-","по запросу",0,0,0,0,0]
[null,"RAUTHERMEX",null,null,13019051001,"Тройник в комплекте с монтажными гильзами 125-32-125",null,"шт",null,"-","по запросу",0,0,0,0,0]
[null,"RAUTHERMEX",null,null,13040041001,"Тройник в комплекте с монтажными гильзами 125-40-125",null,"шт",null,"-","по запросу",0,0,0,0,0]
[null,"RAUTHERMEX",null,null,13018961001,"Тройник в комплекте с монтажными гильзами 125-50-125",null,"шт",null,"-","по запросу",0,0,0,0,0]
[null,"RAUTHERMEX",null,null,13018951001,"Тройник в комплекте с монтажными гильзами 125-63-125",null,"шт",null,"-","по запросу",0,0,0,0,0]
[null,"RAUTHERMEX",null,null,13528961001,"Тройник в комплекте с монтажными гильзами 125-75-125",null,"шт",null,"-","по запросу",0,0,0,0,0]
[null,"RAUTHERMEX",null,null,13528971001,"Тройник в комплекте с монтажными гильзами 125-90-125",null,"шт",null,"-","по запросу",0,0,0,0,0]
[null,"RAUTHERMEX",null,null,13528991001,"Тройник в комплекте с монтажными гильзами 125-110-125",null,"шт",null,"-","по запросу",0,0,0,0,0]
[null,"RAUTHERMEX",null,null,13528981001,"Тройник в комплекте с монтажными гильзами 125-125-125",null,"шт",null,"-","по запросу",0,0,0,0,0]
[null,"RAUTHERMEX"]
[null,"RAUTHERMEX",null,null,12014111001,"Тройник стальной предизолированный 125-125-125",null,"шт",null,2115.38,{"$f":"J2494*$B$2","v":2496.1484},{"$f":"K2494*G2494","v":0},{"$f":"J2494*(1-$E$5-$E$7)*(1-$E$9)*(1+$E$11)","v":2115.38},{"$f":"M2494*G2494","v":0},{"$f":"ROUND((M2494*$B$2),2)","v":2496.15},{"$f":"O2494*G2494","v":0}]
[null,"RAUTHERMEX",null,null,12014131001,"Тройник стальной предизолированный 160-160-160",null,"шт",null,3762.62,{"$f":"J2495*$B$2","v":4439.8915999999999},{"$f":"K2495*G2495","v":0},{"$f":"J2495*(1-$E$5-$E$7)*(1-$E$9)*(1+$E$11)","v":3762.62},{"$f":"M2495*G2495","v":0},{"$f":"ROUND((M2495*$B$2),2)","v":4439.8900000000003},{"$f":"O2495*G2495","v":0}]
[null,"RAUTHERMEX"]
[null,"RAUTHERMEX",null,null,11690481001,"Тройник с внутренней резьбой 20-Rp 1/2-20 LX",null,"шт",10,10.27,{"$f":"J2497*$B$2","v":12.118599999999999},{"$f":"K2497*G2497","v":0},{"$f":"J2497*(1-$E$5-$E$7)*(1-$E$9)*(1+$E$11)","v":10.27},{"$f":"M2497*G2497","v":0},{"$f":"ROUND((M2497*$B$2),2)","v":12.12},{"$f":"O2497*G2497","v":0}]
[null,"RAUTHERMEX",null,null,11690571001,"Тройник с внутренней резьбой 25-Rp 1/2-25 LX",null,"шт",10,10.55,{"$f":"J2498*$B$2","v":12.449},0,{"$f":"J2498*(1-$E$5-$E$7)*(1-$E$9)*(1+$E$11)","v":10.55},0,{"$f":"ROUND((M2498*$B$2),2)","v":12.45},0]
[null,"RAUTHERMEX",null,null,11690581001,"Тройник с внутренней резьбой 25-Rp 3/4-25 LX",null,"шт",10,10.55,12.449,0,10.55,0,12.45,0]
[null,"RAUTHERMEX",null,null,11690641001,"Тройник с внутренней резьбой 32-Rp 1/2-32 LX",null,"шт",3,20.71,24.437799999999999,0,20.71,0,24.44,0]
[null,"RAUTHERMEX",null,null,11690671001,"Тройник с внутренней резьбой 32-Rp 3/4-32 LX",null,"шт",1,20.71,24.437799999999999,0,20.71,0,24.44,0]
[null,"RAUTHERMEX",null,null,11690651001,"Тройник с внутренней резьбой 32-Rp 1-32 LX",null,"шт",1,20.71,24.437799999999999,0,20.71,0,24.44,0]
[null,"RAUTHERMEX",null,null,11690731001,"Тройник с внутренней резьбой 40-Rp 1/2-40 LX",null,"шт",1,35.950000000000003,42.420999999999999,0,35.950000000000003,0,42.42,0]
[null,"RAUTHERMEX",null,null,11690761001,"Тройник с внутренней резьбой 40-Rp 3/4-40 LX",null,"шт",1,37.86,44.674799999999998,0,37.86,0,44.67,0]
[null,"RAUTHERMEX",null,null,11690751001,"Тройник с внутренней резьбой 40-Rp 1-40 LX",null,"шт",1,35.950000000000003,42.420999999999999,0,35.950000000000003,0,42.42,0]
[null,"RAUTHERMEX",null,null,11690791001,"Тройник с внутренней резьбой 50-Rp 1/2-50 LX",null,"шт",1,40.82,48.1676,0,40.82,0,48.17,0]
[null,"RAUTHERMEX",null,null,11690801001,"Тройник с внутренней резьбой 50-Rp 3/4-50 LX",null,"шт",1,40.82,48.1676,0,40.82,0,48.17,0]
[null,"RAUTHERMEX",null,null,11691581001,"Тройник с внутренней резьбой 50-Rp 1-50 LX",null,"шт",1,40.82,48.1676,0,40.82,0,48.17,0]
[null,"RAUTHERMEX",null,null,11690781001,"Тройник с внутренней резьбой 50-Rp 1 1/4-50 LX",null,"шт",1,40.82,48.1676,0,40.82,0,48.17,0]
[null,"RAUTHERMEX",null,null,11690821001,"Тройник с внутренней резьбой 63-Rp 1/2-63 LX",null,"шт",1,57.24,67.543199999999999,0,57.24,0,67.540000000000006,0]
[null,"RAUTHERMEX",null,null,11690831001,"Тройник с внутренней резьбой 63-Rp 3/4-63 LX",null,"шт",1,57.24,67.543199999999999,0,57.24,0,67.540000000000006,0]
[null,"RAUTHERMEX"]
[null,"RAUTHERMEX",null,null,11690741001,"Тройник разнопроходной с внутренней резьбой 40-Rp 1-32 LX",null,"шт",1,35.950000000000003,{"$f":"J2513*$B$2","v":42.420999999999999},{"$f":"K2513*G2513","v":0},{"$f":"J2513*(1-$E$5-$E$7)*(1-$E$9)*(1+$E$11)","v":35.950000000000003},{"$f":"M2513*G2513","v":0},{"$f":"ROUND((M2513*$B$2),2)","v":42.42},{"$f":"O2513*G2513","v":0}]
[null,"RAUTHERMEX",null,null,11691571001,"Тройник разнопроходной с внутренней резьбой 50-Rp 1/4-40 LX",null,"шт",1,40.86,{"$f":"J2514*$B$2","v":48.214799999999997},{"$f":"K2514*G2514","v":0},{"$f":"J2514*(1-$E$5-$E$7)*(1-$E$9)*(1+$E$11)","v":40.86},{"$f":"M2514*G2514","v":0},{"$f":"ROUND((M2514*$B$2),2)","v":48.21},{"$f":"O2514*G2514","v":0}]
[null,"RAUTHERMEX"]
[null,"RAUTHERMEX",null,null,11691251001,"Угольник 45° 25х2,3 LX",null,"шт",10,11.86,{"$f":"J2516*$B$2","v":13.994799999999998},{"$f":"K2516*G2516","v":0},{"$f":"J2516*(1-$E$5-$E$7)*(1-$E$9)*(1+$E$11)","v":11.86},{"$f":"M2516*G2516","v":0},{"$f":"ROUND((M2516*$B$2),2)","v":13.99},{"$f":"O2516*G2516","v":0}]
[null,"RAUTHERMEX",null,null,11691271001,"Угольник 45° 32х2,9 LX",null,"шт",3,17.29,20.402199999999997,0,17.29,0,20.399999999999999,0]
[null,"RAUTHERMEX",null,null,11691291001,"Угольник 45° 40х3,7 LX",null,"шт",1,32.56,38.4208,0,32.56,0,38.42,0]
[null,"RAUTHERMEX",null,null,11691311001,"Угольник 45° 50х4,6 LX",null,"шт",1,51.52,60.793599999999998,0,51.52,0,60.79,0]
[null,"RAUTHERMEX",null,null,11691501001,"Угольник 45° 63х5,8 LX",null,"шт",1,61.41,72.463799999999992,0,61.41,0,72.459999999999994,0]
[null,"RAUTHERMEX",null,null,12378361001,"Угольник 45° 75х6,8",null,"шт",1,150.68,177.80240000000001,0,150.68,0,177.8,0]
[null,"RAUTHERMEX"]
[null,"RAUTHERMEX",null,null,11691241001,"Угольник 90° 20х1,9 LX",null,"шт",10,7.33,{"$f":"J2523*$B$2","v":8.6494},{"$f":"K2523*G2523","v":0},{"$f":"J2523*(1-$E$5-$E$7)*(1-$E$9)*(1+$E$11)","v":7.33},{"$f":"M2523*G2523","v":0},{"$f":"ROUND((M2523*$B$2),2)","v":8.65},{"$f":"O2523*G2523","v":0}]
[null,"RAUTHERMEX",null,null,11691261001,"Угольник 90° 25х2,3 LX",null,"шт",10,9.07,{"$f":"J2524*$B$2","v":10.7026},0,{"$f":"J2524*(1-$E$5-$E$7)*(1-$E$9)*(1+$E$11)","v":9.07},0,{"$f":"ROUND((M2524*$B$2),2)","v":10.7},0]
[null,"RAUTHERMEX",null,null,11691281001,"Угольник 90° 32х2,9 LX",null,"шт",3,14.53,17.145399999999999,0,14.53,0,17.149999999999999,0]
[null,"RAUTHERMEX",null,null,11691301001,"Угольник 90° 40х3,7 LX",null,"шт",1,27,31.86,0,27,0,31.86,0]
[null,"RAUTHERMEX",null,null,11691451001,"Угольник 90° 50х4,6 LX",null,"шт",1,45.91,54.173799999999993,0,45.91,0,54.17,0]
[null,"RAUTHERMEX",null,null,11691461001,"Угольник 90° 63х5,8 LX",null,"шт",1,56.82,67.047600000000003,0,56.82,0,67.05,0]
[null,"RAUTHERMEX",null,null,12677511001,"Угольник 90° 75х6,8",null,"шт",1,177.96,209.99279999999999,0,177.96,0,209.99,0]
[null,"RAUTHERMEX",null,null,12677611001,"Угольник 90° 90х8,2",null,"шт",1,213.6,252.04799999999997,0,213.6,0,252.05,0]
[null,"RAUTHERMEX",null,null,12677711001,"Угольник 90° 110х10",null,"шт",1,276.06,325.75079999999997,0,276.06,0,325.75,0]
[null,"RAUTHERMEX"]
[null,"RAUTHERMEX",null,null,11690971001,"Переходник с наружной резьбой 20х1,9 -R 1/2/L15  LX",null,"шт",10,6.51,{"$f":"J2533*$B$2","v":7.6817999999999991},{"$f":"K2533*G2533","v":0},{"$f":"J2533*(1-$E$5-$E$7)*(1-$E$9)*(1+$E$11)","v":6.51},{"$f":"M2533*G2533","v":0},{"$f":"ROUND((M2533*$B$2),2)","v":7.68},{"$f":"O2533*G2533","v":0}]
[null,"RAUTHERMEX",null,null,11690981001,"Переходник с наружной резьбой 20х1,9 -R 3/4/L18 LX",null,"шт",10,6.51,7.6817999999999991,0,6.51,0,7.68,0]
[null,"RAUTHERMEX",null,null,11691051001,"Переходник с наружной резьбой 25х2,3 -R 3/4  LX",null,"шт",10,9.83,{"$f":"J2535*$B$2","v":11.599399999999999},0,{"$f":"J2535*(1-$E$5-$E$7)*(1-$E$9)*(1+$E$11)","v":9.83},0,{"$f":"ROUND((M2535*$B$2),2)","v":11.6},0]
[null,"RAUTHERMEX",null,null,11691041001,"Переходник с наружной резьбой 25х2,3- R 1/L22   LX",null,"шт",10,9.83,11.599399999999999,0,9.83,0,11.6,0]
[null,"RAUTHERMEX",null,null,11691091001,"Переходник с наружной резьбой 32х2,9- R 1/L22 LX",null,"шт",3,11.74,13.853199999999999,0,11.74,0,13.85,0]
[null,"RAUTHERMEX",null,null,11691111001,"Переходник с наружной резьбой 40х3,7- R 1 1/4 LX",null,"шт",1,23.66,27.918799999999997,0,23.66,0,27.92,0]
[null,"RAUTHERMEX",null,null,11691491001,"Переходник с наружной резьбой 50х4,6- R 1 1/4 LX",null,"шт",1,25.23,29.7714,0,25.23,0,29.77,0]
[null,"RAUTHERMEX",null,null,11691431001,"Переходник с наружной резьбой 50х4,6- R 1 1/2 LX",null,"шт",1,25.23,29.7714,0,25.23,0,29.77,0]
[null,"RAUTHERMEX",null,null,11691411001,"Переходник с наружной резьбой 63х5,7- R 2 LX",null,"шт",1,43.77,51.648600000000002,0,43.77,0,51.65,0]
[null,"RAUTHERMEX",null,null,12675811001,"Переходник с наружной резьбой 75х6,8- R 2 1/2",null,"шт",1,126.16,148.86879999999999,0,126.16,0,148.87,0]
[null,"RAUTHERMEX",null,null,12675911001,"Переходник с наружной резьбой 90х8,2- R 3 ",null,"шт",1,164.21,193.76779999999999,0,164.21,0,193.77,0]
[null,"RAUTHERMEX",null,null,12676011001,"Переходник с наружной резьбой 110х10- R 4 ",null,"шт",1,185.94,219.4092,0,185.94,0,219.41,0]
[null,"RAUTHERMEX",null,null,12352391001,"Переходник с наружной резьбой 125х11,4- R 5",null,"шт",1,334.88,395.15839999999997,0,334.88,0,395.16,0]
[null,"RAUTHERMEX"]
[null,"RAUTHERMEX",null,null,11690991001,"Переходник с внутренней резьбой 20х1,9- Rp 1/2  LX",null,"шт",10,6.34,{"$f":"J2547*$B$2","v":7.4811999999999994},{"$f":"K2547*G2547","v":0},{"$f":"J2547*(1-$E$5-$E$7)*(1-$E$9)*(1+$E$11)","v":6.34},{"$f":"M2547*G2547","v":0},{"$f":"ROUND((M2547*$B$2),2)","v":7.48},{"$f":"O2547*G2547","v":0}]
[null,"RAUTHERMEX",null,null,11691001001,"Переходник с внутренней резьбой 20х1,9- Rp 3/4 LX",null,"шт",10,6.34,{"$f":"J2548*$B$2","v":7.4811999999999994},{"$f":"K2548*G2548","v":0},{"$f":"J2548*(1-$E$5-$E$7)*(1-$E$9)*(1+$E$11)","v":6.34},{"$f":"M2548*G2548","v":0},{"$f":"ROUND((M2548*$B$2),2)","v":7.48},{"$f":"O2548*G2548","v":0}]
[null,"RAUTHERMEX",null,null,11691071001,"Переходник с внутренней резьбой 25х2,3- Rp 3/4 LX",null,"шт",10,8.02,{"$f":"J2549*$B$2","v":9.4635999999999996},{"$f":"K2549*G2549","v":0},{"$f":"J2549*(1-$E$5-$E$7)*(1-$E$9)*(1+$E$11)","v":8.02},{"$f":"M2549*G2549","v":0},{"$f":"ROUND((M2549*$B$2),2)","v":9.4600000000000009},{"$f":"O2549*G2549","v":0}]
[null,"RAUTHERMEX",null,null,11691061001,"Переходник с внутренней резьбой 25х2,3- Rp 1 LX",null,"шт",10,11.47,{"$f":"J2550*$B$2","v":13.534599999999999},{"$f":"K2550*G2550","v":0},{"$f":"J2550*(1-$E$5-$E$7)*(1-$E$9)*(1+$E$11)","v":11.47},{"$f":"M2550*G2550","v":0},{"$f":"ROUND((M2550*$B$2),2)","v":13.53},{"$f":"O2550*G2550","v":0}]
[null,"RAUTHERMEX",null,null,11691101001,"Переходник с внутренней резьбой 32x2,9- Rp1 LX",null,"шт",3,12.46,{"$f":"J2551*$B$2","v":14.7028},{"$f":"K2551*G2551","v":0},{"$f":"J2551*(1-$E$5-$E$7)*(1-$E$9)*(1+$E$11)","v":12.46},{"$f":"M2551*G2551","v":0},{"$f":"ROUND((M2551*$B$2),2)","v":14.7},{"$f":"O2551*G2551","v":0}]
[null,"RAUTHERMEX"]
[null,"RAUTHERMEX",null,null,12671611001,"Переход на сварное соединение 25х2,3-26,9х2,3",null,"шт",10,10.55,{"$f":"J2553*$B$2","v":12.449},{"$f":"K2553*G2553","v":0},{"$f":"J2553*(1-$E$5-$E$7)*(1-$E$9)*(1+$E$11)","v":10.55},{"$f":"M2553*G2553","v":0},{"$f":"ROUND((M2553*$B$2),2)","v":12.45},{"$f":"O2553*G2553","v":0}]
[null,"RAUTHERMEX",null,null,12671811001,"Переход на сварное соединение 32х2,9-33,7х2,6",null,"шт",3,15.85,18.702999999999999,0,15.85,0,18.7,0]
[null,"RAUTHERMEX",null,null,12672011001,"Переход на сварное соединение 40х3,7-42,4х2,6",null,"шт",3,19.78,23.340399999999999,0,19.78,0,23.34,0]
[null,"RAUTHERMEX",null,null,12672211001,"Переход на сварное соединение 50х4,6-48,3х2,6",null,"шт",1,23.76,28.036799999999999,0,23.76,0,28.04,0]
[null,"RAUTHERMEX",null,null,12672411001,"Переход на сварное соединение 63х5,7-60,3х2,9",null,"шт",1,42.23,49.831399999999995,0,42.23,0,49.83,0]
[null,"RAUTHERMEX",null,null,12672611001,"Переход на сварное соединение 75х6,8-76,1х2,9",null,"шт",1,58.08,68.534399999999991,0,58.08,0,68.53,0]
[null,"RAUTHERMEX",null,null,12672811001,"Переход на сварное соединение 90х8,2-88,9х3,2",null,"шт",1,73.87,87.166600000000003,0,73.87,0,87.17,0]
[null,"RAUTHERMEX",null,null,12673011001,"Переход на сварное соединение 110х10,0-114,3х3,6",null,"шт",1,89.72,105.86959999999999,0,89.72,0,105.87,0]
[null,"RAUTHERMEX",null,null,12062531001,"Переход на сварное соединение 140x12,7-139,7x3,6",null,"шт",1,{"$f":"356.94/1.18","v":302.49152542372883},{"$f":"J2561*$B$2","v":356.94},0,302.49152542372883,0,356.94,0]
[null,"RAUTHERMEX",null,null,12352091001,"Переход на сварное соединение 125х10,0-139,7х3,6",null,"шт",1,261.27999999999997,{"$f":"J2562*$B$2","v":308.31039999999996},0,261.27999999999997,0,308.31,0]
[null,"RAUTHERMEX",null,null,12316261001,"Переход на сварное соединение 160х10,0-168,3х3,6",null,"шт",1,333.83,{"$f":"J2563*$B$2","v":393.91939999999994},0,333.83,0,393.92,0]
[null,"RAUTHERMEX"]
[null,"RAUTHERMEX",null,null,11691381001,"Угольник-переходник с наружной резьбой 20-R 1/2 ",null,"шт",10,7.7,{"$f":"J2565*$B$2","v":9.0860000000000003},{"$f":"K2565*G2565","v":0},{"$f":"J2565*(1-$E$5-$E$7)*(1-$E$9)*(1+$E$11)","v":7.7},{"$f":"M2565*G2565","v":0},{"$f":"ROUND((M2565*$B$2),2)","v":9.09},{"$f":"O2565*G2565","v":0}]
[null,"RAUTHERMEX",null,null,11691391001,"Угольник-переходник с наружной резьбой 20-R 3/4 ",null,"шт",10,7.7,{"$f":"J2566*$B$2","v":9.0860000000000003},{"$f":"K2566*G2566","v":0},{"$f":"J2566*(1-$E$5-$E$7)*(1-$E$9)*(1+$E$11)","v":7.7},{"$f":"M2566*G2566","v":0},{"$f":"ROUND((M2566*$B$2),2)","v":9.09},{"$f":"O2566*G2566","v":0}]
[null,"RAUTHERMEX",null,null,11691401001,"Угольник-переходник с наружной резьбой 25-R 3/4 ",null,"шт",10,12.07,{"$f":"J2567*$B$2","v":14.242599999999999},{"$f":"K2567*G2567","v":0},{"$f":"J2567*(1-$E$5-$E$7)*(1-$E$9)*(1+$E$11)","v":12.07},{"$f":"M2567*G2567","v":0},{"$f":"ROUND((M2567*$B$2),2)","v":14.24},{"$f":"O2567*G2567","v":0}]
[null,"RAUTHERMEX",null,null,11690261001,"Угольник-переходник с наружной резьбой 32-R 1",null,"шт",3,12.93,{"$f":"J2568*$B$2","v":15.257399999999999},{"$f":"K2568*G2568","v":0},{"$f":"J2568*(1-$E$5-$E$7)*(1-$E$9)*(1+$E$11)","v":12.93},{"$f":"M2568*G2568","v":0},{"$f":"ROUND((M2568*$B$2),2)","v":15.26},{"$f":"O2568*G2568","v":0}]
[null,"RAUTHERMEX"]
[null,"RAUTHERMEX",null,null,null,"4.3 Запорная арматура для ввода трубы SDR 11"]
[null,"RAUTHERMEX",null,null,13532851001,"Запорная арматура для ввода трубы RTX UNO 25 со штуцерами под монтажные гильзы",null,"шт",1,"-","по запросу",{"$f":"K2571*G2571","v":0},{"$f":"J2571*(1-$E$5-$E$7)*(1-$E$9)*(1+$E$11)","v":0},{"$f":"M2571*G2571","v":0},{"$f":"ROUND((M2571*$B$2),2)","v":0},{"$f":"O2571*G2571","v":0}]
[null,"RAUTHERMEX",null,null,13529261001,"Запорная арматура для ввода трубы RTX UNO 32 со штуцерами под монтажные гильзы",null,"шт",1,"-","по запросу",0,0,0,0,0]
[null,"RAUTHERMEX",null,null,13529271001,"Запорная арматура для ввода трубы RTX UNO 40 со штуцерами под монтажные гильзы",null,"шт",1,"-","по запросу",0,0,0,0,0]
[null,"RAUTHERMEX",null,null,13529371001,"Запорная арматура для ввода трубы RTX UNO 50 со штуцерами под монтажные гильзы",null,"шт",1,"-","по запросу",0,0,0,0,0]
[null,"RAUTHERMEX",null,null,13529281001,"Запорная арматура для ввода трубы RTX UNO 63 со штуцерами под монтажные гильзы",null,"шт",1,"-","по запросу",0,0,0,0,0]
[null,"RAUTHERMEX",null,null,13529191001,"Запорная арматура для ввода трубы RTX UNO 75 со штуцерами под монтажные гильзы",null,"шт",1,"-","по запросу",0,0,0,0,0]
[null,"RAUTHERMEX",null,null,13529241001,"Запорная арматура для ввода трубы RTX UNO 50 со штуцерами под монтажные гильзы",null,"шт",1,"-","по запросу",0,0,0,0,0]
[null,"RAUTHERMEX",null,null,13529751001,"Запорная арматура для ввода трубы RTX UNO 63 со штуцерами под монтажные гильзы",null,"шт",1,"-","по запросу",0,0,0,0,0]
[null,"RAUTHERMEX",null,null,13529231001,"Запорная арматура для ввода трубы RTX UNO 75 со штуцерами под монтажные гильзы",null,"шт",1,"-","по запросу",0,0,0,0,0]
[null,"RAUTHERMEX"]
[null,"RAUTHERMEX",null,null,13532951001,"Запорная арматура для ввода трубы RTX DUO 25 со штуцерами под монтажные гильзы",null,"шт",1,"-","по запросу",{"$f":"K2581*G2581","v":0},{"$f":"J2581*(1-$E$5-$E$7)*(1-$E$9)*(1+$E$11)","v":0},{"$f":"M2581*G2581","v":0},{"$f":"ROUND((M2581*$B$2),2)","v":0},{"$f":"O2581*G2581","v":0}]
[null,"RAUTHERMEX",null,null,13533051001,"Запорная арматура для ввода трубы RTX DUO 32 со штуцерами под монтажные гильзы",null,"шт",1,"-","по запросу",0,0,0,0,0]
[null,"RAUTHERMEX",null,null,13533151001,"Запорная арматура для ввода трубы RTX DUO 40 со штуцерами под монтажные гильзы",null,"шт",1,"-","по запросу",0,0,0,0,0]
[null,"RAUTHERMEX",null,null,13533251001,"Запорная арматура для ввода трубы RTX DUO 50 со штуцерами под монтажные гильзы",null,"шт",1,"-","по запросу",0,0,0,0,0]
[null,"RAUTHERMEX",null,null,13533351001,"Запорная арматура для ввода трубы RTX DUO 63 со штуцерами под монтажные гильзы",null,"шт",1,"-","по запросу",0,0,0,0,0]
[null,"RAUTHERMEX",null,null,13576001001,"Запорная арматура для ввода трубы RTX DUO 75 со штуцерами под монтажные гильзы",null,"шт",1,"-","по запросу",0,0,0,0,0]
[null,"RAUTHERMEX"]
[null,"RAUTHERMEX",null,null,null,"4.4 Шаровые краны со штуцерами под надвижную гильзу, SDR 11"]
[null,"RAUTHERMEX",null,null,12331431001,"Шаровой кран со штуцерами под надвижную гильзу 20x1,9 - 20x1,9",null,"шт",1,21.6,{"$f":"J2589*$B$2","v":25.488},{"$f":"K2589*G2589","v":0},{"$f":"J2589*(1-$E$5-$E$7)*(1-$E$9)*(1+$E$11)","v":21.6},{"$f":"M2589*G2589","v":0},{"$f":"ROUND((M2589*$B$2),2)","v":25.49},{"$f":"O2589*G2589","v":0}]
[null,"RAUTHERMEX",null,null,12331631001,"Шаровой кран со штуцерами под надвижную гильзу 25x2,3 - 25x2,3",null,"шт",1,29.31,{"$f":"J2590*$B$2","v":34.585799999999999},0,{"$f":"J2590*(1-$E$5-$E$7)*(1-$E$9)*(1+$E$11)","v":29.31},0,{"$f":"ROUND((M2590*$B$2),2)","v":34.590000000000003},0]
[null,"RAUTHERMEX",null,null,12331831001,"Шаровой кран со штуцерами под надвижную гильзу 32x2,9 - 32x2,9",null,"шт",1,35.78,{"$f":"J2591*$B$2","v":42.220399999999998},0,{"$f":"J2591*(1-$E$5-$E$7)*(1-$E$9)*(1+$E$11)","v":35.78},0,{"$f":"ROUND((M2591*$B$2),2)","v":42.22},0]
[null,"RAUTHERMEX",null,null,12332131001,"Шаровой кран со штуцерами под надвижную гильзу 40x3,7 - 40x3,7",null,"шт",1,54.59,{"$f":"J2592*$B$2","v":64.416200000000003},0,{"$f":"J2592*(1-$E$5-$E$7)*(1-$E$9)*(1+$E$11)","v":54.59},0,{"$f":"ROUND((M2592*$B$2),2)","v":64.42},0]
[null,"RAUTHERMEX",null,null,12332331001,"Шаровой кран со штуцерами под надвижную гильзу 50x4,6 - 50x4,6",null,"шт",1,83.28,{"$f":"J2593*$B$2","v":98.270399999999995},0,{"$f":"J2593*(1-$E$5-$E$7)*(1-$E$9)*(1+$E$11)","v":83.28},0,{"$f":"ROUND((M2593*$B$2),2)","v":98.27},0]
[null,"RAUTHERMEX",null,null,12332531001,"Шаровой кран со штуцерами под надвижную гильзу 63x5,8 - 63x5,8",null,"шт",1,93.57,{"$f":"J2594*$B$2","v":110.41259999999998},0,{"$f":"J2594*(1-$E$5-$E$7)*(1-$E$9)*(1+$E$11)","v":93.57},0,{"$f":"ROUND((M2594*$B$2),2)","v":110.41},0]
[null,"RAUTHERMEX"]
[null,"RAUTHERMEX",null,null,12331531001,"Шаровой кран со штуцером под гильзу и нар. резьбой, 220х1,9-R 3/4",null,"шт",1,24.39,{"$f":"J2596*$B$2","v":28.780200000000001},{"$f":"K2596*G2596","v":0},{"$f":"J2596*(1-$E$5-$E$7)*(1-$E$9)*(1+$E$11)","v":24.39},{"$f":"M2596*G2596","v":0},{"$f":"ROUND((M2596*$B$2),2)","v":28.78},{"$f":"O2596*G2596","v":0}]
[null,"RAUTHERMEX",null,null,12331731001,"Шаровой кран со штуцером под гильзу и нар. резьбой, 25x2,3-R 1",null,"шт",1,28.35,{"$f":"J2597*$B$2","v":33.453000000000003},{"$f":"K2597*G2597","v":0},{"$f":"J2597*(1-$E$5-$E$7)*(1-$E$9)*(1+$E$11)","v":28.35},{"$f":"M2597*G2597","v":0},{"$f":"ROUND((M2597*$B$2),2)","v":33.450000000000003},{"$f":"O2597*G2597","v":0}]
[null,"RAUTHERMEX",null,null,12331931001,"Шаровой кран со штуцером под гильзу и нар. резьбой, 32x2,9-R 1",null,"шт",1,33.78,{"$f":"J2598*$B$2","v":39.860399999999998},{"$f":"K2598*G2598","v":0},{"$f":"J2598*(1-$E$5-$E$7)*(1-$E$9)*(1+$E$11)","v":33.78},{"$f":"M2598*G2598","v":0},{"$f":"ROUND((M2598*$B$2),2)","v":39.86},{"$f":"O2598*G2598","v":0}]
[null,"RAUTHERMEX"]
[null,"RAUTHERMEX",null,null,null,"4.5 Трубы SDR 7,4"]
[null,"RAUTHERMEX",null,null,null,"Серия 2 (тонкостенная)"]
[null,"RAUTHERMEX",null,null,null,"UNO (чёрная двойная)"]
[null,"RAUTHERMEX",null,null,12861141001,"Tруба RAUTHERMEX UNO серия 2  SDR 7,4 20/76",null,"м",null,25.76,{"$f":"J2603*$B$2","v":30.396799999999999},{"$f":"K2603*G2603","v":0},{"$f":"J2603*(1-$E$5-$E$7)*(1-$E$9)*(1+$E$11)","v":25.76},{"$f":"M2603*G2603","v":0},{"$f":"ROUND((M2603*$B$2),2)","v":30.4},{"$f":"O2603*G2603","v":0}]
[null,"RAUTHERMEX",null,null,12861241001,"Tруба RAUTHERMEX UNO серия 2  SDR 7,4  25/76",null,"м",null,29,34.22,0,29,0,34.22,0]
[null,"RAUTHERMEX",null,null,12861341001,"Tруба RAUTHERMEX UNO серия 2  SDR 7,4  32/76",null,"м",null,36.08,42.574399999999997,0,36.08,0,42.57,0]
[null,"RAUTHERMEX",null,null,12861441001,"Tруба RAUTHERMEX UNO серия 2  SDR 7,4  40/91",null,"м",null,46.39,54.740199999999994,0,46.39,0,54.74,0]
[null,"RAUTHERMEX",null,null,12861541001,"Tруба RAUTHERMEX UNO серия 2  SDR 7,4  50/111",null,"м",null,59.28,69.950400000000002,0,59.28,0,69.95,0]
[null,"RAUTHERMEX",null,null,12861641001,"Tруба RAUTHERMEX UNO серия 2  SDR 7,4  63/126",null,"м",null,92.77,109.4686,0,92.77,0,109.47,0]
[null,"RAUTHERMEX"]
[null,"RAUTHERMEX",null,null,null,"DUO (чёрная двойная)"]
[null,"RAUTHERMEX",null,null,12861741001,"Tруба RAUTHERMEX DUO серия 2  25+20/91",null,"м",null,45.1,{"$f":"J2611*$B$2","v":53.217999999999996},{"$f":"K2611*G2611","v":0},{"$f":"J2611*(1-$E$5-$E$7)*(1-$E$9)*(1+$E$11)","v":45.1},{"$f":"M2611*G2611","v":0},{"$f":"ROUND((M2611*$B$2),2)","v":53.22},{"$f":"O2611*G2611","v":0}]
[null,"RAUTHERMEX",null,null,12861841001,"Tруба RAUTHERMEX DUO серия 2  32+20/111",null,"м",null,56.69,{"$f":"J2612*$B$2","v":66.894199999999998},{"$f":"K2612*G2612","v":0},{"$f":"J2612*(1-$E$5-$E$7)*(1-$E$9)*(1+$E$11)","v":56.69},{"$f":"M2612*G2612","v":0},{"$f":"ROUND((M2612*$B$2),2)","v":66.89},{"$f":"O2612*G2612","v":0}]
[null,"RAUTHERMEX",null,null,12861941001,"Tруба RAUTHERMEX DUO серия 2  40+25/126",null,"м",null,69.58,{"$f":"J2613*$B$2","v":82.104399999999998},{"$f":"K2613*G2613","v":0},{"$f":"J2613*(1-$E$5-$E$7)*(1-$E$9)*(1+$E$11)","v":69.58},{"$f":"M2613*G2613","v":0},{"$f":"ROUND((M2613*$B$2),2)","v":82.1},{"$f":"O2613*G2613","v":0}]
[null,"RAUTHERMEX",null,null,12862041001,"Tруба RAUTHERMEX DUO серия 2  50+32/140",null,"м",null,79.89,{"$f":"J2614*$B$2","v":94.270200000000003},{"$f":"K2614*G2614","v":0},{"$f":"J2614*(1-$E$5-$E$7)*(1-$E$9)*(1+$E$11)","v":79.89},{"$f":"M2614*G2614","v":0},{"$f":"ROUND((M2614*$B$2),2)","v":94.27},{"$f":"O2614*G2614","v":0}]
[null,"RAUTHERMEX"]
[null,"RAUTHERMEX",null,null,null,"Вводы в здание UNO SDR 7,4"]
[null,"RAUTHERMEX",null,null,12227241001,"Ввод в здание угловой RAUTHERMEX UNO серия 2  SDR 7,4  20/76",null,"шт",null,225.49,{"$f":"J2617*$B$2","v":266.07819999999998},{"$f":"K2617*G2617","v":0},{"$f":"J2617*(1-$E$5-$E$7)*(1-$E$9)*(1+$E$11)","v":225.49},{"$f":"M2617*G2617","v":0},{"$f":"ROUND((M2617*$B$2),2)","v":266.08},{"$f":"O2617*G2617","v":0}]
[null,"RAUTHERMEX",null,null,12227341001,"Ввод в здание угловой RAUTHERMEX UNO серия 2  SDR 7,4  25/76",null,"шт",null,230.64,272.15519999999998,0,230.64,0,272.16000000000003,0]
[null,"RAUTHERMEX",null,null,12401541001,"Ввод в здание угловой RAUTHERMEX UNO серия 2  SDR 7,4  32/76",null,"шт",null,238.37,281.27659999999997,0,238.37,0,281.27999999999997,0]
[null,"RAUTHERMEX",null,null,12401641001,"Ввод в здание угловой RAUTHERMEX UNO серия 2  SDR 7,4  40/91",null,"шт",null,256.42,302.57560000000001,0,256.42,0,302.58,0]
[null,"RAUTHERMEX",null,null,12401741001,"Ввод в здание угловой RAUTHERMEX UNO серия 2  SDR 7,4  50/111",null,"шт",null,295.06,348.17079999999999,0,295.06,0,348.17,0]
[null,"RAUTHERMEX",null,null,12401841001,"Ввод в здание угловой RAUTHERMEX UNO серия 2  SDR 7,4  63/126",null,"шт",null,380.11,448.52979999999997,0,380.11,0,448.53,0]
[null,"RAUTHERMEX"]
[null,"RAUTHERMEX",null,null,null,"Вводы в здание DUO 7,4"]
[null,"RAUTHERMEX",null,null,12227441001,"Ввод в здание угловой RAUTHERMEX DUO серия 2  SDR 7,4  25+20/91",null,"шт",null,372.37,{"$f":"J2625*$B$2","v":439.39659999999998},{"$f":"K2625*G2625","v":0},{"$f":"J2625*(1-$E$5-$E$7)*(1-$E$9)*(1+$E$11)","v":372.37},{"$f":"M2625*G2625","v":0},{"$f":"ROUND((M2625*$B$2),2)","v":439.4},{"$f":"O2625*G2625","v":0}]
[null,"RAUTHERMEX",null,null,12227541001,"Ввод в здание угловой RAUTHERMEX DUO серия 2  SDR 7,4  32+20/111",null,"шт",null,385.27,{"$f":"J2626*$B$2","v":454.61859999999996},{"$f":"K2626*G2626","v":0},{"$f":"J2626*(1-$E$5-$E$7)*(1-$E$9)*(1+$E$11)","v":385.27},{"$f":"M2626*G2626","v":0},{"$f":"ROUND((M2626*$B$2),2)","v":454.62},{"$f":"O2626*G2626","v":0}]
[null,"RAUTHERMEX",null,null,12227641001,"Ввод в здание угловой RAUTHERMEX DUO серия 2  SDR 7,4  40+25/126",null,"шт",null,457.42,{"$f":"J2627*$B$2","v":539.75559999999996},{"$f":"K2627*G2627","v":0},{"$f":"J2627*(1-$E$5-$E$7)*(1-$E$9)*(1+$E$11)","v":457.42},{"$f":"M2627*G2627","v":0},{"$f":"ROUND((M2627*$B$2),2)","v":539.76},{"$f":"O2627*G2627","v":0}]
[null,"RAUTHERMEX",null,null,12403041001,"Ввод в здание угловой RAUTHERMEX DUO серия 2  SDR 7,4  50+32/126",null,"шт",null,466.43,{"$f":"J2628*$B$2","v":550.38739999999996},{"$f":"K2628*G2628","v":0},{"$f":"J2628*(1-$E$5-$E$7)*(1-$E$9)*(1+$E$11)","v":466.43},{"$f":"M2628*G2628","v":0},{"$f":"ROUND((M2628*$B$2),2)","v":550.39},{"$f":"O2628*G2628","v":0}]
[null,"RAUTHERMEX"]
[null,"RAUTHERMEX",null,null,null,"STRONG DUO 7,4"]
[null,"RAUTHERMEX","под заказ",null,14501021001,"Tруба RAUTHERMEX STRONG DUO SDR 7,4 25+25/111",null,"м",1,{"$f":"57.6/1.18","v":48.813559322033903},{"$f":"J2631*$B$2","v":57.6},{"$f":"K2631*G2631","v":0},{"$f":"J2631*(1-$E$5-$E$7)*(1-$E$9)*(1+$E$11)","v":48.813559322033903},{"$f":"M2631*G2631","v":0},{"$f":"ROUND((M2631*$B$2),2)","v":57.6},{"$f":"O2631*G2631","v":0}]
[null,"RAUTHERMEX","под заказ",null,14500941001,"Tруба RAUTHERMEX STRONG DUO SDR 7,4 25+25/126",null,"м",1,{"$f":"59.4/1.18","v":50.33898305084746},{"$f":"J2632*$B$2","v":59.4},0,{"$f":"J2632*(1-$E$5-$E$7)*(1-$E$9)*(1+$E$11)","v":50.33898305084746},0,{"$f":"ROUND((M2632*$B$2),2)","v":59.4},0]
[null,"RAUTHERMEX","под заказ",null,14501031001,"Tруба RAUTHERMEX STRONG DUO SDR 7,4 32+32/111",null,"м",1,{"$f":"73.5/1.18","v":62.288135593220339},73.5,0,62.288135593220339,0,73.5,0]
[null,"RAUTHERMEX","под заказ",null,14501071001,"Tруба RAUTHERMEX STRONG DUO SDR 7,4 32+32/126",null,"м",1,{"$f":"75.8/1.18","v":64.237288135593218},75.8,0,64.237288135593218,0,75.8,0]
[null,"RAUTHERMEX","под заказ",null,14500951001,"Tруба RAUTHERMEX STRONG DUO SDR 7,4 32+32/142",null,"м",1,{"$f":"78.15/1.18","v":66.228813559322049},78.15000000000002,0,66.228813559322049,0,78.150000000000006,0]
[null,"RAUTHERMEX","под заказ",null,14501041001,"Tруба RAUTHERMEX STRONG DUO SDR 7,4 40+40/126",null,"м",1,{"$f":"96.4/1.18","v":81.694915254237301},96.4,0,81.694915254237301,0,96.4,0]
[null,"RAUTHERMEX","под заказ",null,14501081001,"Tруба RAUTHERMEX STRONG DUO SDR 7,4 40+40/142",null,"м",1,{"$f":"101.15/1.18","v":85.720338983050851},101.15,0,85.720338983050851,0,101.15,0]
[null,"RAUTHERMEX","под заказ",null,14500961001,"Tруба RAUTHERMEX STRONG DUO SDR 7,4 40+40/162",null,"м",1,{"$f":"102.6/1.18","v":86.949152542372886},102.6,0,86.949152542372886,0,102.6,0]
[null,"RAUTHERMEX","под заказ",null,14501051001,"Tруба RAUTHERMEX STRONG DUO SDR 7,4 50+50/162",null,"м",1,{"$f":"130.38/1.18","v":110.49152542372882},130.38,0,110.49152542372882,0,130.38,0]
[null,"RAUTHERMEX","под заказ",null,14500991001,"Tруба RAUTHERMEX STRONG DUO SDR 7,4 50+50/182",null,"м",1,{"$f":"134.41/1.18","v":113.90677966101696},134.41,0,113.90677966101696,0,134.41,0]
[null,"RAUTHERMEX","под заказ",null,14500971001,"Tруба RAUTHERMEX STRONG DUO SDR 7,4 50+50/202",null,"м",1,{"$f":"139.41/1.18","v":118.14406779661017},139.41,0,118.14406779661017,0,139.41,0]
[null,"RAUTHERMEX",null,null,14501061001,"Tруба RAUTHERMEX STRONG DUO SDR 7,4 63+63/182",null,"м",1,{"$f":"171.45/1.18","v":145.29661016949152},171.45,0,145.29661016949152,0,171.45,0]
[null,"RAUTHERMEX"]
[null,"RAUTHERMEX",null,null,null,"4.6 Техника соединения  на надвижной гильзе SDR 7,4"]
[null,"RAUTHERMEX",null,null,12596151002,"Монтажная гильза 20x2,8",null,"шт",100,0.87,{"$f":"J2645*$B$2","v":1.0266},{"$f":"K2645*G2645","v":0},{"$f":"J2645*(1-$E$5-$E$7)*(1-$E$9)*(1+$E$11)","v":0.87},{"$f":"M2645*G2645","v":0},{"$f":"ROUND((M2645*$B$2),2)","v":1.03},{"$f":"O2645*G2645","v":0}]
[null,"RAUTHERMEX",null,null,12596251002,"Монтажная гильза 25x3,5",null,"шт",100,1.1499999999999999,1.3569999999999998,0,1.1499999999999999,0,1.36,0]
[null,"RAUTHERMEX",null,null,11371661001,"Монтажная гильза 32x4,4",null,"шт",25,2.2000000000000002,2.5960000000000001,0,2.2000000000000002,0,2.6,0]
[null,"RAUTHERMEX",null,null,11372961001,"Монтажная гильза 40x5,5",null,"шт",25,4.04,4.7671999999999999,0,4.04,0,4.7699999999999996,0]
[null,"RAUTHERMEX",null,null,11397711002,"Монтажная гильза 50х6,9",null,"шт",25,6.59,7.7761999999999993,0,6.59,0,7.78,0]
[null,"RAUTHERMEX",null,null,11397811002,"Монтажная гильза 63х8,6",null,"шт",25,9.33,11.009399999999999,0,9.33,0,11.01,0]
[null,"RAUTHERMEX"]
[null,"RAUTHERMEX",null,11680091001,13129701001,"Муфта соединительная равнопроходная  20x2,8",null,"шт",10,5.13,{"$f":"J2652*$B$2","v":6.0533999999999999},{"$f":"K2652*G2652","v":0},{"$f":"J2652*(1-$E$5-$E$7)*(1-$E$9)*(1+$E$11)","v":5.13},{"$f":"M2652*G2652","v":0},{"$f":"ROUND((M2652*$B$2),2)","v":6.05},{"$f":"O2652*G2652","v":0}]
[null,"RAUTHERMEX",null,11680121001,13129711001,"Муфта соединительная равнопроходная  25x3,5",null,"шт",10,7.31,8.6257999999999999,0,7.31,0,8.6300000000000008,0]
[null,"RAUTHERMEX",null,11680141001,13129731001,"Муфта соединительная равнопроходная  32х4,4",null,"шт",10,11.16,13.168799999999999,0,11.16,0,13.17,0]
[null,"RAUTHERMEX",null,11680171001,13129721001,"Муфта соединительная равнопроходная  40х5,5",null,"шт",1,18.91,22.313800000000001,0,18.91,0,22.31,0]
[null,"RAUTHERMEX",null,11680201001,13660341001,"Муфта соединительная равнопроходная  50х6,9 RX",null,"шт",1,32.78,38.680399999999999,0,32.78,0,38.68,0]
[null,"RAUTHERMEX",null,11680221001,13660361001,"Муфта соединительная равнопроходная  63х8,6 RX",null,"шт",1,46.02,54.303600000000003,0,46.02,0,54.3,0]
[null,"RAUTHERMEX"]
[null,"RAUTHERMEX",null,11680111001,13129771001,"Муфта соединительная переходная 25x3,5 - 20x2,8",null,"шт",10,7.31,{"$f":"J2659*$B$2","v":8.6257999999999999},{"$f":"K2659*G2659","v":0},{"$f":"J2659*(1-$E$5-$E$7)*(1-$E$9)*(1+$E$11)","v":7.31},{"$f":"M2659*G2659","v":0},{"$f":"ROUND((M2659*$B$2),2)","v":8.6300000000000008},{"$f":"O2659*G2659","v":0}]
[null,"RAUTHERMEX",null,11680131001,13129781001,"Муфта соединительная переходная 32х4,4 - 25х3,5",null,"шт",10,11.16,13.168799999999999,0,11.16,0,13.17,0]
[null,"RAUTHERMEX",null,13129811001,13662601001,"Муфта соединительная переходная 40х5,5 - 25х3,5 RX",null,"шт",5,26.37,31.116599999999998,0,26.37,0,31.12,0]
[null,"RAUTHERMEX",null,11680161001,13129801001,"Муфта соединительная переходная 40х5,5 - 32х4,4",null,"шт",5,18.91,22.313800000000001,0,18.91,0,22.31,0]
[null,"RAUTHERMEX",null,11680181001,13660391001,"Муфта соединительная переходная 50х6,9 - 32х4,4 RX",null,"шт",1,32.26,38.066799999999994,0,32.26,0,38.07,0]
[null,"RAUTHERMEX",null,11680191001,13660411001,"Муфта соединительная переходная 50х6,9 - 40х5,5 RX",null,"шт",1,32.26,38.066799999999994,0,32.26,0,38.07,0]
[null,"RAUTHERMEX",null,11680211001,13660431001,"Муфта соединительная переходная 63х8,6 - 50х6,9 RX",null,"шт",1,42.16,49.748799999999996,0,42.16,0,49.75,0]
[null,"RAUTHERMEX"]
[null,"RAUTHERMEX",null,11680371001,13129491001,"Тройник равнопроходный 20x2,8",null,"шт",10,7.06,{"$f":"J2667*$B$2","v":8.3308},{"$f":"K2667*G2667","v":0},{"$f":"J2667*(1-$E$5-$E$7)*(1-$E$9)*(1+$E$11)","v":7.06},{"$f":"M2667*G2667","v":0},{"$f":"ROUND((M2667*$B$2),2)","v":8.33},{"$f":"O2667*G2667","v":0}]
[null,"RAUTHERMEX",null,11680481001,13129511001,"Тройник равнопроходный 25x3,5",null,"шт",10,7.97,9.4045999999999985,0,7.97,0,9.4,0]
[null,"RAUTHERMEX",null,11680601001,13129521001,"Тройник равнопроходный 32х4,4",null,"шт",3,16.16,19.0688,0,16.16,0,19.07,0]
[null,"RAUTHERMEX",null,11680681001,13129531001,"Тройник равнопроходный 40х5,5",null,"шт",1,31.67,37.370600000000003,0,31.67,0,37.369999999999997,0]
[null,"RAUTHERMEX",null,11680751001,13660011001,"Тройник равнопроходный 50х6,9 RX",null,"шт",1,38.92,45.925600000000003,0,38.92,0,45.93,0]
[null,"RAUTHERMEX",null,11680811001,13660021001,"Тройник равнопроходный 63х8,6 RX",null,"шт",1,62.12,73.301599999999993,0,62.12,0,73.3,0]
[null,"RAUTHERMEX"]
[null,"RAUTHERMEX",null,11680451001,13129581001,"Тройник с уменьшенным боковым проходом 25-20-25",null,"шт",10,7.97,{"$f":"J2674*$B$2","v":9.4045999999999985},{"$f":"K2674*G2674","v":0},{"$f":"J2674*(1-$E$5-$E$7)*(1-$E$9)*(1+$E$11)","v":7.97},{"$f":"M2674*G2674","v":0},{"$f":"ROUND((M2674*$B$2),2)","v":9.4},{"$f":"O2674*G2674","v":0}]
[null,"RAUTHERMEX",null,null,11680541001,"Тройник с уменьшенным боковым проходом 32-20-32",null,"шт",3,16.16,19.0688,0,16.16,0,19.07,0]
[null,"RAUTHERMEX",null,11680571001,13129601001,"Тройник с уменьшенным боковым проходом 32-25-32",null,"шт",3,16.16,19.0688,0,16.16,0,19.07,0]
[null,"RAUTHERMEX",null,null,11680641001,"Тройник с уменьшенным боковым проходом 40-20-40",null,"шт",1,31.67,37.370600000000003,0,31.67,0,37.369999999999997,0]
[null,"RAUTHERMEX",null,null,11680651001,"Тройник с уменьшенным боковым проходом 40-25-40",null,"шт",1,31.67,37.370600000000003,0,31.67,0,37.369999999999997,0]
[null,"RAUTHERMEX",null,null,11680671001,"Тройник с уменьшенным боковым проходом 40-32-40",null,"шт",1,31.67,37.370600000000003,0,31.67,0,37.369999999999997,0]
[null,"RAUTHERMEX",null,null,13660031001,"Тройник с уменьшенным боковым проходом 50-20-50 RX",null,"шт",1,41.74,{"$f":"J2680*$B$2","v":49.2532},0,{"$f":"J2680*(1-$E$5-$E$7)*(1-$E$9)*(1+$E$11)","v":41.74},0,{"$f":"ROUND((M2680*$B$2),2)","v":49.25},0]
[null,"RAUTHERMEX",null,11680711001,13660041001,"Тройник с уменьшенным боковым проходом 50-25-50 RX",null,"шт",1,43.78,51.660399999999996,0,43.78,0,51.66,0]
[null,"RAUTHERMEX",null,11680731001,13660051001,"Тройник с уменьшенным боковым проходом 50-32-50 RX",null,"шт",1,43.78,51.660399999999996,0,43.78,0,51.66,0]
[null,"RAUTHERMEX",null,11680741001,13660061001,"Тройник с уменьшенным боковым проходом 50-40-50 RX",null,"шт",1,43.78,51.660399999999996,0,43.78,0,51.66,0]
[null,"RAUTHERMEX",null,11680771001,13660081001,"Тройник с уменьшенным боковым проходом 63-25-63 RX",null,"шт",1,52.68,62.162399999999998,0,52.68,0,62.16,0]
[null,"RAUTHERMEX",null,11680781001,13660091001,"Тройник с уменьшенным боковым проходом 63-32-63",null,"шт",1,52.68,62.162399999999998,0,52.68,0,62.16,0]
[null,"RAUTHERMEX",null,11680791001,13660101001,"Тройник с уменьшенным боковым проходом 63-40-63 RX",null,"шт",1,53.2,62.776000000000003,0,53.2,0,62.78,0]
[null,"RAUTHERMEX",null,11680801001,13660111001,"Тройник с уменьшенным боковым проходом 63-50-63",null,"шт",1,94.97,112.0646,0,94.97,0,112.06,0]
[null,"RAUTHERMEX"]
[null,"RAUTHERMEX",null,11680471001,13129641001,"Тройник с уменьшенным боковым проходом 25-25-20",null,"шт",10,7.97,{"$f":"J2689*$B$2","v":9.4045999999999985},{"$f":"K2689*G2689","v":0},{"$f":"J2689*(1-$E$5-$E$7)*(1-$E$9)*(1+$E$11)","v":7.97},{"$f":"M2689*G2689","v":0},{"$f":"ROUND((M2689*$B$2),2)","v":9.4},{"$f":"O2689*G2689","v":0}]
[null,"RAUTHERMEX",null,null,11680591001,"Тройник с уменьшенным боковым проходом 32-32-25",null,"шт",3,16.16,{"$f":"J2690*$B$2","v":19.0688},{"$f":"K2690*G2690","v":0},{"$f":"J2690*(1-$E$5-$E$7)*(1-$E$9)*(1+$E$11)","v":16.16},{"$f":"M2690*G2690","v":0},{"$f":"ROUND((M2690*$B$2),2)","v":19.07},{"$f":"O2690*G2690","v":0}]
[null,"RAUTHERMEX"]
[null,"RAUTHERMEX",null,11680441001,13129651001,"Тройник 25-20-20",null,"шт",10,7.06,{"$f":"J2692*$B$2","v":8.3308},{"$f":"K2692*G2692","v":0},{"$f":"J2692*(1-$E$5-$E$7)*(1-$E$9)*(1+$E$11)","v":7.06},{"$f":"M2692*G2692","v":0},{"$f":"ROUND((M2692*$B$2),2)","v":8.33},{"$f":"O2692*G2692","v":0}]
[null,"RAUTHERMEX",null,null,11680531001,"Тройник 32-25-20",null,"шт",3,16.16,{"$f":"J2693*$B$2","v":19.0688},{"$f":"K2693*G2693","v":0},{"$f":"J2693*(1-$E$5-$E$7)*(1-$E$9)*(1+$E$11)","v":16.16},{"$f":"M2693*G2693","v":0},{"$f":"ROUND((M2693*$B$2),2)","v":19.07},{"$f":"O2693*G2693","v":0}]
[null,"RAUTHERMEX",null,11680561001,13129661001,"Тройник 32-20-25",null,"шт",3,16.16,{"$f":"J2694*$B$2","v":19.0688},{"$f":"K2694*G2694","v":0},{"$f":"J2694*(1-$E$5-$E$7)*(1-$E$9)*(1+$E$11)","v":16.16},{"$f":"M2694*G2694","v":0},{"$f":"ROUND((M2694*$B$2),2)","v":19.07},{"$f":"O2694*G2694","v":0}]
[null,"RAUTHERMEX",null,null,11680661001,"Тройник 40-32-32",null,"шт",1,31.67,{"$f":"J2695*$B$2","v":37.370600000000003},{"$f":"K2695*G2695","v":0},{"$f":"J2695*(1-$E$5-$E$7)*(1-$E$9)*(1+$E$11)","v":31.67},{"$f":"M2695*G2695","v":0},{"$f":"ROUND((M2695*$B$2),2)","v":37.369999999999997},{"$f":"O2695*G2695","v":0}]
[null,"RAUTHERMEX",null,11680721001,13660121001,"Тройник 50-32-40",null,"шт",1,43.78,{"$f":"J2696*$B$2","v":51.660399999999996},{"$f":"K2696*G2696","v":0},{"$f":"J2696*(1-$E$5-$E$7)*(1-$E$9)*(1+$E$11)","v":43.78},{"$f":"M2696*G2696","v":0},{"$f":"ROUND((M2696*$B$2),2)","v":51.66},{"$f":"O2696*G2696","v":0}]
[null,"RAUTHERMEX"]
[null,"RAUTHERMEX",null,null,11680391001,"Тройник 20-25-20",null,"шт",10,7.06,{"$f":"J2698*$B$2","v":8.3308},{"$f":"K2698*G2698","v":0},{"$f":"J2698*(1-$E$5-$E$7)*(1-$E$9)*(1+$E$11)","v":7.06},{"$f":"M2698*G2698","v":0},{"$f":"ROUND((M2698*$B$2),2)","v":8.33},{"$f":"O2698*G2698","v":0}]
[null,"RAUTHERMEX"]
[null,"RAUTHERMEX",null,13129671001,13660201001,"Тройник с внутр.резьбой на боков.проходе 25x3,5-Rp 3/4-25 RX",null,"шт",10,12.04,{"$f":"J2700*$B$2","v":14.207199999999998},{"$f":"K2700*G2700","v":0},{"$f":"J2700*(1-$E$5-$E$7)*(1-$E$9)*(1+$E$11)","v":12.04},{"$f":"M2700*G2700","v":0},{"$f":"ROUND((M2700*$B$2),2)","v":14.21},{"$f":"O2700*G2700","v":0}]
[null,"RAUTHERMEX",null,11680631001,13660211001,"Тройник с внутр.резьбой на боков.проходе 32x4,4-Rp3/4-32 RX",null,"шт",3,26.77,{"$f":"J2701*$B$2","v":31.5886},{"$f":"K2701*G2701","v":0},{"$f":"J2701*(1-$E$5-$E$7)*(1-$E$9)*(1+$E$11)","v":26.77},{"$f":"M2701*G2701","v":0},{"$f":"ROUND((M2701*$B$2),2)","v":31.59},{"$f":"O2701*G2701","v":0}]
[null,"RAUTHERMEX",null,13129681001,13660261001,"Тройник с внутр.резьбой на боков.проходе 32x4,4-Rp1-32 RX",null,"шт",3,26.77,{"$f":"J2702*$B$2","v":31.5886},{"$f":"K2702*G2702","v":0},{"$f":"J2702*(1-$E$5-$E$7)*(1-$E$9)*(1+$E$11)","v":26.77},{"$f":"M2702*G2702","v":0},{"$f":"ROUND((M2702*$B$2),2)","v":31.59},{"$f":"O2702*G2702","v":0}]
[null,"RAUTHERMEX",null,11680691001,13660281001,"Тройник с внутр.резьбой на боков.проходе 40x5,5-Rp1-40 RX",null,"шт",1,39.94,{"$f":"J2703*$B$2","v":47.129199999999997},{"$f":"K2703*G2703","v":0},{"$f":"J2703*(1-$E$5-$E$7)*(1-$E$9)*(1+$E$11)","v":39.94},{"$f":"M2703*G2703","v":0},{"$f":"ROUND((M2703*$B$2),2)","v":47.13},{"$f":"O2703*G2703","v":0}]
[null,"RAUTHERMEX"]
[null,"RAUTHERMEX",null,null,11680621001,"Тройник с внутренней резьбой 32х4,4 -Rp 3/4-25",null,"шт",3,19.72,{"$f":"J2705*$B$2","v":23.269599999999997},{"$f":"K2705*G2705","v":0},{"$f":"J2705*(1-$E$5-$E$7)*(1-$E$9)*(1+$E$11)","v":19.72},{"$f":"M2705*G2705","v":0},{"$f":"ROUND((M2705*$B$2),2)","v":23.27},{"$f":"O2705*G2705","v":0}]
[null,"RAUTHERMEX"]
[null,"RAUTHERMEX",null,null,12893491001,"Переходник на сварное соединение 25х3,5 - 26,9х2,3",null,"шт",10,{"$f":"9.39/1.18","v":7.9576271186440684},{"$f":"J2707*$B$2","v":9.39},{"$f":"K2707*G2707","v":0},{"$f":"J2707*(1-$E$5-$E$7)*(1-$E$9)*(1+$E$11)","v":7.9576271186440684},{"$f":"M2707*G2707","v":0},{"$f":"ROUND((M2707*$B$2),2)","v":9.39},{"$f":"O2707*G2707","v":0}]
[null,"RAUTHERMEX",null,null,12677011001,"Переходник на сварное соединение 32х4,4 - 33,7х2,6",null,"шт",3,{"$f":"13.29/1.18","v":11.26271186440678},{"$f":"J2708*$B$2","v":13.290000000000001},{"$f":"K2708*G2708","v":0},{"$f":"J2708*(1-$E$5-$E$7)*(1-$E$9)*(1+$E$11)","v":11.26271186440678},{"$f":"M2708*G2708","v":0},{"$f":"ROUND((M2708*$B$2),2)","v":13.29},{"$f":"O2708*G2708","v":0}]
[null,"RAUTHERMEX",null,null,12677111001,"Переходник на сварное соединение 40х5,5 - 42,4х2,6",null,"шт",3,{"$f":"29.83/1.18","v":25.279661016949152},{"$f":"J2709*$B$2","v":29.83},{"$f":"K2709*G2709","v":0},{"$f":"J2709*(1-$E$5-$E$7)*(1-$E$9)*(1+$E$11)","v":25.279661016949152},{"$f":"M2709*G2709","v":0},{"$f":"ROUND((M2709*$B$2),2)","v":29.83},{"$f":"O2709*G2709","v":0}]
[null,"RAUTHERMEX",null,null,13158271001,"Переходник на сварное соединение 50х6,9 - 48,3х2,6",null,"шт",1,{"$f":"37.79/1.18","v":32.025423728813557},37.789999999999992,{"$f":"K2710*G2710","v":0},32.025423728813557,{"$f":"M2710*G2710","v":0},37.79,{"$f":"O2710*G2710","v":0}]
[null,"RAUTHERMEX",null,null,13158281001,"Переходник на сварное соединение 63х8,6 - 60,3х2,9",null,"шт",1,{"$f":"40.28/1.18","v":34.135593220338983},40.279999999999994,{"$f":"K2711*G2711","v":0},34.135593220338983,{"$f":"M2711*G2711","v":0},40.28,{"$f":"O2711*G2711","v":0}]
[null,"RAUTHERMEX"]
[null,"RAUTHERMEX",null,13130641001,13660681001,"Переходник с внутренней резьбой 20-Rp1/2 RX",null,"шт",10,6,{"$f":"J2713*$B$2","v":7.08},{"$f":"K2713*G2713","v":0},{"$f":"J2713*(1-$E$5-$E$7)*(1-$E$9)*(1+$E$11)","v":6},{"$f":"M2713*G2713","v":0},{"$f":"ROUND((M2713*$B$2),2)","v":7.08},{"$f":"O2713*G2713","v":0}]
[null,"RAUTHERMEX",null,13130651001,13660691001,"Переходник с внутренней резьбой 20-Rp3/4 RX",null,"шт",10,6,7.08,0,6,0,7.08,0]
[null,"RAUTHERMEX",null,11681001001,13660701001,"Переходник с внутренней резьбой 25-Rp1/2 RX",null,"шт",10,8,9.44,0,8,0,9.44,0]
[null,"RAUTHERMEX",null,13130661001,13660711001,"Переходник с внутренней резьбой 25-Rp3/4 RX",null,"шт",10,8,9.44,0,8,0,9.44,0]
[null,"RAUTHERMEX",null,13130671001,13660721001,"Переходник с внутренней резьбой 32x4,4-Rp3/4 RX",null,"шт",10,11.82,13.9476,0,11.82,0,13.95,0]
[null,"RAUTHERMEX",null,13130681001,13660731001,"Переходник с внутренней резьбой 32x4,4-Rp1 RX",null,"шт",10,11.82,13.9476,0,11.82,0,13.95,0]
[null,"RAUTHERMEX",null,13130691001,13660841001,"Переходник с внутренней резьбой 40-Rр 1 1/4 RX",null,"шт",5,26.6,31.388000000000002,0,26.6,0,31.39,0]
[null,"RAUTHERMEX"]
[null,"RAUTHERMEX",null,11680901001,13660521001,"Переходник с наружной резьбой 20-R 1/2",null,"шт",10,7.44,{"$f":"J2721*$B$2","v":8.7791999999999994},{"$f":"K2721*G2721","v":0},{"$f":"J2721*(1-$E$5-$E$7)*(1-$E$9)*(1+$E$11)","v":7.44},{"$f":"M2721*G2721","v":0},{"$f":"ROUND((M2721*$B$2),2)","v":8.7799999999999994},{"$f":"O2721*G2721","v":0}]
[null,"RAUTHERMEX",null,13129951001,13660531001,"Переходник с наружной резьбой 20-R 3/4 -L15",null,"шт",10,7.44,8.7791999999999994,0,7.44,0,8.7799999999999994,0]
[null,"RAUTHERMEX",null,11680911001,13660551001,"Переходник с наружной резьбой 20x2,8- R1 L18",null,"шт",5,10.33,12.189399999999999,0,10.33,0,12.19,0]
[null,"RAUTHERMEX",null,13129961001,13660561001,"Переходник с наружной резьбой 25-R1/2",null,"шт",10,7.44,8.7791999999999994,0,7.44,0,8.7799999999999994,0]
[null,"RAUTHERMEX",null,11680991001,13660571001,"Переходник с наружной резьбой 25-R3/4/L18",null,"шт",10,8.7799999999999994,10.360399999999998,0,8.7799999999999994,0,10.36,0]
[null,"RAUTHERMEX",null,13129981001,13660581001,"Переходник с наружной резьбой 25-R1/L22",null,"шт",10,7.44,8.7791999999999994,0,7.44,0,8.7799999999999994,0]
[null,"RAUTHERMEX",null,13129991001,13660591001,"Переходник с наружной резьбой 32x4,4-R3/4",null,"шт",10,13.46,15.8828,0,13.46,0,15.88,0]
[null,"RAUTHERMEX",null,11681051001,13660601001,"Переходник с наружной резьбой 32x4,4-R1/L22",null,"шт",10,13.46,15.8828,0,13.46,0,15.88,0]
[null,"RAUTHERMEX",null,11681041001,13660611001,"Переходник с наружной резьбой 32-R 1 1/4",null,"шт",5,16.059999999999999,18.950799999999997,0,16.059999999999999,0,18.95,0]
[null,"RAUTHERMEX",null,11681091001,13660621001,"Переходник с наружной резьбой 40x5,5-R1 1/4",null,"шт",5,17.7,20.885999999999999,0,17.7,0,20.89,0]
[null,"RAUTHERMEX",null,11681121001,13660631001,"Переходник с наружной резьбой 50x6,9-R1 1/4 RX",null,"шт",5,25.86,30.514799999999997,0,25.86,0,30.51,0]
[null,"RAUTHERMEX",null,11681111001,13660651001,"Переходник с наружной резьбой 50x6,9-R1 1/2",null,"шт",1,25.86,30.514799999999997,0,25.86,0,30.51,0]
[null,"RAUTHERMEX",null,11681131001,13660661001,"Переходник с наружной резьбой 63x8,6-R2",null,"шт",1,39.630000000000003,46.763399999999997,0,39.630000000000003,0,46.76,0]
[null,"RAUTHERMEX"]
["D","RAUTHERMEX",null,null,11680881001,"Переходник с накидной гайкой 20-G1/2",null,"шт",10,7.18,{"$f":"J2735*$B$2","v":8.4723999999999986},{"$f":"K2735*G2735","v":0},{"$f":"J2735*(1-$E$5-$E$7)*(1-$E$9)*(1+$E$11)","v":7.18},{"$f":"M2735*G2735","v":0},{"$f":"ROUND((M2735*$B$2),2)","v":8.4700000000000006},{"$f":"O2735*G2735","v":0}]
[null,"RAUTHERMEX",null,null,11680891001,"Переходник с накидной гайкой 20-G3/4",null,"шт",10,7.18,{"$f":"J2736*$B$2","v":8.4723999999999986},{"$f":"K2736*G2736","v":0},{"$f":"J2736*(1-$E$5-$E$7)*(1-$E$9)*(1+$E$11)","v":7.18},{"$f":"M2736*G2736","v":0},{"$f":"ROUND((M2736*$B$2),2)","v":8.4700000000000006},{"$f":"O2736*G2736","v":0}]
[null,"RAUTHERMEX",null,null,11680961001,"Переходник с накидной гайкой 25-G3/4",null,"шт",10,13.67,{"$f":"J2737*$B$2","v":16.130599999999998},{"$f":"K2737*G2737","v":0},{"$f":"J2737*(1-$E$5-$E$7)*(1-$E$9)*(1+$E$11)","v":13.67},{"$f":"M2737*G2737","v":0},{"$f":"ROUND((M2737*$B$2),2)","v":16.13},{"$f":"O2737*G2737","v":0}]
["D","RAUTHERMEX",null,null,11680951001,"Переходник с накидной гайкой 25-G1",null,"шт",10,13.67,{"$f":"J2738*$B$2","v":16.130599999999998},{"$f":"K2738*G2738","v":0},{"$f":"J2738*(1-$E$5-$E$7)*(1-$E$9)*(1+$E$11)","v":13.67},{"$f":"M2738*G2738","v":0},{"$f":"ROUND((M2738*$B$2),2)","v":16.13},{"$f":"O2738*G2738","v":0}]
[null,"RAUTHERMEX",null,null,11681031001,"Переходник с накидной гайкой 32-G1",null,"шт",10,20.73,{"$f":"J2739*$B$2","v":24.461399999999998},{"$f":"K2739*G2739","v":0},{"$f":"J2739*(1-$E$5-$E$7)*(1-$E$9)*(1+$E$11)","v":20.73},{"$f":"M2739*G2739","v":0},{"$f":"ROUND((M2739*$B$2),2)","v":24.46},{"$f":"O2739*G2739","v":0}]
[null,"RAUTHERMEX"]
[null,"RAUTHERMEX",null,11681621001,13660891001,"Угольник-переходник с наружной резьбой 20-R1/2",null,"шт",10,6.31,{"$f":"J2741*$B$2","v":7.4457999999999993},{"$f":"K2741*G2741","v":0},{"$f":"J2741*(1-$E$5-$E$7)*(1-$E$9)*(1+$E$11)","v":6.31},{"$f":"M2741*G2741","v":0},{"$f":"ROUND((M2741*$B$2),2)","v":7.45},{"$f":"O2741*G2741","v":0}]
[null,"RAUTHERMEX",null,11681631001,13660901001,"Угольник-переходник с наружной резьбой  20-R 3/4",null,"шт",10,6.31,{"$f":"J2742*$B$2","v":7.4457999999999993},{"$f":"K2742*G2742","v":0},{"$f":"J2742*(1-$E$5-$E$7)*(1-$E$9)*(1+$E$11)","v":6.31},{"$f":"M2742*G2742","v":0},{"$f":"ROUND((M2742*$B$2),2)","v":7.45},{"$f":"O2742*G2742","v":0}]
[null,"RAUTHERMEX",null,13130701001,13660911001,"Угольник-переходник с наружной резьбой 25-R3/4",null,"шт",10,8.7200000000000006,{"$f":"J2743*$B$2","v":10.2896},{"$f":"K2743*G2743","v":0},{"$f":"J2743*(1-$E$5-$E$7)*(1-$E$9)*(1+$E$11)","v":8.7200000000000006},{"$f":"M2743*G2743","v":0},{"$f":"ROUND((M2743*$B$2),2)","v":10.29},{"$f":"O2743*G2743","v":0}]
[null,"RAUTHERMEX",null,11681661001,13660921001,"Угольник-переходник с наружной резьбой 32-R3/4 RX",null,"шт",3,15.13,{"$f":"J2744*$B$2","v":17.853400000000001},{"$f":"K2744*G2744","v":0},{"$f":"J2744*(1-$E$5-$E$7)*(1-$E$9)*(1+$E$11)","v":15.13},{"$f":"M2744*G2744","v":0},{"$f":"ROUND((M2744*$B$2),2)","v":17.850000000000001},{"$f":"O2744*G2744","v":0}]
[null,"RAUTHERMEX",null,13130711001,13660931001,"Угольник-переходник с наружной резьбойй 32-R1",null,"шт",3,19.309999999999999,{"$f":"J2745*$B$2","v":22.785799999999998},{"$f":"K2745*G2745","v":0},{"$f":"J2745*(1-$E$5-$E$7)*(1-$E$9)*(1+$E$11)","v":19.309999999999999},{"$f":"M2745*G2745","v":0},{"$f":"ROUND((M2745*$B$2),2)","v":22.79},{"$f":"O2745*G2745","v":0}]
[null,"RAUTHERMEX"]
[null,"RAUTHERMEX",null,null,11681581001,"Переходник с внутренней резьбой 20-Rp1/2",null,"шт",10,7.37,{"$f":"J2747*$B$2","v":8.6966000000000001},{"$f":"K2747*G2747","v":0},{"$f":"J2747*(1-$E$5-$E$7)*(1-$E$9)*(1+$E$11)","v":7.37},{"$f":"M2747*G2747","v":0},{"$f":"ROUND((M2747*$B$2),2)","v":8.6999999999999993},{"$f":"O2747*G2747","v":0}]
[null,"RAUTHERMEX",null,null,11681591001,"Переходник с внутренней резьбой 20-Rp3/4",null,"шт",10,7.37,{"$f":"J2748*$B$2","v":8.6966000000000001},{"$f":"K2748*G2748","v":0},{"$f":"J2748*(1-$E$5-$E$7)*(1-$E$9)*(1+$E$11)","v":7.37},{"$f":"M2748*G2748","v":0},{"$f":"ROUND((M2748*$B$2),2)","v":8.6999999999999993},{"$f":"O2748*G2748","v":0}]
[null,"RAUTHERMEX",null,null,11681601001,"Переходник с внутренней резьбой 25-Rp1",null,"шт",10,12.5,{"$f":"J2749*$B$2","v":14.75},{"$f":"K2749*G2749","v":0},{"$f":"J2749*(1-$E$5-$E$7)*(1-$E$9)*(1+$E$11)","v":12.5},{"$f":"M2749*G2749","v":0},{"$f":"ROUND((M2749*$B$2),2)","v":14.75},{"$f":"O2749*G2749","v":0}]
[null,"RAUTHERMEX"]
[null,"RAUTHERMEX",null,11681451001,13129861001,"Угольник 90° 20x2,8",null,"шт",10,6.39,{"$f":"J2751*$B$2","v":7.5401999999999996},{"$f":"K2751*G2751","v":0},{"$f":"J2751*(1-$E$5-$E$7)*(1-$E$9)*(1+$E$11)","v":6.39},{"$f":"M2751*G2751","v":0},{"$f":"ROUND((M2751*$B$2),2)","v":7.54},{"$f":"O2751*G2751","v":0}]
[null,"RAUTHERMEX",null,11681471001,13129871001,"Угольник 90° 25x3,5",null,"шт",10,8.57,10.1126,0,8.57,0,10.11,0]
[null,"RAUTHERMEX",null,11681491001,13129881001,"Угольник 90° 32x4,4",null,"шт",3,13.74,16.213200000000001,0,13.74,0,16.21,0]
[null,"RAUTHERMEX",null,null,13129891001,"Угольник 90° 40x5,5",null,"шт",1,23.58,27.824399999999997,0,23.58,0,27.82,0]
[null,"RAUTHERMEX",null,null,11681531001,"Угольник 90° 50x6,9",null,"шт",1,43.55,51.388999999999996,0,43.55,0,51.39,0]
[null,"RAUTHERMEX",null,null,11681551001,"Угольник 90° 63x8,6",null,"шт",1,52.46,61.902799999999999,0,52.46,0,61.9,0]
[null,"RAUTHERMEX"]
[null,"RAUTHERMEX",null,null,11681481001,"Угольник 45° 32x4,4",null,"шт",3,16.47,{"$f":"J2758*$B$2","v":19.434599999999996},{"$f":"K2758*G2758","v":0},{"$f":"J2758*(1-$E$5-$E$7)*(1-$E$9)*(1+$E$11)","v":16.47},{"$f":"M2758*G2758","v":0},{"$f":"ROUND((M2758*$B$2),2)","v":19.43},{"$f":"O2758*G2758","v":0}]
[null,"RAUTHERMEX",null,11681521001,13660471001,"Угольник 45° 50x6,9",null,"шт",1,52.62,{"$f":"J2759*$B$2","v":62.091599999999993},{"$f":"K2759*G2759","v":0},{"$f":"J2759*(1-$E$5-$E$7)*(1-$E$9)*(1+$E$11)","v":52.62},{"$f":"M2759*G2759","v":0},{"$f":"ROUND((M2759*$B$2),2)","v":62.09},{"$f":"O2759*G2759","v":0}]
[null,"RAUTHERMEX",null,11681541001,13660481001,"Угольник 45° 63x8,6",null,"шт",1,79.88,{"$f":"J2760*$B$2","v":94.258399999999995},{"$f":"K2760*G2760","v":0},{"$f":"J2760*(1-$E$5-$E$7)*(1-$E$9)*(1+$E$11)","v":79.88},{"$f":"M2760*G2760","v":0},{"$f":"ROUND((M2760*$B$2),2)","v":94.26},{"$f":"O2760*G2760","v":0}]
[null,"RAUTHERMEX"]
[null,"RAUTHERMEX",null,null,null,"4.7 RAUTHERMEX COOL для холодного водоснабжения SDR 11"]
[null,"RAUTHERMEX",null,null,null,"Труба серия 1, SDR 11 с каналом под электрический кабель"]
[null,"RAUTHERMEX",null,null,12867411001,"Труба для холодного водоснабжения 25/76",null,"м",null,39.94,{"$f":"J2764*$B$2","v":47.129199999999997},{"$f":"K2764*G2764","v":0},{"$f":"J2764*(1-$E$5-$E$7)*(1-$E$9)*(1+$E$11)","v":39.94},{"$f":"M2764*G2764","v":0},{"$f":"ROUND((M2764*$B$2),2)","v":47.13},{"$f":"O2764*G2764","v":0}]
[null,"RAUTHERMEX",null,null,12867511001,"Труба для холодного водоснабжения 32/76",null,"м",null,41.88,49.418399999999998,0,41.88,0,49.42,0]
[null,"RAUTHERMEX",null,null,12867611001,"Труба для холодного водоснабжения 40/91",null,"м",null,46.39,54.740199999999994,0,46.39,0,54.74,0]
[null,"RAUTHERMEX",null,null,12867711001,"Труба для холодного водоснабжения 50/91",null,"м",null,48.96,57.772799999999997,0,48.96,0,57.77,0]
[null,"RAUTHERMEX",null,null,12867811001,"Труба для холодного водоснабжения 63/126",null,"м",null,70.22,82.8596,0,70.22,0,82.86,0]
[null,"RAUTHERMEX",null,null,12867911001,"Труба для холодного водоснабжения 75/126",null,"м",null,73.44,86.659199999999998,0,73.44,0,86.66,0]
[null,"RAUTHERMEX",null,null,12868011001,"Труба для холодного водоснабжения 90/162",null,"м",null,90.83,107.17939999999999,0,90.83,0,107.18,0]
[null,"RAUTHERMEX",null,null,12868111001,"Труба для холодного водоснабжения 110/162",null,"м",null,97.94,115.5692,0,97.94,0,115.57,0]
[null,"RAUTHERMEX"]
[null,"RAUTHERMEX",null,null,null,"Труба серия 1, SDR 11 без канала под электрический кабель"]
[null,"RAUTHERMEX",null,null,12868211001,"Труба для холодного водоснабжения 25/76",null,"м",null,23.84,{"$f":"J2774*$B$2","v":28.1312},{"$f":"K2774*G2774","v":0},{"$f":"J2774*(1-$E$5-$E$7)*(1-$E$9)*(1+$E$11)","v":23.84},{"$f":"M2774*G2774","v":0},{"$f":"ROUND((M2774*$B$2),2)","v":28.13},{"$f":"O2774*G2774","v":0}]
[null,"RAUTHERMEX",null,null,12868311001,"Труба для холодного водоснабжения 32/76",null,"м",null,25.12,29.6416,0,25.12,0,29.64,0]
[null,"RAUTHERMEX",null,null,12868411001,"Труба для холодного водоснабжения 40/91",null,"м",null,29,34.22,0,29,0,34.22,0]
[null,"RAUTHERMEX",null,null,12868511001,"Труба для холодного водоснабжения 50/91",null,"м",null,32.85,38.762999999999998,0,32.85,0,38.76,0]
[null,"RAUTHERMEX",null,null,12868611001,"Труба для холодного водоснабжения 63/126",null,"м",null,45.74,53.973199999999999,0,45.74,0,53.97,0]
[null,"RAUTHERMEX",null,null,12868711001,"Труба для холодного водоснабжения 75/126",null,"м",null,50.25,59.294999999999995,0,50.25,0,59.3,0]
[null,"RAUTHERMEX",null,null,12868811001,"Труба для холодного водоснабжения 90/162",null,"м",null,63.78,75.260400000000004,0,63.78,0,75.260000000000005,0]
[null,"RAUTHERMEX",null,null,12868911001,"Труба для холодного водоснабжения 110/162",null,"м",null,72.8,85.903999999999996,0,72.8,0,85.9,0]
[null,"RAUTHERMEX"]
[null,"RAUTHERMEX",null,null,null,"Комплектующие RAUTHERMEX COOL"]
[null,"RAUTHERMEX",null,null,12876511001,"Соединение греющий кабель/ кабель электроснабжения",null,"шт",null,32.21,{"$f":"J2784*$B$2","v":38.007799999999996},{"$f":"K2784*G2784","v":0},{"$f":"J2784*(1-$E$5-$E$7)*(1-$E$9)*(1+$E$11)","v":32.21},{"$f":"M2784*G2784","v":0},{"$f":"ROUND((M2784*$B$2),2)","v":38.01},{"$f":"O2784*G2784","v":0}]
[null,"RAUTHERMEX",null,null,12876611001,"Соединительный элемент для греющего кабеля",null,"шт",null,42.52,50.1736,0,42.52,0,50.17,0]
[null,"RAUTHERMEX",null,null,12876711001,"Наконечник для греющего кабеля",null,"шт",null,23.19,27.3642,0,23.19,0,27.36,0]
[null,"RAUTHERMEX",null,null,12876811001,"Тройник для греющего кабеля",null,"шт",null,109.52,129.2336,0,109.52,0,129.22999999999999,0]
[null,"RAUTHERMEX",null,null,12876911001,"Комплект для изоляции термодатчика для труб 76-92",null,"шт",null,34.79,41.052199999999999,0,34.79,0,41.05,0]
[null,"RAUTHERMEX",null,null,12877011001,"Комплект для изоляции термодатчика для труб 111-126",null,"шт",null,37.369999999999997,44.096599999999995,0,37.369999999999997,0,44.1,0]
[null,"RAUTHERMEX",null,null,13503521001,"Комплект для изоляции термодатчика для труб 142-182",null,"шт",null,{"$f":"64.18/1.18","v":54.389830508474581},64.180000000000007,0,54.389830508474581,0,64.180000000000007,0]
[null,"RAUTHERMEX",null,null,12877111001,"Температурный датчик к термостату UTR 15",null,"шт",null,354.34,{"$f":"J2791*$B$2","v":418.12119999999993},0,354.34,0,418.12,0]
[null,"RAUTHERMEX",null,null,13503531001,"Термодатчик отдельно к термостату UTR 15",null,"шт",null,{"$f":"120.6/1.18","v":102.20338983050847},{"$f":"J2792*$B$2","v":120.6},0,102.20338983050847,0,120.6,0]
[null,"RAUTHERMEX"]
[null,"RAUTHERMEX",null,null,null,"4.8  Комплект муфт"]
[null,"RAUTHERMEX",null,null,12156271001,"Соединительная муфта 182-250",null,"шт",1,307.44,{"$f":"J2795*$B$2","v":362.7792},{"$f":"K2795*G2795","v":0},{"$f":"J2795*(1-$E$5-$E$7)*(1-$E$9)*(1+$E$11)","v":307.44},{"$f":"M2795*G2795","v":0},{"$f":"ROUND((M2795*$B$2),2)","v":362.78},{"$f":"O2795*G2795","v":0}]
[null,"RAUTHERMEX",null,null,12156281001,"Соединительная муфта 202-250",null,"шт",1,309.75,{"$f":"J2796*$B$2","v":365.505},{"$f":"K2796*G2796","v":0},{"$f":"J2796*(1-$E$5-$E$7)*(1-$E$9)*(1+$E$11)","v":309.75},{"$f":"M2796*G2796","v":0},{"$f":"ROUND((M2796*$B$2),2)","v":365.51},{"$f":"O2796*G2796","v":0}]
[null,"RAUTHERMEX",null,null,12988221001,"Соединительная муфта 250-250",null,"шт",1,312.18,{"$f":"J2797*$B$2","v":368.37239999999997},{"$f":"K2797*G2797","v":0},{"$f":"J2797*(1-$E$5-$E$7)*(1-$E$9)*(1+$E$11)","v":312.18},{"$f":"M2797*G2797","v":0},{"$f":"ROUND((M2797*$B$2),2)","v":368.37},{"$f":"O2797*G2797","v":0}]
[null,"RAUTHERMEX"]
[null,"RAUTHERMEX",null,null,null,"4.10 Заглушки и шахтные уплотнители"]
[null,"RAUTHERMEX",null,null,12403631001,"Уплотнительное кольцо для домового ввода труб 91/133",null,"шт",1,18.670000000000002,{"$f":"J2800*$B$2","v":22.0306},{"$f":"K2800*G2800","v":0},{"$f":"J2800*(1-$E$5-$E$7)*(1-$E$9)*(1+$E$11)","v":18.670000000000002},{"$f":"M2800*G2800","v":0},{"$f":"ROUND((M2800*$B$2),2)","v":22.03},{"$f":"O2800*G2800","v":0}]
[null,"RAUTHERMEX",null,null,12403731001,"Уплотнительное кольцо для домового ввода труб 111/153",null,"шт",1,23.19,27.3642,0,23.19,0,27.36,0]
[null,"RAUTHERMEX",null,null,12403831001,"Уплотнительное кольцо для домового ввода труб 126/168",null,"шт",1,25.76,30.396799999999999,0,25.76,0,30.4,0]
[null,"RAUTHERMEX",null,null,12404031001,"Уплотнительное кольцо для домового ввода труб 162/203",null,"шт",1,32.21,38.007799999999996,0,32.21,0,38.01,0]
[null,"RAUTHERMEX",null,null,12391011001,"Уплотнительное кольцо для домового ввода труб 182/223",null,"шт",1,38.01,44.851799999999997,0,38.01,0,44.85,0]
[null,"RAUTHERMEX",null,null,13532781001,"Уплотнительное кольцо для домового ввода труб 202/234",null,"шт",1,35.590000000000003,41.996200000000002,0,35.590000000000003,0,42,0]
[null,"RAUTHERMEX",null,null,12199831001,"Уплотнительное кольцо для домового ввода труб 225/261",null,"шт",1,39.32,46.397599999999997,0,39.32,0,46.4,0]
[null,"RAUTHERMEX",null,null,12988181001,"Уплотнительное кольцо для домового ввода труб 250/286",null,"шт",1,48.01,56.651799999999994,0,48.01,0,56.65,0]
[null,"RAUTHERMEX"]
[null,"RAUTHERMEX",null,null,12854211001,"Шахтный уплотнительный фланец 80мм/75/125",null,"шт",1,95.35,{"$f":"J2809*$B$2","v":112.51299999999999},{"$f":"K2809*G2809","v":0},{"$f":"J2809*(1-$E$5-$E$7)*(1-$E$9)*(1+$E$11)","v":95.35},{"$f":"M2809*G2809","v":0},{"$f":"ROUND((M2809*$B$2),2)","v":112.51},{"$f":"O2809*G2809","v":0}]
[null,"RAUTHERMEX",null,null,12854311001,"Шахтный уплотнительный фланец 80мм/91/150",null,"шт",1,122.41,144.44379999999998,0,122.41,0,144.44,0]
[null,"RAUTHERMEX",null,null,12854411001,"Шахтный уплотнительный фланец 80мм/111/200",null,"шт",1,186.84,220.47119999999998,0,186.84,0,220.47,0]
[null,"RAUTHERMEX",null,null,12854511001,"Шахтный уплотнительный фланец 80мм/126/200",null,"шт",1,193.28,228.07039999999998,0,193.28,0,228.07,0]
[null,"RAUTHERMEX",null,null,12854611001,"Шахтный уплотнительный фланец 80мм/142/200",null,"шт",1,199.71,235.65780000000001,0,199.71,0,235.66,0]
[null,"RAUTHERMEX",null,null,12854711001,"Шахтный уплотнительный фланец 80мм/162/250",null,"шт",1,251.26,296.48679999999996,0,251.26,0,296.49,0]
[null,"RAUTHERMEX",null,null,12854811001,"Шахтный уплотнительный фланец 80мм/182/250",null,"шт",1,270.58999999999997,319.29619999999994,0,270.58999999999997,0,319.3,0]
[null,"RAUTHERMEX",null,null,12193761001,"Шахтный уплотнительный фланец 80мм/202/300",null,"шт",1,{"$f":"768.12/1.18","v":650.94915254237287},768.12,0,{"$f":"J2816*(1-$E$5-$E$7)*(1-$E$9)*(1+$E$11)","v":650.94915254237287},0,{"$f":"ROUND((M2816*$B$2),2)","v":768.12},0]
[null,"RAUTHERMEX",null,null,12988121001,"Шахтный уплотнительный фланец 80мм/250/350",null,"шт",1,{"$f":"942.84/1.18","v":799.01694915254245},942.84,0,799.01694915254245,0,942.84,0]
[null,"RAUTHERMEX"]
[null,"RAUTHERMEX",null,null,12854911001,"Шахтный уплотнительный фланец 40мм/75/125",null,"шт",1,61.85,{"$f":"J2819*$B$2","v":72.983000000000004},{"$f":"K2819*G2819","v":0},{"$f":"J2819*(1-$E$5-$E$7)*(1-$E$9)*(1+$E$11)","v":61.85},{"$f":"M2819*G2819","v":0},{"$f":"ROUND((M2819*$B$2),2)","v":72.98},{"$f":"O2819*G2819","v":0}]
[null,"RAUTHERMEX",null,null,12855011001,"Шахтный уплотнительный фланец 40мм/91/150",null,"шт",1,76.03,89.715400000000002,0,76.03,0,89.72,0]
[null,"RAUTHERMEX",null,null,12855111001,"Шахтный уплотнительный фланец 40мм/111/200",null,"шт",1,110.81,130.75579999999999,0,110.81,0,130.76,0]
[null,"RAUTHERMEX",null,null,12855211001,"Шахтный уплотнительный фланец 40мм/126/200",null,"шт",1,113.38,133.7884,0,113.38,0,133.79,0]
[null,"RAUTHERMEX",null,null,12855311001,"Шахтный уплотнительный фланец 40мм/142/200",null,"шт",1,117.25,138.35499999999999,0,117.25,0,138.36000000000001,0]
[null,"RAUTHERMEX",null,null,12855411001,"Шахтный уплотнительный фланец 40мм/162/250",null,"шт",1,161.06,190.05079999999998,0,161.06,0,190.05,0]
[null,"RAUTHERMEX",null,null,12855511001,"Шахтный уплотнительный фланец 40мм/182/250",null,"шт",1,167.5,197.64999999999998,0,167.5,0,197.65,0]
[null,"RAUTHERMEX",null,null,12183111001,"Шахтный уплотнительный фланец 40мм/202/300",null,"шт",1,575.91,679.57379999999989,0,575.91,0,679.57,0]
[null,"RAUTHERMEX",null,null,12988151001,"Шахтный уплотнительный фланец 40мм/250/350",null,"шт",1,341.51,402.98179999999996,0,341.51,0,402.98,0]
[null,"RAUTHERMEX"]
[null,"RAUTHERMEX",null,null,12227741001,"Труба для шахтного уплотнительного фланца DN 125",null,"шт",1,57.98,{"$f":"J2829*$B$2","v":68.416399999999996},{"$f":"K2829*G2829","v":0},{"$f":"J2829*(1-$E$5-$E$7)*(1-$E$9)*(1+$E$11)","v":57.98},{"$f":"M2829*G2829","v":0},{"$f":"ROUND((M2829*$B$2),2)","v":68.42},{"$f":"O2829*G2829","v":0}]
[null,"RAUTHERMEX",null,null,12227841001,"Труба для шахтного уплотнительного фланца DN 150",null,"шт",1,63.13,{"$f":"J2830*$B$2","v":74.493399999999994},{"$f":"K2830*G2830","v":0},{"$f":"J2830*(1-$E$5-$E$7)*(1-$E$9)*(1+$E$11)","v":63.13},{"$f":"M2830*G2830","v":0},{"$f":"ROUND((M2830*$B$2),2)","v":74.489999999999995},{"$f":"O2830*G2830","v":0}]
[null,"RAUTHERMEX",null,null,12227941001,"Труба для шахтного уплотнительного фланца DN 200",null,"шт",1,82.46,{"$f":"J2831*$B$2","v":97.302799999999991},{"$f":"K2831*G2831","v":0},{"$f":"J2831*(1-$E$5-$E$7)*(1-$E$9)*(1+$E$11)","v":82.46},{"$f":"M2831*G2831","v":0},{"$f":"ROUND((M2831*$B$2),2)","v":97.3},{"$f":"O2831*G2831","v":0}]
[null,"RAUTHERMEX",null,null,12228041001,"Труба для шахтного уплотнительного фланца DN 250",null,"шт",1,193.28,{"$f":"J2832*$B$2","v":228.07039999999998},{"$f":"K2832*G2832","v":0},{"$f":"J2832*(1-$E$5-$E$7)*(1-$E$9)*(1+$E$11)","v":193.28},{"$f":"M2832*G2832","v":0},{"$f":"ROUND((M2832*$B$2),2)","v":228.07},{"$f":"O2832*G2832","v":0}]
[null,"RAUTHERMEX"]
[null,"RAUTHERMEX",null,null,12228141001,"Фиксатор обшивки 125",null,"шт",1,20.62,{"$f":"J2834*$B$2","v":24.331599999999998},{"$f":"K2834*G2834","v":0},{"$f":"J2834*(1-$E$5-$E$7)*(1-$E$9)*(1+$E$11)","v":20.62},{"$f":"M2834*G2834","v":0},{"$f":"ROUND((M2834*$B$2),2)","v":24.33},{"$f":"O2834*G2834","v":0}]
[null,"RAUTHERMEX",null,null,12228241001,"Фиксатор обшивки 150",null,"шт",1,24.48,{"$f":"J2835*$B$2","v":28.886399999999998},{"$f":"K2835*G2835","v":0},{"$f":"J2835*(1-$E$5-$E$7)*(1-$E$9)*(1+$E$11)","v":24.48},{"$f":"M2835*G2835","v":0},{"$f":"ROUND((M2835*$B$2),2)","v":28.89},{"$f":"O2835*G2835","v":0}]
[null,"RAUTHERMEX",null,null,12228341001,"Фиксатор обшивки 200",null,"шт",1,30.29,{"$f":"J2836*$B$2","v":35.742199999999997},{"$f":"K2836*G2836","v":0},{"$f":"J2836*(1-$E$5-$E$7)*(1-$E$9)*(1+$E$11)","v":30.29},{"$f":"M2836*G2836","v":0},{"$f":"ROUND((M2836*$B$2),2)","v":35.74},{"$f":"O2836*G2836","v":0}]
[null,"RAUTHERMEX",null,null,12228441001,"Фиксатор обшивки 250",null,"шт",1,34.79,{"$f":"J2837*$B$2","v":41.052199999999999},{"$f":"K2837*G2837","v":0},{"$f":"J2837*(1-$E$5-$E$7)*(1-$E$9)*(1+$E$11)","v":34.79},{"$f":"M2837*G2837","v":0},{"$f":"ROUND((M2837*$B$2),2)","v":41.05},{"$f":"O2837*G2837","v":0}]
[null,"RAUTHERMEX"]
[null,"RAUTHERMEX",null,null,12228541001,"Комплект с эпоксидной смолой",null,"шт",1,85.04,{"$f":"J2839*$B$2","v":100.3472},{"$f":"K2839*G2839","v":0},{"$f":"J2839*(1-$E$5-$E$7)*(1-$E$9)*(1+$E$11)","v":85.04},{"$f":"M2839*G2839","v":0},{"$f":"ROUND((M2839*$B$2),2)","v":100.35},{"$f":"O2839*G2839","v":0}]
[null,"RAUTHERMEX"]
[null,"RAUTHERMEX",null,null,12099611001,"Термоусадочная заглушка 20/76",null,"шт",1,41.23,{"$f":"J2841*$B$2","v":48.651399999999995},{"$f":"K2841*G2841","v":0},{"$f":"J2841*(1-$E$5-$E$7)*(1-$E$9)*(1+$E$11)","v":41.23},{"$f":"M2841*G2841","v":0},{"$f":"ROUND((M2841*$B$2),2)","v":48.65},{"$f":"O2841*G2841","v":0}]
[null,"RAUTHERMEX",null,null,12099611001,"Термоусадочная заглушка 25/91",null,"шт",1,41.23,48.651399999999995,0,41.23,0,48.65,0]
[null,"RAUTHERMEX",null,null,12099611001,"Термоусадочная заглушка 25/76",null,"шт",1,41.23,48.651399999999995,0,41.23,0,48.65,0]
[null,"RAUTHERMEX",null,null,12099611001,"Термоусадочная заглушка 32/76",null,"шт",1,41.23,48.651399999999995,0,41.23,0,48.65,0]
[null,"RAUTHERMEX",null,null,12099611001,"Термоусадочная заглушка 32/91",null,"шт",1,41.23,48.651399999999995,0,41.23,0,48.65,0]
[null,"RAUTHERMEX",null,null,12099611001,"Термоусадочная заглушка 40/91",null,"шт",1,41.23,48.651399999999995,0,41.23,0,48.65,0]
[null,"RAUTHERMEX",null,null,12099611001,"Термоусадочная заглушка 50/111",null,"шт",1,41.23,48.651399999999995,0,41.23,0,48.65,0]
[null,"RAUTHERMEX",null,null,12099621001,"Термоусадочная заглушка 50/126",null,"шт",1,46.39,{"$f":"J2848*$B$2","v":54.740199999999994},0,{"$f":"J2848*(1-$E$5-$E$7)*(1-$E$9)*(1+$E$11)","v":46.39},0,{"$f":"ROUND((M2848*$B$2),2)","v":54.74},0]
[null,"RAUTHERMEX",null,null,12099621001,"Термоусадочная заглушка 63/126",null,"шт",1,46.39,54.740199999999994,0,46.39,0,54.74,0]
[null,"RAUTHERMEX",null,null,12099621001,"Термоусадочная заглушка 63/142",null,"шт",1,46.39,{"$f":"J2850*$B$2","v":54.740199999999994},0,{"$f":"J2850*(1-$E$5-$E$7)*(1-$E$9)*(1+$E$11)","v":46.39},0,{"$f":"ROUND((M2850*$B$2),2)","v":54.74},0]
[null,"RAUTHERMEX",null,null,12099631001,"Термоусадочная заглушка 75/162 ",null,"шт",1,59.28,69.950400000000002,0,59.28,0,69.95,0]
[null,"RAUTHERMEX",null,null,12099631001,"Термоусадочная заглушка 90/162",null,"шт",1,59.28,69.950400000000002,0,59.28,0,69.95,0]
[null,"RAUTHERMEX",null,null,12099631001,"Термоусадочная заглушка 110/162",null,"шт",1,59.28,69.950400000000002,0,59.28,0,69.95,0]
[null,"RAUTHERMEX",null,null,12099631001,"Термоусадочная заглушка 110/202",null,"шт",1,59.28,{"$f":"J2854*$B$2","v":69.950400000000002},0,{"$f":"J2854*(1-$E$5-$E$7)*(1-$E$9)*(1+$E$11)","v":59.28},0,{"$f":"ROUND((M2854*$B$2),2)","v":69.95},0]
[null,"RAUTHERMEX",null,null,12099631001,"Термоусадочная заглушка 125/182",null,"шт",1,59.28,69.950400000000002,0,59.28,0,69.95,0]
[null,"RAUTHERMEX",null,null,12099631001,"Термоусадочная заглушка 125/202",null,"шт",1,59.28,{"$f":"J2856*$B$2","v":69.950400000000002},0,{"$f":"J2856*(1-$E$5-$E$7)*(1-$E$9)*(1+$E$11)","v":59.28},0,{"$f":"ROUND((M2856*$B$2),2)","v":69.95},0]
[null,"RAUTHERMEX",null,null,12988211001,"Термоусадочная заглушка 160/250",null,"шт",1,93.55,110.389,0,93.55,0,110.39,0]
[null,"RAUTHERMEX",null,null,12099641001,"Термоусадочная заглушка 25+20/91 ",null,"шт",1,96.89,114.33019999999999,0,96.89,0,114.33,0]
[null,"RAUTHERMEX",null,null,12099641001,"Термоусадочная заглушка 20+20/111",null,"шт",1,96.89,{"$f":"J2859*$B$2","v":114.33019999999999},0,{"$f":"J2859*(1-$E$5-$E$7)*(1-$E$9)*(1+$E$11)","v":96.89},0,{"$f":"ROUND((M2859*$B$2),2)","v":114.33},0]
[null,"RAUTHERMEX",null,null,12099641001,"Термоусадочная заглушка 25+25/111 ",null,"шт",1,96.89,114.33019999999999,0,96.89,0,114.33,0]
[null,"RAUTHERMEX",null,null,12099661001,"Термоусадочная заглушка 32+20/111",null,"шт",1,103.08,121.63439999999999,0,103.08,0,121.63,0]
[null,"RAUTHERMEX",null,null,12099661001,"Термоусадочная заглушка 32+32/111",null,"шт",1,103.08,121.63439999999999,0,103.08,0,121.63,0]
[null,"RAUTHERMEX",null,null,12099661001,"Термоусадочная заглушка 40+25/126",null,"шт",1,103.08,121.63439999999999,0,103.08,0,121.63,0]
[null,"RAUTHERMEX",null,null,12099661001,"Термоусадочная заглушка 40+40/126",null,"шт",1,103.08,121.63439999999999,0,103.08,0,121.63,0]
[null,"RAUTHERMEX",null,null,12099661001,"Термоусадочная заглушка 50+32/126",null,"шт",1,103.08,121.63439999999999,0,103.08,0,121.63,0]
[null,"RAUTHERMEX",null,null,12099671001,"Термоусадочная заглушка 50+50/162",null,"шт",1,108.23,127.7114,0,108.23,0,127.71,0]
[null,"RAUTHERMEX",null,null,12099681001,"Термоусадочная заглушка 63+63/182",null,"шт",1,119.83,141.39939999999999,0,119.83,0,141.4,0]
[null,"RAUTHERMEX",null,null,12099681001,"Термоусадочная заглушка 63+63/202",null,"шт",1,119.83,{"$f":"J2868*$B$2","v":141.39939999999999},0,{"$f":"J2868*(1-$E$5-$E$7)*(1-$E$9)*(1+$E$11)","v":119.83},0,{"$f":"ROUND((M2868*$B$2),2)","v":141.4},0]
[null,"RAUTHERMEX",null,null,12099681001,"Термоусадочная заглушка 75+75/202",null,"шт",1,119.83,141.39939999999999,0,119.83,0,141.4,0]
[null,"RAUTHERMEX"]
[null,"RAUTHERMEX",null,null,12163971001,"Заглушки резиновые EPDM UNO 25/ 91",null,"шт",1,15.25,{"$f":"J2871*$B$2","v":17.994999999999997},{"$f":"K2871*G2871","v":0},{"$f":"J2871*(1-$E$5-$E$7)*(1-$E$9)*(1+$E$11)","v":15.25},{"$f":"M2871*G2871","v":0},{"$f":"ROUND((M2871*$B$2),2)","v":18},{"$f":"O2871*G2871","v":0}]
[null,"RAUTHERMEX",null,null,12163971001,"Заглушки резиновые EPDM UNO 32/ 91",null,"шт",1,15.25,17.994999999999997,0,15.25,0,18,0]
[null,"RAUTHERMEX",null,null,12163981001,"Заглушки резиновые EPDM UNO 32/111",null,"шт",1,19.77,23.328599999999998,0,19.77,0,23.33,0]
[null,"RAUTHERMEX",null,null,12163971001,"Заглушки резиновые EPDM UNO 40/91",null,"шт",1,15.25,17.994999999999997,0,15.25,0,18,0]
[null,"RAUTHERMEX",null,null,12181791001,"Заглушки резиновые EPDM UNO 40/126",null,"шт",1,22.78,26.880400000000002,0,22.78,0,26.88,0]
[null,"RAUTHERMEX",null,null,12163981001,"Заглушки резиновые EPDM UNO 50/111",null,"шт",1,19.77,23.328599999999998,0,19.77,0,23.33,0]
[null,"RAUTHERMEX",null,null,12181791001,"Заглушки резиновые EPDM UNO 50/126",null,"шт",1,22.78,26.880400000000002,0,22.78,0,26.88,0]
[null,"RAUTHERMEX",null,null,12181791001,"Заглушки резиновые EPDM UNO 63/126",null,"шт",1,22.78,26.880400000000002,0,22.78,0,26.88,0]
[null,"RAUTHERMEX",null,null,12181851001,"Заглушки резиновые EPDM UNO 75/162",null,"шт",1,22.33,26.349399999999996,0,22.33,0,26.35,0]
[null,"RAUTHERMEX",null,null,12181851001,"Заглушки резиновые EPDM UNO 90/162",null,"шт",1,22.33,26.349399999999996,0,22.33,0,26.35,0]
[null,"RAUTHERMEX",null,null,12181861001,"Заглушки резиновые EPDM UNO 90/182",null,"шт",1,36.58,43.164399999999993,0,36.58,0,43.16,0]
[null,"RAUTHERMEX",null,null,12181851001,"Заглушки резиновые EPDM UNO 110/162",null,"шт",1,22.33,26.349399999999996,0,22.33,0,26.35,0]
[null,"RAUTHERMEX",null,null,12181861001,"Заглушки резиновые EPDM UNO 110/182",null,"шт",1,36.58,43.164399999999993,0,36.58,0,43.16,0]
[null,"RAUTHERMEX",null,null,12181871001,"Заглушки резиновые EPDM UNO 110/202",null,"шт",1,43.87,51.766599999999997,0,43.87,0,51.77,0]
[null,"RAUTHERMEX",null,null,12181861001,"Заглушки резиновые EPDM UNO 125/182",null,"шт",1,36.58,43.164399999999993,0,36.58,0,43.16,0]
[null,"RAUTHERMEX",null,null,12181871001,"Заглушки резиновые EPDM UNO 140/202",null,"шт",1,43.87,51.766599999999997,0,43.87,0,51.77,0]
[null,"RAUTHERMEX",null,null,12181881001,"Заглушки резиновые EPDM UNO 160/250",null,"шт",1,46.29,54.622199999999999,0,46.29,0,54.62,0]
[null,"RAUTHERMEX"]
[null,"RAUTHERMEX",null,null,12163991001,"Заглушки резиновые EPDM DUO 25+25 / 111",null,"шт",1,17.149999999999999,{"$f":"J2889*$B$2","v":20.236999999999998},{"$f":"K2889*G2889","v":0},{"$f":"J2889*(1-$E$5-$E$7)*(1-$E$9)*(1+$E$11)","v":17.149999999999999},{"$f":"M2889*G2889","v":0},{"$f":"ROUND((M2889*$B$2),2)","v":20.239999999999998},{"$f":"O2889*G2889","v":0}]
[null,"RAUTHERMEX",null,null,12163991001,"Заглушки резиновые EPDM DUO 32+32 / 111",null,"шт",1,17.149999999999999,20.236999999999998,0,17.149999999999999,0,20.239999999999998,0]
[null,"RAUTHERMEX",null,null,12181891001,"Заглушки резиновые EPDM DUO 32+32 / 126",null,"шт",1,19.36,22.844799999999999,0,19.36,0,22.84,0]
[null,"RAUTHERMEX",null,null,12181891001,"Заглушки резиновые EPDM DUO 40+40 / 126",null,"шт",1,19.36,22.844799999999999,0,19.36,0,22.84,0]
[null,"RAUTHERMEX",null,null,12181911001,"Заглушки резиновые EPDM DUO 50+50 / 162",null,"шт",1,24.55,28.968999999999998,0,24.55,0,28.97,0]
[null,"RAUTHERMEX",null,null,12181921001,"Заглушки резиновые EPDM DUO 50+50 /182",null,"шт",1,28.42,33.535600000000002,0,28.42,0,33.54,0]
[null,"RAUTHERMEX",null,null,12181921001,"Заглушки резиновые EPDM DUO 63+63 / 182",null,"шт",1,28.42,33.535600000000002,0,28.42,0,33.54,0]
[null,"RAUTHERMEX"]
[null,"RAUTHERMEX",null,null,13510541001,"Изоляционный Т-обр. кожух, большой, 76-182",null,"шт",1,239.93,{"$f":"J2897*$B$2","v":283.11739999999998},{"$f":"K2897*G2897","v":0},{"$f":"J2897*(1-$E$5-$E$7)*(1-$E$9)*(1+$E$11)","v":239.93},{"$f":"M2897*G2897","v":0},{"$f":"ROUND((M2897*$B$2),2)","v":283.12},{"$f":"O2897*G2897","v":0}]
[null,"RAUTHERMEX",null,null,12979321001,"Изоляционный Т-обр. кожух, малый, 76-126",null,"шт",1,155.19999999999999,183.13599999999997,0,155.19999999999999,0,183.14,0]
[null,"RAUTHERMEX",null,null,13510671001,"Изоляционный I-обр. кожух, малый, 76-126",null,"шт",1,112.8,133.10399999999998,0,112.8,0,133.1,0]
[null,"RAUTHERMEX",null,null,13520381001,"Изоляционный I-обр. кожух, большой, 76-182",null,"шт",1,185.34,218.7012,0,185.34,0,218.7,0]
[null,"RAUTHERMEX",null,null,13510681001,"Изоляционный Г-обр. кожух, малый, 76-126",null,"шт",1,125.95,148.62100000000001,0,125.95,0,148.62,0]
[null,"RAUTHERMEX",null,null,13520391001,"Изоляционный Г-обр. кожух, большой, 76-182",null,"шт",1,295.13,348.2534,0,295.13,0,348.25,0]
[null,"RAUTHERMEX"]
[null,"RAUTHERMEX",null,null,13510551001,"Уплотнительное кольцо 182/76",null,"шт",1,41.7,{"$f":"J2904*$B$2","v":49.206000000000003},{"$f":"K2904*G2904","v":0},{"$f":"J2904*(1-$E$5-$E$7)*(1-$E$9)*(1+$E$11)","v":41.7},{"$f":"M2904*G2904","v":0},{"$f":"ROUND((M2904*$B$2),2)","v":49.21},{"$f":"O2904*G2904","v":0}]
[null,"RAUTHERMEX",null,null,13510561001,"Уплотнительное кольцо 182/91",null,"шт",1,40.18,47.412399999999998,0,40.18,0,47.41,0]
[null,"RAUTHERMEX",null,null,13510571001,"Уплотнительное кольцо 182/111",null,"шт",1,39.700000000000003,46.846000000000004,0,39.700000000000003,0,46.85,0]
[null,"RAUTHERMEX",null,null,13510581001,"Уплотнительное кольцо 182/126",null,"шт",1,28.75,33.924999999999997,0,28.75,0,33.93,0]
[null,"RAUTHERMEX",null,null,13510591001,"Уплотнительное кольцо 182/142",null,"шт",1,26.59,31.376199999999997,0,26.59,0,31.38,0]
[null,"RAUTHERMEX",null,null,13510611001,"Уплотнительное кольцо 182/162",null,"шт",1,24.85,29.323,0,24.85,0,29.32,0]
[null,"RAUTHERMEX",null,null,13510621001,"Уплотнительное кольцо 182/182",null,"шт",1,20.85,24.603000000000002,0,20.85,0,24.6,0]
[null,"RAUTHERMEX",null,null,12143491001,"Уплотнительное кольцо 126/76",null,"шт",1,10.38,12.2484,0,10.38,0,12.25,0]
[null,"RAUTHERMEX",null,null,12143481001,"Уплотнительное кольцо 126/91",null,"шт",1,8.57,10.1126,0,8.57,0,10.11,0]
[null,"RAUTHERMEX",null,null,12143471001,"Уплотнительное кольцо 126/111",null,"шт",1,6.95,8.2010000000000005,0,6.95,0,8.1999999999999993,0]
[null,"RAUTHERMEX",null,null,12979301001,"Уплотнительное кольцо 126/126",null,"шт",1,5.52,6.5135999999999994,0,5.52,0,6.51,0]
[null,"RAUTHERMEX"]
[null,"RAUTHERMEX",null,null,13518781001,"Пена монтажная, малый комплект №4",null,"шт",1,25.33,{"$f":"J2916*$B$2","v":29.889399999999995},{"$f":"K2916*G2916","v":0},{"$f":"J2916*(1-$E$5-$E$7)*(1-$E$9)*(1+$E$11)","v":25.33},{"$f":"M2916*G2916","v":0},{"$f":"ROUND((M2916*$B$2),2)","v":29.89},{"$f":"O2916*G2916","v":0}]
[null,"RAUTHERMEX",null,null,12983571001,"Пена монтажная, малый комплект №5",null,"шт",1,25.8,{"$f":"J2917*$B$2","v":30.443999999999999},{"$f":"K2917*G2917","v":0},{"$f":"J2917*(1-$E$5-$E$7)*(1-$E$9)*(1+$E$11)","v":25.8},{"$f":"M2917*G2917","v":0},{"$f":"ROUND((M2917*$B$2),2)","v":30.44},{"$f":"O2917*G2917","v":0}]
[null,"RAUTHERMEX",null,null,13524131001,"Пена монтажная, большой комплект №8",null,"шт",1,42.98,{"$f":"J2918*$B$2","v":50.716399999999993},{"$f":"K2918*G2918","v":0},{"$f":"J2918*(1-$E$5-$E$7)*(1-$E$9)*(1+$E$11)","v":42.98},{"$f":"M2918*G2918","v":0},{"$f":"ROUND((M2918*$B$2),2)","v":50.72},{"$f":"O2918*G2918","v":0}]
[null,"RAUTHERMEX",null,null,13510631001,"Пена монтажная, большой комплект №9.1",null,"шт",1,44.65,{"$f":"J2919*$B$2","v":52.686999999999998},{"$f":"K2919*G2919","v":0},{"$f":"J2919*(1-$E$5-$E$7)*(1-$E$9)*(1+$E$11)","v":44.65},{"$f":"M2919*G2919","v":0},{"$f":"ROUND((M2919*$B$2),2)","v":52.69},{"$f":"O2919*G2919","v":0}]
[null,"RAUTHERMEX"]
[null,"RAUTHERMEX",null,null,12425341001,"Заглушка 20/76",null,"шт",1,14.82,{"$f":"J2921*$B$2","v":17.4876},{"$f":"K2921*G2921","v":0},{"$f":"J2921*(1-$E$5-$E$7)*(1-$E$9)*(1+$E$11)","v":14.82},{"$f":"M2921*G2921","v":0},{"$f":"ROUND((M2921*$B$2),2)","v":17.489999999999998},{"$f":"O2921*G2921","v":0}]
[null,"RAUTHERMEX",null,null,12425441001,"Заглушка 25/91",null,"шт",1,15.46,18.242799999999999,0,15.46,0,18.239999999999998,0]
[null,"RAUTHERMEX",null,null,12425541001,"Заглушка 25/76",null,"шт",1,14.82,17.4876,0,14.82,0,17.489999999999998,0]
[null,"RAUTHERMEX",null,null,12425641001,"Заглушка 32/76",null,"шт",1,13.53,15.965399999999999,0,13.53,0,15.97,0]
[null,"RAUTHERMEX",null,null,12469891001,"Заглушка 32/91",null,"шт",1,15.46,18.242799999999999,0,15.46,0,18.239999999999998,0]
[null,"RAUTHERMEX",null,null,12425841001,"Заглушка 40/91",null,"шт",1,15.46,18.242799999999999,0,15.46,0,18.239999999999998,0]
[null,"RAUTHERMEX",null,null,12426041001,"Заглушка 50/111",null,"шт",1,18.670000000000002,22.0306,0,18.670000000000002,0,22.03,0]
[null,"RAUTHERMEX",null,null,12426241001,"Заглушка 63/126",null,"шт",1,21.27,25.098599999999998,0,21.27,0,25.1,0]
[null,"RAUTHERMEX",null,null,12426541001,"Заглушка 75/162 ",null,"шт",1,25.76,30.396799999999999,0,25.76,0,30.4,0]
[null,"RAUTHERMEX",null,null,12426641001,"Заглушка 90/162",null,"шт",1,25.76,30.396799999999999,0,25.76,0,30.4,0]
[null,"RAUTHERMEX",null,null,12426741001,"Заглушка 110/162",null,"шт",1,25.76,30.396799999999999,0,25.76,0,30.4,0]
[null,"RAUTHERMEX",null,null,12883741001,"Заглушка 125/182",null,"шт",1,26.76,31.576799999999999,0,26.76,0,31.58,0]
[null,"RAUTHERMEX",null,null,12403131001,"Заглушка 25+25/111 ",null,"шт",1,15.46,18.242799999999999,0,15.46,0,18.239999999999998,0]
[null,"RAUTHERMEX",null,null,12426941001,"Заглушка 25+20/91",null,"шт",1,14.82,17.4876,0,14.82,0,17.489999999999998,0]
[null,"RAUTHERMEX",null,null,12427141001,"Заглушка 32+20/111",null,"шт",1,15.46,18.242799999999999,0,15.46,0,18.239999999999998,0]
[null,"RAUTHERMEX",null,null,12427241001,"Заглушка 32+32/111",null,"шт",1,15.46,18.242799999999999,0,15.46,0,18.239999999999998,0]
[null,"RAUTHERMEX",null,null,12427441001,"Заглушка 40+25/126",null,"шт",1,16.100000000000001,18.998000000000001,0,16.100000000000001,0,19,0]
[null,"RAUTHERMEX",null,null,12427541001,"Заглушка 40+40/126",null,"шт",1,16.100000000000001,18.998000000000001,0,16.100000000000001,0,19,0]
[null,"RAUTHERMEX",null,null,12427741001,"Заглушка 50+32/126",null,"шт",1,15.46,18.242799999999999,0,15.46,0,18.239999999999998,0]
[null,"RAUTHERMEX",null,null,12427841001,"Заглушка 50+50/162 ",null,"шт",1,18.03,21.275400000000001,0,18.03,0,21.28,0]
[null,"RAUTHERMEX",null,null,12390911001,"Заглушка 63+63/182",null,"шт",1,21.91,25.8538,0,21.91,0,25.85,0]
[null,"RAUTHERMEX"]
[null,"RAUTHERMEX",null,null,13020681001,"Сигнальная красная лента трассы теплоснабжения, 250м",null,"м",250,0.11,{"$f":"J2943*$B$2","v":0.1298},{"$f":"K2943*G2943","v":0},{"$f":"J2943*(1-$E$5-$E$7)*(1-$E$9)*(1+$E$11)","v":0.11},{"$f":"M2943*G2943","v":0},{"$f":"ROUND((M2943*$B$2),2)","v":0.13},{"$f":"O2943*G2943","v":0}]
[null,"RAUTHERMEX"]
[null,"RAUTOOL"]
[null,"RAUTOOL",null,null,null,"5. МОНТАЖНЫЙ ИНСТРУМЕНТ RAUTOOL "]
[null,"RAUTOOL"]
[null,"RAUTOOL","x",null,11377641005,"Комплект механического инструмента RAUTOOL М1",null,"шт",1,900,{"$f":"J2948*$B$2","v":1062},{"$f":"K2948*G2948","v":0},{"$f":"J2948*(1-$E$5-$E$7)*(1-$E$9)*(1+$E$11)","v":900},{"$f":"M2948*G2948","v":0},{"$f":"ROUND((M2948*$B$2),2)","v":1062},{"$f":"O2948*G2948","v":0}]
["N","RAUTOOL",null,null,11374151001,"Чемодан для инструмента RAUTOOL M1",null,"шт",1,116.11,{"$f":"J2949*$B$2","v":137.00979999999998},{"$f":"K2949*G2949","v":0},{"$f":"J2949*(1-$E$5-$E$7)*(1-$E$9)*(1+$E$11)","v":116.11},{"$f":"M2949*G2949","v":0},{"$f":"ROUND((M2949*$B$2),2)","v":137.01},{"$f":"O2949*G2949","v":0}]
[null,"RAUTOOL"]
[null,"RAUTOOL","x",null,11377441001,"Комплект запрессовочн. тисков М1 16/20",null,"шт",1,77.02,{"$f":"J2951*$B$2","v":90.883599999999987},{"$f":"K2951*G2951","v":0},{"$f":"J2951*(1-$E$5-$E$7)*(1-$E$9)*(1+$E$11)","v":77.02},{"$f":"M2951*G2951","v":0},{"$f":"ROUND((M2951*$B$2),2)","v":90.88},{"$f":"O2951*G2951","v":0}]
[null,"RAUTOOL","x",null,11377541001,"Комплект запрессовочн. тисков М1 17/20",null,"шт",1,77.02,{"$f":"J2952*$B$2","v":90.883599999999987},{"$f":"K2952*G2952","v":0},{"$f":"J2952*(1-$E$5-$E$7)*(1-$E$9)*(1+$E$11)","v":77.02},{"$f":"M2952*G2952","v":0},{"$f":"ROUND((M2952*$B$2),2)","v":90.88},{"$f":"O2952*G2952","v":0}]
[null,"RAUTOOL","x",null,11373641001,"Комплект запрессовочн. тисков М1 25/32  (цвет: золотисто-желтый)",null,"шт",1,82.84,{"$f":"J2953*$B$2","v":97.751199999999997},{"$f":"K2953*G2953","v":0},{"$f":"J2953*(1-$E$5-$E$7)*(1-$E$9)*(1+$E$11)","v":82.84},{"$f":"M2953*G2953","v":0},{"$f":"ROUND((M2953*$B$2),2)","v":97.75},{"$f":"O2953*G2953","v":0}]
[null,"RAUTOOL",null,null,12017981001,"Комплект запрессовочн. тисков М1 40 (цвет: черный)",null,"шт",1,104.6,{"$f":"J2954*$B$2","v":123.42799999999998},{"$f":"K2954*G2954","v":0},{"$f":"J2954*(1-$E$5-$E$7)*(1-$E$9)*(1+$E$11)","v":104.6},{"$f":"M2954*G2954","v":0},{"$f":"ROUND((M2954*$B$2),2)","v":123.43},{"$f":"O2954*G2954","v":0}]
[null,"RAUTOOL"]
["N","RAUTOOL","x",null,12141761001,"Экспандер механический системы QC",null,"шт",1,124.27,{"$f":"J2956*$B$2","v":146.6386},{"$f":"K2956*G2956","v":0},{"$f":"J2956*(1-$E$5-$E$7)*(1-$E$9)*(1+$E$11)","v":124.27},{"$f":"M2956*G2956","v":0},{"$f":"ROUND((M2956*$B$2),2)","v":146.63999999999999},{"$f":"O2956*G2956","v":0}]
[null,"RAUTOOL"]
["N","RAUTOOL","x",null,12141691001,"Расширительная насадка для экспандера QC 16х2,2",null,"шт",1,44.02,{"$f":"J2958*$B$2","v":51.943600000000004},{"$f":"K2958*G2958","v":0},{"$f":"J2958*(1-$E$5-$E$7)*(1-$E$9)*(1+$E$11)","v":44.02},{"$f":"M2958*G2958","v":0},{"$f":"ROUND((M2958*$B$2),2)","v":51.94},{"$f":"O2958*G2958","v":0}]
["N","RAUTOOL","x",null,12141711001,"Расширительная насадка для экспандера QC 20х2,8",null,"шт",1,44.02,51.943600000000004,0,44.02,0,51.94,0]
["N","RAUTOOL","x",null,12141721001,"Расширительная насадка для экспандера QC 25х3,5",null,"шт",1,44.02,51.943600000000004,0,44.02,0,51.94,0]
["N","RAUTOOL","x",null,12141751001,"Расширительная насадка для экспандера QC 32х4,4",null,"шт",1,44.02,51.943600000000004,0,44.02,0,51.94,0]
["N","RAUTOOL","x",null,11315591001,"Расширительная насадка для экспандера QC 17х2,0",null,"шт",1,44.02,51.943600000000004,0,44.02,0,51.94,0]
["N","RAUTOOL",null,null,11315651001,"Расширительная насадка для экспандера QC 20х2,0",null,"шт",1,44.02,51.943600000000004,0,44.02,0,51.94,0]
["N","RAUTOOL",null,null,11315671001,"Расширительная насадка для экспандера QC 25х2,3",null,"шт",1,44.02,51.943600000000004,0,44.02,0,51.94,0]
["N","RAUTOOL",null,null,11315681001,"Расширительная насадка для экспандера QC 32х2,9",null,"шт",1,44.02,51.943600000000004,0,44.02,0,51.94,0]
["N","RAUTOOL","x",null,12092241001,"Расширительная насадка для экспандера QC 16,2х2,6 (Stabil)",null,"шт",1,49.74,58.693199999999997,0,49.74,0,58.69,0]
["N","RAUTOOL","x",null,12092251001,"Расширительная насадка для экспандера QC 20х2,9 (Stabil)",null,"шт",1,49.74,58.693199999999997,0,49.74,0,58.69,0]
["N","RAUTOOL","x",null,12092261001,"Расширительная насадка для экспандера QC 25х3,7 (Stabil)",null,"шт",1,49.74,58.693199999999997,0,49.74,0,58.69,0]
["N","RAUTOOL","x",null,12092271001,"Расширительная насадка для экспандера QC 32х4,7 (Stabil)",null,"шт",1,49.74,58.693199999999997,0,49.74,0,58.69,0]
["N","RAUTOOL","x",null,12166941001,"Расширительная насадка экспандера QC для метал. трубок",null,"шт",1,34.75,41.004999999999995,0,34.75,0,41.01,0]
[null,"RAUTOOL"]
["N","RAUTOOL",null,null,11373441001,"Расширительная насадка для M1 40х5,5",null,"шт",1,262.70999999999998,{"$f":"J2972*$B$2","v":309.99779999999998},{"$f":"K2972*G2972","v":0},{"$f":"J2972*(1-$E$5-$E$7)*(1-$E$9)*(1+$E$11)","v":262.70999999999998},{"$f":"M2972*G2972","v":0},{"$f":"ROUND((M2972*$B$2),2)","v":310},{"$f":"O2972*G2972","v":0}]
["N","RAUTOOL",null,null,11373141001,"Расширительная насадка для M1 40х3,7",null,"шт",1,262.70999999999998,{"$f":"J2973*$B$2","v":309.99779999999998},{"$f":"K2973*G2973","v":0},{"$f":"J2973*(1-$E$5-$E$7)*(1-$E$9)*(1+$E$11)","v":262.70999999999998},{"$f":"M2973*G2973","v":0},{"$f":"ROUND((M2973*$B$2),2)","v":310},{"$f":"O2973*G2973","v":0}]
[null,"RAUTOOL"]
[null,"RAUTOOL","x",null,11396021001,"Расширительная насадка для экспандера RO 16х2,2",null,"шт",1,44.02,{"$f":"J2975*$B$2","v":51.943600000000004},{"$f":"K2975*G2975","v":0},{"$f":"J2975*(1-$E$5-$E$7)*(1-$E$9)*(1+$E$11)","v":44.02},{"$f":"M2975*G2975","v":0},{"$f":"ROUND((M2975*$B$2),2)","v":51.94},{"$f":"O2975*G2975","v":0}]
[null,"RAUTOOL","x",null,11396121001,"Расширительная насадка для экспандера RO 20х2,8",null,"шт",1,44.02,51.943600000000004,0,44.02,0,51.94,0]
[null,"RAUTOOL","x",null,11396221001,"Расширительная насадка для экспандера RO 25х3,5",null,"шт",1,44.02,51.943600000000004,0,44.02,0,51.94,0]
[null,"RAUTOOL","x",null,11396321001,"Расширительная насадка для экспандера RO 32х4,4",null,"шт",1,44.02,51.943600000000004,0,44.02,0,51.94,0]
[null,"RAUTOOL","x",null,11396421001,"Расширительная насадка для экспандера RO 17х2,0",null,"шт",1,44.02,51.943600000000004,0,44.02,0,51.94,0]
[null,"RAUTOOL",null,null,11396521001,"Расширительная насадка для экспандера RO 20х2,0",null,"шт",1,44.02,51.943600000000004,0,44.02,0,51.94,0]
[null,"RAUTOOL",null,null,11396621001,"Расширительная насадка для экспандера RO 25х2,3",null,"шт",1,44.02,51.943600000000004,0,44.02,0,51.94,0]
[null,"RAUTOOL",null,null,11371931001,"Расширительная насадка для экспандера RO 32х2,9",null,"шт",1,44.02,51.943600000000004,0,44.02,0,51.94,0]
[null,"RAUTOOL","x",null,12445711001,"Расширительная насадка для экспандера RO 16,2х2,6 (Stabil)",null,"шт",1,49.74,58.693199999999997,0,49.74,0,58.69,0]
[null,"RAUTOOL","x",null,12445811001,"Расширительная насадка для экспандера RO 20х2,9 (Stabil)",null,"шт",1,49.74,58.693199999999997,0,49.74,0,58.69,0]
[null,"RAUTOOL","x",null,12445911001,"Расширительная насадка для экспандера RO 25х3,7 (Stabil)",null,"шт",1,49.74,58.693199999999997,0,49.74,0,58.69,0]
[null,"RAUTOOL","x",null,12446011001,"Расширительная насадка для экспандера RO 32х4,7 (Stabil)",null,"шт",1,49.74,58.693199999999997,0,49.74,0,58.69,0]
[null,"RAUTOOL"]
[null,"RAUTOOL","x",null,11374951002,"Ножницы труборезные 16-25 (basic)",null,"шт",1,18.010000000000002,{"$f":"J2988*$B$2","v":21.251799999999999},{"$f":"K2988*G2988","v":0},{"$f":"J2988*(1-$E$5-$E$7)*(1-$E$9)*(1+$E$11)","v":18.010000000000002},{"$f":"M2988*G2988","v":0},{"$f":"ROUND((M2988*$B$2),2)","v":21.25},{"$f":"O2988*G2988","v":0}]
[null,"RAUTOOL","x",null,13152421001,"Ножницы труборезные RAUTITAN 16-40 stabil (цвет: белый)",null,"шт",1,33.83,39.919399999999996,0,33.83,0,39.92,0]
["D","RAUTOOL",null,null,11380621001,"Ножницы труборезные RAUTITAN 16-40 stabil (цвет: красный)",null,"шт",1,33.83,39.919399999999996,0,33.83,0,39.92,0]
[null,"RAUTOOL",null,null,13152431001,"Запасн. лезвие для ножниц RAUTITAN 16-40 (для арт. 13152421001)",null,"шт",1,13.94,16.449199999999998,0,13.94,0,16.45,0]
[null,"RAUTOOL",null,null,11380721001,"Запасн. лезвие для ножниц RAUTITAN 16-40 (для арт. 138062-001)",null,"шт",1,13.94,16.449199999999998,0,13.94,0,16.45,0]
[null,"RAUTOOL",null,null,12474741001,"Ножницы для труб RAUTITAN 16/20 (цвет: зеленый)",null,"шт",1,62.72,74.009599999999992,0,62.72,0,74.010000000000005,0]
[null,"RAUTOOL",null,null,12474641001,"Запасн. лезвие для ножниц RAUTITAN 16/20 (для арт. 247474-001)",null,"шт",1,18.149999999999999,21.416999999999998,0,18.149999999999999,0,21.42,0]
[null,"RAUTOOL"]
[null,"RAUTOOL","x",null,12474841001,"Пружина для гнутья трубы Stabil 16",null,"шт",1,6.15,{"$f":"J2996*$B$2","v":7.2569999999999997},{"$f":"K2996*G2996","v":0},{"$f":"J2996*(1-$E$5-$E$7)*(1-$E$9)*(1+$E$11)","v":6.15},{"$f":"M2996*G2996","v":0},{"$f":"ROUND((M2996*$B$2),2)","v":7.26},{"$f":"O2996*G2996","v":0}]
[null,"RAUTOOL","x",null,12474941001,"Пружина для гнутья трубы Stabil 20",null,"шт",1,7.18,{"$f":"J2997*$B$2","v":8.4723999999999986},{"$f":"K2997*G2997","v":0},{"$f":"J2997*(1-$E$5-$E$7)*(1-$E$9)*(1+$E$11)","v":7.18},{"$f":"M2997*G2997","v":0},{"$f":"ROUND((M2997*$B$2),2)","v":8.4700000000000006},{"$f":"O2997*G2997","v":0}]
[null,"RAUTOOL"]
[null,"RAUTOOL",null,null,12283961001,"Механический инструмент RAUTOOL K 10",null,"шт",1,143.30000000000001,{"$f":"J2999*$B$2","v":169.09399999999999},{"$f":"K2999*G2999","v":0},{"$f":"J2999*(1-$E$5-$E$7)*(1-$E$9)*(1+$E$11)","v":143.30000000000001},{"$f":"M2999*G2999","v":0},{"$f":"ROUND((M2999*$B$2),2)","v":169.09},{"$f":"O2999*G2999","v":0}]
[null,"RAUTOOL","x",null,12446211001,"Механический инструмент RAUTOOL K 14",null,"шт",1,207.11,{"$f":"J3000*$B$2","v":244.38980000000001},{"$f":"K3000*G3000","v":0},{"$f":"J3000*(1-$E$5-$E$7)*(1-$E$9)*(1+$E$11)","v":207.11},{"$f":"M3000*G3000","v":0},{"$f":"ROUND((M3000*$B$2),2)","v":244.39},{"$f":"O3000*G3000","v":0}]
[null,"RAUTOOL",null,null,12036011001,"Механический инструмент RAUTOOL М-light",null,"шт",1,285.19,{"$f":"J3001*$B$2","v":336.52420000000001},{"$f":"K3001*G3001","v":0},{"$f":"J3001*(1-$E$5-$E$7)*(1-$E$9)*(1+$E$11)","v":285.19},{"$f":"M3001*G3001","v":0},{"$f":"ROUND((M3001*$B$2),2)","v":336.52},{"$f":"O3001*G3001","v":0}]
[null,"RAUTOOL"]
[null,"RAUTOOL","x",null,12035971001,"Комплект гидравлич. инстр. на электроаккумулят. RAUTOOL A-light2",null,"шт",1,3000,{"$f":"J3003*$B$2","v":3540},{"$f":"K3003*G3003","v":0},{"$f":"J3003*(1-$E$5-$E$7)*(1-$E$9)*(1+$E$11)","v":3000},{"$f":"M3003*G3003","v":0},{"$f":"ROUND((M3003*$B$2),2)","v":3540},{"$f":"O3003*G3003","v":0}]
[null,"RAUTOOL",null,null,12036191001,"Запасной электроаккумулятор к инструменту RAUTOOL A-light2/ A3 /E3 /G2 / Xpand",null,"шт",1,121.83,{"$f":"J3004*$B$2","v":143.7594},{"$f":"K3004*G3004","v":0},{"$f":"J3004*(1-$E$5-$E$7)*(1-$E$9)*(1+$E$11)","v":121.83},{"$f":"M3004*G3004","v":0},{"$f":"ROUND((M3004*$B$2),2)","v":143.76},{"$f":"O3004*G3004","v":0}]
[null,"RAUTOOL"]
["D","RAUTOOL",null,null,12088911001,"Комплект гидравлич. расширительн. инстр. на электроаккумулят. RAUTOOL Xpand",null,"шт",1,288.70999999999998,{"$f":"J3006*$B$2","v":340.67779999999993},{"$f":"K3006*G3006","v":0},{"$f":"J3006*(1-$E$5-$E$7)*(1-$E$9)*(1+$E$11)","v":288.70999999999998},{"$f":"M3006*G3006","v":0},{"$f":"ROUND((M3006*$B$2),2)","v":340.68},{"$f":"O3006*G3006","v":0}]
["N","RAUTOOL","x",null,12168201001,"Комплект гидравлич. расширительн. инстр. на электроаккумулят. RAUTOOL Xpand",null,"шт",1,1500,{"$f":"J3007*$B$2","v":1770},{"$f":"K3007*G3007","v":0},{"$f":"J3007*(1-$E$5-$E$7)*(1-$E$9)*(1+$E$11)","v":1500},{"$f":"M3007*G3007","v":0},{"$f":"ROUND((M3007*$B$2),2)","v":1770},{"$f":"O3007*G3007","v":0}]
["D","RAUTOOL",null,null,12089571001,"Кейс для инструмента RAUTOOL Xpand",null,"шт",1,39.14,{"$f":"J3008*$B$2","v":46.185199999999995},{"$f":"K3008*G3008","v":0},{"$f":"J3008*(1-$E$5-$E$7)*(1-$E$9)*(1+$E$11)","v":39.14},{"$f":"M3008*G3008","v":0},{"$f":"ROUND((M3008*$B$2),2)","v":46.19},{"$f":"O3008*G3008","v":0}]
[null,"RAUTOOL"]
[null,"RAUTOOL",null,null,12174781001,"Комплект аккумуляторного инструмента RAUTOOL A-light2 Kombi (экспандер+запрессовщик)",null,"шт",1,4000,{"$f":"J3010*$B$2","v":4720},{"$f":"K3010*G3010","v":0},{"$f":"J3010*(1-$E$5-$E$7)*(1-$E$9)*(1+$E$11)","v":4000},{"$f":"M3010*G3010","v":0},{"$f":"ROUND((M3010*$B$2),2)","v":4720},{"$f":"O3010*G3010","v":0}]
[null,"RAUTOOL"]
[null,"RAUTOOL","x",null,12024841001,"Комплект мех.-гидравлич. инстр. RAUTOOL H2",null,"шт",1,2300,{"$f":"J3012*$B$2","v":2714},{"$f":"K3012*G3012","v":0},{"$f":"J3012*(1-$E$5-$E$7)*(1-$E$9)*(1+$E$11)","v":2300},{"$f":"M3012*G3012","v":0},{"$f":"ROUND((M3012*$B$2),2)","v":2714},{"$f":"O3012*G3012","v":0}]
[null,"RAUTOOL",null,null,12035951001,"К-т гидравлич. инстр. на электроаккумулят. RAUTOOL A3",null,"шт",1,1708.55,{"$f":"J3013*$B$2","v":2016.0889999999999},{"$f":"K3013*G3013","v":0},{"$f":"J3013*(1-$E$5-$E$7)*(1-$E$9)*(1+$E$11)","v":1708.55},{"$f":"M3013*G3013","v":0},{"$f":"ROUND((M3013*$B$2),2)","v":2016.09},{"$f":"O3013*G3013","v":0}]
[null,"RAUTOOL",null,null,12036231001,"Запасной электроаккумулятор 3,0 Ач для RAUTOOL A-light2/ A3 /E3 /G2 /Xpand",null,"шт",1,157.13,{"$f":"J3014*$B$2","v":185.4134},{"$f":"K3014*G3014","v":0},{"$f":"J3014*(1-$E$5-$E$7)*(1-$E$9)*(1+$E$11)","v":157.13},{"$f":"M3014*G3014","v":0},{"$f":"ROUND((M3014*$B$2),2)","v":185.41},{"$f":"O3014*G3014","v":0}]
[null,"RAUTOOL",null,null,12036091001,"Зарядное устройство к инструменту RAUTOOL A-light2 / A3 /E3 /G2 /Xpand",null,"шт",1,137.86000000000001,{"$f":"J3015*$B$2","v":162.6748},{"$f":"K3015*G3015","v":0},{"$f":"J3015*(1-$E$5-$E$7)*(1-$E$9)*(1+$E$11)","v":137.86000000000001},{"$f":"M3015*G3015","v":0},{"$f":"ROUND((M3015*$B$2),2)","v":162.66999999999999},{"$f":"O3015*G3015","v":0}]
["D","RAUTOOL",null,null,12036211001,"Сетевой адаптер для А3, G2, A-light2, Xpand",null,"шт",1,286.55,{"$f":"J3016*$B$2","v":338.12900000000002},{"$f":"K3016*G3016","v":0},{"$f":"J3016*(1-$E$5-$E$7)*(1-$E$9)*(1+$E$11)","v":286.55},{"$f":"M3016*G3016","v":0},{"$f":"ROUND((M3016*$B$2),2)","v":338.13},{"$f":"O3016*G3016","v":0}]
[null,"RAUTOOL"]
[null,"RAUTOOL","x",null,11393611002,"К-т запрес. тисков H1/H2,E2,A3,A-light2, для труб 16/20",null,"шт",1,87.1,{"$f":"J3018*$B$2","v":102.77799999999999},{"$f":"K3018*G3018","v":0},{"$f":"J3018*(1-$E$5-$E$7)*(1-$E$9)*(1+$E$11)","v":87.1},{"$f":"M3018*G3018","v":0},{"$f":"ROUND((M3018*$B$2),2)","v":102.78},{"$f":"O3018*G3018","v":0}]
["N","RAUTOOL",null,null,12051331001,"К-т запрес. тисков H2, A3, A-light2 для труб 16/20/25",null,"шт",1,136.08000000000001,{"$f":"J3019*$B$2","v":160.5744},{"$f":"K3019*G3019","v":0},{"$f":"J3019*(1-$E$5-$E$7)*(1-$E$9)*(1+$E$11)","v":136.08000000000001},{"$f":"M3019*G3019","v":0},{"$f":"ROUND((M3019*$B$2),2)","v":160.57},{"$f":"O3019*G3019","v":0}]
[null,"RAUTOOL",null,null,12590491002,"К-т запрес. тисков H1/H2,E2,A3,A-light2 для труб 17/20",null,"шт",1,87.1,{"$f":"J3020*$B$2","v":102.77799999999999},{"$f":"K3020*G3020","v":0},{"$f":"J3020*(1-$E$5-$E$7)*(1-$E$9)*(1+$E$11)","v":87.1},{"$f":"M3020*G3020","v":0},{"$f":"ROUND((M3020*$B$2),2)","v":102.78},{"$f":"O3020*G3020","v":0}]
[null,"RAUTOOL","x",null,12572591002,"К-т запрес. тисков H1/H2,E2,A3,A-light2, для труб 25/32 (цвет: золотисто-желтый)",null,"шт",1,110.32,{"$f":"J3021*$B$2","v":130.17759999999998},{"$f":"K3021*G3021","v":0},{"$f":"J3021*(1-$E$5-$E$7)*(1-$E$9)*(1+$E$11)","v":110.32},{"$f":"M3021*G3021","v":0},{"$f":"ROUND((M3021*$B$2),2)","v":130.18},{"$f":"O3021*G3021","v":0}]
[null,"RAUTOOL",null,null,12018011001,"К-т запрес. тисков H1/H2,E2,A3,A-light2, для трубы 40 (цвет: черный) ",null,"шт",1,119.02,{"$f":"J3022*$B$2","v":140.44359999999998},{"$f":"K3022*G3022","v":0},{"$f":"J3022*(1-$E$5-$E$7)*(1-$E$9)*(1+$E$11)","v":119.02},{"$f":"M3022*G3022","v":0},{"$f":"ROUND((M3022*$B$2),2)","v":140.44},{"$f":"O3022*G3022","v":0}]
[null,"RAUTOOL"]
["N","RAUTOOL",null,null,12484011001,"Расширительная насадка для H2, A-light2, A3 16х2,2/20х2,8",null,"шт",1,111.25,{"$f":"J3024*$B$2","v":131.27500000000001},{"$f":"K3024*G3024","v":0},{"$f":"J3024*(1-$E$5-$E$7)*(1-$E$9)*(1+$E$11)","v":111.25},{"$f":"M3024*G3024","v":0},{"$f":"ROUND((M3024*$B$2),2)","v":131.28},{"$f":"O3024*G3024","v":0}]
["N","RAUTOOL",null,null,12484111001,"Расширительная насадка для H2, A-light2, A3 17х2,0/20х2,0",null,"шт",1,111.25,{"$f":"J3025*$B$2","v":131.27500000000001},{"$f":"K3025*G3025","v":0},{"$f":"J3025*(1-$E$5-$E$7)*(1-$E$9)*(1+$E$11)","v":111.25},{"$f":"M3025*G3025","v":0},{"$f":"ROUND((M3025*$B$2),2)","v":131.28},{"$f":"O3025*G3025","v":0}]
[null,"RAUTOOL"]
["N","RAUTOOL",null,null,12174691001,"Универс. расш. наконеч. H1/H2,E2,A3,A-light2, для насадок QC",null,"шт",1,92.82,{"$f":"J3027*$B$2","v":109.52759999999999},{"$f":"K3027*G3027","v":0},{"$f":"J3027*(1-$E$5-$E$7)*(1-$E$9)*(1+$E$11)","v":92.82},{"$f":"M3027*G3027","v":0},{"$f":"ROUND((M3027*$B$2),2)","v":109.53},{"$f":"O3027*G3027","v":0}]
[null,"RAUTOOL"]
[null,"RAUTOOL",null,null,11383231001,"Расширительный насадка H1/H2,E2,A3, A-light2 для труб 40х3,7",null,"шт",1,214.5,{"$f":"J3029*$B$2","v":253.10999999999999},{"$f":"K3029*G3029","v":0},{"$f":"J3029*(1-$E$5-$E$7)*(1-$E$9)*(1+$E$11)","v":214.5},{"$f":"M3029*G3029","v":0},{"$f":"ROUND((M3029*$B$2),2)","v":253.11},{"$f":"O3029*G3029","v":0}]
["N","RAUTOOL",null,null,12093921001,"Расширительная насадка для инструмента Xpand 40х3,7",null,"шт",1,214.5,253.10999999999999,0,214.5,0,253.11,0]
[null,"RAUTOOL",null,null,12446111001,"Расширительный насадка H1/H2,E2,A3, A-light2 для труб 40х5,5",null,"шт",1,214.5,253.10999999999999,0,214.5,0,253.11,0]
["N","RAUTOOL",null,null,12093931001,"Расширительная насадка для инструмента Xpand 40х5,5",null,"шт",1,214.5,253.10999999999999,0,214.5,0,253.11,0]
[null,"RAUTOOL",null,null,12476441001,"Расширительная насадка H1/H2,E2,A3, A-light2 для труб Stabil 40х6,0",null,"шт",1,218.87,258.26659999999998,0,218.87,0,258.27,0]
["N","RAUTOOL",null,null,12093941001,"Расширительная насадка для инструмента Xpand 40х6,0",null,"шт",1,218.87,258.26659999999998,0,218.87,0,258.27,0]
[null,"RAUTOOL"]
["D","RAUTOOL",null,null,12035991001,"Комплект электро-гидравлич. инстр. RAUTOOL G2 50/63",null,"шт",1,3010.82,{"$f":"J3036*$B$2","v":3552.7676000000001},{"$f":"K3036*G3036","v":0},{"$f":"J3036*(1-$E$5-$E$7)*(1-$E$9)*(1+$E$11)","v":3010.82},{"$f":"M3036*G3036","v":0},{"$f":"ROUND((M3036*$B$2),2)","v":3552.77},{"$f":"O3036*G3036","v":0}]
["N","RAUTOOL",null,null,13149851001,"Комплект электро-гидравлич. инстр. RAUTOOL G2",null,"шт",1,3010.82,{"$f":"J3037*$B$2","v":3552.7676000000001},{"$f":"K3037*G3037","v":0},{"$f":"J3037*(1-$E$5-$E$7)*(1-$E$9)*(1+$E$11)","v":3010.82},{"$f":"M3037*G3037","v":0},{"$f":"ROUND((M3037*$B$2),2)","v":3552.77},{"$f":"O3037*G3037","v":0}]
[null,"RAUTOOL",null,null,12036231001,"Запасной электроаккумулятор 3,0 Ач для RAUTOOL A-light2/ A3  /G2 /Xpand",null,"шт",1,157.13,{"$f":"J3038*$B$2","v":185.4134},{"$f":"K3038*G3038","v":0},{"$f":"J3038*(1-$E$5-$E$7)*(1-$E$9)*(1+$E$11)","v":157.13},{"$f":"M3038*G3038","v":0},{"$f":"ROUND((M3038*$B$2),2)","v":185.41},{"$f":"O3038*G3038","v":0}]
[null,"RAUTOOL",null,null,12036091001,"Зарядное устройство к инструменту RAUTOOL A-light2 / A3 /G2 /Xpand",null,"шт",1,137.86000000000001,{"$f":"J3039*$B$2","v":162.6748},{"$f":"K3039*G3039","v":0},{"$f":"J3039*(1-$E$5-$E$7)*(1-$E$9)*(1+$E$11)","v":137.86000000000001},{"$f":"M3039*G3039","v":0},{"$f":"ROUND((M3039*$B$2),2)","v":162.66999999999999},{"$f":"O3039*G3039","v":0}]
["D","RAUTOOL",null,null,12036211001,"Сетевой адаптер для А3, G2, A-light2",null,"шт",1,286.55,{"$f":"J3040*$B$2","v":338.12900000000002},{"$f":"K3040*G3040","v":0},{"$f":"J3040*(1-$E$5-$E$7)*(1-$E$9)*(1+$E$11)","v":286.55},{"$f":"M3040*G3040","v":0},{"$f":"ROUND((M3040*$B$2),2)","v":338.13},{"$f":"O3040*G3040","v":0}]
[null,"RAUTOOL"]
["D","RAUTOOL",null,null,11374251001,"Комплект механико-гидравлич. инстр. RAUTOOL H/G1 50x6,9-63x8,6",null,"шт",1,2435.2600000000002,{"$f":"J3042*$B$2","v":2873.6068},{"$f":"K3042*G3042","v":0},{"$f":"J3042*(1-$E$5-$E$7)*(1-$E$9)*(1+$E$11)","v":2435.2600000000002},{"$f":"M3042*G3042","v":0},{"$f":"ROUND((M3042*$B$2),2)","v":2873.61},{"$f":"O3042*G3042","v":0}]
["D","RAUTOOL",null,null,11374041001,"Комплект механико-гидравлич. инстр. RAUTOOL H/G1 (F) 50x4,6-63x5,7",null,"шт",1,2435.2600000000002,{"$f":"J3043*$B$2","v":2873.6068},{"$f":"K3043*G3043","v":0},{"$f":"J3043*(1-$E$5-$E$7)*(1-$E$9)*(1+$E$11)","v":2435.2600000000002},{"$f":"M3043*G3043","v":0},{"$f":"ROUND((M3043*$B$2),2)","v":2873.61},{"$f":"O3043*G3043","v":0}]
["N","RAUTOOL",null,null,13149871001,"Комплект механико-гидравлич. инстр. RAUTOOL H/G1 (F) 50x4,6-63x5,7 (без расширительных насадок)",null,"шт",1,2087.34,{"$f":"J3044*$B$2","v":2463.0612000000001},{"$f":"K3044*G3044","v":0},{"$f":"J3044*(1-$E$5-$E$7)*(1-$E$9)*(1+$E$11)","v":2087.34},{"$f":"M3044*G3044","v":0},{"$f":"ROUND((M3044*$B$2),2)","v":2463.06},{"$f":"O3044*G3044","v":0}]
[null,"RAUTOOL"]
[null,"RAUTOOL",null,null,12018021001,"К-т запрессовочн. тисков G2,E/G1,H/G1,H/G1 (F), для трубы 40 (цвет: черный)",null,"шт",1,233.72,{"$f":"J3046*$B$2","v":275.78960000000001},{"$f":"K3046*G3046","v":0},{"$f":"J3046*(1-$E$5-$E$7)*(1-$E$9)*(1+$E$11)","v":233.72},{"$f":"M3046*G3046","v":0},{"$f":"ROUND((M3046*$B$2),2)","v":275.79000000000002},{"$f":"O3046*G3046","v":0}]
[null,"RAUTOOL",null,null,11376241001,"К-т запрессовочн. тисков G2,E/G1,H/G1,H/G1 (F), для трубы 50",null,"шт",1,214.5,253.10999999999999,0,214.5,0,253.11,0]
[null,"RAUTOOL",null,null,11376341001,"К-т запрессовочн. тисков G2,E/G1,H/G1,H/G1 (F), для трубы 63",null,"шт",1,226.15,266.85699999999997,0,226.15,0,266.86,0]
[null,"RAUTOOL",null,null,11376441001,"Запрессовочные тиски G2,E/G1,H/G1,H/G1 (F), для трубы 75",null,"шт",1,475.4,560.97199999999998,0,475.4,0,560.97,0]
[null,"RAUTOOL",null,null,11376541001,"Запрессовочные тиски G2,E/G1,H/G1,H/G1 (F), для трубы 90",null,"шт",1,521.72,615.62959999999998,0,521.72,0,615.63,0]
[null,"RAUTOOL",null,null,11376641001,"Запрессовочные тиски G2,E/G1,H/G1,H/G1 (F), для трубы 110",null,"шт",1,550.75,649.88499999999999,0,550.75,0,649.89,0]
[null,"RAUTOOL"]
[null,"RAUTOOL",null,null,11398811001,"Расширительная насадка G2,E/G1,H/G1,H/G1 (F), для трубы 40х5,5",null,"шт",1,162.26,{"$f":"J3053*$B$2","v":191.46679999999998},{"$f":"K3053*G3053","v":0},{"$f":"J3053*(1-$E$5-$E$7)*(1-$E$9)*(1+$E$11)","v":162.26},{"$f":"M3053*G3053","v":0},{"$f":"ROUND((M3053*$B$2),2)","v":191.47},{"$f":"O3053*G3053","v":0}]
[null,"RAUTOOL",null,null,11398911001,"Расширительная насадка G2,E/G1,H/G1,H/G1 (F), для трубы 50х6,9",null,"шт",1,168.19,198.46419999999998,0,168.19,0,198.46,0]
[null,"RAUTOOL",null,null,11399011001,"Расширительная насадка G2,E/G1,H/G1,H/G1 (F), для трубы 63х8,6",null,"шт",1,179.74,212.0932,0,179.74,0,212.09,0]
[null,"RAUTOOL",null,null,11384631001,"Расширительная насадка G2,E/G1,H/G1,H/G1 (F), для трубы 40х3,7",null,"шт",1,162.26,191.46679999999998,0,162.26,0,191.47,0]
[null,"RAUTOOL",null,null,11374241001,"Расширительная насадка G2,E/G1,H/G1,H/G1 (F), для трубы 50х4,6",null,"шт",1,168.19,198.46419999999998,0,168.19,0,198.46,0]
[null,"RAUTOOL",null,null,11374341001,"Расширительная насадка G2,E/G1,H/G1,H/G1 (F), для трубы 63х5,7",null,"шт",1,179.74,212.0932,0,179.74,0,212.09,0]
[null,"RAUTOOL",null,null,11375841001,"Расширительная насадка G2,E/G1,H/G1,H/G1 (F), для трубы 75x6,8",null,"шт",1,220.32,259.9776,0,220.32,0,259.98,0]
[null,"RAUTOOL",null,null,11376041001,"Расширительная насадка G2,E/G1,H/G1,H/G1 (F), для трубы 90x8,2",null,"шт",1,284.11,335.24979999999999,0,284.11,0,335.25,0]
[null,"RAUTOOL",null,null,11376141001,"Расширительная насадка G2,E/G1,H/G1,H/G1 (F), для трубы 110x10,0",null,"шт",1,405.88,478.93839999999994,0,405.88,0,478.94,0]
[null,"RAUTOOL"]
[null,"RAUTOOL",null,null,11378251001,"Сменный комплект насадок G2,E/G1,H/G1,H/G1 (F), для труб 50-110",null,"шт",1,2666.21,{"$f":"J3063*$B$2","v":3146.1277999999998},{"$f":"K3063*G3063","v":0},{"$f":"J3063*(1-$E$5-$E$7)*(1-$E$9)*(1+$E$11)","v":2666.21},{"$f":"M3063*G3063","v":0},{"$f":"ROUND((M3063*$B$2),2)","v":3146.13},{"$f":"O3063*G3063","v":0}]
[null,"RAUTOOL"]
["N","RAUTOOL",null,null,11315581001,"Ножницы труборезные 63",null,"шт",1,69.63,{"$f":"J3065*$B$2","v":82.163399999999996},{"$f":"K3065*G3065","v":0},{"$f":"J3065*(1-$E$5-$E$7)*(1-$E$9)*(1+$E$11)","v":69.63},{"$f":"M3065*G3065","v":0},{"$f":"ROUND((M3065*$B$2),2)","v":82.16},{"$f":"O3065*G3065","v":0}]
["N","RAUTOOL",null,null,11315571001,"Запасн. лезвие для труборезн. ножниц 63 (для арт. 131558-001)",null,"шт",1,29.04,34.267199999999995,0,29.04,0,34.270000000000003,0]
["D","RAUTOOL",null,null,11373941001,"Труборез дисковый 50-125",null,"шт",1,115.93,136.79740000000001,0,115.93,0,136.80000000000001,0]
["N","RAUTOOL",null,null,13152391001,"Труборез дисковый 50-125",null,"шт",1,115.93,136.79740000000001,0,115.93,0,136.80000000000001,0]
[null,"RAUTOOL","x",null,12687641001,"Расширительная насадка экспандера RO для метал. трубок 15х1,0",null,"шт",1,34.75,41.004999999999995,0,34.75,0,41.01,0]
[null,"RAUTOOL",null,null,11372341001,"Ручной фиксаторный зажим для труб",null,"шт",1,2,2.36,0,2,0,2.36,0]
[null,"RAUTOOL",null,null,11381301002,"Шестигранный ключ 4 мм для настенных угольников",null,"шт",1,34.75,41.004999999999995,0,34.75,0,41.01,0]
[null,"RAUTOOL"]
[null,"RAUTOOL",null,null,12894551001,"Комплект инструмента для электросварных муфт FUSAPEX",null,"шт",1,4978.37,{"$f":"J3073*$B$2","v":5874.4766},{"$f":"K3073*G3073","v":0},{"$f":"J3073*(1-$E$5-$E$7)*(1-$E$9)*(1+$E$11)","v":4978.37},{"$f":"M3073*G3073","v":0},{"$f":"ROUND((M3073*$B$2),2)","v":5874.48},{"$f":"O3073*G3073","v":0}]
[null,"RAUTOOL",null,null,12447621001,"Сварочный аппарат Monomatic для электросварных муфт FUSAPEX",null,"шт",1,1438,{"$f":"J3074*$B$2","v":1696.84},{"$f":"K3074*G3074","v":0},{"$f":"J3074*(1-$E$5-$E$7)*(1-$E$9)*(1+$E$11)","v":1438},{"$f":"M3074*G3074","v":0},{"$f":"ROUND((M3074*$B$2),2)","v":1696.84},{"$f":"O3074*G3074","v":0}]
[null,"RAUTOOL",null,null,12136371001,"Универсальный набор клемм для закрепления труб 20-63мм (центрирование)",null,"шт",1,786.63,{"$f":"J3075*$B$2","v":928.22339999999997},{"$f":"K3075*G3075","v":0},{"$f":"J3075*(1-$E$5-$E$7)*(1-$E$9)*(1+$E$11)","v":786.63},{"$f":"M3075*G3075","v":0},{"$f":"ROUND((M3075*$B$2),2)","v":928.22},{"$f":"O3075*G3075","v":0}]
[null,"RAUTOOL",null,null,12254451001,"Универсальный набор клемм для закрепления труб 63-180мм (центрирование)",null,"шт",1,1455.95,{"$f":"J3076*$B$2","v":1718.021},{"$f":"K3076*G3076","v":0},{"$f":"J3076*(1-$E$5-$E$7)*(1-$E$9)*(1+$E$11)","v":1455.95},{"$f":"M3076*G3076","v":0},{"$f":"ROUND((M3076*$B$2),2)","v":1718.02},{"$f":"O3076*G3076","v":0}]
[null,"RAUTOOL"]
[null,"RAUTOOL",null,null,11802711001,"Чистящее средство Тангит для электросварных соединений",null,"шт",1,16.899999999999999,{"$f":"J3078*$B$2","v":19.941999999999997},{"$f":"K3078*G3078","v":0},{"$f":"J3078*(1-$E$5-$E$7)*(1-$E$9)*(1+$E$11)","v":16.899999999999999},{"$f":"M3078*G3078","v":0},{"$f":"ROUND((M3078*$B$2),2)","v":19.940000000000001},{"$f":"O3078*G3078","v":0}]
[null,"RAUTOOL",null,null,12336521001,"Набор очищающих салфеток Тангит, 100 шт.",null,"шт",100,12.99,{"$f":"J3079*$B$2","v":15.328199999999999},{"$f":"K3079*G3079","v":0},{"$f":"J3079*(1-$E$5-$E$7)*(1-$E$9)*(1+$E$11)","v":12.99},{"$f":"M3079*G3079","v":0},{"$f":"ROUND((M3079*$B$2),2)","v":15.33},{"$f":"O3079*G3079","v":0}]
[null,"RAUTOOL"]
[null,"RAUTOOL",null,null,12465441001,"Ручной скребок для зачистки верхнего слоя трубы шириной 54 мм",null,"шт",1,22.4,{"$f":"J3081*$B$2","v":26.431999999999999},{"$f":"K3081*G3081","v":0},{"$f":"J3081*(1-$E$5-$E$7)*(1-$E$9)*(1+$E$11)","v":22.4},{"$f":"M3081*G3081","v":0},{"$f":"ROUND((M3081*$B$2),2)","v":26.43},{"$f":"O3081*G3081","v":0}]
[null,"RAUTOOL",null,null,12221281001,"Механич. фреза для срезания верхнего слоя с трубы 50 - 160мм",null,"шт",1,1061.53,1252.6053999999999,0,1061.53,0,1252.6099999999999,0]
[null,"RAUTOOL",null,null,12221291001,"Запасное лезвие для механической фрезы",null,"шт",1,37.270000000000003,43.9786,0,37.270000000000003,0,43.98,0]
["D","RAUTOOL",null,null,12210161001,"Труборез дисковый для полимерных труб 110-160мм",null,"шт",1,139.46,164.56280000000001,0,139.46,0,164.56,0]
["N","RAUTOOL",null,null,13152401001,"Труборез дисковый для полимерных труб 110-160мм",null,"шт",1,139.46,164.56280000000001,0,139.46,0,164.56,0]
["N","RAUTOOL",null,null,13152411001,"Запасное лезвие для трубореза (13152401001) 110-160мм",null,"шт",1,17.59,20.7562,0,17.59,0,20.76,0]
[null,"RAUTOOL"]
[null,"RAUTOOL",null,null,12223141001,"Приводной шток для фрезы 12 мм тройников под врезку, с четырехгран. концовкой и резьбой 1/2\" ",null,"шт",1,14.86,{"$f":"J3088*$B$2","v":17.534799999999997},{"$f":"K3088*G3088","v":0},{"$f":"J3088*(1-$E$5-$E$7)*(1-$E$9)*(1+$E$11)","v":14.86},{"$f":"M3088*G3088","v":0},{"$f":"ROUND((M3088*$B$2),2)","v":17.53},{"$f":"O3088*G3088","v":0}]
[null,"RAUTOOL"]
[null,"RAUTOOL",null,null,12050651001,"Комплект инстр. RAUTOOL Industry электрогидравл., аккумуляторный для труб SDR 11, 20-110 мм",null,"шт",1,3777.78,{"$f":"J3090*$B$2","v":4457.7803999999996},{"$f":"K3090*G3090","v":0},{"$f":"J3090*(1-$E$5-$E$7)*(1-$E$9)*(1+$E$11)","v":3777.78},{"$f":"M3090*G3090","v":0},{"$f":"ROUND((M3090*$B$2),2)","v":4457.78},{"$f":"O3090*G3090","v":0}]
["D","RAUTOOL",null,null,11380051001,"Комплект механико-гидравлич. инстр. RAUTOOL H/G1 125/140/160",null,"шт",1,null,"по запросу",0,0,0,0,0]
["D","RAUTOOL",null,null,11380441001,"Комплект электро-гидравлич. инстр. RAUTOOL G2 125/140/160 (SDR11)",null,"шт",1,null,"по запросу",0,0,0,0,0]
["N","RAUTOOL",null,null,13149841001,"Комплект электро-гидравлич. инстр. RAUTOOL G XL 125/140/160",null,"шт",1,null,"по запросу",0,0,0,0,0]
["N","RAUTOOL",null,null,13153011001,"Запасной аккумулятор 36В / 4 Ач для RAUTOOL G XL",null,"шт",1,null,"по запросу",0,0,0,0,0]
[null,"RAUTOOL",null,null,12062591001,"К-т  запрессовочных тисков и расширительной насадки  140 мм",null,"шт",1,null,"по запросу",0,0,0,0,0]
[null,"RAUTOOL",null,null,12039051001,"К-т  запрессовочных тисков и расширительной насадки  125/160 мм",null,"шт",1,null,"по запросу",0,0,0,0,0]
[null,"RAUTOOL"]
[null,"RAUPIANO"]
[null,"RAUPIANO",null,null,null,"6.1 Шумопоглощающая система \nвнутренней канализации\nRAUPIANO PLUS"]
[null,"RAUPIANO",null,null,null,"6.2 Канализационная труба RAUPIANO с раструбом и рез. уплотн. кольцом"]
[null,"RAUPIANO",null,11230041004,11230041005,"Канализационная труба диам.40/150 мм                                                             ",null,"шт","20",1.92,{"$f":"J3101*$B$2","v":2.2655999999999996},{"$f":"K3101*G3101","v":0},{"$f":"J3101*(1-$E$5-$E$7)*(1-$E$9)*(1+$E$11)","v":1.92},{"$f":"M3101*G3101","v":0},{"$f":"ROUND((M3101*$B$2),2)","v":2.27},{"$f":"O3101*G3101","v":0}]
[null,"RAUPIANO",null,11230141004,11230141006,"Канализационная труба диам.40/250 мм                                                                        ",null,"шт","20",2.4500000000000002,{"$f":"J3102*$B$2","v":2.891},0,{"$f":"J3102*(1-$E$5-$E$7)*(1-$E$9)*(1+$E$11)","v":2.4500000000000002},0,{"$f":"ROUND((M3102*$B$2),2)","v":2.89},0]
[null,"RAUPIANO",null,null,11230241004,"Канализационная труба диам.40/500 мм",null,"шт","20",3.38,3.9883999999999995,0,3.38,0,3.99,0]
[null,"RAUPIANO",null,null,11230341200,"Канализационная труба диам.40/1000 мм",null,"шт","6",5.31,6.2657999999999996,0,5.31,0,6.27,0]
[null,"RAUPIANO",null,null,11230441200,"Канализационная труба диам.40/2000 мм",null,"шт","6",9.94,11.729199999999999,0,9.94,0,11.73,0]
[null,"RAUPIANO",null,null,11230541200,"Канализационная труба диам.40/3000 мм",null,"шт","6",15.85,18.702999999999999,0,15.85,0,18.7,0]
[null,"RAUPIANO"]
[null,"RAUPIANO","x",120094,11200941005,"Канализационная труба диам.50/150 мм",null,"шт","20",2.25,{"$f":"J3108*$B$2","v":2.6549999999999998},{"$f":"K3108*G3108","v":0},{"$f":"J3108*(1-$E$5-$E$7)*(1-$E$9)*(1+$E$11)","v":2.25},{"$f":"M3108*G3108","v":0},{"$f":"ROUND((M3108*$B$2),2)","v":2.66},{"$f":"O3108*G3108","v":0}]
[null,"RAUPIANO","x",120104,11201041005,"Канализационная труба диам.50/250 мм",null,"шт","20",2.95,3.4809999999999999,0,2.95,0,3.48,0]
[null,"RAUPIANO","x",null,11201141005,"Канализационная труба диам.50/500 мм",null,"шт","20",4,4.72,0,4,0,4.72,0]
[null,"RAUPIANO","x",null,11201241006,"Канализационная труба диам.50/750 мм",null,"шт","6",5.52,6.5135999999999994,0,5.52,0,6.51,0]
[null,"RAUPIANO","x",null,11201341200,"Канализационная труба диам.50/1000 мм",null,"шт","6",6.29,7.4221999999999992,0,6.29,0,7.42,0]
[null,"RAUPIANO","x",null,11201441200,"Канализационная труба диам.50/1500 мм",null,"шт","6",9.3699999999999992,11.056599999999998,0,9.3699999999999992,0,11.06,0]
[null,"RAUPIANO","x",null,11201541200,"Канализационная труба диам.50/2000 мм",null,"шт","6",11.76,13.876799999999999,0,11.76,0,13.88,0]
[null,"RAUPIANO",null,null,11209341200,"Канализационная труба диам.50/3000 мм",null,"шт","6",18.170000000000002,21.4406,0,18.170000000000002,0,21.44,0]
[null,"RAUPIANO"]
[null,"RAUPIANO",null,11201741004,11201741005,"Канализационная труба диам. 75/150 мм                                                                    ",null,"шт","20",3.74,{"$f":"J3117*$B$2","v":4.4131999999999998},{"$f":"K3117*G3117","v":0},{"$f":"J3117*(1-$E$5-$E$7)*(1-$E$9)*(1+$E$11)","v":3.74},{"$f":"M3117*G3117","v":0},{"$f":"ROUND((M3117*$B$2),2)","v":4.41},{"$f":"O3117*G3117","v":0}]
[null,"RAUPIANO",null,11201841004,11201841005,"Канализационная труба диам. 75/250 мм                                                                     ",null,"шт","20",4.4800000000000004,{"$f":"J3118*$B$2","v":5.2864000000000004},0,{"$f":"J3118*(1-$E$5-$E$7)*(1-$E$9)*(1+$E$11)","v":4.4800000000000004},0,{"$f":"ROUND((M3118*$B$2),2)","v":5.29},0]
[null,"RAUPIANO",null,null,11201941004,"Канализационная труба диам. 75/500 мм",null,"шт","20",6.35,7.4929999999999994,0,{"$f":"J3119*(1-$E$5-$E$7)*(1-$E$9)*(1+$E$11)","v":6.35},0,{"$f":"ROUND((M3119*$B$2),2)","v":7.49},0]
[null,"RAUPIANO",null,null,11202041006,"Канализационная труба диам. 75/750 мм",null,"шт",9,8.33,9.8293999999999997,0,8.33,0,9.83,0]
[null,"RAUPIANO",null,null,11202141200,"Канализационная труба диам. 75/1000 мм",null,"шт",6,10.029999999999999,11.835399999999998,0,10.029999999999999,0,11.84,0]
[null,"RAUPIANO",null,null,11202241200,"Канализационная труба диам. 75/1500 мм",null,"шт",6,13.94,16.449199999999998,0,13.94,0,16.45,0]
["V","RAUPIANO",null,11202341200,11202341600,"Канализационная труба диам. 75/2000 мм",null,"шт",6,16.55,19.529,0,16.55,0,19.53,0]
[null,"RAUPIANO",null,null,11209441200,"Канализационная труба диам. 75/3000 мм",null,"шт",6,25.5,30.09,0,25.5,0,30.09,0]
[null,"RAUPIANO"]
[null,"RAUPIANO",null,123984,11239841002,"Канализационная труба диам. 90/150 мм",null,"шт",20,3.99,{"$f":"J3126*$B$2","v":4.7081999999999997},{"$f":"K3126*G3126","v":0},{"$f":"J3126*(1-$E$5-$E$7)*(1-$E$9)*(1+$E$11)","v":3.99},{"$f":"M3126*G3126","v":0},{"$f":"ROUND((M3126*$B$2),2)","v":4.71},{"$f":"O3126*G3126","v":0}]
[null,"RAUPIANO",null,123184,11231841005,"Канализационная труба диам. 90/250 мм",null,"шт",20,4.9400000000000004,5.8292000000000002,0,4.9400000000000004,0,5.83,0]
[null,"RAUPIANO",null,null,11231941004,"Канализационная труба диам. 90/500 мм",null,"шт",20,7.18,8.4723999999999986,0,7.18,0,8.4700000000000006,0]
[null,"RAUPIANO",null,null,11232041200,"Канализационная труба диам. 90/1000 мм",null,"шт",4,12.28,14.490399999999999,0,12.28,0,14.49,0]
[null,"RAUPIANO",null,null,11239941200,"Канализационная труба диам. 90/1500 мм",null,"шт",4,22.71,26.797799999999999,0,22.71,0,26.8,0]
[null,"RAUPIANO",null,null,11232141200,"Канализационная труба диам. 90/2000 мм",null,"шт",4,21.08,24.874399999999998,0,21.08,0,24.87,0]
[null,"RAUPIANO",null,null,11232241200,"Канализационная труба диам. 90/3000 мм",null,"шт",4,30.71,36.2378,0,30.71,0,36.24,0]
[null,"RAUPIANO"]
[null,"RAUPIANO",null,null,11202541003,"Канализационная труба диам. 110/150 мм",null,"шт",20,4.21,{"$f":"J3134*$B$2","v":4.9677999999999995},{"$f":"K3134*G3134","v":0},{"$f":"J3134*(1-$E$5-$E$7)*(1-$E$9)*(1+$E$11)","v":4.21},{"$f":"M3134*G3134","v":0},{"$f":"ROUND((M3134*$B$2),2)","v":4.97},{"$f":"O3134*G3134","v":0}]
[null,"RAUPIANO","x",null,11202641003,"Канализационная труба диам. 110/250 мм",null,"шт",20,5.52,6.5135999999999994,0,5.52,0,6.51,0]
[null,"RAUPIANO","x",null,11202741005,"Канализационная труба диам. 110/500 мм",null,"шт",20,8.11,9.569799999999999,0,8.11,0,9.57,0]
[null,"RAUPIANO",null,null,11202841006,"Канализационная труба диам. 110/750 мм",null,"шт",4,12.02,14.183599999999998,0,12.02,0,14.18,0]
[null,"RAUPIANO","x",null,11202941200,"Канализационная труба диам. 110/1000 мм",null,"шт",4,13.53,15.965399999999999,0,13.53,0,15.97,0]
[null,"RAUPIANO","x",null,11203041200,"Канализационная труба диам. 110/1500 мм",null,"шт",4,21.18,24.9924,0,21.18,0,24.99,0]
[null,"RAUPIANO","x",null,11203141200,"Канализационная труба диам. 110/2000 мм",null,"шт",4,23.63,27.883399999999998,0,23.63,0,27.88,0]
["V","RAUPIANO","x",11203241200,11203241600,"Канализационная труба диам. 110/3000 мм",null,"шт",4,36.119999999999997,42.621599999999994,0,36.119999999999997,0,42.62,0]
[null,"RAUPIANO"]
[null,"RAUPIANO",null,null,11206541003,"Канализационная труба диам. 125/150 мм",null,"шт",6,11.86,{"$f":"J3143*$B$2","v":13.994799999999998},{"$f":"K3143*G3143","v":0},{"$f":"J3143*(1-$E$5-$E$7)*(1-$E$9)*(1+$E$11)","v":11.86},{"$f":"M3143*G3143","v":0},{"$f":"ROUND((M3143*$B$2),2)","v":13.99},{"$f":"O3143*G3143","v":0}]
[null,"RAUPIANO",null,null,11206641001,"Канализационная труба диам. 125/250 мм",null,"шт",10,12.75,15.045,0,12.75,0,15.05,0]
[null,"RAUPIANO",null,null,11206741005,"Канализационная труба диам. 125/500 мм",null,"шт",6,14.57,17.192599999999999,0,14.57,0,17.190000000000001,0]
[null,"RAUPIANO",null,null,11206941200,"Канализационная труба диам. 125/1000 мм",null,"шт",2,26.02,30.703599999999998,0,26.02,0,30.7,0]
[null,"RAUPIANO",null,null,11207041200,"Канализационная труба диам. 125/1500 мм",null,"шт",2,36.42,42.9756,0,36.42,0,42.98,0]
[null,"RAUPIANO",null,null,11207141200,"Канализационная труба диам. 125/2000 мм",null,"шт",2,46.83,55.259399999999992,0,46.83,0,55.26,0]
[null,"RAUPIANO",null,null,11207241200,"Канализационная труба диам. 125/3000 мм",null,"шт",2,66.599999999999994,78.587999999999994,0,66.599999999999994,0,78.59,0]
[null,"RAUPIANO"]
[null,"RAUPIANO",null,null,11229541004,"Канализационная труба диам. 160/500 мм",null,"шт",8,18.739999999999998,{"$f":"J3151*$B$2","v":22.113199999999996},{"$f":"K3151*G3151","v":0},{"$f":"J3151*(1-$E$5-$E$7)*(1-$E$9)*(1+$E$11)","v":18.739999999999998},{"$f":"M3151*G3151","v":0},{"$f":"ROUND((M3151*$B$2),2)","v":22.11},{"$f":"O3151*G3151","v":0}]
[null,"RAUPIANO",null,null,11216641005,"Канализационная труба диам. 160/1000 мм",null,"шт",1,33.299999999999997,{"$f":"J3152*$B$2","v":39.293999999999997},{"$f":"K3152*G3152","v":0},{"$f":"J3152*(1-$E$5-$E$7)*(1-$E$9)*(1+$E$11)","v":33.299999999999997},{"$f":"M3152*G3152","v":0},{"$f":"ROUND((M3152*$B$2),2)","v":39.29},{"$f":"O3152*G3152","v":0}]
[null,"RAUPIANO",null,null,11216741005,"Канализационная труба диам. 160/2000 мм",null,"шт",1,57.24,{"$f":"J3153*$B$2","v":67.543199999999999},{"$f":"K3153*G3153","v":0},{"$f":"J3153*(1-$E$5-$E$7)*(1-$E$9)*(1+$E$11)","v":57.24},{"$f":"M3153*G3153","v":0},{"$f":"ROUND((M3153*$B$2),2)","v":67.540000000000006},{"$f":"O3153*G3153","v":0}]
[null,"RAUPIANO",null,null,11216841005,"Канализационная труба диам. 160/3000 мм",null,"шт",1,83.26,{"$f":"J3154*$B$2","v":98.246800000000007},{"$f":"K3154*G3154","v":0},{"$f":"J3154*(1-$E$5-$E$7)*(1-$E$9)*(1+$E$11)","v":83.26},{"$f":"M3154*G3154","v":0},{"$f":"ROUND((M3154*$B$2),2)","v":98.25},{"$f":"O3154*G3154","v":0}]
[null,"RAUPIANO"]
[null,"RAUPIANO",null,null,11230151400,"Канализационная труба диам. 200/1000 мм",null,"шт",1,100.86,{"$f":"J3156*$B$2","v":119.01479999999999},{"$f":"K3156*G3156","v":0},{"$f":"J3156*(1-$E$5-$E$7)*(1-$E$9)*(1+$E$11)","v":100.86},{"$f":"M3156*G3156","v":0},{"$f":"ROUND((M3156*$B$2),2)","v":119.01},{"$f":"O3156*G3156","v":0}]
[null,"RAUPIANO",null,null,11230251400,"Канализационная труба диам. 200/2000 мм",null,"шт",1,157.9,{"$f":"J3157*$B$2","v":186.322},{"$f":"K3157*G3157","v":0},{"$f":"J3157*(1-$E$5-$E$7)*(1-$E$9)*(1+$E$11)","v":157.9},{"$f":"M3157*G3157","v":0},{"$f":"ROUND((M3157*$B$2),2)","v":186.32},{"$f":"O3157*G3157","v":0}]
[null,"RAUPIANO",null,null,11230351400,"Канализационная труба диам. 200/3000 мм",null,"шт",1,220.61,{"$f":"J3158*$B$2","v":260.31979999999999},{"$f":"K3158*G3158","v":0},{"$f":"J3158*(1-$E$5-$E$7)*(1-$E$9)*(1+$E$11)","v":220.61},{"$f":"M3158*G3158","v":0},{"$f":"ROUND((M3158*$B$2),2)","v":260.32},{"$f":"O3158*G3158","v":0}]
[null,"RAUPIANO"]
[null,"RAUPIANO",null,null,11230641001,"Отвод диам. 40 на 15°",null,"шт",20,1.46,{"$f":"J3160*$B$2","v":1.7227999999999999},{"$f":"K3160*G3160","v":0},{"$f":"J3160*(1-$E$5-$E$7)*(1-$E$9)*(1+$E$11)","v":1.46},{"$f":"M3160*G3160","v":0},{"$f":"ROUND((M3160*$B$2),2)","v":1.72},{"$f":"O3160*G3160","v":0}]
[null,"RAUPIANO",null,null,11230741001,"Отвод диам. 40 на 30°",null,"шт",20,1.46,{"$f":"J3161*$B$2","v":1.7227999999999999},{"$f":"K3161*G3161","v":0},{"$f":"J3161*(1-$E$5-$E$7)*(1-$E$9)*(1+$E$11)","v":1.46},{"$f":"M3161*G3161","v":0},{"$f":"ROUND((M3161*$B$2),2)","v":1.72},{"$f":"O3161*G3161","v":0}]
[null,"RAUPIANO",null,null,11230841001,"Отвод диам. 40 на 45°",null,"шт",20,1.46,{"$f":"J3162*$B$2","v":1.7227999999999999},{"$f":"K3162*G3162","v":0},{"$f":"J3162*(1-$E$5-$E$7)*(1-$E$9)*(1+$E$11)","v":1.46},{"$f":"M3162*G3162","v":0},{"$f":"ROUND((M3162*$B$2),2)","v":1.72},{"$f":"O3162*G3162","v":0}]
[null,"RAUPIANO",null,null,11240871001,"Отвод диам. 40 на 67°",null,"шт",20,1.46,{"$f":"J3163*$B$2","v":1.7227999999999999},{"$f":"K3163*G3163","v":0},{"$f":"J3163*(1-$E$5-$E$7)*(1-$E$9)*(1+$E$11)","v":1.46},{"$f":"M3163*G3163","v":0},{"$f":"ROUND((M3163*$B$2),2)","v":1.72},{"$f":"O3163*G3163","v":0}]
[null,"RAUPIANO",null,null,11230941001,"Отвод диам. 40 на 87°",null,"шт",20,1.46,{"$f":"J3164*$B$2","v":1.7227999999999999},{"$f":"K3164*G3164","v":0},{"$f":"J3164*(1-$E$5-$E$7)*(1-$E$9)*(1+$E$11)","v":1.46},{"$f":"M3164*G3164","v":0},{"$f":"ROUND((M3164*$B$2),2)","v":1.72},{"$f":"O3164*G3164","v":0}]
[null,"RAUPIANO"]
[null,"RAUPIANO","x",null,11210941001,"Отвод диам. 50 на 15°",null,"шт",20,1.72,{"$f":"J3166*$B$2","v":2.0295999999999998},{"$f":"K3166*G3166","v":0},{"$f":"J3166*(1-$E$5-$E$7)*(1-$E$9)*(1+$E$11)","v":1.72},{"$f":"M3166*G3166","v":0},{"$f":"ROUND((M3166*$B$2),2)","v":2.0299999999999998},{"$f":"O3166*G3166","v":0}]
[null,"RAUPIANO","x",null,11211041001,"Отвод диам. 50 на 30°",null,"шт",20,1.72,{"$f":"J3167*$B$2","v":2.0295999999999998},{"$f":"K3167*G3167","v":0},{"$f":"J3167*(1-$E$5-$E$7)*(1-$E$9)*(1+$E$11)","v":1.72},{"$f":"M3167*G3167","v":0},{"$f":"ROUND((M3167*$B$2),2)","v":2.0299999999999998},{"$f":"O3167*G3167","v":0}]
[null,"RAUPIANO","x",null,11211141001,"Отвод диам. 50 на 45°",null,"шт",20,1.72,{"$f":"J3168*$B$2","v":2.0295999999999998},{"$f":"K3168*G3168","v":0},{"$f":"J3168*(1-$E$5-$E$7)*(1-$E$9)*(1+$E$11)","v":1.72},{"$f":"M3168*G3168","v":0},{"$f":"ROUND((M3168*$B$2),2)","v":2.0299999999999998},{"$f":"O3168*G3168","v":0}]
[null,"RAUPIANO","x",null,11211241001,"Отвод диам. 50 на 67°",null,"шт",20,1.72,{"$f":"J3169*$B$2","v":2.0295999999999998},{"$f":"K3169*G3169","v":0},{"$f":"J3169*(1-$E$5-$E$7)*(1-$E$9)*(1+$E$11)","v":1.72},{"$f":"M3169*G3169","v":0},{"$f":"ROUND((M3169*$B$2),2)","v":2.0299999999999998},{"$f":"O3169*G3169","v":0}]
[null,"RAUPIANO","x",null,11211341001,"Отвод диам. 50 на 87°",null,"шт",20,1.72,{"$f":"J3170*$B$2","v":2.0295999999999998},{"$f":"K3170*G3170","v":0},{"$f":"J3170*(1-$E$5-$E$7)*(1-$E$9)*(1+$E$11)","v":1.72},{"$f":"M3170*G3170","v":0},{"$f":"ROUND((M3170*$B$2),2)","v":2.0299999999999998},{"$f":"O3170*G3170","v":0}]
[null,"RAUPIANO"]
[null,"RAUPIANO",null,null,11211441001,"Отвод диам. 75 на 15°",null,"шт",20,2.65,{"$f":"J3172*$B$2","v":3.1269999999999998},{"$f":"K3172*G3172","v":0},{"$f":"J3172*(1-$E$5-$E$7)*(1-$E$9)*(1+$E$11)","v":2.65},{"$f":"M3172*G3172","v":0},{"$f":"ROUND((M3172*$B$2),2)","v":3.13},{"$f":"O3172*G3172","v":0}]
[null,"RAUPIANO",null,null,11211541001,"Отвод диам. 75 на 30°",null,"шт",20,2.65,{"$f":"J3173*$B$2","v":3.1269999999999998},{"$f":"K3173*G3173","v":0},{"$f":"J3173*(1-$E$5-$E$7)*(1-$E$9)*(1+$E$11)","v":2.65},{"$f":"M3173*G3173","v":0},{"$f":"ROUND((M3173*$B$2),2)","v":3.13},{"$f":"O3173*G3173","v":0}]
[null,"RAUPIANO",null,null,11211641001,"Отвод диам. 75 на 45°",null,"шт",20,2.65,{"$f":"J3174*$B$2","v":3.1269999999999998},{"$f":"K3174*G3174","v":0},{"$f":"J3174*(1-$E$5-$E$7)*(1-$E$9)*(1+$E$11)","v":2.65},{"$f":"M3174*G3174","v":0},{"$f":"ROUND((M3174*$B$2),2)","v":3.13},{"$f":"O3174*G3174","v":0}]
[null,"RAUPIANO",null,null,11211741001,"Отвод диам. 75 на 67°",null,"шт",20,2.65,{"$f":"J3175*$B$2","v":3.1269999999999998},{"$f":"K3175*G3175","v":0},{"$f":"J3175*(1-$E$5-$E$7)*(1-$E$9)*(1+$E$11)","v":2.65},{"$f":"M3175*G3175","v":0},{"$f":"ROUND((M3175*$B$2),2)","v":3.13},{"$f":"O3175*G3175","v":0}]
[null,"RAUPIANO",null,null,11211841001,"Отвод диам. 75 на 87°",null,"шт",20,2.65,{"$f":"J3176*$B$2","v":3.1269999999999998},{"$f":"K3176*G3176","v":0},{"$f":"J3176*(1-$E$5-$E$7)*(1-$E$9)*(1+$E$11)","v":2.65},{"$f":"M3176*G3176","v":0},{"$f":"ROUND((M3176*$B$2),2)","v":3.13},{"$f":"O3176*G3176","v":0}]
[null,"RAUPIANO"]
[null,"RAUPIANO",null,null,11233841001,"Отвод диам. 90 на 15°",null,"шт",20,4.63,{"$f":"J3178*$B$2","v":5.4633999999999991},{"$f":"K3178*G3178","v":0},{"$f":"J3178*(1-$E$5-$E$7)*(1-$E$9)*(1+$E$11)","v":4.63},{"$f":"M3178*G3178","v":0},{"$f":"ROUND((M3178*$B$2),2)","v":5.46},{"$f":"O3178*G3178","v":0}]
[null,"RAUPIANO",null,null,11233941001,"Отвод диам. 90 на 30°",null,"шт",20,4.63,{"$f":"J3179*$B$2","v":5.4633999999999991},{"$f":"K3179*G3179","v":0},{"$f":"J3179*(1-$E$5-$E$7)*(1-$E$9)*(1+$E$11)","v":4.63},{"$f":"M3179*G3179","v":0},{"$f":"ROUND((M3179*$B$2),2)","v":5.46},{"$f":"O3179*G3179","v":0}]
[null,"RAUPIANO",null,null,11234041001,"Отвод диам. 90 на 45°",null,"шт",20,4.63,{"$f":"J3180*$B$2","v":5.4633999999999991},{"$f":"K3180*G3180","v":0},{"$f":"J3180*(1-$E$5-$E$7)*(1-$E$9)*(1+$E$11)","v":4.63},{"$f":"M3180*G3180","v":0},{"$f":"ROUND((M3180*$B$2),2)","v":5.46},{"$f":"O3180*G3180","v":0}]
[null,"RAUPIANO",null,null,11230781001,"Отвод диам. 90 на 67°",null,"шт",20,4.63,{"$f":"J3181*$B$2","v":5.4633999999999991},{"$f":"K3181*G3181","v":0},{"$f":"J3181*(1-$E$5-$E$7)*(1-$E$9)*(1+$E$11)","v":4.63},{"$f":"M3181*G3181","v":0},{"$f":"ROUND((M3181*$B$2),2)","v":5.46},{"$f":"O3181*G3181","v":0}]
[null,"RAUPIANO",null,null,11234141001,"Отвод диам. 90 на 87°",null,"шт",20,4.63,{"$f":"J3182*$B$2","v":5.4633999999999991},{"$f":"K3182*G3182","v":0},{"$f":"J3182*(1-$E$5-$E$7)*(1-$E$9)*(1+$E$11)","v":4.63},{"$f":"M3182*G3182","v":0},{"$f":"ROUND((M3182*$B$2),2)","v":5.46},{"$f":"O3182*G3182","v":0}]
[null,"RAUPIANO"]
[null,"RAUPIANO","x",null,11234241001,"Отвод диам. 110 на 15°",null,"шт",20,6.25,{"$f":"J3184*$B$2","v":7.375},{"$f":"K3184*G3184","v":0},{"$f":"J3184*(1-$E$5-$E$7)*(1-$E$9)*(1+$E$11)","v":6.25},{"$f":"M3184*G3184","v":0},{"$f":"ROUND((M3184*$B$2),2)","v":7.38},{"$f":"O3184*G3184","v":0}]
[null,"RAUPIANO","x",null,11234341001,"Отвод диам. 110 на 30°",null,"шт",20,6.25,{"$f":"J3185*$B$2","v":7.375},{"$f":"K3185*G3185","v":0},{"$f":"J3185*(1-$E$5-$E$7)*(1-$E$9)*(1+$E$11)","v":6.25},{"$f":"M3185*G3185","v":0},{"$f":"ROUND((M3185*$B$2),2)","v":7.38},{"$f":"O3185*G3185","v":0}]
[null,"RAUPIANO","x",null,11234441001,"Отвод диам. 110 на 45°",null,"шт",20,6.25,{"$f":"J3186*$B$2","v":7.375},{"$f":"K3186*G3186","v":0},{"$f":"J3186*(1-$E$5-$E$7)*(1-$E$9)*(1+$E$11)","v":6.25},{"$f":"M3186*G3186","v":0},{"$f":"ROUND((M3186*$B$2),2)","v":7.38},{"$f":"O3186*G3186","v":0}]
[null,"RAUPIANO","x",null,11234541001,"Отвод диам. 110 на 67°",null,"шт",20,6.25,{"$f":"J3187*$B$2","v":7.375},{"$f":"K3187*G3187","v":0},{"$f":"J3187*(1-$E$5-$E$7)*(1-$E$9)*(1+$E$11)","v":6.25},{"$f":"M3187*G3187","v":0},{"$f":"ROUND((M3187*$B$2),2)","v":7.38},{"$f":"O3187*G3187","v":0}]
[null,"RAUPIANO","x",null,11234641001,"Отвод диам. 110 на 87°",null,"шт",20,6.25,{"$f":"J3188*$B$2","v":7.375},{"$f":"K3188*G3188","v":0},{"$f":"J3188*(1-$E$5-$E$7)*(1-$E$9)*(1+$E$11)","v":6.25},{"$f":"M3188*G3188","v":0},{"$f":"ROUND((M3188*$B$2),2)","v":7.38},{"$f":"O3188*G3188","v":0}]
[null,"RAUPIANO"]
[null,"RAUPIANO",null,null,11234741001,"Отвод диам. 125 на 15°",null,"шт",20,14.57,{"$f":"J3190*$B$2","v":17.192599999999999},{"$f":"K3190*G3190","v":0},{"$f":"J3190*(1-$E$5-$E$7)*(1-$E$9)*(1+$E$11)","v":14.57},{"$f":"M3190*G3190","v":0},{"$f":"ROUND((M3190*$B$2),2)","v":17.190000000000001},{"$f":"O3190*G3190","v":0}]
[null,"RAUPIANO",null,null,11234841001,"Отвод диам. 125 на 30°",null,"шт",20,14.57,{"$f":"J3191*$B$2","v":17.192599999999999},{"$f":"K3191*G3191","v":0},{"$f":"J3191*(1-$E$5-$E$7)*(1-$E$9)*(1+$E$11)","v":14.57},{"$f":"M3191*G3191","v":0},{"$f":"ROUND((M3191*$B$2),2)","v":17.190000000000001},{"$f":"O3191*G3191","v":0}]
[null,"RAUPIANO",null,null,11234941001,"Отвод диам. 125 на 45°",null,"шт",20,14.57,{"$f":"J3192*$B$2","v":17.192599999999999},{"$f":"K3192*G3192","v":0},{"$f":"J3192*(1-$E$5-$E$7)*(1-$E$9)*(1+$E$11)","v":14.57},{"$f":"M3192*G3192","v":0},{"$f":"ROUND((M3192*$B$2),2)","v":17.190000000000001},{"$f":"O3192*G3192","v":0}]
[null,"RAUPIANO",null,null,11235041001,"Отвод диам. 125 на 67°",null,"шт",20,14.57,{"$f":"J3193*$B$2","v":17.192599999999999},{"$f":"K3193*G3193","v":0},{"$f":"J3193*(1-$E$5-$E$7)*(1-$E$9)*(1+$E$11)","v":14.57},{"$f":"M3193*G3193","v":0},{"$f":"ROUND((M3193*$B$2),2)","v":17.190000000000001},{"$f":"O3193*G3193","v":0}]
[null,"RAUPIANO",null,null,11235141001,"Отвод диам. 125 на 87°",null,"шт",20,14.57,{"$f":"J3194*$B$2","v":17.192599999999999},{"$f":"K3194*G3194","v":0},{"$f":"J3194*(1-$E$5-$E$7)*(1-$E$9)*(1+$E$11)","v":14.57},{"$f":"M3194*G3194","v":0},{"$f":"ROUND((M3194*$B$2),2)","v":17.190000000000001},{"$f":"O3194*G3194","v":0}]
[null,"RAUPIANO"]
[null,"RAUPIANO",null,11009281001,11009281002,"Крестовина с параллельными отводами 90/90/50/90/87°",null,"шт",10,31.78,{"$f":"J3196*$B$2","v":37.500399999999999},{"$f":"K3196*G3196","v":0},{"$f":"J3196*(1-$E$5-$E$7)*(1-$E$9)*(1+$E$11)","v":31.78},{"$f":"M3196*G3196","v":0},{"$f":"ROUND((M3196*$B$2),2)","v":37.5},{"$f":"O3196*G3196","v":0}]
[null,"RAUPIANO",null,11009291001,11009291002,"Крестовина с параллельными отводами 110/110/50/110/87°",null,"шт",10,33.1,{"$f":"J3197*$B$2","v":39.058},{"$f":"K3197*G3197","v":0},{"$f":"J3197*(1-$E$5-$E$7)*(1-$E$9)*(1+$E$11)","v":33.1},{"$f":"M3197*G3197","v":0},{"$f":"ROUND((M3197*$B$2),2)","v":39.06},{"$f":"O3197*G3197","v":0}]
[null,"RAUPIANO",null,null,11240281001,"Отвод диам. 160 на 45°",null,"шт",10,35.58,{"$f":"J3198*$B$2","v":41.984399999999994},{"$f":"K3198*G3198","v":0},{"$f":"J3198*(1-$E$5-$E$7)*(1-$E$9)*(1+$E$11)","v":35.58},{"$f":"M3198*G3198","v":0},{"$f":"ROUND((M3198*$B$2),2)","v":41.98},{"$f":"O3198*G3198","v":0}]
[null,"RAUPIANO",null,null,11240291001,"Отвод диам. 160 на 87°",null,"шт",10,53.28,{"$f":"J3199*$B$2","v":62.870399999999997},{"$f":"K3199*G3199","v":0},{"$f":"J3199*(1-$E$5-$E$7)*(1-$E$9)*(1+$E$11)","v":53.28},{"$f":"M3199*G3199","v":0},{"$f":"ROUND((M3199*$B$2),2)","v":62.87},{"$f":"O3199*G3199","v":0}]
[null,"RAUPIANO"]
[null,"RAUPIANO",null,11026771001,11026771002,"Двухплоскостная крестовина правая 110/110/75",null,"шт",10,33.630000000000003,{"$f":"J3201*$B$2","v":39.683399999999999},{"$f":"K3201*G3201","v":0},{"$f":"J3201*(1-$E$5-$E$7)*(1-$E$9)*(1+$E$11)","v":33.630000000000003},{"$f":"M3201*G3201","v":0},{"$f":"ROUND((M3201*$B$2),2)","v":39.68},{"$f":"O3201*G3201","v":0}]
[null,"RAUPIANO",null,11026781001,11026781002,"Двухплоскостная крестовина левая 110/110/75",null,"шт",10,33.630000000000003,{"$f":"J3202*$B$2","v":39.683399999999999},{"$f":"K3202*G3202","v":0},{"$f":"J3202*(1-$E$5-$E$7)*(1-$E$9)*(1+$E$11)","v":33.630000000000003},{"$f":"M3202*G3202","v":0},{"$f":"ROUND((M3202*$B$2),2)","v":39.68},{"$f":"O3202*G3202","v":0}]
[null,"RAUPIANO"]
[null,"RAUPIANO",null,null,11002591001,"Отвод длинный диам. 110 на 87°",null,"шт",10,7.23,{"$f":"J3204*$B$2","v":8.5313999999999997},{"$f":"K3204*G3204","v":0},{"$f":"J3204*(1-$E$5-$E$7)*(1-$E$9)*(1+$E$11)","v":7.23},{"$f":"M3204*G3204","v":0},{"$f":"ROUND((M3204*$B$2),2)","v":8.5299999999999994},{"$f":"O3204*G3204","v":0}]
[null,"RAUPIANO"]
[null,"RAUPIANO"]
[null,"RAUPIANO",null,11026791001,11026791002,"Двухплоскостная крестовина правая 110/90/75",null,"шт",10,31.27,{"$f":"J3207*$B$2","v":36.898599999999995},{"$f":"K3207*G3207","v":0},{"$f":"J3207*(1-$E$5-$E$7)*(1-$E$9)*(1+$E$11)","v":31.27},{"$f":"M3207*G3207","v":0},{"$f":"ROUND((M3207*$B$2),2)","v":36.9},{"$f":"O3207*G3207","v":0}]
[null,"RAUPIANO",null,11026891001,11026891002,"Двухплоскостная крестовина левая 110/90/75",null,"шт",10,31.27,{"$f":"J3208*$B$2","v":36.898599999999995},{"$f":"K3208*G3208","v":0},{"$f":"J3208*(1-$E$5-$E$7)*(1-$E$9)*(1+$E$11)","v":31.27},{"$f":"M3208*G3208","v":0},{"$f":"ROUND((M3208*$B$2),2)","v":36.9},{"$f":"O3208*G3208","v":0}]
[null,"RAUPIANO",null,11205641002,11205641003,"Отвод параллельный 110/110",null,"шт",9,54.12,{"$f":"J3209*$B$2","v":63.861599999999996},{"$f":"K3209*G3209","v":0},{"$f":"J3209*(1-$E$5-$E$7)*(1-$E$9)*(1+$E$11)","v":54.12},{"$f":"M3209*G3209","v":0},{"$f":"ROUND((M3209*$B$2),2)","v":63.86},{"$f":"O3209*G3209","v":0}]
[null,"RAUPIANO"]
[null,"RAUPIANO",null,null,11210741002,"Шпилька для хомута М8",null,"шт",100,0.31,{"$f":"J3211*$B$2","v":0.36579999999999996},{"$f":"K3211*G3211","v":0},{"$f":"J3211*(1-$E$5-$E$7)*(1-$E$9)*(1+$E$11)","v":0.31},{"$f":"M3211*G3211","v":0},{"$f":"ROUND((M3211*$B$2),2)","v":0.37},{"$f":"O3211*G3211","v":0}]
[null,"RAUPIANO",null,null,11210841002,"Шпилька для хомута М10",null,"шт",100,0.57999999999999996,{"$f":"J3212*$B$2","v":0.6843999999999999},{"$f":"K3212*G3212","v":0},{"$f":"J3212*(1-$E$5-$E$7)*(1-$E$9)*(1+$E$11)","v":0.57999999999999996},{"$f":"M3212*G3212","v":0},{"$f":"ROUND((M3212*$B$2),2)","v":0.68},{"$f":"O3212*G3212","v":0}]
[null,"RAUPIANO","x",null,11215641003,"Крестовина двухплоскостная 110/110/110/87°",null,"шт",10,40.06,{"$f":"J3213*$B$2","v":47.270800000000001},{"$f":"K3213*G3213","v":0},{"$f":"J3213*(1-$E$5-$E$7)*(1-$E$9)*(1+$E$11)","v":40.06},{"$f":"M3213*G3213","v":0},{"$f":"ROUND((M3213*$B$2),2)","v":47.27},{"$f":"O3213*G3213","v":0}]
[null,"RAUPIANO"]
[null,"RAUPIANO",null,null,11231041001,"Тройник 40/40/45°",null,"шт",20,2.76,{"$f":"J3215*$B$2","v":3.2567999999999997},{"$f":"K3215*G3215","v":0},{"$f":"J3215*(1-$E$5-$E$7)*(1-$E$9)*(1+$E$11)","v":2.76},{"$f":"M3215*G3215","v":0},{"$f":"ROUND((M3215*$B$2),2)","v":3.26},{"$f":"O3215*G3215","v":0}]
[null,"RAUPIANO",null,null,11231141001,"Тройник 40/40/87°",null,"шт",20,2.76,3.2567999999999997,0,2.76,0,3.26,0]
[null,"RAUPIANO",null,null,11240891001,"Тройник 50/40/45°",null,"шт",20,2.95,3.4809999999999999,0,2.95,0,3.48,0]
[null,"RAUPIANO",null,null,11240971001,"Тройник 50/40/87°",null,"шт",20,2.95,3.4809999999999999,0,2.95,0,3.48,0]
[null,"RAUPIANO","x",null,11212341001,"Тройник 50/50/45°",null,"шт",20,3.17,3.7405999999999997,0,3.17,0,3.74,0]
[null,"RAUPIANO","x",null,11212541001,"Тройник 50/50/87°",null,"шт",20,3.17,3.7405999999999997,0,3.17,0,3.74,0]
[null,"RAUPIANO",null,null,11212641001,"Тройник 75/50/45°",null,"шт",20,4.37,5.1566000000000001,0,4.37,0,5.16,0]
[null,"RAUPIANO",null,null,11212841001,"Тройник 75/50/87°",null,"шт",20,4.37,5.1566000000000001,0,4.37,0,5.16,0]
[null,"RAUPIANO",null,null,11212941001,"Тройник 75/75/45°",null,"шт",20,6.98,8.2363999999999997,0,6.98,0,8.24,0]
[null,"RAUPIANO",null,null,11215441001,"Тройник 75/75/87°",null,"шт",20,6.98,8.2363999999999997,0,6.98,0,8.24,0]
[null,"RAUPIANO",null,null,11232741001,"Тройник 90/50/45°",null,"шт",20,7.29,8.6021999999999998,0,7.29,0,8.6,0]
[null,"RAUPIANO",null,null,11232841001,"Тройник 90/50/87°",null,"шт",20,7.29,8.6021999999999998,0,7.29,0,8.6,0]
[null,"RAUPIANO",null,null,11238341001,"Тройник 90/75/45°",null,"шт",20,8.3699999999999992,9.876599999999998,0,8.3699999999999992,0,9.8800000000000008,0]
[null,"RAUPIANO",null,null,11238441001,"Тройник 90/75/87°",null,"шт",20,13.7,16.165999999999997,0,13.7,0,16.170000000000002,0]
[null,"RAUPIANO",null,null,11232941001,"Тройник 90/90/45°",null,"шт",20,8.64,10.1952,0,8.64,0,10.199999999999999,0]
[null,"RAUPIANO",null,null,11233041001,"Тройник 90/90/87° max flow (гидравл. оптимизированный радиус изгиба)",null,"шт",20,9.8000000000000007,11.564,0,9.8000000000000007,0,11.56,0]
[null,"RAUPIANO","x",null,11213041001,"Тройник 110/50/45°",null,"шт",20,7.44,8.7791999999999994,0,7.44,0,8.7799999999999994,0]
[null,"RAUPIANO","x",null,11213241001,"Тройник 110/50/87°",null,"шт",20,7.44,8.7791999999999994,0,7.44,0,8.7799999999999994,0]
[null,"RAUPIANO",null,null,11213341001,"Тройник 110/75/45°",null,"шт",20,9.52,11.233599999999999,0,9.52,0,11.23,0]
[null,"RAUPIANO",null,null,11213441001,"Тройник 110/75/87°",null,"шт",20,9.52,11.233599999999999,0,9.52,0,11.23,0]
[null,"RAUPIANO",null,null,11002571001,"Тройник 110/90/45°",null,"шт",20,10.59,12.4962,0,10.59,0,12.5,0]
[null,"RAUPIANO",null,null,11002581001,"Тройник 110/90/87°",null,"шт",20,10.59,12.4962,0,10.59,0,12.5,0]
[null,"RAUPIANO","x",null,11229841001,"Тройник 110/110/45°",null,"шт",20,11.45,13.510999999999999,0,11.45,0,13.51,0]
[null,"RAUPIANO","x",null,11230051001,"Тройник 110/110/87° max flow (гидравл. оптимизированный радиус изгиба)",null,"шт",20,12.48,14.7264,0,12.48,0,14.73,0]
[null,"RAUPIANO",null,null,11205741001,"Тройник 125/110/45°",null,"шт",10,20.82,24.567599999999999,0,20.82,0,24.57,0]
[null,"RAUPIANO",null,null,11205941001,"Тройник 125/110/87°",null,"шт",10,20.82,24.567599999999999,0,20.82,0,24.57,0]
[null,"RAUPIANO",null,null,11205841001,"Тройник 125/125/45°",null,"шт",10,24.99,29.488199999999996,0,24.99,0,29.49,0]
[null,"RAUPIANO",null,null,11206041001,"Тройник 125/125/87°",null,"шт",10,24.99,29.488199999999996,0,24.99,0,29.49,0]
[null,"RAUPIANO",null,null,11240371001,"Тройник 160/110/45°",null,"шт",10,48.31,57.005800000000001,0,48.31,0,57.01,0]
[null,"RAUPIANO",null,121744,11240691001,"Тройник 160/110/87° ",null,"шт",10,36.42,42.9756,0,36.42,0,42.98,0]
[null,"RAUPIANO",null,11220341100,11220341002,"Хомут шумопоглощающий с защелкой 160  М10",null,"шт",5,14.05,16.579000000000001,0,14.05,0,16.579999999999998,0]
[null,"RAUPIANO",null,11230561001,11230561002,"Отвод для упрощ. установки противоп.манжет под потолком Дн. 75 на 45°",null,"шт",10,83.16,98.128799999999984,0,83.16,0,98.13,0]
[null,"RAUPIANO",null,null,11240381001,"Тройник 160/160/45°",null,"шт",10,76.489999999999995,90.258199999999988,0,76.489999999999995,0,90.26,0]
[null,"RAUPIANO",null,121784,11240771001,"Тройник 160/160/87°",null,"шт",10,55.15,65.076999999999998,0,55.15,0,65.08,0]
[null,"RAUPIANO",null,11236941001,11231121001,"Тройник 200/160/45°",null,"шт",5,77.05,90.918999999999997,0,77.05,0,90.92,0]
[null,"RAUPIANO",null,null,11237041001,"Тройник 200/160/87°",null,"шт",5,125.28,147.8304,0,125.28,0,147.83000000000001,0]
[null,"RAUPIANO",null,11239641001,11231161001,"Тройник 200/200/45°",null,"шт",5,85.87,101.3266,0,85.87,0,101.33,0]
[null,"RAUPIANO"]
[null,"RAUPIANO",null,null,11230451001,"Крестовина разнопроходная с увел.проходом справа 90/75/90/87°",null,"шт",10,100.92,{"$f":"J3253*$B$2","v":119.0856},{"$f":"K3253*G3253","v":0},{"$f":"J3253*(1-$E$5-$E$7)*(1-$E$9)*(1+$E$11)","v":100.92},{"$f":"M3253*G3253","v":0},{"$f":"ROUND((M3253*$B$2),2)","v":119.09},{"$f":"O3253*G3253","v":0}]
[null,"RAUPIANO",null,null,11237611001,"Крестовина разнопроходная с увел.проходом справа 110/75/110/87°",null,"шт",10,104.35,{"$f":"J3254*$B$2","v":123.13299999999998},{"$f":"K3254*G3254","v":0},{"$f":"J3254*(1-$E$5-$E$7)*(1-$E$9)*(1+$E$11)","v":104.35},{"$f":"M3254*G3254","v":0},{"$f":"ROUND((M3254*$B$2),2)","v":123.13},{"$f":"O3254*G3254","v":0}]
[null,"RAUPIANO"]
[null,"RAUPIANO",null,null,11230551001,"Крестовина разнопроходная с увел.проходом слева 90/75/90/87°",null,"шт",10,100.92,{"$f":"J3256*$B$2","v":119.0856},{"$f":"K3256*G3256","v":0},{"$f":"J3256*(1-$E$5-$E$7)*(1-$E$9)*(1+$E$11)","v":100.92},{"$f":"M3256*G3256","v":0},{"$f":"ROUND((M3256*$B$2),2)","v":119.09},{"$f":"O3256*G3256","v":0}]
[null,"RAUPIANO",null,null,11237711001,"Крестовина разнопроходная с увел.проходом слева 110/75/110/87°",null,"шт",10,104.35,{"$f":"J3257*$B$2","v":123.13299999999998},{"$f":"K3257*G3257","v":0},{"$f":"J3257*(1-$E$5-$E$7)*(1-$E$9)*(1+$E$11)","v":104.35},{"$f":"M3257*G3257","v":0},{"$f":"ROUND((M3257*$B$2),2)","v":123.13},{"$f":"O3257*G3257","v":0}]
[null,"RAUPIANO"]
[null,"RAUPIANO",null,11230571001,11230571002,"Отвод для упрощ. установки противоп.манжет под потолком Дн. 90 на 45°",null,"шт",10,90.79,{"$f":"J3259*$B$2","v":107.1322},{"$f":"K3259*G3259","v":0},{"$f":"J3259*(1-$E$5-$E$7)*(1-$E$9)*(1+$E$11)","v":90.79},{"$f":"M3259*G3259","v":0},{"$f":"ROUND((M3259*$B$2),2)","v":107.13},{"$f":"O3259*G3259","v":0}]
[null,"RAUPIANO",null,11230581001,11230581002,"Отвод для упрощ. установки противоп.манжет под потолком Дн. 110 на 45°",null,"шт",10,94.14,{"$f":"J3260*$B$2","v":111.0852},{"$f":"K3260*G3260","v":0},{"$f":"J3260*(1-$E$5-$E$7)*(1-$E$9)*(1+$E$11)","v":94.14},{"$f":"M3260*G3260","v":0},{"$f":"ROUND((M3260*$B$2),2)","v":111.09},{"$f":"O3260*G3260","v":0}]
[null,"RAUPIANO"]
[null,"RAUPIANO",null,11230751001,11230751002,"Отвод для упрощ. установки противоп.манжет под потолком Дн. 75 на 87°",null,"шт",10,83.16,{"$f":"J3262*$B$2","v":98.128799999999984},{"$f":"K3262*G3262","v":0},{"$f":"J3262*(1-$E$5-$E$7)*(1-$E$9)*(1+$E$11)","v":83.16},{"$f":"M3262*G3262","v":0},{"$f":"ROUND((M3262*$B$2),2)","v":98.13},{"$f":"O3262*G3262","v":0}]
[null,"RAUPIANO",null,11230851001,11230851002,"Отвод для упрощ. установки противоп.манжет под потолком Дн. 90 на 87°",null,"шт",10,90.79,{"$f":"J3263*$B$2","v":107.1322},{"$f":"K3263*G3263","v":0},{"$f":"J3263*(1-$E$5-$E$7)*(1-$E$9)*(1+$E$11)","v":90.79},{"$f":"M3263*G3263","v":0},{"$f":"ROUND((M3263*$B$2),2)","v":107.13},{"$f":"O3263*G3263","v":0}]
[null,"RAUPIANO",null,123664,11230891001,"Отвод диам. 200 на 87°",null,"шт",10,52.29,{"$f":"J3264*$B$2","v":61.702199999999998},{"$f":"K3264*G3264","v":0},{"$f":"J3264*(1-$E$5-$E$7)*(1-$E$9)*(1+$E$11)","v":52.29},{"$f":"M3264*G3264","v":0},{"$f":"ROUND((M3264*$B$2),2)","v":61.7},{"$f":"O3264*G3264","v":0}]
[null,"RAUPIANO",null,11240591001,11230921001,"Отвод диам. 160 на 15°",null,"шт",10,23.7,{"$f":"J3265*$B$2","v":27.965999999999998},{"$f":"K3265*G3265","v":0},{"$f":"J3265*(1-$E$5-$E$7)*(1-$E$9)*(1+$E$11)","v":23.7},{"$f":"M3265*G3265","v":0},{"$f":"ROUND((M3265*$B$2),2)","v":27.97},{"$f":"O3265*G3265","v":0}]
[null,"RAUPIANO"]
[null,"RAUPIANO",null,null,11237141001,"Крестовина 90/90/90/87° max flow (гидравлически оптимизированный радиус)",null,"шт",10,22.04,{"$f":"J3267*$B$2","v":26.007199999999997},{"$f":"K3267*G3267","v":0},{"$f":"J3267*(1-$E$5-$E$7)*(1-$E$9)*(1+$E$11)","v":22.04},{"$f":"M3267*G3267","v":0},{"$f":"ROUND((M3267*$B$2),2)","v":26.01},{"$f":"O3267*G3267","v":0}]
[null,"RAUPIANO"]
[null,"RAUPIANO","x",null,11215541001,"Крестовина 110/110/110/87°",null,"шт",20,14.57,{"$f":"J3269*$B$2","v":17.192599999999999},{"$f":"K3269*G3269","v":0},{"$f":"J3269*(1-$E$5-$E$7)*(1-$E$9)*(1+$E$11)","v":14.57},{"$f":"M3269*G3269","v":0},{"$f":"ROUND((M3269*$B$2),2)","v":17.190000000000001},{"$f":"O3269*G3269","v":0}]
[null,"RAUPIANO",null,null,11229641001,"Крестовина 110/110/110/45°",null,"шт",10,14.57,{"$f":"J3270*$B$2","v":17.192599999999999},{"$f":"K3270*G3270","v":0},{"$f":"J3270*(1-$E$5-$E$7)*(1-$E$9)*(1+$E$11)","v":14.57},{"$f":"M3270*G3270","v":0},{"$f":"ROUND((M3270*$B$2),2)","v":17.190000000000001},{"$f":"O3270*G3270","v":0}]
[null,"RAUPIANO",null,null,11235941001,"Крестовина 125/110/110/45°",null,"шт",10,142.12,{"$f":"J3271*$B$2","v":167.70159999999998},{"$f":"K3271*G3271","v":0},{"$f":"J3271*(1-$E$5-$E$7)*(1-$E$9)*(1+$E$11)","v":142.12},{"$f":"M3271*G3271","v":0},{"$f":"ROUND((M3271*$B$2),2)","v":167.7},{"$f":"O3271*G3271","v":0}]
[null,"RAUPIANO",null,null,11236841001,"Крестовина 160/110/110/87°",null,"шт",10,152.87,{"$f":"J3272*$B$2","v":180.38659999999999},{"$f":"K3272*G3272","v":0},{"$f":"J3272*(1-$E$5-$E$7)*(1-$E$9)*(1+$E$11)","v":152.87},{"$f":"M3272*G3272","v":0},{"$f":"ROUND((M3272*$B$2),2)","v":180.39},{"$f":"O3272*G3272","v":0}]
[null,"RAUPIANO"]
[null,"RAUPIANO",null,11230951001,11230951002,"Отвод для упрощ. установки противоп.манжет под потолком Дн. 110 на 87°",null,"шт",10,94.14,{"$f":"J3274*$B$2","v":111.0852},{"$f":"K3274*G3274","v":0},{"$f":"J3274*(1-$E$5-$E$7)*(1-$E$9)*(1+$E$11)","v":94.14},{"$f":"M3274*G3274","v":0},{"$f":"ROUND((M3274*$B$2),2)","v":111.09},{"$f":"O3274*G3274","v":0}]
[null,"RAUPIANO",null,11240671001,11230961001,"Отвод диам. 160 на 30°",null,"шт",10,28.04,{"$f":"J3275*$B$2","v":33.087199999999996},{"$f":"K3275*G3275","v":0},{"$f":"J3275*(1-$E$5-$E$7)*(1-$E$9)*(1+$E$11)","v":28.04},{"$f":"M3275*G3275","v":0},{"$f":"ROUND((M3275*$B$2),2)","v":33.090000000000003},{"$f":"O3275*G3275","v":0}]
[null,"RAUPIANO"]
[null,"RAUPIANO",null,11236541001,11230971001,"Отвод диам. 200 на 45°",null,"шт",10,46.49,{"$f":"J3277*$B$2","v":54.858199999999997},{"$f":"K3277*G3277","v":0},{"$f":"J3277*(1-$E$5-$E$7)*(1-$E$9)*(1+$E$11)","v":46.49},{"$f":"M3277*G3277","v":0},{"$f":"ROUND((M3277*$B$2),2)","v":54.86},{"$f":"O3277*G3277","v":0}]
[null,"RAUPIANO",null,11237841001,11230981001,"Муфта двухраструбная 200",null,"шт",10,31.72,{"$f":"J3278*$B$2","v":37.429599999999994},{"$f":"K3278*G3278","v":0},{"$f":"J3278*(1-$E$5-$E$7)*(1-$E$9)*(1+$E$11)","v":31.72},{"$f":"M3278*G3278","v":0},{"$f":"ROUND((M3278*$B$2),2)","v":37.43},{"$f":"O3278*G3278","v":0}]
[null,"RAUPIANO"]
[null,"RAUPIANO",null,null,11231241001,"Переходник 50/40",null,"шт",20,1.82,{"$f":"J3280*$B$2","v":2.1476000000000002},{"$f":"K3280*G3280","v":0},{"$f":"J3280*(1-$E$5-$E$7)*(1-$E$9)*(1+$E$11)","v":1.82},{"$f":"M3280*G3280","v":0},{"$f":"ROUND((M3280*$B$2),2)","v":2.15},{"$f":"O3280*G3280","v":0}]
[null,"RAUPIANO",null,null,11213841001,"Переходник 75/50",null,"шт",20,2.12,2.5015999999999998,0,2.12,0,2.5,0]
[null,"RAUPIANO",null,null,11233141001,"Переходник 90/50",null,"шт",20,2.86,3.3747999999999996,0,2.86,0,3.37,0]
[null,"RAUPIANO",null,null,11233241001,"Переходник 90/75",null,"шт",20,3.86,4.5547999999999993,0,3.86,0,4.55,0]
[null,"RAUPIANO","x",null,11213941001,"Переходник 110/50",null,"шт",20,3.48,4.1063999999999998,0,3.48,0,4.1100000000000003,0]
[null,"RAUPIANO",null,null,11214041001,"Переходник 110/75",null,"шт",20,4.58,5.4043999999999999,0,4.58,0,5.4,0]
[null,"RAUPIANO",null,null,11219941001,"Переходник 110/90",null,"шт",20,5.2,6.1360000000000001,0,5.2,0,6.14,0]
[null,"RAUPIANO",null,null,11206141001,"Переходник 125/110",null,"шт",20,10.3,12.154,0,10.3,0,12.15,0]
[null,"RAUPIANO",null,null,11240391001,"Переходник 160/110",null,"шт",20,23.28,27.470400000000001,0,23.28,0,27.47,0]
[null,"RAUPIANO",null,11218041002,11231051001,"Переходник 160/125",null,"шт",20,14.26,16.826799999999999,0,14.26,0,16.829999999999998,0]
[null,"RAUPIANO",null,11237941001,11230991001,"Муфта надвижная 200",null,"шт",10,33.78,39.860399999999998,0,33.78,0,39.86,0]
[null,"RAUPIANO"]
[null,"RAUPIANO",null,null,11231641001,"Патрубок приборный 40/40-30",null,"шт",20,2.19,{"$f":"J3292*$B$2","v":2.5841999999999996},{"$f":"K3292*G3292","v":0},{"$f":"J3292*(1-$E$5-$E$7)*(1-$E$9)*(1+$E$11)","v":2.19},{"$f":"M3292*G3292","v":0},{"$f":"ROUND((M3292*$B$2),2)","v":2.58},{"$f":"O3292*G3292","v":0}]
[null,"RAUPIANO",null,null,11214141001,"Патрубок приборный 50/40-30",null,"шт",20,2.39,{"$f":"J3293*$B$2","v":2.8201999999999998},{"$f":"K3293*G3293","v":0},{"$f":"J3293*(1-$E$5-$E$7)*(1-$E$9)*(1+$E$11)","v":2.39},{"$f":"M3293*G3293","v":0},{"$f":"ROUND((M3293*$B$2),2)","v":2.82},{"$f":"O3293*G3293","v":0}]
[null,"RAUPIANO",null,11214241001,"выведен","Патрубок приборный 50/50",null,"шт",20,2.7,{"$f":"J3294*$B$2","v":3.1859999999999999},{"$f":"K3294*G3294","v":0},{"$f":"J3294*(1-$E$5-$E$7)*(1-$E$9)*(1+$E$11)","v":2.7},{"$f":"M3294*G3294","v":0},{"$f":"ROUND((M3294*$B$2),2)","v":3.19},{"$f":"O3294*G3294","v":0}]
[null,"RAUPIANO"]
[null,"RAUPIANO",null,null,11235741001,"Переход на дыхательный стояк 75/80",null,"шт",10,22.3,{"$f":"J3296*$B$2","v":26.314},{"$f":"K3296*G3296","v":0},{"$f":"J3296*(1-$E$5-$E$7)*(1-$E$9)*(1+$E$11)","v":22.3},{"$f":"M3296*G3296","v":0},{"$f":"ROUND((M3296*$B$2),2)","v":26.31},{"$f":"O3296*G3296","v":0}]
[null,"RAUPIANO"]
[null,"RAUPIANO",null,null,11250241001,"Переход на чугунную трубу/трубу из другого материала  50/53 - 63",null,"шт",1,16.28,{"$f":"J3298*$B$2","v":19.2104},{"$f":"K3298*G3298","v":0},{"$f":"J3298*(1-$E$5-$E$7)*(1-$E$9)*(1+$E$11)","v":16.28},{"$f":"M3298*G3298","v":0},{"$f":"ROUND((M3298*$B$2),2)","v":19.21},{"$f":"O3298*G3298","v":0}]
[null,"RAUPIANO",null,null,11250341001,"Переход на чугунную трубу/трубу из другого материала  75/75 - 89",null,"шт",1,19.71,{"$f":"J3299*$B$2","v":23.2578},{"$f":"K3299*G3299","v":0},{"$f":"J3299*(1-$E$5-$E$7)*(1-$E$9)*(1+$E$11)","v":19.71},{"$f":"M3299*G3299","v":0},{"$f":"ROUND((M3299*$B$2),2)","v":23.26},{"$f":"O3299*G3299","v":0}]
[null,"RAUPIANO",null,null,11239041001,"Переход на чугунную трубу/трубу из другого материала  110/ 90",null,"шт",1,22.28,{"$f":"J3300*$B$2","v":26.290399999999998},{"$f":"K3300*G3300","v":0},{"$f":"J3300*(1-$E$5-$E$7)*(1-$E$9)*(1+$E$11)","v":22.28},{"$f":"M3300*G3300","v":0},{"$f":"ROUND((M3300*$B$2),2)","v":26.29},{"$f":"O3300*G3300","v":0}]
[null,"RAUPIANO",null,null,11239141001,"Переход на чугунную трубу/трубу из другого материала  110/ 110",null,"шт",1,23.13,{"$f":"J3301*$B$2","v":27.293399999999998},{"$f":"K3301*G3301","v":0},{"$f":"J3301*(1-$E$5-$E$7)*(1-$E$9)*(1+$E$11)","v":23.13},{"$f":"M3301*G3301","v":0},{"$f":"ROUND((M3301*$B$2),2)","v":27.29},{"$f":"O3301*G3301","v":0}]
[null,"RAUPIANO"]
[null,"RAUPIANO",null,null,11231741001,"Отвод под сифон Dн 40/40-30",null,"шт",20,1.51,{"$f":"J3303*$B$2","v":1.7817999999999998},{"$f":"K3303*G3303","v":0},{"$f":"J3303*(1-$E$5-$E$7)*(1-$E$9)*(1+$E$11)","v":1.51},{"$f":"M3303*G3303","v":0},{"$f":"ROUND((M3303*$B$2),2)","v":1.78},{"$f":"O3303*G3303","v":0}]
[null,"RAUPIANO",null,null,11226941001,"Отвод под сифон Dн 50/40-30",null,"шт",20,1.51,{"$f":"J3304*$B$2","v":1.7817999999999998},{"$f":"K3304*G3304","v":0},{"$f":"J3304*(1-$E$5-$E$7)*(1-$E$9)*(1+$E$11)","v":1.51},{"$f":"M3304*G3304","v":0},{"$f":"ROUND((M3304*$B$2),2)","v":1.78},{"$f":"O3304*G3304","v":0}]
[null,"RAUPIANO","x",null,11214441001,"Отвод под сифон Dн 50/50",null,"шт",20,2.08,{"$f":"J3305*$B$2","v":2.4544000000000001},{"$f":"K3305*G3305","v":0},{"$f":"J3305*(1-$E$5-$E$7)*(1-$E$9)*(1+$E$11)","v":2.08},{"$f":"M3305*G3305","v":0},{"$f":"ROUND((M3305*$B$2),2)","v":2.4500000000000002},{"$f":"O3305*G3305","v":0}]
[null,"RAUPIANO"]
[null,"RAUPIANO",null,null,11231341001,"Заглушка 40",null,"шт",20,0.79,{"$f":"J3307*$B$2","v":0.93220000000000003},{"$f":"K3307*G3307","v":0},{"$f":"J3307*(1-$E$5-$E$7)*(1-$E$9)*(1+$E$11)","v":0.79},{"$f":"M3307*G3307","v":0},{"$f":"ROUND((M3307*$B$2),2)","v":0.93},{"$f":"O3307*G3307","v":0}]
[null,"RAUPIANO","x",null,11214541001,"Заглушка 50",null,"шт",20,0.88,1.0384,0,0.88,0,1.04,0]
[null,"RAUPIANO",null,null,11214641001,"Заглушка 75",null,"шт",20,1.51,1.7817999999999998,0,1.51,0,1.78,0]
[null,"RAUPIANO",null,null,11233341001,"Заглушка 90",null,"шт",20,1.82,2.1476000000000002,0,1.82,0,2.15,0]
[null,"RAUPIANO","x",null,11214741001,"Заглушка 110",null,"шт",20,1.98,2.3363999999999998,0,1.98,0,2.34,0]
[null,"RAUPIANO",null,null,11206241001,"Заглушка 125",null,"шт",20,6.77,7.988599999999999,0,6.77,0,7.99,0]
[null,"RAUPIANO",null,11237641001,11231021001,"Переходник 200/160",null,"шт",10,28.58,33.724399999999996,0,28.58,0,33.72,0]
[null,"RAUPIANO",null,11237741002,11231061001,"Заглушка 160",null,"шт",10,10.08,11.894399999999999,0,10.08,0,11.89,0]
[null,"RAUPIANO"]
[null,"RAUPIANO",null,null,11230001001,"Запор для заглушки 110",null,"шт",5,8.3800000000000008,{"$f":"J3316*$B$2","v":9.8884000000000007},{"$f":"K3316*G3316","v":0},{"$f":"J3316*(1-$E$5-$E$7)*(1-$E$9)*(1+$E$11)","v":8.3800000000000008},{"$f":"M3316*G3316","v":0},{"$f":"ROUND((M3316*$B$2),2)","v":9.89},{"$f":"O3316*G3316","v":0}]
[null,"RAUPIANO",null,null,11230021001,"Запор для заглушки 160",null,"шт",5,10.09,{"$f":"J3317*$B$2","v":11.906199999999998},{"$f":"K3317*G3317","v":0},{"$f":"J3317*(1-$E$5-$E$7)*(1-$E$9)*(1+$E$11)","v":10.09},{"$f":"M3317*G3317","v":0},{"$f":"ROUND((M3317*$B$2),2)","v":11.91},{"$f":"O3317*G3317","v":0}]
[null,"RAUPIANO",null,null,11230061001,"Запор для заглушки 200",null,"шт",5,11.81,{"$f":"J3318*$B$2","v":13.9358},{"$f":"K3318*G3318","v":0},{"$f":"J3318*(1-$E$5-$E$7)*(1-$E$9)*(1+$E$11)","v":11.81},{"$f":"M3318*G3318","v":0},{"$f":"ROUND((M3318*$B$2),2)","v":13.94},{"$f":"O3318*G3318","v":0}]
[null,"RAUPIANO"]
[null,"RAUPIANO",null,null,11231441001,"Муфта двухраструбная 40",null,"шт",20,2.08,{"$f":"J3320*$B$2","v":2.4544000000000001},{"$f":"K3320*G3320","v":0},{"$f":"J3320*(1-$E$5-$E$7)*(1-$E$9)*(1+$E$11)","v":2.08},{"$f":"M3320*G3320","v":0},{"$f":"ROUND((M3320*$B$2),2)","v":2.4500000000000002},{"$f":"O3320*G3320","v":0}]
[null,"RAUPIANO","x",null,11214841001,"Муфта двухраструбная 50",null,"шт",20,2.29,2.7021999999999999,0,2.29,0,2.7,0]
[null,"RAUPIANO",null,null,11215841001,"Муфта двухраструбная 75",null,"шт",20,5.16,6.0888,0,5.16,0,6.09,0]
[null,"RAUPIANO",null,null,11233441001,"Муфта двухраструбная 90",null,"шт",20,5.73,6.7614000000000001,0,5.73,0,6.76,0]
[null,"RAUPIANO","x",null,11214941001,"Муфта двухраструбная 110",null,"шт",20,6.39,7.5401999999999996,0,6.39,0,7.54,0]
[null,"RAUPIANO",null,null,11204741001,"Муфта двухраструбная 125",null,"шт",10,14.05,16.579000000000001,0,14.05,0,16.579999999999998,0]
[null,"RAUPIANO",null,null,11240471001,"Муфта двухраструбная 160",null,"шт",10,27.52,32.473599999999998,0,27.52,0,32.47,0]
[null,"RAUPIANO",null,11217541002,11231071001,"Тройник 160/125/45°",null,"шт",10,43.7,51.566000000000003,0,43.7,0,51.57,0]
[null,"RAUPIANO"]
[null,"RAUPIANO",null,null,11231541001,"Муфта надвижная 40",null,"шт",20,2.08,{"$f":"J3329*$B$2","v":2.4544000000000001},{"$f":"K3329*G3329","v":0},{"$f":"J3329*(1-$E$5-$E$7)*(1-$E$9)*(1+$E$11)","v":2.08},{"$f":"M3329*G3329","v":0},{"$f":"ROUND((M3329*$B$2),2)","v":2.4500000000000002},{"$f":"O3329*G3329","v":0}]
[null,"RAUPIANO","x",null,11215041001,"Муфта надвижная 50",null,"шт",20,2.29,2.7021999999999999,0,2.29,0,2.7,0]
[null,"RAUPIANO",null,null,11215741001,"Муфта надвижная 75",null,"шт",20,5.16,6.0888,0,5.16,0,6.09,0]
[null,"RAUPIANO",null,null,11233541001,"Муфта надвижная 90",null,"шт",20,5.73,6.7614000000000001,0,5.73,0,6.76,0]
[null,"RAUPIANO","x",null,11215141001,"Муфта надвижная 110",null,"шт",20,6.39,7.5401999999999996,0,6.39,0,7.54,0]
[null,"RAUPIANO",null,null,11204641001,"Муфта надвижная 125",null,"шт",10,14.05,16.579000000000001,0,14.05,0,16.579999999999998,0]
[null,"RAUPIANO",null,null,11240481001,"Муфта надвижная 160",null,"шт",10,28.26,33.346800000000002,0,28.26,0,33.35,0]
[null,"RAUPIANO",null,11217641002,11231081001,"Тройник 160/125/87°",null,"шт",10,43.7,51.566000000000003,0,43.7,0,51.57,0]
[null,"RAUPIANO"]
[null,"RAUPIANO","x",null,11210391001,"Ревизия 50 ",null,"шт",20,4.74,{"$f":"J3338*$B$2","v":5.5932000000000004},{"$f":"K3338*G3338","v":0},{"$f":"J3338*(1-$E$5-$E$7)*(1-$E$9)*(1+$E$11)","v":4.74},{"$f":"M3338*G3338","v":0},{"$f":"ROUND((M3338*$B$2),2)","v":5.59},{"$f":"O3338*G3338","v":0}]
[null,"RAUPIANO",null,null,11230791001,"Ревизия 75",null,"шт",20,8.44,{"$f":"J3339*$B$2","v":9.9591999999999992},0,8.44,0,9.9600000000000009,0]
[null,"RAUPIANO",null,null,11233641001,"Ревизия 90",null,"шт",20,9.99,{"$f":"J3340*$B$2","v":11.7882},0,9.99,0,11.79,0]
[null,"RAUPIANO","x",null,11215341003,"Ревизия 110",null,"шт",20,11.71,{"$f":"J3341*$B$2","v":13.8178},0,11.71,0,13.82,0]
[null,"RAUPIANO",null,null,11206341001,"Ревизия 125",null,"шт",20,29.14,{"$f":"J3342*$B$2","v":34.385199999999998},0,29.14,0,34.39,0]
[null,"RAUPIANO",null,null,11240491001,"Ревизия 160",null,"шт",10,61.57,67.900000000000006,0,61.57,0,72.650000000000006,0]
[null,"RAUPIANO"]
[null,"RAUPIANO",null,null,11233741001,"Патрубок компенсационный 90",null,"шт",20,10.199999999999999,{"$f":"J3345*$B$2","v":12.035999999999998},{"$f":"K3345*G3345","v":0},{"$f":"J3345*(1-$E$5-$E$7)*(1-$E$9)*(1+$E$11)","v":10.199999999999999},{"$f":"M3345*G3345","v":0},{"$f":"ROUND((M3345*$B$2),2)","v":12.04},{"$f":"O3345*G3345","v":0}]
[null,"RAUPIANO","x",null,11215941001,"Патрубок компенсационный 110",null,"шт",20,12.28,{"$f":"J3346*$B$2","v":14.490399999999999},{"$f":"K3346*G3346","v":0},{"$f":"J3346*(1-$E$5-$E$7)*(1-$E$9)*(1+$E$11)","v":12.28},{"$f":"M3346*G3346","v":0},{"$f":"ROUND((M3346*$B$2),2)","v":14.49},{"$f":"O3346*G3346","v":0}]
[null,"RAUPIANO"]
["N","RAUPIANO",null,null,11200651001,"Переход для насосной установки DN 90",null,"шт",9,4.92,{"$f":"J3348*$B$2","v":5.8055999999999992},{"$f":"K3348*G3348","v":0},{"$f":"J3348*(1-$E$5-$E$7)*(1-$E$9)*(1+$E$11)","v":4.92},{"$f":"M3348*G3348","v":0},{"$f":"ROUND((M3348*$B$2),2)","v":5.81},{"$f":"O3348*G3348","v":0}]
["N","RAUPIANO",null,null,11200661001,"Переход для насосной установки DN 110",null,"шт",9,5.42,{"$f":"J3349*$B$2","v":6.3956},{"$f":"K3349*G3349","v":0},{"$f":"J3349*(1-$E$5-$E$7)*(1-$E$9)*(1+$E$11)","v":5.42},{"$f":"M3349*G3349","v":0},{"$f":"ROUND((M3349*$B$2),2)","v":6.4},{"$f":"O3349*G3349","v":0}]
[null,"RAUPIANO"]
[null,"RAUPIANO",null,null,11216041001,"Отвод для присоед.выпуска унитаза 110/22°",null,"шт",10,5.16,{"$f":"J3351*$B$2","v":6.0888},{"$f":"K3351*G3351","v":0},{"$f":"J3351*(1-$E$5-$E$7)*(1-$E$9)*(1+$E$11)","v":5.16},{"$f":"M3351*G3351","v":0},{"$f":"ROUND((M3351*$B$2),2)","v":6.09},{"$f":"O3351*G3351","v":0}]
[null,"RAUPIANO","x",null,11216141001,"Отвод для присоед.выпуска унитаза 110/45°",null,"шт",10,5.31,{"$f":"J3352*$B$2","v":6.2657999999999996},{"$f":"K3352*G3352","v":0},{"$f":"J3352*(1-$E$5-$E$7)*(1-$E$9)*(1+$E$11)","v":5.31},{"$f":"M3352*G3352","v":0},{"$f":"ROUND((M3352*$B$2),2)","v":6.27},{"$f":"O3352*G3352","v":0}]
[null,"RAUPIANO",null,null,11216241001,"Отвод для присоед.выпуска унитаза 110/90°",null,"шт",10,5.46,{"$f":"J3353*$B$2","v":6.4427999999999992},{"$f":"K3353*G3353","v":0},{"$f":"J3353*(1-$E$5-$E$7)*(1-$E$9)*(1+$E$11)","v":5.46},{"$f":"M3353*G3353","v":0},{"$f":"ROUND((M3353*$B$2),2)","v":6.44},{"$f":"O3353*G3353","v":0}]
[null,"RAUPIANO"]
[null,"RAUPIANO",null,null,11229341001,"Патрубок приборный 90/250 мм",null,"шт",10,6.51,{"$f":"J3355*$B$2","v":7.6817999999999991},{"$f":"K3355*G3355","v":0},{"$f":"J3355*(1-$E$5-$E$7)*(1-$E$9)*(1+$E$11)","v":6.51},{"$f":"M3355*G3355","v":0},{"$f":"ROUND((M3355*$B$2),2)","v":7.68},{"$f":"O3355*G3355","v":0}]
[null,"RAUPIANO","x",null,11216341001,"Патрубок приборный 110/150 мм",null,"шт",10,5.46,{"$f":"J3356*$B$2","v":6.4427999999999992},{"$f":"K3356*G3356","v":0},{"$f":"J3356*(1-$E$5-$E$7)*(1-$E$9)*(1+$E$11)","v":5.46},{"$f":"M3356*G3356","v":0},{"$f":"ROUND((M3356*$B$2),2)","v":6.44},{"$f":"O3356*G3356","v":0}]
[null,"RAUPIANO","x",null,11216441001,"Патрубок приборный 110/250 мм",null,"шт",10,6.51,{"$f":"J3357*$B$2","v":7.6817999999999991},{"$f":"K3357*G3357","v":0},{"$f":"J3357*(1-$E$5-$E$7)*(1-$E$9)*(1+$E$11)","v":6.51},{"$f":"M3357*G3357","v":0},{"$f":"ROUND((M3357*$B$2),2)","v":7.68},{"$f":"O3357*G3357","v":0}]
[null,"RAUPIANO"]
[null,"RAUPIANO",null,null,11230071001,"Уплотнительная манжета 17-90",null,"шт",10,5.65,{"$f":"J3359*$B$2","v":6.6669999999999998},{"$f":"K3359*G3359","v":0},{"$f":"J3359*(1-$E$5-$E$7)*(1-$E$9)*(1+$E$11)","v":5.65},{"$f":"M3359*G3359","v":0},{"$f":"ROUND((M3359*$B$2),2)","v":6.67},{"$f":"O3359*G3359","v":0}]
[null,"RAUPIANO"]
[null,"RAUPIANO",null,null,11220041100,"Хомут шумопоглощающий с защелкой 75 M8/10 ",null,"шт",5,7.29,{"$f":"J3361*$B$2","v":8.6021999999999998},{"$f":"K3361*G3361","v":0},{"$f":"J3361*(1-$E$5-$E$7)*(1-$E$9)*(1+$E$11)","v":7.29},{"$f":"M3361*G3361","v":0},{"$f":"ROUND((M3361*$B$2),2)","v":8.6},{"$f":"O3361*G3361","v":0}]
[null,"RAUPIANO",null,null,11220441100,"Хомут шумопоглощающий с защелкой 90 M8/10 ",null,"шт",5,7.81,9.2157999999999998,0,7.81,0,9.2200000000000006,0]
[null,"RAUPIANO","x",null,11220141100,"Хомут шумопоглощающий с защелкой 110 M8/10 ",null,"шт",5,8.3699999999999992,9.876599999999998,0,8.3699999999999992,0,9.8800000000000008,0]
[null,"RAUPIANO",null,null,11220241100,"Хомут шумопоглощающий с защелкой 125 М10/12",null,"шт",5,9.52,11.233599999999999,0,9.52,0,11.23,0]
[null,"RAUPIANO",null,11239741001,11231091001,"Заглушка 200",null,"шт",10,18.75,22.125,0,18.75,0,22.13,0]
[null,"RAUPIANO",null,null,11239241001,"Хомут шумопоглощающий  200 с анкерной шпилькой М12/60 мм и стеновой пластиной",null,"шт",5,28.28,33.370399999999997,0,28.28,0,33.369999999999997,0]
[null,"RAUPIANO"]
[null,"RAUPIANO",null,null,11226441001,"Хомут обжимной 40 M8",null,"шт",25,1.51,{"$f":"J3368*$B$2","v":1.7817999999999998},{"$f":"K3368*G3368","v":0},{"$f":"J3368*(1-$E$5-$E$7)*(1-$E$9)*(1+$E$11)","v":1.51},{"$f":"M3368*G3368","v":0},{"$f":"ROUND((M3368*$B$2),2)","v":1.78},{"$f":"O3368*G3368","v":0}]
[null,"RAUPIANO","x",null,11205041001,"Хомут обжимной 50 M8",null,"шт",25,1.78,2.1004,0,1.78,0,2.1,0]
[null,"RAUPIANO",null,120514,11200261001,"Хомут обжимной 75 M8/10 ",null,"шт",10,3.38,3.9883999999999995,0,3.38,0,3.99,0]
[null,"RAUPIANO",null,122054,11200471001,"Хомут обжимной 90 M8/10 ",null,"шт",10,3.7,4.3659999999999997,0,3.7,0,4.37,0]
[null,"RAUPIANO","x",120524,11200291001,"Хомут обжимной 110 M8/10 ",null,"шт",10,3.95,4.6609999999999996,0,3.95,0,4.66,0]
[null,"RAUPIANO",null,120804,11200481001,"Хомут обжимной 125 M10 ",null,"шт",10,4.4800000000000004,5.2864000000000004,0,4.4800000000000004,0,5.29,0]
[null,"RAUPIANO",null,121844,11200491001,"Хомут обжимной 160 M10",null,"шт",10,7.08,8.3544,0,7.08,0,8.35,0]
[null,"RAUPIANO",null,null,11239341001,"Хомут обжимной 200 с анкерной шпилькой М12/60 мм и стеновой пластиной",null,"шт",10,14.57,17.192599999999999,0,14.57,0,17.190000000000001,0]
[null,"RAUPIANO"]
[null,"RAUPIANO",null,null,11226541001,"Хомут опорный  40 M8",null,"шт",25,1.51,{"$f":"J3377*$B$2","v":1.7817999999999998},{"$f":"K3377*G3377","v":0},{"$f":"J3377*(1-$E$5-$E$7)*(1-$E$9)*(1+$E$11)","v":1.51},{"$f":"M3377*G3377","v":0},{"$f":"ROUND((M3377*$B$2),2)","v":1.78},{"$f":"O3377*G3377","v":0}]
[null,"RAUPIANO","x",null,11205341001,"Хомут опорный 50 M8",null,"шт",25,1.78,2.1004,0,1.78,0,2.1,0]
[null,"RAUPIANO",null,120544,11200191001,"Хомут опорный 75 M8/10 ",null,"шт",10,3.38,3.9883999999999995,0,3.38,0,3.99,0]
[null,"RAUPIANO",null,122064,11200551001,"Хомут опорный 90 M8/10 ",null,"шт",10,3.7,4.3659999999999997,0,3.7,0,4.37,0]
[null,"RAUPIANO","x",120554,11200271001,"Хомут опорный 110 M8/10 ",null,"шт",10,3.95,4.6609999999999996,0,3.95,0,4.66,0]
[null,"RAUPIANO",null,120814,11200561001,"Хомут опорный 125 M10 ",null,"шт",10,4.4800000000000004,5.2864000000000004,0,4.4800000000000004,0,5.29,0]
[null,"RAUPIANO",null,121854,11200571001,"Хомут опорный 160 M10 ",null,"шт",10,7.08,8.3544,0,7.08,0,8.35,0]
[null,"RAUPIANO",null,null,11239441001,"Хомут опорный 200 с анкерной шпилькой М12/60 мм и стеновой пластиной",null,"шт",10,14.57,17.192599999999999,0,14.57,0,17.190000000000001,0]
[null,"RAUPIANO"]
[null,"RAUPIANO",null,null,11006591001,"Хомут обжимной с замком 40",null,"шт",1,11.3,{"$f":"J3386*$B$2","v":13.334},{"$f":"K3386*G3386","v":0},{"$f":"J3386*(1-$E$5-$E$7)*(1-$E$9)*(1+$E$11)","v":11.3},{"$f":"M3386*G3386","v":0},{"$f":"ROUND((M3386*$B$2),2)","v":13.33},{"$f":"O3386*G3386","v":0}]
[null,"RAUPIANO",null,null,11006611001,"Хомут обжимной с замком 50",null,"шт",1,11.51,13.581799999999999,0,11.51,0,13.58,0]
[null,"RAUPIANO",null,null,11006621001,"Хомут обжимной с замком 75",null,"шт",1,12.69,14.974199999999998,0,12.69,0,14.97,0]
[null,"RAUPIANO",null,null,11006631001,"Хомут обжимной с замком 90",null,"шт",1,13.14,15.5052,0,13.14,0,15.51,0]
[null,"RAUPIANO",null,null,11006641001,"Хомут обжимной с замком 110",null,"шт",1,13.73,16.2014,0,13.73,0,16.2,0]
[null,"RAUPIANO",null,null,11006651001,"Хомут обжимной с замком 125",null,"шт",1,14.62,17.2516,0,14.62,0,17.25,0]
[null,"RAUPIANO",null,null,11029461001,"Хомут обжимной с замком 160",null,"шт",1,16.8,19.823999999999998,0,16.8,0,19.82,0]
[null,"RAUPIANO",null,null,11029471001,"Хомут обжимной с замком 200",null,"шт",1,20.6,24.308,0,20.6,0,24.31,0]
[null,"RAUPIANO"]
[null,"RAUPIANO",null,11237241001,11237241002,"Крестовина двухплоскостная 90/90/90/87° max flow (гидравлически оптимизированный радиус)",null,"шт",10,27.62,{"$f":"J3395*$B$2","v":32.5916},{"$f":"K3395*G3395","v":0},{"$f":"J3395*(1-$E$5-$E$7)*(1-$E$9)*(1+$E$11)","v":27.62},{"$f":"M3395*G3395","v":0},{"$f":"ROUND((M3395*$B$2),2)","v":32.590000000000003},{"$f":"O3395*G3395","v":0}]
[null,"RAUPIANO",null,11237341001,11237341002,"Отвод параллельный 90/90",null,"шт",10,44.62,{"$f":"J3396*$B$2","v":52.651599999999995},{"$f":"K3396*G3396","v":0},{"$f":"J3396*(1-$E$5-$E$7)*(1-$E$9)*(1+$E$11)","v":44.62},{"$f":"M3396*G3396","v":0},{"$f":"ROUND((M3396*$B$2),2)","v":52.65},{"$f":"O3396*G3396","v":0}]
[null,"RAUPIANO"]
[null,"RAUPIANO",null,null,null,"6.3 Противопожарная защита для труб RAUPIANO"]
["N","RAUPIANO",null,11210421001,11210491001,"Противопожарная лента DN 40, длина 70 мм\n",null,"шт",1,63.56,{"$f":"J3399*$B$2","v":75.000799999999998},{"$f":"K3399*G3399","v":0},{"$f":"J3399*(1-$E$5-$E$7)*(1-$E$9)*(1+$E$11)","v":63.56},{"$f":"M3399*G3399","v":0},{"$f":"ROUND((M3399*$B$2),2)","v":75},{"$f":"O3399*G3399","v":0}]
["N","RAUPIANO",null,11210421001,11210521001,"Противопожарная лента DN 50, длина 206 мм",null,"шт",1,66.05,{"$f":"J3400*$B$2","v":77.938999999999993},{"$f":"K3400*G3400","v":0},{"$f":"J3400*(1-$E$5-$E$7)*(1-$E$9)*(1+$E$11)","v":66.05},{"$f":"M3400*G3400","v":0},{"$f":"ROUND((M3400*$B$2),2)","v":77.94},{"$f":"O3400*G3400","v":0}]
["N","RAUPIANO",null,11210471001,11210571001,"Противопожарная лента DN 75, длина 312 мм",null,"шт",1,79.349999999999994,{"$f":"J3401*$B$2","v":93.632999999999981},{"$f":"K3401*G3401","v":0},{"$f":"J3401*(1-$E$5-$E$7)*(1-$E$9)*(1+$E$11)","v":79.349999999999994},{"$f":"M3401*G3401","v":0},{"$f":"ROUND((M3401*$B$2),2)","v":93.63},{"$f":"O3401*G3401","v":0}]
["N","RAUPIANO",null,11210471001,11210581001,"Противопожарная лента DN 90, длина 359 мм",null,"шт",1,81.84,{"$f":"J3402*$B$2","v":96.571200000000005},{"$f":"K3402*G3402","v":0},{"$f":"J3402*(1-$E$5-$E$7)*(1-$E$9)*(1+$E$11)","v":81.84},{"$f":"M3402*G3402","v":0},{"$f":"ROUND((M3402*$B$2),2)","v":96.57},{"$f":"O3402*G3402","v":0}]
["N","RAUPIANO",null,null,11210591001,"Противопожарная лента DN 110, длина 420 мм",null,"шт",1,85.5,{"$f":"J3403*$B$2","v":100.89},{"$f":"K3403*G3403","v":0},{"$f":"J3403*(1-$E$5-$E$7)*(1-$E$9)*(1+$E$11)","v":85.5},{"$f":"M3403*G3403","v":0},{"$f":"ROUND((M3403*$B$2),2)","v":100.89},{"$f":"O3403*G3403","v":0}]
[null,"RAUPIANO"]
[null,"RAUPIANO",null,null,11221041001,"Противопожарная манжета компакт 50",null,"шт",2,50.99,{"$f":"J3405*$B$2","v":60.168199999999999},{"$f":"K3405*G3405","v":0},{"$f":"J3405*(1-$E$5-$E$7)*(1-$E$9)*(1+$E$11)","v":50.99},{"$f":"M3405*G3405","v":0},{"$f":"ROUND((M3405*$B$2),2)","v":60.17},{"$f":"O3405*G3405","v":0}]
[null,"RAUPIANO",null,null,11221141001,"Противопожарная манжета компакт 75",null,"шт",2,60.37,{"$f":"J3406*$B$2","v":71.236599999999996},{"$f":"K3406*G3406","v":0},{"$f":"J3406*(1-$E$5-$E$7)*(1-$E$9)*(1+$E$11)","v":60.37},{"$f":"M3406*G3406","v":0},{"$f":"ROUND((M3406*$B$2),2)","v":71.239999999999995},{"$f":"O3406*G3406","v":0}]
[null,"RAUPIANO",null,null,11220051001,"Противопожарная манжета компакт 90",null,"шт",2,65.97,{"$f":"J3407*$B$2","v":77.8446},{"$f":"K3407*G3407","v":0},{"$f":"J3407*(1-$E$5-$E$7)*(1-$E$9)*(1+$E$11)","v":65.97},{"$f":"M3407*G3407","v":0},{"$f":"ROUND((M3407*$B$2),2)","v":77.84},{"$f":"O3407*G3407","v":0}]
[null,"RAUPIANO",null,null,11221241001,"Противопожарная манжета компакт 110",null,"шт",2,69.72,{"$f":"J3408*$B$2","v":82.269599999999997},{"$f":"K3408*G3408","v":0},{"$f":"J3408*(1-$E$5-$E$7)*(1-$E$9)*(1+$E$11)","v":69.72},{"$f":"M3408*G3408","v":0},{"$f":"ROUND((M3408*$B$2),2)","v":82.27},{"$f":"O3408*G3408","v":0}]
[null,"RAUPIANO",null,null,11221341001,"Противопожарная манжета компакт 125",null,"шт",2,79.09,{"$f":"J3409*$B$2","v":93.3262},{"$f":"K3409*G3409","v":0},{"$f":"J3409*(1-$E$5-$E$7)*(1-$E$9)*(1+$E$11)","v":79.09},{"$f":"M3409*G3409","v":0},{"$f":"ROUND((M3409*$B$2),2)","v":93.33},{"$f":"O3409*G3409","v":0}]
[null,"RAUPIANO"]
[null,"RAUPIANO",null,null,11218941001,"Противопожарная манжета плюс 40-50",null,"шт",2,61.4,{"$f":"J3411*$B$2","v":72.451999999999998},{"$f":"K3411*G3411","v":0},{"$f":"J3411*(1-$E$5-$E$7)*(1-$E$9)*(1+$E$11)","v":61.4},{"$f":"M3411*G3411","v":0},{"$f":"ROUND((M3411*$B$2),2)","v":72.45},{"$f":"O3411*G3411","v":0}]
[null,"RAUPIANO",null,null,11219041001,"Противопожарная манжета плюс 75",null,"шт",2,66.599999999999994,78.587999999999994,0,66.599999999999994,0,78.59,0]
[null,"RAUPIANO",null,null,11219141001,"Противопожарная манжета плюс 90",null,"шт",2,72.849999999999994,85.962999999999994,0,72.849999999999994,0,85.96,0]
[null,"RAUPIANO",null,null,11219241001,"Противопожарная манжета плюс 110",null,"шт",2,79.09,93.3262,0,79.09,0,93.33,0]
[null,"RAUPIANO",null,null,11219341001,"Противопожарная манжета плюс 125",null,"шт",2,95.74,112.97319999999999,0,95.74,0,112.97,0]
[null,"RAUPIANO",null,null,11219441001,"Противопожарная манжета плюс 160",null,"шт",2,185.24,218.58320000000001,0,185.24,0,218.58,0]
[null,"RAUPIANO",null,null,11210081001,"Противопожарная манжета плюс 200",null,"шт",2,264.97000000000003,312.66460000000001,0,264.97000000000003,0,312.66000000000003,0]
[null,"RAUPIANO"]
[null,"RAUPIANO",null,null,11208341001,"Противопожарная манжета 75 угловая",null,"шт",1,149.86000000000001,{"$f":"J3419*$B$2","v":176.8348},{"$f":"K3419*G3419","v":0},{"$f":"J3419*(1-$E$5-$E$7)*(1-$E$9)*(1+$E$11)","v":149.86000000000001},{"$f":"M3419*G3419","v":0},{"$f":"ROUND((M3419*$B$2),2)","v":176.83},{"$f":"O3419*G3419","v":0}]
[null,"RAUPIANO",null,null,11208741001,"Противопожарная манжета 90 угловая",null,"шт",1,226.87,{"$f":"J3420*$B$2","v":267.70659999999998},{"$f":"K3420*G3420","v":0},{"$f":"J3420*(1-$E$5-$E$7)*(1-$E$9)*(1+$E$11)","v":226.87},{"$f":"M3420*G3420","v":0},{"$f":"ROUND((M3420*$B$2),2)","v":267.70999999999998},{"$f":"O3420*G3420","v":0}]
[null,"RAUPIANO",null,null,11208441001,"Противопожарная манжета 110 угловая",null,"шт",1,187.33,{"$f":"J3421*$B$2","v":221.04939999999999},{"$f":"K3421*G3421","v":0},{"$f":"J3421*(1-$E$5-$E$7)*(1-$E$9)*(1+$E$11)","v":187.33},{"$f":"M3421*G3421","v":0},{"$f":"ROUND((M3421*$B$2),2)","v":221.05},{"$f":"O3421*G3421","v":0}]
[null,"RAUPIANO",null,null,11208541001,"Противопожарная манжета 125 угловая",null,"шт",1,247.69,{"$f":"J3422*$B$2","v":292.27420000000001},{"$f":"K3422*G3422","v":0},{"$f":"J3422*(1-$E$5-$E$7)*(1-$E$9)*(1+$E$11)","v":247.69},{"$f":"M3422*G3422","v":0},{"$f":"ROUND((M3422*$B$2),2)","v":292.27},{"$f":"O3422*G3422","v":0}]
[null,"RAUPIANO"]
[null,"RAUPIANO",null,null,null,"6.4 Комплектующие"]
[null,"RAUPIANO",null,null,11238241001,"Гибкое (гофрир.)  подключение к выходу вентиляц. части стояка 75/90/110",null,"шт",1,33.229999999999997,{"$f":"J3425*$B$2","v":39.211399999999998},{"$f":"K3425*G3425","v":0},{"$f":"J3425*(1-$E$5-$E$7)*(1-$E$9)*(1+$E$11)","v":33.229999999999997},{"$f":"M3425*G3425","v":0},{"$f":"ROUND((M3425*$B$2),2)","v":39.21},{"$f":"O3425*G3425","v":0}]
[null,"RAUPIANO"]
[null,"RAUPIANO",null,null,11282431002,"Кольцо уплотнительное резиновое для раструба трубы 40",null,"шт",1,0.26,{"$f":"J3427*$B$2","v":0.30680000000000002},{"$f":"K3427*G3427","v":0},{"$f":"J3427*(1-$E$5-$E$7)*(1-$E$9)*(1+$E$11)","v":0.26},{"$f":"M3427*G3427","v":0},{"$f":"ROUND((M3427*$B$2),2)","v":0.31},{"$f":"O3427*G3427","v":0}]
[null,"RAUPIANO","x",null,11280131002,"Кольцо уплотнительное резиновое для раструба трубы 50",null,"шт",1,0.36,0.42479999999999996,0,0.36,0,0.42,0]
[null,"RAUPIANO",null,null,11280231002,"Кольцо уплотнительное резиновое для раструба трубы 75",null,"шт",1,0.36,0.42479999999999996,0,0.36,0,0.42,0]
[null,"RAUPIANO",null,null,11280031001,"Кольцо уплотнительное резиновое для раструба трубы 90",null,"шт",1,0.36,0.42479999999999996,0,0.36,0,0.42,0]
[null,"RAUPIANO","x",null,11280331002,"Кольцо уплотнительное резиновое для раструба трубы 110",null,"шт",1,0.36,0.42479999999999996,0,0.36,0,0.42,0]
[null,"RAUPIANO",null,null,11280431003,"Кольцо уплотнительное резиновое для раструба трубы 125",null,"шт",1,0.79,0.93220000000000003,0,0.79,0,0.93,0]
[null,"RAUPIANO",null,null,11280531003,"Кольцо уплотнительное резиновое для раструба трубы 160",null,"шт",1,0.79,0.93220000000000003,0,0.79,0,0.93,0]
[null,"RAUPIANO"]
[null,"RAUPIANO","x",null,11262531002,"Резиновый сальник 50/40",null,"шт",20,0.79,{"$f":"J3435*$B$2","v":0.93220000000000003},{"$f":"K3435*G3435","v":0},{"$f":"J3435*(1-$E$5-$E$7)*(1-$E$9)*(1+$E$11)","v":0.79},{"$f":"M3435*G3435","v":0},{"$f":"ROUND((M3435*$B$2),2)","v":0.93},{"$f":"O3435*G3435","v":0}]
[null,"RAUPIANO",null,null,11219131003,"Резиновый сальник 50/50",null,"шт",20,0.88,{"$f":"J3436*$B$2","v":1.0384},{"$f":"K3436*G3436","v":0},{"$f":"J3436*(1-$E$5-$E$7)*(1-$E$9)*(1+$E$11)","v":0.88},{"$f":"M3436*G3436","v":0},{"$f":"ROUND((M3436*$B$2),2)","v":1.04},{"$f":"O3436*G3436","v":0}]
[null,"RAUPIANO"]
["V","RAUPIANO",null,null,11229231003,"Сальник резиновый с выступом гофра 40/30",null,"шт",20,0.99,{"$f":"J3438*$B$2","v":1.1681999999999999},{"$f":"K3438*G3438","v":0},{"$f":"J3438*(1-$E$5-$E$7)*(1-$E$9)*(1+$E$11)","v":0.99},{"$f":"M3438*G3438","v":0},{"$f":"ROUND((M3438*$B$2),2)","v":1.17},{"$f":"O3438*G3438","v":0}]
["V","RAUPIANO","x",null,11229331003,"Сальник резиновый с выступом гофра 50/30",null,"шт",20,1.0900000000000001,{"$f":"J3439*$B$2","v":1.2862},{"$f":"K3439*G3439","v":0},{"$f":"J3439*(1-$E$5-$E$7)*(1-$E$9)*(1+$E$11)","v":1.0900000000000001},{"$f":"M3439*G3439","v":0},{"$f":"ROUND((M3439*$B$2),2)","v":1.29},{"$f":"O3439*G3439","v":0}]
["V","RAUPIANO","x",null,11229431003,"Сальник резиновый с выступом гофра 50/40",null,"шт",20,1.2,{"$f":"J3440*$B$2","v":1.4159999999999999},{"$f":"K3440*G3440","v":0},{"$f":"J3440*(1-$E$5-$E$7)*(1-$E$9)*(1+$E$11)","v":1.2},{"$f":"M3440*G3440","v":0},{"$f":"ROUND((M3440*$B$2),2)","v":1.42},{"$f":"O3440*G3440","v":0}]
[null,"RAUPIANO"]
[null,"RAUPIANO","x",null,11289331002,"Технический вазелин  для раструб. соединений, Тюбик - 150 г",null,"шт",50,2.08,{"$f":"J3442*$B$2","v":2.4544000000000001},{"$f":"K3442*G3442","v":0},{"$f":"J3442*(1-$E$5-$E$7)*(1-$E$9)*(1+$E$11)","v":2.08},{"$f":"M3442*G3442","v":0},{"$f":"ROUND((M3442*$B$2),2)","v":2.4500000000000002},{"$f":"O3442*G3442","v":0}]
[null,"RAUPIANO",null,null,11289431003,"Технический вазелин  для раструб. соединений, Тюбик - 250 г",null,"шт",50,2.65,{"$f":"J3443*$B$2","v":3.1269999999999998},{"$f":"K3443*G3443","v":0},{"$f":"J3443*(1-$E$5-$E$7)*(1-$E$9)*(1+$E$11)","v":2.65},{"$f":"M3443*G3443","v":0},{"$f":"ROUND((M3443*$B$2),2)","v":3.13},{"$f":"O3443*G3443","v":0}]
[null,"RAUPIANO",null,null,11289531003,"Технический вазелин  для раструб. соединений, Тюбик - 500 г",null,"шт",24,3.65,{"$f":"J3444*$B$2","v":4.3069999999999995},{"$f":"K3444*G3444","v":0},{"$f":"J3444*(1-$E$5-$E$7)*(1-$E$9)*(1+$E$11)","v":3.65},{"$f":"M3444*G3444","v":0},{"$f":"ROUND((M3444*$B$2),2)","v":4.3099999999999996},{"$f":"O3444*G3444","v":0}]
[null,"RAUPIANO"]
[null,"VACUCLEAN"]
[null,"VACUCLEAN",null,null,null,"7.1 Центральный пылесос"]
[null,"VACUCLEAN",null,null,13522071002,"VACUCLEAN 2000",null,"шт",1,1091.05,{"$f":"J3448*$B$2","v":1287.4389999999999},{"$f":"K3448*G3448","v":0},{"$f":"J3448*(1-$E$5-$E$7)*(1-$E$9)*(1+$E$11)","v":1091.05},{"$f":"M3448*G3448","v":0},{"$f":"ROUND((M3448*$B$2),2)","v":1287.44},{"$f":"O3448*G3448","v":0}]
[null,"VACUCLEAN",null,null,13522081002,"VACUCLEAN 3000",null,"шт",1,1753.05,{"$f":"J3449*$B$2","v":2068.5989999999997},{"$f":"K3449*G3449","v":0},{"$f":"J3449*(1-$E$5-$E$7)*(1-$E$9)*(1+$E$11)","v":1753.05},{"$f":"M3449*G3449","v":0},{"$f":"ROUND((M3449*$B$2),2)","v":2068.6},{"$f":"O3449*G3449","v":0}]
[null,"VACUCLEAN",null,null,13522091002,"VACUCLEAN 4000",null,"шт",1,2095.9699999999998,{"$f":"J3450*$B$2","v":2473.2445999999995},{"$f":"K3450*G3450","v":0},{"$f":"J3450*(1-$E$5-$E$7)*(1-$E$9)*(1+$E$11)","v":2095.9699999999998},{"$f":"M3450*G3450","v":0},{"$f":"ROUND((M3450*$B$2),2)","v":2473.2399999999998},{"$f":"O3450*G3450","v":0}]
[null,"VACUCLEAN"]
[null,"VACUCLEAN",null,null,null,"7.2 Набор для пылеудаления"]
[null,"VACUCLEAN",null,null,null,"7.2.1 Система радиоуправления"]
[null,"VACUCLEAN",null,null,13522121002,"Базовый комплект для пылеудаления VACUCLEAN ",null,"шт",1,355,{"$f":"J3454*$B$2","v":418.9},{"$f":"K3454*G3454","v":0},{"$f":"J3454*(1-$E$5-$E$7)*(1-$E$9)*(1+$E$11)","v":355},{"$f":"M3454*G3454","v":0},{"$f":"ROUND((M3454*$B$2),2)","v":418.9},{"$f":"O3454*G3454","v":0}]
["D","VACUCLEAN",null,null,12498301001,"Дополнительный всасывающий модуль\nВыведен из программы поставок",null,"шт",1,262.63,309.90339999999998,0,262.63,0,309.89999999999998,0]
[null,"VACUCLEAN",null,null,12278041002,"Базовый пакет VACUCLEAN",null,"шт",1,187.12,220.80160000000001,0,187.12,0,220.8,0]
["D","VACUCLEAN",null,null,12424731001,"Всасывающий шланг 8м\nВыведен из программы поставок",null,"шт",1,124.89,147.37019999999998,0,124.89,0,147.37,0]
[null,"VACUCLEAN",null,13522161001,13522161002,"Всасывающий шланг 8м со встроенной системой дистанц. радиоуправления",null,"шт",1,161.86000000000001,190.9948,0,161.86000000000001,0,190.99,0]
["D","VACUCLEAN",null,null,12424831001,"Шланг стрейч VACUCLEAN\nВыведен из программы поставок",null,"шт",1,92.1,108.67799999999998,0,92.1,0,108.68,0]
[null,"VACUCLEAN",null,null,12423731001,"Удлиннитель шланга 3 м ",null,"шт",1,72.39,85.420199999999994,0,72.39,0,85.42,0]
[null,"VACUCLEAN"]
[null,"VACUCLEAN",null,null,null,"7.2.2 Кабельное управление"]
[null,"VACUCLEAN",null,null,13590201001,"Базовый комплект для пылеудаления VACUCLEAN CC",null,"шт",1,402.32,{"$f":"J3463*$B$2","v":474.73759999999999},{"$f":"K3463*G3463","v":0},{"$f":"J3463*(1-$E$5-$E$7)*(1-$E$9)*(1+$E$11)","v":402.32},{"$f":"M3463*G3463","v":0},{"$f":"ROUND((M3463*$B$2),2)","v":474.74},{"$f":"O3463*G3463","v":0}]
["D","VACUCLEAN",null,null,13523521003,"Набор для пылеудаления VACUCLEAN K\nВыведен из программы поставок",null,"шт",1,264.86,{"$f":"J3464*$B$2","v":312.53480000000002},{"$f":"K3464*G3464","v":0},{"$f":"J3464*(1-$E$5-$E$7)*(1-$E$9)*(1+$E$11)","v":264.86},{"$f":"M3464*G3464","v":0},{"$f":"ROUND((M3464*$B$2),2)","v":312.52999999999997},{"$f":"O3464*G3464","v":0}]
[null,"VACUCLEAN",null,null,12455771002,"Базовый пакет VACUCLEAN CC",null,"шт",1,232.6,{"$f":"J3465*$B$2","v":274.46799999999996},{"$f":"K3465*G3465","v":0},{"$f":"J3465*(1-$E$5-$E$7)*(1-$E$9)*(1+$E$11)","v":232.6},{"$f":"M3465*G3465","v":0},{"$f":"ROUND((M3465*$B$2),2)","v":274.47000000000003},{"$f":"O3465*G3465","v":0}]
[null,"VACUCLEAN",null,null,13590191001,"Всасывающий шланг VACUCLEAN СС",null,"шт",1,202.89,{"$f":"J3466*$B$2","v":239.41019999999997},{"$f":"K3466*G3466","v":0},{"$f":"J3466*(1-$E$5-$E$7)*(1-$E$9)*(1+$E$11)","v":202.89},{"$f":"M3466*G3466","v":0},{"$f":"ROUND((M3466*$B$2),2)","v":239.41},{"$f":"O3466*G3466","v":0}]
[null,"VACUCLEAN"]
[null,"VACUCLEAN",null,null,null,"7.3 Всас. и напольные розетки"]
[null,"VACUCLEAN",null,null,null,"7.3.1 Система радиоуправления"]
[null,"VACUCLEAN",null,null,12498501001,"Настенная розетка VACUCLEAN белая для радиоуправ. сис.",null,"шт",1,27.01,{"$f":"J3470*$B$2","v":31.8718},{"$f":"K3470*G3470","v":0},{"$f":"J3470*(1-$E$5-$E$7)*(1-$E$9)*(1+$E$11)","v":27.01},{"$f":"M3470*G3470","v":0},{"$f":"ROUND((M3470*$B$2),2)","v":31.87},{"$f":"O3470*G3470","v":0}]
[null,"VACUCLEAN",null,null,12423031001,"Настенная розетка VACUCLEAN бежевая для радиоуправ. сис.",null,"шт",1,27.01,{"$f":"J3471*$B$2","v":31.8718},{"$f":"K3471*G3471","v":0},{"$f":"J3471*(1-$E$5-$E$7)*(1-$E$9)*(1+$E$11)","v":27.01},{"$f":"M3471*G3471","v":0},{"$f":"ROUND((M3471*$B$2),2)","v":31.87},{"$f":"O3471*G3471","v":0}]
[null,"VACUCLEAN",null,null,12423031003,"Настенная розетка VACUCLEAN мат. хром для радиоуправ. сис.",null,"шт",1,27.01,{"$f":"J3472*$B$2","v":31.8718},{"$f":"K3472*G3472","v":0},{"$f":"J3472*(1-$E$5-$E$7)*(1-$E$9)*(1+$E$11)","v":27.01},{"$f":"M3472*G3472","v":0},{"$f":"ROUND((M3472*$B$2),2)","v":31.87},{"$f":"O3472*G3472","v":0}]
[null,"VACUCLEAN",null,null,12092151001,"Розетка для открытого монтажа VACUCLEAN белая для радиоуправ. системы",null,"шт",1,92.21,{"$f":"J3473*$B$2","v":108.80779999999999},{"$f":"K3473*G3473","v":0},{"$f":"J3473*(1-$E$5-$E$7)*(1-$E$9)*(1+$E$11)","v":92.21},{"$f":"M3473*G3473","v":0},{"$f":"ROUND((M3473*$B$2),2)","v":108.81},{"$f":"O3473*G3473","v":0}]
[null,"VACUCLEAN"]
[null,"VACUCLEAN",null,null,null,"7.3.2 Кабель управления"]
[null,"VACUCLEAN",null,null,12423131001,"Напольная розетка VACUCLEAN для дистанц./кабельного управ. сис.",null,"шт",1,52.03,{"$f":"J3476*$B$2","v":61.395399999999995},{"$f":"K3476*G3476","v":0},{"$f":"J3476*(1-$E$5-$E$7)*(1-$E$9)*(1+$E$11)","v":52.03},{"$f":"M3476*G3476","v":0},{"$f":"ROUND((M3476*$B$2),2)","v":61.4},{"$f":"O3476*G3476","v":0}]
[null,"VACUCLEAN"]
[null,"VACUCLEAN",null,null,12435821001,"Щелевая розетка Vac-Pan для дистанц./кабельного управ. сис.",null,"шт",1,90.49,{"$f":"J3478*$B$2","v":106.77819999999998},{"$f":"K3478*G3478","v":0},{"$f":"J3478*(1-$E$5-$E$7)*(1-$E$9)*(1+$E$11)","v":90.49},{"$f":"M3478*G3478","v":0},{"$f":"ROUND((M3478*$B$2),2)","v":106.78},{"$f":"O3478*G3478","v":0}]
[null,"VACUCLEAN",null,null,12433021002,"Настенная алюминиевая розетка, белая, для дистанц./кабельного управ. сис.",null,"шт",1,36.049999999999997,{"$f":"J3479*$B$2","v":42.538999999999994},{"$f":"K3479*G3479","v":0},{"$f":"J3479*(1-$E$5-$E$7)*(1-$E$9)*(1+$E$11)","v":36.049999999999997},{"$f":"M3479*G3479","v":0},{"$f":"ROUND((M3479*$B$2),2)","v":42.54},{"$f":"O3479*G3479","v":0}]
[null,"VACUCLEAN",null,null,12435881001,"Настенная пластм. розетка, глянц. хром, для дистанц./кабельного управ. сис.",null,"шт",1,33.83,{"$f":"J3480*$B$2","v":39.919399999999996},{"$f":"K3480*G3480","v":0},{"$f":"J3480*(1-$E$5-$E$7)*(1-$E$9)*(1+$E$11)","v":33.83},{"$f":"M3480*G3480","v":0},{"$f":"ROUND((M3480*$B$2),2)","v":39.92},{"$f":"O3480*G3480","v":0}]
[null,"VACUCLEAN",null,null,12435981001,"Настенная пластм. розетка, мат. хром, для дистанц./кабельного управ. сис.",null,"шт",1,33.83,{"$f":"J3481*$B$2","v":39.919399999999996},{"$f":"K3481*G3481","v":0},{"$f":"J3481*(1-$E$5-$E$7)*(1-$E$9)*(1+$E$11)","v":33.83},{"$f":"M3481*G3481","v":0},{"$f":"ROUND((M3481*$B$2),2)","v":39.92},{"$f":"O3481*G3481","v":0}]
[null,"VACUCLEAN"]
[null,"VACUCLEAN",null,null,null,"7.4 Комплектующие"]
[null,"VACUCLEAN",null,null,12423531001,"Телескопическая стальная труба VACUCLEAN",null,"шт",1,28.51,{"$f":"J3484*$B$2","v":33.641800000000003},{"$f":"K3484*G3484","v":0},{"$f":"J3484*(1-$E$5-$E$7)*(1-$E$9)*(1+$E$11)","v":28.51},{"$f":"M3484*G3484","v":0},{"$f":"ROUND((M3484*$B$2),2)","v":33.64},{"$f":"O3484*G3484","v":0}]
[null,"VACUCLEAN",null,null,12423631001,"Щетка для мебели VACUCLEAN",null,"шт",1,9.58,11.304399999999999,0,9.58,0,11.3,0]
[null,"VACUCLEAN",null,null,12423831001,"Насадка для швов VACUCLEAN",null,"шт",1,5.2,6.1360000000000001,0,5.2,0,6.14,0]
[null,"VACUCLEAN",null,null,12423931001,"Щетка для радиаторов VACUCLEAN",null,"шт",1,6.77,7.988599999999999,0,6.77,0,7.99,0]
[null,"VACUCLEAN",null,null,12424031001,"Насадка для мебели VACUCLEAN",null,"шт",1,11.49,13.558199999999999,0,11.49,0,13.56,0]
[null,"VACUCLEAN",null,null,12424131001,"Щетка для ковров VACUCLEAN",null,"шт",1,84.97,100.26459999999999,0,84.97,0,100.26,0]
[null,"VACUCLEAN",null,null,13522141001,"Комбинированная насадка VACUCLEAN без защит. колпака",null,"шт",1,110.47,130.3546,0,110.47,0,130.35,0]
[null,"VACUCLEAN",null,12432821001,12432821002,"Сепаратор VACUCLEAN",null,"шт",1,90.49,106.77819999999998,0,90.49,0,106.78,0]
[null,"VACUCLEAN",null,null,12424531001,"Кронштейн для шланга VACUCLEAN",null,"шт",1,32.68,38.562399999999997,0,32.68,0,38.56,0]
[null,"VACUCLEAN",null,null,12291951001,"Адаптер переходн. VACUCLEAN-RAUVACLEAN, хром, 35/32, штекерный",null,"шт",1,5.63,6.6433999999999997,0,5.63,0,6.64,0]
[null,"VACUCLEAN",null,null,12291961001,"Адаптер переходн. VACUCLEAN-RAUVACLEAN, ПЕ 32/35, муфтовый",null,"шт",1,1.25,1.4749999999999999,0,1.25,0,1.48,0]
[null,"VACUCLEAN",null,null,13522151001,"Патронный фильтр VACUCLEAN (для арт. пылесосов 352207, 352208, 352209)",null,"шт",1,76.98,90.836399999999998,0,76.98,0,90.84,0]
[null,"VACUCLEAN",null,null,12111661001,"Патронный фильтр с бугелем для пылесосов прежних моделей (для арт. пылесосов 243502, 243512, 243522)",null,"шт",1,76.98,90.836399999999998,0,76.98,0,90.84,0]
[null,"VACUCLEAN"]
[null,"VACUCLEAN",null,null,null,"7.5 Комплектующие для монтажа"]
[null,"VACUCLEAN",null,null,12433521001,"Монтажная рама розетки VACUCLEAN",null,"шт",1,18.100000000000001,{"$f":"J3499*$B$2","v":21.358000000000001},{"$f":"K3499*G3499","v":0},{"$f":"J3499*(1-$E$5-$E$7)*(1-$E$9)*(1+$E$11)","v":18.100000000000001},{"$f":"M3499*G3499","v":0},{"$f":"ROUND((M3499*$B$2),2)","v":21.36},{"$f":"O3499*G3499","v":0}]
[null,"VACUCLEAN",null,null,12427671001,"Крышка для оштукатуривания VACUCLEAN ",null,"шт",1,3.29,{"$f":"J3500*$B$2","v":3.8821999999999997},{"$f":"K3500*G3500","v":0},{"$f":"J3500*(1-$E$5-$E$7)*(1-$E$9)*(1+$E$11)","v":3.29},{"$f":"M3500*G3500","v":0},{"$f":"ROUND((M3500*$B$2),2)","v":3.88},{"$f":"O3500*G3500","v":0}]
[null,"VACUCLEAN",null,null,11289331002,"Смазка для равструбных соединений, 150 г.",null,"шт",50,2.08,{"$f":"J3501*$B$2","v":2.4544000000000001},{"$f":"K3501*G3501","v":0},{"$f":"J3501*(1-$E$5-$E$7)*(1-$E$9)*(1+$E$11)","v":2.08},{"$f":"M3501*G3501","v":0},{"$f":"ROUND((M3501*$B$2),2)","v":2.4500000000000002},{"$f":"O3501*G3501","v":0}]
["D","VACUCLEAN",null,null,17244381100,"Ремешки для эл. кабеля  3,6 x 290 мм\nВыведен из программы поставок",null,"шт",1,7.18,{"$f":"J3502*$B$2","v":8.4723999999999986},{"$f":"K3502*G3502","v":0},{"$f":"J3502*(1-$E$5-$E$7)*(1-$E$9)*(1+$E$11)","v":7.18},{"$f":"M3502*G3502","v":0},{"$f":"ROUND((M3502*$B$2),2)","v":8.4700000000000006},{"$f":"O3502*G3502","v":0}]
[null,"VACUCLEAN"]
[null,"VACUCLEAN",null,null,null,"7.6 Звукоизоляция"]
[null,"VACUCLEAN",null,null,12498101002,"Шумоглушитель VACUCLEAN",null,"шт",1,82.22,{"$f":"J3505*$B$2","v":97.019599999999997},{"$f":"K3505*G3505","v":0},{"$f":"J3505*(1-$E$5-$E$7)*(1-$E$9)*(1+$E$11)","v":82.22},{"$f":"M3505*G3505","v":0},{"$f":"ROUND((M3505*$B$2),2)","v":97.02},{"$f":"O3505*G3505","v":0}]
[null,"VACUCLEAN"]
[null,"VACUCLEAN",null,null,null,"7.7 Трубопроводы"]
[null,"VACUCLEAN",null,120094,11200941005,"Труба RAUPIANO Dу 50/150 мм",null,"шт",20,2.25,{"$f":"J3508*$B$2","v":2.6549999999999998},{"$f":"K3508*G3508","v":0},{"$f":"J3508*(1-$E$5-$E$7)*(1-$E$9)*(1+$E$11)","v":2.25},{"$f":"M3508*G3508","v":0},{"$f":"ROUND((M3508*$B$2),2)","v":2.66},{"$f":"O3508*G3508","v":0}]
[null,"VACUCLEAN",null,120104,11201041005,"Труба RAUPIANO Dу 50/250 мм",null,"шт",20,2.95,3.4809999999999999,0,2.95,0,3.48,0]
[null,"VACUCLEAN",null,null,11201141005,"Труба RAUPIANO Dу 50/500 мм",null,"шт",20,4,4.72,0,4,0,4.72,0]
[null,"VACUCLEAN",null,null,11201241006,"Труба RAUPIANO Dу 50/750 мм",null,"шт",6,5.52,6.5135999999999994,0,5.52,0,6.51,0]
[null,"VACUCLEAN",null,null,11201341200,"Труба RAUPIANO Dу 50/1000 мм",null,"шт",6,6.29,7.4221999999999992,0,6.29,0,7.42,0]
[null,"VACUCLEAN",null,null,11201441200,"Труба RAUPIANO Dу 50/1500 мм",null,"шт",6,9.3699999999999992,11.056599999999998,0,9.3699999999999992,0,11.06,0]
[null,"VACUCLEAN",null,null,11201541200,"Труба RAUPIANO Dу 50/2000 мм",null,"шт",6,11.76,13.876799999999999,0,11.76,0,13.88,0]
[null,"VACUCLEAN",null,null,11201841004,"Труба RAUPIANO Dу 75/250 мм",null,"шт",20,4.4800000000000004,5.2864000000000004,0,4.4800000000000004,0,5.29,0]
[null,"VACUCLEAN",null,null,11201941004,"Труба RAUPIANO Dу 75/500 мм",null,"шт",20,6.35,7.4929999999999994,0,6.35,0,7.49,0]
[null,"VACUCLEAN",null,null,11202141200,"Труба RAUPIANO Dу 75/1000 мм",null,"шт",6,10.029999999999999,11.835399999999998,0,10.029999999999999,0,11.84,0]
[null,"VACUCLEAN",null,11202341200,11202341600,"Труба RAUPIANO Dу 75/2000 мм",null,"шт",6,16.55,19.529,0,16.55,0,19.53,0]
[null,"VACUCLEAN",null,null,11202741005,"Труба RAUPIANO Dу 110/500 мм",null,"шт",20,8.11,9.569799999999999,0,8.11,0,9.57,0]
[null,"VACUCLEAN"]
[null,"VACUCLEAN",null,null,null,"7.8 Фасонные части"]
[null,"VACUCLEAN",null,null,12108491001,"Отвод Vacuclean 70 мм  Dy 50",null,"шт",5,16.55,{"$f":"J3522*$B$2","v":19.529},{"$f":"K3522*G3522","v":0},{"$f":"J3522*(1-$E$5-$E$7)*(1-$E$9)*(1+$E$11)","v":16.55},{"$f":"M3522*G3522","v":0},{"$f":"ROUND((M3522*$B$2),2)","v":19.53},{"$f":"O3522*G3522","v":0}]
[null,"VACUCLEAN",null,null,11211141001,"Отвод Dу 50 45° RAUPIANO",null,"шт",20,1.72,2.0295999999999998,0,1.72,0,2.0299999999999998,0]
[null,"VACUCLEAN",null,null,11211641001,"Отвод Dу 75 45° RAUPIANO",null,"шт",20,2.65,3.1269999999999998,0,2.65,0,3.13,0]
[null,"VACUCLEAN",null,null,11212341001,"Тройник Dу 50/50 45° RAUPIANO",null,"шт",20,3.17,3.7405999999999997,0,3.17,0,3.74,0]
[null,"VACUCLEAN",null,null,11213341001,"Тройник Dу 110/75 45° RAUPIANO",null,"шт",20,9.52,11.233599999999999,0,9.52,0,11.23,0]
[null,"VACUCLEAN",null,null,11214541001,"Заглушка Dу 50 RAUPIANO",null,"шт",20,0.88,1.0384,0,0.88,0,1.04,0]
[null,"VACUCLEAN",null,null,11214841001,"Муфта двухраструбная Dу 50 RAUPIANO plus",null,"шт",20,2.29,2.7021999999999999,0,2.29,0,2.7,0]
[null,"VACUCLEAN",null,null,11214041001,"Переходник Dу 110/75 RAUPIANO",null,"шт",20,4.58,5.4043999999999999,0,4.58,0,5.4,0]
[null,"VACUCLEAN",null,null,12424931001,"Вентиляционный клапан VACUCLEAN",null,"шт",1,13.74,16.213200000000001,0,13.74,0,16.21,0]
[null,"VACUCLEAN"]
[null,"VACUCLEAN",null,null,null,"7.9 Хомуты"]
[null,"VACUCLEAN",null,null,11205041001,"Хомут для жесткой фиксации Dу 50",null,"шт",25,1.78,{"$f":"J3533*$B$2","v":2.1004},{"$f":"K3533*G3533","v":0},{"$f":"J3533*(1-$E$5-$E$7)*(1-$E$9)*(1+$E$11)","v":1.78},{"$f":"M3533*G3533","v":0},{"$f":"ROUND((M3533*$B$2),2)","v":2.1},{"$f":"O3533*G3533","v":0}]
["V","VACUCLEAN",null,120514,11200261001,"Хомут для жесткой фиксации Dу 75 ",null,"шт",10,3.38,{"$f":"J3534*$B$2","v":3.9883999999999995},{"$f":"K3534*G3534","v":0},{"$f":"J3534*(1-$E$5-$E$7)*(1-$E$9)*(1+$E$11)","v":3.38},{"$f":"M3534*G3534","v":0},{"$f":"ROUND((M3534*$B$2),2)","v":3.99},{"$f":"O3534*G3534","v":0}]
[null,"VACUCLEAN",null,120524,11200291001,"Хомут для жесткой фиксации Dу 110  ",null,"шт",10,3.95,{"$f":"J3535*$B$2","v":4.6609999999999996},{"$f":"K3535*G3535","v":0},{"$f":"J3535*(1-$E$5-$E$7)*(1-$E$9)*(1+$E$11)","v":3.95},{"$f":"M3535*G3535","v":0},{"$f":"ROUND((M3535*$B$2),2)","v":4.66},{"$f":"O3535*G3535","v":0}]
[null,"VACUCLEAN",null,120804,11200481001,"Хомут для жесткой фиксации Dу 125 ",null,"шт",10,4.4800000000000004,{"$f":"J3536*$B$2","v":5.2864000000000004},{"$f":"K3536*G3536","v":0},{"$f":"J3536*(1-$E$5-$E$7)*(1-$E$9)*(1+$E$11)","v":4.4800000000000004},{"$f":"M3536*G3536","v":0},{"$f":"ROUND((M3536*$B$2),2)","v":5.29},{"$f":"O3536*G3536","v":0}]
[null,"VACUCLEAN"]
[null,"VACUCLEAN",null,null,11205341001,"Скользящий хомут Dу 50",null,"шт",25,1.78,{"$f":"J3538*$B$2","v":2.1004},{"$f":"K3538*G3538","v":0},{"$f":"J3538*(1-$E$5-$E$7)*(1-$E$9)*(1+$E$11)","v":1.78},{"$f":"M3538*G3538","v":0},{"$f":"ROUND((M3538*$B$2),2)","v":2.1},{"$f":"O3538*G3538","v":0}]
[null,"VACUCLEAN",null,"120544",11200191001,"Скользящий хомут Dу 75 ",null,"шт",10,3.38,{"$f":"J3539*$B$2","v":3.9883999999999995},{"$f":"K3539*G3539","v":0},{"$f":"J3539*(1-$E$5-$E$7)*(1-$E$9)*(1+$E$11)","v":3.38},{"$f":"M3539*G3539","v":0},{"$f":"ROUND((M3539*$B$2),2)","v":3.99},{"$f":"O3539*G3539","v":0}]
[null,"VACUCLEAN",null,"120554",11200271001,"Скользящий хомут Dу 110 ",null,"шт",10,3.95,{"$f":"J3540*$B$2","v":4.6609999999999996},{"$f":"K3540*G3540","v":0},{"$f":"J3540*(1-$E$5-$E$7)*(1-$E$9)*(1+$E$11)","v":3.95},{"$f":"M3540*G3540","v":0},{"$f":"ROUND((M3540*$B$2),2)","v":4.66},{"$f":"O3540*G3540","v":0}]
[null,"VACUCLEAN"]
[null,"VACUCLEAN",null,null,null,"7.10 Запасные части"]
[null,"VACUCLEAN",null,null,12435721001,"Комплект двух контактных щеток электродвигателя VACUCLEAN",null,"шт",1,19.98,{"$f":"J3543*$B$2","v":23.5764},{"$f":"K3543*G3543","v":0},{"$f":"J3543*(1-$E$5-$E$7)*(1-$E$9)*(1+$E$11)","v":19.98},{"$f":"M3543*G3543","v":0},{"$f":"ROUND((M3543*$B$2),2)","v":23.58},{"$f":"O3543*G3543","v":0}]
[null,"VACUCLEAN"]
[null,"VACUCLEAN",null,null,null,"7.11 Дополнительные части"]
[null,"VACUCLEAN",null,null,null,"7.11.1 Система радиоуправления"]
[null,"VACUCLEAN"]
[null,"VACUCLEAN",null,null,12435621001,"Радиопередачик (пульт) дистанц. управления, серый",null,"шт",1,131.69999999999999,{"$f":"J3548*$B$2","v":155.40599999999998},{"$f":"K3548*G3548","v":0},{"$f":"J3548*(1-$E$5-$E$7)*(1-$E$9)*(1+$E$11)","v":131.69999999999999},{"$f":"M3548*G3548","v":0},{"$f":"ROUND((M3548*$B$2),2)","v":155.41},{"$f":"O3548*G3548","v":0}]
[null,"VACUCLEAN"]
[null,"VACUCLEAN",null,null,12435521001,"Приемное устройство дистанц. управления электропит. пылесоса (под европ. розетку)",null,"шт",1,136.44,{"$f":"J3550*$B$2","v":160.9992},{"$f":"K3550*G3550","v":0},{"$f":"J3550*(1-$E$5-$E$7)*(1-$E$9)*(1+$E$11)","v":136.44},{"$f":"M3550*G3550","v":0},{"$f":"ROUND((M3550*$B$2),2)","v":161},{"$f":"O3550*G3550","v":0}]
[null,"VACUCLEAN"]
[null,"VACUCLEAN",null,null,12435421001,"Ретранслятор-усилитель дальности действ. дистанц. управления",null,"шт",1,370.78,{"$f":"J3552*$B$2","v":437.52039999999994},{"$f":"K3552*G3552","v":0},{"$f":"J3552*(1-$E$5-$E$7)*(1-$E$9)*(1+$E$11)","v":370.78},{"$f":"M3552*G3552","v":0},{"$f":"ROUND((M3552*$B$2),2)","v":437.52},{"$f":"O3552*G3552","v":0}]
[null,"VACUCLEAN"]
[null,"VACUCLEAN",null,null,null,"7.11.2  Кабель управления"]
[null,"VACUCLEAN",null,null,12499001002,"Модуль для кабельного управления электропит. пылесоса (под европ. розетку)",null,"шт",1,161.30000000000001,{"$f":"J3555*$B$2","v":190.334},{"$f":"K3555*G3555","v":0},{"$f":"J3555*(1-$E$5-$E$7)*(1-$E$9)*(1+$E$11)","v":161.30000000000001},{"$f":"M3555*G3555","v":0},{"$f":"ROUND((M3555*$B$2),2)","v":190.33},{"$f":"O3555*G3555","v":0}]
[null,"VACUCLEAN"]
[null,"SOLELEC"]
[null,"SOLELEC",null,null,null,"8.1 Электрические греющие маты"]
[null,"SOLELEC","x",null,12154711001,"Мат греющий для напольного отопления, 0,5 м2",null,"шт",1,80.61,{"$f":"J3559*$B$2","v":95.119799999999998},{"$f":"K3559*G3559","v":0},{"$f":"J3559*(1-$E$5-$E$7)*(1-$E$9)*(1+$E$11)","v":80.61},{"$f":"M3559*G3559","v":0},{"$f":"ROUND((M3559*$B$2),2)","v":95.12},{"$f":"O3559*G3559","v":0}]
[null,"SOLELEC","x",null,12260481100,"Мат греющий для напольного отопления, 1 м2",null,"шт",1,100.39,118.4602,0,100.39,0,118.46,0]
[null,"SOLELEC","x",null,12154751001,"Мат греющий для напольного отопления, 1,5 м2",null,"шт",1,117.21,138.30779999999999,0,117.21,0,138.31,0]
[null,"SOLELEC","x",null,12260581100,"Мат греющий для напольного отопления, 2 м2",null,"шт",1,133.59,157.6362,0,133.59,0,157.63999999999999,0]
[null,"SOLELEC","x",null,12154811001,"Мат греющий для напольного отопления, 2,5 м2",null,"шт",1,150.36000000000001,177.4248,0,150.36000000000001,0,177.42,0]
[null,"SOLELEC","x",null,12260681100,"Мат греющий для напольного отопления, 3 м2",null,"шт",1,167.58,197.74440000000001,0,167.58,0,197.74,0]
[null,"SOLELEC","x",null,12154821001,"Мат греющий для напольного отопления, 3,5 м2",null,"шт",1,187.01,220.67179999999999,0,187.01,0,220.67,0]
[null,"SOLELEC","x",null,12260781100,"Мат греющий для напольного отопления, 4 м2",null,"шт",1,205.53,242.52539999999999,0,205.53,0,242.53,0]
[null,"SOLELEC","x",null,12260881100,"Мат греющий для напольного отопления, 5 м2",null,"шт",1,233.19,275.16419999999999,0,233.19,0,275.16000000000003,0]
[null,"SOLELEC","x",null,12260981100,"Мат греющий для напольного отопления, 6 м2",null,"шт",1,262.44,309.67919999999998,0,262.44,0,309.68,0]
[null,"SOLELEC","x",null,12261081100,"Мат греющий для напольного отопления, 7 м2",null,"шт",1,291.69,344.19419999999997,0,291.69,0,344.19,0]
[null,"SOLELEC","x",null,12261181100,"Мат греющий для напольного отопления, 8 м2",null,"шт",1,320.93,378.69740000000002,0,320.93,0,378.7,0]
[null,"SOLELEC"]
[null,"SOLELEC",null,null,null,"8.2 Электрический греющий кабель"]
[null,"SOLELEC","x",null,12270151100,"Кабель греющий для напольного отопления, 10 м",null,"шт",1,41.1,{"$f":"J3573*$B$2","v":48.497999999999998},{"$f":"K3573*G3573","v":0},{"$f":"J3573*(1-$E$5-$E$7)*(1-$E$9)*(1+$E$11)","v":41.1},{"$f":"M3573*G3573","v":0},{"$f":"ROUND((M3573*$B$2),2)","v":48.5},{"$f":"O3573*G3573","v":0}]
[null,"SOLELEC","x",null,12270161100,"Кабель греющий для напольного отопления, 20 м",null,"шт",1,67.55,79.708999999999989,0,67.55,0,79.709999999999994,0]
[null,"SOLELEC","x",12270171100,13168231100,"Кабель греющий для напольного отопления, 31,04 м",null,"шт",1,91.58,{"$f":"J3575*$B$2","v":108.06439999999999},0,{"$f":"J3575*(1-$E$5-$E$7)*(1-$E$9)*(1+$E$11)","v":91.58},0,{"$f":"ROUND((M3575*$B$2),2)","v":108.06},0]
["D","SOLELEC","x",null,12270171100,"Кабель греющий для напольного отопления, 30 м",null,"шт",1,91.58,108.06439999999999,0,91.58,0,108.06,0]
[null,"SOLELEC","x",12270181100,13168241100,"Кабель греющий для напольного отопления, 40,59 м",null,"шт",1,112.81,{"$f":"J3577*$B$2","v":133.11580000000001},0,{"$f":"J3577*(1-$E$5-$E$7)*(1-$E$9)*(1+$E$11)","v":112.81},0,{"$f":"ROUND((M3577*$B$2),2)","v":133.12},0]
["D","SOLELEC","x",null,12270181100,"Кабель греющий для напольного отопления, 40 м",null,"шт",1,112.81,133.11580000000001,0,112.81,0,133.12,0]
[null,"SOLELEC","x",null,12270191100,"Кабель греющий для напольного отопления, 50 м",null,"шт",1,128.44999999999999,151.57099999999997,0,128.44999999999999,0,151.57,0]
[null,"SOLELEC","x",12270231100,13168261100,"Кабель греющий для напольного отопления, 58,11 м",null,"шт",1,149.52000000000001,{"$f":"J3580*$B$2","v":176.43360000000001},0,{"$f":"J3580*(1-$E$5-$E$7)*(1-$E$9)*(1+$E$11)","v":149.52000000000001},0,{"$f":"ROUND((M3580*$B$2),2)","v":176.43},0]
["D","SOLELEC","x",null,12270231100,"Кабель греющий для напольного отопления, 60 м",null,"шт",1,149.52000000000001,176.43360000000001,0,149.52000000000001,0,176.43,0]
[null,"SOLELEC","x",null,12270241100,"Кабель греющий для напольного отопления, 80 м",null,"шт",1,187.41,221.14379999999997,0,187.41,0,221.14,0]
[null,"SOLELEC","x",null,12270251100,"Кабель греющий для напольного отопления, 100 м",null,"шт",1,226.6,267.38799999999998,0,226.6,0,267.39,0]
[null,"SOLELEC","x",null,12270261100,"Кабель греющий для напольного отопления, 120 м",null,"шт",1,266.89,314.93019999999996,0,266.89,0,314.93,0]
[null,"SOLELEC"]
[null,"SOLELEC",null,null,null,"8.3 Терморегуляторы "]
[null,"SOLELEC","x",null,12108691100,"Терморегулятор BASIC",null,"шт",1,67.67,{"$f":"J3587*$B$2","v":79.8506},{"$f":"K3587*G3587","v":0},{"$f":"J3587*(1-$E$5-$E$7)*(1-$E$9)*(1+$E$11)","v":67.67},{"$f":"M3587*G3587","v":0},{"$f":"ROUND((M3587*$B$2),2)","v":79.849999999999994},{"$f":"O3587*G3587","v":0}]
[null,"SOLELEC","x",null,12274931100,"Терморегулятор COMFORT",null,"шт",1,81.36,{"$f":"J3588*$B$2","v":96.004799999999989},{"$f":"K3588*G3588","v":0},{"$f":"J3588*(1-$E$5-$E$7)*(1-$E$9)*(1+$E$11)","v":81.36},{"$f":"M3588*G3588","v":0},{"$f":"ROUND((M3588*$B$2),2)","v":96},{"$f":"O3588*G3588","v":0}]
[null,"SOLELEC","x",null,12029231100,"Терморегулятор OPTIMA",null,"шт",1,142.37,{"$f":"J3589*$B$2","v":167.9966},{"$f":"K3589*G3589","v":0},{"$f":"J3589*(1-$E$5-$E$7)*(1-$E$9)*(1+$E$11)","v":142.37},{"$f":"M3589*G3589","v":0},{"$f":"ROUND((M3589*$B$2),2)","v":168},{"$f":"O3589*G3589","v":0}]
[null,"SOLELEC"]
["N","SOLELEC","x",12270751100,13168311100,"Комплект для установки (не подходит для систем NEA smart R)",null,"шт",1,14.97,{"$f":"J3591*$B$2","v":17.6646},{"$f":"K3591*G3591","v":0},{"$f":"J3591*(1-$E$5-$E$7)*(1-$E$9)*(1+$E$11)","v":14.97},{"$f":"M3591*G3591","v":0},{"$f":"ROUND((M3591*$B$2),2)","v":17.66},{"$f":"O3591*G3591","v":0}]
["D","SOLELEC",null,null,12270751100,"Комплект для установки (не подходит для систем NEA smart R)",null,"шт",1,17.37,{"$f":"J3592*$B$2","v":20.496600000000001},{"$f":"K3592*G3592","v":0},{"$f":"J3592*(1-$E$5-$E$7)*(1-$E$9)*(1+$E$11)","v":17.37},{"$f":"M3592*G3592","v":0},{"$f":"ROUND((M3592*$B$2),2)","v":20.5},{"$f":"O3592*G3592","v":0}]
[null,"SOLELEC"]
[null,"RAUCAD"]
[null,"RAUCAD",null,null,null,"9. Программное обеспечение RAUCAD/RAUWIN"]
[null,"RAUCAD",null,null,12312841107,"Электронный ключ USB",null,"шт",1,70,70,{"$f":"K3596*G3596","v":0},{"$f":"J3596*(1-$E$5-$E$7)*(1-$E$9)*(1+$E$11)","v":70},{"$f":"M3596*G3596","v":0},{"$f":"ROUND(M3596,2)","v":70},{"$f":"O3596*G3596","v":0}]
[null,"RAUCAD",null,null,19933861907,"Замена ключа (LPT на USB) или Восстановление сломанного ключа",null,"шт",1,80,80,0,80,0,80,0]
[null,"RAUCAD",null,null,19932371907,"RAUWIN 7.0",null,"шт",1,500,500,0,500,0,500,0]
[null,"RAUCAD",null,null,19933081907,"RAUCAD отопление 7.0",null,"шт",1,420,420,0,420,0,420,0]
[null,"RAUCAD",null,null,19933171907,"RAUCAD водоснабжение 7.0",null,"шт",1,420,420,0,420,0,420,0]
[null,"RAUCAD",null,null,19933261907,"RAUCAD канализация 7.0",null,"шт",1,420,420,0,420,0,420,0]
[null,"RAUCAD",null,null,19932661907,"CAD Modul 2014",null,"шт",1,630,630,0,630,0,630,0]
[null,"RAUCAD",null,null,12106171907,"RAUCAD plus 7.0",null,"шт",1,2080,2080,0,2080,0,2080,0]
[null,"RAUCAD",null,null,19933281907,"RAUCAD отопление 7.0 3D",null,"шт",1,840,840,0,840,0,840,0]
[null,"RAUCAD",null,null,19933361907,"RAUCAD водоснабжение 7.0 3D",null,"шт",1,840,840,0,840,0,840,0]
[null,"RAUCAD",null,null,19933371907,"RAUCAD канализация 7.0 3D",null,"шт",1,840,840,0,840,0,840,0]
[null,"RAUCAD",null,null,19934181907,"RAUCAD холодильная сеть 7.0 (доп. к отопл.)",null,"шт",1,630,630,0,630,0,630,0]
[null,"RAUCAD",null,null,19933061907,"RAUWIN 7.0 холодильная нагрузка",null,"шт",1,500,500,0,500,0,500,0]
[null,"RAUCAD"]
[null,"R65"]
[null,"R65",null,null,null,"10. Монтажная пена R65"]
[null,"R65"]
[null,"R65","x",null,12188271001,"Монтажная пена летняя",null,"шт",1,6.33,{"$f":"J3613*$B$2","v":7.4693999999999994},{"$f":"K3613*G3613","v":0},{"$f":"J3613*(1-$E$5-$E$7)*(1-$E$9)*(1+$E$11)","v":6.33},{"$f":"M3613*G3613","v":0},{"$f":"ROUND((M3613*$B$2),2)","v":7.47},{"$f":"O3613*G3613","v":0}]
[null,"R65","x",null,12188281001,"Монтажная пена зимняя",null,"шт",1,6.65,{"$f":"J3614*$B$2","v":7.8470000000000004},{"$f":"K3614*G3614","v":0},{"$f":"J3614*(1-$E$5-$E$7)*(1-$E$9)*(1+$E$11)","v":6.65},{"$f":"M3614*G3614","v":0},{"$f":"ROUND((M3614*$B$2),2)","v":7.85},{"$f":"O3614*G3614","v":0}]
[null,"R65"]
[]
[null,null,null,null,null,"                            ",null,null,null,null,"ИТОГО :",{"$f":"SUBTOTAL(9,L17:L3615)","v":0},null,{"$f":"SUBTOTAL(9,N17:N3615)","v":0},"ИТОГО :",{"$f":"SUBTOTAL(9,P17:P3615)","v":0}]
[]
[]
[null,null,null,null,null,null,null,null,"Rabattsatz intern für Nettopreiskalkulation zur Eingabe ALN "]
[null,null,null,null,null,null,null,null,"Über Formel: \"Bruttopreis*(1-Rabattsatz)\""]
[null,null,null,null,null,null,null,null,"Effektiver Netto-Rabattsatz des Kunden"]
[null,null,null,null,null,null,null,null,"Nur relevant bei Rückfrage des Kunden"]